{"text_format":"2","workbook":"xlsx","n_sheets":19,"sheets":["DMT","TEMPOS DE EXECUÇÃO POR UNIDADE","CPU (AL)","CPU (AP)","CPU (BA)","CPU (CE)","CPU (DF)","CPU (PA)","CPU (GO)","CPU (MA)","CPU (MT)","CPU (PB)","CPU (PE)","CPU (PI)","CPU (RN)","CPU (SE)","CPU (TO)","PROJETOS E QUANT","PREÇO FINAL 10 GRUPOS"],"not_rendered":{"charts":0,"images":0,"macros":0,"external_links":60,"defined_names":12,"comments":0,"pivot_tables":0},"unopened":[],"bounds":{"document_bytes":16777216,"sheet_cells":100000,"run_cost":"one","rows_first":2000,"rows_last":500,"rows_between":2000,"halvings":0,"cell_chars":16384,"cell_head_chars":4096},"cells_cut":0,"cells_raw":0,"read":"whole","date_system":"1900"}

{"sheet":"DMT","index":0,"n_rows":59,"n_cols":5,"rows_kept":59,"cut":false,"hidden":false,"merged":[[0,1,0,4],[52,1,52,4],[8,1,8,4],[56,1,56,4],[28,1,28,4],[48,1,48,4],[36,1,36,4],[40,1,40,4],[4,1,4,4],[32,1,32,4],[12,1,12,4],[44,1,44,4],[24,1,24,4],[16,1,16,4],[20,1,20,4]]}
[null,"CÁLCULO DO DMT PARA AS MÁQUINAS"]
[null,"ORIGEM ","DESTINO",null,"DMT (KM)"]
[null,"CIDADES POLO AL","MUNICÍPIOS AL","AL",134.80000000000001]
[]
[null,"CÁLCULO DO DMT PARA AS MÁQUINAS"]
[null,"ORIGEM ","DESTINO",null,"DMT (KM)"]
[null,"CIDADES POLO AP","MUNICÍPIOS AP","AP",250]
[]
[null,"CÁLCULO DO DMT PARA AS MÁQUINAS"]
[null,"ORIGEM ","DESTINO",null,"DMT (KM)"]
[null,"CIDADES POLO BA","MUNICÍPIOS BA","BA",350]
[]
[null,"CÁLCULO DO DMT PARA AS MÁQUINAS"]
[null,"ORIGEM ","DESTINO",null,"DMT (KM)"]
[null,"CIDADES POLO CE","MUNICÍPIOS CE","CE",250]
[]
[null,"CÁLCULO DO DMT PARA AS MÁQUINAS"]
[null,"ORIGEM ","DESTINO",null,"DMT (KM)"]
[null,"BRASÍLIA - DF","DISTRITO FEDERAL (BACIAS TOCANTINS E SÃO FRANCISCO)","DF",50]
[]
[null,"CÁLCULO DO DMT PARA AS MÁQUINAS"]
[null,"ORIGEM ","DESTINO",null,"DMT (KM)"]
[null,"CIDADES POLO GO","MUNICÍPIOS GO","GO",238.5]
[]
[null,"CÁLCULO DO DMT PARA AS MÁQUINAS"]
[null,"ORIGEM ","DESTINO",null,"DMT (KM)"]
[null,"CIDADES POLO MA","MUNICÍPIOS MA","MA",350]
[]
[null,"CÁLCULO DO DMT PARA AS MÁQUINAS"]
[null,"ORIGEM ","DESTINO",null,"DMT (KM)"]
[null,"CIDADES POLO MT","MUNICÍPIOS MT (BACIA ARAGUAIA)","MT",400]
[]
[null,"CÁLCULO DO DMT PARA AS MÁQUINAS"]
[null,"ORIGEM ","DESTINO",null,"DMT (KM)"]
[null,"CIDADES POLO PA","MUNICÍPIOS PA (BACIA TOCANTINS-ARAGUAIA)","PA",350]
[]
[null,"CÁLCULO DO DMT PARA AS MÁQUINAS"]
[null,"ORIGEM ","DESTINO",null,"DMT (KM)"]
[null,"CIDADES POLO PB","MUNICÍPIOS PB","PB",200]
[]
[null,"CÁLCULO DO DMT PARA AS MÁQUINAS"]
[null,"ORIGEM ","DESTINO",null,"DMT (KM)"]
[null,"CIDADES POLO PE","MUNICÍPIOS PE","PE",250.48]
[]
[null,"CÁLCULO DO DMT PARA AS MÁQUINAS"]
[null,"ORIGEM ","DESTINO",null,"DMT (KM)"]
[null,"CIDADES POLO PI","MUNICÍPIOS PI","PI",300]
[]
[null,"CÁLCULO DO DMT PARA AS MÁQUINAS"]
[null,"ORIGEM ","DESTINO",null,"DMT (KM)"]
[null,"CIDADES POLO- RN","MUNICÍPIOS RN","RN",217.32]
[]
[null,"CÁLCULO DO DMT PARA AS MÁQUINAS"]
[null,"ORIGEM ","DESTINO",null,"DMT (KM)"]
[null,"CIDADES POLO SE","MUNICÍPIOS SE","SE",88.71]
[]
[null,"CÁLCULO DO DMT PARA AS MÁQUINAS"]
[null,"ORIGEM ","DESTINO",null,"DMT (KM)"]
[null,"CIDADES POLO TO","MUNICÍPIOS TO","TO",328.4]

{"sheet":"TEMPOS DE EXECUÇÃO POR UNIDADE","index":1,"n_rows":24,"n_cols":23,"rows_kept":24,"cut":false,"hidden":false,"merged":[[11,17,11,18],[10,17,10,18],[10,19,10,20],[11,19,11,20],[10,21,10,22],[11,21,11,22],[10,15,10,16],[11,9,11,10],[11,11,11,12],[11,13,11,14],[11,15,11,16],[6,7,6,8],[10,9,10,10],[9,11,9,12],[10,11,10,12],[9,13,9,14],[10,13,10,14],[1,7,1,12],[2,7,2,8],[3,7,3,8],[4,7,4,8],[5,7,5,8],[8,7,8,22],[9,9,9,10],[9,17,9,18],[9,19,9,20],[9,21,9,22],[9,15,9,16],[13,15,13,16],[13,17,13,18],[13,19,13,20],[13,21,13,22],[12,9,12,10],[12,11,12,12],[12,13,12,14],[12,15,12,16],[12,17,12,18],[14,17,14,18],[14,19,14,20],[14,21,14,22],[9,7,11,8],[14,7,14,8],[14,9,14,10],[14,11,14,12],[14,13,14,14],[14,15,14,16],[12,19,12,20],[12,21,12,22],[12,7,12,8],[13,7,13,8],[13,9,13,10],[13,11,13,12],[13,13,13,14]]}
[]
[{"$nulls":7},"BARRAGINHAS - Dimensões e tempos médios para execução"]
[{"$nulls":7},"Raio (m)",null,4,6,9,12]
[{"$nulls":7},"Profundidade (m)",null,1.5,1.5,2,2]
[{"$nulls":7},"Volume (m³)",null,{"$f":"1/6*PI()*J4*(3*J3^2+J4^2)","v":39.466257710721777},{"$f":"1/6*PI()*K4*(3*K3^2+K4^2)","v":86.59014751456867},{"$f":"1/6*PI()*L4*(3*L3^2+L4^2)","v":258.65779514555959},{"$f":"1/6*PI()*M4*(3*M3^2+M4^2)","v":456.57813232171657}]
[{"$nulls":7},"Área contribuição (ha)",null,{"$f":"K6*J5/K5","v":0.1728784403669725},{"$f":"L6*K5/L5","v":0.37930045871559637},{"$f":"M6*L5/M5","v":1.1330275229357798},2]
[{"$nulls":7},"Tempo execuçao (h)",null,{"$f":"$M7*J5/$M5*1.5","v":1.037270642201835},{"$f":"$M7*K5/$M5*1.35","v":2.0482224770642206},{"$f":"$M7*L5/$M5*1.1","v":4.9853211009174316},8]
[]
[{"$nulls":7},"MÃO DE OBRA MÍNIMA ESTIMADA POR FRENTE DE SERVIÇO POR PROJETO"]
[{"$nulls":9},"Barraginhas 4 m",null,"Barraginhas 6 m",null,"Barraginhas 9 m",null,"Barraginhas 12 m",null,"Terraços",null,"Cercas Capr.",null,"Cercas Bov."]
[{"$nulls":9},"und/mês",null,"und/mês",null,"und/mês",null,"und/mês",null,"km/mês",null,"m/mês",null,"m/mês"]
[{"$nulls":9},{"$f":"'CPU (DF)'!B105","v":169.67606412382531},null,{"$f":"'CPU (DF)'!B137","v":85.928165504885072},null,{"$f":"'CPU (DF)'!B168","v":35.30364372469635},null,{"$f":"'CPU (DF)'!B200","v":22},null,{"$f":"'CPU (DF)'!B48","v":18.7},null,{"$f":"'CPU (DF)'!B236","v":1980},null,{"$f":"'CPU (DF)'!B272","v":1847.9999999999998}]
[{"$nulls":7},"PRAZO MÍNIMO POR PROJETO (DIAS)",null,{"$f":"'PROJETOS E QUANT'!C9","v":52},null,{"$f":"'PROJETOS E QUANT'!D9","v":231},null,{"$f":"'PROJETOS E QUANT'!E9","v":188},null,{"$f":"'PROJETOS E QUANT'!F9","v":171},null,{"$f":"'PROJETOS E QUANT'!B9","v":321},null,{"$f":"'PROJETOS E QUANT'!G21","v":122},null,{"$f":"'PROJETOS E QUANT'!H21","v":195}]
[{"$nulls":7},"Und/ Hora",null,{"$f":"J12/22/8","v":0.96406854615809834},null,{"$f":"L12/22/8","v":0.48822821309593789},null,{"$f":"N12/22/8","v":0.20058888479941109},null,{"$f":"P12/22/8","v":0.125},null,{"$f":"R12/22/8","v":0.10625},null,{"$f":"T12/22/8","v":11.25},null,{"$f":"V12/22/8","v":10.499999999999998}]
[{"$nulls":7},"Hora/ Und",null,{"$f":"(22*8)/J12","v":1.037270642201835},null,{"$f":"(22*8)/L12","v":2.0482224770642206},null,{"$f":"(22*8)/N12","v":4.9853211009174316},null,{"$f":"(22*8)/P12","v":8},null,{"$f":"(22*8)/R12","v":9.4117647058823533},null,{"$f":"(22*8)/T12","v":8.8888888888888892E-2},null,{"$f":"(22*8)/V12","v":9.5238095238095247E-2}]
[{"$nulls":7},"Profissional","Quantidade","h/und","prof/frente","h/und","prof/frente","h/und","prof/frente","h/und","prof/frente","h/km","prof/frente","h/m","prof/frente","h/m","prof/frente"]
[{"$nulls":7},"ENGENHEIRO",{"$f":"SUM(K17+M17+O17+Q17+S17+U17+W17)","v":0.99826543229356846},{"$f":"J18/3","v":0.25},{"$f":"J$12/(22*8/J17)","v":0.24101713653952458},{"$f":"L18/3","v":0.26666666666666666},{"$f":"L$12/(22*8/L17)","v":0.13019419015891678},{"$f":"N18/3","v":0.28333333333333333},{"$f":"N$12/(22*8/N17)","v":5.6833517359833136E-2},{"$f":"P18/3","v":0.3},{"$f":"P$12/(22*8/P17)","v":3.7499999999999999E-2},{"$f":"R18/3","v":1},{"$f":"R$12/(22*8/R17)","v":0.10625},{"$f":"T18/3","v":1.9607843137254902E-2},{"$f":"T$12/(22*8/T17)","v":0.22058823529411764},{"$f":"V18/3","v":1.9607843137254902E-2},{"$f":"V$12/(22*8/V17)","v":0.20588235294117643}]
[{"$nulls":7},"ENCARREGADO",{"$f":"SUM(K18+M18+O18+Q18+S18+U18+W18)","v":2.9947962968807058},0.75,{"$f":"J$12/(22*8/J18)","v":0.72305140961857384},0.8,{"$f":"L$12/(22*8/L18)","v":0.39058257047675032},0.85,{"$f":"N$12/(22*8/N18)","v":0.17050055207949941},0.9,{"$f":"P$12/(22*8/P18)","v":0.1125},3,{"$f":"R$12/(22*8/R18)","v":0.31874999999999998},{"$f":"1/17","v":5.8823529411764705E-2},{"$f":"T$12/(22*8/T18)","v":0.66176470588235292},{"$f":"1/17","v":5.8823529411764705E-2},{"$f":"V$12/(22*8/V18)","v":0.61764705882352933}]
[{"$nulls":7},"TOPOGRAFOS",2.4361358306720389,0.6,{"$f":"J$12/(22*8/J19)","v":0.57844112769485889},0.6,{"$f":"L$12/(22*8/L19)","v":0.2929369278575627},0.65,{"$f":"N$12/(22*8/N19)","v":0.13038277511961721},0.65,{"$f":"P$12/(22*8/P19)","v":8.1250000000000003E-2},2.5,{"$f":"R$12/(22*8/R19)","v":0.26562499999999994},{"$f":"1/20","v":0.05},{"$f":"T$12/(22*8/T19)","v":0.5625},{"$f":"1/20","v":0.05},{"$f":"V$12/(22*8/V19)","v":0.52499999999999991}]
[{"$nulls":7},"AUXILIAR DE TOPOGRÁFOS",2.4361358306720389,0.6,{"$f":"J$12/(22*8/J20)","v":0.57844112769485889},0.6,{"$f":"L$12/(22*8/L20)","v":0.2929369278575627},0.65,{"$f":"N$12/(22*8/N20)","v":0.13038277511961721},0.65,{"$f":"P$12/(22*8/P20)","v":8.1250000000000003E-2},2.5,{"$f":"R$12/(22*8/R20)","v":0.26562499999999994},{"$f":"1/20","v":0.05},{"$f":"T$12/(22*8/T20)","v":0.5625},{"$f":"1/20","v":0.05},{"$f":"V$12/(22*8/V20)","v":0.52499999999999991}]
[{"$nulls":7},"SERVENTE",9,{"$f":"K21*22*8/J$12","v":1.037270642201835},1,2.0482224770642206,1,{"$f":"O21*22*8/N$12","v":4.9853211009174316},1,{"$f":"Q21*22*8/P$12","v":8},1,{"$f":"S21*22*8/R$12","v":9.4117647058823533},1,{"$f":"U21*22*8/T$12","v":0.17777777777777778},2,0.19047619047619049,2]
[{"$nulls":7},"TRATORISTA",5,1.037270642201835,1,2.0482224770642206,1,{"$f":"O22*22*8/N$12","v":4.9853211009174316},1,{"$f":"Q22*22*8/P$12","v":8},1,{"$f":"S22*22*8/R$12","v":9.4117647058823533},1]
[{"$nulls":7},"CARPINTEIRO",2,{"$nulls":10},8.8888888888888892E-2,1,9.5238095238095247E-2,1]
[{"$nulls":7},"AJUDANTE DE CARPINTEIRO",2,{"$nulls":10},8.8888888888888892E-2,1,9.5238095238095247E-2,1]

{"sheet":"CPU (AL)","index":2,"n_rows":302,"n_cols":10,"rows_kept":302,"cut":false,"hidden":false,"merged":[[220,0,220,8],[221,0,221,9],[234,0,234,8],[235,2,235,8],[236,0,236,8],[237,0,237,8],[224,0,224,8],[225,0,225,9],[200,0,200,8],[201,0,201,8],[22,0,22,8],[24,0,24,9],[25,0,25,7],[6,0,6,9],[10,0,10,8],[11,0,11,9],[14,0,14,8],[15,0,15,9],[18,0,18,8],[0,0,0,9],[1,0,1,1],[1,2,1,4],[1,6,1,7],[2,0,2,9],[5,0,5,8],[19,2,19,8],[20,0,20,8],[21,0,21,8],[68,0,68,9],[72,0,72,8],[73,2,73,8],[74,0,74,8],[48,0,48,8],[49,0,49,8],[26,0,26,9],[31,0,31,8],[32,0,32,9],[35,0,35,8],[36,0,36,9],[40,0,40,8],[41,0,41,9],[46,0,46,8],[47,2,47,8],[50,0,50,8],[52,0,52,9],[53,0,53,7],[54,0,54,9],[59,0,59,8],[60,0,60,9],[63,0,63,8],[64,0,64,9],[67,0,67,8],[88,0,88,9],[91,0,91,8],[92,0,92,9],[95,0,95,8],[96,0,96,9],[103,0,103,8],[75,0,75,8],[76,0,76,8],[78,0,78,9],[79,0,79,7],[80,0,80,9],[87,0,87,8],[104,2,104,8],[105,0,105,8],[106,0,106,8],[107,0,107,8],[119,0,119,8],[120,0,120,9],[123,0,123,8],[124,0,124,9],[137,0,137,8],[110,0,110,9],[111,0,111,7],[112,0,112,9],[168,0,168,8],[169,0,169,8],[138,0,138,8],[127,0,127,8],[128,0,128,9],[135,0,135,8],[136,2,136,8],[139,0,139,8],[141,0,141,9],[142,0,142,7],[143,0,143,9],[150,0,150,8],[151,0,151,9],[154,0,154,8],[155,0,155,9],[158,0,158,8],[159,0,159,9],[166,0,166,8],[167,2,167,8],[170,0,170,8],[173,0,173,9],[174,0,174,7],[175,0,175,9],[182,0,182,8],[183,0,183,9],[186,0,186,8],[187,0,187,9],[190,0,190,8],[191,0,191,9],[198,0,198,8],[199,2,199,8],[202,0,202,8],[204,0,204,9],[205,0,205,7],[206,0,206,9],[212,0,212,8],[213,0,213,9],[238,0,238,8],[240,0,240,9],[241,0,241,7],[242,0,242,9],[248,0,248,8],[249,0,249,9],[256,0,256,8],[257,0,257,9],[260,0,260,8],[301,0,301,8],[261,0,261,9],[270,0,270,8],[271,2,271,8],[274,0,274,8],[276,0,276,9],[277,0,277,7],[278,0,278,9],[281,0,281,8],[282,0,282,9],[272,0,272,8],[273,0,273,8],[288,0,288,8],[289,0,289,9],[292,0,292,8],[293,0,293,9],[297,0,297,8],[298,2,298,8],[299,0,299,8],[300,0,300,8]]}
[" COMPOSIÇÃO DE PREÇO UNITÁRIO"]
["MOBILIZAÇÃO E DESMOBILIZAÇÃO",null,"REGIÃO:",null,null,null,"AL",null,"UNIDADE: ","R$/Tonelada/ Projeto"]
["EQUIPAMENTO"]
["DISCRIMINAÇÃO","UNIDADE","QUANT. PROD.","QUANT. IMPROD.","COD.",null,"FONTE","P.UNIT. PROD","P.UNIT. IMPR","P.TOTAL"]
[{"$nulls":9},{"$f":"C5*E5*H5+C5*G5*I5","v":0}]
["SUB-TOTAL",{"$nulls":8},{"$f":"SUM(J5:J5)","v":0}]
["MATERIAL"]
["DISCRIMINAÇÃO","UNIDADE","QUANT.",null,"COD.",null,"FONTE",null,"P.UNIT.","P.TOTAL"]
[{"$nulls":9},"Toneladas/ Projeto"]
[{"$nulls":9},{"$f":"C10*I10","v":0}]
["SUB-TOTAL",{"$nulls":8},{"$f":"SUM(J9:J10)","v":0}]
["SERVIÇOS - COMPOSIÇÕES AUXILIARES"]
["DISCRIMINAÇÃO","UNIDADE","QUANT.",null,"COD.",null,"FONTE",null,"P.UNIT.","P.TOTAL"]
["TRANSPORTE COM CAVALO MECÂNICO COM SEMIRREBOQUE COM CAPACIDADE DE 30 T - RODOVIA PAVIMENTADA","t*km",{"$f":"'CPU (DF)'!C14","v":1},null,5914640,null,"SICRO AL 01/2023",null,{"$f":"VLOOKUP(E14,[1]Sheet1!$A:$D,4,FALSE)","v":0.56000000000000005},{"$f":"C14*I14","v":0.56000000000000005}]
["SUB-TOTAL",{"$nulls":8},{"$f":"SUM(J14:J14)","v":0.56000000000000005}]
["MÃO DE OBRA"]
["DISCRIMINAÇÃO","UNIDADE","QUANT.",{"$nulls":5},"P.UNIT.","P.TOTAL"]
[{"$nulls":9},{"$f":"C18*I18","v":0}]
["SUB-TOTAL",{"$nulls":8},{"$f":"SUM(J18:J18)","v":0}]
["PRODUÇÃO DA EQUIPE (MOB E DESMOB) EM km",{"$f":"VLOOKUP(G2,DMT!D:E,2)*2","v":269.60000000000002},"CUSTO ",{"$nulls":6},{"$f":"J19+J15+J11+J6","v":0.56000000000000005}]
["TOTAL",{"$nulls":8},{"$f":"J20*B20","v":150.97600000000003}]
["BDI                %",{"$nulls":8},24.1]
["TOTAL DO SERVIÇO - R$",{"$nulls":8},{"$f":"J21*(1+J22/100)","v":187.36121600000004}]
[]
[" COMPOSIÇÃO DE PREÇO UNITÁRIO"]
["LOCAÇÃO E CONSTRUÇÃO DE TERRAÇOS - INCLUSIVE SOLOS DUROS E SECOS",{"$nulls":7},"UNIDADE: ","km"]
["EQUIPAMENTO"]
["DISCRIMINAÇÃO","UNIDADE","QUANT. PROD.","QUANT. IMPROD.","COD. P","COD. I","FONTE","CHP","CHI","P.TOTAL"]
["TRATOR DE ESTEIRAS, POTÊNCIA 125 HP, PESO OPERACIONAL 12,9 T, COM LÂMINA 2,7 M3","H",{"$f":"'CPU (DF)'!C29","v":7.0588235294117654},{"$f":"'CPU (DF)'!D29","v":2.3529411764705883},5851,5853,"SINAPI AL 06/223",{"$f":"VLOOKUP(E29,[2]planilhanull!$G$7:$K$7520,5,FALSE)","v":203.94},{"$f":"VLOOKUP(F29,[2]planilhanull!$G$7:$K$7520,5,FALSE)","v":64.95},{"$f":"C29*H29+D29*I29","v":1592.4}]
["VEÍCULO DE PASSEIO PARA DESLOCAMENTO DA EQUIPE","H",{"$f":"'CPU (DF)'!C30","v":0.93749999999999989},{"$f":"'CPU (DF)'!D30","v":1.5624999999999998},"E9093","E9093","SICRO AL 01/2023",{"$f":"VLOOKUP(E30,[3]Sheet1!$A:$K,10,FALSE)","v":33.215200000000003},{"$f":"VLOOKUP(F30,[3]Sheet1!$A:$K,11,FALSE)","v":6.3880999999999997},{"$f":"C30*H30+D30*I30","v":41.120656249999996}]
["CAMINHONETE CABINE SIMPLES COM MOTOR 1.6 FLEX, CÂMBIO MANUAL, POTÊNCIA 101/104 CV, 2 PORTAS","H",{"$f":"'CPU (DF)'!C31","v":0.5625},{"$f":"'CPU (DF)'!D31","v":0.93749999999999989},92145,92146,"SINAPI AL 06/223",{"$f":"VLOOKUP(E31,[2]planilhanull!$G$7:$K$7520,5,FALSE)","v":69.73},{"$f":"VLOOKUP(F31,[2]planilhanull!$G$7:$K$7520,5,FALSE)","v":28.51},{"$f":"C31*H31+D31*I31","v":65.951250000000002}]
["SUB-TOTAL",{"$nulls":8},{"$f":"SUM(J29:J31)","v":1699.4719062500001}]
["MATERIAL"]
["DISCRIMINAÇÃO","UNIDADE","QUANT.",null,"COD.",null,"FONTE",null,"P.UNIT.","P.TOTAL"]
[]
["SUB-TOTAL",{"$nulls":8},{"$f":"SUM(J35:J35)","v":0}]
["SERVIÇOS - COMPOSIÇÕES AUXILIARES"]
["DISCRIMINAÇÃO","UNIDADE","QUANT.",null,"COD.",null,"FONTE",null,"P.UNIT.","P.TOTAL"]
["LOCAÇÃO E NIVELAMENTO DE TERRAÇOS COM TOPOGRAFIA","KM",{"$f":"'CPU (DF)'!C39","v":1},null,"COMPOSIÇÃO",null,null,null,{"$f":"J75","v":171.77},{"$f":"C39*I39","v":171.77}]
["REVESTIMENTO VEGETAL POR SEMEADURA A LANÇO MANUAL DE GRAMÍNEAS E LEGUMINOSAS","m²",{"$f":"'CPU (DF)'!C40","v":1000},null,4413993,null,"SICRO AL 01/2023",null,{"$f":"VLOOKUP(E40,[1]Sheet1!$A:$D,4,FALSE)","v":0.62},{"$f":"C40*I40","v":620}]
["SUB-TOTAL",{"$nulls":8},{"$f":"SUM(J39:J40)","v":791.77}]
["MÃO DE OBRA"]
["DISCRIMINAÇÃO","UNIDADE","QUANT.",null,"COD. P","COD. I","FONTE",null,"P.UNIT.","P.TOTAL"]
["ENGENHEIRO COM ENCARGO","MES",{"$f":"'CPU (DF)'!C44","v":5.681818181818182E-3},null,93565,null,"SINAPI AL 06/223",null,{"$f":"VLOOKUP(E44,[2]planilhanull!$G$7:$K$7520,5,FALSE)","v":20255.25},{"$f":"C44*I44","v":115.08664772727273}]
["SERVENTE COM ENCARGOS COMPLEMENTARES - INLUSIVE ABERTURA E FECHAMENTO DE CERCAS","MES",{"$f":"'CPU (DF)'!C45","v":5.3475935828877004E-2},null,101452,null,"SINAPI AL 06/223",null,{"$f":"VLOOKUP(E45,[2]planilhanull!$G$7:$K$7520,5,FALSE)","v":3257.89},{"$f":"C45*I45","v":174.21871657754011}]
["ENCARREGADO COM ENCARGO","MES",{"$f":"'CPU (DF)'!C46","v":1.7045454545454544E-2},null,93572,null,"SINAPI AL 06/223",null,{"$f":"VLOOKUP(E46,[2]planilhanull!$G$7:$K$7520,5,FALSE)","v":4374.42},{"$f":"C46*I46","v":74.563977272727271}]
["SUB-TOTAL",{"$nulls":8},{"$f":"SUM(J44:J46)","v":363.86934157754013}]
["PRODUÇÃO DA EQUIPE MÊS 22 KM, MAS COM FATOR DE REDUÇÃO PARA PÉRIODOS COM CHUVAS ",{"$f":"'CPU (DF)'!B48","v":18.7},"CUSTO ",{"$nulls":6},{"$f":"J47+J41+J36+J32","v":2855.11124782754}]
["TOTAL",{"$nulls":8},{"$f":"ROUND(J48,2)","v":2855.11}]
["BDI                %",{"$nulls":8},24.1]
["TOTAL DO SERVIÇO - R$",{"$nulls":8},{"$f":"ROUND(J49*(1+J50/100),2)","v":3543.19}]
[]
[" COMPOSIÇÃO DE PREÇO UNITÁRIO"]
["LOCAÇÃO E NIVELAMENTO DE TERRAÇOS COM TOPOGRAFIA",{"$nulls":7},"UNIDADE: ","km"]
["EQUIPAMENTO"]
["DISCRIMINAÇÃO","UNIDADE","QUANT. PROD.","QUANT. IMPROD.","COD. P","COD. I","FONTE","CHP/ P.UNIT.","CHI","P.TOTAL"]
["NIVEL OPTICO, COM PRECISAO DE 0,7 MM, AUMENTO DE 32X","H",{"$f":"'CPU (DF)'!C57","v":0.99609374999999989},null,7252,null,"SINAPI AL 06/223",{"$f":"VLOOKUP(E57,[4]sheet1!$A$1:$E$65536,5,FALSE)","v":2.25},null,{"$f":"C57*H57+D57*I57","v":2.2412109374999996}]
["TEODOLITO ELETRONICO, PRECISAO ANGULAR DE 5 A 7 SEGUNDOS, INCLUINDO TRIPE","H",{"$f":"'CPU (DF)'!C58","v":0.99609374999999989},null,7247,null,"SINAPI AL 06/223",{"$f":"VLOOKUP(E58,[4]sheet1!$A$1:$E$65536,5,FALSE)","v":2.25},null,{"$f":"C58*H58+D58*I58","v":2.2412109374999996}]
["CAMINHONETE CABINE SIMPLES COM MOTOR 1.6 FLEX, CÂMBIO MANUAL, POTÊNCIA 101/104 CV, 2 PORTAS","H",{"$f":"'CPU (DF)'!C59","v":0.37353515624999994},{"$f":"'CPU (DF)'!D59","v":0.62255859375},92145,92146,"SINAPI AL 06/223",{"$f":"H31","v":69.73},{"$f":"I31","v":28.51},{"$f":"C59*H59+D59*I59","v":43.795751953124999}]
["SUB-TOTAL",{"$nulls":8},{"$f":"SUM(J57:J59)","v":48.278173828124999}]
["MATERIAL"]
["DISCRIMINAÇÃO","UNIDADE","QUANT.",null,"COD.",null,null,null,"P.UNIT.","P.TOTAL"]
["ESTACA/PIQUETE DE MADEIRA","U",{"$f":"'CPU (DF)'!C63","v":83.333333333333329},null,4408,null,"SINAPI AL 06/223",null,{"$f":"VLOOKUP(E63,[4]sheet1!$A$1:$E$65536,5,FALSE)*0.4","v":0.76},{"$f":"C63*I63","v":63.333333333333329}]
["SUB-TOTAL",{"$nulls":8},{"$f":"SUM(J63:J63)","v":63.333333333333329}]
["SERVIÇOS - COMPOSIÇÕES AUXILIARES"]
["DISCRIMINAÇÃO","UNIDADE","QUANT.",{"$nulls":5},"P.UNIT.","P.TOTAL"]
[]
["SUB-TOTAL"]
["MÃO DE OBRA"]
["DISCRIMINAÇÃO","UNIDADE","QUANT.",null,"COD. P","COD. I",null,null,"P.UNIT.","P.TOTAL"]
["AUXILIAR DE TOPOGRÁFO COM ENCARGOS","MÊS",{"$f":"'CPU (DF)'!C71","v":5.6596235795454541E-3},null,101389,null,"SINAPI AL 06/223",null,{"$f":"VLOOKUP(E71,[2]planilhanull!$G$7:$K$7520,5,FALSE)","v":3439.23},{"$f":"C71*I71","v":19.464747203480112}]
["TOPOGRAFO COM ENCARGOS","MÊS",{"$f":"'CPU (DF)'!C72","v":5.6596235795454541E-3},null,94296,null,"SINAPI AL 06/223",null,{"$f":"VLOOKUP(E72,[2]planilhanull!$G$7:$K$7520,5,FALSE)","v":7189.65},{"$f":"C72*I72","v":40.69071266867897}]
["SUB-TOTAL",{"$nulls":8},{"$f":"SUM(J71:J72)","v":60.155459872159085}]
["PRODUÇÃO MENSAL DA EQUIPE",{"$f":"'CPU (DF)'!B74","v":46.93333333333333},"CUSTO ",{"$nulls":6},{"$f":"J73+J68+J64+J60","v":171.76696703361742}]
["TOTAL",{"$nulls":8},{"$f":"ROUND(J74,2)","v":171.77}]
["BDI                %",{"$nulls":8},24.1]
["TOTAL DO SERVIÇO - R$",{"$nulls":8},{"$f":"ROUND(J75*(1+J76/100),2)","v":213.17}]
[]
[" COMPOSIÇÃO DE PREÇO UNITÁRIO"]
["LOCAÇÃO E CONSTRUÇÃO DE BACIAS DE CAPTAÇÃO DE ENXURRADA (4 METROS DE RAIO)",{"$nulls":7},"UNIDADE: ","UNID."]
["EQUIPAMENTO"]
["DISCRIMINAÇÃO","UNIDADE","QUANT. PROD.","QUANT. IMPROD.","COD. P","COD. I","FONTE","CHP/ P.UNIT.","CHI","P.TOTAL"]
["NIVEL OPTICO, COM PRECISAO DE 0,7 MM, AUMENTO DE 32X","H",{"$f":"'CPU (DF)'!C83","v":0.59999999999999987},null,7252,null,"SINAPI AL 06/223",{"$f":"$H$57","v":2.25},null,{"$f":"C83*H83+D83*I83","v":1.3499999999999996}]
["TEODOLITO ELETRONICO, PRECISAO ANGULAR DE 5 A 7 SEGUNDOS, INCLUINDO TRIPE","H",{"$f":"'CPU (DF)'!C84","v":0.59999999999999987},null,7247,null,"SINAPI AL 06/223",{"$f":"$H$58","v":2.25},null,{"$f":"C84*H84+D84*I84","v":1.3499999999999996}]
["PÁ CARREGADEIRA SOBRE RODAS, POTÊNCIA LÍQUIDA 128 HP, CAPACIDADE DA CAÇAMBA 1,7 A 2,8 M³","H",{"$f":"'CPU (DF)'!C85","v":0.77795298165137616},{"$f":"'CPU (DF)'!D85","v":0.25931766055045874},5940,5942,"SINAPI AL 06/223",{"$f":"VLOOKUP(E85,[2]planilhanull!$G$7:$K$7520,5,FALSE)","v":157.69},{"$f":"VLOOKUP(F85,[2]planilhanull!$G$7:$K$7520,5,FALSE)","v":58.6},{"$f":"C85*H85+D85*I85","v":137.87142058486239}]
["VEÍCULO DE PASSEIO PARA DESLOCAMENTO DA EQUIPE","H",{"$f":"'CPU (DF)'!C86","v":0.23437500000000003},{"$f":"'CPU (DF)'!D86","v":0.39062500000000006},"E9093",null,"SICRO AL 01/2023",{"$f":"$H$30","v":33.215200000000003},{"$f":"$I$30","v":6.3880999999999997},{"$f":"C86*H86+D86*I86","v":10.280164062500003}]
["CAMINHONETE CABINE SIMPLES COM MOTOR 1.6 FLEX, CÂMBIO MANUAL, POTÊNCIA 101/104 CV, 2 PORTAS","H",{"$f":"'CPU (DF)'!C87","v":0.60937499999999989},{"$f":"'CPU (DF)'!D87","v":0.36562499999999998},92145,92146,"SINAPI AL 06/223",{"$f":"$H$31","v":69.73},{"$f":"$I$31","v":28.51},{"$f":"C87*H87+D87*I87","v":52.915687499999997}]
["SUB-TOTAL",{"$nulls":8},{"$f":"SUM(J83:J87)","v":203.76727214736238}]
["MATERIAL"]
["DISCRIMINAÇÃO","UNIDADE","QUANT.",null,"COD.",null,null,null,"P.UNIT.","P.TOTAL"]
["ESTACA/PIQUETE DE MADEIRA","U",{"$f":"'CPU (DF)'!C91","v":12},null,4408,null,"SINAPI AL 06/223",null,{"$f":"$I$63","v":0.76},{"$f":"C91*I91","v":9.120000000000001}]
["SUB-TOTAL",{"$nulls":8},{"$f":"SUM(J91:J91)","v":9.120000000000001}]
["SERVIÇOS - COMPOSIÇÕES AUXILIARES"]
["DISCRIMINAÇÃO","UNIDADE","QUANT.",{"$nulls":5},"P.UNIT.","P.TOTAL"]
["REVESTIMENTO VEGETAL POR SEMEADURA A LANÇO MANUAL DE GRAMÍNEAS E LEGUMINOSAS","m²",{"$f":"'CPU (DF)'!C95","v":50.26548245743669},null,4413993,null,"SICRO AL 01/2023",null,{"$f":"VLOOKUP(E95,[1]Sheet1!$A:$D,4,FALSE)","v":0.62},{"$f":"C95*I95","v":31.164599123610749}]
["SUB-TOTAL",{"$nulls":8},{"$f":"SUM(J95:J95)","v":31.164599123610749}]
["MÃO DE OBRA"]
["DISCRIMINAÇÃO","UNIDADE","QUANT.",null,"COD. P","COD. I",null,null,"P.UNIT.","P.TOTAL"]
["ENGENHEIRO COM ENCARGO","MÊS",{"$f":"'CPU (DF)'!C99","v":1.4204545454545455E-3},null,93565,null,"SINAPI AL 06/223",null,{"$f":"$I$44","v":20255.25},{"$f":"C99*I99","v":28.771661931818183}]
["ENCARREGADO COM ENCARGO","MÊS",{"$f":"'CPU (DF)'!C100","v":4.2613636363636369E-3},null,93572,null,"SINAPI AL 06/223",null,{"$f":"$I$46","v":4374.42},{"$f":"C100*I100","v":18.640994318181821}]
["TOPOGRAFO COM ENCARGOS","MÊS",{"$f":"'CPU (DF)'!C101","v":3.4090909090909085E-3},null,94296,null,"SINAPI AL 06/223",null,{"$f":"$I$72","v":7189.65},{"$f":"C101*I101","v":24.510170454545449}]
["AUXILIAR DE TOPOGRÁFO COM ENCARGOS","MÊS",{"$f":"'CPU (DF)'!C102","v":3.4090909090909085E-3},null,101389,null,"SINAPI AL 06/223",null,{"$f":"$I$71","v":3439.23},{"$f":"C102*I102","v":11.724647727272725}]
["SERVENTE COM ENCARGOS COMPLEMENTARES - INLUSIVE ABERTURA E FECHAMENTO DE CERCAS","MES",{"$f":"'CPU (DF)'!C103","v":5.893583194328607E-3},null,101452,null,"SINAPI AL 06/223",null,{"$f":"$I$45","v":3257.89},{"$f":"C103*I103","v":19.200645752971226}]
["SUB-TOTAL",{"$nulls":8},{"$f":"SUM(J99:J103)","v":102.84812018478941}]
["PRODUÇÃO MENSAL DA EQUIPE",{"$f":"'CPU (DF)'!B105","v":169.67606412382531},"CUSTO ",{"$nulls":6},{"$f":"J104+J96+J92+J88","v":346.89999145576257}]
["TOTAL",{"$nulls":8},{"$f":"ROUND(J105,2)","v":346.9}]
["BDI                %",{"$nulls":8},24.1]
["TOTAL DO SERVIÇO - R$",{"$nulls":8},{"$f":"ROUND(J106*(1+J107/100),2)","v":430.5}]
[]
[]
[" COMPOSIÇÃO DE PREÇO UNITÁRIO"]
["LOCAÇÃO E CONSTRUÇÃO DE BACIAS DE CAPTAÇÃO DE ENXURRADA (6 METROS DE RAIO)",{"$nulls":7},"UNIDADE: ","UNID."]
["EQUIPAMENTO"]
["DISCRIMINAÇÃO","UNIDADE","QUANT. PROD.","QUANT. IMPROD.","COD. P","COD. I","FONTE","CHP/ P.UNIT.","CHI","P.TOTAL"]
["NIVEL OPTICO, COM PRECISAO DE 0,7 MM, AUMENTO DE 32X","H",{"$f":"'CPU (DF)'!C115","v":0.59999999999999987},null,7252,null,"SINAPI AL 06/223",{"$f":"$H$57","v":2.25},null,{"$f":"C115*H115+D115*I115","v":1.3499999999999996}]
["TEODOLITO ELETRONICO, PRECISAO ANGULAR DE 5 A 7 SEGUNDOS, INCLUINDO TRIPE","H",{"$f":"'CPU (DF)'!C116","v":0.59999999999999987},null,7247,null,"SINAPI AL 06/223",{"$f":"$H$58","v":2.25},null,{"$f":"C116*H116+D116*I116","v":1.3499999999999996}]
["PÁ CARREGADEIRA SOBRE RODAS, POTÊNCIA LÍQUIDA 128 HP, CAPACIDADE DA CAÇAMBA 1,7 A 2,8 M³","H",{"$f":"'CPU (DF)'!C117","v":1.5361668577981655},{"$f":"'CPU (DF)'!D117","v":0.51205561926605514},5940,5942,"SINAPI AL 06/223",{"$f":"$H$85","v":157.69},{"$f":"$I$85","v":58.6},{"$f":"C117*H117+D117*I117","v":272.24461109518353}]
["VEÍCULO DE PASSEIO PARA DESLOCAMENTO DA EQUIPE","H",{"$f":"'CPU (DF)'!C118","v":0.25},{"$f":"'CPU (DF)'!D118","v":0.41666666666666669},"E9093",null,"SICRO AL 01/2023",{"$f":"$H$30","v":33.215200000000003},{"$f":"$I$30","v":6.3880999999999997},{"$f":"C118*H118+D118*I118","v":10.965508333333334}]
["CAMINHONETE CABINE SIMPLES COM MOTOR 1.6 FLEX, CÂMBIO MANUAL, POTÊNCIA 101/104 CV, 2 PORTAS","H",{"$f":"'CPU (DF)'!C119","v":0.62499999999999989},{"$f":"'CPU (DF)'!D119","v":0.375},92145,92146,"SINAPI AL 06/223",{"$f":"$H$31","v":69.73},{"$f":"$I$31","v":28.51},{"$f":"C119*H119+D119*I119","v":54.272499999999994}]
["SUB-TOTAL",{"$nulls":8},{"$f":"SUM(J115:J119)","v":340.18261942851683}]
["MATERIAL"]
["DISCRIMINAÇÃO","UNIDADE","QUANT.",null,"COD.",null,null,null,"P.UNIT.","P.TOTAL"]
["ESTACA/PIQUETE DE MADEIRA","U",{"$f":"'CPU (DF)'!C123","v":12},null,4408,null,"SINAPI AL 06/223",null,{"$f":"$I$63","v":0.76},{"$f":"C123*I123","v":9.120000000000001}]
["SUB-TOTAL",{"$nulls":8},{"$f":"SUM(J123:J123)","v":9.120000000000001}]
["SERVIÇOS - COMPOSIÇÕES AUXILIARES"]
["DISCRIMINAÇÃO","UNIDADE","QUANT.",{"$nulls":5},"P.UNIT.","P.TOTAL"]
["REVESTIMENTO VEGETAL POR SEMEADURA A LANÇO MANUAL DE GRAMÍNEAS E LEGUMINOSAS","m²",{"$f":"'CPU (DF)'!C127","v":94.247779607693786},null,4413993,null,"SICRO AL 01/2023",null,{"$f":"VLOOKUP(E127,[1]Sheet1!$A:$D,4,FALSE)","v":0.62},{"$f":"C127*I127","v":58.433623356770148}]
["SUB-TOTAL",{"$nulls":8},{"$f":"SUM(J127:J127)","v":58.433623356770148}]
["MÃO DE OBRA"]
["DISCRIMINAÇÃO","UNIDADE","QUANT.",null,"COD. P","COD. I",null,null,"P.UNIT.","P.TOTAL"]
["ENGENHEIRO COM ENCARGO","MÊS",{"$f":"'CPU (DF)'!C131","v":1.5151515151515152E-3},null,93565,null,"SINAPI AL 06/223",null,{"$f":"$I$44","v":20255.25},{"$f":"C131*I131","v":30.689772727272729}]
["ENCARREGADO COM ENCARGO","MÊS",{"$f":"'CPU (DF)'!C132","v":4.5454545454545452E-3},null,93572,null,"SINAPI AL 06/223",null,{"$f":"$I$46","v":4374.42},{"$f":"C132*I132","v":19.88372727272727}]
["TOPOGRAFO COM ENCARGOS","MÊS",{"$f":"'CPU (DF)'!C133","v":3.4090909090909085E-3},null,94296,null,"SINAPI AL 06/223",null,{"$f":"$I$72","v":7189.65},{"$f":"C133*I133","v":24.510170454545449}]
["AUXILIAR DE TOPOGRÁFO COM ENCARGOS","MÊS",{"$f":"'CPU (DF)'!C134","v":3.4090909090909085E-3},null,101389,null,"SINAPI AL 06/223",null,{"$f":"$I$71","v":3439.23},{"$f":"C134*I134","v":11.724647727272725}]
["SERVENTE COM ENCARGOS COMPLEMENTARES - INLUSIVE ABERTURA E FECHAMENTO DE CERCAS","MES",{"$f":"'CPU (DF)'!C135","v":1.1637627710592161E-2},null,101452,null,"SINAPI AL 06/223",null,{"$f":"$I$45","v":3257.89},{"$f":"C135*I135","v":37.914110942061093}]
["SUB-TOTAL",{"$nulls":8},{"$f":"SUM(J131:J135)","v":124.72242912387927}]
["PRODUÇÃO MENSAL DA EQUIPE",{"$f":"'CPU (DF)'!B137","v":85.928165504885072},"CUSTO ",{"$nulls":6},{"$f":"J136+J128+J124+J120","v":532.45867190916624}]
["TOTAL",{"$nulls":8},{"$f":"ROUND(J137,2)","v":532.46}]
["BDI                %",{"$nulls":8},24.1]
["TOTAL DO SERVIÇO - R$",{"$nulls":8},{"$f":"ROUND(J138*(1+J139/100),2)","v":660.78}]
[]
[" COMPOSIÇÃO DE PREÇO UNITÁRIO"]
["LOCAÇÃO E CONSTRUÇÃO DE BACIAS DE CAPTAÇÃO DE ENXURRADA (9 METROS DE RAIO)",{"$nulls":7},"UNIDADE: ","UNID."]
["EQUIPAMENTO"]
["DISCRIMINAÇÃO","UNIDADE","QUANT. PROD.","QUANT. IMPROD.","COD. P","COD. I","FONTE","CHP/ P.UNIT.","CHI","P.TOTAL"]
["NIVEL OPTICO, COM PRECISAO DE 0,7 MM, AUMENTO DE 32X","H",{"$f":"'CPU (DF)'!C146","v":0.65},null,7252,null,"SINAPI AL 06/223",{"$f":"$H$57","v":2.25},null,{"$f":"C146*H146+D146*I146","v":1.4625000000000001}]
["TEODOLITO ELETRONICO, PRECISAO ANGULAR DE 5 A 7 SEGUNDOS, INCLUINDO TRIPE","H",{"$f":"'CPU (DF)'!C147","v":0.65},null,7247,null,"SINAPI AL 06/223",{"$f":"$H$58","v":2.25},null,{"$f":"C147*H147+D147*I147","v":1.4625000000000001}]
["PÁ CARREGADEIRA SOBRE RODAS, POTÊNCIA LÍQUIDA 128 HP, CAPACIDADE DA CAÇAMBA 1,7 A 2,8 M³","H",{"$f":"'CPU (DF)'!C148","v":3.7389908256880737},{"$f":"'CPU (DF)'!D148","v":1.2463302752293579},5940,5942,"SINAPI AL 06/223",{"$f":"$H$85","v":157.69},{"$f":"$I$85","v":58.6},{"$f":"C148*H148+D148*I148","v":662.63641743119274}]
["VEÍCULO DE PASSEIO PARA DESLOCAMENTO DA EQUIPE","H",{"$f":"'CPU (DF)'!C149","v":0.265625},{"$f":"'CPU (DF)'!D149","v":0.44270833333333331},"E9093",null,"SICRO AL 01/2023",{"$f":"$H$30","v":33.215200000000003},{"$f":"$I$30","v":6.3880999999999997},{"$f":"C149*H149+D149*I149","v":11.650852604166667}]
["CAMINHONETE CABINE SIMPLES COM MOTOR 1.6 FLEX, CÂMBIO MANUAL, POTÊNCIA 101/104 CV, 2 PORTAS","H",{"$f":"'CPU (DF)'!C150","v":0.671875},{"$f":"'CPU (DF)'!D150","v":0.40312500000000007},92145,92146,"SINAPI AL 06/223",{"$f":"$H$31","v":69.73},{"$f":"$I$31","v":28.51},{"$f":"C150*H150+D150*I150","v":58.342937500000005}]
["SUB-TOTAL",{"$nulls":8},{"$f":"SUM(J146:J150)","v":735.55520753535939}]
["MATERIAL"]
["DISCRIMINAÇÃO","UNIDADE","QUANT.",null,"COD.",null,null,null,"P.UNIT.","P.TOTAL"]
["ESTACA/PIQUETE DE MADEIRA","U",{"$f":"'CPU (DF)'!C154","v":12},null,4408,null,"SINAPI AL 06/223",null,{"$f":"$I$63","v":0.76},{"$f":"C154*I154","v":9.120000000000001}]
["SUB-TOTAL",{"$nulls":8},{"$f":"SUM(J154:J154)","v":9.120000000000001}]
["SERVIÇOS - COMPOSIÇÕES AUXILIARES"]
["DISCRIMINAÇÃO","UNIDADE","QUANT.",{"$nulls":5},"P.UNIT.","P.TOTAL"]
["REVESTIMENTO VEGETAL POR SEMEADURA A LANÇO MANUAL DE GRAMÍNEAS E LEGUMINOSAS","m²",{"$f":"'CPU (DF)'!C158","v":169.64600329384882},null,4413993,null,"SICRO AL 01/2023",null,{"$f":"VLOOKUP(E158,[1]Sheet1!$A:$D,4,FALSE)","v":0.62},{"$f":"C158*I158","v":105.18052204218627}]
["SUB-TOTAL",{"$nulls":8},{"$f":"SUM(J158:J158)","v":105.18052204218627}]
["MÃO DE OBRA"]
["DISCRIMINAÇÃO","UNIDADE","QUANT.",null,"COD. P","COD. I",null,null,"P.UNIT.","P.TOTAL"]
["ENGENHEIRO COM ENCARGO","MÊS",{"$f":"'CPU (DF)'!C162","v":1.6098484848484848E-3},null,93565,null,"SINAPI AL 06/223",null,{"$f":"$I$44","v":20255.25},{"$f":"C162*I162","v":32.607883522727271}]
["ENCARREGADO COM ENCARGO","MÊS",{"$f":"'CPU (DF)'!C163","v":4.8295454545454544E-3},null,93572,null,"SINAPI AL 06/223",null,{"$f":"$I$46","v":4374.42},{"$f":"C163*I163","v":21.126460227272727}]
["TOPOGRAFO COM ENCARGOS","MÊS",{"$f":"'CPU (DF)'!C164","v":3.6931818181818185E-3},null,94296,null,"SINAPI AL 06/223",null,{"$f":"$I$72","v":7189.65},{"$f":"C164*I164","v":26.552684659090911}]
["AUXILIAR DE TOPOGRÁFO COM ENCARGOS","MÊS",{"$f":"'CPU (DF)'!C165","v":3.6931818181818185E-3},null,101389,null,"SINAPI AL 06/223",null,{"$f":"$I$71","v":3439.23},{"$f":"C165*I165","v":12.701701704545457}]
["SERVENTE COM ENCARGOS COMPLEMENTARES - INLUSIVE ABERTURA E FECHAMENTO DE CERCAS","MES",{"$f":"'CPU (DF)'!C166","v":2.83256880733945E-2},null,101452,null,"SINAPI AL 06/223",null,{"$f":"$I$45","v":3257.89},{"$f":"C166*I166","v":92.281975917431211}]
["SUB-TOTAL",{"$nulls":8},{"$f":"SUM(J162:J166)","v":185.27070603106756}]
["PRODUÇÃO MENSAL DA EQUIPE",{"$f":"'CPU (DF)'!B168","v":35.30364372469635},"CUSTO ",{"$nulls":6},{"$f":"J167+J159+J155+J151","v":1035.1264356086133}]
["TOTAL",{"$nulls":8},{"$f":"ROUND(J168,2)","v":1035.1300000000001}]
["BDI                %",{"$nulls":8},24.1]
["TOTAL DO SERVIÇO - R$",{"$nulls":8},{"$f":"ROUND(J169*(1+J170/100),2)","v":1284.5999999999999}]
[]
[]
[" COMPOSIÇÃO DE PREÇO UNITÁRIO"]
["LOCAÇÃO E CONSTRUÇÃO DE BACIAS DE CAPTAÇÃO DE ENXURRADA (12 METROS DE RAIO)",{"$nulls":7},"UNIDADE: ","UNID."]
["EQUIPAMENTO"]
["DISCRIMINAÇÃO","UNIDADE","QUANT. PROD.","QUANT. IMPROD.","COD. P","COD. I","FONTE","CHP/ P.UNIT.","CHI","P.TOTAL"]
["NIVEL OPTICO, COM PRECISAO DE 0,7 MM, AUMENTO DE 32X","H",{"$f":"'CPU (DF)'!C178","v":0.65},null,7252,null,"SINAPI AL 06/223",{"$f":"$H$57","v":2.25},null,{"$f":"C178*H178+D178*I178","v":1.4625000000000001}]
["TEODOLITO ELETRONICO, PRECISAO ANGULAR DE 5 A 7 SEGUNDOS, INCLUINDO TRIPE","H",{"$f":"'CPU (DF)'!C179","v":0.65},null,7247,null,"SINAPI AL 06/223",{"$f":"$H$58","v":2.25},null,{"$f":"C179*H179+D179*I179","v":1.4625000000000001}]
["PÁ CARREGADEIRA SOBRE RODAS, POTÊNCIA LÍQUIDA 128 HP, CAPACIDADE DA CAÇAMBA 1,7 A 2,8 M³","H",{"$f":"'CPU (DF)'!C180","v":6},{"$f":"'CPU (DF)'!D180","v":2},5940,5942,"SINAPI AL 06/223",{"$f":"$H$85","v":157.69},{"$f":"$I$85","v":58.6},{"$f":"C180*H180+D180*I180","v":1063.3399999999999}]
["VEÍCULO DE PASSEIO PARA DESLOCAMENTO DA EQUIPE","H",{"$f":"'CPU (DF)'!C181","v":0.28125},{"$f":"'CPU (DF)'!D181","v":0.46874999999999994},"E9093",null,"SICRO AL 01/2023",{"$f":"$H$30","v":33.215200000000003},{"$f":"$I$30","v":6.3880999999999997},{"$f":"C181*H181+D181*I181","v":12.336196874999999}]
["CAMINHONETE CABINE SIMPLES COM MOTOR 1.6 FLEX, CÂMBIO MANUAL, POTÊNCIA 101/104 CV, 2 PORTAS","H",{"$f":"'CPU (DF)'!C182","v":0.6875},{"$f":"'CPU (DF)'!D182","v":0.41250000000000009},92145,92146,"SINAPI AL 06/223",{"$f":"$H$31","v":69.73},{"$f":"$I$31","v":28.51},{"$f":"C182*H182+D182*I182","v":59.699750000000009}]
["SUB-TOTAL",{"$nulls":8},{"$f":"SUM(J178:J182)","v":1138.3009468749999}]
["MATERIAL"]
["DISCRIMINAÇÃO","UNIDADE","QUANT.",null,"COD.",null,null,null,"P.UNIT.","P.TOTAL"]
["ESTACA/PIQUETE DE MADEIRA","U",{"$f":"'CPU (DF)'!C186","v":16},null,4408,null,"SINAPI AL 06/223",null,{"$f":"$I$63","v":0.76},{"$f":"C186*I186","v":12.16}]
["SUB-TOTAL",{"$nulls":8},{"$f":"SUM(J186:J186)","v":12.16}]
["SERVIÇOS - COMPOSIÇÕES AUXILIARES"]
["DISCRIMINAÇÃO","UNIDADE","QUANT.",{"$nulls":5},"P.UNIT.","P.TOTAL"]
["REVESTIMENTO VEGETAL POR SEMEADURA A LANÇO MANUAL DE GRAMÍNEAS E LEGUMINOSAS","m²",{"$f":"'CPU (DF)'!C190","v":263.89378290154264},null,4413993,null,"SICRO AL 01/2023",null,{"$f":"VLOOKUP(E190,[1]Sheet1!$A:$D,4,FALSE)","v":0.62},{"$f":"C190*I190","v":163.61414539895642}]
["SUB-TOTAL",{"$nulls":8},{"$f":"SUM(J190:J190)","v":163.61414539895642}]
["MÃO DE OBRA"]
["DISCRIMINAÇÃO","UNIDADE","QUANT.",null,"COD. P","COD. I",null,null,"P.UNIT.","P.TOTAL"]
["ENGENHEIRO COM ENCARGO","MES",{"$f":"'CPU (DF)'!C194","v":1.7045454545454545E-3},null,93565,null,"SINAPI AL 06/223",null,{"$f":"$I$44","v":20255.25},{"$f":"C194*I194","v":34.525994318181816}]
["ENCARREGADO COM ENCARGO","MES",{"$f":"'CPU (DF)'!C195","v":5.1136363636363636E-3},null,93572,null,"SINAPI AL 06/223",null,{"$f":"$I$46","v":4374.42},{"$f":"C195*I195","v":22.369193181818183}]
["TOPOGRAFO COM ENCARGOS","MÊS",{"$f":"'CPU (DF)'!C196","v":3.6931818181818181E-3},null,94296,null,"SINAPI AL 06/223",null,{"$f":"$I$72","v":7189.65},{"$f":"C196*I196","v":26.552684659090907}]
["AUXILIAR DE TOPOGRÁFO COM ENCARGOS","MÊS",{"$f":"'CPU (DF)'!C197","v":3.6931818181818181E-3},null,101389,null,"SINAPI AL 06/223",null,{"$f":"$I$71","v":3439.23},{"$f":"C197*I197","v":12.701701704545455}]
["SERVENTE COM ENCARGOS COMPLEMENTARES - INLUSIVE ABERTURA E FECHAMENTO DE CERCAS","MES",{"$f":"'CPU (DF)'!C198","v":4.5454545454545456E-2},null,101452,null,"SINAPI AL 06/223",null,{"$f":"$I$45","v":3257.89},{"$f":"C198*I198","v":148.0859090909091}]
["SUB-TOTAL",{"$nulls":8},{"$f":"SUM(J194:J198)","v":244.23548295454546}]
["PRODUÇÃO DA EQUIPE ",{"$f":"'CPU (DF)'!B200","v":22},"CUSTO ",{"$nulls":6},{"$f":"J199+J191+J187+J183","v":1558.3105752285019}]
["TOTAL",{"$nulls":8},{"$f":"ROUND(J200,2)","v":1558.31}]
["BDI                %",{"$nulls":8},24.1]
["TOTAL DO SERVIÇO - R$",{"$nulls":8},{"$f":"ROUND(J201*(1+J202/100),2)","v":1933.86}]
[]
[" COMPOSIÇÃO DE PREÇO UNITÁRIO"]
["CERCAMENTO DE ÁREAS AMBIENTALMENTE VULNERÁVEIS À CAPRINOVINOCULTURA",{"$nulls":7},"UNIDADE: ","m"]
["EQUIPAMENTO"]
["DISCRIMINAÇÃO","UNIDADE","QUANT. PROD.","QUANT. IMPROD.","COD. P","COD. I","FONTE",null,"P.UNIT.","P.TOTAL"]
["NIVEL OPTICO, COM PRECISAO DE 0,7 MM, AUMENTO DE 32X","h",{"$f":"'CPU (DF)'!C209","v":5.000000000000001E-2},null,7252,null,"SINAPI AL 06/223",{"$f":"H178","v":2.25},null,{"$f":"C209*H209+D209*I209","v":0.11250000000000002}]
["TEODOLITO ELETRONICO, PRECISAO ANGULAR DE 5 A 7 SEGUNDOS, INCLUINDO TRIPE","h",{"$f":"'CPU (DF)'!C210","v":5.000000000000001E-2},null,7247,null,"SINAPI AL 06/223",{"$f":"H179","v":2.25},null,{"$f":"C210*H210+D210*I210","v":0.11250000000000002}]
["VEÍCULO DE PASSEIO PARA DESLOCAMENTO DA EQUIPE","h",{"$f":"'CPU (DF)'!C211","v":1.8382352941176468E-2},{"$f":"'CPU (DF)'!D211","v":3.063725490196078E-2},"E9093","E9093","SICRO AL 01/2023",{"$f":"H30","v":33.215200000000003},{"$f":"I30","v":6.3880999999999997},{"$f":"C211*H211+D211*I211","v":0.80628737745098034}]
["CAMINHONETE CABINE SIMPLES COM MOTOR 1.6 FLEX, CÂMBIO MANUAL, POTÊNCIA 101/104 CV, 2 PORTAS","h",{"$f":"'CPU (DF)'!C212","v":2.9779411764705884E-2},{"$f":"'CPU (DF)'!D212","v":4.9632352941176468E-2},92145,92146,"SINAPI AL 06/223",{"$f":"H31","v":69.73},{"$f":"I31","v":28.51},{"$f":"C212*H212+D212*I212","v":3.4915367647058826}]
["SUB-TOTAL",{"$nulls":8},{"$f":"SUM(J209:J212)","v":4.5228241421568631}]
["MATERIAL"]
["DISCRIMINAÇÃO","UNIDADE","QUANT.",null,"COD. P","COD. I","FONTE",null,"P.UNIT.","P.TOTAL"]
["MOURAO ROLICO DE MADEIRA TRATADA, D = 16 A 20 CM, H = 3,0 M, EM EUCALIPTO OU EQUIVALENTE DA REGIAO (PARA CERCA)","m",{"$f":"'CPU (DF)'!C216","v":0.12},null,4491,null,"SINAPI AL 06/223",null,{"$f":"I252","v":27.44},{"$f":"ROUND((I216*C216),2)","v":3.29}]
["MOURAO ROLICO DE MADEIRA TRATADA, D  ≥ 10 CM, H = 2,20 M, EM EUCALIPTO OU EQUIVALENTE DA REGIAO (PARA CERCA)","m",{"$f":"'CPU (DF)'!C217","v":0.52},null,21138,null,"SINAPI AL 06/223",null,{"$f":"I253","v":8.6999999999999993},{"$f":"ROUND((I217*C217),2)","v":4.5199999999999996}]
["ARAME FARPADO GALVANIZADO, 16 BWG (1,65 MM), CLASSE 250","m",{"$f":"'CPU (DF)'!C218","v":8},null,340,null,"SINAPI AL 06/223",null,{"$f":"I254","v":1.54},{"$f":"ROUND((I218*C218),2)","v":12.32}]
["GRAMPO DE ACO POLIDO 1 \" X 9","kg",{"$f":"'CPU (DF)'!C219","v":0.04},null,5076,null,"SINAPI AL 06/223",null,{"$f":"I255","v":23.63},{"$f":"ROUND((I219*C219),2)","v":0.95}]
["ESTACA/PIQUETE DE MADEIRA","U",{"$f":"'CPU (DF)'!C220","v":0.05},null,4408,null,"SINAPI AL 06/223",null,{"$f":"I63","v":0.76},{"$f":"C220*I220","v":3.8000000000000006E-2}]
["SUB-TOTAL",{"$nulls":8},{"$f":"SUM(J216:J220)","v":21.117999999999999}]
["SERVIÇOS - COMPOSIÇÕES AUXILIARES"]
["DISCRIMINAÇÃO","UNIDADE","QUANT.",null,"COD.",null,"FONTE",null,"P.UNIT.","P.TOTAL"]
[]
["SUB-TOTAL",{"$nulls":8},{"$f":"J224","v":0}]
["MÃO DE OBRA"]
["DISCRIMINAÇÃO","UNIDADE","QUANT.",null,"COD. P","COD. I","FONTE",null,"P.UNIT.","P.TOTAL"]
["ENGENHEIRO COM ENCARGO","mês",{"$f":"'CPU (DF)'!C228","v":1.1140819964349375E-4},null,93565,null,"SINAPI AL 06/223",null,{"$f":"I194","v":20255.25},{"$f":"C228*I228","v":2.2566009358288768}]
["ENCARREGADO COM ENCARGO","mês",{"$f":"'CPU (DF)'!C229","v":3.3422459893048126E-4},null,93572,null,"SINAPI AL 06/223",null,{"$f":"I195","v":4374.42},{"$f":"C229*I229","v":1.4620387700534758}]
["TOPOGRAFO COM ENCARGOS","mês",{"$f":"'CPU (DF)'!C230","v":2.8409090909090913E-4},null,94296,null,"SINAPI AL 06/223",null,{"$f":"I196","v":7189.65},{"$f":"C230*I230","v":2.0425142045454545}]
["AUXILIAR DE TOPOGRÁFO COM ENCARGOS","mês",{"$f":"'CPU (DF)'!C231","v":2.8409090909090913E-4},null,101389,null,"SINAPI AL 06/223",null,{"$f":"I197","v":3439.23},{"$f":"C231*I231","v":0.97705397727272747}]
["SERVENTE COM ENCARGOS COMPLEMENTARES - ABERTURA DE PICADAS, ESCAVAÇÃO MANUAL E ASSENTAMENTO DE MOURÕES","mês",{"$f":"'CPU (DF)'!C232","v":1.0101010101010101E-3},null,101452,null,"SINAPI AL 06/223",null,{"$f":"I198","v":3257.89},{"$f":"C232*I232","v":3.2907979797979796}]
["CARPINTEIRO DE FORMAS COM ENCARGOS COMPLEMENTARES","h",{"$f":"'CPU (DF)'!C233","v":8.8888888888888892E-2},null,88262,null,"SINAPI AL 06/223",null,{"$f":"VLOOKUP(E233,[2]planilhanull!$G$7:$K$7520,5,FALSE)","v":22.81},{"$f":"ROUND((I233*C233),2)","v":2.0299999999999998}]
["AJUDANTE DE CARPINTEIRO COM ENCARGOS COMPLEMENTARES","h",{"$f":"'CPU (DF)'!C234","v":8.8888888888888892E-2},null,88239,null,"SINAPI AL 06/223",null,{"$f":"VLOOKUP(E234,[2]planilhanull!$G$7:$K$7520,5,FALSE)","v":18.7},{"$f":"ROUND((I234*C234),2)","v":1.66}]
["SUB-TOTAL",{"$nulls":8},{"$f":"SUM(J228:J234)","v":13.719005867498513}]
["PRODUÇÃO MENSAL DA EQUIPE",{"$f":"'CPU (DF)'!B236","v":1980},"CUSTO ",{"$nulls":6},{"$f":"J235+J225+J221+J213","v":39.359830009655376}]
["TOTAL",{"$nulls":8},{"$f":"ROUND(J236,2)","v":39.36}]
["BDI                %",{"$nulls":8},24.1]
["TOTAL DO SERVIÇO - R$",{"$nulls":8},{"$f":"ROUND(J237*(1+J238/100),2)","v":48.85}]
[]
[" COMPOSIÇÃO DE PREÇO UNITÁRIO"]
["CERCAMENTO DE ÁREAS AMBIENTALMENTE VULNERÁVEIS À BOVINOCULTURA",{"$nulls":7},"UNIDADE: ","m"]
["EQUIPAMENTO"]
["DISCRIMINAÇÃO","UNIDADE","QUANT. PROD.","QUANT. IMPROD.","COD. P","COD. I","FONTE",null,"P.UNIT.","P.TOTAL"]
["NIVEL OPTICO, COM PRECISAO DE 0,7 MM, AUMENTO DE 32X","h",{"$f":"'CPU (DF)'!C245","v":5.000000000000001E-2},null,7252,null,"SINAPI AL 06/223",{"$f":"H57","v":2.25},null,{"$f":"C245*H245+D245*I245","v":0.11250000000000002}]
["TEODOLITO ELETRONICO, PRECISAO ANGULAR DE 5 A 7 SEGUNDOS, INCLUINDO TRIPE","h",{"$f":"'CPU (DF)'!C246","v":5.000000000000001E-2},null,7247,null,"SINAPI AL 06/223",{"$f":"H58","v":2.25},null,{"$f":"C246*H246+D246*I246","v":0.11250000000000002}]
["VEÍCULO DE PASSEIO PARA DESLOCAMENTO DA EQUIPE","h",{"$f":"'CPU (DF)'!C247","v":1.8382352941176468E-2},{"$f":"'CPU (DF)'!D247","v":3.063725490196078E-2},"E9093",null,"SICRO AL 01/2023",{"$f":"H30","v":33.215200000000003},{"$f":"I30","v":6.3880999999999997},{"$f":"C247*H247+D247*I247","v":0.80628737745098034}]
["CAMINHONETE CABINE SIMPLES COM MOTOR 1.6 FLEX, CÂMBIO MANUAL, POTÊNCIA 101/104 CV, 2 PORTAS","h",{"$f":"'CPU (DF)'!C248","v":2.9779411764705884E-2},{"$f":"'CPU (DF)'!D248","v":4.9632352941176468E-2},92145,92146,"SINAPI AL 06/223",{"$f":"H31","v":69.73},{"$f":"I31","v":28.51},{"$f":"C248*H248+D248*I248","v":3.4915367647058826}]
["SUB-TOTAL",{"$nulls":8},{"$f":"SUM(J245:J248)","v":4.5228241421568631}]
["MATERIAL"]
["DISCRIMINAÇÃO","UNIDADE","QUANT.",null,"COD.",null,"FONTE",null,"P.UNIT.","P.TOTAL"]
["MOURAO ROLICO DE MADEIRA TRATADA, D = 16 A 20 CM, H = 3,0 M, EM EUCALIPTO OU EQUIVALENTE DA REGIAO (PARA CERCA)","m",{"$f":"'CPU (DF)'!C252","v":6.6666666666666666E-2},null,2747,null,"SINAPI AL 06/223",null,{"$f":"VLOOKUP(E252,[4]sheet1!$A$1:$E$65536,5,FALSE)","v":27.44},{"$f":"ROUND((I252*C252),2)","v":1.83}]
["MOURAO ROLICO DE MADEIRA TRATADA, D  ≥ 10 CM, H = 2,20 M, EM EUCALIPTO OU EQUIVALENTE DA REGIAO (PARA CERCA)","m",{"$f":"'CPU (DF)'!C253","v":0.41111111111111115},null,21138,null,"SINAPI AL 06/223",null,{"$f":"VLOOKUP(E253,[4]sheet1!$A$1:$E$65536,5,FALSE)","v":8.6999999999999993},{"$f":"ROUND((I253*C253),2)","v":3.58}]
["ARAME FARPADO GALVANIZADO, 16 BWG (1,65 MM), CLASSE 250","m",{"$f":"'CPU (DF)'!C254","v":5},null,340,null,"SINAPI AL 06/223",null,{"$f":"VLOOKUP(E254,[4]sheet1!$A$1:$E$65536,5,FALSE)","v":1.54},{"$f":"ROUND((I254*C254),2)","v":7.7}]
["GRAMPO DE ACO POLIDO 1 \" X 9","kg",{"$f":"'CPU (DF)'!C255","v":0.03},null,5076,null,"SINAPI AL 06/223",null,{"$f":"VLOOKUP(E255,[4]sheet1!$A$1:$E$65536,5,FALSE)","v":23.63},{"$f":"ROUND((I255*C255),2)","v":0.71}]
["ESTACA/PIQUETE DE MADEIRA (0,5 m)","U",{"$f":"'CPU (DF)'!C256","v":0.05},null,4408,null,"SINAPI AL 06/223",null,{"$f":"I220","v":0.76},{"$f":"C256*I256","v":3.8000000000000006E-2}]
["SUB-TOTAL",{"$nulls":8},{"$f":"SUM(J252:J256)","v":13.858000000000001}]
["SERVIÇOS - COMPOSIÇÕES AUXILIARES"]
["DISCRIMINAÇÃO","UNIDADE","QUANT.",null,"COD.",null,"FONTE",null,"P.UNIT.","P.TOTAL"]
[]
["SUB-TOTAL",{"$nulls":8},{"$f":"J260","v":0}]
["MÃO DE OBRA"]
["DISCRIMINAÇÃO","UNIDADE","QUANT.",null,"COD. P","COD. I","FONTE",null,"P.UNIT.","P.TOTAL"]
["ENGENHEIRO COM ENCARGO","mês",{"$f":"'CPU (DF)'!C264","v":1.1140819964349375E-4},null,93565,null,"SINAPI AL 06/223",null,{"$f":"I228","v":20255.25},{"$f":"C264*I264","v":2.2566009358288768}]
["ENCARREGADO COM ENCARGO","mês",{"$f":"'CPU (DF)'!C265","v":3.3422459893048126E-4},null,93572,null,"SINAPI AL 06/223",null,{"$f":"I229","v":4374.42},{"$f":"C265*I265","v":1.4620387700534758}]
["TOPOGRAFO COM ENCARGOS","mês",{"$f":"'CPU (DF)'!C266","v":2.8409090909090913E-4},null,94296,null,"SINAPI AL 06/223",null,7189.65,{"$f":"C266*I266","v":2.0425142045454545}]
["AUXILIAR DE TOPOGRÁFO COM ENCARGOS","mês",{"$f":"'CPU (DF)'!C267","v":2.8409090909090913E-4},null,101389,null,"SINAPI AL 06/223",null,3439.23,{"$f":"C267*I267","v":0.97705397727272747}]
["SERVENTE COM ENCARGOS COMPLEMENTARES - ABERTURA DE PICADAS, ESCAVAÇÃO MANUAL E ASSENTAMENTO DE MOURÕES","mês",{"$f":"'CPU (DF)'!C268","v":1.0822510822510823E-3},null,101452,null,"SINAPI AL 06/223",null,3257.89,{"$f":"C268*I268","v":3.5258549783549782}]
["CARPINTEIRO DE FORMAS COM ENCARGOS COMPLEMENTARES","h",{"$f":"'CPU (DF)'!C269","v":9.5238095238095247E-2},null,88262,null,"SINAPI AL 06/223",null,22.81,{"$f":"ROUND((I269*C269),2)","v":2.17}]
["AJUDANTE DE CARPINTEIRO COM ENCARGOS COMPLEMENTARES","h",{"$f":"'CPU (DF)'!C270","v":9.5238095238095247E-2},null,88239,null,"SINAPI AL 06/223",null,18.7,{"$f":"ROUND((I270*C270),2)","v":1.78}]
["SUB-TOTAL",{"$nulls":8},{"$f":"SUM(J264:J270)","v":14.214062866055512}]
["PRODUÇÃO MENSAL DA EQUIPE",{"$f":"'CPU (DF)'!B272","v":1847.9999999999998},"CUSTO ",{"$nulls":6},{"$f":"J271+J261+J257+J249","v":32.594887008212375}]
["TOTAL",{"$nulls":8},{"$f":"ROUND(J272,2)","v":32.590000000000003}]
["BDI                %",{"$nulls":8},24.1]
["TOTAL DO SERVIÇO - R$",{"$nulls":8},{"$f":"ROUND(J273*(1+J274/100),2)","v":40.44}]
[]
[" COMPOSIÇÃO DE PREÇO UNITÁRIO"]
["PLACA DE IDENTIFICAÇÃO DE OBRA",{"$nulls":7},"UNIDADE: ","m²"]
["EQUIPAMENTO"]
["DISCRIMINAÇÃO","UNIDADE","QUANT. PROD.","QUANT. IMPROD.","CÓDIGO",null,null,null,"P.UNIT.","P.TOTAL"]
[{"$nulls":9},{"$f":"C281*I281","v":0}]
["SUB-TOTAL",{"$nulls":8},{"$f":"SUM(J281:J281)","v":0}]
["MATERIAL"]
["DISCRIMINAÇÃO","UNIDADE","QUANT.",null,"COD. P","COD. I",null,null,"P.UNIT.","P.TOTAL"]
["PONTALETE *7,5 X 7,5* CM EM PINUS, MISTA OU EQUIVALENTE DA REGIAO - BRUTA","M",{"$f":"'CPU (DF)'!C285","v":1},null,4491,null,"SINAPI AL 06/223",null,{"$f":"VLOOKUP(E285,[4]sheet1!$A$1:$E$65536,5,FALSE)","v":12.06},{"$f":"ROUND((I285*C285),2)","v":12.06}]
["SARRAFO NAO APARELHADO *2,5 X 7* CM","M",{"$f":"'CPU (DF)'!C286","v":1},null,4417,null,"SINAPI AL 06/223",null,{"$f":"VLOOKUP(E286,[4]sheet1!$A$1:$E$65536,5,FALSE)","v":5.44},{"$f":"ROUND((I286*C286),2)","v":5.44}]
["PREGO DE ACO POLIDO COM CABECA 18 X 30 (2 3/4 X 10)","KG",{"$f":"'CPU (DF)'!C287","v":1.8333333333333333E-2},null,5075,null,"SINAPI AL 06/223",null,{"$f":"VLOOKUP(E287,[4]sheet1!$A$1:$E$65536,5,FALSE)","v":23.4},{"$f":"ROUND((I287*C287),2)","v":0.43}]
["PLACA DE OBRA (PARA CONSTRUCAO CIVIL) EM CHAPA GALVANIZADA","M2",{"$f":"'CPU (DF)'!C288","v":1},null,4813,null,"SINAPI AL 06/223",null,{"$f":"VLOOKUP(E288,[4]sheet1!$A$1:$E$65536,5,FALSE)","v":250},{"$f":"ROUND((I288*C288),2)","v":250}]
["SUB-TOTAL",{"$nulls":8},{"$f":"SUM(J285:J288)","v":267.93}]
["SERVIÇOS - COMPOSIÇÕES AUXILIARES"]
["DISCRIMINAÇÃO","UNIDADE","QUANT.",null,"COD. P","COD. I",null,null,"P.UNIT.","P.TOTAL"]
["CONCRETO MAGRO TRAÇO 1:4,5:4,5 (CIMENTO/ AREIA MÉDIA/ BRITA 1) - PREPARO MECÂNICO COM BETONEIRA 400 L.","M3",{"$f":"'CPU (DF)'!C292","v":1.6666666666666666E-2},null,94962,null,"SINAPI AL 06/223",null,{"$f":"VLOOKUP(E292,[2]planilhanull!$G$7:$K$7520,5,FALSE)","v":358.29},{"$f":"ROUND((I292*C292),2)","v":5.97}]
["SUB-TOTAL",{"$nulls":8},{"$f":"J292","v":5.97}]
["MÃO DE OBRA"]
["DISCRIMINAÇÃO","UNIDADE","QUANT.",null,"COD. P","COD. I",null,null,"P.UNIT.","P.TOTAL"]
["CARPINTEIRO DE FORMAS COM ENCARGOS COMPLEMENTARES","H",{"$f":"'CPU (DF)'!C296","v":0.33333333333333331},null,88262,null,"SINAPI AL 06/223",null,{"$f":"I269","v":22.81},{"$f":"ROUND((I296*C296),2)","v":7.6}]
["AJUDANTE DE CARPINTEIRO COM ENCARGOS COMPLEMENTARES","H",{"$f":"'CPU (DF)'!C297","v":0.66666666666666663},null,88239,null,"SINAPI AL 06/223",null,{"$f":"I270","v":18.7},{"$f":"ROUND((I297*C297),2)","v":12.47}]
["SUB-TOTAL",{"$nulls":8},{"$f":"SUM(J296:J297)","v":20.07}]
["PRODUÇÃO MENSAL DA EQUIPE",{"$f":"'CPU (DF)'!B299","v":528},"CUSTO ",{"$nulls":6},{"$f":"J298+J293+J289+J282","v":293.97000000000003}]
["TOTAL",{"$nulls":8},{"$f":"ROUND(J299,2)","v":293.97000000000003}]
["BDI                %",{"$nulls":8},24.1]
["TOTAL DO SERVIÇO - R$",{"$nulls":8},{"$f":"ROUND(J300*(1+J301/100),2)","v":364.82}]

{"sheet":"CPU (AP)","index":3,"n_rows":302,"n_cols":10,"rows_kept":302,"cut":false,"hidden":false,"merged":[[293,0,293,9],[297,0,297,8],[298,2,298,8],[299,0,299,8],[300,0,300,8],[301,0,301,8],[278,0,278,9],[281,0,281,8],[282,0,282,9],[288,0,288,8],[289,0,289,9],[292,0,292,8],[271,2,271,8],[272,0,272,8],[273,0,273,8],[274,0,274,8],[276,0,276,9],[277,0,277,7],[240,0,240,9],[241,0,241,7],[242,0,242,9],[248,0,248,8],[249,0,249,9],[270,0,270,8],[257,0,257,9],[260,0,260,8],[261,0,261,9],[256,0,256,8],[201,0,201,8],[204,0,204,9],[205,0,205,7],[206,0,206,9],[212,0,212,8],[213,0,213,9],[173,0,173,9],[174,0,174,7],[175,0,175,9],[182,0,182,8],[183,0,183,9],[186,0,186,8],[187,0,187,9],[190,0,190,8],[202,0,202,8],[191,0,191,9],[198,0,198,8],[199,2,199,8],[200,0,200,8],[238,0,238,8],[234,0,234,8],[235,2,235,8],[236,0,236,8],[237,0,237,8],[224,0,224,8],[225,0,225,9],[220,0,220,8],[221,0,221,9],[169,0,169,8],[170,0,170,8],[155,0,155,9],[158,0,158,8],[159,0,159,9],[166,0,166,8],[167,2,167,8],[168,0,168,8],[141,0,141,9],[142,0,142,7],[143,0,143,9],[150,0,150,8],[151,0,151,9],[154,0,154,8],[128,0,128,9],[135,0,135,8],[136,2,136,8],[137,0,137,8],[138,0,138,8],[139,0,139,8],[112,0,112,9],[119,0,119,8],[120,0,120,9],[123,0,123,8],[124,0,124,9],[127,0,127,8],[104,2,104,8],[105,0,105,8],[106,0,106,8],[107,0,107,8],[110,0,110,9],[111,0,111,7],[88,0,88,9],[91,0,91,8],[92,0,92,9],[95,0,95,8],[96,0,96,9],[103,0,103,8],[75,0,75,8],[76,0,76,8],[78,0,78,9],[79,0,79,7],[80,0,80,9],[87,0,87,8],[64,0,64,9],[67,0,67,8],[68,0,68,9],[72,0,72,8],[73,2,73,8],[74,0,74,8],[52,0,52,9],[53,0,53,7],[54,0,54,9],[59,0,59,8],[60,0,60,9],[63,0,63,8],[41,0,41,9],[46,0,46,8],[47,2,47,8],[48,0,48,8],[49,0,49,8],[50,0,50,8],[26,0,26,9],[31,0,31,8],[32,0,32,9],[35,0,35,8],[36,0,36,9],[40,0,40,8],[19,2,19,8],[20,0,20,8],[21,0,21,8],[22,0,22,8],[24,0,24,9],[25,0,25,7],[6,0,6,9],[10,0,10,8],[11,0,11,9],[14,0,14,8],[15,0,15,9],[18,0,18,8],[0,0,0,9],[1,0,1,1],[1,2,1,4],[1,6,1,7],[2,0,2,9],[5,0,5,8]]}
[" COMPOSIÇÃO DE PREÇO UNITÁRIO"]
["MOBILIZAÇÃO E DESMOBILIZAÇÃO",null,"REGIÃO:",null,null,null,"AP",null,"UNIDADE: ","R$/Tonelada/ Projeto"]
["EQUIPAMENTO"]
["DISCRIMINAÇÃO","UNIDADE","QUANT. PROD.","QUANT. IMPROD.","COD.",null,"FONTE","P.UNIT. PROD","P.UNIT. IMPR","P.TOTAL"]
[{"$nulls":9},{"$f":"C5*E5*H5+C5*G5*I5","v":0}]
["SUB-TOTAL",{"$nulls":8},{"$f":"SUM(J5:J5)","v":0}]
["MATERIAL"]
["DISCRIMINAÇÃO","UNIDADE","QUANT.",null,"COD.",null,"FONTE",null,"P.UNIT.","P.TOTAL"]
[{"$nulls":9},"Toneladas/ Projeto"]
[{"$nulls":9},{"$f":"C10*I10","v":0}]
["SUB-TOTAL",{"$nulls":8},{"$f":"SUM(J9:J10)","v":0}]
["SERVIÇOS - COMPOSIÇÕES AUXILIARES"]
["DISCRIMINAÇÃO","UNIDADE","QUANT.",null,"COD.",null,"FONTE",null,"P.UNIT.","P.TOTAL"]
["TRANSPORTE COM CAVALO MECÂNICO COM SEMIRREBOQUE COM CAPACIDADE DE 30 T - RODOVIA PAVIMENTADA","t*km",{"$f":"'CPU (DF)'!C14","v":1},null,5914640,null,"SICRO AP 01/2023",null,{"$f":"VLOOKUP(E14,[5]Sheet1!$A:$D,4,FALSE)","v":0.61},{"$f":"C14*I14","v":0.61}]
["SUB-TOTAL",{"$nulls":8},{"$f":"SUM(J14:J14)","v":0.61}]
["MÃO DE OBRA"]
["DISCRIMINAÇÃO","UNIDADE","QUANT.",{"$nulls":5},"P.UNIT.","P.TOTAL"]
[{"$nulls":9},{"$f":"C18*I18","v":0}]
["SUB-TOTAL",{"$nulls":8},{"$f":"SUM(J18:J18)","v":0}]
["PRODUÇÃO DA EQUIPE (MOB E DESMOB) EM km",{"$f":"VLOOKUP(G2,DMT!D:E,2)*2","v":500},"CUSTO ",{"$nulls":6},{"$f":"J19+J15+J11+J6","v":0.61}]
["TOTAL",{"$nulls":8},{"$f":"J20*B20","v":305}]
["BDI                %",{"$nulls":8},24.1]
["TOTAL DO SERVIÇO - R$",{"$nulls":8},{"$f":"J21*(1+J22/100)","v":378.50500000000005}]
[]
[" COMPOSIÇÃO DE PREÇO UNITÁRIO"]
["LOCAÇÃO E CONSTRUÇÃO DE TERRAÇOS - INCLUSIVE SOLOS DUROS E SECOS",{"$nulls":7},"UNIDADE: ","km"]
["EQUIPAMENTO"]
["DISCRIMINAÇÃO","UNIDADE","QUANT. PROD.","QUANT. IMPROD.","COD. P","COD. I","FONTE","CHP","CHI","P.TOTAL"]
["TRATOR DE ESTEIRAS, POTÊNCIA 125 HP, PESO OPERACIONAL 12,9 T, COM LÂMINA 2,7 M3","H",{"$f":"'CPU (DF)'!C29","v":7.0588235294117654},{"$f":"'CPU (DF)'!D29","v":2.3529411764705883},5851,5853,"SINAPI AP 06/223",{"$f":"VLOOKUP(E29,[6]planilhanull!$G$7:$K$7520,5,FALSE)","v":209.15},{"$f":"VLOOKUP(F29,[6]planilhanull!$G$7:$K$7520,5,FALSE)","v":62.16},{"$f":"C29*H29+D29*I29","v":1622.6117647058825}]
["VEÍCULO DE PASSEIO PARA DESLOCAMENTO DA EQUIPE","H",{"$f":"'CPU (DF)'!C30","v":0.93749999999999989},{"$f":"'CPU (DF)'!D30","v":1.5624999999999998},"E9093","E9093","SICRO AP 01/2023",{"$f":"VLOOKUP(E30,[7]Sheet1!$A:$K,10,FALSE)","v":32.657200000000003},{"$f":"VLOOKUP(F30,[7]Sheet1!$A:$K,11,FALSE)","v":6.4775},{"$f":"C30*H30+D30*I30","v":40.737218749999997}]
["CAMINHONETE CABINE SIMPLES COM MOTOR 1.6 FLEX, CÂMBIO MANUAL, POTÊNCIA 101/104 CV, 2 PORTAS","H",{"$f":"'CPU (DF)'!C31","v":0.5625},{"$f":"'CPU (DF)'!D31","v":0.93749999999999989},92145,92146,"SINAPI AP 06/223",{"$f":"VLOOKUP(E31,[6]planilhanull!$G$7:$K$7520,5,FALSE)","v":64.36},{"$f":"VLOOKUP(F31,[6]planilhanull!$G$7:$K$7520,5,FALSE)","v":24.55},{"$f":"C31*H31+D31*I31","v":59.218125000000001}]
["SUB-TOTAL",{"$nulls":8},{"$f":"SUM(J29:J31)","v":1722.5671084558826}]
["MATERIAL"]
["DISCRIMINAÇÃO","UNIDADE","QUANT.",null,"COD.",null,"FONTE",null,"P.UNIT.","P.TOTAL"]
[]
["SUB-TOTAL",{"$nulls":8},{"$f":"SUM(J35:J35)","v":0}]
["SERVIÇOS - COMPOSIÇÕES AUXILIARES"]
["DISCRIMINAÇÃO","UNIDADE","QUANT.",null,"COD.",null,"FONTE",null,"P.UNIT.","P.TOTAL"]
["LOCAÇÃO E NIVELAMENTO DE TERRAÇOS COM TOPOGRAFIA","KM",{"$f":"'CPU (DF)'!C39","v":1},null,"COMPOSIÇÃO",null,null,null,{"$f":"J75","v":128.30000000000001},{"$f":"C39*I39","v":128.30000000000001}]
["REVESTIMENTO VEGETAL POR SEMEADURA A LANÇO MANUAL DE GRAMÍNEAS E LEGUMINOSAS","m²",{"$f":"'CPU (DF)'!C40","v":1000},null,4413993,null,"SICRO AP 01/2023",null,{"$f":"VLOOKUP(E40,[5]Sheet1!$A:$D,4,FALSE)","v":0.65},{"$f":"C40*I40","v":650}]
["SUB-TOTAL",{"$nulls":8},{"$f":"SUM(J39:J40)","v":778.3}]
["MÃO DE OBRA"]
["DISCRIMINAÇÃO","UNIDADE","QUANT.",null,"COD. P","COD. I","FONTE",null,"P.UNIT.","P.TOTAL"]
["ENGENHEIRO COM ENCARGO","MES",{"$f":"'CPU (DF)'!C44","v":5.681818181818182E-3},null,93565,null,"SINAPI AP 06/223",null,{"$f":"VLOOKUP(E44,[6]planilhanull!$G$7:$K$7520,5,FALSE)","v":19584.39},{"$f":"C44*I44","v":111.27494318181819}]
["SERVENTE COM ENCARGOS COMPLEMENTARES - INLUSIVE ABERTURA E FECHAMENTO DE CERCAS","MES",{"$f":"'CPU (DF)'!C45","v":5.3475935828877004E-2},null,101452,null,"SINAPI AP 06/223",null,{"$f":"VLOOKUP(E45,[6]planilhanull!$G$7:$K$7520,5,FALSE)","v":3036.88},{"$f":"C45*I45","v":162.4}]
["ENCARREGADO COM ENCARGO","MES",{"$f":"'CPU (DF)'!C46","v":1.7045454545454544E-2},null,93572,null,"SINAPI AP 06/223",null,{"$f":"VLOOKUP(E46,[6]planilhanull!$G$7:$K$7520,5,FALSE)","v":4411.66},{"$f":"C46*I46","v":75.19874999999999}]
["SUB-TOTAL",{"$nulls":8},{"$f":"SUM(J44:J46)","v":348.87369318181823}]
["PRODUÇÃO DA EQUIPE MÊS 22 KM, MAS COM FATOR DE REDUÇÃO PARA PÉRIODOS COM CHUVAS ",{"$f":"'CPU (DF)'!B48","v":18.7},"CUSTO ",{"$nulls":6},{"$f":"J47+J41+J36+J32","v":2849.7408016377008}]
["TOTAL",{"$nulls":8},{"$f":"ROUND(J48,2)","v":2849.74}]
["BDI                %",{"$nulls":8},24.1]
["TOTAL DO SERVIÇO - R$",{"$nulls":8},{"$f":"ROUND(J49*(1+J50/100),2)","v":3536.53}]
[]
[" COMPOSIÇÃO DE PREÇO UNITÁRIO"]
["LOCAÇÃO E NIVELAMENTO DE TERRAÇOS COM TOPOGRAFIA",{"$nulls":7},"UNIDADE: ","km"]
["EQUIPAMENTO"]
["DISCRIMINAÇÃO","UNIDADE","QUANT. PROD.","QUANT. IMPROD.","COD. P","COD. I","FONTE","CHP/ P.UNIT.","CHI","P.TOTAL"]
["NIVEL OPTICO, COM PRECISAO DE 0,7 MM, AUMENTO DE 32X","H",{"$f":"'CPU (DF)'!C57","v":0.99609374999999989},null,7252,null,"SINAPI AP 06/223",{"$f":"VLOOKUP(E57,[8]sheet1!$A$1:$E$65536,5,FALSE)","v":2.25},null,{"$f":"C57*H57+D57*I57","v":2.2412109374999996}]
["TEODOLITO ELETRONICO, PRECISAO ANGULAR DE 5 A 7 SEGUNDOS, INCLUINDO TRIPE","H",{"$f":"'CPU (DF)'!C58","v":0.99609374999999989},null,7247,null,"SINAPI AP 06/223",{"$f":"VLOOKUP(E58,[8]sheet1!$A$1:$E$65536,5,FALSE)","v":2.25},null,{"$f":"C58*H58+D58*I58","v":2.2412109374999996}]
["CAMINHONETE CABINE SIMPLES COM MOTOR 1.6 FLEX, CÂMBIO MANUAL, POTÊNCIA 101/104 CV, 2 PORTAS","H",{"$f":"'CPU (DF)'!C59","v":0.37353515624999994},{"$f":"'CPU (DF)'!D59","v":0.62255859375},92145,92146,"SINAPI AP 06/223",{"$f":"H31","v":64.36},{"$f":"I31","v":24.55},{"$f":"C59*H59+D59*I59","v":39.324536132812497}]
["SUB-TOTAL",{"$nulls":8},{"$f":"SUM(J57:J59)","v":43.806958007812497}]
["MATERIAL"]
["DISCRIMINAÇÃO","UNIDADE","QUANT.",null,"COD.",null,null,null,"P.UNIT.","P.TOTAL"]
["ESTACA/PIQUETE DE MADEIRA","U",{"$f":"'CPU (DF)'!C63","v":83.333333333333329},null,4408,null,"SINAPI AP 06/223",null,{"$f":"VLOOKUP(E63,[8]sheet1!$A$1:$E$65536,5,FALSE)*0.4","v":0.57999999999999996},{"$f":"C63*I63","v":48.333333333333329}]
["SUB-TOTAL",{"$nulls":8},{"$f":"SUM(J63:J63)","v":48.333333333333329}]
["SERVIÇOS - COMPOSIÇÕES AUXILIARES"]
["DISCRIMINAÇÃO","UNIDADE","QUANT.",{"$nulls":5},"P.UNIT.","P.TOTAL"]
[]
["SUB-TOTAL"]
["MÃO DE OBRA"]
["DISCRIMINAÇÃO","UNIDADE","QUANT.",null,"COD. P","COD. I",null,null,"P.UNIT.","P.TOTAL"]
["AUXILIAR DE TOPOGRÁFO COM ENCARGOS","MÊS",{"$f":"'CPU (DF)'!C71","v":5.6596235795454541E-3},null,101389,null,"SINAPI AP 06/223",null,{"$f":"VLOOKUP(E71,[6]planilhanull!$G$7:$K$7520,5,FALSE)","v":2118.62},{"$f":"C71*I71","v":11.99059170809659}]
["TOPOGRAFO COM ENCARGOS","MÊS",{"$f":"'CPU (DF)'!C72","v":5.6596235795454541E-3},null,94296,null,"SINAPI AP 06/223",null,{"$f":"VLOOKUP(E72,[6]planilhanull!$G$7:$K$7520,5,FALSE)","v":4270.96},{"$f":"C72*I72","v":24.172025923295454}]
["SUB-TOTAL",{"$nulls":8},{"$f":"SUM(J71:J72)","v":36.162617631392045}]
["PRODUÇÃO MENSAL DA EQUIPE",{"$f":"'CPU (DF)'!B74","v":46.93333333333333},"CUSTO ",{"$nulls":6},{"$f":"J73+J68+J64+J60","v":128.30290897253786}]
["TOTAL",{"$nulls":8},{"$f":"ROUND(J74,2)","v":128.30000000000001}]
["BDI                %",{"$nulls":8},24.1]
["TOTAL DO SERVIÇO - R$",{"$nulls":8},{"$f":"ROUND(J75*(1+J76/100),2)","v":159.22}]
[]
[" COMPOSIÇÃO DE PREÇO UNITÁRIO"]
["LOCAÇÃO E CONSTRUÇÃO DE BACIAS DE CAPTAÇÃO DE ENXURRADA (4 METROS DE RAIO)",{"$nulls":7},"UNIDADE: ","UNID."]
["EQUIPAMENTO"]
["DISCRIMINAÇÃO","UNIDADE","QUANT. PROD.","QUANT. IMPROD.","COD. P","COD. I","FONTE","CHP/ P.UNIT.","CHI","P.TOTAL"]
["NIVEL OPTICO, COM PRECISAO DE 0,7 MM, AUMENTO DE 32X","H",{"$f":"'CPU (DF)'!C83","v":0.59999999999999987},null,7252,null,"SINAPI AP 06/223",{"$f":"$H$57","v":2.25},null,{"$f":"C83*H83+D83*I83","v":1.3499999999999996}]
["TEODOLITO ELETRONICO, PRECISAO ANGULAR DE 5 A 7 SEGUNDOS, INCLUINDO TRIPE","H",{"$f":"'CPU (DF)'!C84","v":0.59999999999999987},null,7247,null,"SINAPI AP 06/223",{"$f":"$H$58","v":2.25},null,{"$f":"C84*H84+D84*I84","v":1.3499999999999996}]
["PÁ CARREGADEIRA SOBRE RODAS, POTÊNCIA LÍQUIDA 128 HP, CAPACIDADE DA CAÇAMBA 1,7 A 2,8 M³","H",{"$f":"'CPU (DF)'!C85","v":0.77795298165137616},{"$f":"'CPU (DF)'!D85","v":0.25931766055045874},5940,5942,"SINAPI AP 06/223",{"$f":"VLOOKUP(E85,[6]planilhanull!$G$7:$K$7520,5,FALSE)","v":163.13999999999999},{"$f":"VLOOKUP(F85,[6]planilhanull!$G$7:$K$7520,5,FALSE)","v":60.15},{"$f":"C85*H85+D85*I85","v":142.51320670871559}]
["VEÍCULO DE PASSEIO PARA DESLOCAMENTO DA EQUIPE","H",{"$f":"'CPU (DF)'!C86","v":0.23437500000000003},{"$f":"'CPU (DF)'!D86","v":0.39062500000000006},"E9093",null,"SICRO AP 01/2023",{"$f":"$H$30","v":32.657200000000003},{"$f":"$I$30","v":6.4775},{"$f":"C86*H86+D86*I86","v":10.184304687500003}]
["CAMINHONETE CABINE SIMPLES COM MOTOR 1.6 FLEX, CÂMBIO MANUAL, POTÊNCIA 101/104 CV, 2 PORTAS","H",{"$f":"'CPU (DF)'!C87","v":0.60937499999999989},{"$f":"'CPU (DF)'!D87","v":0.36562499999999998},92145,92146,"SINAPI AP 06/223",{"$f":"$H$31","v":64.36},{"$f":"$I$31","v":24.55},{"$f":"C87*H87+D87*I87","v":48.195468749999989}]
["SUB-TOTAL",{"$nulls":8},{"$f":"SUM(J83:J87)","v":203.59298014621555}]
["MATERIAL"]
["DISCRIMINAÇÃO","UNIDADE","QUANT.",null,"COD.",null,null,null,"P.UNIT.","P.TOTAL"]
["ESTACA/PIQUETE DE MADEIRA","U",{"$f":"'CPU (DF)'!C91","v":12},null,4408,null,"SINAPI AP 06/223",null,{"$f":"$I$63","v":0.57999999999999996},{"$f":"C91*I91","v":6.9599999999999991}]
["SUB-TOTAL",{"$nulls":8},{"$f":"SUM(J91:J91)","v":6.9599999999999991}]
["SERVIÇOS - COMPOSIÇÕES AUXILIARES"]
["DISCRIMINAÇÃO","UNIDADE","QUANT.",{"$nulls":5},"P.UNIT.","P.TOTAL"]
["REVESTIMENTO VEGETAL POR SEMEADURA A LANÇO MANUAL DE GRAMÍNEAS E LEGUMINOSAS","m²",{"$f":"'CPU (DF)'!C95","v":50.26548245743669},null,4413993,null,"SICRO AP 01/2023",null,{"$f":"VLOOKUP(E95,[5]Sheet1!$A:$D,4,FALSE)","v":0.65},{"$f":"C95*I95","v":32.672563597333848}]
["SUB-TOTAL",{"$nulls":8},{"$f":"SUM(J95:J95)","v":32.672563597333848}]
["MÃO DE OBRA"]
["DISCRIMINAÇÃO","UNIDADE","QUANT.",null,"COD. P","COD. I",null,null,"P.UNIT.","P.TOTAL"]
["ENGENHEIRO COM ENCARGO","MÊS",{"$f":"'CPU (DF)'!C99","v":1.4204545454545455E-3},null,93565,null,"SINAPI AP 06/223",null,{"$f":"$I$44","v":19584.39},{"$f":"C99*I99","v":27.818735795454547}]
["ENCARREGADO COM ENCARGO","MÊS",{"$f":"'CPU (DF)'!C100","v":4.2613636363636369E-3},null,93572,null,"SINAPI AP 06/223",null,{"$f":"$I$46","v":4411.66},{"$f":"C100*I100","v":18.799687500000001}]
["TOPOGRAFO COM ENCARGOS","MÊS",{"$f":"'CPU (DF)'!C101","v":3.4090909090909085E-3},null,94296,null,"SINAPI AP 06/223",null,{"$f":"$I$72","v":4270.96},{"$f":"C101*I101","v":14.560090909090906}]
["AUXILIAR DE TOPOGRÁFO COM ENCARGOS","MÊS",{"$f":"'CPU (DF)'!C102","v":3.4090909090909085E-3},null,101389,null,"SINAPI AP 06/223",null,{"$f":"$I$71","v":2118.62},{"$f":"C102*I102","v":7.2225681818181799}]
["SERVENTE COM ENCARGOS COMPLEMENTARES - INLUSIVE ABERTURA E FECHAMENTO DE CERCAS","MES",{"$f":"'CPU (DF)'!C103","v":5.893583194328607E-3},null,101452,null,"SINAPI AP 06/223",null,{"$f":"$I$45","v":3036.88},{"$f":"C103*I103","v":17.898104931192659}]
["SUB-TOTAL",{"$nulls":8},{"$f":"SUM(J99:J103)","v":86.299187317556289}]
["PRODUÇÃO MENSAL DA EQUIPE",{"$f":"'CPU (DF)'!B105","v":169.67606412382531},"CUSTO ",{"$nulls":6},{"$f":"J104+J96+J92+J88","v":329.52473106110568}]
["TOTAL",{"$nulls":8},{"$f":"ROUND(J105,2)","v":329.52}]
["BDI                %",{"$nulls":8},24.1]
["TOTAL DO SERVIÇO - R$",{"$nulls":8},{"$f":"ROUND(J106*(1+J107/100),2)","v":408.93}]
[]
[]
[" COMPOSIÇÃO DE PREÇO UNITÁRIO"]
["LOCAÇÃO E CONSTRUÇÃO DE BACIAS DE CAPTAÇÃO DE ENXURRADA (6 METROS DE RAIO)",{"$nulls":7},"UNIDADE: ","UNID."]
["EQUIPAMENTO"]
["DISCRIMINAÇÃO","UNIDADE","QUANT. PROD.","QUANT. IMPROD.","COD. P","COD. I","FONTE","CHP/ P.UNIT.","CHI","P.TOTAL"]
["NIVEL OPTICO, COM PRECISAO DE 0,7 MM, AUMENTO DE 32X","H",{"$f":"'CPU (DF)'!C115","v":0.59999999999999987},null,7252,null,"SINAPI AP 06/223",{"$f":"$H$57","v":2.25},null,{"$f":"C115*H115+D115*I115","v":1.3499999999999996}]
["TEODOLITO ELETRONICO, PRECISAO ANGULAR DE 5 A 7 SEGUNDOS, INCLUINDO TRIPE","H",{"$f":"'CPU (DF)'!C116","v":0.59999999999999987},null,7247,null,"SINAPI AP 06/223",{"$f":"$H$58","v":2.25},null,{"$f":"C116*H116+D116*I116","v":1.3499999999999996}]
["PÁ CARREGADEIRA SOBRE RODAS, POTÊNCIA LÍQUIDA 128 HP, CAPACIDADE DA CAÇAMBA 1,7 A 2,8 M³","H",{"$f":"'CPU (DF)'!C117","v":1.5361668577981655},{"$f":"'CPU (DF)'!D117","v":0.51205561926605514},5940,5942,"SINAPI AP 06/223",{"$f":"$H$85","v":163.13999999999999},{"$f":"$I$85","v":60.15},{"$f":"C117*H117+D117*I117","v":281.41040668004592}]
["VEÍCULO DE PASSEIO PARA DESLOCAMENTO DA EQUIPE","H",{"$f":"'CPU (DF)'!C118","v":0.25},{"$f":"'CPU (DF)'!D118","v":0.41666666666666669},"E9093",null,"SICRO AP 01/2023",{"$f":"$H$30","v":32.657200000000003},{"$f":"$I$30","v":6.4775},{"$f":"C118*H118+D118*I118","v":10.863258333333334}]
["CAMINHONETE CABINE SIMPLES COM MOTOR 1.6 FLEX, CÂMBIO MANUAL, POTÊNCIA 101/104 CV, 2 PORTAS","H",{"$f":"'CPU (DF)'!C119","v":0.62499999999999989},{"$f":"'CPU (DF)'!D119","v":0.375},92145,92146,"SINAPI AP 06/223",{"$f":"$H$31","v":64.36},{"$f":"$I$31","v":24.55},{"$f":"C119*H119+D119*I119","v":49.431249999999991}]
["SUB-TOTAL",{"$nulls":8},{"$f":"SUM(J115:J119)","v":344.4049150133792}]
["MATERIAL"]
["DISCRIMINAÇÃO","UNIDADE","QUANT.",null,"COD.",null,null,null,"P.UNIT.","P.TOTAL"]
["ESTACA/PIQUETE DE MADEIRA","U",{"$f":"'CPU (DF)'!C123","v":12},null,4408,null,"SINAPI AP 06/223",null,{"$f":"$I$63","v":0.57999999999999996},{"$f":"C123*I123","v":6.9599999999999991}]
["SUB-TOTAL",{"$nulls":8},{"$f":"SUM(J123:J123)","v":6.9599999999999991}]
["SERVIÇOS - COMPOSIÇÕES AUXILIARES"]
["DISCRIMINAÇÃO","UNIDADE","QUANT.",{"$nulls":5},"P.UNIT.","P.TOTAL"]
["REVESTIMENTO VEGETAL POR SEMEADURA A LANÇO MANUAL DE GRAMÍNEAS E LEGUMINOSAS","m²",{"$f":"'CPU (DF)'!C127","v":94.247779607693786},null,4413993,null,"SICRO AP 01/2023",null,{"$f":"VLOOKUP(E127,[5]Sheet1!$A:$D,4,FALSE)","v":0.65},{"$f":"C127*I127","v":61.261056745000964}]
["SUB-TOTAL",{"$nulls":8},{"$f":"SUM(J127:J127)","v":61.261056745000964}]
["MÃO DE OBRA"]
["DISCRIMINAÇÃO","UNIDADE","QUANT.",null,"COD. P","COD. I",null,null,"P.UNIT.","P.TOTAL"]
["ENGENHEIRO COM ENCARGO","MÊS",{"$f":"'CPU (DF)'!C131","v":1.5151515151515152E-3},null,93565,null,"SINAPI AP 06/223",null,{"$f":"$I$44","v":19584.39},{"$f":"C131*I131","v":29.673318181818182}]
["ENCARREGADO COM ENCARGO","MÊS",{"$f":"'CPU (DF)'!C132","v":4.5454545454545452E-3},null,93572,null,"SINAPI AP 06/223",null,{"$f":"$I$46","v":4411.66},{"$f":"C132*I132","v":20.052999999999997}]
["TOPOGRAFO COM ENCARGOS","MÊS",{"$f":"'CPU (DF)'!C133","v":3.4090909090909085E-3},null,94296,null,"SINAPI AP 06/223",null,{"$f":"$I$72","v":4270.96},{"$f":"C133*I133","v":14.560090909090906}]
["AUXILIAR DE TOPOGRÁFO COM ENCARGOS","MÊS",{"$f":"'CPU (DF)'!C134","v":3.4090909090909085E-3},null,101389,null,"SINAPI AP 06/223",null,{"$f":"$I$71","v":2118.62},{"$f":"C134*I134","v":7.2225681818181799}]
["SERVENTE COM ENCARGOS COMPLEMENTARES - INLUSIVE ABERTURA E FECHAMENTO DE CERCAS","MES",{"$f":"'CPU (DF)'!C135","v":1.1637627710592161E-2},null,101452,null,"SINAPI AP 06/223",null,{"$f":"$I$45","v":3036.88},{"$f":"C135*I135","v":35.342078841743124}]
["SUB-TOTAL",{"$nulls":8},{"$f":"SUM(J131:J135)","v":106.8510561144704}]
["PRODUÇÃO MENSAL DA EQUIPE",{"$f":"'CPU (DF)'!B137","v":85.928165504885072},"CUSTO ",{"$nulls":6},{"$f":"J136+J128+J124+J120","v":519.47702787285061}]
["TOTAL",{"$nulls":8},{"$f":"ROUND(J137,2)","v":519.48}]
["BDI                %",{"$nulls":8},24.1]
["TOTAL DO SERVIÇO - R$",{"$nulls":8},{"$f":"ROUND(J138*(1+J139/100),2)","v":644.66999999999996}]
[]
[" COMPOSIÇÃO DE PREÇO UNITÁRIO"]
["LOCAÇÃO E CONSTRUÇÃO DE BACIAS DE CAPTAÇÃO DE ENXURRADA (9 METROS DE RAIO)",{"$nulls":7},"UNIDADE: ","UNID."]
["EQUIPAMENTO"]
["DISCRIMINAÇÃO","UNIDADE","QUANT. PROD.","QUANT. IMPROD.","COD. P","COD. I","FONTE","CHP/ P.UNIT.","CHI","P.TOTAL"]
["NIVEL OPTICO, COM PRECISAO DE 0,7 MM, AUMENTO DE 32X","H",{"$f":"'CPU (DF)'!C146","v":0.65},null,7252,null,"SINAPI AP 06/223",{"$f":"$H$57","v":2.25},null,{"$f":"C146*H146+D146*I146","v":1.4625000000000001}]
["TEODOLITO ELETRONICO, PRECISAO ANGULAR DE 5 A 7 SEGUNDOS, INCLUINDO TRIPE","H",{"$f":"'CPU (DF)'!C147","v":0.65},null,7247,null,"SINAPI AP 06/223",{"$f":"$H$58","v":2.25},null,{"$f":"C147*H147+D147*I147","v":1.4625000000000001}]
["PÁ CARREGADEIRA SOBRE RODAS, POTÊNCIA LÍQUIDA 128 HP, CAPACIDADE DA CAÇAMBA 1,7 A 2,8 M³","H",{"$f":"'CPU (DF)'!C148","v":3.7389908256880737},{"$f":"'CPU (DF)'!D148","v":1.2463302752293579},5940,5942,"SINAPI AP 06/223",{"$f":"$H$85","v":163.13999999999999},{"$f":"$I$85","v":60.15},{"$f":"C148*H148+D148*I148","v":684.9457293577982}]
["VEÍCULO DE PASSEIO PARA DESLOCAMENTO DA EQUIPE","H",{"$f":"'CPU (DF)'!C149","v":0.265625},{"$f":"'CPU (DF)'!D149","v":0.44270833333333331},"E9093",null,"SICRO AP 01/2023",{"$f":"$H$30","v":32.657200000000003},{"$f":"$I$30","v":6.4775},{"$f":"C149*H149+D149*I149","v":11.542211979166668}]
["CAMINHONETE CABINE SIMPLES COM MOTOR 1.6 FLEX, CÂMBIO MANUAL, POTÊNCIA 101/104 CV, 2 PORTAS","H",{"$f":"'CPU (DF)'!C150","v":0.671875},{"$f":"'CPU (DF)'!D150","v":0.40312500000000007},92145,92146,"SINAPI AP 06/223",{"$f":"$H$31","v":64.36},{"$f":"$I$31","v":24.55},{"$f":"C150*H150+D150*I150","v":53.138593749999998}]
["SUB-TOTAL",{"$nulls":8},{"$f":"SUM(J146:J150)","v":752.55153508696492}]
["MATERIAL"]
["DISCRIMINAÇÃO","UNIDADE","QUANT.",null,"COD.",null,null,null,"P.UNIT.","P.TOTAL"]
["ESTACA/PIQUETE DE MADEIRA","U",{"$f":"'CPU (DF)'!C154","v":12},null,4408,null,"SINAPI AP 06/223",null,{"$f":"$I$63","v":0.57999999999999996},{"$f":"C154*I154","v":6.9599999999999991}]
["SUB-TOTAL",{"$nulls":8},{"$f":"SUM(J154:J154)","v":6.9599999999999991}]
["SERVIÇOS - COMPOSIÇÕES AUXILIARES"]
["DISCRIMINAÇÃO","UNIDADE","QUANT.",{"$nulls":5},"P.UNIT.","P.TOTAL"]
["REVESTIMENTO VEGETAL POR SEMEADURA A LANÇO MANUAL DE GRAMÍNEAS E LEGUMINOSAS","m²",{"$f":"'CPU (DF)'!C158","v":169.64600329384882},null,4413993,null,"SICRO AP 01/2023",null,{"$f":"VLOOKUP(E158,[5]Sheet1!$A:$D,4,FALSE)","v":0.65},{"$f":"C158*I158","v":110.26990214100174}]
["SUB-TOTAL",{"$nulls":8},{"$f":"SUM(J158:J158)","v":110.26990214100174}]
["MÃO DE OBRA"]
["DISCRIMINAÇÃO","UNIDADE","QUANT.",null,"COD. P","COD. I",null,null,"P.UNIT.","P.TOTAL"]
["ENGENHEIRO COM ENCARGO","MÊS",{"$f":"'CPU (DF)'!C162","v":1.6098484848484848E-3},null,93565,null,"SINAPI AP 06/223",null,{"$f":"$I$44","v":19584.39},{"$f":"C162*I162","v":31.527900568181817}]
["ENCARREGADO COM ENCARGO","MÊS",{"$f":"'CPU (DF)'!C163","v":4.8295454545454544E-3},null,93572,null,"SINAPI AP 06/223",null,{"$f":"$I$46","v":4411.66},{"$f":"C163*I163","v":21.306312499999997}]
["TOPOGRAFO COM ENCARGOS","MÊS",{"$f":"'CPU (DF)'!C164","v":3.6931818181818185E-3},null,94296,null,"SINAPI AP 06/223",null,{"$f":"$I$72","v":4270.96},{"$f":"C164*I164","v":15.77343181818182}]
["AUXILIAR DE TOPOGRÁFO COM ENCARGOS","MÊS",{"$f":"'CPU (DF)'!C165","v":3.6931818181818185E-3},null,101389,null,"SINAPI AP 06/223",null,{"$f":"$I$71","v":2118.62},{"$f":"C165*I165","v":7.8244488636363636}]
["SERVENTE COM ENCARGOS COMPLEMENTARES - INLUSIVE ABERTURA E FECHAMENTO DE CERCAS","MES",{"$f":"'CPU (DF)'!C166","v":2.83256880733945E-2},null,101452,null,"SINAPI AP 06/223",null,{"$f":"$I$45","v":3036.88},{"$f":"C166*I166","v":86.021715596330296}]
["SUB-TOTAL",{"$nulls":8},{"$f":"SUM(J162:J166)","v":162.45380934633027}]
["PRODUÇÃO MENSAL DA EQUIPE",{"$f":"'CPU (DF)'!B168","v":35.30364372469635},"CUSTO ",{"$nulls":6},{"$f":"J167+J159+J155+J151","v":1032.235246574297}]
["TOTAL",{"$nulls":8},{"$f":"ROUND(J168,2)","v":1032.24}]
["BDI                %",{"$nulls":8},24.1]
["TOTAL DO SERVIÇO - R$",{"$nulls":8},{"$f":"ROUND(J169*(1+J170/100),2)","v":1281.01}]
[]
[]
[" COMPOSIÇÃO DE PREÇO UNITÁRIO"]
["LOCAÇÃO E CONSTRUÇÃO DE BACIAS DE CAPTAÇÃO DE ENXURRADA (12 METROS DE RAIO)",{"$nulls":7},"UNIDADE: ","UNID."]
["EQUIPAMENTO"]
["DISCRIMINAÇÃO","UNIDADE","QUANT. PROD.","QUANT. IMPROD.","COD. P","COD. I","FONTE","CHP/ P.UNIT.","CHI","P.TOTAL"]
["NIVEL OPTICO, COM PRECISAO DE 0,7 MM, AUMENTO DE 32X","H",{"$f":"'CPU (DF)'!C178","v":0.65},null,7252,null,"SINAPI AP 06/223",{"$f":"$H$57","v":2.25},null,{"$f":"C178*H178+D178*I178","v":1.4625000000000001}]
["TEODOLITO ELETRONICO, PRECISAO ANGULAR DE 5 A 7 SEGUNDOS, INCLUINDO TRIPE","H",{"$f":"'CPU (DF)'!C179","v":0.65},null,7247,null,"SINAPI AP 06/223",{"$f":"$H$58","v":2.25},null,{"$f":"C179*H179+D179*I179","v":1.4625000000000001}]
["PÁ CARREGADEIRA SOBRE RODAS, POTÊNCIA LÍQUIDA 128 HP, CAPACIDADE DA CAÇAMBA 1,7 A 2,8 M³","H",{"$f":"'CPU (DF)'!C180","v":6},{"$f":"'CPU (DF)'!D180","v":2},5940,5942,"SINAPI AP 06/223",{"$f":"$H$85","v":163.13999999999999},{"$f":"$I$85","v":60.15},{"$f":"C180*H180+D180*I180","v":1099.1399999999999}]
["VEÍCULO DE PASSEIO PARA DESLOCAMENTO DA EQUIPE","H",{"$f":"'CPU (DF)'!C181","v":0.28125},{"$f":"'CPU (DF)'!D181","v":0.46874999999999994},"E9093",null,"SICRO AP 01/2023",{"$f":"$H$30","v":32.657200000000003},{"$f":"$I$30","v":6.4775},{"$f":"C181*H181+D181*I181","v":12.221165625000001}]
["CAMINHONETE CABINE SIMPLES COM MOTOR 1.6 FLEX, CÂMBIO MANUAL, POTÊNCIA 101/104 CV, 2 PORTAS","H",{"$f":"'CPU (DF)'!C182","v":0.6875},{"$f":"'CPU (DF)'!D182","v":0.41250000000000009},92145,92146,"SINAPI AP 06/223",{"$f":"$H$31","v":64.36},{"$f":"$I$31","v":24.55},{"$f":"C182*H182+D182*I182","v":54.374375000000001}]
["SUB-TOTAL",{"$nulls":8},{"$f":"SUM(J178:J182)","v":1168.6605406249998}]
["MATERIAL"]
["DISCRIMINAÇÃO","UNIDADE","QUANT.",null,"COD.",null,null,null,"P.UNIT.","P.TOTAL"]
["ESTACA/PIQUETE DE MADEIRA","U",{"$f":"'CPU (DF)'!C186","v":16},null,4408,null,"SINAPI AP 06/223",null,{"$f":"$I$63","v":0.57999999999999996},{"$f":"C186*I186","v":9.2799999999999994}]
["SUB-TOTAL",{"$nulls":8},{"$f":"SUM(J186:J186)","v":9.2799999999999994}]
["SERVIÇOS - COMPOSIÇÕES AUXILIARES"]
["DISCRIMINAÇÃO","UNIDADE","QUANT.",{"$nulls":5},"P.UNIT.","P.TOTAL"]
["REVESTIMENTO VEGETAL POR SEMEADURA A LANÇO MANUAL DE GRAMÍNEAS E LEGUMINOSAS","m²",{"$f":"'CPU (DF)'!C190","v":263.89378290154264},null,4413993,null,"SICRO AP 01/2023",null,{"$f":"VLOOKUP(E190,[5]Sheet1!$A:$D,4,FALSE)","v":0.65},{"$f":"C190*I190","v":171.53095888600271}]
["SUB-TOTAL",{"$nulls":8},{"$f":"SUM(J190:J190)","v":171.53095888600271}]
["MÃO DE OBRA"]
["DISCRIMINAÇÃO","UNIDADE","QUANT.",null,"COD. P","COD. I",null,null,"P.UNIT.","P.TOTAL"]
["ENGENHEIRO COM ENCARGO","MES",{"$f":"'CPU (DF)'!C194","v":1.7045454545454545E-3},null,93565,null,"SINAPI AP 06/223",null,{"$f":"$I$44","v":19584.39},{"$f":"C194*I194","v":33.382482954545452}]
["ENCARREGADO COM ENCARGO","MES",{"$f":"'CPU (DF)'!C195","v":5.1136363636363636E-3},null,93572,null,"SINAPI AP 06/223",null,{"$f":"$I$46","v":4411.66},{"$f":"C195*I195","v":22.559625}]
["TOPOGRAFO COM ENCARGOS","MÊS",{"$f":"'CPU (DF)'!C196","v":3.6931818181818181E-3},null,94296,null,"SINAPI AP 06/223",null,{"$f":"$I$72","v":4270.96},{"$f":"C196*I196","v":15.773431818181818}]
["AUXILIAR DE TOPOGRÁFO COM ENCARGOS","MÊS",{"$f":"'CPU (DF)'!C197","v":3.6931818181818181E-3},null,101389,null,"SINAPI AP 06/223",null,{"$f":"$I$71","v":2118.62},{"$f":"C197*I197","v":7.8244488636363627}]
["SERVENTE COM ENCARGOS COMPLEMENTARES - INLUSIVE ABERTURA E FECHAMENTO DE CERCAS","MES",{"$f":"'CPU (DF)'!C198","v":4.5454545454545456E-2},null,101452,null,"SINAPI AP 06/223",null,{"$f":"$I$45","v":3036.88},{"$f":"C198*I198","v":138.04000000000002}]
["SUB-TOTAL",{"$nulls":8},{"$f":"SUM(J194:J198)","v":217.57998863636365}]
["PRODUÇÃO DA EQUIPE ",{"$f":"'CPU (DF)'!B200","v":22},"CUSTO ",{"$nulls":6},{"$f":"J199+J191+J187+J183","v":1567.0514881473662}]
["TOTAL",{"$nulls":8},{"$f":"ROUND(J200,2)","v":1567.05}]
["BDI                %",{"$nulls":8},24.1]
["TOTAL DO SERVIÇO - R$",{"$nulls":8},{"$f":"ROUND(J201*(1+J202/100),2)","v":1944.71}]
[]
[" COMPOSIÇÃO DE PREÇO UNITÁRIO"]
["CERCAMENTO DE ÁREAS AMBIENTALMENTE VULNERÁVEIS À CAPRINOVINOCULTURA",{"$nulls":7},"UNIDADE: ","m"]
["EQUIPAMENTO"]
["DISCRIMINAÇÃO","UNIDADE","QUANT. PROD.","QUANT. IMPROD.","COD. P","COD. I","FONTE",null,"P.UNIT.","P.TOTAL"]
["NIVEL OPTICO, COM PRECISAO DE 0,7 MM, AUMENTO DE 32X","h",{"$f":"'CPU (DF)'!C209","v":5.000000000000001E-2},null,7252,null,"SINAPI AP 06/223",{"$f":"H178","v":2.25},null,{"$f":"C209*H209+D209*I209","v":0.11250000000000002}]
["TEODOLITO ELETRONICO, PRECISAO ANGULAR DE 5 A 7 SEGUNDOS, INCLUINDO TRIPE","h",{"$f":"'CPU (DF)'!C210","v":5.000000000000001E-2},null,7247,null,"SINAPI AP 06/223",{"$f":"H179","v":2.25},null,{"$f":"C210*H210+D210*I210","v":0.11250000000000002}]
["VEÍCULO DE PASSEIO PARA DESLOCAMENTO DA EQUIPE","h",{"$f":"'CPU (DF)'!C211","v":1.8382352941176468E-2},{"$f":"'CPU (DF)'!D211","v":3.063725490196078E-2},"E9093","E9093","SICRO AP 01/2023",{"$f":"H30","v":32.657200000000003},{"$f":"I30","v":6.4775},{"$f":"C211*H211+D211*I211","v":0.79876899509803923}]
["CAMINHONETE CABINE SIMPLES COM MOTOR 1.6 FLEX, CÂMBIO MANUAL, POTÊNCIA 101/104 CV, 2 PORTAS","h",{"$f":"'CPU (DF)'!C212","v":2.9779411764705884E-2},{"$f":"'CPU (DF)'!D212","v":4.9632352941176468E-2},92145,92146,"SINAPI AP 06/223",{"$f":"H31","v":64.36},{"$f":"I31","v":24.55},{"$f":"C212*H212+D212*I212","v":3.1350772058823528}]
["SUB-TOTAL",{"$nulls":8},{"$f":"SUM(J209:J212)","v":4.1588462009803919}]
["MATERIAL"]
["DISCRIMINAÇÃO","UNIDADE","QUANT.",null,"COD. P","COD. I","FONTE",null,"P.UNIT.","P.TOTAL"]
["MOURAO ROLICO DE MADEIRA TRATADA, D = 16 A 20 CM, H = 3,0 M, EM EUCALIPTO OU EQUIVALENTE DA REGIAO (PARA CERCA)","m",{"$f":"'CPU (DF)'!C216","v":0.12},null,4491,null,"SINAPI AP 06/223",null,{"$f":"I252","v":27.44},{"$f":"ROUND((I216*C216),2)","v":3.29}]
["MOURAO ROLICO DE MADEIRA TRATADA, D  ≥ 10 CM, H = 2,20 M, EM EUCALIPTO OU EQUIVALENTE DA REGIAO (PARA CERCA)","m",{"$f":"'CPU (DF)'!C217","v":0.52},null,21138,null,"SINAPI AP 06/223",null,{"$f":"I253","v":8.6999999999999993},{"$f":"ROUND((I217*C217),2)","v":4.5199999999999996}]
["ARAME FARPADO GALVANIZADO, 16 BWG (1,65 MM), CLASSE 250","m",{"$f":"'CPU (DF)'!C218","v":8},null,340,null,"SINAPI AP 06/223",null,{"$f":"I254","v":1.4},{"$f":"ROUND((I218*C218),2)","v":11.2}]
["GRAMPO DE ACO POLIDO 1 \" X 9","kg",{"$f":"'CPU (DF)'!C219","v":0.04},null,5076,null,"SINAPI AP 06/223",null,{"$f":"I255","v":19.7},{"$f":"ROUND((I219*C219),2)","v":0.79}]
["ESTACA/PIQUETE DE MADEIRA","U",{"$f":"'CPU (DF)'!C220","v":0.05},null,4408,null,"SINAPI AP 06/223",null,{"$f":"I63","v":0.57999999999999996},{"$f":"C220*I220","v":2.8999999999999998E-2}]
["SUB-TOTAL",{"$nulls":8},{"$f":"SUM(J216:J220)","v":19.828999999999997}]
["SERVIÇOS - COMPOSIÇÕES AUXILIARES"]
["DISCRIMINAÇÃO","UNIDADE","QUANT.",null,"COD.",null,"FONTE",null,"P.UNIT.","P.TOTAL"]
[]
["SUB-TOTAL",{"$nulls":8},{"$f":"J224","v":0}]
["MÃO DE OBRA"]
["DISCRIMINAÇÃO","UNIDADE","QUANT.",null,"COD. P","COD. I","FONTE",null,"P.UNIT.","P.TOTAL"]
["ENGENHEIRO COM ENCARGO","mês",{"$f":"'CPU (DF)'!C228","v":1.1140819964349375E-4},null,93565,null,"SINAPI AP 06/223",null,{"$f":"I194","v":19584.39},{"$f":"C228*I228","v":2.1818616310160426}]
["ENCARREGADO COM ENCARGO","mês",{"$f":"'CPU (DF)'!C229","v":3.3422459893048126E-4},null,93572,null,"SINAPI AP 06/223",null,{"$f":"I195","v":4411.66},{"$f":"C229*I229","v":1.4744852941176469}]
["TOPOGRAFO COM ENCARGOS","mês",{"$f":"'CPU (DF)'!C230","v":2.8409090909090913E-4},null,94296,null,"SINAPI AP 06/223",null,{"$f":"I196","v":4270.96},{"$f":"C230*I230","v":1.2133409090909093}]
["AUXILIAR DE TOPOGRÁFO COM ENCARGOS","mês",{"$f":"'CPU (DF)'!C231","v":2.8409090909090913E-4},null,101389,null,"SINAPI AP 06/223",null,{"$f":"I197","v":2118.62},{"$f":"C231*I231","v":0.60188068181818188}]
["SERVENTE COM ENCARGOS COMPLEMENTARES - ABERTURA DE PICADAS, ESCAVAÇÃO MANUAL E ASSENTAMENTO DE MOURÕES","mês",{"$f":"'CPU (DF)'!C232","v":1.0101010101010101E-3},null,101452,null,"SINAPI AP 06/223",null,{"$f":"I198","v":3036.88},{"$f":"C232*I232","v":3.0675555555555558}]
["CARPINTEIRO DE FORMAS COM ENCARGOS COMPLEMENTARES","h",{"$f":"'CPU (DF)'!C233","v":8.8888888888888892E-2},null,88262,null,"SINAPI AP 06/223",null,{"$f":"VLOOKUP(E233,[6]planilhanull!$G$7:$K$7520,5,FALSE)","v":23.07},{"$f":"ROUND((I233*C233),2)","v":2.0499999999999998}]
["AJUDANTE DE CARPINTEIRO COM ENCARGOS COMPLEMENTARES","h",{"$f":"'CPU (DF)'!C234","v":8.8888888888888892E-2},null,88239,null,"SINAPI AP 06/223",null,{"$f":"VLOOKUP(E234,[6]planilhanull!$G$7:$K$7520,5,FALSE)","v":19.100000000000001},{"$f":"ROUND((I234*C234),2)","v":1.7}]
["SUB-TOTAL",{"$nulls":8},{"$f":"SUM(J228:J234)","v":12.289124071598337}]
["PRODUÇÃO MENSAL DA EQUIPE",{"$f":"'CPU (DF)'!B236","v":1980},"CUSTO ",{"$nulls":6},{"$f":"J235+J225+J221+J213","v":36.276970272578723}]
["TOTAL",{"$nulls":8},{"$f":"ROUND(J236,2)","v":36.28}]
["BDI                %",{"$nulls":8},24.1]
["TOTAL DO SERVIÇO - R$",{"$nulls":8},{"$f":"ROUND(J237*(1+J238/100),2)","v":45.02}]
[]
[" COMPOSIÇÃO DE PREÇO UNITÁRIO"]
["CERCAMENTO DE ÁREAS AMBIENTALMENTE VULNERÁVEIS À BOVINOCULTURA",{"$nulls":7},"UNIDADE: ","m"]
["EQUIPAMENTO"]
["DISCRIMINAÇÃO","UNIDADE","QUANT. PROD.","QUANT. IMPROD.","COD. P","COD. I","FONTE",null,"P.UNIT.","P.TOTAL"]
["NIVEL OPTICO, COM PRECISAO DE 0,7 MM, AUMENTO DE 32X","h",{"$f":"'CPU (DF)'!C245","v":5.000000000000001E-2},null,7252,null,"SINAPI AP 06/223",{"$f":"H57","v":2.25},null,{"$f":"C245*H245+D245*I245","v":0.11250000000000002}]
["TEODOLITO ELETRONICO, PRECISAO ANGULAR DE 5 A 7 SEGUNDOS, INCLUINDO TRIPE","h",{"$f":"'CPU (DF)'!C246","v":5.000000000000001E-2},null,7247,null,"SINAPI AP 06/223",{"$f":"H58","v":2.25},null,{"$f":"C246*H246+D246*I246","v":0.11250000000000002}]
["VEÍCULO DE PASSEIO PARA DESLOCAMENTO DA EQUIPE","h",{"$f":"'CPU (DF)'!C247","v":1.8382352941176468E-2},{"$f":"'CPU (DF)'!D247","v":3.063725490196078E-2},"E9093",null,"SICRO AP 01/2023",{"$f":"H30","v":32.657200000000003},{"$f":"I30","v":6.4775},{"$f":"C247*H247+D247*I247","v":0.79876899509803923}]
["CAMINHONETE CABINE SIMPLES COM MOTOR 1.6 FLEX, CÂMBIO MANUAL, POTÊNCIA 101/104 CV, 2 PORTAS","h",{"$f":"'CPU (DF)'!C248","v":2.9779411764705884E-2},{"$f":"'CPU (DF)'!D248","v":4.9632352941176468E-2},92145,92146,"SINAPI AP 06/223",{"$f":"H31","v":64.36},{"$f":"I31","v":24.55},{"$f":"C248*H248+D248*I248","v":3.1350772058823528}]
["SUB-TOTAL",{"$nulls":8},{"$f":"SUM(J245:J248)","v":4.1588462009803919}]
["MATERIAL"]
["DISCRIMINAÇÃO","UNIDADE","QUANT.",null,"COD.",null,"FONTE",null,"P.UNIT.","P.TOTAL"]
["MOURAO ROLICO DE MADEIRA TRATADA, D = 16 A 20 CM, H = 3,0 M, EM EUCALIPTO OU EQUIVALENTE DA REGIAO (PARA CERCA)","m",{"$f":"'CPU (DF)'!C252","v":6.6666666666666666E-2},null,2747,null,"SINAPI AP 06/223",null,{"$f":"VLOOKUP(E252,[8]sheet1!$A$1:$E$65536,5,FALSE)","v":27.44},{"$f":"ROUND((I252*C252),2)","v":1.83}]
["MOURAO ROLICO DE MADEIRA TRATADA, D  ≥ 10 CM, H = 2,20 M, EM EUCALIPTO OU EQUIVALENTE DA REGIAO (PARA CERCA)","m",{"$f":"'CPU (DF)'!C253","v":0.41111111111111115},null,21138,null,"SINAPI AP 06/223",null,{"$f":"VLOOKUP(E253,[8]sheet1!$A$1:$E$65536,5,FALSE)","v":8.6999999999999993},{"$f":"ROUND((I253*C253),2)","v":3.58}]
["ARAME FARPADO GALVANIZADO, 16 BWG (1,65 MM), CLASSE 250","m",{"$f":"'CPU (DF)'!C254","v":5},null,340,null,"SINAPI AP 06/223",null,{"$f":"VLOOKUP(E254,[8]sheet1!$A$1:$E$65536,5,FALSE)","v":1.4},{"$f":"ROUND((I254*C254),2)","v":7}]
["GRAMPO DE ACO POLIDO 1 \" X 9","kg",{"$f":"'CPU (DF)'!C255","v":0.03},null,5076,null,"SINAPI AP 06/223",null,{"$f":"VLOOKUP(E255,[8]sheet1!$A$1:$E$65536,5,FALSE)","v":19.7},{"$f":"ROUND((I255*C255),2)","v":0.59}]
["ESTACA/PIQUETE DE MADEIRA (0,5 m)","U",{"$f":"'CPU (DF)'!C256","v":0.05},null,4408,null,"SINAPI AP 06/223",null,{"$f":"I220","v":0.57999999999999996},{"$f":"C256*I256","v":2.8999999999999998E-2}]
["SUB-TOTAL",{"$nulls":8},{"$f":"SUM(J252:J256)","v":13.029}]
["SERVIÇOS - COMPOSIÇÕES AUXILIARES"]
["DISCRIMINAÇÃO","UNIDADE","QUANT.",null,"COD.",null,"FONTE",null,"P.UNIT.","P.TOTAL"]
[]
["SUB-TOTAL",{"$nulls":8},{"$f":"J260","v":0}]
["MÃO DE OBRA"]
["DISCRIMINAÇÃO","UNIDADE","QUANT.",null,"COD. P","COD. I","FONTE",null,"P.UNIT.","P.TOTAL"]
["ENGENHEIRO COM ENCARGO","mês",{"$f":"'CPU (DF)'!C264","v":1.1140819964349375E-4},null,93565,null,"SINAPI AP 06/223",null,{"$f":"I228","v":19584.39},{"$f":"C264*I264","v":2.1818616310160426}]
["ENCARREGADO COM ENCARGO","mês",{"$f":"'CPU (DF)'!C265","v":3.3422459893048126E-4},null,93572,null,"SINAPI AP 06/223",null,{"$f":"I229","v":4411.66},{"$f":"C265*I265","v":1.4744852941176469}]
["TOPOGRAFO COM ENCARGOS","mês",{"$f":"'CPU (DF)'!C266","v":2.8409090909090913E-4},null,94296,null,"SINAPI AP 06/223",null,4270.96,{"$f":"C266*I266","v":1.2133409090909093}]
["AUXILIAR DE TOPOGRÁFO COM ENCARGOS","mês",{"$f":"'CPU (DF)'!C267","v":2.8409090909090913E-4},null,101389,null,"SINAPI AP 06/223",null,2118.62,{"$f":"C267*I267","v":0.60188068181818188}]
["SERVENTE COM ENCARGOS COMPLEMENTARES - ABERTURA DE PICADAS, ESCAVAÇÃO MANUAL E ASSENTAMENTO DE MOURÕES","mês",{"$f":"'CPU (DF)'!C268","v":1.0822510822510823E-3},null,101452,null,"SINAPI AP 06/223",null,3036.88,{"$f":"C268*I268","v":3.2866666666666666}]
["CARPINTEIRO DE FORMAS COM ENCARGOS COMPLEMENTARES","h",{"$f":"'CPU (DF)'!C269","v":9.5238095238095247E-2},null,88262,null,"SINAPI AP 06/223",null,23.07,{"$f":"ROUND((I269*C269),2)","v":2.2000000000000002}]
["AJUDANTE DE CARPINTEIRO COM ENCARGOS COMPLEMENTARES","h",{"$f":"'CPU (DF)'!C270","v":9.5238095238095247E-2},null,88239,null,"SINAPI AP 06/223",null,19.100000000000001,{"$f":"ROUND((I270*C270),2)","v":1.82}]
["SUB-TOTAL",{"$nulls":8},{"$f":"SUM(J264:J270)","v":12.778235182709448}]
["PRODUÇÃO MENSAL DA EQUIPE",{"$f":"'CPU (DF)'!B272","v":1847.9999999999998},"CUSTO ",{"$nulls":6},{"$f":"J271+J261+J257+J249","v":29.96608138368984}]
["TOTAL",{"$nulls":8},{"$f":"ROUND(J272,2)","v":29.97}]
["BDI                %",{"$nulls":8},24.1]
["TOTAL DO SERVIÇO - R$",{"$nulls":8},{"$f":"ROUND(J273*(1+J274/100),2)","v":37.19}]
[]
[" COMPOSIÇÃO DE PREÇO UNITÁRIO"]
["PLACA DE IDENTIFICAÇÃO DE OBRA",{"$nulls":7},"UNIDADE: ","m²"]
["EQUIPAMENTO"]
["DISCRIMINAÇÃO","UNIDADE","QUANT. PROD.","QUANT. IMPROD.","CÓDIGO",null,null,null,"P.UNIT.","P.TOTAL"]
[{"$nulls":9},{"$f":"C281*I281","v":0}]
["SUB-TOTAL",{"$nulls":8},{"$f":"SUM(J281:J281)","v":0}]
["MATERIAL"]
["DISCRIMINAÇÃO","UNIDADE","QUANT.",null,"COD. P","COD. I",null,null,"P.UNIT.","P.TOTAL"]
["PONTALETE *7,5 X 7,5* CM EM PINUS, MISTA OU EQUIVALENTE DA REGIAO - BRUTA","M",{"$f":"'CPU (DF)'!C285","v":1},null,4491,null,"SINAPI AP 06/223",null,{"$f":"VLOOKUP(E285,[8]sheet1!$A$1:$E$65536,5,FALSE)","v":9.49},{"$f":"ROUND((I285*C285),2)","v":9.49}]
["SARRAFO NAO APARELHADO *2,5 X 7* CM","M",{"$f":"'CPU (DF)'!C286","v":1},null,4417,null,"SINAPI AP 06/223",null,{"$f":"VLOOKUP(E286,[8]sheet1!$A$1:$E$65536,5,FALSE)","v":4.16},{"$f":"ROUND((I286*C286),2)","v":4.16}]
["PREGO DE ACO POLIDO COM CABECA 18 X 30 (2 3/4 X 10)","KG",{"$f":"'CPU (DF)'!C287","v":1.8333333333333333E-2},null,5075,null,"SINAPI AP 06/223",null,{"$f":"VLOOKUP(E287,[8]sheet1!$A$1:$E$65536,5,FALSE)","v":19.5},{"$f":"ROUND((I287*C287),2)","v":0.36}]
["PLACA DE OBRA (PARA CONSTRUCAO CIVIL) EM CHAPA GALVANIZADA","M2",{"$f":"'CPU (DF)'!C288","v":1},null,4813,null,"SINAPI AP 06/223",null,{"$f":"VLOOKUP(E288,[8]sheet1!$A$1:$E$65536,5,FALSE)","v":250},{"$f":"ROUND((I288*C288),2)","v":250}]
["SUB-TOTAL",{"$nulls":8},{"$f":"SUM(J285:J288)","v":264.01}]
["SERVIÇOS - COMPOSIÇÕES AUXILIARES"]
["DISCRIMINAÇÃO","UNIDADE","QUANT.",null,"COD. P","COD. I",null,null,"P.UNIT.","P.TOTAL"]
["CONCRETO MAGRO TRAÇO 1:4,5:4,5 (CIMENTO/ AREIA MÉDIA/ BRITA 1) - PREPARO MECÂNICO COM BETONEIRA 400 L.","M3",{"$f":"'CPU (DF)'!C292","v":1.6666666666666666E-2},null,94962,null,"SINAPI AP 06/223",null,{"$f":"VLOOKUP(E292,[6]planilhanull!$G$7:$K$7520,5,FALSE)","v":518.64},{"$f":"ROUND((I292*C292),2)","v":8.64}]
["SUB-TOTAL",{"$nulls":8},{"$f":"J292","v":8.64}]
["MÃO DE OBRA"]
["DISCRIMINAÇÃO","UNIDADE","QUANT.",null,"COD. P","COD. I",null,null,"P.UNIT.","P.TOTAL"]
["CARPINTEIRO DE FORMAS COM ENCARGOS COMPLEMENTARES","H",{"$f":"'CPU (DF)'!C296","v":0.33333333333333331},null,88262,null,"SINAPI AP 06/223",null,{"$f":"I269","v":23.07},{"$f":"ROUND((I296*C296),2)","v":7.69}]
["AJUDANTE DE CARPINTEIRO COM ENCARGOS COMPLEMENTARES","H",{"$f":"'CPU (DF)'!C297","v":0.66666666666666663},null,88239,null,"SINAPI AP 06/223",null,{"$f":"I270","v":19.100000000000001},{"$f":"ROUND((I297*C297),2)","v":12.73}]
["SUB-TOTAL",{"$nulls":8},{"$f":"SUM(J296:J297)","v":20.420000000000002}]
["PRODUÇÃO MENSAL DA EQUIPE",{"$f":"'CPU (DF)'!B299","v":528},"CUSTO ",{"$nulls":6},{"$f":"J298+J293+J289+J282","v":293.07}]
["TOTAL",{"$nulls":8},{"$f":"ROUND(J299,2)","v":293.07}]
["BDI                %",{"$nulls":8},24.1]
["TOTAL DO SERVIÇO - R$",{"$nulls":8},{"$f":"ROUND(J300*(1+J301/100),2)","v":363.7}]

{"sheet":"CPU (BA)","index":4,"n_rows":302,"n_cols":10,"rows_kept":302,"cut":false,"hidden":false,"merged":[[301,0,301,8],[282,0,282,9],[288,0,288,8],[289,0,289,9],[292,0,292,8],[293,0,293,9],[297,0,297,8],[298,2,298,8],[299,0,299,8],[300,0,300,8],[270,0,270,8],[271,2,271,8],[272,0,272,8],[273,0,273,8],[274,0,274,8],[276,0,276,9],[277,0,277,7],[278,0,278,9],[281,0,281,8],[173,0,173,9],[174,0,174,7],[175,0,175,9],[182,0,182,8],[183,0,183,9],[186,0,186,8],[187,0,187,9],[190,0,190,8],[191,0,191,9],[198,0,198,8],[199,2,199,8],[200,0,200,8],[201,0,201,8],[204,0,204,9],[205,0,205,7],[206,0,206,9],[212,0,212,8],[213,0,213,9],[202,0,202,8],[220,0,220,8],[221,0,221,9],[234,0,234,8],[235,2,235,8],[240,0,240,9],[256,0,256,8],[257,0,257,9],[260,0,260,8],[261,0,261,9],[238,0,238,8],[241,0,241,7],[242,0,242,9],[248,0,248,8],[249,0,249,9],[236,0,236,8],[237,0,237,8],[224,0,224,8],[225,0,225,9],[0,0,0,9],[1,0,1,1],[1,2,1,4],[1,6,1,7],[2,0,2,9],[5,0,5,8],[110,0,110,9],[111,0,111,7],[112,0,112,9],[19,2,19,8],[20,0,20,8],[21,0,21,8],[22,0,22,8],[24,0,24,9],[25,0,25,7],[6,0,6,9],[10,0,10,8],[11,0,11,9],[14,0,14,8],[15,0,15,9],[18,0,18,8],[41,0,41,9],[46,0,46,8],[47,2,47,8],[48,0,48,8],[49,0,49,8],[50,0,50,8],[26,0,26,9],[31,0,31,8],[32,0,32,9],[35,0,35,8],[36,0,36,9],[40,0,40,8],[64,0,64,9],[67,0,67,8],[68,0,68,9],[72,0,72,8],[73,2,73,8],[74,0,74,8],[52,0,52,9],[53,0,53,7],[54,0,54,9],[59,0,59,8],[60,0,60,9],[63,0,63,8],[88,0,88,9],[91,0,91,8],[92,0,92,9],[95,0,95,8],[96,0,96,9],[103,0,103,8],[75,0,75,8],[76,0,76,8],[78,0,78,9],[79,0,79,7],[80,0,80,9],[87,0,87,8],[104,2,104,8],[105,0,105,8],[106,0,106,8],[107,0,107,8],[119,0,119,8],[120,0,120,9],[123,0,123,8],[124,0,124,9],[137,0,137,8],[138,0,138,8],[127,0,127,8],[128,0,128,9],[135,0,135,8],[136,2,136,8],[139,0,139,8],[141,0,141,9],[142,0,142,7],[143,0,143,9],[150,0,150,8],[151,0,151,9],[154,0,154,8],[155,0,155,9],[170,0,170,8],[158,0,158,8],[159,0,159,9],[166,0,166,8],[167,2,167,8],[168,0,168,8],[169,0,169,8]]}
[" COMPOSIÇÃO DE PREÇO UNITÁRIO"]
["MOBILIZAÇÃO E DESMOBILIZAÇÃO",null,"REGIÃO:",null,null,null,"BA",null,"UNIDADE: ","R$/Tonelada/ Projeto"]
["EQUIPAMENTO"]
["DISCRIMINAÇÃO","UNIDADE","QUANT. PROD.","QUANT. IMPROD.","COD.",null,"FONTE","P.UNIT. PROD","P.UNIT. IMPR","P.TOTAL"]
[{"$nulls":9},{"$f":"C5*E5*H5+C5*G5*I5","v":0}]
["SUB-TOTAL",{"$nulls":8},{"$f":"SUM(J5:J5)","v":0}]
["MATERIAL"]
["DISCRIMINAÇÃO","UNIDADE","QUANT.",null,"COD.",null,"FONTE",null,"P.UNIT.","P.TOTAL"]
[{"$nulls":9},"Toneladas/ Projeto"]
[{"$nulls":9},{"$f":"C10*I10","v":0}]
["SUB-TOTAL",{"$nulls":8},{"$f":"SUM(J9:J10)","v":0}]
["SERVIÇOS - COMPOSIÇÕES AUXILIARES"]
["DISCRIMINAÇÃO","UNIDADE","QUANT.",null,"COD.",null,"FONTE",null,"P.UNIT.","P.TOTAL"]
["TRANSPORTE COM CAVALO MECÂNICO COM SEMIRREBOQUE COM CAPACIDADE DE 30 T - RODOVIA PAVIMENTADA","t*km",{"$f":"'CPU (DF)'!C14","v":1},null,5914640,null,"SICRO BA 01/2023",null,{"$f":"VLOOKUP(E14,[9]Sheet1!$A:$D,4,FALSE)","v":0.56999999999999995},{"$f":"C14*I14","v":0.56999999999999995}]
["SUB-TOTAL",{"$nulls":8},{"$f":"SUM(J14:J14)","v":0.56999999999999995}]
["MÃO DE OBRA"]
["DISCRIMINAÇÃO","UNIDADE","QUANT.",{"$nulls":5},"P.UNIT.","P.TOTAL"]
[{"$nulls":9},{"$f":"C18*I18","v":0}]
["SUB-TOTAL",{"$nulls":8},{"$f":"SUM(J18:J18)","v":0}]
["PRODUÇÃO DA EQUIPE (MOB E DESMOB) EM km",{"$f":"VLOOKUP(G2,DMT!D:E,2)*2","v":700},"CUSTO ",{"$nulls":6},{"$f":"J19+J15+J11+J6","v":0.56999999999999995}]
["TOTAL",{"$nulls":8},{"$f":"J20*B20","v":398.99999999999994}]
["BDI                %",{"$nulls":8},24.1]
["TOTAL DO SERVIÇO - R$",{"$nulls":8},{"$f":"J21*(1+J22/100)","v":495.15899999999999}]
[]
[" COMPOSIÇÃO DE PREÇO UNITÁRIO"]
["LOCAÇÃO E CONSTRUÇÃO DE TERRAÇOS - INCLUSIVE SOLOS DUROS E SECOS",{"$nulls":7},"UNIDADE: ","km"]
["EQUIPAMENTO"]
["DISCRIMINAÇÃO","UNIDADE","QUANT. PROD.","QUANT. IMPROD.","COD. P","COD. I","FONTE","CHP","CHI","P.TOTAL"]
["TRATOR DE ESTEIRAS, POTÊNCIA 125 HP, PESO OPERACIONAL 12,9 T, COM LÂMINA 2,7 M3","H",{"$f":"'CPU (DF)'!C29","v":7.0588235294117654},{"$f":"'CPU (DF)'!D29","v":2.3529411764705883},5851,5853,"SINAPI BA 06/223",{"$f":"VLOOKUP(E29,[10]planilhanull!$G$7:$K$7520,5,FALSE)","v":237},{"$f":"VLOOKUP(F29,[10]planilhanull!$G$7:$K$7520,5,FALSE)","v":86.72},{"$f":"C29*H29+D29*I29","v":1876.9882352941177}]
["VEÍCULO DE PASSEIO PARA DESLOCAMENTO DA EQUIPE","H",{"$f":"'CPU (DF)'!C30","v":0.93749999999999989},{"$f":"'CPU (DF)'!D30","v":1.5624999999999998},"E9093","E9093","SICRO BA 01/2023",{"$f":"VLOOKUP(E30,[11]Sheet1!$A:$K,10,FALSE)","v":33.7059},{"$f":"VLOOKUP(F30,[11]Sheet1!$A:$K,11,FALSE)","v":6.3536999999999999},{"$f":"C30*H30+D30*I30","v":41.526937499999995}]
["CAMINHONETE CABINE SIMPLES COM MOTOR 1.6 FLEX, CÂMBIO MANUAL, POTÊNCIA 101/104 CV, 2 PORTAS","H",{"$f":"'CPU (DF)'!C31","v":0.5625},{"$f":"'CPU (DF)'!D31","v":0.93749999999999989},92145,92146,"SINAPI BA 06/223",{"$f":"VLOOKUP(E31,[10]planilhanull!$G$7:$K$7520,5,FALSE)","v":75.38},{"$f":"VLOOKUP(F31,[10]planilhanull!$G$7:$K$7520,5,FALSE)","v":34.9},{"$f":"C31*H31+D31*I31","v":75.11999999999999}]
["SUB-TOTAL",{"$nulls":8},{"$f":"SUM(J29:J31)","v":1993.6351727941176}]
["MATERIAL"]
["DISCRIMINAÇÃO","UNIDADE","QUANT.",null,"COD.",null,"FONTE",null,"P.UNIT.","P.TOTAL"]
[]
["SUB-TOTAL",{"$nulls":8},{"$f":"SUM(J35:J35)","v":0}]
["SERVIÇOS - COMPOSIÇÕES AUXILIARES"]
["DISCRIMINAÇÃO","UNIDADE","QUANT.",null,"COD.",null,"FONTE",null,"P.UNIT.","P.TOTAL"]
["LOCAÇÃO E NIVELAMENTO DE TERRAÇOS COM TOPOGRAFIA","KM",{"$f":"'CPU (DF)'!C39","v":1},null,"COMPOSIÇÃO",null,null,null,{"$f":"J75","v":191.67},{"$f":"C39*I39","v":191.67}]
["REVESTIMENTO VEGETAL POR SEMEADURA A LANÇO MANUAL DE GRAMÍNEAS E LEGUMINOSAS","m²",{"$f":"'CPU (DF)'!C40","v":1000},null,4413993,null,"SICRO BA 01/2023",null,{"$f":"VLOOKUP(E40,[9]Sheet1!$A:$D,4,FALSE)","v":0.62},{"$f":"C40*I40","v":620}]
["SUB-TOTAL",{"$nulls":8},{"$f":"SUM(J39:J40)","v":811.67}]
["MÃO DE OBRA"]
["DISCRIMINAÇÃO","UNIDADE","QUANT.",null,"COD. P","COD. I","FONTE",null,"P.UNIT.","P.TOTAL"]
["ENGENHEIRO COM ENCARGO","MES",{"$f":"'CPU (DF)'!C44","v":5.681818181818182E-3},null,93565,null,"SINAPI BA 06/223",null,{"$f":"VLOOKUP(E44,[10]planilhanull!$G$7:$K$7520,5,FALSE)","v":19799.310000000001},{"$f":"C44*I44","v":112.49607954545455}]
["SERVENTE COM ENCARGOS COMPLEMENTARES - INLUSIVE ABERTURA E FECHAMENTO DE CERCAS","MES",{"$f":"'CPU (DF)'!C45","v":5.3475935828877004E-2},null,101452,null,"SINAPI BA 06/223",null,{"$f":"VLOOKUP(E45,[10]planilhanull!$G$7:$K$7520,5,FALSE)","v":3859.29},{"$f":"C45*I45","v":206.37914438502673}]
["ENCARREGADO COM ENCARGO","MES",{"$f":"'CPU (DF)'!C46","v":1.7045454545454544E-2},null,93572,null,"SINAPI BA 06/223",null,{"$f":"VLOOKUP(E46,[10]planilhanull!$G$7:$K$7520,5,FALSE)","v":6446.14},{"$f":"C46*I46","v":109.87738636363636}]
["SUB-TOTAL",{"$nulls":8},{"$f":"SUM(J44:J46)","v":428.75261029411763}]
["PRODUÇÃO DA EQUIPE MÊS 22 KM, MAS COM FATOR DE REDUÇÃO PARA PÉRIODOS COM CHUVAS ",{"$f":"'CPU (DF)'!B48","v":18.7},"CUSTO ",{"$nulls":6},{"$f":"J47+J41+J36+J32","v":3234.0577830882348}]
["TOTAL",{"$nulls":8},{"$f":"ROUND(J48,2)","v":3234.06}]
["BDI                %",{"$nulls":8},24.1]
["TOTAL DO SERVIÇO - R$",{"$nulls":8},{"$f":"ROUND(J49*(1+J50/100),2)","v":4013.47}]
[]
[" COMPOSIÇÃO DE PREÇO UNITÁRIO"]
["LOCAÇÃO E NIVELAMENTO DE TERRAÇOS COM TOPOGRAFIA",{"$nulls":7},"UNIDADE: ","km"]
["EQUIPAMENTO"]
["DISCRIMINAÇÃO","UNIDADE","QUANT. PROD.","QUANT. IMPROD.","COD. P","COD. I","FONTE","CHP/ P.UNIT.","CHI","P.TOTAL"]
["NIVEL OPTICO, COM PRECISAO DE 0,7 MM, AUMENTO DE 32X","H",{"$f":"'CPU (DF)'!C57","v":0.99609374999999989},null,7252,null,"SINAPI BA 06/223",{"$f":"VLOOKUP(E57,[12]sheet1!$A$1:$E$65536,5,FALSE)","v":2.25},null,{"$f":"C57*H57+D57*I57","v":2.2412109374999996}]
["TEODOLITO ELETRONICO, PRECISAO ANGULAR DE 5 A 7 SEGUNDOS, INCLUINDO TRIPE","H",{"$f":"'CPU (DF)'!C58","v":0.99609374999999989},null,7247,null,"SINAPI BA 06/223",{"$f":"VLOOKUP(E58,[12]sheet1!$A$1:$E$65536,5,FALSE)","v":2.25},null,{"$f":"C58*H58+D58*I58","v":2.2412109374999996}]
["CAMINHONETE CABINE SIMPLES COM MOTOR 1.6 FLEX, CÂMBIO MANUAL, POTÊNCIA 101/104 CV, 2 PORTAS","H",{"$f":"'CPU (DF)'!C59","v":0.37353515624999994},{"$f":"'CPU (DF)'!D59","v":0.62255859375},92145,92146,"SINAPI BA 06/223",{"$f":"H31","v":75.38},{"$f":"I31","v":34.9},{"$f":"C59*H59+D59*I59","v":49.884374999999991}]
["SUB-TOTAL",{"$nulls":8},{"$f":"SUM(J57:J59)","v":54.366796874999991}]
["MATERIAL"]
["DISCRIMINAÇÃO","UNIDADE","QUANT.",null,"COD.",null,null,null,"P.UNIT.","P.TOTAL"]
["ESTACA/PIQUETE DE MADEIRA","U",{"$f":"'CPU (DF)'!C63","v":83.333333333333329},null,4408,null,"SINAPI BA 06/223",null,{"$f":"VLOOKUP(E63,[12]sheet1!$A$1:$E$65536,5,FALSE)*0.4","v":1.004},{"$f":"C63*I63","v":83.666666666666657}]
["SUB-TOTAL",{"$nulls":8},{"$f":"SUM(J63:J63)","v":83.666666666666657}]
["SERVIÇOS - COMPOSIÇÕES AUXILIARES"]
["DISCRIMINAÇÃO","UNIDADE","QUANT.",{"$nulls":5},"P.UNIT.","P.TOTAL"]
[]
["SUB-TOTAL"]
["MÃO DE OBRA"]
["DISCRIMINAÇÃO","UNIDADE","QUANT.",null,"COD. P","COD. I",null,null,"P.UNIT.","P.TOTAL"]
["AUXILIAR DE TOPOGRÁFO COM ENCARGOS","MÊS",{"$f":"'CPU (DF)'!C71","v":5.6596235795454541E-3},null,101389,null,"SINAPI BA 06/223",null,{"$f":"VLOOKUP(E71,[10]planilhanull!$G$7:$K$7520,5,FALSE)","v":3081.67},{"$f":"C71*I71","v":17.441092196377841}]
["TOPOGRAFO COM ENCARGOS","MÊS",{"$f":"'CPU (DF)'!C72","v":5.6596235795454541E-3},null,94296,null,"SINAPI BA 06/223",null,{"$f":"VLOOKUP(E72,[10]planilhanull!$G$7:$K$7520,5,FALSE)","v":6395.15},{"$f":"C72*I72","v":36.19414173473011}]
["SUB-TOTAL",{"$nulls":8},{"$f":"SUM(J71:J72)","v":53.635233931107948}]
["PRODUÇÃO MENSAL DA EQUIPE",{"$f":"'CPU (DF)'!B74","v":46.93333333333333},"CUSTO ",{"$nulls":6},{"$f":"J73+J68+J64+J60","v":191.66869747277457}]
["TOTAL",{"$nulls":8},{"$f":"ROUND(J74,2)","v":191.67}]
["BDI                %",{"$nulls":8},24.1]
["TOTAL DO SERVIÇO - R$",{"$nulls":8},{"$f":"ROUND(J75*(1+J76/100),2)","v":237.86}]
[]
[" COMPOSIÇÃO DE PREÇO UNITÁRIO"]
["LOCAÇÃO E CONSTRUÇÃO DE BACIAS DE CAPTAÇÃO DE ENXURRADA (4 METROS DE RAIO)",{"$nulls":7},"UNIDADE: ","UNID."]
["EQUIPAMENTO"]
["DISCRIMINAÇÃO","UNIDADE","QUANT. PROD.","QUANT. IMPROD.","COD. P","COD. I","FONTE","CHP/ P.UNIT.","CHI","P.TOTAL"]
["NIVEL OPTICO, COM PRECISAO DE 0,7 MM, AUMENTO DE 32X","H",{"$f":"'CPU (DF)'!C83","v":0.59999999999999987},null,7252,null,"SINAPI BA 06/223",{"$f":"$H$57","v":2.25},null,{"$f":"C83*H83+D83*I83","v":1.3499999999999996}]
["TEODOLITO ELETRONICO, PRECISAO ANGULAR DE 5 A 7 SEGUNDOS, INCLUINDO TRIPE","H",{"$f":"'CPU (DF)'!C84","v":0.59999999999999987},null,7247,null,"SINAPI BA 06/223",{"$f":"$H$58","v":2.25},null,{"$f":"C84*H84+D84*I84","v":1.3499999999999996}]
["PÁ CARREGADEIRA SOBRE RODAS, POTÊNCIA LÍQUIDA 128 HP, CAPACIDADE DA CAÇAMBA 1,7 A 2,8 M³","H",{"$f":"'CPU (DF)'!C85","v":0.77795298165137616},{"$f":"'CPU (DF)'!D85","v":0.25931766055045874},5940,5942,"SINAPI BA 06/223",{"$f":"VLOOKUP(E85,[10]planilhanull!$G$7:$K$7520,5,FALSE)","v":213.82},{"$f":"VLOOKUP(F85,[10]planilhanull!$G$7:$K$7520,5,FALSE)","v":95.23},{"$f":"C85*H85+D85*I85","v":191.03672735091743}]
["VEÍCULO DE PASSEIO PARA DESLOCAMENTO DA EQUIPE","H",{"$f":"'CPU (DF)'!C86","v":0.23437500000000003},{"$f":"'CPU (DF)'!D86","v":0.39062500000000006},"E9093",null,"SICRO BA 01/2023",{"$f":"$H$30","v":33.7059},{"$f":"$I$30","v":6.3536999999999999},{"$f":"C86*H86+D86*I86","v":10.381734375000001}]
["CAMINHONETE CABINE SIMPLES COM MOTOR 1.6 FLEX, CÂMBIO MANUAL, POTÊNCIA 101/104 CV, 2 PORTAS","H",{"$f":"'CPU (DF)'!C87","v":0.60937499999999989},{"$f":"'CPU (DF)'!D87","v":0.36562499999999998},92145,92146,"SINAPI BA 06/223",{"$f":"$H$31","v":75.38},{"$f":"$I$31","v":34.9},{"$f":"C87*H87+D87*I87","v":58.694999999999986}]
["SUB-TOTAL",{"$nulls":8},{"$f":"SUM(J83:J87)","v":262.81346172591742}]
["MATERIAL"]
["DISCRIMINAÇÃO","UNIDADE","QUANT.",null,"COD.",null,null,null,"P.UNIT.","P.TOTAL"]
["ESTACA/PIQUETE DE MADEIRA","U",{"$f":"'CPU (DF)'!C91","v":12},null,4408,null,"SINAPI BA 06/223",null,{"$f":"$I$63","v":1.004},{"$f":"C91*I91","v":12.048}]
["SUB-TOTAL",{"$nulls":8},{"$f":"SUM(J91:J91)","v":12.048}]
["SERVIÇOS - COMPOSIÇÕES AUXILIARES"]
["DISCRIMINAÇÃO","UNIDADE","QUANT.",{"$nulls":5},"P.UNIT.","P.TOTAL"]
["REVESTIMENTO VEGETAL POR SEMEADURA A LANÇO MANUAL DE GRAMÍNEAS E LEGUMINOSAS","m²",{"$f":"'CPU (DF)'!C95","v":50.26548245743669},null,4413993,null,"SICRO BA 01/2023",null,{"$f":"VLOOKUP(E95,[9]Sheet1!$A:$D,4,FALSE)","v":0.62},{"$f":"C95*I95","v":31.164599123610749}]
["SUB-TOTAL",{"$nulls":8},{"$f":"SUM(J95:J95)","v":31.164599123610749}]
["MÃO DE OBRA"]
["DISCRIMINAÇÃO","UNIDADE","QUANT.",null,"COD. P","COD. I",null,null,"P.UNIT.","P.TOTAL"]
["ENGENHEIRO COM ENCARGO","MÊS",{"$f":"'CPU (DF)'!C99","v":1.4204545454545455E-3},null,93565,null,"SINAPI BA 06/223",null,{"$f":"$I$44","v":19799.310000000001},{"$f":"C99*I99","v":28.124019886363637}]
["ENCARREGADO COM ENCARGO","MÊS",{"$f":"'CPU (DF)'!C100","v":4.2613636363636369E-3},null,93572,null,"SINAPI BA 06/223",null,{"$f":"$I$46","v":6446.14},{"$f":"C100*I100","v":27.469346590909097}]
["TOPOGRAFO COM ENCARGOS","MÊS",{"$f":"'CPU (DF)'!C101","v":3.4090909090909085E-3},null,94296,null,"SINAPI BA 06/223",null,{"$f":"$I$72","v":6395.15},{"$f":"C101*I101","v":21.801647727272723}]
["AUXILIAR DE TOPOGRÁFO COM ENCARGOS","MÊS",{"$f":"'CPU (DF)'!C102","v":3.4090909090909085E-3},null,101389,null,"SINAPI BA 06/223",null,{"$f":"$I$71","v":3081.67},{"$f":"C102*I102","v":10.505693181818181}]
["SERVENTE COM ENCARGOS COMPLEMENTARES - INLUSIVE ABERTURA E FECHAMENTO DE CERCAS","MES",{"$f":"'CPU (DF)'!C103","v":5.893583194328607E-3},null,101452,null,"SINAPI BA 06/223",null,{"$f":"$I$45","v":3859.29},{"$f":"C103*I103","v":22.74504668604045}]
["SUB-TOTAL",{"$nulls":8},{"$f":"SUM(J99:J103)","v":110.6457540724041}]
["PRODUÇÃO MENSAL DA EQUIPE",{"$f":"'CPU (DF)'!B105","v":169.67606412382531},"CUSTO ",{"$nulls":6},{"$f":"J104+J96+J92+J88","v":416.67181492193231}]
["TOTAL",{"$nulls":8},{"$f":"ROUND(J105,2)","v":416.67}]
["BDI                %",{"$nulls":8},24.1]
["TOTAL DO SERVIÇO - R$",{"$nulls":8},{"$f":"ROUND(J106*(1+J107/100),2)","v":517.09}]
[]
[]
[" COMPOSIÇÃO DE PREÇO UNITÁRIO"]
["LOCAÇÃO E CONSTRUÇÃO DE BACIAS DE CAPTAÇÃO DE ENXURRADA (6 METROS DE RAIO)",{"$nulls":7},"UNIDADE: ","UNID."]
["EQUIPAMENTO"]
["DISCRIMINAÇÃO","UNIDADE","QUANT. PROD.","QUANT. IMPROD.","COD. P","COD. I","FONTE","CHP/ P.UNIT.","CHI","P.TOTAL"]
["NIVEL OPTICO, COM PRECISAO DE 0,7 MM, AUMENTO DE 32X","H",{"$f":"'CPU (DF)'!C115","v":0.59999999999999987},null,7252,null,"SINAPI BA 06/223",{"$f":"$H$57","v":2.25},null,{"$f":"C115*H115+D115*I115","v":1.3499999999999996}]
["TEODOLITO ELETRONICO, PRECISAO ANGULAR DE 5 A 7 SEGUNDOS, INCLUINDO TRIPE","H",{"$f":"'CPU (DF)'!C116","v":0.59999999999999987},null,7247,null,"SINAPI BA 06/223",{"$f":"$H$58","v":2.25},null,{"$f":"C116*H116+D116*I116","v":1.3499999999999996}]
["PÁ CARREGADEIRA SOBRE RODAS, POTÊNCIA LÍQUIDA 128 HP, CAPACIDADE DA CAÇAMBA 1,7 A 2,8 M³","H",{"$f":"'CPU (DF)'!C117","v":1.5361668577981655},{"$f":"'CPU (DF)'!D117","v":0.51205561926605514},5940,5942,"SINAPI BA 06/223",{"$f":"$H$85","v":213.82},{"$f":"$I$85","v":95.23},{"$f":"C117*H117+D117*I117","v":377.22625415711013}]
["VEÍCULO DE PASSEIO PARA DESLOCAMENTO DA EQUIPE","H",{"$f":"'CPU (DF)'!C118","v":0.25},{"$f":"'CPU (DF)'!D118","v":0.41666666666666669},"E9093",null,"SICRO BA 01/2023",{"$f":"$H$30","v":33.7059},{"$f":"$I$30","v":6.3536999999999999},{"$f":"C118*H118+D118*I118","v":11.07385}]
["CAMINHONETE CABINE SIMPLES COM MOTOR 1.6 FLEX, CÂMBIO MANUAL, POTÊNCIA 101/104 CV, 2 PORTAS","H",{"$f":"'CPU (DF)'!C119","v":0.62499999999999989},{"$f":"'CPU (DF)'!D119","v":0.375},92145,92146,"SINAPI BA 06/223",{"$f":"$H$31","v":75.38},{"$f":"$I$31","v":34.9},{"$f":"C119*H119+D119*I119","v":60.199999999999989}]
["SUB-TOTAL",{"$nulls":8},{"$f":"SUM(J115:J119)","v":451.2001041571101}]
["MATERIAL"]
["DISCRIMINAÇÃO","UNIDADE","QUANT.",null,"COD.",null,null,null,"P.UNIT.","P.TOTAL"]
["ESTACA/PIQUETE DE MADEIRA","U",{"$f":"'CPU (DF)'!C123","v":12},null,4408,null,"SINAPI BA 06/223",null,{"$f":"$I$63","v":1.004},{"$f":"C123*I123","v":12.048}]
["SUB-TOTAL",{"$nulls":8},{"$f":"SUM(J123:J123)","v":12.048}]
["SERVIÇOS - COMPOSIÇÕES AUXILIARES"]
["DISCRIMINAÇÃO","UNIDADE","QUANT.",{"$nulls":5},"P.UNIT.","P.TOTAL"]
["REVESTIMENTO VEGETAL POR SEMEADURA A LANÇO MANUAL DE GRAMÍNEAS E LEGUMINOSAS","m²",{"$f":"'CPU (DF)'!C127","v":94.247779607693786},null,4413993,null,"SICRO BA 01/2023",null,{"$f":"VLOOKUP(E127,[9]Sheet1!$A:$D,4,FALSE)","v":0.62},{"$f":"C127*I127","v":58.433623356770148}]
["SUB-TOTAL",{"$nulls":8},{"$f":"SUM(J127:J127)","v":58.433623356770148}]
["MÃO DE OBRA"]
["DISCRIMINAÇÃO","UNIDADE","QUANT.",null,"COD. P","COD. I",null,null,"P.UNIT.","P.TOTAL"]
["ENGENHEIRO COM ENCARGO","MÊS",{"$f":"'CPU (DF)'!C131","v":1.5151515151515152E-3},null,93565,null,"SINAPI BA 06/223",null,{"$f":"$I$44","v":19799.310000000001},{"$f":"C131*I131","v":29.998954545454549}]
["ENCARREGADO COM ENCARGO","MÊS",{"$f":"'CPU (DF)'!C132","v":4.5454545454545452E-3},null,93572,null,"SINAPI BA 06/223",null,{"$f":"$I$46","v":6446.14},{"$f":"C132*I132","v":29.300636363636364}]
["TOPOGRAFO COM ENCARGOS","MÊS",{"$f":"'CPU (DF)'!C133","v":3.4090909090909085E-3},null,94296,null,"SINAPI BA 06/223",null,{"$f":"$I$72","v":6395.15},{"$f":"C133*I133","v":21.801647727272723}]
["AUXILIAR DE TOPOGRÁFO COM ENCARGOS","MÊS",{"$f":"'CPU (DF)'!C134","v":3.4090909090909085E-3},null,101389,null,"SINAPI BA 06/223",null,{"$f":"$I$71","v":3081.67},{"$f":"C134*I134","v":10.505693181818181}]
["SERVENTE COM ENCARGOS COMPLEMENTARES - INLUSIVE ABERTURA E FECHAMENTO DE CERCAS","MES",{"$f":"'CPU (DF)'!C135","v":1.1637627710592161E-2},null,101452,null,"SINAPI BA 06/223",null,{"$f":"$I$45","v":3859.29},{"$f":"C135*I135","v":44.912980247211223}]
["SUB-TOTAL",{"$nulls":8},{"$f":"SUM(J131:J135)","v":136.51991206539304}]
["PRODUÇÃO MENSAL DA EQUIPE",{"$f":"'CPU (DF)'!B137","v":85.928165504885072},"CUSTO ",{"$nulls":6},{"$f":"J136+J128+J124+J120","v":658.20163957927332}]
["TOTAL",{"$nulls":8},{"$f":"ROUND(J137,2)","v":658.2}]
["BDI                %",{"$nulls":8},24.1]
["TOTAL DO SERVIÇO - R$",{"$nulls":8},{"$f":"ROUND(J138*(1+J139/100),2)","v":816.83}]
[]
[" COMPOSIÇÃO DE PREÇO UNITÁRIO"]
["LOCAÇÃO E CONSTRUÇÃO DE BACIAS DE CAPTAÇÃO DE ENXURRADA (9 METROS DE RAIO)",{"$nulls":7},"UNIDADE: ","UNID."]
["EQUIPAMENTO"]
["DISCRIMINAÇÃO","UNIDADE","QUANT. PROD.","QUANT. IMPROD.","COD. P","COD. I","FONTE","CHP/ P.UNIT.","CHI","P.TOTAL"]
["NIVEL OPTICO, COM PRECISAO DE 0,7 MM, AUMENTO DE 32X","H",{"$f":"'CPU (DF)'!C146","v":0.65},null,7252,null,"SINAPI BA 06/223",{"$f":"$H$57","v":2.25},null,{"$f":"C146*H146+D146*I146","v":1.4625000000000001}]
["TEODOLITO ELETRONICO, PRECISAO ANGULAR DE 5 A 7 SEGUNDOS, INCLUINDO TRIPE","H",{"$f":"'CPU (DF)'!C147","v":0.65},null,7247,null,"SINAPI BA 06/223",{"$f":"$H$58","v":2.25},null,{"$f":"C147*H147+D147*I147","v":1.4625000000000001}]
["PÁ CARREGADEIRA SOBRE RODAS, POTÊNCIA LÍQUIDA 128 HP, CAPACIDADE DA CAÇAMBA 1,7 A 2,8 M³","H",{"$f":"'CPU (DF)'!C148","v":3.7389908256880737},{"$f":"'CPU (DF)'!D148","v":1.2463302752293579},5940,5942,"SINAPI BA 06/223",{"$f":"$H$85","v":213.82},{"$f":"$I$85","v":95.23},{"$f":"C148*H148+D148*I148","v":918.15905045871568}]
["VEÍCULO DE PASSEIO PARA DESLOCAMENTO DA EQUIPE","H",{"$f":"'CPU (DF)'!C149","v":0.265625},{"$f":"'CPU (DF)'!D149","v":0.44270833333333331},"E9093",null,"SICRO BA 01/2023",{"$f":"$H$30","v":33.7059},{"$f":"$I$30","v":6.3536999999999999},{"$f":"C149*H149+D149*I149","v":11.765965625}]
["CAMINHONETE CABINE SIMPLES COM MOTOR 1.6 FLEX, CÂMBIO MANUAL, POTÊNCIA 101/104 CV, 2 PORTAS","H",{"$f":"'CPU (DF)'!C150","v":0.671875},{"$f":"'CPU (DF)'!D150","v":0.40312500000000007},92145,92146,"SINAPI BA 06/223",{"$f":"$H$31","v":75.38},{"$f":"$I$31","v":34.9},{"$f":"C150*H150+D150*I150","v":64.715000000000003}]
["SUB-TOTAL",{"$nulls":8},{"$f":"SUM(J146:J150)","v":997.5650160837157}]
["MATERIAL"]
["DISCRIMINAÇÃO","UNIDADE","QUANT.",null,"COD.",null,null,null,"P.UNIT.","P.TOTAL"]
["ESTACA/PIQUETE DE MADEIRA","U",{"$f":"'CPU (DF)'!C154","v":12},null,4408,null,"SINAPI BA 06/223",null,{"$f":"$I$63","v":1.004},{"$f":"C154*I154","v":12.048}]
["SUB-TOTAL",{"$nulls":8},{"$f":"SUM(J154:J154)","v":12.048}]
["SERVIÇOS - COMPOSIÇÕES AUXILIARES"]
["DISCRIMINAÇÃO","UNIDADE","QUANT.",{"$nulls":5},"P.UNIT.","P.TOTAL"]
["REVESTIMENTO VEGETAL POR SEMEADURA A LANÇO MANUAL DE GRAMÍNEAS E LEGUMINOSAS","m²",{"$f":"'CPU (DF)'!C158","v":169.64600329384882},null,4413993,null,"SICRO BA 01/2023",null,{"$f":"VLOOKUP(E158,[9]Sheet1!$A:$D,4,FALSE)","v":0.62},{"$f":"C158*I158","v":105.18052204218627}]
["SUB-TOTAL",{"$nulls":8},{"$f":"SUM(J158:J158)","v":105.18052204218627}]
["MÃO DE OBRA"]
["DISCRIMINAÇÃO","UNIDADE","QUANT.",null,"COD. P","COD. I",null,null,"P.UNIT.","P.TOTAL"]
["ENGENHEIRO COM ENCARGO","MÊS",{"$f":"'CPU (DF)'!C162","v":1.6098484848484848E-3},null,93565,null,"SINAPI BA 06/223",null,{"$f":"$I$44","v":19799.310000000001},{"$f":"C162*I162","v":31.873889204545456}]
["ENCARREGADO COM ENCARGO","MÊS",{"$f":"'CPU (DF)'!C163","v":4.8295454545454544E-3},null,93572,null,"SINAPI BA 06/223",null,{"$f":"$I$46","v":6446.14},{"$f":"C163*I163","v":31.131926136363639}]
["TOPOGRAFO COM ENCARGOS","MÊS",{"$f":"'CPU (DF)'!C164","v":3.6931818181818185E-3},null,94296,null,"SINAPI BA 06/223",null,{"$f":"$I$72","v":6395.15},{"$f":"C164*I164","v":23.618451704545457}]
["AUXILIAR DE TOPOGRÁFO COM ENCARGOS","MÊS",{"$f":"'CPU (DF)'!C165","v":3.6931818181818185E-3},null,101389,null,"SINAPI BA 06/223",null,{"$f":"$I$71","v":3081.67},{"$f":"C165*I165","v":11.381167613636364}]
["SERVENTE COM ENCARGOS COMPLEMENTARES - INLUSIVE ABERTURA E FECHAMENTO DE CERCAS","MES",{"$f":"'CPU (DF)'!C166","v":2.83256880733945E-2},null,101452,null,"SINAPI BA 06/223",null,{"$f":"$I$45","v":3859.29},{"$f":"C166*I166","v":109.31704472477067}]
["SUB-TOTAL",{"$nulls":8},{"$f":"SUM(J162:J166)","v":207.32247938386161}]
["PRODUÇÃO MENSAL DA EQUIPE",{"$f":"'CPU (DF)'!B168","v":35.30364372469635},"CUSTO ",{"$nulls":6},{"$f":"J167+J159+J155+J151","v":1322.1160175097637}]
["TOTAL",{"$nulls":8},{"$f":"ROUND(J168,2)","v":1322.12}]
["BDI                %",{"$nulls":8},24.1]
["TOTAL DO SERVIÇO - R$",{"$nulls":8},{"$f":"ROUND(J169*(1+J170/100),2)","v":1640.75}]
[]
[]
[" COMPOSIÇÃO DE PREÇO UNITÁRIO"]
["LOCAÇÃO E CONSTRUÇÃO DE BACIAS DE CAPTAÇÃO DE ENXURRADA (12 METROS DE RAIO)",{"$nulls":7},"UNIDADE: ","UNID."]
["EQUIPAMENTO"]
["DISCRIMINAÇÃO","UNIDADE","QUANT. PROD.","QUANT. IMPROD.","COD. P","COD. I","FONTE","CHP/ P.UNIT.","CHI","P.TOTAL"]
["NIVEL OPTICO, COM PRECISAO DE 0,7 MM, AUMENTO DE 32X","H",{"$f":"'CPU (DF)'!C178","v":0.65},null,7252,null,"SINAPI BA 06/223",{"$f":"$H$57","v":2.25},null,{"$f":"C178*H178+D178*I178","v":1.4625000000000001}]
["TEODOLITO ELETRONICO, PRECISAO ANGULAR DE 5 A 7 SEGUNDOS, INCLUINDO TRIPE","H",{"$f":"'CPU (DF)'!C179","v":0.65},null,7247,null,"SINAPI BA 06/223",{"$f":"$H$58","v":2.25},null,{"$f":"C179*H179+D179*I179","v":1.4625000000000001}]
["PÁ CARREGADEIRA SOBRE RODAS, POTÊNCIA LÍQUIDA 128 HP, CAPACIDADE DA CAÇAMBA 1,7 A 2,8 M³","H",{"$f":"'CPU (DF)'!C180","v":6},{"$f":"'CPU (DF)'!D180","v":2},5940,5942,"SINAPI BA 06/223",{"$f":"$H$85","v":213.82},{"$f":"$I$85","v":95.23},{"$f":"C180*H180+D180*I180","v":1473.38}]
["VEÍCULO DE PASSEIO PARA DESLOCAMENTO DA EQUIPE","H",{"$f":"'CPU (DF)'!C181","v":0.28125},{"$f":"'CPU (DF)'!D181","v":0.46874999999999994},"E9093",null,"SICRO BA 01/2023",{"$f":"$H$30","v":33.7059},{"$f":"$I$30","v":6.3536999999999999},{"$f":"C181*H181+D181*I181","v":12.458081249999999}]
["CAMINHONETE CABINE SIMPLES COM MOTOR 1.6 FLEX, CÂMBIO MANUAL, POTÊNCIA 101/104 CV, 2 PORTAS","H",{"$f":"'CPU (DF)'!C182","v":0.6875},{"$f":"'CPU (DF)'!D182","v":0.41250000000000009},92145,92146,"SINAPI BA 06/223",{"$f":"$H$31","v":75.38},{"$f":"$I$31","v":34.9},{"$f":"C182*H182+D182*I182","v":66.22}]
["SUB-TOTAL",{"$nulls":8},{"$f":"SUM(J178:J182)","v":1554.9830812500002}]
["MATERIAL"]
["DISCRIMINAÇÃO","UNIDADE","QUANT.",null,"COD.",null,null,null,"P.UNIT.","P.TOTAL"]
["ESTACA/PIQUETE DE MADEIRA","U",{"$f":"'CPU (DF)'!C186","v":16},null,4408,null,"SINAPI BA 06/223",null,{"$f":"$I$63","v":1.004},{"$f":"C186*I186","v":16.064}]
["SUB-TOTAL",{"$nulls":8},{"$f":"SUM(J186:J186)","v":16.064}]
["SERVIÇOS - COMPOSIÇÕES AUXILIARES"]
["DISCRIMINAÇÃO","UNIDADE","QUANT.",{"$nulls":5},"P.UNIT.","P.TOTAL"]
["REVESTIMENTO VEGETAL POR SEMEADURA A LANÇO MANUAL DE GRAMÍNEAS E LEGUMINOSAS","m²",{"$f":"'CPU (DF)'!C190","v":263.89378290154264},null,4413993,null,"SICRO BA 01/2023",null,{"$f":"VLOOKUP(E190,[9]Sheet1!$A:$D,4,FALSE)","v":0.62},{"$f":"C190*I190","v":163.61414539895642}]
["SUB-TOTAL",{"$nulls":8},{"$f":"SUM(J190:J190)","v":163.61414539895642}]
["MÃO DE OBRA"]
["DISCRIMINAÇÃO","UNIDADE","QUANT.",null,"COD. P","COD. I",null,null,"P.UNIT.","P.TOTAL"]
["ENGENHEIRO COM ENCARGO","MES",{"$f":"'CPU (DF)'!C194","v":1.7045454545454545E-3},null,93565,null,"SINAPI BA 06/223",null,{"$f":"$I$44","v":19799.310000000001},{"$f":"C194*I194","v":33.748823863636368}]
["ENCARREGADO COM ENCARGO","MES",{"$f":"'CPU (DF)'!C195","v":5.1136363636363636E-3},null,93572,null,"SINAPI BA 06/223",null,{"$f":"$I$46","v":6446.14},{"$f":"C195*I195","v":32.963215909090913}]
["TOPOGRAFO COM ENCARGOS","MÊS",{"$f":"'CPU (DF)'!C196","v":3.6931818181818181E-3},null,94296,null,"SINAPI BA 06/223",null,{"$f":"$I$72","v":6395.15},{"$f":"C196*I196","v":23.618451704545453}]
["AUXILIAR DE TOPOGRÁFO COM ENCARGOS","MÊS",{"$f":"'CPU (DF)'!C197","v":3.6931818181818181E-3},null,101389,null,"SINAPI BA 06/223",null,{"$f":"$I$71","v":3081.67},{"$f":"C197*I197","v":11.381167613636364}]
["SERVENTE COM ENCARGOS COMPLEMENTARES - INLUSIVE ABERTURA E FECHAMENTO DE CERCAS","MES",{"$f":"'CPU (DF)'!C198","v":4.5454545454545456E-2},null,101452,null,"SINAPI BA 06/223",null,{"$f":"$I$45","v":3859.29},{"$f":"C198*I198","v":175.42227272727274}]
["SUB-TOTAL",{"$nulls":8},{"$f":"SUM(J194:J198)","v":277.13393181818185}]
["PRODUÇÃO DA EQUIPE ",{"$f":"'CPU (DF)'!B200","v":22},"CUSTO ",{"$nulls":6},{"$f":"J199+J191+J187+J183","v":2011.7951584671384}]
["TOTAL",{"$nulls":8},{"$f":"ROUND(J200,2)","v":2011.8}]
["BDI                %",{"$nulls":8},24.1]
["TOTAL DO SERVIÇO - R$",{"$nulls":8},{"$f":"ROUND(J201*(1+J202/100),2)","v":2496.64}]
[]
[" COMPOSIÇÃO DE PREÇO UNITÁRIO"]
["CERCAMENTO DE ÁREAS AMBIENTALMENTE VULNERÁVEIS À CAPRINOVINOCULTURA",{"$nulls":7},"UNIDADE: ","m"]
["EQUIPAMENTO"]
["DISCRIMINAÇÃO","UNIDADE","QUANT. PROD.","QUANT. IMPROD.","COD. P","COD. I","FONTE",null,"P.UNIT.","P.TOTAL"]
["NIVEL OPTICO, COM PRECISAO DE 0,7 MM, AUMENTO DE 32X","h",{"$f":"'CPU (DF)'!C209","v":5.000000000000001E-2},null,7252,null,"SINAPI BA 06/223",{"$f":"H178","v":2.25},null,{"$f":"C209*H209+D209*I209","v":0.11250000000000002}]
["TEODOLITO ELETRONICO, PRECISAO ANGULAR DE 5 A 7 SEGUNDOS, INCLUINDO TRIPE","h",{"$f":"'CPU (DF)'!C210","v":5.000000000000001E-2},null,7247,null,"SINAPI BA 06/223",{"$f":"H179","v":2.25},null,{"$f":"C210*H210+D210*I210","v":0.11250000000000002}]
["VEÍCULO DE PASSEIO PARA DESLOCAMENTO DA EQUIPE","h",{"$f":"'CPU (DF)'!C211","v":1.8382352941176468E-2},{"$f":"'CPU (DF)'!D211","v":3.063725490196078E-2},"E9093","E9093","SICRO BA 01/2023",{"$f":"H30","v":33.7059},{"$f":"I30","v":6.3536999999999999},{"$f":"C211*H211+D211*I211","v":0.81425367647058811}]
["CAMINHONETE CABINE SIMPLES COM MOTOR 1.6 FLEX, CÂMBIO MANUAL, POTÊNCIA 101/104 CV, 2 PORTAS","h",{"$f":"'CPU (DF)'!C212","v":2.9779411764705884E-2},{"$f":"'CPU (DF)'!D212","v":4.9632352941176468E-2},92145,92146,"SINAPI BA 06/223",{"$f":"H31","v":75.38},{"$f":"I31","v":34.9},{"$f":"C212*H212+D212*I212","v":3.976941176470588}]
["SUB-TOTAL",{"$nulls":8},{"$f":"SUM(J209:J212)","v":5.016194852941176}]
["MATERIAL"]
["DISCRIMINAÇÃO","UNIDADE","QUANT.",null,"COD. P","COD. I","FONTE",null,"P.UNIT.","P.TOTAL"]
["MOURAO ROLICO DE MADEIRA TRATADA, D = 16 A 20 CM, H = 3,0 M, EM EUCALIPTO OU EQUIVALENTE DA REGIAO (PARA CERCA)","m",{"$f":"'CPU (DF)'!C216","v":0.12},null,4491,null,"SINAPI BA 06/223",null,{"$f":"I252","v":31.67},{"$f":"ROUND((I216*C216),2)","v":3.8}]
["MOURAO ROLICO DE MADEIRA TRATADA, D  ≥ 10 CM, H = 2,20 M, EM EUCALIPTO OU EQUIVALENTE DA REGIAO (PARA CERCA)","m",{"$f":"'CPU (DF)'!C217","v":0.52},null,21138,null,"SINAPI BA 06/223",null,{"$f":"I253","v":10.039999999999999},{"$f":"ROUND((I217*C217),2)","v":5.22}]
["ARAME FARPADO GALVANIZADO, 16 BWG (1,65 MM), CLASSE 250","m",{"$f":"'CPU (DF)'!C218","v":8},null,340,null,"SINAPI BA 06/223",null,{"$f":"I254","v":1.35},{"$f":"ROUND((I218*C218),2)","v":10.8}]
["GRAMPO DE ACO POLIDO 1 \" X 9","kg",{"$f":"'CPU (DF)'!C219","v":0.04},null,5076,null,"SINAPI BA 06/223",null,{"$f":"I255","v":20.5},{"$f":"ROUND((I219*C219),2)","v":0.82}]
["ESTACA/PIQUETE DE MADEIRA","U",{"$f":"'CPU (DF)'!C220","v":0.05},null,4408,null,"SINAPI BA 06/223",null,{"$f":"I63","v":1.004},{"$f":"C220*I220","v":5.0200000000000002E-2}]
["SUB-TOTAL",{"$nulls":8},{"$f":"SUM(J216:J220)","v":20.690200000000001}]
["SERVIÇOS - COMPOSIÇÕES AUXILIARES"]
["DISCRIMINAÇÃO","UNIDADE","QUANT.",null,"COD.",null,"FONTE",null,"P.UNIT.","P.TOTAL"]
[]
["SUB-TOTAL",{"$nulls":8},{"$f":"J224","v":0}]
["MÃO DE OBRA"]
["DISCRIMINAÇÃO","UNIDADE","QUANT.",null,"COD. P","COD. I","FONTE",null,"P.UNIT.","P.TOTAL"]
["ENGENHEIRO COM ENCARGO","mês",{"$f":"'CPU (DF)'!C228","v":1.1140819964349375E-4},null,93565,null,"SINAPI BA 06/223",null,{"$f":"I194","v":19799.310000000001},{"$f":"C228*I228","v":2.2058054812834227}]
["ENCARREGADO COM ENCARGO","mês",{"$f":"'CPU (DF)'!C229","v":3.3422459893048126E-4},null,93572,null,"SINAPI BA 06/223",null,{"$f":"I195","v":6446.14},{"$f":"C229*I229","v":2.1544585561497325}]
["TOPOGRAFO COM ENCARGOS","mês",{"$f":"'CPU (DF)'!C230","v":2.8409090909090913E-4},null,94296,null,"SINAPI BA 06/223",null,{"$f":"I196","v":6395.15},{"$f":"C230*I230","v":1.8168039772727274}]
["AUXILIAR DE TOPOGRÁFO COM ENCARGOS","mês",{"$f":"'CPU (DF)'!C231","v":2.8409090909090913E-4},null,101389,null,"SINAPI BA 06/223",null,{"$f":"I197","v":3081.67},{"$f":"C231*I231","v":0.87547443181818196}]
["SERVENTE COM ENCARGOS COMPLEMENTARES - ABERTURA DE PICADAS, ESCAVAÇÃO MANUAL E ASSENTAMENTO DE MOURÕES","mês",{"$f":"'CPU (DF)'!C232","v":1.0101010101010101E-3},null,101452,null,"SINAPI BA 06/223",null,{"$f":"I198","v":3859.29},{"$f":"C232*I232","v":3.8982727272727273}]
["CARPINTEIRO DE FORMAS COM ENCARGOS COMPLEMENTARES","h",{"$f":"'CPU (DF)'!C233","v":8.8888888888888892E-2},null,88262,null,"SINAPI BA 06/223",null,{"$f":"VLOOKUP(E233,[10]planilhanull!$G$7:$K$7520,5,FALSE)","v":30.2},{"$f":"ROUND((I233*C233),2)","v":2.68}]
["AJUDANTE DE CARPINTEIRO COM ENCARGOS COMPLEMENTARES","h",{"$f":"'CPU (DF)'!C234","v":8.8888888888888892E-2},null,88239,null,"SINAPI BA 06/223",null,{"$f":"VLOOKUP(E234,[10]planilhanull!$G$7:$K$7520,5,FALSE)","v":21.9},{"$f":"ROUND((I234*C234),2)","v":1.95}]
["SUB-TOTAL",{"$nulls":8},{"$f":"SUM(J228:J234)","v":15.580815173796791}]
["PRODUÇÃO MENSAL DA EQUIPE",{"$f":"'CPU (DF)'!B236","v":1980},"CUSTO ",{"$nulls":6},{"$f":"J235+J225+J221+J213","v":41.287210026737966}]
["TOTAL",{"$nulls":8},{"$f":"ROUND(J236,2)","v":41.29}]
["BDI                %",{"$nulls":8},24.1]
["TOTAL DO SERVIÇO - R$",{"$nulls":8},{"$f":"ROUND(J237*(1+J238/100),2)","v":51.24}]
[]
[" COMPOSIÇÃO DE PREÇO UNITÁRIO"]
["CERCAMENTO DE ÁREAS AMBIENTALMENTE VULNERÁVEIS À BOVINOCULTURA",{"$nulls":7},"UNIDADE: ","m"]
["EQUIPAMENTO"]
["DISCRIMINAÇÃO","UNIDADE","QUANT. PROD.","QUANT. IMPROD.","COD. P","COD. I","FONTE",null,"P.UNIT.","P.TOTAL"]
["NIVEL OPTICO, COM PRECISAO DE 0,7 MM, AUMENTO DE 32X","h",{"$f":"'CPU (DF)'!C245","v":5.000000000000001E-2},null,7252,null,"SINAPI BA 06/223",{"$f":"H57","v":2.25},null,{"$f":"C245*H245+D245*I245","v":0.11250000000000002}]
["TEODOLITO ELETRONICO, PRECISAO ANGULAR DE 5 A 7 SEGUNDOS, INCLUINDO TRIPE","h",{"$f":"'CPU (DF)'!C246","v":5.000000000000001E-2},null,7247,null,"SINAPI BA 06/223",{"$f":"H58","v":2.25},null,{"$f":"C246*H246+D246*I246","v":0.11250000000000002}]
["VEÍCULO DE PASSEIO PARA DESLOCAMENTO DA EQUIPE","h",{"$f":"'CPU (DF)'!C247","v":1.8382352941176468E-2},{"$f":"'CPU (DF)'!D247","v":3.063725490196078E-2},"E9093",null,"SICRO BA 01/2023",{"$f":"H30","v":33.7059},{"$f":"I30","v":6.3536999999999999},{"$f":"C247*H247+D247*I247","v":0.81425367647058811}]
["CAMINHONETE CABINE SIMPLES COM MOTOR 1.6 FLEX, CÂMBIO MANUAL, POTÊNCIA 101/104 CV, 2 PORTAS","h",{"$f":"'CPU (DF)'!C248","v":2.9779411764705884E-2},{"$f":"'CPU (DF)'!D248","v":4.9632352941176468E-2},92145,92146,"SINAPI BA 06/223",{"$f":"H31","v":75.38},{"$f":"I31","v":34.9},{"$f":"C248*H248+D248*I248","v":3.976941176470588}]
["SUB-TOTAL",{"$nulls":8},{"$f":"SUM(J245:J248)","v":5.016194852941176}]
["MATERIAL"]
["DISCRIMINAÇÃO","UNIDADE","QUANT.",null,"COD.",null,"FONTE",null,"P.UNIT.","P.TOTAL"]
["MOURAO ROLICO DE MADEIRA TRATADA, D = 16 A 20 CM, H = 3,0 M, EM EUCALIPTO OU EQUIVALENTE DA REGIAO (PARA CERCA)","m",{"$f":"'CPU (DF)'!C252","v":6.6666666666666666E-2},null,2747,null,"SINAPI BA 06/223",null,{"$f":"VLOOKUP(E252,[12]sheet1!$A$1:$E$65536,5,FALSE)","v":31.67},{"$f":"ROUND((I252*C252),2)","v":2.11}]
["MOURAO ROLICO DE MADEIRA TRATADA, D  ≥ 10 CM, H = 2,20 M, EM EUCALIPTO OU EQUIVALENTE DA REGIAO (PARA CERCA)","m",{"$f":"'CPU (DF)'!C253","v":0.41111111111111115},null,21138,null,"SINAPI BA 06/223",null,{"$f":"VLOOKUP(E253,[12]sheet1!$A$1:$E$65536,5,FALSE)","v":10.039999999999999},{"$f":"ROUND((I253*C253),2)","v":4.13}]
["ARAME FARPADO GALVANIZADO, 16 BWG (1,65 MM), CLASSE 250","m",{"$f":"'CPU (DF)'!C254","v":5},null,340,null,"SINAPI BA 06/223",null,{"$f":"VLOOKUP(E254,[12]sheet1!$A$1:$E$65536,5,FALSE)","v":1.35},{"$f":"ROUND((I254*C254),2)","v":6.75}]
["GRAMPO DE ACO POLIDO 1 \" X 9","kg",{"$f":"'CPU (DF)'!C255","v":0.03},null,5076,null,"SINAPI BA 06/223",null,{"$f":"VLOOKUP(E255,[12]sheet1!$A$1:$E$65536,5,FALSE)","v":20.5},{"$f":"ROUND((I255*C255),2)","v":0.62}]
["ESTACA/PIQUETE DE MADEIRA (0,5 m)","U",{"$f":"'CPU (DF)'!C256","v":0.05},null,4408,null,"SINAPI BA 06/223",null,{"$f":"I220","v":1.004},{"$f":"C256*I256","v":5.0200000000000002E-2}]
["SUB-TOTAL",{"$nulls":8},{"$f":"SUM(J252:J256)","v":13.6602}]
["SERVIÇOS - COMPOSIÇÕES AUXILIARES"]
["DISCRIMINAÇÃO","UNIDADE","QUANT.",null,"COD.",null,"FONTE",null,"P.UNIT.","P.TOTAL"]
[]
["SUB-TOTAL",{"$nulls":8},{"$f":"J260","v":0}]
["MÃO DE OBRA"]
["DISCRIMINAÇÃO","UNIDADE","QUANT.",null,"COD. P","COD. I","FONTE",null,"P.UNIT.","P.TOTAL"]
["ENGENHEIRO COM ENCARGO","mês",{"$f":"'CPU (DF)'!C264","v":1.1140819964349375E-4},null,93565,null,"SINAPI BA 06/223",null,{"$f":"I228","v":19799.310000000001},{"$f":"C264*I264","v":2.2058054812834227}]
["ENCARREGADO COM ENCARGO","mês",{"$f":"'CPU (DF)'!C265","v":3.3422459893048126E-4},null,93572,null,"SINAPI BA 06/223",null,{"$f":"I229","v":6446.14},{"$f":"C265*I265","v":2.1544585561497325}]
["TOPOGRAFO COM ENCARGOS","mês",{"$f":"'CPU (DF)'!C266","v":2.8409090909090913E-4},null,94296,null,"SINAPI BA 06/223",null,6395.15,{"$f":"C266*I266","v":1.8168039772727274}]
["AUXILIAR DE TOPOGRÁFO COM ENCARGOS","mês",{"$f":"'CPU (DF)'!C267","v":2.8409090909090913E-4},null,101389,null,"SINAPI BA 06/223",null,3081.67,{"$f":"C267*I267","v":0.87547443181818196}]
["SERVENTE COM ENCARGOS COMPLEMENTARES - ABERTURA DE PICADAS, ESCAVAÇÃO MANUAL E ASSENTAMENTO DE MOURÕES","mês",{"$f":"'CPU (DF)'!C268","v":1.0822510822510823E-3},null,101452,null,"SINAPI BA 06/223",null,3859.29,{"$f":"C268*I268","v":4.176720779220779}]
["CARPINTEIRO DE FORMAS COM ENCARGOS COMPLEMENTARES","h",{"$f":"'CPU (DF)'!C269","v":9.5238095238095247E-2},null,88262,null,"SINAPI BA 06/223",null,30.2,{"$f":"ROUND((I269*C269),2)","v":2.88}]
["AJUDANTE DE CARPINTEIRO COM ENCARGOS COMPLEMENTARES","h",{"$f":"'CPU (DF)'!C270","v":9.5238095238095247E-2},null,88239,null,"SINAPI BA 06/223",null,21.9,{"$f":"ROUND((I270*C270),2)","v":2.09}]
["SUB-TOTAL",{"$nulls":8},{"$f":"SUM(J264:J270)","v":16.199263225744843}]
["PRODUÇÃO MENSAL DA EQUIPE",{"$f":"'CPU (DF)'!B272","v":1847.9999999999998},"CUSTO ",{"$nulls":6},{"$f":"J271+J261+J257+J249","v":34.875658078686016}]
["TOTAL",{"$nulls":8},{"$f":"ROUND(J272,2)","v":34.880000000000003}]
["BDI                %",{"$nulls":8},24.1]
["TOTAL DO SERVIÇO - R$",{"$nulls":8},{"$f":"ROUND(J273*(1+J274/100),2)","v":43.29}]
[]
[" COMPOSIÇÃO DE PREÇO UNITÁRIO"]
["PLACA DE IDENTIFICAÇÃO DE OBRA",{"$nulls":7},"UNIDADE: ","m²"]
["EQUIPAMENTO"]
["DISCRIMINAÇÃO","UNIDADE","QUANT. PROD.","QUANT. IMPROD.","CÓDIGO",null,null,null,"P.UNIT.","P.TOTAL"]
[{"$nulls":9},{"$f":"C281*I281","v":0}]
["SUB-TOTAL",{"$nulls":8},{"$f":"SUM(J281:J281)","v":0}]
["MATERIAL"]
["DISCRIMINAÇÃO","UNIDADE","QUANT.",null,"COD. P","COD. I",null,null,"P.UNIT.","P.TOTAL"]
["PONTALETE *7,5 X 7,5* CM EM PINUS, MISTA OU EQUIVALENTE DA REGIAO - BRUTA","M",{"$f":"'CPU (DF)'!C285","v":1},null,4491,null,"SINAPI BA 06/223",null,{"$f":"VLOOKUP(E285,[12]sheet1!$A$1:$E$65536,5,FALSE)","v":9.65},{"$f":"ROUND((I285*C285),2)","v":9.65}]
["SARRAFO NAO APARELHADO *2,5 X 7* CM","M",{"$f":"'CPU (DF)'!C286","v":1},null,4417,null,"SINAPI BA 06/223",null,{"$f":"VLOOKUP(E286,[12]sheet1!$A$1:$E$65536,5,FALSE)","v":7.18},{"$f":"ROUND((I286*C286),2)","v":7.18}]
["PREGO DE ACO POLIDO COM CABECA 18 X 30 (2 3/4 X 10)","KG",{"$f":"'CPU (DF)'!C287","v":1.8333333333333333E-2},null,5075,null,"SINAPI BA 06/223",null,{"$f":"VLOOKUP(E287,[12]sheet1!$A$1:$E$65536,5,FALSE)","v":20.29},{"$f":"ROUND((I287*C287),2)","v":0.37}]
["PLACA DE OBRA (PARA CONSTRUCAO CIVIL) EM CHAPA GALVANIZADA","M2",{"$f":"'CPU (DF)'!C288","v":1},null,4813,null,"SINAPI BA 06/223",null,{"$f":"VLOOKUP(E288,[12]sheet1!$A$1:$E$65536,5,FALSE)","v":325},{"$f":"ROUND((I288*C288),2)","v":325}]
["SUB-TOTAL",{"$nulls":8},{"$f":"SUM(J285:J288)","v":342.2}]
["SERVIÇOS - COMPOSIÇÕES AUXILIARES"]
["DISCRIMINAÇÃO","UNIDADE","QUANT.",null,"COD. P","COD. I",null,null,"P.UNIT.","P.TOTAL"]
["CONCRETO MAGRO TRAÇO 1:4,5:4,5 (CIMENTO/ AREIA MÉDIA/ BRITA 1) - PREPARO MECÂNICO COM BETONEIRA 400 L.","M3",{"$f":"'CPU (DF)'!C292","v":1.6666666666666666E-2},null,94962,null,"SINAPI BA 06/223",null,{"$f":"VLOOKUP(E292,[10]planilhanull!$G$7:$K$7520,5,FALSE)","v":424.31},{"$f":"ROUND((I292*C292),2)","v":7.07}]
["SUB-TOTAL",{"$nulls":8},{"$f":"J292","v":7.07}]
["MÃO DE OBRA"]
["DISCRIMINAÇÃO","UNIDADE","QUANT.",null,"COD. P","COD. I",null,null,"P.UNIT.","P.TOTAL"]
["CARPINTEIRO DE FORMAS COM ENCARGOS COMPLEMENTARES","H",{"$f":"'CPU (DF)'!C296","v":0.33333333333333331},null,88262,null,"SINAPI BA 06/223",null,{"$f":"I269","v":30.2},{"$f":"ROUND((I296*C296),2)","v":10.07}]
["AJUDANTE DE CARPINTEIRO COM ENCARGOS COMPLEMENTARES","H",{"$f":"'CPU (DF)'!C297","v":0.66666666666666663},null,88239,null,"SINAPI BA 06/223",null,{"$f":"I270","v":21.9},{"$f":"ROUND((I297*C297),2)","v":14.6}]
["SUB-TOTAL",{"$nulls":8},{"$f":"SUM(J296:J297)","v":24.67}]
["PRODUÇÃO MENSAL DA EQUIPE",{"$f":"'CPU (DF)'!B299","v":528},"CUSTO ",{"$nulls":6},{"$f":"J298+J293+J289+J282","v":373.94}]
["TOTAL",{"$nulls":8},{"$f":"ROUND(J299,2)","v":373.94}]
["BDI                %",{"$nulls":8},24.1]
["TOTAL DO SERVIÇO - R$",{"$nulls":8},{"$f":"ROUND(J300*(1+J301/100),2)","v":464.06}]

{"sheet":"CPU (CE)","index":5,"n_rows":302,"n_cols":10,"rows_kept":302,"cut":false,"hidden":false,"merged":[[301,0,301,8],[282,0,282,9],[288,0,288,8],[289,0,289,9],[292,0,292,8],[293,0,293,9],[297,0,297,8],[298,2,298,8],[299,0,299,8],[300,0,300,8],[270,0,270,8],[271,2,271,8],[272,0,272,8],[273,0,273,8],[274,0,274,8],[276,0,276,9],[277,0,277,7],[278,0,278,9],[281,0,281,8],[173,0,173,9],[174,0,174,7],[175,0,175,9],[182,0,182,8],[183,0,183,9],[186,0,186,8],[187,0,187,9],[190,0,190,8],[191,0,191,9],[198,0,198,8],[199,2,199,8],[200,0,200,8],[201,0,201,8],[204,0,204,9],[205,0,205,7],[206,0,206,9],[212,0,212,8],[213,0,213,9],[202,0,202,8],[220,0,220,8],[221,0,221,9],[234,0,234,8],[235,2,235,8],[240,0,240,9],[256,0,256,8],[257,0,257,9],[260,0,260,8],[261,0,261,9],[238,0,238,8],[241,0,241,7],[242,0,242,9],[248,0,248,8],[249,0,249,9],[236,0,236,8],[237,0,237,8],[224,0,224,8],[225,0,225,9],[0,0,0,9],[1,0,1,1],[1,2,1,4],[1,6,1,7],[2,0,2,9],[5,0,5,8],[110,0,110,9],[111,0,111,7],[112,0,112,9],[19,2,19,8],[20,0,20,8],[21,0,21,8],[22,0,22,8],[24,0,24,9],[25,0,25,7],[6,0,6,9],[10,0,10,8],[11,0,11,9],[14,0,14,8],[15,0,15,9],[18,0,18,8],[41,0,41,9],[46,0,46,8],[47,2,47,8],[48,0,48,8],[49,0,49,8],[50,0,50,8],[26,0,26,9],[31,0,31,8],[32,0,32,9],[35,0,35,8],[36,0,36,9],[40,0,40,8],[64,0,64,9],[67,0,67,8],[68,0,68,9],[72,0,72,8],[73,2,73,8],[74,0,74,8],[52,0,52,9],[53,0,53,7],[54,0,54,9],[59,0,59,8],[60,0,60,9],[63,0,63,8],[88,0,88,9],[91,0,91,8],[92,0,92,9],[95,0,95,8],[96,0,96,9],[103,0,103,8],[75,0,75,8],[76,0,76,8],[78,0,78,9],[79,0,79,7],[80,0,80,9],[87,0,87,8],[104,2,104,8],[105,0,105,8],[106,0,106,8],[107,0,107,8],[119,0,119,8],[120,0,120,9],[123,0,123,8],[124,0,124,9],[137,0,137,8],[138,0,138,8],[127,0,127,8],[128,0,128,9],[135,0,135,8],[136,2,136,8],[139,0,139,8],[141,0,141,9],[142,0,142,7],[143,0,143,9],[150,0,150,8],[151,0,151,9],[154,0,154,8],[155,0,155,9],[170,0,170,8],[158,0,158,8],[159,0,159,9],[166,0,166,8],[167,2,167,8],[168,0,168,8],[169,0,169,8]]}
[" COMPOSIÇÃO DE PREÇO UNITÁRIO"]
["MOBILIZAÇÃO E DESMOBILIZAÇÃO",null,"REGIÃO:",null,null,null,"CE",null,"UNIDADE: ","R$/Tonelada/ Projeto"]
["EQUIPAMENTO"]
["DISCRIMINAÇÃO","UNIDADE","QUANT. PROD.","QUANT. IMPROD.","COD.",null,"FONTE","P.UNIT. PROD","P.UNIT. IMPR","P.TOTAL"]
[{"$nulls":9},{"$f":"C5*E5*H5+C5*G5*I5","v":0}]
["SUB-TOTAL",{"$nulls":8},{"$f":"SUM(J5:J5)","v":0}]
["MATERIAL"]
["DISCRIMINAÇÃO","UNIDADE","QUANT.",null,"COD.",null,"FONTE",null,"P.UNIT.","P.TOTAL"]
[{"$nulls":9},"Toneladas/ Projeto"]
[{"$nulls":9},{"$f":"C10*I10","v":0}]
["SUB-TOTAL",{"$nulls":8},{"$f":"SUM(J9:J10)","v":0}]
["SERVIÇOS - COMPOSIÇÕES AUXILIARES"]
["DISCRIMINAÇÃO","UNIDADE","QUANT.",null,"COD.",null,"FONTE",null,"P.UNIT.","P.TOTAL"]
["TRANSPORTE COM CAVALO MECÂNICO COM SEMIRREBOQUE COM CAPACIDADE DE 30 T - RODOVIA PAVIMENTADA","t*km",{"$f":"'CPU (DF)'!C14","v":1},null,5914640,null,"SICRO CE 01/2023",null,{"$f":"VLOOKUP(E14,[13]Sheet1!$A:$D,4,FALSE)","v":0.61},{"$f":"C14*I14","v":0.61}]
["SUB-TOTAL",{"$nulls":8},{"$f":"SUM(J14:J14)","v":0.61}]
["MÃO DE OBRA"]
["DISCRIMINAÇÃO","UNIDADE","QUANT.",{"$nulls":5},"P.UNIT.","P.TOTAL"]
[{"$nulls":9},{"$f":"C18*I18","v":0}]
["SUB-TOTAL",{"$nulls":8},{"$f":"SUM(J18:J18)","v":0}]
["PRODUÇÃO DA EQUIPE (MOB E DESMOB) EM km",{"$f":"VLOOKUP(G2,DMT!D:E,2)*2","v":500},"CUSTO ",{"$nulls":6},{"$f":"J19+J15+J11+J6","v":0.61}]
["TOTAL",{"$nulls":8},{"$f":"J20*B20","v":305}]
["BDI                %",{"$nulls":8},24.1]
["TOTAL DO SERVIÇO - R$",{"$nulls":8},{"$f":"J21*(1+J22/100)","v":378.50500000000005}]
[]
[" COMPOSIÇÃO DE PREÇO UNITÁRIO"]
["LOCAÇÃO E CONSTRUÇÃO DE TERRAÇOS - INCLUSIVE SOLOS DUROS E SECOS",{"$nulls":7},"UNIDADE: ","km"]
["EQUIPAMENTO"]
["DISCRIMINAÇÃO","UNIDADE","QUANT. PROD.","QUANT. IMPROD.","COD. P","COD. I","FONTE","CHP","CHI","P.TOTAL"]
["TRATOR DE ESTEIRAS, POTÊNCIA 125 HP, PESO OPERACIONAL 12,9 T, COM LÂMINA 2,7 M3","H",{"$f":"'CPU (DF)'!C29","v":7.0588235294117654},{"$f":"'CPU (DF)'!D29","v":2.3529411764705883},5851,5853,"SINAPI CE 06/223",{"$f":"VLOOKUP(E29,[14]planilhanull!$G$7:$K$7520,5,FALSE)","v":211.41},{"$f":"VLOOKUP(F29,[14]planilhanull!$G$7:$K$7520,5,FALSE)","v":68.180000000000007},{"$f":"C29*H29+D29*I29","v":1652.7294117647061}]
["VEÍCULO DE PASSEIO PARA DESLOCAMENTO DA EQUIPE","H",{"$f":"'CPU (DF)'!C30","v":0.93749999999999989},{"$f":"'CPU (DF)'!D30","v":1.5624999999999998},"E9093","E9093","SICRO CE 01/2023",{"$f":"VLOOKUP(E30,[15]Sheet1!$A:$K,10,FALSE)","v":33.938299999999998},{"$f":"VLOOKUP(F30,[15]Sheet1!$A:$K,11,FALSE)","v":6.4294000000000002},{"$f":"C30*H30+D30*I30","v":41.86309374999999}]
["CAMINHONETE CABINE SIMPLES COM MOTOR 1.6 FLEX, CÂMBIO MANUAL, POTÊNCIA 101/104 CV, 2 PORTAS","H",{"$f":"'CPU (DF)'!C31","v":0.5625},{"$f":"'CPU (DF)'!D31","v":0.93749999999999989},92145,92146,"SINAPI CE 06/223",{"$f":"VLOOKUP(E31,[14]planilhanull!$G$7:$K$7520,5,FALSE)","v":74.45},{"$f":"VLOOKUP(F31,[14]planilhanull!$G$7:$K$7520,5,FALSE)","v":33.17},{"$f":"C31*H31+D31*I31","v":72.974999999999994}]
["SUB-TOTAL",{"$nulls":8},{"$f":"SUM(J29:J31)","v":1767.567505514706}]
["MATERIAL"]
["DISCRIMINAÇÃO","UNIDADE","QUANT.",null,"COD.",null,"FONTE",null,"P.UNIT.","P.TOTAL"]
[]
["SUB-TOTAL",{"$nulls":8},{"$f":"SUM(J35:J35)","v":0}]
["SERVIÇOS - COMPOSIÇÕES AUXILIARES"]
["DISCRIMINAÇÃO","UNIDADE","QUANT.",null,"COD.",null,"FONTE",null,"P.UNIT.","P.TOTAL"]
["LOCAÇÃO E NIVELAMENTO DE TERRAÇOS COM TOPOGRAFIA","KM",{"$f":"'CPU (DF)'!C39","v":1},null,"COMPOSIÇÃO",null,null,null,{"$f":"J75","v":198.38},{"$f":"C39*I39","v":198.38}]
["REVESTIMENTO VEGETAL POR SEMEADURA A LANÇO MANUAL DE GRAMÍNEAS E LEGUMINOSAS","m²",{"$f":"'CPU (DF)'!C40","v":1000},null,4413993,null,"SICRO CE 01/2023",null,{"$f":"VLOOKUP(E40,[13]Sheet1!$A:$D,4,FALSE)","v":0.64},{"$f":"C40*I40","v":640}]
["SUB-TOTAL",{"$nulls":8},{"$f":"SUM(J39:J40)","v":838.38}]
["MÃO DE OBRA"]
["DISCRIMINAÇÃO","UNIDADE","QUANT.",null,"COD. P","COD. I","FONTE",null,"P.UNIT.","P.TOTAL"]
["ENGENHEIRO COM ENCARGO","MES",{"$f":"'CPU (DF)'!C44","v":5.681818181818182E-3},null,93565,null,"SINAPI CE 06/223",null,{"$f":"VLOOKUP(E44,[14]planilhanull!$G$7:$K$7520,5,FALSE)","v":19809.53},{"$f":"C44*I44","v":112.55414772727272}]
["SERVENTE COM ENCARGOS COMPLEMENTARES - INLUSIVE ABERTURA E FECHAMENTO DE CERCAS","MES",{"$f":"'CPU (DF)'!C45","v":5.3475935828877004E-2},null,101452,null,"SINAPI CE 06/223",null,{"$f":"VLOOKUP(E45,[14]planilhanull!$G$7:$K$7520,5,FALSE)","v":3679.7},{"$f":"C45*I45","v":196.77540106951869}]
["ENCARREGADO COM ENCARGO","MES",{"$f":"'CPU (DF)'!C46","v":1.7045454545454544E-2},null,93572,null,"SINAPI CE 06/223",null,{"$f":"VLOOKUP(E46,[14]planilhanull!$G$7:$K$7520,5,FALSE)","v":4552.47},{"$f":"C46*I46","v":77.59892045454545}]
["SUB-TOTAL",{"$nulls":8},{"$f":"SUM(J44:J46)","v":386.92846925133688}]
["PRODUÇÃO DA EQUIPE MÊS 22 KM, MAS COM FATOR DE REDUÇÃO PARA PÉRIODOS COM CHUVAS ",{"$f":"'CPU (DF)'!B48","v":18.7},"CUSTO ",{"$nulls":6},{"$f":"J47+J41+J36+J32","v":2992.8759747660429}]
["TOTAL",{"$nulls":8},{"$f":"ROUND(J48,2)","v":2992.88}]
["BDI                %",{"$nulls":8},24.1]
["TOTAL DO SERVIÇO - R$",{"$nulls":8},{"$f":"ROUND(J49*(1+J50/100),2)","v":3714.16}]
[]
[" COMPOSIÇÃO DE PREÇO UNITÁRIO"]
["LOCAÇÃO E NIVELAMENTO DE TERRAÇOS COM TOPOGRAFIA",{"$nulls":7},"UNIDADE: ","km"]
["EQUIPAMENTO"]
["DISCRIMINAÇÃO","UNIDADE","QUANT. PROD.","QUANT. IMPROD.","COD. P","COD. I","FONTE","CHP/ P.UNIT.","CHI","P.TOTAL"]
["NIVEL OPTICO, COM PRECISAO DE 0,7 MM, AUMENTO DE 32X","H",{"$f":"'CPU (DF)'!C57","v":0.99609374999999989},null,7252,null,"SINAPI CE 06/223",{"$f":"VLOOKUP(E57,[16]sheet1!$A$1:$E$65536,5,FALSE)","v":2.25},null,{"$f":"C57*H57+D57*I57","v":2.2412109374999996}]
["TEODOLITO ELETRONICO, PRECISAO ANGULAR DE 5 A 7 SEGUNDOS, INCLUINDO TRIPE","H",{"$f":"'CPU (DF)'!C58","v":0.99609374999999989},null,7247,null,"SINAPI CE 06/223",{"$f":"VLOOKUP(E58,[16]sheet1!$A$1:$E$65536,5,FALSE)","v":2.25},null,{"$f":"C58*H58+D58*I58","v":2.2412109374999996}]
["CAMINHONETE CABINE SIMPLES COM MOTOR 1.6 FLEX, CÂMBIO MANUAL, POTÊNCIA 101/104 CV, 2 PORTAS","H",{"$f":"'CPU (DF)'!C59","v":0.37353515624999994},{"$f":"'CPU (DF)'!D59","v":0.62255859375},92145,92146,"SINAPI CE 06/223",{"$f":"H31","v":74.45},{"$f":"I31","v":33.17},{"$f":"C59*H59+D59*I59","v":48.4599609375}]
["SUB-TOTAL",{"$nulls":8},{"$f":"SUM(J57:J59)","v":52.9423828125}]
["MATERIAL"]
["DISCRIMINAÇÃO","UNIDADE","QUANT.",null,"COD.",null,null,null,"P.UNIT.","P.TOTAL"]
["ESTACA/PIQUETE DE MADEIRA","U",{"$f":"'CPU (DF)'!C63","v":83.333333333333329},null,4408,null,"SINAPI CE 06/223",null,{"$f":"VLOOKUP(E63,[16]sheet1!$A$1:$E$65536,5,FALSE)*0.4","v":1.052},{"$f":"C63*I63","v":87.666666666666671}]
["SUB-TOTAL",{"$nulls":8},{"$f":"SUM(J63:J63)","v":87.666666666666671}]
["SERVIÇOS - COMPOSIÇÕES AUXILIARES"]
["DISCRIMINAÇÃO","UNIDADE","QUANT.",{"$nulls":5},"P.UNIT.","P.TOTAL"]
[]
["SUB-TOTAL"]
["MÃO DE OBRA"]
["DISCRIMINAÇÃO","UNIDADE","QUANT.",null,"COD. P","COD. I",null,null,"P.UNIT.","P.TOTAL"]
["AUXILIAR DE TOPOGRÁFO COM ENCARGOS","MÊS",{"$f":"'CPU (DF)'!C71","v":5.6596235795454541E-3},null,101389,null,"SINAPI CE 06/223",null,{"$f":"VLOOKUP(E71,[14]planilhanull!$G$7:$K$7520,5,FALSE)","v":3308.45},{"$f":"C71*I71","v":18.724581631747157}]
["TOPOGRAFO COM ENCARGOS","MÊS",{"$f":"'CPU (DF)'!C72","v":5.6596235795454541E-3},null,94296,null,"SINAPI CE 06/223",null,{"$f":"VLOOKUP(E72,[14]planilhanull!$G$7:$K$7520,5,FALSE)","v":6899.07},{"$f":"C72*I72","v":39.046139248934651}]
["SUB-TOTAL",{"$nulls":8},{"$f":"SUM(J71:J72)","v":57.770720880681807}]
["PRODUÇÃO MENSAL DA EQUIPE",{"$f":"'CPU (DF)'!B74","v":46.93333333333333},"CUSTO ",{"$nulls":6},{"$f":"J73+J68+J64+J60","v":198.37977035984846}]
["TOTAL",{"$nulls":8},{"$f":"ROUND(J74,2)","v":198.38}]
["BDI                %",{"$nulls":8},24.1]
["TOTAL DO SERVIÇO - R$",{"$nulls":8},{"$f":"ROUND(J75*(1+J76/100),2)","v":246.19}]
[]
[" COMPOSIÇÃO DE PREÇO UNITÁRIO"]
["LOCAÇÃO E CONSTRUÇÃO DE BACIAS DE CAPTAÇÃO DE ENXURRADA (4 METROS DE RAIO)",{"$nulls":7},"UNIDADE: ","UNID."]
["EQUIPAMENTO"]
["DISCRIMINAÇÃO","UNIDADE","QUANT. PROD.","QUANT. IMPROD.","COD. P","COD. I","FONTE","CHP/ P.UNIT.","CHI","P.TOTAL"]
["NIVEL OPTICO, COM PRECISAO DE 0,7 MM, AUMENTO DE 32X","H",{"$f":"'CPU (DF)'!C83","v":0.59999999999999987},null,7252,null,"SINAPI CE 06/223",{"$f":"$H$57","v":2.25},null,{"$f":"C83*H83+D83*I83","v":1.3499999999999996}]
["TEODOLITO ELETRONICO, PRECISAO ANGULAR DE 5 A 7 SEGUNDOS, INCLUINDO TRIPE","H",{"$f":"'CPU (DF)'!C84","v":0.59999999999999987},null,7247,null,"SINAPI CE 06/223",{"$f":"$H$58","v":2.25},null,{"$f":"C84*H84+D84*I84","v":1.3499999999999996}]
["PÁ CARREGADEIRA SOBRE RODAS, POTÊNCIA LÍQUIDA 128 HP, CAPACIDADE DA CAÇAMBA 1,7 A 2,8 M³","H",{"$f":"'CPU (DF)'!C85","v":0.77795298165137616},{"$f":"'CPU (DF)'!D85","v":0.25931766055045874},5940,5942,"SINAPI CE 06/223",{"$f":"VLOOKUP(E85,[14]planilhanull!$G$7:$K$7520,5,FALSE)","v":185.56},{"$f":"VLOOKUP(F85,[14]planilhanull!$G$7:$K$7520,5,FALSE)","v":73.41},{"$f":"C85*H85+D85*I85","v":163.39346473623851}]
["VEÍCULO DE PASSEIO PARA DESLOCAMENTO DA EQUIPE","H",{"$f":"'CPU (DF)'!C86","v":0.23437500000000003},{"$f":"'CPU (DF)'!D86","v":0.39062500000000006},"E9093",null,"SICRO CE 01/2023",{"$f":"$H$30","v":33.938299999999998},{"$f":"$I$30","v":6.4294000000000002},{"$f":"C86*H86+D86*I86","v":10.465773437500001}]
["CAMINHONETE CABINE SIMPLES COM MOTOR 1.6 FLEX, CÂMBIO MANUAL, POTÊNCIA 101/104 CV, 2 PORTAS","H",{"$f":"'CPU (DF)'!C87","v":0.60937499999999989},{"$f":"'CPU (DF)'!D87","v":0.36562499999999998},92145,92146,"SINAPI CE 06/223",{"$f":"$H$31","v":74.45},{"$f":"$I$31","v":33.17},{"$f":"C87*H87+D87*I87","v":57.495749999999994}]
["SUB-TOTAL",{"$nulls":8},{"$f":"SUM(J83:J87)","v":234.05498817373848}]
["MATERIAL"]
["DISCRIMINAÇÃO","UNIDADE","QUANT.",null,"COD.",null,null,null,"P.UNIT.","P.TOTAL"]
["ESTACA/PIQUETE DE MADEIRA","U",{"$f":"'CPU (DF)'!C91","v":12},null,4408,null,"SINAPI CE 06/223",null,{"$f":"$I$63","v":1.052},{"$f":"C91*I91","v":12.624000000000001}]
["SUB-TOTAL",{"$nulls":8},{"$f":"SUM(J91:J91)","v":12.624000000000001}]
["SERVIÇOS - COMPOSIÇÕES AUXILIARES"]
["DISCRIMINAÇÃO","UNIDADE","QUANT.",{"$nulls":5},"P.UNIT.","P.TOTAL"]
["REVESTIMENTO VEGETAL POR SEMEADURA A LANÇO MANUAL DE GRAMÍNEAS E LEGUMINOSAS","m²",{"$f":"'CPU (DF)'!C95","v":50.26548245743669},null,4413993,null,"SICRO CE 01/2023",null,{"$f":"VLOOKUP(E95,[13]Sheet1!$A:$D,4,FALSE)","v":0.64},{"$f":"C95*I95","v":32.169908772759484}]
["SUB-TOTAL",{"$nulls":8},{"$f":"SUM(J95:J95)","v":32.169908772759484}]
["MÃO DE OBRA"]
["DISCRIMINAÇÃO","UNIDADE","QUANT.",null,"COD. P","COD. I",null,null,"P.UNIT.","P.TOTAL"]
["ENGENHEIRO COM ENCARGO","MÊS",{"$f":"'CPU (DF)'!C99","v":1.4204545454545455E-3},null,93565,null,"SINAPI CE 06/223",null,{"$f":"$I$44","v":19809.53},{"$f":"C99*I99","v":28.13853693181818}]
["ENCARREGADO COM ENCARGO","MÊS",{"$f":"'CPU (DF)'!C100","v":4.2613636363636369E-3},null,93572,null,"SINAPI CE 06/223",null,{"$f":"$I$46","v":4552.47},{"$f":"C100*I100","v":19.399730113636366}]
["TOPOGRAFO COM ENCARGOS","MÊS",{"$f":"'CPU (DF)'!C101","v":3.4090909090909085E-3},null,94296,null,"SINAPI CE 06/223",null,{"$f":"$I$72","v":6899.07},{"$f":"C101*I101","v":23.519556818181812}]
["AUXILIAR DE TOPOGRÁFO COM ENCARGOS","MÊS",{"$f":"'CPU (DF)'!C102","v":3.4090909090909085E-3},null,101389,null,"SINAPI CE 06/223",null,{"$f":"$I$71","v":3308.45},{"$f":"C102*I102","v":11.278806818181815}]
["SERVENTE COM ENCARGOS COMPLEMENTARES - INLUSIVE ABERTURA E FECHAMENTO DE CERCAS","MES",{"$f":"'CPU (DF)'!C103","v":5.893583194328607E-3},null,101452,null,"SINAPI CE 06/223",null,{"$f":"$I$45","v":3679.7},{"$f":"C103*I103","v":21.686618080170973}]
["SUB-TOTAL",{"$nulls":8},{"$f":"SUM(J99:J103)","v":104.02324876198915}]
["PRODUÇÃO MENSAL DA EQUIPE",{"$f":"'CPU (DF)'!B105","v":169.67606412382531},"CUSTO ",{"$nulls":6},{"$f":"J104+J96+J92+J88","v":382.8721457084871}]
["TOTAL",{"$nulls":8},{"$f":"ROUND(J105,2)","v":382.87}]
["BDI                %",{"$nulls":8},24.1]
["TOTAL DO SERVIÇO - R$",{"$nulls":8},{"$f":"ROUND(J106*(1+J107/100),2)","v":475.14}]
[]
[]
[" COMPOSIÇÃO DE PREÇO UNITÁRIO"]
["LOCAÇÃO E CONSTRUÇÃO DE BACIAS DE CAPTAÇÃO DE ENXURRADA (6 METROS DE RAIO)",{"$nulls":7},"UNIDADE: ","UNID."]
["EQUIPAMENTO"]
["DISCRIMINAÇÃO","UNIDADE","QUANT. PROD.","QUANT. IMPROD.","COD. P","COD. I","FONTE","CHP/ P.UNIT.","CHI","P.TOTAL"]
["NIVEL OPTICO, COM PRECISAO DE 0,7 MM, AUMENTO DE 32X","H",{"$f":"'CPU (DF)'!C115","v":0.59999999999999987},null,7252,null,"SINAPI CE 06/223",{"$f":"$H$57","v":2.25},null,{"$f":"C115*H115+D115*I115","v":1.3499999999999996}]
["TEODOLITO ELETRONICO, PRECISAO ANGULAR DE 5 A 7 SEGUNDOS, INCLUINDO TRIPE","H",{"$f":"'CPU (DF)'!C116","v":0.59999999999999987},null,7247,null,"SINAPI CE 06/223",{"$f":"$H$58","v":2.25},null,{"$f":"C116*H116+D116*I116","v":1.3499999999999996}]
["PÁ CARREGADEIRA SOBRE RODAS, POTÊNCIA LÍQUIDA 128 HP, CAPACIDADE DA CAÇAMBA 1,7 A 2,8 M³","H",{"$f":"'CPU (DF)'!C117","v":1.5361668577981655},{"$f":"'CPU (DF)'!D117","v":0.51205561926605514},5940,5942,"SINAPI CE 06/223",{"$f":"$H$85","v":185.56},{"$f":"$I$85","v":73.41},{"$f":"C117*H117+D117*I117","v":322.64112514334869}]
["VEÍCULO DE PASSEIO PARA DESLOCAMENTO DA EQUIPE","H",{"$f":"'CPU (DF)'!C118","v":0.25},{"$f":"'CPU (DF)'!D118","v":0.41666666666666669},"E9093",null,"SICRO CE 01/2023",{"$f":"$H$30","v":33.938299999999998},{"$f":"$I$30","v":6.4294000000000002},{"$f":"C118*H118+D118*I118","v":11.163491666666665}]
["CAMINHONETE CABINE SIMPLES COM MOTOR 1.6 FLEX, CÂMBIO MANUAL, POTÊNCIA 101/104 CV, 2 PORTAS","H",{"$f":"'CPU (DF)'!C119","v":0.62499999999999989},{"$f":"'CPU (DF)'!D119","v":0.375},92145,92146,"SINAPI CE 06/223",{"$f":"$H$31","v":74.45},{"$f":"$I$31","v":33.17},{"$f":"C119*H119+D119*I119","v":58.969999999999992}]
["SUB-TOTAL",{"$nulls":8},{"$f":"SUM(J115:J119)","v":395.47461681001533}]
["MATERIAL"]
["DISCRIMINAÇÃO","UNIDADE","QUANT.",null,"COD.",null,null,null,"P.UNIT.","P.TOTAL"]
["ESTACA/PIQUETE DE MADEIRA","U",{"$f":"'CPU (DF)'!C123","v":12},null,4408,null,"SINAPI CE 06/223",null,{"$f":"$I$63","v":1.052},{"$f":"C123*I123","v":12.624000000000001}]
["SUB-TOTAL",{"$nulls":8},{"$f":"SUM(J123:J123)","v":12.624000000000001}]
["SERVIÇOS - COMPOSIÇÕES AUXILIARES"]
["DISCRIMINAÇÃO","UNIDADE","QUANT.",{"$nulls":5},"P.UNIT.","P.TOTAL"]
["REVESTIMENTO VEGETAL POR SEMEADURA A LANÇO MANUAL DE GRAMÍNEAS E LEGUMINOSAS","m²",{"$f":"'CPU (DF)'!C127","v":94.247779607693786},null,4413993,null,"SICRO CE 01/2023",null,{"$f":"VLOOKUP(E127,[13]Sheet1!$A:$D,4,FALSE)","v":0.64},{"$f":"C127*I127","v":60.318578948924028}]
["SUB-TOTAL",{"$nulls":8},{"$f":"SUM(J127:J127)","v":60.318578948924028}]
["MÃO DE OBRA"]
["DISCRIMINAÇÃO","UNIDADE","QUANT.",null,"COD. P","COD. I",null,null,"P.UNIT.","P.TOTAL"]
["ENGENHEIRO COM ENCARGO","MÊS",{"$f":"'CPU (DF)'!C131","v":1.5151515151515152E-3},null,93565,null,"SINAPI CE 06/223",null,{"$f":"$I$44","v":19809.53},{"$f":"C131*I131","v":30.014439393939391}]
["ENCARREGADO COM ENCARGO","MÊS",{"$f":"'CPU (DF)'!C132","v":4.5454545454545452E-3},null,93572,null,"SINAPI CE 06/223",null,{"$f":"$I$46","v":4552.47},{"$f":"C132*I132","v":20.693045454545455}]
["TOPOGRAFO COM ENCARGOS","MÊS",{"$f":"'CPU (DF)'!C133","v":3.4090909090909085E-3},null,94296,null,"SINAPI CE 06/223",null,{"$f":"$I$72","v":6899.07},{"$f":"C133*I133","v":23.519556818181812}]
["AUXILIAR DE TOPOGRÁFO COM ENCARGOS","MÊS",{"$f":"'CPU (DF)'!C134","v":3.4090909090909085E-3},null,101389,null,"SINAPI CE 06/223",null,{"$f":"$I$71","v":3308.45},{"$f":"C134*I134","v":11.278806818181815}]
["SERVENTE COM ENCARGOS COMPLEMENTARES - INLUSIVE ABERTURA E FECHAMENTO DE CERCAS","MES",{"$f":"'CPU (DF)'!C135","v":1.1637627710592161E-2},null,101452,null,"SINAPI CE 06/223",null,{"$f":"$I$45","v":3679.7},{"$f":"C135*I135","v":42.822978686665969}]
["SUB-TOTAL",{"$nulls":8},{"$f":"SUM(J131:J135)","v":128.32882717151443}]
["PRODUÇÃO MENSAL DA EQUIPE",{"$f":"'CPU (DF)'!B137","v":85.928165504885072},"CUSTO ",{"$nulls":6},{"$f":"J136+J128+J124+J120","v":596.74602293045382}]
["TOTAL",{"$nulls":8},{"$f":"ROUND(J137,2)","v":596.75}]
["BDI                %",{"$nulls":8},24.1]
["TOTAL DO SERVIÇO - R$",{"$nulls":8},{"$f":"ROUND(J138*(1+J139/100),2)","v":740.57}]
[]
[" COMPOSIÇÃO DE PREÇO UNITÁRIO"]
["LOCAÇÃO E CONSTRUÇÃO DE BACIAS DE CAPTAÇÃO DE ENXURRADA (9 METROS DE RAIO)",{"$nulls":7},"UNIDADE: ","UNID."]
["EQUIPAMENTO"]
["DISCRIMINAÇÃO","UNIDADE","QUANT. PROD.","QUANT. IMPROD.","COD. P","COD. I","FONTE","CHP/ P.UNIT.","CHI","P.TOTAL"]
["NIVEL OPTICO, COM PRECISAO DE 0,7 MM, AUMENTO DE 32X","H",{"$f":"'CPU (DF)'!C146","v":0.65},null,7252,null,"SINAPI CE 06/223",{"$f":"$H$57","v":2.25},null,{"$f":"C146*H146+D146*I146","v":1.4625000000000001}]
["TEODOLITO ELETRONICO, PRECISAO ANGULAR DE 5 A 7 SEGUNDOS, INCLUINDO TRIPE","H",{"$f":"'CPU (DF)'!C147","v":0.65},null,7247,null,"SINAPI CE 06/223",{"$f":"$H$58","v":2.25},null,{"$f":"C147*H147+D147*I147","v":1.4625000000000001}]
["PÁ CARREGADEIRA SOBRE RODAS, POTÊNCIA LÍQUIDA 128 HP, CAPACIDADE DA CAÇAMBA 1,7 A 2,8 M³","H",{"$f":"'CPU (DF)'!C148","v":3.7389908256880737},{"$f":"'CPU (DF)'!D148","v":1.2463302752293579},5940,5942,"SINAPI CE 06/223",{"$f":"$H$85","v":185.56},{"$f":"$I$85","v":73.41},{"$f":"C148*H148+D148*I148","v":785.30024311926604}]
["VEÍCULO DE PASSEIO PARA DESLOCAMENTO DA EQUIPE","H",{"$f":"'CPU (DF)'!C149","v":0.265625},{"$f":"'CPU (DF)'!D149","v":0.44270833333333331},"E9093",null,"SICRO CE 01/2023",{"$f":"$H$30","v":33.938299999999998},{"$f":"$I$30","v":6.4294000000000002},{"$f":"C149*H149+D149*I149","v":11.861209895833333}]
["CAMINHONETE CABINE SIMPLES COM MOTOR 1.6 FLEX, CÂMBIO MANUAL, POTÊNCIA 101/104 CV, 2 PORTAS","H",{"$f":"'CPU (DF)'!C150","v":0.671875},{"$f":"'CPU (DF)'!D150","v":0.40312500000000007},92145,92146,"SINAPI CE 06/223",{"$f":"$H$31","v":74.45},{"$f":"$I$31","v":33.17},{"$f":"C150*H150+D150*I150","v":63.392749999999999}]
["SUB-TOTAL",{"$nulls":8},{"$f":"SUM(J146:J150)","v":863.4792030150993}]
["MATERIAL"]
["DISCRIMINAÇÃO","UNIDADE","QUANT.",null,"COD.",null,null,null,"P.UNIT.","P.TOTAL"]
["ESTACA/PIQUETE DE MADEIRA","U",{"$f":"'CPU (DF)'!C154","v":12},null,4408,null,"SINAPI CE 06/223",null,{"$f":"$I$63","v":1.052},{"$f":"C154*I154","v":12.624000000000001}]
["SUB-TOTAL",{"$nulls":8},{"$f":"SUM(J154:J154)","v":12.624000000000001}]
["SERVIÇOS - COMPOSIÇÕES AUXILIARES"]
["DISCRIMINAÇÃO","UNIDADE","QUANT.",{"$nulls":5},"P.UNIT.","P.TOTAL"]
["REVESTIMENTO VEGETAL POR SEMEADURA A LANÇO MANUAL DE GRAMÍNEAS E LEGUMINOSAS","m²",{"$f":"'CPU (DF)'!C158","v":169.64600329384882},null,4413993,null,"SICRO CE 01/2023",null,{"$f":"VLOOKUP(E158,[13]Sheet1!$A:$D,4,FALSE)","v":0.64},{"$f":"C158*I158","v":108.57344210806325}]
["SUB-TOTAL",{"$nulls":8},{"$f":"SUM(J158:J158)","v":108.57344210806325}]
["MÃO DE OBRA"]
["DISCRIMINAÇÃO","UNIDADE","QUANT.",null,"COD. P","COD. I",null,null,"P.UNIT.","P.TOTAL"]
["ENGENHEIRO COM ENCARGO","MÊS",{"$f":"'CPU (DF)'!C162","v":1.6098484848484848E-3},null,93565,null,"SINAPI CE 06/223",null,{"$f":"$I$44","v":19809.53},{"$f":"C162*I162","v":31.890341856060605}]
["ENCARREGADO COM ENCARGO","MÊS",{"$f":"'CPU (DF)'!C163","v":4.8295454545454544E-3},null,93572,null,"SINAPI CE 06/223",null,{"$f":"$I$46","v":4552.47},{"$f":"C163*I163","v":21.986360795454544}]
["TOPOGRAFO COM ENCARGOS","MÊS",{"$f":"'CPU (DF)'!C164","v":3.6931818181818185E-3},null,94296,null,"SINAPI CE 06/223",null,{"$f":"$I$72","v":6899.07},{"$f":"C164*I164","v":25.479519886363637}]
["AUXILIAR DE TOPOGRÁFO COM ENCARGOS","MÊS",{"$f":"'CPU (DF)'!C165","v":3.6931818181818185E-3},null,101389,null,"SINAPI CE 06/223",null,{"$f":"$I$71","v":3308.45},{"$f":"C165*I165","v":12.218707386363636}]
["SERVENTE COM ENCARGOS COMPLEMENTARES - INLUSIVE ABERTURA E FECHAMENTO DE CERCAS","MES",{"$f":"'CPU (DF)'!C166","v":2.83256880733945E-2},null,101452,null,"SINAPI CE 06/223",null,{"$f":"$I$45","v":3679.7},{"$f":"C166*I166","v":104.23003440366973}]
["SUB-TOTAL",{"$nulls":8},{"$f":"SUM(J162:J166)","v":195.80496432791216}]
["PRODUÇÃO MENSAL DA EQUIPE",{"$f":"'CPU (DF)'!B168","v":35.30364372469635},"CUSTO ",{"$nulls":6},{"$f":"J167+J159+J155+J151","v":1180.4816094510747}]
["TOTAL",{"$nulls":8},{"$f":"ROUND(J168,2)","v":1180.48}]
["BDI                %",{"$nulls":8},24.1]
["TOTAL DO SERVIÇO - R$",{"$nulls":8},{"$f":"ROUND(J169*(1+J170/100),2)","v":1464.98}]
[]
[]
[" COMPOSIÇÃO DE PREÇO UNITÁRIO"]
["LOCAÇÃO E CONSTRUÇÃO DE BACIAS DE CAPTAÇÃO DE ENXURRADA (12 METROS DE RAIO)",{"$nulls":7},"UNIDADE: ","UNID."]
["EQUIPAMENTO"]
["DISCRIMINAÇÃO","UNIDADE","QUANT. PROD.","QUANT. IMPROD.","COD. P","COD. I","FONTE","CHP/ P.UNIT.","CHI","P.TOTAL"]
["NIVEL OPTICO, COM PRECISAO DE 0,7 MM, AUMENTO DE 32X","H",{"$f":"'CPU (DF)'!C178","v":0.65},null,7252,null,"SINAPI CE 06/223",{"$f":"$H$57","v":2.25},null,{"$f":"C178*H178+D178*I178","v":1.4625000000000001}]
["TEODOLITO ELETRONICO, PRECISAO ANGULAR DE 5 A 7 SEGUNDOS, INCLUINDO TRIPE","H",{"$f":"'CPU (DF)'!C179","v":0.65},null,7247,null,"SINAPI CE 06/223",{"$f":"$H$58","v":2.25},null,{"$f":"C179*H179+D179*I179","v":1.4625000000000001}]
["PÁ CARREGADEIRA SOBRE RODAS, POTÊNCIA LÍQUIDA 128 HP, CAPACIDADE DA CAÇAMBA 1,7 A 2,8 M³","H",{"$f":"'CPU (DF)'!C180","v":6},{"$f":"'CPU (DF)'!D180","v":2},5940,5942,"SINAPI CE 06/223",{"$f":"$H$85","v":185.56},{"$f":"$I$85","v":73.41},{"$f":"C180*H180+D180*I180","v":1260.18}]
["VEÍCULO DE PASSEIO PARA DESLOCAMENTO DA EQUIPE","H",{"$f":"'CPU (DF)'!C181","v":0.28125},{"$f":"'CPU (DF)'!D181","v":0.46874999999999994},"E9093",null,"SICRO CE 01/2023",{"$f":"$H$30","v":33.938299999999998},{"$f":"$I$30","v":6.4294000000000002},{"$f":"C181*H181+D181*I181","v":12.558928125}]
["CAMINHONETE CABINE SIMPLES COM MOTOR 1.6 FLEX, CÂMBIO MANUAL, POTÊNCIA 101/104 CV, 2 PORTAS","H",{"$f":"'CPU (DF)'!C182","v":0.6875},{"$f":"'CPU (DF)'!D182","v":0.41250000000000009},92145,92146,"SINAPI CE 06/223",{"$f":"$H$31","v":74.45},{"$f":"$I$31","v":33.17},{"$f":"C182*H182+D182*I182","v":64.867000000000004}]
["SUB-TOTAL",{"$nulls":8},{"$f":"SUM(J178:J182)","v":1340.5309281249999}]
["MATERIAL"]
["DISCRIMINAÇÃO","UNIDADE","QUANT.",null,"COD.",null,null,null,"P.UNIT.","P.TOTAL"]
["ESTACA/PIQUETE DE MADEIRA","U",{"$f":"'CPU (DF)'!C186","v":16},null,4408,null,"SINAPI CE 06/223",null,{"$f":"$I$63","v":1.052},{"$f":"C186*I186","v":16.832000000000001}]
["SUB-TOTAL",{"$nulls":8},{"$f":"SUM(J186:J186)","v":16.832000000000001}]
["SERVIÇOS - COMPOSIÇÕES AUXILIARES"]
["DISCRIMINAÇÃO","UNIDADE","QUANT.",{"$nulls":5},"P.UNIT.","P.TOTAL"]
["REVESTIMENTO VEGETAL POR SEMEADURA A LANÇO MANUAL DE GRAMÍNEAS E LEGUMINOSAS","m²",{"$f":"'CPU (DF)'!C190","v":263.89378290154264},null,4413993,null,"SICRO CE 01/2023",null,{"$f":"VLOOKUP(E190,[13]Sheet1!$A:$D,4,FALSE)","v":0.64},{"$f":"C190*I190","v":168.89202105698729}]
["SUB-TOTAL",{"$nulls":8},{"$f":"SUM(J190:J190)","v":168.89202105698729}]
["MÃO DE OBRA"]
["DISCRIMINAÇÃO","UNIDADE","QUANT.",null,"COD. P","COD. I",null,null,"P.UNIT.","P.TOTAL"]
["ENGENHEIRO COM ENCARGO","MES",{"$f":"'CPU (DF)'!C194","v":1.7045454545454545E-3},null,93565,null,"SINAPI CE 06/223",null,{"$f":"$I$44","v":19809.53},{"$f":"C194*I194","v":33.766244318181812}]
["ENCARREGADO COM ENCARGO","MES",{"$f":"'CPU (DF)'!C195","v":5.1136363636363636E-3},null,93572,null,"SINAPI CE 06/223",null,{"$f":"$I$46","v":4552.47},{"$f":"C195*I195","v":23.279676136363637}]
["TOPOGRAFO COM ENCARGOS","MÊS",{"$f":"'CPU (DF)'!C196","v":3.6931818181818181E-3},null,94296,null,"SINAPI CE 06/223",null,{"$f":"$I$72","v":6899.07},{"$f":"C196*I196","v":25.479519886363637}]
["AUXILIAR DE TOPOGRÁFO COM ENCARGOS","MÊS",{"$f":"'CPU (DF)'!C197","v":3.6931818181818181E-3},null,101389,null,"SINAPI CE 06/223",null,{"$f":"$I$71","v":3308.45},{"$f":"C197*I197","v":12.218707386363635}]
["SERVENTE COM ENCARGOS COMPLEMENTARES - INLUSIVE ABERTURA E FECHAMENTO DE CERCAS","MES",{"$f":"'CPU (DF)'!C198","v":4.5454545454545456E-2},null,101452,null,"SINAPI CE 06/223",null,{"$f":"$I$45","v":3679.7},{"$f":"C198*I198","v":167.2590909090909}]
["SUB-TOTAL",{"$nulls":8},{"$f":"SUM(J194:J198)","v":262.00323863636362}]
["PRODUÇÃO DA EQUIPE ",{"$f":"'CPU (DF)'!B200","v":22},"CUSTO ",{"$nulls":6},{"$f":"J199+J191+J187+J183","v":1788.258187818351}]
["TOTAL",{"$nulls":8},{"$f":"ROUND(J200,2)","v":1788.26}]
["BDI                %",{"$nulls":8},24.1]
["TOTAL DO SERVIÇO - R$",{"$nulls":8},{"$f":"ROUND(J201*(1+J202/100),2)","v":2219.23}]
[]
[" COMPOSIÇÃO DE PREÇO UNITÁRIO"]
["CERCAMENTO DE ÁREAS AMBIENTALMENTE VULNERÁVEIS À CAPRINOVINOCULTURA",{"$nulls":7},"UNIDADE: ","m"]
["EQUIPAMENTO"]
["DISCRIMINAÇÃO","UNIDADE","QUANT. PROD.","QUANT. IMPROD.","COD. P","COD. I","FONTE",null,"P.UNIT.","P.TOTAL"]
["NIVEL OPTICO, COM PRECISAO DE 0,7 MM, AUMENTO DE 32X","h",{"$f":"'CPU (DF)'!C209","v":5.000000000000001E-2},null,7252,null,"SINAPI CE 06/223",{"$f":"H178","v":2.25},null,{"$f":"C209*H209+D209*I209","v":0.11250000000000002}]
["TEODOLITO ELETRONICO, PRECISAO ANGULAR DE 5 A 7 SEGUNDOS, INCLUINDO TRIPE","h",{"$f":"'CPU (DF)'!C210","v":5.000000000000001E-2},null,7247,null,"SINAPI CE 06/223",{"$f":"H179","v":2.25},null,{"$f":"C210*H210+D210*I210","v":0.11250000000000002}]
["VEÍCULO DE PASSEIO PARA DESLOCAMENTO DA EQUIPE","h",{"$f":"'CPU (DF)'!C211","v":1.8382352941176468E-2},{"$f":"'CPU (DF)'!D211","v":3.063725490196078E-2},"E9093","E9093","SICRO CE 01/2023",{"$f":"H30","v":33.938299999999998},{"$f":"I30","v":6.4294000000000002},{"$f":"C211*H211+D211*I211","v":0.82084497549019586}]
["CAMINHONETE CABINE SIMPLES COM MOTOR 1.6 FLEX, CÂMBIO MANUAL, POTÊNCIA 101/104 CV, 2 PORTAS","h",{"$f":"'CPU (DF)'!C212","v":2.9779411764705884E-2},{"$f":"'CPU (DF)'!D212","v":4.9632352941176468E-2},92145,92146,"SINAPI CE 06/223",{"$f":"H31","v":74.45},{"$f":"I31","v":33.17},{"$f":"C212*H212+D212*I212","v":3.8633823529411764}]
["SUB-TOTAL",{"$nulls":8},{"$f":"SUM(J209:J212)","v":4.9092273284313723}]
["MATERIAL"]
["DISCRIMINAÇÃO","UNIDADE","QUANT.",null,"COD. P","COD. I","FONTE",null,"P.UNIT.","P.TOTAL"]
["MOURAO ROLICO DE MADEIRA TRATADA, D = 16 A 20 CM, H = 3,0 M, EM EUCALIPTO OU EQUIVALENTE DA REGIAO (PARA CERCA)","m",{"$f":"'CPU (DF)'!C216","v":0.12},null,4491,null,"SINAPI CE 06/223",null,{"$f":"I252","v":27.44},{"$f":"ROUND((I216*C216),2)","v":3.29}]
["MOURAO ROLICO DE MADEIRA TRATADA, D  ≥ 10 CM, H = 2,20 M, EM EUCALIPTO OU EQUIVALENTE DA REGIAO (PARA CERCA)","m",{"$f":"'CPU (DF)'!C217","v":0.52},null,21138,null,"SINAPI CE 06/223",null,{"$f":"I253","v":8.6999999999999993},{"$f":"ROUND((I217*C217),2)","v":4.5199999999999996}]
["ARAME FARPADO GALVANIZADO, 16 BWG (1,65 MM), CLASSE 250","m",{"$f":"'CPU (DF)'!C218","v":8},null,340,null,"SINAPI CE 06/223",null,{"$f":"I254","v":1},{"$f":"ROUND((I218*C218),2)","v":8}]
["GRAMPO DE ACO POLIDO 1 \" X 9","kg",{"$f":"'CPU (DF)'!C219","v":0.04},null,5076,null,"SINAPI CE 06/223",null,{"$f":"I255","v":15.62},{"$f":"ROUND((I219*C219),2)","v":0.62}]
["ESTACA/PIQUETE DE MADEIRA","U",{"$f":"'CPU (DF)'!C220","v":0.05},null,4408,null,"SINAPI CE 06/223",null,{"$f":"I63","v":1.052},{"$f":"C220*I220","v":5.2600000000000008E-2}]
["SUB-TOTAL",{"$nulls":8},{"$f":"SUM(J216:J220)","v":16.482600000000001}]
["SERVIÇOS - COMPOSIÇÕES AUXILIARES"]
["DISCRIMINAÇÃO","UNIDADE","QUANT.",null,"COD.",null,"FONTE",null,"P.UNIT.","P.TOTAL"]
[]
["SUB-TOTAL",{"$nulls":8},{"$f":"J224","v":0}]
["MÃO DE OBRA"]
["DISCRIMINAÇÃO","UNIDADE","QUANT.",null,"COD. P","COD. I","FONTE",null,"P.UNIT.","P.TOTAL"]
["ENGENHEIRO COM ENCARGO","mês",{"$f":"'CPU (DF)'!C228","v":1.1140819964349375E-4},null,93565,null,"SINAPI CE 06/223",null,{"$f":"I194","v":19809.53},{"$f":"C228*I228","v":2.2069440730837786}]
["ENCARREGADO COM ENCARGO","mês",{"$f":"'CPU (DF)'!C229","v":3.3422459893048126E-4},null,93572,null,"SINAPI CE 06/223",null,{"$f":"I195","v":4552.47},{"$f":"C229*I229","v":1.5215474598930481}]
["TOPOGRAFO COM ENCARGOS","mês",{"$f":"'CPU (DF)'!C230","v":2.8409090909090913E-4},null,94296,null,"SINAPI CE 06/223",null,{"$f":"I196","v":6899.07},{"$f":"C230*I230","v":1.9599630681818183}]
["AUXILIAR DE TOPOGRÁFO COM ENCARGOS","mês",{"$f":"'CPU (DF)'!C231","v":2.8409090909090913E-4},null,101389,null,"SINAPI CE 06/223",null,{"$f":"I197","v":3308.45},{"$f":"C231*I231","v":0.93990056818181822}]
["SERVENTE COM ENCARGOS COMPLEMENTARES - ABERTURA DE PICADAS, ESCAVAÇÃO MANUAL E ASSENTAMENTO DE MOURÕES","mês",{"$f":"'CPU (DF)'!C232","v":1.0101010101010101E-3},null,101452,null,"SINAPI CE 06/223",null,{"$f":"I198","v":3679.7},{"$f":"C232*I232","v":3.7168686868686867}]
["CARPINTEIRO DE FORMAS COM ENCARGOS COMPLEMENTARES","h",{"$f":"'CPU (DF)'!C233","v":8.8888888888888892E-2},null,88262,null,"SINAPI CE 06/223",null,{"$f":"VLOOKUP(E233,[14]planilhanull!$G$7:$K$7520,5,FALSE)","v":26.83},{"$f":"ROUND((I233*C233),2)","v":2.38}]
["AJUDANTE DE CARPINTEIRO COM ENCARGOS COMPLEMENTARES","h",{"$f":"'CPU (DF)'!C234","v":8.8888888888888892E-2},null,88239,null,"SINAPI CE 06/223",null,{"$f":"VLOOKUP(E234,[14]planilhanull!$G$7:$K$7520,5,FALSE)","v":21.81},{"$f":"ROUND((I234*C234),2)","v":1.94}]
["SUB-TOTAL",{"$nulls":8},{"$f":"SUM(J228:J234)","v":14.665223856209147}]
["PRODUÇÃO MENSAL DA EQUIPE",{"$f":"'CPU (DF)'!B236","v":1980},"CUSTO ",{"$nulls":6},{"$f":"J235+J225+J221+J213","v":36.057051184640521}]
["TOTAL",{"$nulls":8},{"$f":"ROUND(J236,2)","v":36.06}]
["BDI                %",{"$nulls":8},24.1]
["TOTAL DO SERVIÇO - R$",{"$nulls":8},{"$f":"ROUND(J237*(1+J238/100),2)","v":44.75}]
[]
[" COMPOSIÇÃO DE PREÇO UNITÁRIO"]
["CERCAMENTO DE ÁREAS AMBIENTALMENTE VULNERÁVEIS À BOVINOCULTURA",{"$nulls":7},"UNIDADE: ","m"]
["EQUIPAMENTO"]
["DISCRIMINAÇÃO","UNIDADE","QUANT. PROD.","QUANT. IMPROD.","COD. P","COD. I","FONTE",null,"P.UNIT.","P.TOTAL"]
["NIVEL OPTICO, COM PRECISAO DE 0,7 MM, AUMENTO DE 32X","h",{"$f":"'CPU (DF)'!C245","v":5.000000000000001E-2},null,7252,null,"SINAPI CE 06/223",{"$f":"H57","v":2.25},null,{"$f":"C245*H245+D245*I245","v":0.11250000000000002}]
["TEODOLITO ELETRONICO, PRECISAO ANGULAR DE 5 A 7 SEGUNDOS, INCLUINDO TRIPE","h",{"$f":"'CPU (DF)'!C246","v":5.000000000000001E-2},null,7247,null,"SINAPI CE 06/223",{"$f":"H58","v":2.25},null,{"$f":"C246*H246+D246*I246","v":0.11250000000000002}]
["VEÍCULO DE PASSEIO PARA DESLOCAMENTO DA EQUIPE","h",{"$f":"'CPU (DF)'!C247","v":1.8382352941176468E-2},{"$f":"'CPU (DF)'!D247","v":3.063725490196078E-2},"E9093",null,"SICRO CE 01/2023",{"$f":"H30","v":33.938299999999998},{"$f":"I30","v":6.4294000000000002},{"$f":"C247*H247+D247*I247","v":0.82084497549019586}]
["CAMINHONETE CABINE SIMPLES COM MOTOR 1.6 FLEX, CÂMBIO MANUAL, POTÊNCIA 101/104 CV, 2 PORTAS","h",{"$f":"'CPU (DF)'!C248","v":2.9779411764705884E-2},{"$f":"'CPU (DF)'!D248","v":4.9632352941176468E-2},92145,92146,"SINAPI CE 06/223",{"$f":"H31","v":74.45},{"$f":"I31","v":33.17},{"$f":"C248*H248+D248*I248","v":3.8633823529411764}]
["SUB-TOTAL",{"$nulls":8},{"$f":"SUM(J245:J248)","v":4.9092273284313723}]
["MATERIAL"]
["DISCRIMINAÇÃO","UNIDADE","QUANT.",null,"COD.",null,"FONTE",null,"P.UNIT.","P.TOTAL"]
["MOURAO ROLICO DE MADEIRA TRATADA, D = 16 A 20 CM, H = 3,0 M, EM EUCALIPTO OU EQUIVALENTE DA REGIAO (PARA CERCA)","m",{"$f":"'CPU (DF)'!C252","v":6.6666666666666666E-2},null,2747,null,"SINAPI CE 06/223",null,{"$f":"VLOOKUP(E252,[16]sheet1!$A$1:$E$65536,5,FALSE)","v":27.44},{"$f":"ROUND((I252*C252),2)","v":1.83}]
["MOURAO ROLICO DE MADEIRA TRATADA, D  ≥ 10 CM, H = 2,20 M, EM EUCALIPTO OU EQUIVALENTE DA REGIAO (PARA CERCA)","m",{"$f":"'CPU (DF)'!C253","v":0.41111111111111115},null,21138,null,"SINAPI CE 06/223",null,{"$f":"VLOOKUP(E253,[16]sheet1!$A$1:$E$65536,5,FALSE)","v":8.6999999999999993},{"$f":"ROUND((I253*C253),2)","v":3.58}]
["ARAME FARPADO GALVANIZADO, 16 BWG (1,65 MM), CLASSE 250","m",{"$f":"'CPU (DF)'!C254","v":5},null,340,null,"SINAPI CE 06/223",null,{"$f":"VLOOKUP(E254,[16]sheet1!$A$1:$E$65536,5,FALSE)","v":1},{"$f":"ROUND((I254*C254),2)","v":5}]
["GRAMPO DE ACO POLIDO 1 \" X 9","kg",{"$f":"'CPU (DF)'!C255","v":0.03},null,5076,null,"SINAPI CE 06/223",null,{"$f":"VLOOKUP(E255,[16]sheet1!$A$1:$E$65536,5,FALSE)","v":15.62},{"$f":"ROUND((I255*C255),2)","v":0.47}]
["ESTACA/PIQUETE DE MADEIRA (0,5 m)","U",{"$f":"'CPU (DF)'!C256","v":0.05},null,4408,null,"SINAPI CE 06/223",null,{"$f":"I220","v":1.052},{"$f":"C256*I256","v":5.2600000000000008E-2}]
["SUB-TOTAL",{"$nulls":8},{"$f":"SUM(J252:J256)","v":10.932600000000001}]
["SERVIÇOS - COMPOSIÇÕES AUXILIARES"]
["DISCRIMINAÇÃO","UNIDADE","QUANT.",null,"COD.",null,"FONTE",null,"P.UNIT.","P.TOTAL"]
[]
["SUB-TOTAL",{"$nulls":8},{"$f":"J260","v":0}]
["MÃO DE OBRA"]
["DISCRIMINAÇÃO","UNIDADE","QUANT.",null,"COD. P","COD. I","FONTE",null,"P.UNIT.","P.TOTAL"]
["ENGENHEIRO COM ENCARGO","mês",{"$f":"'CPU (DF)'!C264","v":1.1140819964349375E-4},null,93565,null,"SINAPI CE 06/223",null,{"$f":"I228","v":19809.53},{"$f":"C264*I264","v":2.2069440730837786}]
["ENCARREGADO COM ENCARGO","mês",{"$f":"'CPU (DF)'!C265","v":3.3422459893048126E-4},null,93572,null,"SINAPI CE 06/223",null,{"$f":"I229","v":4552.47},{"$f":"C265*I265","v":1.5215474598930481}]
["TOPOGRAFO COM ENCARGOS","mês",{"$f":"'CPU (DF)'!C266","v":2.8409090909090913E-4},null,94296,null,"SINAPI CE 06/223",null,6899.07,{"$f":"C266*I266","v":1.9599630681818183}]
["AUXILIAR DE TOPOGRÁFO COM ENCARGOS","mês",{"$f":"'CPU (DF)'!C267","v":2.8409090909090913E-4},null,101389,null,"SINAPI CE 06/223",null,3308.45,{"$f":"C267*I267","v":0.93990056818181822}]
["SERVENTE COM ENCARGOS COMPLEMENTARES - ABERTURA DE PICADAS, ESCAVAÇÃO MANUAL E ASSENTAMENTO DE MOURÕES","mês",{"$f":"'CPU (DF)'!C268","v":1.0822510822510823E-3},null,101452,null,"SINAPI CE 06/223",null,3679.7,{"$f":"C268*I268","v":3.9823593073593071}]
["CARPINTEIRO DE FORMAS COM ENCARGOS COMPLEMENTARES","h",{"$f":"'CPU (DF)'!C269","v":9.5238095238095247E-2},null,88262,null,"SINAPI CE 06/223",null,26.83,{"$f":"ROUND((I269*C269),2)","v":2.56}]
["AJUDANTE DE CARPINTEIRO COM ENCARGOS COMPLEMENTARES","h",{"$f":"'CPU (DF)'!C270","v":9.5238095238095247E-2},null,88239,null,"SINAPI CE 06/223",null,21.81,{"$f":"ROUND((I270*C270),2)","v":2.08}]
["SUB-TOTAL",{"$nulls":8},{"$f":"SUM(J264:J270)","v":15.25071447669977}]
["PRODUÇÃO MENSAL DA EQUIPE",{"$f":"'CPU (DF)'!B272","v":1847.9999999999998},"CUSTO ",{"$nulls":6},{"$f":"J271+J261+J257+J249","v":31.092541805131141}]
["TOTAL",{"$nulls":8},{"$f":"ROUND(J272,2)","v":31.09}]
["BDI                %",{"$nulls":8},24.1]
["TOTAL DO SERVIÇO - R$",{"$nulls":8},{"$f":"ROUND(J273*(1+J274/100),2)","v":38.58}]
[]
[" COMPOSIÇÃO DE PREÇO UNITÁRIO"]
["PLACA DE IDENTIFICAÇÃO DE OBRA",{"$nulls":7},"UNIDADE: ","m²"]
["EQUIPAMENTO"]
["DISCRIMINAÇÃO","UNIDADE","QUANT. PROD.","QUANT. IMPROD.","CÓDIGO",null,null,null,"P.UNIT.","P.TOTAL"]
[{"$nulls":9},{"$f":"C281*I281","v":0}]
["SUB-TOTAL",{"$nulls":8},{"$f":"SUM(J281:J281)","v":0}]
["MATERIAL"]
["DISCRIMINAÇÃO","UNIDADE","QUANT.",null,"COD. P","COD. I",null,null,"P.UNIT.","P.TOTAL"]
["PONTALETE *7,5 X 7,5* CM EM PINUS, MISTA OU EQUIVALENTE DA REGIAO - BRUTA","M",{"$f":"'CPU (DF)'!C285","v":1},null,4491,null,"SINAPI CE 06/223",null,{"$f":"VLOOKUP(E285,[16]sheet1!$A$1:$E$65536,5,FALSE)","v":10.25},{"$f":"ROUND((I285*C285),2)","v":10.25}]
["SARRAFO NAO APARELHADO *2,5 X 7* CM","M",{"$f":"'CPU (DF)'!C286","v":1},null,4417,null,"SINAPI CE 06/223",null,{"$f":"VLOOKUP(E286,[16]sheet1!$A$1:$E$65536,5,FALSE)","v":7.52},{"$f":"ROUND((I286*C286),2)","v":7.52}]
["PREGO DE ACO POLIDO COM CABECA 18 X 30 (2 3/4 X 10)","KG",{"$f":"'CPU (DF)'!C287","v":1.8333333333333333E-2},null,5075,null,"SINAPI CE 06/223",null,{"$f":"VLOOKUP(E287,[16]sheet1!$A$1:$E$65536,5,FALSE)","v":15.46},{"$f":"ROUND((I287*C287),2)","v":0.28000000000000003}]
["PLACA DE OBRA (PARA CONSTRUCAO CIVIL) EM CHAPA GALVANIZADA","M2",{"$f":"'CPU (DF)'!C288","v":1},null,4813,null,"SINAPI CE 06/223",null,{"$f":"VLOOKUP(E288,[16]sheet1!$A$1:$E$65536,5,FALSE)","v":250},{"$f":"ROUND((I288*C288),2)","v":250}]
["SUB-TOTAL",{"$nulls":8},{"$f":"SUM(J285:J288)","v":268.05}]
["SERVIÇOS - COMPOSIÇÕES AUXILIARES"]
["DISCRIMINAÇÃO","UNIDADE","QUANT.",null,"COD. P","COD. I",null,null,"P.UNIT.","P.TOTAL"]
["CONCRETO MAGRO TRAÇO 1:4,5:4,5 (CIMENTO/ AREIA MÉDIA/ BRITA 1) - PREPARO MECÂNICO COM BETONEIRA 400 L.","M3",{"$f":"'CPU (DF)'!C292","v":1.6666666666666666E-2},null,94962,null,"SINAPI CE 06/223",null,{"$f":"VLOOKUP(E292,[14]planilhanull!$G$7:$K$7520,5,FALSE)","v":409.84},{"$f":"ROUND((I292*C292),2)","v":6.83}]
["SUB-TOTAL",{"$nulls":8},{"$f":"J292","v":6.83}]
["MÃO DE OBRA"]
["DISCRIMINAÇÃO","UNIDADE","QUANT.",null,"COD. P","COD. I",null,null,"P.UNIT.","P.TOTAL"]
["CARPINTEIRO DE FORMAS COM ENCARGOS COMPLEMENTARES","H",{"$f":"'CPU (DF)'!C296","v":0.33333333333333331},null,88262,null,"SINAPI CE 06/223",null,{"$f":"I269","v":26.83},{"$f":"ROUND((I296*C296),2)","v":8.94}]
["AJUDANTE DE CARPINTEIRO COM ENCARGOS COMPLEMENTARES","H",{"$f":"'CPU (DF)'!C297","v":0.66666666666666663},null,88239,null,"SINAPI CE 06/223",null,{"$f":"I270","v":21.81},{"$f":"ROUND((I297*C297),2)","v":14.54}]
["SUB-TOTAL",{"$nulls":8},{"$f":"SUM(J296:J297)","v":23.479999999999997}]
["PRODUÇÃO MENSAL DA EQUIPE",{"$f":"'CPU (DF)'!B299","v":528},"CUSTO ",{"$nulls":6},{"$f":"J298+J293+J289+J282","v":298.36}]
["TOTAL",{"$nulls":8},{"$f":"ROUND(J299,2)","v":298.36}]
["BDI                %",{"$nulls":8},24.1]
["TOTAL DO SERVIÇO - R$",{"$nulls":8},{"$f":"ROUND(J300*(1+J301/100),2)","v":370.26}]

{"sheet":"CPU (DF)","index":6,"n_rows":302,"n_cols":12,"rows_kept":302,"cut":false,"hidden":false,"merged":[[166,0,166,8],[167,2,167,8],[168,0,168,8],[169,0,169,8],[170,0,170,8],[141,0,141,9],[142,0,142,7],[143,0,143,9],[150,0,150,8],[151,0,151,9],[154,0,154,8],[155,0,155,9],[158,0,158,8],[159,0,159,9],[301,0,301,8],[235,2,235,8],[236,0,236,8],[237,0,237,8],[238,0,238,8],[257,0,257,9],[240,0,240,9],[241,0,241,7],[242,0,242,9],[292,0,292,8],[293,0,293,9],[299,0,299,8],[297,0,297,8],[298,2,298,8],[300,0,300,8],[271,2,271,8],[260,0,260,8],[288,0,288,8],[282,0,282,9],[289,0,289,9],[198,0,198,8],[199,2,199,8],[200,0,200,8],[201,0,201,8],[277,0,277,7],[202,0,202,8],[276,0,276,9],[221,0,221,9],[224,0,224,8],[225,0,225,9],[272,0,272,8],[273,0,273,8],[274,0,274,8],[248,0,248,8],[249,0,249,9],[256,0,256,8],[261,0,261,9],[270,0,270,8],[220,0,220,8],[204,0,204,9],[205,0,205,7],[206,0,206,9],[212,0,212,8],[213,0,213,9],[234,0,234,8],[278,0,278,9],[281,0,281,8],[59,0,59,8],[73,2,73,8],[74,0,74,8],[173,0,173,9],[174,0,174,7],[191,0,191,9],[186,0,186,8],[187,0,187,9],[190,0,190,8],[182,0,182,8],[183,0,183,9],[120,0,120,9],[119,0,119,8],[175,0,175,9],[63,0,63,8],[67,0,67,8],[68,0,68,9],[72,0,72,8],[124,0,124,9],[123,0,123,8],[75,0,75,8],[0,0,0,9],[1,0,1,1],[1,2,1,4],[1,6,1,7],[15,0,15,9],[18,0,18,8],[2,0,2,9],[5,0,5,8],[6,0,6,9],[10,0,10,8],[11,0,11,9],[14,0,14,8],[21,0,21,8],[22,0,22,8],[24,0,24,9],[26,0,26,9],[19,2,19,8],[20,0,20,8],[25,0,25,7],[60,0,60,9],[112,0,112,9],[35,0,35,8],[36,0,36,9],[40,0,40,8],[31,0,31,8],[32,0,32,9],[41,0,41,9],[46,0,46,8],[47,2,47,8],[48,0,48,8],[49,0,49,8],[64,0,64,9],[50,0,50,8],[52,0,52,9],[53,0,53,7],[54,0,54,9],[76,0,76,8],[110,0,110,9],[111,0,111,7],[139,0,139,8],[127,0,127,8],[128,0,128,9],[135,0,135,8],[136,2,136,8],[137,0,137,8],[138,0,138,8],[78,0,78,9],[79,0,79,7],[80,0,80,9],[87,0,87,8],[88,0,88,9],[91,0,91,8],[92,0,92,9],[95,0,95,8],[96,0,96,9],[103,0,103,8],[104,2,104,8],[105,0,105,8],[106,0,106,8],[107,0,107,8]]}
[" COMPOSIÇÃO DE PREÇO UNITÁRIO"]
["MOBILIZAÇÃO E DESMOBILIZAÇÃO",null,"REGIÃO:",null,null,null,"DF",null,"UNIDADE: ","R$/Tonelada/ Projeto"]
["EQUIPAMENTO"]
["DISCRIMINAÇÃO","UNIDADE","QUANT. PROD.","QUANT. IMPROD.","COD.",null,"FONTE","P.UNIT. PROD","P.UNIT. IMPR","P.TOTAL"]
[{"$nulls":9},{"$f":"C5*E5*H5+C5*G5*I5","v":0}]
["SUB-TOTAL",{"$nulls":8},{"$f":"SUM(J5:J5)","v":0}]
["MATERIAL"]
["DISCRIMINAÇÃO","UNIDADE","QUANT.",null,"COD.",null,"FONTE",null,"P.UNIT.","P.TOTAL"]
[{"$nulls":9},"Toneladas/ Projeto"]
[{"$nulls":9},{"$f":"C10*I10","v":0}]
["SUB-TOTAL",{"$nulls":8},{"$f":"SUM(J9:J10)","v":0}]
["SERVIÇOS - COMPOSIÇÕES AUXILIARES"]
["DISCRIMINAÇÃO","UNIDADE","QUANT.",null,"COD.",null,"FONTE",null,"P.UNIT.","P.TOTAL"]
["TRANSPORTE COM CAVALO MECÂNICO COM SEMIRREBOQUE COM CAPACIDADE DE 30 T - RODOVIA PAVIMENTADA","t*km",1,null,5914640,null,"SICRO DF 01/2023",null,{"$f":"VLOOKUP(E14,[17]Sheet1!$A:$D,4,FALSE)","v":0.57999999999999996},{"$f":"C14*I14","v":0.57999999999999996}]
["SUB-TOTAL",{"$nulls":8},{"$f":"SUM(J14:J14)","v":0.57999999999999996}]
["MÃO DE OBRA"]
["DISCRIMINAÇÃO","UNIDADE","QUANT.",{"$nulls":5},"P.UNIT.","P.TOTAL"]
[{"$nulls":9},{"$f":"C18*I18","v":0}]
["SUB-TOTAL",{"$nulls":8},{"$f":"SUM(J18:J18)","v":0}]
["PRODUÇÃO DA EQUIPE (MOB E DESMOB) EM km",{"$f":"VLOOKUP(G2,DMT!D:E,2)*2","v":100},"CUSTO ",{"$nulls":6},{"$f":"J19+J15+J11+J6","v":0.57999999999999996}]
["TOTAL",{"$nulls":8},{"$f":"J20*B20","v":57.999999999999993}]
["BDI                %",{"$nulls":8},24.1]
["TOTAL DO SERVIÇO - R$",{"$nulls":8},{"$f":"J21*(1+J22/100)","v":71.977999999999994}]
[]
[" COMPOSIÇÃO DE PREÇO UNITÁRIO"]
["LOCAÇÃO E CONSTRUÇÃO DE TERRAÇOS - INCLUSIVE SOLOS DUROS E SECOS",{"$nulls":7},"UNIDADE: ","km"]
["EQUIPAMENTO"]
["DISCRIMINAÇÃO","UNIDADE","QUANT. PROD.","QUANT. IMPROD.","COD. P","COD. I","FONTE","CHP","CHI","P.TOTAL"]
["TRATOR DE ESTEIRAS, POTÊNCIA 125 HP, PESO OPERACIONAL 12,9 T, COM LÂMINA 2,7 M3","H",{"$f":"22*6/B48","v":7.0588235294117654},{"$f":"22*2/B48","v":2.3529411764705883},5851,5853,"SINAPI DF 06/223",{"$f":"VLOOKUP(E29,[18]planilhanull!$G$7:$K$7520,5,FALSE)","v":209.11},{"$f":"VLOOKUP(F29,[18]planilhanull!$G$7:$K$7520,5,FALSE)","v":66.819999999999993},{"$f":"C29*H29+D29*I29","v":1633.294117647059}]
["VEÍCULO DE PASSEIO PARA DESLOCAMENTO DA EQUIPE","H",{"$f":"(C46/2+C44)*3*22","v":0.93749999999999989},{"$f":"(C46/2+C44)*5*22","v":1.5624999999999998},"E9093","E9093","SICRO DF 01/2023",{"$f":"VLOOKUP(E30,[19]Sheet1!$A:$K,10,FALSE)","v":34.352499999999999},{"$f":"VLOOKUP(F30,[19]Sheet1!$A:$K,11,FALSE)","v":6.3131000000000004},{"$f":"C30*H30+D30*I30","v":42.069687499999993}]
["CAMINHONETE CABINE SIMPLES COM MOTOR 1.6 FLEX, CÂMBIO MANUAL, POTÊNCIA 101/104 CV, 2 PORTAS","H",{"$f":"(C46/2)*3*22","v":0.5625},{"$f":"(C46/2)*5*22","v":0.93749999999999989},92145,92146,"SINAPI DF 06/223",{"$f":"VLOOKUP(E31,[18]planilhanull!$G$7:$K$7520,5,FALSE)","v":74.8},{"$f":"VLOOKUP(F31,[18]planilhanull!$G$7:$K$7520,5,FALSE)","v":32.04},{"$f":"C31*H31+D31*I31","v":72.112499999999983}]
["SUB-TOTAL",{"$nulls":8},{"$f":"SUM(J29:J31)","v":1747.4763051470591}]
["MATERIAL"]
["DISCRIMINAÇÃO","UNIDADE","QUANT.",null,"COD.",null,"FONTE",null,"P.UNIT.","P.TOTAL"]
[]
["SUB-TOTAL",{"$nulls":8},{"$f":"SUM(J35:J35)","v":0}]
["SERVIÇOS - COMPOSIÇÕES AUXILIARES"]
["DISCRIMINAÇÃO","UNIDADE","QUANT.",null,"COD.",null,"FONTE",null,"P.UNIT.","P.TOTAL"]
["LOCAÇÃO E NIVELAMENTO DE TERRAÇOS COM TOPOGRAFIA","KM",1,null,null,null,"COMPOSIÇÃO",null,{"$f":"J75","v":193.2},{"$f":"C39*I39","v":193.2}]
["REVESTIMENTO VEGETAL POR SEMEADURA A LANÇO MANUAL DE GRAMÍNEAS E LEGUMINOSAS","m²",1000,null,4413993,null,"SICRO DF 01/2023",null,{"$f":"VLOOKUP(E40,[17]Sheet1!$A:$D,4,FALSE)","v":0.57999999999999996},{"$f":"C40*I40","v":580}]
["SUB-TOTAL",{"$nulls":8},{"$f":"SUM(J39:J40)","v":773.2}]
["MÃO DE OBRA"]
["DISCRIMINAÇÃO","UNIDADE","QUANT.",null,"COD. P","COD. I","FONTE",null,"P.UNIT.","P.TOTAL"]
["ENGENHEIRO COM ENCARGO","MES",{"$f":"'TEMPOS DE EXECUÇÃO POR UNIDADE'!S17/B48","v":5.681818181818182E-3},null,93565,null,"SINAPI DF 06/223",null,{"$f":"VLOOKUP(E44,[18]planilhanull!$G$7:$K$7520,5,FALSE)","v":19706.240000000002},{"$f":"C44*I44","v":111.96727272727274}]
["SERVENTE COM ENCARGOS COMPLEMENTARES - INLUSIVE ABERTURA E FECHAMENTO DE CERCAS","MES",{"$f":"'TEMPOS DE EXECUÇÃO POR UNIDADE'!S21/B48","v":5.3475935828877004E-2},null,101452,null,"SINAPI DF 06/223",null,{"$f":"VLOOKUP(E45,[18]planilhanull!$G$7:$K$7520,5,FALSE)","v":3970.59},{"$f":"C45*I45","v":212.33101604278076}]
["ENCARREGADO COM ENCARGO","MES",{"$f":"'TEMPOS DE EXECUÇÃO POR UNIDADE'!S18/B48","v":1.7045454545454544E-2},null,93572,null,"SINAPI DF 06/223",null,{"$f":"VLOOKUP(E46,[18]planilhanull!$G$7:$K$7520,5,FALSE)","v":4283.04},{"$f":"C46*I46","v":73.006363636363631}]
["SUB-TOTAL",{"$nulls":8},{"$f":"SUM(J44:J46)","v":397.30465240641712}]
["PRODUÇÃO DA EQUIPE MÊS 22 KM, MAS COM FATOR DE REDUÇÃO PARA PÉRIODOS COM CHUVAS ",{"$f":"22*0.85","v":18.7},"CUSTO ",{"$nulls":6},{"$f":"J47+J41+J36+J32","v":2917.9809575534764}]
["TOTAL",{"$nulls":8},{"$f":"ROUND(J48,2)","v":2917.98}]
["BDI                %",{"$nulls":8},24.1]
["TOTAL DO SERVIÇO - R$",{"$nulls":8},{"$f":"ROUND(J49*(1+J50/100),2)","v":3621.21}]
[]
[" COMPOSIÇÃO DE PREÇO UNITÁRIO"]
["LOCAÇÃO E NIVELAMENTO DE TERRAÇOS COM TOPOGRAFIA",{"$nulls":7},"UNIDADE: ","km"]
["EQUIPAMENTO"]
["DISCRIMINAÇÃO","UNIDADE","QUANT. PROD.","QUANT. IMPROD.","COD. P","COD. I","FONTE","CHP/ P.UNIT.","CHI","P.TOTAL"]
["NIVEL OPTICO, COM PRECISAO DE 0,7 MM, AUMENTO DE 32X","H",{"$f":"C71*8*22","v":0.99609374999999989},null,7252,null,"SINAPI DF 06/223",{"$f":"VLOOKUP(E57,[20]sheet1!$A$1:$E$65536,5,FALSE)","v":2.25},null,{"$f":"C57*H57+D57*I57","v":2.2412109374999996}]
["TEODOLITO ELETRONICO, PRECISAO ANGULAR DE 5 A 7 SEGUNDOS, INCLUINDO TRIPE","H",{"$f":"C71*8*22","v":0.99609374999999989},null,7247,null,"SINAPI DF 06/223",{"$f":"VLOOKUP(E58,[20]sheet1!$A$1:$E$65536,5,FALSE)","v":2.25},null,{"$f":"C58*H58+D58*I58","v":2.2412109374999996}]
["CAMINHONETE CABINE SIMPLES COM MOTOR 1.6 FLEX, CÂMBIO MANUAL, POTÊNCIA 101/104 CV, 2 PORTAS","H",{"$f":"C71*3*22","v":0.37353515624999994},{"$f":"C71*5*22","v":0.62255859375},92145,92146,"SINAPI DF 06/223",{"$f":"H31","v":74.8},{"$f":"I31","v":32.04},{"$f":"C59*H59+D59*I59","v":47.88720703125}]
["SUB-TOTAL",{"$nulls":8},{"$f":"SUM(J57:J59)","v":52.36962890625}]
["MATERIAL"]
["DISCRIMINAÇÃO","UNIDADE","QUANT.",null,"COD.",null,null,null,"P.UNIT.","P.TOTAL"]
["ESTACA/PIQUETE DE MADEIRA","U",{"$f":"1000/12","v":83.333333333333329},null,4408,null,"SINAPI DF 06/223",null,{"$f":"VLOOKUP(E63,[20]sheet1!$A$1:$E$65536,5,FALSE)*0.4","v":1.268},{"$f":"C63*I63","v":105.66666666666666}]
["SUB-TOTAL",{"$nulls":8},{"$f":"SUM(J63:J63)","v":105.66666666666666}]
["SERVIÇOS - COMPOSIÇÕES AUXILIARES"]
["DISCRIMINAÇÃO","UNIDADE","QUANT.",{"$nulls":5},"P.UNIT.","P.TOTAL"]
[]
["SUB-TOTAL"]
["MÃO DE OBRA"]
["DISCRIMINAÇÃO","UNIDADE","QUANT.",null,"COD. P","COD. I",null,null,"P.UNIT.","P.TOTAL"]
["AUXILIAR DE TOPOGRÁFO COM ENCARGOS","MÊS",{"$f":"'TEMPOS DE EXECUÇÃO POR UNIDADE'!S20/B74","v":5.6596235795454541E-3},null,101389,null,"SINAPI DF 06/223",null,{"$f":"VLOOKUP(E71,[18]planilhanull!$G$7:$K$7520,5,FALSE)","v":2068.4699999999998},{"$f":"C71*I71","v":11.706761585582385}]
["TOPOGRAFO COM ENCARGOS","MÊS",{"$f":"'TEMPOS DE EXECUÇÃO POR UNIDADE'!S19/B74","v":5.6596235795454541E-3},null,94296,null,"SINAPI DF 06/223",null,{"$f":"VLOOKUP(E72,[18]planilhanull!$G$7:$K$7520,5,FALSE)","v":4143.75},{"$f":"C72*I72","v":23.452065207741477}]
["SUB-TOTAL",{"$nulls":8},{"$f":"SUM(J71:J72)","v":35.158826793323861}]
["PRODUÇÃO MENSAL DA EQUIPE",{"$f":"22*8/3.75","v":46.93333333333333},"CUSTO ",{"$nulls":6},{"$f":"J73+J68+J64+J60","v":193.19512236624053}]
["TOTAL",{"$nulls":8},{"$f":"ROUND(J74,2)","v":193.2}]
["BDI                %",{"$nulls":8},24.1]
["TOTAL DO SERVIÇO - R$",{"$nulls":8},{"$f":"ROUND(J75*(1+J76/100),2)","v":239.76}]
[]
[" COMPOSIÇÃO DE PREÇO UNITÁRIO"]
["LOCAÇÃO E CONSTRUÇÃO DE BACIAS DE CAPTAÇÃO DE ENXURRADA (4 METROS DE RAIO)",{"$nulls":7},"UNIDADE: ","UNID."]
["EQUIPAMENTO"]
["DISCRIMINAÇÃO","UNIDADE","QUANT. PROD.","QUANT. IMPROD.","COD. P","COD. I","FONTE","CHP/ P.UNIT.","CHI","P.TOTAL"]
["NIVEL OPTICO, COM PRECISAO DE 0,7 MM, AUMENTO DE 32X","H",{"$f":"C101*8*22","v":0.59999999999999987},null,7252,null,"SINAPI DF 06/223",{"$f":"$H$57","v":2.25},null,{"$f":"C83*H83+D83*I83","v":1.3499999999999996}]
["TEODOLITO ELETRONICO, PRECISAO ANGULAR DE 5 A 7 SEGUNDOS, INCLUINDO TRIPE","H",{"$f":"C101*8*22","v":0.59999999999999987},null,7247,null,"SINAPI DF 06/223",{"$f":"$H$58","v":2.25},null,{"$f":"C84*H84+D84*I84","v":1.3499999999999996}]
["PÁ CARREGADEIRA SOBRE RODAS, POTÊNCIA LÍQUIDA 128 HP, CAPACIDADE DA CAÇAMBA 1,7 A 2,8 M³","H",{"$f":"$C$180*'TEMPOS DE EXECUÇÃO POR UNIDADE'!$J$7/'TEMPOS DE EXECUÇÃO POR UNIDADE'!$M$7","v":0.77795298165137616},{"$f":"$D$180*'TEMPOS DE EXECUÇÃO POR UNIDADE'!$J$7/'TEMPOS DE EXECUÇÃO POR UNIDADE'!$M$7","v":0.25931766055045874},5940,5942,"SINAPI DF 06/223",{"$f":"VLOOKUP(E85,[18]planilhanull!$G$7:$K$7520,5,FALSE)","v":165.71},{"$f":"VLOOKUP(F85,[18]planilhanull!$G$7:$K$7520,5,FALSE)","v":65.010000000000005},{"$f":"C85*H85+D85*I85","v":145.77282970183487}]
["VEÍCULO DE PASSEIO PARA DESLOCAMENTO DA EQUIPE","H",{"$f":"(C99+C100/2)*3*22","v":0.23437500000000003},{"$f":"(C99+C100/2)*5*22","v":0.39062500000000006},"E9093",null,"SICRO DF 01/2023",{"$f":"$H$30","v":34.352499999999999},{"$f":"$I$30","v":6.3131000000000004},{"$f":"C86*H86+D86*I86","v":10.517421875}]
["CAMINHONETE CABINE SIMPLES COM MOTOR 1.6 FLEX, CÂMBIO MANUAL, POTÊNCIA 101/104 CV, 2 PORTAS","H",{"$f":"(C100/2+C101)*5*22","v":0.60937499999999989},{"$f":"(C100/2+C101)*3*22","v":0.36562499999999998},92145,92146,"SINAPI DF 06/223",{"$f":"$H$31","v":74.8},{"$f":"$I$31","v":32.04},{"$f":"C87*H87+D87*I87","v":57.295874999999988}]
["SUB-TOTAL",{"$nulls":8},{"$f":"SUM(J83:J87)","v":216.28612657683485}]
["MATERIAL"]
["DISCRIMINAÇÃO","UNIDADE","QUANT.",null,"COD.",null,null,null,"P.UNIT.","P.TOTAL"]
["ESTACA/PIQUETE DE MADEIRA","U",12,null,4408,null,"SINAPI DF 06/223",null,{"$f":"$I$63","v":1.268},{"$f":"C91*I91","v":15.216000000000001}]
["SUB-TOTAL",{"$nulls":8},{"$f":"SUM(J91:J91)","v":15.216000000000001}]
["SERVIÇOS - COMPOSIÇÕES AUXILIARES"]
["DISCRIMINAÇÃO","UNIDADE","QUANT.",{"$nulls":5},"P.UNIT.","P.TOTAL"]
["REVESTIMENTO VEGETAL POR SEMEADURA A LANÇO MANUAL DE GRAMÍNEAS E LEGUMINOSAS","m²",{"$f":"PI()*4*4","v":50.26548245743669},null,4413993,null,"SICRO DF 01/2023",null,{"$f":"VLOOKUP(E95,[17]Sheet1!$A:$D,4,FALSE)","v":0.57999999999999996},{"$f":"C95*I95","v":29.153979825313279}]
["SUB-TOTAL",{"$nulls":8},{"$f":"SUM(J95:J95)","v":29.153979825313279}]
["MÃO DE OBRA"]
["DISCRIMINAÇÃO","UNIDADE","QUANT.",null,"COD. P","COD. I",null,null,"P.UNIT.","P.TOTAL"]
["ENGENHEIRO COM ENCARGO","MÊS",{"$f":"'TEMPOS DE EXECUÇÃO POR UNIDADE'!K17/B$105","v":1.4204545454545455E-3},null,93565,null,"SINAPI DF 06/223",null,{"$f":"$I$44","v":19706.240000000002},{"$f":"C99*I99","v":27.991818181818186}]
["ENCARREGADO COM ENCARGO","MÊS",{"$f":"'TEMPOS DE EXECUÇÃO POR UNIDADE'!K18/B$105","v":4.2613636363636369E-3},null,93572,null,"SINAPI DF 06/223",null,{"$f":"$I$46","v":4283.04},{"$f":"C100*I100","v":18.251590909090911}]
["TOPOGRAFO COM ENCARGOS","MÊS",{"$f":"'TEMPOS DE EXECUÇÃO POR UNIDADE'!K19/B$105","v":3.4090909090909085E-3},null,94296,null,"SINAPI DF 06/223",null,{"$f":"$I$72","v":4143.75},{"$f":"C101*I101","v":14.126420454545451}]
["AUXILIAR DE TOPOGRÁFO COM ENCARGOS","MÊS",{"$f":"'TEMPOS DE EXECUÇÃO POR UNIDADE'!K20/B$105","v":3.4090909090909085E-3},null,101389,null,"SINAPI DF 06/223",null,{"$f":"$I$71","v":2068.4699999999998},{"$f":"C102*I102","v":7.0516022727272709}]
["SERVENTE COM ENCARGOS COMPLEMENTARES - INLUSIVE ABERTURA E FECHAMENTO DE CERCAS","MES",{"$f":"'TEMPOS DE EXECUÇÃO POR UNIDADE'!K21/B$105","v":5.893583194328607E-3},null,101452,null,"SINAPI DF 06/223",null,{"$f":"$I$45","v":3970.59},{"$f":"C103*I103","v":23.401002495569223}]
["SUB-TOTAL",{"$nulls":8},{"$f":"SUM(J99:J103)","v":90.822434313751046}]
["PRODUÇÃO MENSAL DA EQUIPE",{"$f":"22*8/(C85+D85)","v":169.67606412382531},"CUSTO ",{"$nulls":6},{"$f":"J104+J96+J92+J88","v":351.47854071589916}]
["TOTAL",{"$nulls":8},{"$f":"ROUND(J105,2)","v":351.48},null," "]
["BDI                %",{"$nulls":8},24.1]
["TOTAL DO SERVIÇO - R$",{"$nulls":8},{"$f":"ROUND(J106*(1+J107/100),2)","v":436.19}]
[]
[]
[" COMPOSIÇÃO DE PREÇO UNITÁRIO"]
["LOCAÇÃO E CONSTRUÇÃO DE BACIAS DE CAPTAÇÃO DE ENXURRADA (6 METROS DE RAIO)",{"$nulls":7},"UNIDADE: ","UNID."]
["EQUIPAMENTO"]
["DISCRIMINAÇÃO","UNIDADE","QUANT. PROD.","QUANT. IMPROD.","COD. P","COD. I","FONTE","CHP/ P.UNIT.","CHI","P.TOTAL"]
["NIVEL OPTICO, COM PRECISAO DE 0,7 MM, AUMENTO DE 32X","H",{"$f":"C133*8*22","v":0.59999999999999987},null,7252,null,"SINAPI DF 06/223",{"$f":"$H$57","v":2.25},null,{"$f":"C115*H115+D115*I115","v":1.3499999999999996}]
["TEODOLITO ELETRONICO, PRECISAO ANGULAR DE 5 A 7 SEGUNDOS, INCLUINDO TRIPE","H",{"$f":"C133*8*22","v":0.59999999999999987},null,7247,null,"SINAPI DF 06/223",{"$f":"$H$58","v":2.25},null,{"$f":"C116*H116+D116*I116","v":1.3499999999999996}]
["PÁ CARREGADEIRA SOBRE RODAS, POTÊNCIA LÍQUIDA 128 HP, CAPACIDADE DA CAÇAMBA 1,7 A 2,8 M³","H",{"$f":"$C$180*'TEMPOS DE EXECUÇÃO POR UNIDADE'!$K$7/'TEMPOS DE EXECUÇÃO POR UNIDADE'!$M$7","v":1.5361668577981655},{"$f":"$D$180*'TEMPOS DE EXECUÇÃO POR UNIDADE'!$K$7/'TEMPOS DE EXECUÇÃO POR UNIDADE'!$M$7","v":0.51205561926605514},5940,5942,"SINAPI DF 06/223",{"$f":"$H$85","v":165.71},{"$f":"$I$85","v":65.010000000000005},{"$f":"C117*H117+D117*I117","v":287.84694581422025}]
["VEÍCULO DE PASSEIO PARA DESLOCAMENTO DA EQUIPE","H",{"$f":"(C131+C132/2)*3*22","v":0.25},{"$f":"(C131+C132/2)*5*22","v":0.41666666666666669},"E9093",null,"SICRO DF 01/2023",{"$f":"$H$30","v":34.352499999999999},{"$f":"$I$30","v":6.3131000000000004},{"$f":"C118*H118+D118*I118","v":11.218583333333333}]
["CAMINHONETE CABINE SIMPLES COM MOTOR 1.6 FLEX, CÂMBIO MANUAL, POTÊNCIA 101/104 CV, 2 PORTAS","H",{"$f":"(C132/2+C133)*5*22","v":0.62499999999999989},{"$f":"(C132/2+C133)*3*22","v":0.375},92145,92146,"SINAPI DF 06/223",{"$f":"$H$31","v":74.8},{"$f":"$I$31","v":32.04},{"$f":"C119*H119+D119*I119","v":58.764999999999993}]
["SUB-TOTAL",{"$nulls":8},{"$f":"SUM(J115:J119)","v":360.53052914755358}]
["MATERIAL"]
["DISCRIMINAÇÃO","UNIDADE","QUANT.",null,"COD.",null,null,null,"P.UNIT.","P.TOTAL"]
["ESTACA/PIQUETE DE MADEIRA","U",12,null,4408,null,"SINAPI DF 06/223",null,{"$f":"$I$63","v":1.268},{"$f":"C123*I123","v":15.216000000000001}]
["SUB-TOTAL",{"$nulls":8},{"$f":"SUM(J123:J123)","v":15.216000000000001}]
["SERVIÇOS - COMPOSIÇÕES AUXILIARES"]
["DISCRIMINAÇÃO","UNIDADE","QUANT.",{"$nulls":5},"P.UNIT.","P.TOTAL"]
["REVESTIMENTO VEGETAL POR SEMEADURA A LANÇO MANUAL DE GRAMÍNEAS E LEGUMINOSAS","m²",{"$f":"PI()*6*5","v":94.247779607693786},null,4413993,null,"SICRO DF 01/2023",null,{"$f":"VLOOKUP(E127,[17]Sheet1!$A:$D,4,FALSE)","v":0.57999999999999996},{"$f":"C127*I127","v":54.66371217246239}]
["SUB-TOTAL",{"$nulls":8},{"$f":"SUM(J127:J127)","v":54.66371217246239}]
["MÃO DE OBRA"]
["DISCRIMINAÇÃO","UNIDADE","QUANT.",null,"COD. P","COD. I",null,null,"P.UNIT.","P.TOTAL"]
["ENGENHEIRO COM ENCARGO","MÊS",{"$f":"'TEMPOS DE EXECUÇÃO POR UNIDADE'!M17/B$137","v":1.5151515151515152E-3},null,93565,null,"SINAPI DF 06/223",null,{"$f":"$I$44","v":19706.240000000002},{"$f":"C131*I131","v":29.857939393939397}]
["ENCARREGADO COM ENCARGO","MÊS",{"$f":"'TEMPOS DE EXECUÇÃO POR UNIDADE'!M18/B$137","v":4.5454545454545452E-3},null,93572,null,"SINAPI DF 06/223",null,{"$f":"$I$46","v":4283.04},{"$f":"C132*I132","v":19.468363636363634}]
["TOPOGRAFO COM ENCARGOS","MÊS",{"$f":"'TEMPOS DE EXECUÇÃO POR UNIDADE'!M19/B$137","v":3.4090909090909085E-3},null,94296,null,"SINAPI DF 06/223",null,{"$f":"$I$72","v":4143.75},{"$f":"C133*I133","v":14.126420454545451}]
["AUXILIAR DE TOPOGRÁFO COM ENCARGOS","MÊS",{"$f":"'TEMPOS DE EXECUÇÃO POR UNIDADE'!M20/B$137","v":3.4090909090909085E-3},null,101389,null,"SINAPI DF 06/223",null,{"$f":"$I$71","v":2068.4699999999998},{"$f":"C134*I134","v":7.0516022727272709}]
["SERVENTE COM ENCARGOS COMPLEMENTARES - INLUSIVE ABERTURA E FECHAMENTO DE CERCAS","MES",{"$f":"'TEMPOS DE EXECUÇÃO POR UNIDADE'!M21/B$137","v":1.1637627710592161E-2},null,101452,null,"SINAPI DF 06/223",null,{"$f":"$I$45","v":3970.59},{"$f":"C135*I135","v":46.208248211400132}]
["SUB-TOTAL",{"$nulls":8},{"$f":"SUM(J131:J135)","v":116.71257396897589}]
["PRODUÇÃO MENSAL DA EQUIPE",{"$f":"22*8/(C117+D117)","v":85.928165504885072},"CUSTO ",{"$nulls":6},{"$f":"J136+J128+J124+J120","v":547.12281528899189}]
["TOTAL",{"$nulls":8},{"$f":"ROUND(J137,2)","v":547.12}]
["BDI                %",{"$nulls":8},24.1]
["TOTAL DO SERVIÇO - R$",{"$nulls":8},{"$f":"ROUND(J138*(1+J139/100),2)","v":678.98}]
[]
[" COMPOSIÇÃO DE PREÇO UNITÁRIO"]
["LOCAÇÃO E CONSTRUÇÃO DE BACIAS DE CAPTAÇÃO DE ENXURRADA (9 METROS DE RAIO)",{"$nulls":7},"UNIDADE: ","UNID."]
["EQUIPAMENTO"]
["DISCRIMINAÇÃO","UNIDADE","QUANT. PROD.","QUANT. IMPROD.","COD. P","COD. I","FONTE","CHP/ P.UNIT.","CHI","P.TOTAL"]
["NIVEL OPTICO, COM PRECISAO DE 0,7 MM, AUMENTO DE 32X","H",{"$f":"C164*8*22","v":0.65},null,7252,null,"SINAPI DF 06/223",{"$f":"$H$57","v":2.25},null,{"$f":"C146*H146+D146*I146","v":1.4625000000000001}]
["TEODOLITO ELETRONICO, PRECISAO ANGULAR DE 5 A 7 SEGUNDOS, INCLUINDO TRIPE","H",{"$f":"C164*8*22","v":0.65},null,7247,null,"SINAPI DF 06/223",{"$f":"$H$58","v":2.25},null,{"$f":"C147*H147+D147*I147","v":1.4625000000000001}]
["PÁ CARREGADEIRA SOBRE RODAS, POTÊNCIA LÍQUIDA 128 HP, CAPACIDADE DA CAÇAMBA 1,7 A 2,8 M³","H",{"$f":"$C$180*'TEMPOS DE EXECUÇÃO POR UNIDADE'!$L$7/'TEMPOS DE EXECUÇÃO POR UNIDADE'!$M$7","v":3.7389908256880737},{"$f":"$D$180*'TEMPOS DE EXECUÇÃO POR UNIDADE'!$L$7/'TEMPOS DE EXECUÇÃO POR UNIDADE'!$M$7","v":1.2463302752293579},5940,5942,"SINAPI DF 06/223",{"$f":"$H$85","v":165.71},{"$f":"$I$85","v":65.010000000000005},{"$f":"C148*H148+D148*I148","v":700.61210091743135}]
["VEÍCULO DE PASSEIO PARA DESLOCAMENTO DA EQUIPE","H",{"$f":"(C162+C163/2)*3*22","v":0.265625},{"$f":"(C162+C163/2)*5*22","v":0.44270833333333331},"E9093",null,"SICRO DF 01/2023",{"$f":"$H$30","v":34.352499999999999},{"$f":"$I$30","v":6.3131000000000004},{"$f":"C149*H149+D149*I149","v":11.919744791666666}]
["CAMINHONETE CABINE SIMPLES COM MOTOR 1.6 FLEX, CÂMBIO MANUAL, POTÊNCIA 101/104 CV, 2 PORTAS","H",{"$f":"(C163/2+C164)*5*22","v":0.671875},{"$f":"(C163/2+C164)*3*22","v":0.40312500000000007},92145,92146,"SINAPI DF 06/223",{"$f":"$H$31","v":74.8},{"$f":"$I$31","v":32.04},{"$f":"C150*H150+D150*I150","v":63.172375000000002}]
["SUB-TOTAL",{"$nulls":8},{"$f":"SUM(J146:J150)","v":778.62922070909792}]
["MATERIAL"]
["DISCRIMINAÇÃO","UNIDADE","QUANT.",null,"COD.",null,null,null,"P.UNIT.","P.TOTAL"]
["ESTACA/PIQUETE DE MADEIRA","U",12,null,4408,null,"SINAPI DF 06/223",null,{"$f":"$I$63","v":1.268},{"$f":"C154*I154","v":15.216000000000001}]
["SUB-TOTAL",{"$nulls":8},{"$f":"SUM(J154:J154)","v":15.216000000000001}]
["SERVIÇOS - COMPOSIÇÕES AUXILIARES"]
["DISCRIMINAÇÃO","UNIDADE","QUANT.",{"$nulls":5},"P.UNIT.","P.TOTAL"]
["REVESTIMENTO VEGETAL POR SEMEADURA A LANÇO MANUAL DE GRAMÍNEAS E LEGUMINOSAS","m²",{"$f":"PI()*9*6","v":169.64600329384882},null,4413993,null,"SICRO DF 01/2023",null,{"$f":"VLOOKUP(E158,[17]Sheet1!$A:$D,4,FALSE)","v":0.57999999999999996},{"$f":"C158*I158","v":98.394681910432311}]
["SUB-TOTAL",{"$nulls":8},{"$f":"SUM(J158:J158)","v":98.394681910432311}]
["MÃO DE OBRA"]
["DISCRIMINAÇÃO","UNIDADE","QUANT.",null,"COD. P","COD. I",null,null,"P.UNIT.","P.TOTAL"]
["ENGENHEIRO COM ENCARGO","MÊS",{"$f":"'TEMPOS DE EXECUÇÃO POR UNIDADE'!O17/B$168","v":1.6098484848484848E-3},null,93565,null,"SINAPI DF 06/223",null,{"$f":"$I$44","v":19706.240000000002},{"$f":"C162*I162","v":31.724060606060608}]
["ENCARREGADO COM ENCARGO","MÊS",{"$f":"'TEMPOS DE EXECUÇÃO POR UNIDADE'!O18/B$168","v":4.8295454545454544E-3},null,93572,null,"SINAPI DF 06/223",null,{"$f":"$I$46","v":4283.04},{"$f":"C163*I163","v":20.685136363636364}]
["TOPOGRAFO COM ENCARGOS","MÊS",{"$f":"'TEMPOS DE EXECUÇÃO POR UNIDADE'!O19/B$168","v":3.6931818181818185E-3},null,94296,null,"SINAPI DF 06/223",null,{"$f":"$I$72","v":4143.75},{"$f":"C164*I164","v":15.30362215909091}]
["AUXILIAR DE TOPOGRÁFO COM ENCARGOS","MÊS",{"$f":"'TEMPOS DE EXECUÇÃO POR UNIDADE'!O20/B$168","v":3.6931818181818185E-3},null,101389,null,"SINAPI DF 06/223",null,{"$f":"$I$71","v":2068.4699999999998},{"$f":"C165*I165","v":7.6392357954545451}]
["SERVENTE COM ENCARGOS COMPLEMENTARES - INLUSIVE ABERTURA E FECHAMENTO DE CERCAS","MES",{"$f":"'TEMPOS DE EXECUÇÃO POR UNIDADE'!O21/B$168","v":2.83256880733945E-2},null,101452,null,"SINAPI DF 06/223",null,{"$f":"$I$45","v":3970.59},{"$f":"C166*I166","v":112.46969380733947}]
["SUB-TOTAL",{"$nulls":8},{"$f":"SUM(J162:J166)","v":187.82174873158189}]
["PRODUÇÃO MENSAL DA EQUIPE",{"$f":"22*8/(C148+D148)","v":35.30364372469635},"CUSTO ",{"$nulls":6},{"$f":"J167+J159+J155+J151","v":1080.0616513511122}]
["TOTAL",{"$nulls":8},{"$f":"ROUND(J168,2)","v":1080.06}]
["BDI                %",{"$nulls":8},24.1]
["TOTAL DO SERVIÇO - R$",{"$nulls":8},{"$f":"ROUND(J169*(1+J170/100),2)","v":1340.35}]
[]
[]
[" COMPOSIÇÃO DE PREÇO UNITÁRIO"]
["LOCAÇÃO E CONSTRUÇÃO DE BACIAS DE CAPTAÇÃO DE ENXURRADA (12 METROS DE RAIO)",{"$nulls":7},"UNIDADE: ","UNID."]
["EQUIPAMENTO"]
["DISCRIMINAÇÃO","UNIDADE","QUANT. PROD.","QUANT. IMPROD.","COD. P","COD. I","FONTE","CHP/ P.UNIT.","CHI","P.TOTAL"]
["NIVEL OPTICO, COM PRECISAO DE 0,7 MM, AUMENTO DE 32X","H",{"$f":"C196*8*22","v":0.65},null,7252,null,"SINAPI DF 06/223",{"$f":"$H$57","v":2.25},null,{"$f":"C178*H178+D178*I178","v":1.4625000000000001}]
["TEODOLITO ELETRONICO, PRECISAO ANGULAR DE 5 A 7 SEGUNDOS, INCLUINDO TRIPE","H",{"$f":"C196*8*22","v":0.65},null,7247,null,"SINAPI DF 06/223",{"$f":"$H$58","v":2.25},null,{"$f":"C179*H179+D179*I179","v":1.4625000000000001}]
["PÁ CARREGADEIRA SOBRE RODAS, POTÊNCIA LÍQUIDA 128 HP, CAPACIDADE DA CAÇAMBA 1,7 A 2,8 M³","H",6,2,5940,5942,"SINAPI DF 06/223",{"$f":"$H$85","v":165.71},{"$f":"$I$85","v":65.010000000000005},{"$f":"C180*H180+D180*I180","v":1124.28}]
["VEÍCULO DE PASSEIO PARA DESLOCAMENTO DA EQUIPE","H",{"$f":"(C194+C195/2)*3*22","v":0.28125},{"$f":"(C194+C195/2)*5*22","v":0.46874999999999994},"E9093",null,"SICRO DF 01/2023",{"$f":"$H$30","v":34.352499999999999},{"$f":"$I$30","v":6.3131000000000004},{"$f":"C181*H181+D181*I181","v":12.620906250000001}]
["CAMINHONETE CABINE SIMPLES COM MOTOR 1.6 FLEX, CÂMBIO MANUAL, POTÊNCIA 101/104 CV, 2 PORTAS","H",{"$f":"(C195/2+C196)*5*22","v":0.6875},{"$f":"(C195/2+C196)*3*22","v":0.41250000000000009},92145,92146,"SINAPI DF 06/223",{"$f":"$H$31","v":74.8},{"$f":"$I$31","v":32.04},{"$f":"C182*H182+D182*I182","v":64.641499999999994}]
["SUB-TOTAL",{"$nulls":8},{"$f":"SUM(J178:J182)","v":1204.4674062499998}]
["MATERIAL"]
["DISCRIMINAÇÃO","UNIDADE","QUANT.",null,"COD.",null,null,null,"P.UNIT.","P.TOTAL"]
["ESTACA/PIQUETE DE MADEIRA","U",16,null,4408,null,"SINAPI DF 06/223",null,{"$f":"$I$63","v":1.268},{"$f":"C186*I186","v":20.288}]
["SUB-TOTAL",{"$nulls":8},{"$f":"SUM(J186:J186)","v":20.288}]
["SERVIÇOS - COMPOSIÇÕES AUXILIARES"]
["DISCRIMINAÇÃO","UNIDADE","QUANT.",{"$nulls":5},"P.UNIT.","P.TOTAL"]
["REVESTIMENTO VEGETAL POR SEMEADURA A LANÇO MANUAL DE GRAMÍNEAS E LEGUMINOSAS","m²",{"$f":"PI()*12*7","v":263.89378290154264},null,4413993,null,"SICRO DF 01/2023",null,{"$f":"VLOOKUP(E190,[17]Sheet1!$A:$D,4,FALSE)","v":0.57999999999999996},{"$f":"C190*I190","v":153.05839408289472}]
["SUB-TOTAL",{"$nulls":8},{"$f":"SUM(J190:J190)","v":153.05839408289472}]
["MÃO DE OBRA"]
["DISCRIMINAÇÃO","UNIDADE","QUANT.",null,"COD. P","COD. I",null,null,"P.UNIT.","P.TOTAL"]
["ENGENHEIRO COM ENCARGO","MES",{"$f":"'TEMPOS DE EXECUÇÃO POR UNIDADE'!Q17/B$200","v":1.7045454545454545E-3},null,93565,null,"SINAPI DF 06/223",null,{"$f":"$I$44","v":19706.240000000002},{"$f":"C194*I194","v":33.590181818181819}]
["ENCARREGADO COM ENCARGO","MES",{"$f":"'TEMPOS DE EXECUÇÃO POR UNIDADE'!Q18/B$200","v":5.1136363636363636E-3},null,93572,null,"SINAPI DF 06/223",null,{"$f":"$I$46","v":4283.04},{"$f":"C195*I195","v":21.90190909090909}]
["TOPOGRAFO COM ENCARGOS","MÊS",{"$f":"'TEMPOS DE EXECUÇÃO POR UNIDADE'!Q19/B$200","v":3.6931818181818181E-3},null,94296,null,"SINAPI DF 06/223",null,{"$f":"$I$72","v":4143.75},{"$f":"C196*I196","v":15.303622159090908}]
["AUXILIAR DE TOPOGRÁFO COM ENCARGOS","MÊS",{"$f":"'TEMPOS DE EXECUÇÃO POR UNIDADE'!Q20/B$200","v":3.6931818181818181E-3},null,101389,null,"SINAPI DF 06/223",null,{"$f":"$I$71","v":2068.4699999999998},{"$f":"C197*I197","v":7.6392357954545442}]
["SERVENTE COM ENCARGOS COMPLEMENTARES - INLUSIVE ABERTURA E FECHAMENTO DE CERCAS","MES",{"$f":"'TEMPOS DE EXECUÇÃO POR UNIDADE'!Q21/B$200","v":4.5454545454545456E-2},null,101452,null,"SINAPI DF 06/223",null,{"$f":"$I$45","v":3970.59},{"$f":"C198*I198","v":180.48136363636365}]
["SUB-TOTAL",{"$nulls":8},{"$f":"SUM(J194:J198)","v":258.9163125}]
["PRODUÇÃO DA EQUIPE ",{"$f":"22*8/(C180+D180)","v":22},"CUSTO ",{"$nulls":6},{"$f":"J199+J191+J187+J183","v":1636.7301128328945}]
["TOTAL",{"$nulls":8},{"$f":"ROUND(J200,2)","v":1636.73}]
["BDI                %",{"$nulls":8},24.1]
["TOTAL DO SERVIÇO - R$",{"$nulls":8},{"$f":"ROUND(J201*(1+J202/100),2)","v":2031.18}]
[]
[" COMPOSIÇÃO DE PREÇO UNITÁRIO"]
["CERCAMENTO DE ÁREAS AMBIENTALMENTE VULNERÁVEIS À CAPRINOVINOCULTURA",{"$nulls":7},"UNIDADE: ","m"]
["EQUIPAMENTO"]
["DISCRIMINAÇÃO","UNIDADE","QUANT. PROD.","QUANT. IMPROD.","COD. P","COD. I","FONTE",null,"P.UNIT.","P.TOTAL"]
["NIVEL OPTICO, COM PRECISAO DE 0,7 MM, AUMENTO DE 32X","h",{"$f":"C231*22*8","v":5.000000000000001E-2},null,7252,null,"SINAPI DF 06/223",{"$f":"H178","v":2.25},null,{"$f":"C209*H209+D209*I209","v":0.11250000000000002}]
["TEODOLITO ELETRONICO, PRECISAO ANGULAR DE 5 A 7 SEGUNDOS, INCLUINDO TRIPE","h",{"$f":"C231*22*8","v":5.000000000000001E-2},null,7247,null,"SINAPI DF 06/223",{"$f":"H179","v":2.25},null,{"$f":"C210*H210+D210*I210","v":0.11250000000000002}]
["VEÍCULO DE PASSEIO PARA DESLOCAMENTO DA EQUIPE","h",{"$f":"(C228+C229/2)*22*3","v":1.8382352941176468E-2},{"$f":"(C228+C229/2)*22*5","v":3.063725490196078E-2},"E9093","E9093","SICRO DF 01/2023",{"$f":"H30","v":34.352499999999999},{"$f":"I30","v":6.3131000000000004},{"$f":"C211*H211+D211*I211","v":0.82489583333333316}]
["CAMINHONETE CABINE SIMPLES COM MOTOR 1.6 FLEX, CÂMBIO MANUAL, POTÊNCIA 101/104 CV, 2 PORTAS","h",{"$f":"(C229/2+C230)*3*22","v":2.9779411764705884E-2},{"$f":"(C229/2+C230)*5*22","v":4.9632352941176468E-2},92145,92146,"SINAPI DF 06/223",{"$f":"H31","v":74.8},{"$f":"I31","v":32.04},{"$f":"C212*H212+D212*I212","v":3.8177205882352938}]
["SUB-TOTAL",{"$nulls":8},{"$f":"SUM(J209:J212)","v":4.8676164215686271}]
["MATERIAL"]
["DISCRIMINAÇÃO","UNIDADE","QUANT.",null,"COD. P","COD. I","FONTE",null,"P.UNIT.","P.TOTAL"]
["MOURAO ROLICO DE MADEIRA TRATADA, D = 16 A 20 CM, H = 3,0 M, EM EUCALIPTO OU EQUIVALENTE DA REGIAO (PARA CERCA)","m",{"$f":"3*2/50","v":0.12},null,4491,null,"SINAPI DF 06/223",null,{"$f":"I252","v":31.76},{"$f":"ROUND((I216*C216),2)","v":3.81}]
["MOURAO ROLICO DE MADEIRA TRATADA, D  ≥ 10 CM, H = 2,20 M, EM EUCALIPTO OU EQUIVALENTE DA REGIAO (PARA CERCA)","m",{"$f":"2.2/5+4/50","v":0.52},null,21138,null,"SINAPI DF 06/223",null,{"$f":"I253","v":10.07},{"$f":"ROUND((I217*C217),2)","v":5.24}]
["ARAME FARPADO GALVANIZADO, 16 BWG (1,65 MM), CLASSE 250","m",8,null,340,null,"SINAPI DF 06/223",null,{"$f":"I254","v":1.0900000000000001},{"$f":"ROUND((I218*C218),2)","v":8.7200000000000006}]
["GRAMPO DE ACO POLIDO 1 \" X 9","kg",0.04,null,5076,null,"SINAPI DF 06/223",null,{"$f":"I255","v":22.09},{"$f":"ROUND((I219*C219),2)","v":0.88}]
["ESTACA/PIQUETE DE MADEIRA","U",{"$f":"1/20","v":0.05},null,4408,null,"SINAPI DF 06/223",null,{"$f":"I63","v":1.268},{"$f":"C220*I220","v":6.3399999999999998E-2}]
["SUB-TOTAL",{"$nulls":8},{"$f":"SUM(J216:J220)","v":18.713400000000004}]
["SERVIÇOS - COMPOSIÇÕES AUXILIARES"]
["DISCRIMINAÇÃO","UNIDADE","QUANT.",null,"COD.",null,"FONTE",null,"P.UNIT.","P.TOTAL"]
[]
["SUB-TOTAL",{"$nulls":8},{"$f":"J224","v":0}]
["MÃO DE OBRA"]
["DISCRIMINAÇÃO","UNIDADE","QUANT.",null,"COD. P","COD. I","FONTE",null,"P.UNIT.","P.TOTAL"]
["ENGENHEIRO COM ENCARGO","mês",{"$f":"'TEMPOS DE EXECUÇÃO POR UNIDADE'!T17/(22*8)","v":1.1140819964349375E-4},null,93565,null,"SINAPI DF 06/223",null,{"$f":"I194","v":19706.240000000002},{"$f":"C228*I228","v":2.1954367201426024}]
["ENCARREGADO COM ENCARGO","mês",{"$f":"'TEMPOS DE EXECUÇÃO POR UNIDADE'!T18/(22*8)","v":3.3422459893048126E-4},null,93572,null,"SINAPI DF 06/223",null,{"$f":"I195","v":4283.04},{"$f":"C229*I229","v":1.4314973262032085}]
["TOPOGRAFO COM ENCARGOS","mês",{"$f":"'TEMPOS DE EXECUÇÃO POR UNIDADE'!T19/(22*8)","v":2.8409090909090913E-4},null,94296,null,"SINAPI DF 06/223",null,{"$f":"I196","v":4143.75},{"$f":"C230*I230","v":1.1772017045454548}]
["AUXILIAR DE TOPOGRÁFO COM ENCARGOS","mês",{"$f":"'TEMPOS DE EXECUÇÃO POR UNIDADE'!T20/(22*8)","v":2.8409090909090913E-4},null,101389,null,"SINAPI DF 06/223",null,{"$f":"I197","v":2068.4699999999998},{"$f":"C231*I231","v":0.58763352272727276}]
["SERVENTE COM ENCARGOS COMPLEMENTARES - ABERTURA DE PICADAS, ESCAVAÇÃO MANUAL E ASSENTAMENTO DE MOURÕES","mês",{"$f":"'TEMPOS DE EXECUÇÃO POR UNIDADE'!T21/(22*8)","v":1.0101010101010101E-3},null,101452,null,"SINAPI DF 06/223",null,{"$f":"I198","v":3970.59},{"$f":"C232*I232","v":4.0106969696969701}]
["CARPINTEIRO DE FORMAS COM ENCARGOS COMPLEMENTARES","h",{"$f":"'TEMPOS DE EXECUÇÃO POR UNIDADE'!T23","v":8.8888888888888892E-2},null,88262,null,"SINAPI DF 06/223",null,{"$f":"VLOOKUP(E233,[18]planilhanull!$G$7:$K$7520,5,FALSE)","v":29.14},{"$f":"ROUND((I233*C233),2)","v":2.59}]
["AJUDANTE DE CARPINTEIRO COM ENCARGOS COMPLEMENTARES","h",{"$f":"'TEMPOS DE EXECUÇÃO POR UNIDADE'!T24","v":8.8888888888888892E-2},null,88239,null,"SINAPI DF 06/223",null,{"$f":"VLOOKUP(E234,[18]planilhanull!$G$7:$K$7520,5,FALSE)","v":23.14},{"$f":"ROUND((I234*C234),2)","v":2.06}]
["SUB-TOTAL",{"$nulls":8},{"$f":"SUM(J228:J234)","v":14.052466243315509}]
["PRODUÇÃO MENSAL DA EQUIPE",{"$f":"22*100*0.9","v":1980},"CUSTO ",{"$nulls":6},{"$f":"J235+J225+J221+J213","v":37.633482664884141}]
["TOTAL",{"$nulls":8},{"$f":"ROUND(J236,2)","v":37.630000000000003}]
["BDI                %",{"$nulls":8},24.1]
["TOTAL DO SERVIÇO - R$",{"$nulls":8},{"$f":"ROUND(J237*(1+J238/100),2)","v":46.7}]
[]
[" COMPOSIÇÃO DE PREÇO UNITÁRIO"]
["CERCAMENTO DE ÁREAS AMBIENTALMENTE VULNERÁVEIS À BOVINOCULTURA",{"$nulls":7},"UNIDADE: ","m"]
["EQUIPAMENTO"]
["DISCRIMINAÇÃO","UNIDADE","QUANT. PROD.","QUANT. IMPROD.","COD. P","COD. I","FONTE",null,"P.UNIT.","P.TOTAL"]
["NIVEL OPTICO, COM PRECISAO DE 0,7 MM, AUMENTO DE 32X","h",{"$f":"C267*22*8","v":5.000000000000001E-2},null,7252,null,"SINAPI DF 06/223",{"$f":"H57","v":2.25},null,{"$f":"C245*H245+D245*I245","v":0.11250000000000002}]
["TEODOLITO ELETRONICO, PRECISAO ANGULAR DE 5 A 7 SEGUNDOS, INCLUINDO TRIPE","h",{"$f":"C267*22*8","v":5.000000000000001E-2},null,7247,null,"SINAPI DF 06/223",{"$f":"H58","v":2.25},null,{"$f":"C246*H246+D246*I246","v":0.11250000000000002}]
["VEÍCULO DE PASSEIO PARA DESLOCAMENTO DA EQUIPE","h",{"$f":"(C264+C265/2)*22*3","v":1.8382352941176468E-2},{"$f":"(C264+C265/2)*22*5","v":3.063725490196078E-2},"E9093",null,"SICRO DF 01/2023",{"$f":"H30","v":34.352499999999999},{"$f":"I30","v":6.3131000000000004},{"$f":"C247*H247+D247*I247","v":0.82489583333333316}]
["CAMINHONETE CABINE SIMPLES COM MOTOR 1.6 FLEX, CÂMBIO MANUAL, POTÊNCIA 101/104 CV, 2 PORTAS","h",{"$f":"(C265/2+C266)*3*22","v":2.9779411764705884E-2},{"$f":"(C265/2+C266)*5*22","v":4.9632352941176468E-2},92145,92146,"SINAPI DF 06/223",{"$f":"H31","v":74.8},{"$f":"I31","v":32.04},{"$f":"C248*H248+D248*I248","v":3.8177205882352938}]
["SUB-TOTAL",{"$nulls":8},{"$f":"SUM(J245:J248)","v":4.8676164215686271}]
["MATERIAL"]
["DISCRIMINAÇÃO","UNIDADE","QUANT.",null,"COD.",null,"FONTE",null,"P.UNIT.","P.TOTAL"]
["MOURAO ROLICO DE MADEIRA TRATADA, D = 16 A 20 CM, H = 3,0 M, EM EUCALIPTO OU EQUIVALENTE DA REGIAO (PARA CERCA)","m",{"$f":"3*2/90","v":6.6666666666666666E-2},null,2747,null,"SINAPI DF 06/223",null,{"$f":"VLOOKUP(E252,[20]sheet1!$A$1:$E$65536,5,FALSE)","v":31.76},{"$f":"ROUND((I252*C252),2)","v":2.12}]
["MOURAO ROLICO DE MADEIRA TRATADA, D  ≥ 10 CM, H = 2,20 M, EM EUCALIPTO OU EQUIVALENTE DA REGIAO (PARA CERCA)","m",{"$f":"2.2/6+4/90","v":0.41111111111111115},null,21138,null,"SINAPI DF 06/223",null,{"$f":"VLOOKUP(E253,[20]sheet1!$A$1:$E$65536,5,FALSE)","v":10.07},{"$f":"ROUND((I253*C253),2)","v":4.1399999999999997}]
["ARAME FARPADO GALVANIZADO, 16 BWG (1,65 MM), CLASSE 250","m",5,null,340,null,"SINAPI DF 06/223",null,{"$f":"VLOOKUP(E254,[20]sheet1!$A$1:$E$65536,5,FALSE)","v":1.0900000000000001},{"$f":"ROUND((I254*C254),2)","v":5.45}]
["GRAMPO DE ACO POLIDO 1 \" X 9","kg",0.03,null,5076,null,"SINAPI DF 06/223",null,{"$f":"VLOOKUP(E255,[20]sheet1!$A$1:$E$65536,5,FALSE)","v":22.09},{"$f":"ROUND((I255*C255),2)","v":0.66}]
["ESTACA/PIQUETE DE MADEIRA (0,5 m)","U",{"$f":"1/20","v":0.05},null,4408,null,"SINAPI DF 06/223",null,{"$f":"I220","v":1.268},{"$f":"C256*I256","v":6.3399999999999998E-2}]
["SUB-TOTAL",{"$nulls":8},{"$f":"SUM(J252:J256)","v":12.433400000000001}]
["SERVIÇOS - COMPOSIÇÕES AUXILIARES"]
["DISCRIMINAÇÃO","UNIDADE","QUANT.",null,"COD.",null,"FONTE",null,"P.UNIT.","P.TOTAL"]
[]
["SUB-TOTAL",{"$nulls":8},{"$f":"J260","v":0}]
["MÃO DE OBRA"]
["DISCRIMINAÇÃO","UNIDADE","QUANT.",null,"COD. P","COD. I","FONTE",null,"P.UNIT.","P.TOTAL"]
["ENGENHEIRO COM ENCARGO","mês",{"$f":"'TEMPOS DE EXECUÇÃO POR UNIDADE'!V17/(22*8)","v":1.1140819964349375E-4},null,93565,null,"SINAPI DF 06/223",null,{"$f":"I228","v":19706.240000000002},{"$f":"C264*I264","v":2.1954367201426024}]
["ENCARREGADO COM ENCARGO","mês",{"$f":"'TEMPOS DE EXECUÇÃO POR UNIDADE'!V18/(22*8)","v":3.3422459893048126E-4},null,93572,null,"SINAPI DF 06/223",null,{"$f":"I229","v":4283.04},{"$f":"C265*I265","v":1.4314973262032085}]
["TOPOGRAFO COM ENCARGOS","mês",{"$f":"'TEMPOS DE EXECUÇÃO POR UNIDADE'!V19/(22*8)","v":2.8409090909090913E-4},null,94296,null,"SINAPI DF 06/223",null,4143.75,{"$f":"C266*I266","v":1.1772017045454548}]
["AUXILIAR DE TOPOGRÁFO COM ENCARGOS","mês",{"$f":"'TEMPOS DE EXECUÇÃO POR UNIDADE'!V20/(22*8)","v":2.8409090909090913E-4},null,101389,null,"SINAPI DF 06/223",null,2068.4699999999998,{"$f":"C267*I267","v":0.58763352272727276}]
["SERVENTE COM ENCARGOS COMPLEMENTARES - ABERTURA DE PICADAS, ESCAVAÇÃO MANUAL E ASSENTAMENTO DE MOURÕES","mês",{"$f":"'TEMPOS DE EXECUÇÃO POR UNIDADE'!V21/(22*8)","v":1.0822510822510823E-3},null,101452,null,"SINAPI DF 06/223",null,3970.59,{"$f":"C268*I268","v":4.297175324675325}]
["CARPINTEIRO DE FORMAS COM ENCARGOS COMPLEMENTARES","h",{"$f":"'TEMPOS DE EXECUÇÃO POR UNIDADE'!V23","v":9.5238095238095247E-2},null,88262,null,"SINAPI DF 06/223",null,29.14,{"$f":"ROUND((I269*C269),2)","v":2.78}]
["AJUDANTE DE CARPINTEIRO COM ENCARGOS COMPLEMENTARES","h",{"$f":"'TEMPOS DE EXECUÇÃO POR UNIDADE'!V24","v":9.5238095238095247E-2},null,88239,null,"SINAPI DF 06/223",null,23.14,{"$f":"ROUND((I270*C270),2)","v":2.2000000000000002}]
["SUB-TOTAL",{"$nulls":8},{"$f":"SUM(J264:J270)","v":14.668944598293862}]
["PRODUÇÃO MENSAL DA EQUIPE",{"$f":"22*120*0.7","v":1847.9999999999998},"CUSTO ",{"$nulls":6},{"$f":"J271+J261+J257+J249","v":31.969961019862488}]
["TOTAL",{"$nulls":8},{"$f":"ROUND(J272,2)","v":31.97}]
["BDI                %",{"$nulls":8},24.1]
["TOTAL DO SERVIÇO - R$",{"$nulls":8},{"$f":"ROUND(J273*(1+J274/100),2)","v":39.67}]
[]
[" COMPOSIÇÃO DE PREÇO UNITÁRIO"]
["PLACA DE IDENTIFICAÇÃO DE OBRA",{"$nulls":7},"UNIDADE: ","m²"]
["EQUIPAMENTO"]
["DISCRIMINAÇÃO","UNIDADE","QUANT. PROD.","QUANT. IMPROD.","CÓDIGO",null,null,null,"P.UNIT.","P.TOTAL"]
[{"$nulls":9},{"$f":"C281*I281","v":0}]
["SUB-TOTAL",{"$nulls":8},{"$f":"SUM(J281:J281)","v":0}]
["MATERIAL"]
["DISCRIMINAÇÃO","UNIDADE","QUANT.",null,"COD. P","COD. I",null,null,"P.UNIT.","P.TOTAL"]
["PONTALETE *7,5 X 7,5* CM EM PINUS, MISTA OU EQUIVALENTE DA REGIAO - BRUTA","M",{"$f":"6/6","v":1},null,4491,null,"SINAPI DF 06/223",null,{"$f":"VLOOKUP(E285,[20]sheet1!$A$1:$E$65536,5,FALSE)","v":7.78},{"$f":"ROUND((I285*C285),2)","v":7.78}]
["SARRAFO NAO APARELHADO *2,5 X 7* CM","M",{"$f":"6/6","v":1},null,4417,null,"SINAPI DF 06/223",null,{"$f":"VLOOKUP(E286,[20]sheet1!$A$1:$E$65536,5,FALSE)","v":9.06},{"$f":"ROUND((I286*C286),2)","v":9.06}]
["PREGO DE ACO POLIDO COM CABECA 18 X 30 (2 3/4 X 10)","KG",{"$f":"0.11/6","v":1.8333333333333333E-2},null,5075,null,"SINAPI DF 06/223",null,{"$f":"VLOOKUP(E287,[20]sheet1!$A$1:$E$65536,5,FALSE)","v":21.87},{"$f":"ROUND((I287*C287),2)","v":0.4}]
["PLACA DE OBRA (PARA CONSTRUCAO CIVIL) EM CHAPA GALVANIZADA","M2",1,null,4813,null,"SINAPI DF 06/223",null,{"$f":"VLOOKUP(E288,[20]sheet1!$A$1:$E$65536,5,FALSE)","v":250},{"$f":"ROUND((I288*C288),2)","v":250}]
["SUB-TOTAL",{"$nulls":8},{"$f":"SUM(J285:J288)","v":267.24}]
["SERVIÇOS - COMPOSIÇÕES AUXILIARES"]
["DISCRIMINAÇÃO","UNIDADE","QUANT.",null,"COD. P","COD. I",null,null,"P.UNIT.","P.TOTAL"]
["CONCRETO MAGRO TRAÇO 1:4,5:4,5 (CIMENTO/ AREIA MÉDIA/ BRITA 1) - PREPARO MECÂNICO COM BETONEIRA 400 L.","M3",{"$f":"0.1/6","v":1.6666666666666666E-2},null,94962,null,"SINAPI DF 06/223",null,{"$f":"VLOOKUP(E292,[18]planilhanull!$G$7:$K$7520,5,FALSE)","v":508.5},{"$f":"ROUND((I292*C292),2)","v":8.48}]
["SUB-TOTAL",{"$nulls":8},{"$f":"J292","v":8.48}]
["MÃO DE OBRA"]
["DISCRIMINAÇÃO","UNIDADE","QUANT.",null,"COD. P","COD. I",null,null,"P.UNIT.","P.TOTAL"]
["CARPINTEIRO DE FORMAS COM ENCARGOS COMPLEMENTARES","H",{"$f":"2/6","v":0.33333333333333331},null,88262,null,"SINAPI DF 06/223",null,{"$f":"I269","v":29.14},{"$f":"ROUND((I296*C296),2)","v":9.7100000000000009}]
["AJUDANTE DE CARPINTEIRO COM ENCARGOS COMPLEMENTARES","H",{"$f":"4/6","v":0.66666666666666663},null,88239,null,"SINAPI DF 06/223",null,{"$f":"I270","v":23.14},{"$f":"ROUND((I297*C297),2)","v":15.43}]
["SUB-TOTAL",{"$nulls":8},{"$f":"SUM(J296:J297)","v":25.14}]
["PRODUÇÃO MENSAL DA EQUIPE",{"$f":"22*8/C296","v":528},"CUSTO ",{"$nulls":6},{"$f":"J298+J293+J289+J282","v":300.86}]
["TOTAL",{"$nulls":8},{"$f":"ROUND(J299,2)","v":300.86}]
["BDI                %",{"$nulls":8},24.1]
["TOTAL DO SERVIÇO - R$",{"$nulls":8},{"$f":"ROUND(J300*(1+J301/100),2)","v":373.37}]

{"sheet":"CPU (PA)","index":7,"n_rows":302,"n_cols":10,"rows_kept":302,"cut":false,"hidden":false,"merged":[[293,0,293,9],[297,0,297,8],[298,2,298,8],[299,0,299,8],[300,0,300,8],[301,0,301,8],[278,0,278,9],[281,0,281,8],[282,0,282,9],[288,0,288,8],[289,0,289,9],[292,0,292,8],[271,2,271,8],[272,0,272,8],[273,0,273,8],[274,0,274,8],[276,0,276,9],[277,0,277,7],[240,0,240,9],[241,0,241,7],[242,0,242,9],[248,0,248,8],[249,0,249,9],[270,0,270,8],[257,0,257,9],[260,0,260,8],[261,0,261,9],[256,0,256,8],[201,0,201,8],[204,0,204,9],[205,0,205,7],[206,0,206,9],[212,0,212,8],[213,0,213,9],[173,0,173,9],[174,0,174,7],[175,0,175,9],[182,0,182,8],[183,0,183,9],[186,0,186,8],[187,0,187,9],[190,0,190,8],[202,0,202,8],[191,0,191,9],[198,0,198,8],[199,2,199,8],[200,0,200,8],[238,0,238,8],[234,0,234,8],[235,2,235,8],[236,0,236,8],[237,0,237,8],[224,0,224,8],[225,0,225,9],[220,0,220,8],[221,0,221,9],[169,0,169,8],[170,0,170,8],[155,0,155,9],[158,0,158,8],[159,0,159,9],[166,0,166,8],[167,2,167,8],[168,0,168,8],[141,0,141,9],[142,0,142,7],[143,0,143,9],[150,0,150,8],[151,0,151,9],[154,0,154,8],[128,0,128,9],[135,0,135,8],[136,2,136,8],[137,0,137,8],[138,0,138,8],[139,0,139,8],[112,0,112,9],[119,0,119,8],[120,0,120,9],[123,0,123,8],[124,0,124,9],[127,0,127,8],[104,2,104,8],[105,0,105,8],[106,0,106,8],[107,0,107,8],[110,0,110,9],[111,0,111,7],[88,0,88,9],[91,0,91,8],[92,0,92,9],[95,0,95,8],[96,0,96,9],[103,0,103,8],[75,0,75,8],[76,0,76,8],[78,0,78,9],[79,0,79,7],[80,0,80,9],[87,0,87,8],[64,0,64,9],[67,0,67,8],[68,0,68,9],[72,0,72,8],[73,2,73,8],[74,0,74,8],[52,0,52,9],[53,0,53,7],[54,0,54,9],[59,0,59,8],[60,0,60,9],[63,0,63,8],[41,0,41,9],[46,0,46,8],[47,2,47,8],[48,0,48,8],[49,0,49,8],[50,0,50,8],[26,0,26,9],[31,0,31,8],[32,0,32,9],[35,0,35,8],[36,0,36,9],[40,0,40,8],[19,2,19,8],[20,0,20,8],[21,0,21,8],[22,0,22,8],[24,0,24,9],[25,0,25,7],[6,0,6,9],[10,0,10,8],[11,0,11,9],[14,0,14,8],[15,0,15,9],[18,0,18,8],[0,0,0,9],[1,0,1,1],[1,2,1,4],[1,6,1,7],[2,0,2,9],[5,0,5,8]]}
[" COMPOSIÇÃO DE PREÇO UNITÁRIO"]
["MOBILIZAÇÃO E DESMOBILIZAÇÃO",null,"REGIÃO:",null,null,null,"PA",null,"UNIDADE: ","R$/Tonelada/ Projeto"]
["EQUIPAMENTO"]
["DISCRIMINAÇÃO","UNIDADE","QUANT. PROD.","QUANT. IMPROD.","COD.",null,"FONTE","P.UNIT. PROD","P.UNIT. IMPR","P.TOTAL"]
[{"$nulls":9},{"$f":"C5*E5*H5+C5*G5*I5","v":0}]
["SUB-TOTAL",{"$nulls":8},{"$f":"SUM(J5:J5)","v":0}]
["MATERIAL"]
["DISCRIMINAÇÃO","UNIDADE","QUANT.",null,"COD.",null,"FONTE",null,"P.UNIT.","P.TOTAL"]
[{"$nulls":9},"Toneladas/ Projeto"]
[{"$nulls":9},{"$f":"C10*I10","v":0}]
["SUB-TOTAL",{"$nulls":8},{"$f":"SUM(J9:J10)","v":0}]
["SERVIÇOS - COMPOSIÇÕES AUXILIARES"]
["DISCRIMINAÇÃO","UNIDADE","QUANT.",null,"COD.",null,"FONTE",null,"P.UNIT.","P.TOTAL"]
["TRANSPORTE COM CAVALO MECÂNICO COM SEMIRREBOQUE COM CAPACIDADE DE 30 T - RODOVIA PAVIMENTADA","t*km",{"$f":"'CPU (DF)'!C14","v":1},null,5914640,null,"SICRO PA 01/2023",null,{"$f":"VLOOKUP(E14,[21]Sheet1!$A:$D,4,FALSE)","v":0.59},{"$f":"C14*I14","v":0.59}]
["SUB-TOTAL",{"$nulls":8},{"$f":"SUM(J14:J14)","v":0.59}]
["MÃO DE OBRA"]
["DISCRIMINAÇÃO","UNIDADE","QUANT.",{"$nulls":5},"P.UNIT.","P.TOTAL"]
[{"$nulls":9},{"$f":"C18*I18","v":0}]
["SUB-TOTAL",{"$nulls":8},{"$f":"SUM(J18:J18)","v":0}]
["PRODUÇÃO DA EQUIPE (MOB E DESMOB) EM km",{"$f":"VLOOKUP(G2,DMT!D:E,2)*2","v":700},"CUSTO ",{"$nulls":6},{"$f":"J19+J15+J11+J6","v":0.59}]
["TOTAL",{"$nulls":8},{"$f":"J20*B20","v":413}]
["BDI                %",{"$nulls":8},24.1]
["TOTAL DO SERVIÇO - R$",{"$nulls":8},{"$f":"J21*(1+J22/100)","v":512.53300000000002}]
[]
[" COMPOSIÇÃO DE PREÇO UNITÁRIO"]
["LOCAÇÃO E CONSTRUÇÃO DE TERRAÇOS - INCLUSIVE SOLOS DUROS E SECOS",{"$nulls":7},"UNIDADE: ","km"]
["EQUIPAMENTO"]
["DISCRIMINAÇÃO","UNIDADE","QUANT. PROD.","QUANT. IMPROD.","COD. P","COD. I","FONTE","CHP","CHI","P.TOTAL"]
["TRATOR DE ESTEIRAS, POTÊNCIA 125 HP, PESO OPERACIONAL 12,9 T, COM LÂMINA 2,7 M3","H",{"$f":"'CPU (DF)'!C29","v":7.0588235294117654},{"$f":"'CPU (DF)'!D29","v":2.3529411764705883},5851,5853,"SINAPI PA 06/223",{"$f":"VLOOKUP(E29,[22]planilhanull!$G$7:$K$7520,5,FALSE)","v":212.91},{"$f":"VLOOKUP(F29,[22]planilhanull!$G$7:$K$7520,5,FALSE)","v":68.59},{"$f":"C29*H29+D29*I29","v":1664.2823529411767}]
["VEÍCULO DE PASSEIO PARA DESLOCAMENTO DA EQUIPE","H",{"$f":"'CPU (DF)'!C30","v":0.93749999999999989},{"$f":"'CPU (DF)'!D30","v":1.5624999999999998},"E9093","E9093","SICRO PA 01/2023",{"$f":"VLOOKUP(E30,[23]Sheet1!$A:$K,10,FALSE)","v":31.0825},{"$f":"VLOOKUP(F30,[23]Sheet1!$A:$K,11,FALSE)","v":6.4572000000000003},{"$f":"C30*H30+D30*I30","v":39.229218749999994}]
["CAMINHONETE CABINE SIMPLES COM MOTOR 1.6 FLEX, CÂMBIO MANUAL, POTÊNCIA 101/104 CV, 2 PORTAS","H",{"$f":"'CPU (DF)'!C31","v":0.5625},{"$f":"'CPU (DF)'!D31","v":0.93749999999999989},92145,92146,"SINAPI PA 06/223",{"$f":"VLOOKUP(E31,[22]planilhanull!$G$7:$K$7520,5,FALSE)","v":68.27},{"$f":"VLOOKUP(F31,[22]planilhanull!$G$7:$K$7520,5,FALSE)","v":27.99},{"$f":"C31*H31+D31*I31","v":64.642499999999984}]
["SUB-TOTAL",{"$nulls":8},{"$f":"SUM(J29:J31)","v":1768.1540716911766}]
["MATERIAL"]
["DISCRIMINAÇÃO","UNIDADE","QUANT.",null,"COD.",null,"FONTE",null,"P.UNIT.","P.TOTAL"]
[]
["SUB-TOTAL",{"$nulls":8},{"$f":"SUM(J35:J35)","v":0}]
["SERVIÇOS - COMPOSIÇÕES AUXILIARES"]
["DISCRIMINAÇÃO","UNIDADE","QUANT.",null,"COD.",null,"FONTE",null,"P.UNIT.","P.TOTAL"]
["LOCAÇÃO E NIVELAMENTO DE TERRAÇOS COM TOPOGRAFIA","KM",{"$f":"'CPU (DF)'!C39","v":1},null,"COMPOSIÇÃO",null,null,null,{"$f":"J75","v":168.26},{"$f":"C39*I39","v":168.26}]
["REVESTIMENTO VEGETAL POR SEMEADURA A LANÇO MANUAL DE GRAMÍNEAS E LEGUMINOSAS","m²",{"$f":"'CPU (DF)'!C40","v":1000},null,4413993,null,"SICRO PA 01/2023",null,{"$f":"VLOOKUP(E40,[21]Sheet1!$A:$D,4,FALSE)","v":0.64},{"$f":"C40*I40","v":640}]
["SUB-TOTAL",{"$nulls":8},{"$f":"SUM(J39:J40)","v":808.26}]
["MÃO DE OBRA"]
["DISCRIMINAÇÃO","UNIDADE","QUANT.",null,"COD. P","COD. I","FONTE",null,"P.UNIT.","P.TOTAL"]
["ENGENHEIRO COM ENCARGO","MES",{"$f":"'CPU (DF)'!C44","v":5.681818181818182E-3},null,93565,null,"SINAPI PA 06/223",null,{"$f":"VLOOKUP(E44,[22]planilhanull!$G$7:$K$7520,5,FALSE)","v":19899.21},{"$f":"C44*I44","v":113.06369318181818}]
["SERVENTE COM ENCARGOS COMPLEMENTARES - INLUSIVE ABERTURA E FECHAMENTO DE CERCAS","MES",{"$f":"'CPU (DF)'!C45","v":5.3475935828877004E-2},null,101452,null,"SINAPI PA 06/223",null,{"$f":"VLOOKUP(E45,[22]planilhanull!$G$7:$K$7520,5,FALSE)","v":3759.6},{"$f":"C45*I45","v":201.04812834224597}]
["ENCARREGADO COM ENCARGO","MES",{"$f":"'CPU (DF)'!C46","v":1.7045454545454544E-2},null,93572,null,"SINAPI PA 06/223",null,{"$f":"VLOOKUP(E46,[22]planilhanull!$G$7:$K$7520,5,FALSE)","v":4136.28},{"$f":"C46*I46","v":70.504772727272723}]
["SUB-TOTAL",{"$nulls":8},{"$f":"SUM(J44:J46)","v":384.61659425133689}]
["PRODUÇÃO DA EQUIPE MÊS 22 KM, MAS COM FATOR DE REDUÇÃO PARA PÉRIODOS COM CHUVAS ",{"$f":"'CPU (DF)'!B48","v":18.7},"CUSTO ",{"$nulls":6},{"$f":"J47+J41+J36+J32","v":2961.0306659425132}]
["TOTAL",{"$nulls":8},{"$f":"ROUND(J48,2)","v":2961.03}]
["BDI                %",{"$nulls":8},24.1]
["TOTAL DO SERVIÇO - R$",{"$nulls":8},{"$f":"ROUND(J49*(1+J50/100),2)","v":3674.64}]
[]
[" COMPOSIÇÃO DE PREÇO UNITÁRIO"]
["LOCAÇÃO E NIVELAMENTO DE TERRAÇOS COM TOPOGRAFIA",{"$nulls":7},"UNIDADE: ","km"]
["EQUIPAMENTO"]
["DISCRIMINAÇÃO","UNIDADE","QUANT. PROD.","QUANT. IMPROD.","COD. P","COD. I","FONTE","CHP/ P.UNIT.","CHI","P.TOTAL"]
["NIVEL OPTICO, COM PRECISAO DE 0,7 MM, AUMENTO DE 32X","H",{"$f":"'CPU (DF)'!C57","v":0.99609374999999989},null,7252,null,"SINAPI PA 06/223",{"$f":"VLOOKUP(E57,[24]sheet1!$A$1:$E$65536,5,FALSE)","v":2.25},null,{"$f":"C57*H57+D57*I57","v":2.2412109374999996}]
["TEODOLITO ELETRONICO, PRECISAO ANGULAR DE 5 A 7 SEGUNDOS, INCLUINDO TRIPE","H",{"$f":"'CPU (DF)'!C58","v":0.99609374999999989},null,7247,null,"SINAPI PA 06/223",{"$f":"VLOOKUP(E58,[24]sheet1!$A$1:$E$65536,5,FALSE)","v":2.25},null,{"$f":"C58*H58+D58*I58","v":2.2412109374999996}]
["CAMINHONETE CABINE SIMPLES COM MOTOR 1.6 FLEX, CÂMBIO MANUAL, POTÊNCIA 101/104 CV, 2 PORTAS","H",{"$f":"'CPU (DF)'!C59","v":0.37353515624999994},{"$f":"'CPU (DF)'!D59","v":0.62255859375},92145,92146,"SINAPI PA 06/223",{"$f":"H31","v":68.27},{"$f":"I31","v":27.99},{"$f":"C59*H59+D59*I59","v":42.926660156249994}]
["SUB-TOTAL",{"$nulls":8},{"$f":"SUM(J57:J59)","v":47.409082031249994}]
["MATERIAL"]
["DISCRIMINAÇÃO","UNIDADE","QUANT.",null,"COD.",null,null,null,"P.UNIT.","P.TOTAL"]
["ESTACA/PIQUETE DE MADEIRA","U",{"$f":"'CPU (DF)'!C63","v":83.333333333333329},null,4408,null,"SINAPI PA 06/223",null,{"$f":"VLOOKUP(E63,[24]sheet1!$A$1:$E$65536,5,FALSE)*0.4","v":0.91199999999999992},{"$f":"C63*I63","v":75.999999999999986}]
["SUB-TOTAL",{"$nulls":8},{"$f":"SUM(J63:J63)","v":75.999999999999986}]
["SERVIÇOS - COMPOSIÇÕES AUXILIARES"]
["DISCRIMINAÇÃO","UNIDADE","QUANT.",{"$nulls":5},"P.UNIT.","P.TOTAL"]
[]
["SUB-TOTAL"]
["MÃO DE OBRA"]
["DISCRIMINAÇÃO","UNIDADE","QUANT.",null,"COD. P","COD. I",null,null,"P.UNIT.","P.TOTAL"]
["AUXILIAR DE TOPOGRÁFO COM ENCARGOS","MÊS",{"$f":"'CPU (DF)'!C71","v":5.6596235795454541E-3},null,101389,null,"SINAPI PA 06/223",null,{"$f":"VLOOKUP(E71,[22]planilhanull!$G$7:$K$7520,5,FALSE)","v":2599.94},{"$f":"C71*I71","v":14.714681729403408}]
["TOPOGRAFO COM ENCARGOS","MÊS",{"$f":"'CPU (DF)'!C72","v":5.6596235795454541E-3},null,94296,null,"SINAPI PA 06/223",null,{"$f":"VLOOKUP(E72,[22]planilhanull!$G$7:$K$7520,5,FALSE)","v":5324.72},{"$f":"C72*I72","v":30.135910866477271}]
["SUB-TOTAL",{"$nulls":8},{"$f":"SUM(J71:J72)","v":44.850592595880677}]
["PRODUÇÃO MENSAL DA EQUIPE",{"$f":"'CPU (DF)'!B74","v":46.93333333333333},"CUSTO ",{"$nulls":6},{"$f":"J73+J68+J64+J60","v":168.25967462713066}]
["TOTAL",{"$nulls":8},{"$f":"ROUND(J74,2)","v":168.26}]
["BDI                %",{"$nulls":8},24.1]
["TOTAL DO SERVIÇO - R$",{"$nulls":8},{"$f":"ROUND(J75*(1+J76/100),2)","v":208.81}]
[]
[" COMPOSIÇÃO DE PREÇO UNITÁRIO"]
["LOCAÇÃO E CONSTRUÇÃO DE BACIAS DE CAPTAÇÃO DE ENXURRADA (4 METROS DE RAIO)",{"$nulls":7},"UNIDADE: ","UNID."]
["EQUIPAMENTO"]
["DISCRIMINAÇÃO","UNIDADE","QUANT. PROD.","QUANT. IMPROD.","COD. P","COD. I","FONTE","CHP/ P.UNIT.","CHI","P.TOTAL"]
["NIVEL OPTICO, COM PRECISAO DE 0,7 MM, AUMENTO DE 32X","H",{"$f":"'CPU (DF)'!C83","v":0.59999999999999987},null,7252,null,"SINAPI PA 06/223",{"$f":"$H$57","v":2.25},null,{"$f":"C83*H83+D83*I83","v":1.3499999999999996}]
["TEODOLITO ELETRONICO, PRECISAO ANGULAR DE 5 A 7 SEGUNDOS, INCLUINDO TRIPE","H",{"$f":"'CPU (DF)'!C84","v":0.59999999999999987},null,7247,null,"SINAPI PA 06/223",{"$f":"$H$58","v":2.25},null,{"$f":"C84*H84+D84*I84","v":1.3499999999999996}]
["PÁ CARREGADEIRA SOBRE RODAS, POTÊNCIA LÍQUIDA 128 HP, CAPACIDADE DA CAÇAMBA 1,7 A 2,8 M³","H",{"$f":"'CPU (DF)'!C85","v":0.77795298165137616},{"$f":"'CPU (DF)'!D85","v":0.25931766055045874},5940,5942,"SINAPI PA 06/223",{"$f":"VLOOKUP(E85,[22]planilhanull!$G$7:$K$7520,5,FALSE)","v":200.08},{"$f":"VLOOKUP(F85,[22]planilhanull!$G$7:$K$7520,5,FALSE)","v":77.89},{"$f":"C85*H85+D85*I85","v":175.85108514908259}]
["VEÍCULO DE PASSEIO PARA DESLOCAMENTO DA EQUIPE","H",{"$f":"'CPU (DF)'!C86","v":0.23437500000000003},{"$f":"'CPU (DF)'!D86","v":0.39062500000000006},"E9093",null,"SICRO PA 01/2023",{"$f":"$H$30","v":31.0825},{"$f":"$I$30","v":6.4572000000000003},{"$f":"C86*H86+D86*I86","v":9.8073046875000021}]
["CAMINHONETE CABINE SIMPLES COM MOTOR 1.6 FLEX, CÂMBIO MANUAL, POTÊNCIA 101/104 CV, 2 PORTAS","H",{"$f":"'CPU (DF)'!C87","v":0.60937499999999989},{"$f":"'CPU (DF)'!D87","v":0.36562499999999998},92145,92146,"SINAPI PA 06/223",{"$f":"$H$31","v":68.27},{"$f":"$I$31","v":27.99},{"$f":"C87*H87+D87*I87","v":51.835874999999987}]
["SUB-TOTAL",{"$nulls":8},{"$f":"SUM(J83:J87)","v":240.19426483658256}]
["MATERIAL"]
["DISCRIMINAÇÃO","UNIDADE","QUANT.",null,"COD.",null,null,null,"P.UNIT.","P.TOTAL"]
["ESTACA/PIQUETE DE MADEIRA","U",{"$f":"'CPU (DF)'!C91","v":12},null,4408,null,"SINAPI PA 06/223",null,{"$f":"$I$63","v":0.91199999999999992},{"$f":"C91*I91","v":10.943999999999999}]
["SUB-TOTAL",{"$nulls":8},{"$f":"SUM(J91:J91)","v":10.943999999999999}]
["SERVIÇOS - COMPOSIÇÕES AUXILIARES"]
["DISCRIMINAÇÃO","UNIDADE","QUANT.",{"$nulls":5},"P.UNIT.","P.TOTAL"]
["REVESTIMENTO VEGETAL POR SEMEADURA A LANÇO MANUAL DE GRAMÍNEAS E LEGUMINOSAS","m²",{"$f":"'CPU (DF)'!C95","v":50.26548245743669},null,4413993,null,"SICRO PA 01/2023",null,{"$f":"VLOOKUP(E95,[21]Sheet1!$A:$D,4,FALSE)","v":0.64},{"$f":"C95*I95","v":32.169908772759484}]
["SUB-TOTAL",{"$nulls":8},{"$f":"SUM(J95:J95)","v":32.169908772759484}]
["MÃO DE OBRA"]
["DISCRIMINAÇÃO","UNIDADE","QUANT.",null,"COD. P","COD. I",null,null,"P.UNIT.","P.TOTAL"]
["ENGENHEIRO COM ENCARGO","MÊS",{"$f":"'CPU (DF)'!C99","v":1.4204545454545455E-3},null,93565,null,"SINAPI PA 06/223",null,{"$f":"$I$44","v":19899.21},{"$f":"C99*I99","v":28.265923295454545}]
["ENCARREGADO COM ENCARGO","MÊS",{"$f":"'CPU (DF)'!C100","v":4.2613636363636369E-3},null,93572,null,"SINAPI PA 06/223",null,{"$f":"$I$46","v":4136.28},{"$f":"C100*I100","v":17.626193181818184}]
["TOPOGRAFO COM ENCARGOS","MÊS",{"$f":"'CPU (DF)'!C101","v":3.4090909090909085E-3},null,94296,null,"SINAPI PA 06/223",null,{"$f":"$I$72","v":5324.72},{"$f":"C101*I101","v":18.152454545454543}]
["AUXILIAR DE TOPOGRÁFO COM ENCARGOS","MÊS",{"$f":"'CPU (DF)'!C102","v":3.4090909090909085E-3},null,101389,null,"SINAPI PA 06/223",null,{"$f":"$I$71","v":2599.94},{"$f":"C102*I102","v":8.8634318181818177}]
["SERVENTE COM ENCARGOS COMPLEMENTARES - INLUSIVE ABERTURA E FECHAMENTO DE CERCAS","MES",{"$f":"'CPU (DF)'!C103","v":5.893583194328607E-3},null,101452,null,"SINAPI PA 06/223",null,{"$f":"$I$45","v":3759.6},{"$f":"C103*I103","v":22.157515377397829}]
["SUB-TOTAL",{"$nulls":8},{"$f":"SUM(J99:J103)","v":95.06551821830692}]
["PRODUÇÃO MENSAL DA EQUIPE",{"$f":"'CPU (DF)'!B105","v":169.67606412382531},"CUSTO ",{"$nulls":6},{"$f":"J104+J96+J92+J88","v":378.37369182764894}]
["TOTAL",{"$nulls":8},{"$f":"ROUND(J105,2)","v":378.37}]
["BDI                %",{"$nulls":8},24.1]
["TOTAL DO SERVIÇO - R$",{"$nulls":8},{"$f":"ROUND(J106*(1+J107/100),2)","v":469.56}]
[]
[]
[" COMPOSIÇÃO DE PREÇO UNITÁRIO"]
["LOCAÇÃO E CONSTRUÇÃO DE BACIAS DE CAPTAÇÃO DE ENXURRADA (6 METROS DE RAIO)",{"$nulls":7},"UNIDADE: ","UNID."]
["EQUIPAMENTO"]
["DISCRIMINAÇÃO","UNIDADE","QUANT. PROD.","QUANT. IMPROD.","COD. P","COD. I","FONTE","CHP/ P.UNIT.","CHI","P.TOTAL"]
["NIVEL OPTICO, COM PRECISAO DE 0,7 MM, AUMENTO DE 32X","H",{"$f":"'CPU (DF)'!C115","v":0.59999999999999987},null,7252,null,"SINAPI PA 06/223",{"$f":"$H$57","v":2.25},null,{"$f":"C115*H115+D115*I115","v":1.3499999999999996}]
["TEODOLITO ELETRONICO, PRECISAO ANGULAR DE 5 A 7 SEGUNDOS, INCLUINDO TRIPE","H",{"$f":"'CPU (DF)'!C116","v":0.59999999999999987},null,7247,null,"SINAPI PA 06/223",{"$f":"$H$58","v":2.25},null,{"$f":"C116*H116+D116*I116","v":1.3499999999999996}]
["PÁ CARREGADEIRA SOBRE RODAS, POTÊNCIA LÍQUIDA 128 HP, CAPACIDADE DA CAÇAMBA 1,7 A 2,8 M³","H",{"$f":"'CPU (DF)'!C117","v":1.5361668577981655},{"$f":"'CPU (DF)'!D117","v":0.51205561926605514},5940,5942,"SINAPI PA 06/223",{"$f":"$H$85","v":200.08},{"$f":"$I$85","v":77.89},{"$f":"C117*H117+D117*I117","v":347.24027709289004}]
["VEÍCULO DE PASSEIO PARA DESLOCAMENTO DA EQUIPE","H",{"$f":"'CPU (DF)'!C118","v":0.25},{"$f":"'CPU (DF)'!D118","v":0.41666666666666669},"E9093",null,"SICRO PA 01/2023",{"$f":"$H$30","v":31.0825},{"$f":"$I$30","v":6.4572000000000003},{"$f":"C118*H118+D118*I118","v":10.461124999999999}]
["CAMINHONETE CABINE SIMPLES COM MOTOR 1.6 FLEX, CÂMBIO MANUAL, POTÊNCIA 101/104 CV, 2 PORTAS","H",{"$f":"'CPU (DF)'!C119","v":0.62499999999999989},{"$f":"'CPU (DF)'!D119","v":0.375},92145,92146,"SINAPI PA 06/223",{"$f":"$H$31","v":68.27},{"$f":"$I$31","v":27.99},{"$f":"C119*H119+D119*I119","v":53.164999999999992}]
["SUB-TOTAL",{"$nulls":8},{"$f":"SUM(J115:J119)","v":413.56640209289003}]
["MATERIAL"]
["DISCRIMINAÇÃO","UNIDADE","QUANT.",null,"COD.",null,null,null,"P.UNIT.","P.TOTAL"]
["ESTACA/PIQUETE DE MADEIRA","U",{"$f":"'CPU (DF)'!C123","v":12},null,4408,null,"SINAPI PA 06/223",null,{"$f":"$I$63","v":0.91199999999999992},{"$f":"C123*I123","v":10.943999999999999}]
["SUB-TOTAL",{"$nulls":8},{"$f":"SUM(J123:J123)","v":10.943999999999999}]
["SERVIÇOS - COMPOSIÇÕES AUXILIARES"]
["DISCRIMINAÇÃO","UNIDADE","QUANT.",{"$nulls":5},"P.UNIT.","P.TOTAL"]
["REVESTIMENTO VEGETAL POR SEMEADURA A LANÇO MANUAL DE GRAMÍNEAS E LEGUMINOSAS","m²",{"$f":"'CPU (DF)'!C127","v":94.247779607693786},null,4413993,null,"SICRO PA 01/2023",null,{"$f":"VLOOKUP(E127,[21]Sheet1!$A:$D,4,FALSE)","v":0.64},{"$f":"C127*I127","v":60.318578948924028}]
["SUB-TOTAL",{"$nulls":8},{"$f":"SUM(J127:J127)","v":60.318578948924028}]
["MÃO DE OBRA"]
["DISCRIMINAÇÃO","UNIDADE","QUANT.",null,"COD. P","COD. I",null,null,"P.UNIT.","P.TOTAL"]
["ENGENHEIRO COM ENCARGO","MÊS",{"$f":"'CPU (DF)'!C131","v":1.5151515151515152E-3},null,93565,null,"SINAPI PA 06/223",null,{"$f":"$I$44","v":19899.21},{"$f":"C131*I131","v":30.150318181818182}]
["ENCARREGADO COM ENCARGO","MÊS",{"$f":"'CPU (DF)'!C132","v":4.5454545454545452E-3},null,93572,null,"SINAPI PA 06/223",null,{"$f":"$I$46","v":4136.28},{"$f":"C132*I132","v":18.801272727272725}]
["TOPOGRAFO COM ENCARGOS","MÊS",{"$f":"'CPU (DF)'!C133","v":3.4090909090909085E-3},null,94296,null,"SINAPI PA 06/223",null,{"$f":"$I$72","v":5324.72},{"$f":"C133*I133","v":18.152454545454543}]
["AUXILIAR DE TOPOGRÁFO COM ENCARGOS","MÊS",{"$f":"'CPU (DF)'!C134","v":3.4090909090909085E-3},null,101389,null,"SINAPI PA 06/223",null,{"$f":"$I$71","v":2599.94},{"$f":"C134*I134","v":8.8634318181818177}]
["SERVENTE COM ENCARGOS COMPLEMENTARES - INLUSIVE ABERTURA E FECHAMENTO DE CERCAS","MES",{"$f":"'CPU (DF)'!C135","v":1.1637627710592161E-2},null,101452,null,"SINAPI PA 06/223",null,{"$f":"$I$45","v":3759.6},{"$f":"C135*I135","v":43.752825140742289}]
["SUB-TOTAL",{"$nulls":8},{"$f":"SUM(J131:J135)","v":119.72030241346957}]
["PRODUÇÃO MENSAL DA EQUIPE",{"$f":"'CPU (DF)'!B137","v":85.928165504885072},"CUSTO ",{"$nulls":6},{"$f":"J136+J128+J124+J120","v":604.54928345528356}]
["TOTAL",{"$nulls":8},{"$f":"ROUND(J137,2)","v":604.54999999999995}]
["BDI                %",{"$nulls":8},24.1]
["TOTAL DO SERVIÇO - R$",{"$nulls":8},{"$f":"ROUND(J138*(1+J139/100),2)","v":750.25}]
[]
[" COMPOSIÇÃO DE PREÇO UNITÁRIO"]
["LOCAÇÃO E CONSTRUÇÃO DE BACIAS DE CAPTAÇÃO DE ENXURRADA (9 METROS DE RAIO)",{"$nulls":7},"UNIDADE: ","UNID."]
["EQUIPAMENTO"]
["DISCRIMINAÇÃO","UNIDADE","QUANT. PROD.","QUANT. IMPROD.","COD. P","COD. I","FONTE","CHP/ P.UNIT.","CHI","P.TOTAL"]
["NIVEL OPTICO, COM PRECISAO DE 0,7 MM, AUMENTO DE 32X","H",{"$f":"'CPU (DF)'!C146","v":0.65},null,7252,null,"SINAPI PA 06/223",{"$f":"$H$57","v":2.25},null,{"$f":"C146*H146+D146*I146","v":1.4625000000000001}]
["TEODOLITO ELETRONICO, PRECISAO ANGULAR DE 5 A 7 SEGUNDOS, INCLUINDO TRIPE","H",{"$f":"'CPU (DF)'!C147","v":0.65},null,7247,null,"SINAPI PA 06/223",{"$f":"$H$58","v":2.25},null,{"$f":"C147*H147+D147*I147","v":1.4625000000000001}]
["PÁ CARREGADEIRA SOBRE RODAS, POTÊNCIA LÍQUIDA 128 HP, CAPACIDADE DA CAÇAMBA 1,7 A 2,8 M³","H",{"$f":"'CPU (DF)'!C148","v":3.7389908256880737},{"$f":"'CPU (DF)'!D148","v":1.2463302752293579},5940,5942,"SINAPI PA 06/223",{"$f":"$H$85","v":200.08},{"$f":"$I$85","v":77.89},{"$f":"C148*H148+D148*I148","v":845.17394954128451}]
["VEÍCULO DE PASSEIO PARA DESLOCAMENTO DA EQUIPE","H",{"$f":"'CPU (DF)'!C149","v":0.265625},{"$f":"'CPU (DF)'!D149","v":0.44270833333333331},"E9093",null,"SICRO PA 01/2023",{"$f":"$H$30","v":31.0825},{"$f":"$I$30","v":6.4572000000000003},{"$f":"C149*H149+D149*I149","v":11.114945312500002}]
["CAMINHONETE CABINE SIMPLES COM MOTOR 1.6 FLEX, CÂMBIO MANUAL, POTÊNCIA 101/104 CV, 2 PORTAS","H",{"$f":"'CPU (DF)'!C150","v":0.671875},{"$f":"'CPU (DF)'!D150","v":0.40312500000000007},92145,92146,"SINAPI PA 06/223",{"$f":"$H$31","v":68.27},{"$f":"$I$31","v":27.99},{"$f":"C150*H150+D150*I150","v":57.152374999999992}]
["SUB-TOTAL",{"$nulls":8},{"$f":"SUM(J146:J150)","v":916.3662698537845}]
["MATERIAL"]
["DISCRIMINAÇÃO","UNIDADE","QUANT.",null,"COD.",null,null,null,"P.UNIT.","P.TOTAL"]
["ESTACA/PIQUETE DE MADEIRA","U",{"$f":"'CPU (DF)'!C154","v":12},null,4408,null,"SINAPI PA 06/223",null,{"$f":"$I$63","v":0.91199999999999992},{"$f":"C154*I154","v":10.943999999999999}]
["SUB-TOTAL",{"$nulls":8},{"$f":"SUM(J154:J154)","v":10.943999999999999}]
["SERVIÇOS - COMPOSIÇÕES AUXILIARES"]
["DISCRIMINAÇÃO","UNIDADE","QUANT.",{"$nulls":5},"P.UNIT.","P.TOTAL"]
["REVESTIMENTO VEGETAL POR SEMEADURA A LANÇO MANUAL DE GRAMÍNEAS E LEGUMINOSAS","m²",{"$f":"'CPU (DF)'!C158","v":169.64600329384882},null,4413993,null,"SICRO PA 01/2023",null,{"$f":"VLOOKUP(E158,[21]Sheet1!$A:$D,4,FALSE)","v":0.64},{"$f":"C158*I158","v":108.57344210806325}]
["SUB-TOTAL",{"$nulls":8},{"$f":"SUM(J158:J158)","v":108.57344210806325}]
["MÃO DE OBRA"]
["DISCRIMINAÇÃO","UNIDADE","QUANT.",null,"COD. P","COD. I",null,null,"P.UNIT.","P.TOTAL"]
["ENGENHEIRO COM ENCARGO","MÊS",{"$f":"'CPU (DF)'!C162","v":1.6098484848484848E-3},null,93565,null,"SINAPI PA 06/223",null,{"$f":"$I$44","v":19899.21},{"$f":"C162*I162","v":32.034713068181816}]
["ENCARREGADO COM ENCARGO","MÊS",{"$f":"'CPU (DF)'!C163","v":4.8295454545454544E-3},null,93572,null,"SINAPI PA 06/223",null,{"$f":"$I$46","v":4136.28},{"$f":"C163*I163","v":19.976352272727272}]
["TOPOGRAFO COM ENCARGOS","MÊS",{"$f":"'CPU (DF)'!C164","v":3.6931818181818185E-3},null,94296,null,"SINAPI PA 06/223",null,{"$f":"$I$72","v":5324.72},{"$f":"C164*I164","v":19.665159090909093}]
["AUXILIAR DE TOPOGRÁFO COM ENCARGOS","MÊS",{"$f":"'CPU (DF)'!C165","v":3.6931818181818185E-3},null,101389,null,"SINAPI PA 06/223",null,{"$f":"$I$71","v":2599.94},{"$f":"C165*I165","v":9.6020511363636381}]
["SERVENTE COM ENCARGOS COMPLEMENTARES - INLUSIVE ABERTURA E FECHAMENTO DE CERCAS","MES",{"$f":"'CPU (DF)'!C166","v":2.83256880733945E-2},null,101452,null,"SINAPI PA 06/223",null,{"$f":"$I$45","v":3759.6},{"$f":"C166*I166","v":106.49325688073397}]
["SUB-TOTAL",{"$nulls":8},{"$f":"SUM(J162:J166)","v":187.77153244891579}]
["PRODUÇÃO MENSAL DA EQUIPE",{"$f":"'CPU (DF)'!B168","v":35.30364372469635},"CUSTO ",{"$nulls":6},{"$f":"J167+J159+J155+J151","v":1223.6552444107635}]
["TOTAL",{"$nulls":8},{"$f":"ROUND(J168,2)","v":1223.6600000000001}]
["BDI                %",{"$nulls":8},24.1]
["TOTAL DO SERVIÇO - R$",{"$nulls":8},{"$f":"ROUND(J169*(1+J170/100),2)","v":1518.56}]
[]
[]
[" COMPOSIÇÃO DE PREÇO UNITÁRIO"]
["LOCAÇÃO E CONSTRUÇÃO DE BACIAS DE CAPTAÇÃO DE ENXURRADA (12 METROS DE RAIO)",{"$nulls":7},"UNIDADE: ","UNID."]
["EQUIPAMENTO"]
["DISCRIMINAÇÃO","UNIDADE","QUANT. PROD.","QUANT. IMPROD.","COD. P","COD. I","FONTE","CHP/ P.UNIT.","CHI","P.TOTAL"]
["NIVEL OPTICO, COM PRECISAO DE 0,7 MM, AUMENTO DE 32X","H",{"$f":"'CPU (DF)'!C178","v":0.65},null,7252,null,"SINAPI PA 06/223",{"$f":"$H$57","v":2.25},null,{"$f":"C178*H178+D178*I178","v":1.4625000000000001}]
["TEODOLITO ELETRONICO, PRECISAO ANGULAR DE 5 A 7 SEGUNDOS, INCLUINDO TRIPE","H",{"$f":"'CPU (DF)'!C179","v":0.65},null,7247,null,"SINAPI PA 06/223",{"$f":"$H$58","v":2.25},null,{"$f":"C179*H179+D179*I179","v":1.4625000000000001}]
["PÁ CARREGADEIRA SOBRE RODAS, POTÊNCIA LÍQUIDA 128 HP, CAPACIDADE DA CAÇAMBA 1,7 A 2,8 M³","H",{"$f":"'CPU (DF)'!C180","v":6},{"$f":"'CPU (DF)'!D180","v":2},5940,5942,"SINAPI PA 06/223",{"$f":"$H$85","v":200.08},{"$f":"$I$85","v":77.89},{"$f":"C180*H180+D180*I180","v":1356.26}]
["VEÍCULO DE PASSEIO PARA DESLOCAMENTO DA EQUIPE","H",{"$f":"'CPU (DF)'!C181","v":0.28125},{"$f":"'CPU (DF)'!D181","v":0.46874999999999994},"E9093",null,"SICRO PA 01/2023",{"$f":"$H$30","v":31.0825},{"$f":"$I$30","v":6.4572000000000003},{"$f":"C181*H181+D181*I181","v":11.768765625}]
["CAMINHONETE CABINE SIMPLES COM MOTOR 1.6 FLEX, CÂMBIO MANUAL, POTÊNCIA 101/104 CV, 2 PORTAS","H",{"$f":"'CPU (DF)'!C182","v":0.6875},{"$f":"'CPU (DF)'!D182","v":0.41250000000000009},92145,92146,"SINAPI PA 06/223",{"$f":"$H$31","v":68.27},{"$f":"$I$31","v":27.99},{"$f":"C182*H182+D182*I182","v":58.481499999999997}]
["SUB-TOTAL",{"$nulls":8},{"$f":"SUM(J178:J182)","v":1429.4352656250001}]
["MATERIAL"]
["DISCRIMINAÇÃO","UNIDADE","QUANT.",null,"COD.",null,null,null,"P.UNIT.","P.TOTAL"]
["ESTACA/PIQUETE DE MADEIRA","U",{"$f":"'CPU (DF)'!C186","v":16},null,4408,null,"SINAPI PA 06/223",null,{"$f":"$I$63","v":0.91199999999999992},{"$f":"C186*I186","v":14.591999999999999}]
["SUB-TOTAL",{"$nulls":8},{"$f":"SUM(J186:J186)","v":14.591999999999999}]
["SERVIÇOS - COMPOSIÇÕES AUXILIARES"]
["DISCRIMINAÇÃO","UNIDADE","QUANT.",{"$nulls":5},"P.UNIT.","P.TOTAL"]
["REVESTIMENTO VEGETAL POR SEMEADURA A LANÇO MANUAL DE GRAMÍNEAS E LEGUMINOSAS","m²",{"$f":"'CPU (DF)'!C190","v":263.89378290154264},null,4413993,null,"SICRO PA 01/2023",null,{"$f":"VLOOKUP(E190,[21]Sheet1!$A:$D,4,FALSE)","v":0.64},{"$f":"C190*I190","v":168.89202105698729}]
["SUB-TOTAL",{"$nulls":8},{"$f":"SUM(J190:J190)","v":168.89202105698729}]
["MÃO DE OBRA"]
["DISCRIMINAÇÃO","UNIDADE","QUANT.",null,"COD. P","COD. I",null,null,"P.UNIT.","P.TOTAL"]
["ENGENHEIRO COM ENCARGO","MES",{"$f":"'CPU (DF)'!C194","v":1.7045454545454545E-3},null,93565,null,"SINAPI PA 06/223",null,{"$f":"$I$44","v":19899.21},{"$f":"C194*I194","v":33.919107954545453}]
["ENCARREGADO COM ENCARGO","MES",{"$f":"'CPU (DF)'!C195","v":5.1136363636363636E-3},null,93572,null,"SINAPI PA 06/223",null,{"$f":"$I$46","v":4136.28},{"$f":"C195*I195","v":21.151431818181816}]
["TOPOGRAFO COM ENCARGOS","MÊS",{"$f":"'CPU (DF)'!C196","v":3.6931818181818181E-3},null,94296,null,"SINAPI PA 06/223",null,{"$f":"$I$72","v":5324.72},{"$f":"C196*I196","v":19.665159090909093}]
["AUXILIAR DE TOPOGRÁFO COM ENCARGOS","MÊS",{"$f":"'CPU (DF)'!C197","v":3.6931818181818181E-3},null,101389,null,"SINAPI PA 06/223",null,{"$f":"$I$71","v":2599.94},{"$f":"C197*I197","v":9.6020511363636363}]
["SERVENTE COM ENCARGOS COMPLEMENTARES - INLUSIVE ABERTURA E FECHAMENTO DE CERCAS","MES",{"$f":"'CPU (DF)'!C198","v":4.5454545454545456E-2},null,101452,null,"SINAPI PA 06/223",null,{"$f":"$I$45","v":3759.6},{"$f":"C198*I198","v":170.8909090909091}]
["SUB-TOTAL",{"$nulls":8},{"$f":"SUM(J194:J198)","v":255.2286590909091}]
["PRODUÇÃO DA EQUIPE ",{"$f":"'CPU (DF)'!B200","v":22},"CUSTO ",{"$nulls":6},{"$f":"J199+J191+J187+J183","v":1868.1479457728965}]
["TOTAL",{"$nulls":8},{"$f":"ROUND(J200,2)","v":1868.15}]
["BDI                %",{"$nulls":8},24.1]
["TOTAL DO SERVIÇO - R$",{"$nulls":8},{"$f":"ROUND(J201*(1+J202/100),2)","v":2318.37}]
[]
[" COMPOSIÇÃO DE PREÇO UNITÁRIO"]
["CERCAMENTO DE ÁREAS AMBIENTALMENTE VULNERÁVEIS À CAPRINOVINOCULTURA",{"$nulls":7},"UNIDADE: ","m"]
["EQUIPAMENTO"]
["DISCRIMINAÇÃO","UNIDADE","QUANT. PROD.","QUANT. IMPROD.","COD. P","COD. I","FONTE",null,"P.UNIT.","P.TOTAL"]
["NIVEL OPTICO, COM PRECISAO DE 0,7 MM, AUMENTO DE 32X","h",{"$f":"'CPU (DF)'!C209","v":5.000000000000001E-2},null,7252,null,"SINAPI PA 06/223",{"$f":"H178","v":2.25},null,{"$f":"C209*H209+D209*I209","v":0.11250000000000002}]
["TEODOLITO ELETRONICO, PRECISAO ANGULAR DE 5 A 7 SEGUNDOS, INCLUINDO TRIPE","h",{"$f":"'CPU (DF)'!C210","v":5.000000000000001E-2},null,7247,null,"SINAPI PA 06/223",{"$f":"H179","v":2.25},null,{"$f":"C210*H210+D210*I210","v":0.11250000000000002}]
["VEÍCULO DE PASSEIO PARA DESLOCAMENTO DA EQUIPE","h",{"$f":"'CPU (DF)'!C211","v":1.8382352941176468E-2},{"$f":"'CPU (DF)'!D211","v":3.063725490196078E-2},"E9093","E9093","SICRO PA 01/2023",{"$f":"H30","v":31.0825},{"$f":"I30","v":6.4572000000000003},{"$f":"C211*H211+D211*I211","v":0.76920036764705868}]
["CAMINHONETE CABINE SIMPLES COM MOTOR 1.6 FLEX, CÂMBIO MANUAL, POTÊNCIA 101/104 CV, 2 PORTAS","h",{"$f":"'CPU (DF)'!C212","v":2.9779411764705884E-2},{"$f":"'CPU (DF)'!D212","v":4.9632352941176468E-2},92145,92146,"SINAPI PA 06/223",{"$f":"H31","v":68.27},{"$f":"I31","v":27.99},{"$f":"C212*H212+D212*I212","v":3.42225}]
["SUB-TOTAL",{"$nulls":8},{"$f":"SUM(J209:J212)","v":4.4164503676470588}]
["MATERIAL"]
["DISCRIMINAÇÃO","UNIDADE","QUANT.",null,"COD. P","COD. I","FONTE",null,"P.UNIT.","P.TOTAL"]
["MOURAO ROLICO DE MADEIRA TRATADA, D = 16 A 20 CM, H = 3,0 M, EM EUCALIPTO OU EQUIVALENTE DA REGIAO (PARA CERCA)","m",{"$f":"'CPU (DF)'!C216","v":0.12},null,4491,null,"SINAPI PA 06/223",null,{"$f":"I252","v":27.44},{"$f":"ROUND((I216*C216),2)","v":3.29}]
["MOURAO ROLICO DE MADEIRA TRATADA, D  ≥ 10 CM, H = 2,20 M, EM EUCALIPTO OU EQUIVALENTE DA REGIAO (PARA CERCA)","m",{"$f":"'CPU (DF)'!C217","v":0.52},null,21138,null,"SINAPI PA 06/223",null,{"$f":"I253","v":8.6999999999999993},{"$f":"ROUND((I217*C217),2)","v":4.5199999999999996}]
["ARAME FARPADO GALVANIZADO, 16 BWG (1,65 MM), CLASSE 250","m",{"$f":"'CPU (DF)'!C218","v":8},null,340,null,"SINAPI PA 06/223",null,{"$f":"I254","v":1.48},{"$f":"ROUND((I218*C218),2)","v":11.84}]
["GRAMPO DE ACO POLIDO 1 \" X 9","kg",{"$f":"'CPU (DF)'!C219","v":0.04},null,5076,null,"SINAPI PA 06/223",null,{"$f":"I255","v":23.82},{"$f":"ROUND((I219*C219),2)","v":0.95}]
["ESTACA/PIQUETE DE MADEIRA","U",{"$f":"'CPU (DF)'!C220","v":0.05},null,4408,null,"SINAPI PA 06/223",null,{"$f":"I63","v":0.91199999999999992},{"$f":"C220*I220","v":4.5600000000000002E-2}]
["SUB-TOTAL",{"$nulls":8},{"$f":"SUM(J216:J220)","v":20.645599999999998}]
["SERVIÇOS - COMPOSIÇÕES AUXILIARES"]
["DISCRIMINAÇÃO","UNIDADE","QUANT.",null,"COD.",null,"FONTE",null,"P.UNIT.","P.TOTAL"]
[]
["SUB-TOTAL",{"$nulls":8},{"$f":"J224","v":0}]
["MÃO DE OBRA"]
["DISCRIMINAÇÃO","UNIDADE","QUANT.",null,"COD. P","COD. I","FONTE",null,"P.UNIT.","P.TOTAL"]
["ENGENHEIRO COM ENCARGO","mês",{"$f":"'CPU (DF)'!C228","v":1.1140819964349375E-4},null,93565,null,"SINAPI PA 06/223",null,{"$f":"I194","v":19899.21},{"$f":"C228*I228","v":2.2169351604278074}]
["ENCARREGADO COM ENCARGO","mês",{"$f":"'CPU (DF)'!C229","v":3.3422459893048126E-4},null,93572,null,"SINAPI PA 06/223",null,{"$f":"I195","v":4136.28},{"$f":"C229*I229","v":1.382446524064171}]
["TOPOGRAFO COM ENCARGOS","mês",{"$f":"'CPU (DF)'!C230","v":2.8409090909090913E-4},null,94296,null,"SINAPI PA 06/223",null,{"$f":"I196","v":5324.72},{"$f":"C230*I230","v":1.5127045454545458}]
["AUXILIAR DE TOPOGRÁFO COM ENCARGOS","mês",{"$f":"'CPU (DF)'!C231","v":2.8409090909090913E-4},null,101389,null,"SINAPI PA 06/223",null,{"$f":"I197","v":2599.94},{"$f":"C231*I231","v":0.73861931818181825}]
["SERVENTE COM ENCARGOS COMPLEMENTARES - ABERTURA DE PICADAS, ESCAVAÇÃO MANUAL E ASSENTAMENTO DE MOURÕES","mês",{"$f":"'CPU (DF)'!C232","v":1.0101010101010101E-3},null,101452,null,"SINAPI PA 06/223",null,{"$f":"I198","v":3759.6},{"$f":"C232*I232","v":3.7975757575757574}]
["CARPINTEIRO DE FORMAS COM ENCARGOS COMPLEMENTARES","h",{"$f":"'CPU (DF)'!C233","v":8.8888888888888892E-2},null,88262,null,"SINAPI PA 06/223",null,{"$f":"VLOOKUP(E233,[22]planilhanull!$G$7:$K$7520,5,FALSE)","v":26.24},{"$f":"ROUND((I233*C233),2)","v":2.33}]
["AJUDANTE DE CARPINTEIRO COM ENCARGOS COMPLEMENTARES","h",{"$f":"'CPU (DF)'!C234","v":8.8888888888888892E-2},null,88239,null,"SINAPI PA 06/223",null,{"$f":"VLOOKUP(E234,[22]planilhanull!$G$7:$K$7520,5,FALSE)","v":21.53},{"$f":"ROUND((I234*C234),2)","v":1.91}]
["SUB-TOTAL",{"$nulls":8},{"$f":"SUM(J228:J234)","v":13.888281305704099}]
["PRODUÇÃO MENSAL DA EQUIPE",{"$f":"'CPU (DF)'!B236","v":1980},"CUSTO ",{"$nulls":6},{"$f":"J235+J225+J221+J213","v":38.950331673351158}]
["TOTAL",{"$nulls":8},{"$f":"ROUND(J236,2)","v":38.950000000000003}]
["BDI                %",{"$nulls":8},24.1]
["TOTAL DO SERVIÇO - R$",{"$nulls":8},{"$f":"ROUND(J237*(1+J238/100),2)","v":48.34}]
[]
[" COMPOSIÇÃO DE PREÇO UNITÁRIO"]
["CERCAMENTO DE ÁREAS AMBIENTALMENTE VULNERÁVEIS À BOVINOCULTURA",{"$nulls":7},"UNIDADE: ","m"]
["EQUIPAMENTO"]
["DISCRIMINAÇÃO","UNIDADE","QUANT. PROD.","QUANT. IMPROD.","COD. P","COD. I","FONTE",null,"P.UNIT.","P.TOTAL"]
["NIVEL OPTICO, COM PRECISAO DE 0,7 MM, AUMENTO DE 32X","h",{"$f":"'CPU (DF)'!C245","v":5.000000000000001E-2},null,7252,null,"SINAPI PA 06/223",{"$f":"H57","v":2.25},null,{"$f":"C245*H245+D245*I245","v":0.11250000000000002}]
["TEODOLITO ELETRONICO, PRECISAO ANGULAR DE 5 A 7 SEGUNDOS, INCLUINDO TRIPE","h",{"$f":"'CPU (DF)'!C246","v":5.000000000000001E-2},null,7247,null,"SINAPI PA 06/223",{"$f":"H58","v":2.25},null,{"$f":"C246*H246+D246*I246","v":0.11250000000000002}]
["VEÍCULO DE PASSEIO PARA DESLOCAMENTO DA EQUIPE","h",{"$f":"'CPU (DF)'!C247","v":1.8382352941176468E-2},{"$f":"'CPU (DF)'!D247","v":3.063725490196078E-2},"E9093",null,"SICRO PA 01/2023",{"$f":"H30","v":31.0825},{"$f":"I30","v":6.4572000000000003},{"$f":"C247*H247+D247*I247","v":0.76920036764705868}]
["CAMINHONETE CABINE SIMPLES COM MOTOR 1.6 FLEX, CÂMBIO MANUAL, POTÊNCIA 101/104 CV, 2 PORTAS","h",{"$f":"'CPU (DF)'!C248","v":2.9779411764705884E-2},{"$f":"'CPU (DF)'!D248","v":4.9632352941176468E-2},92145,92146,"SINAPI PA 06/223",{"$f":"H31","v":68.27},{"$f":"I31","v":27.99},{"$f":"C248*H248+D248*I248","v":3.42225}]
["SUB-TOTAL",{"$nulls":8},{"$f":"SUM(J245:J248)","v":4.4164503676470588}]
["MATERIAL"]
["DISCRIMINAÇÃO","UNIDADE","QUANT.",null,"COD.",null,"FONTE",null,"P.UNIT.","P.TOTAL"]
["MOURAO ROLICO DE MADEIRA TRATADA, D = 16 A 20 CM, H = 3,0 M, EM EUCALIPTO OU EQUIVALENTE DA REGIAO (PARA CERCA)","m",{"$f":"'CPU (DF)'!C252","v":6.6666666666666666E-2},null,2747,null,"SINAPI PA 06/223",null,{"$f":"VLOOKUP(E252,[24]sheet1!$A$1:$E$65536,5,FALSE)","v":27.44},{"$f":"ROUND((I252*C252),2)","v":1.83}]
["MOURAO ROLICO DE MADEIRA TRATADA, D  ≥ 10 CM, H = 2,20 M, EM EUCALIPTO OU EQUIVALENTE DA REGIAO (PARA CERCA)","m",{"$f":"'CPU (DF)'!C253","v":0.41111111111111115},null,21138,null,"SINAPI PA 06/223",null,{"$f":"VLOOKUP(E253,[24]sheet1!$A$1:$E$65536,5,FALSE)","v":8.6999999999999993},{"$f":"ROUND((I253*C253),2)","v":3.58}]
["ARAME FARPADO GALVANIZADO, 16 BWG (1,65 MM), CLASSE 250","m",{"$f":"'CPU (DF)'!C254","v":5},null,340,null,"SINAPI PA 06/223",null,{"$f":"VLOOKUP(E254,[24]sheet1!$A$1:$E$65536,5,FALSE)","v":1.48},{"$f":"ROUND((I254*C254),2)","v":7.4}]
["GRAMPO DE ACO POLIDO 1 \" X 9","kg",{"$f":"'CPU (DF)'!C255","v":0.03},null,5076,null,"SINAPI PA 06/223",null,{"$f":"VLOOKUP(E255,[24]sheet1!$A$1:$E$65536,5,FALSE)","v":23.82},{"$f":"ROUND((I255*C255),2)","v":0.71}]
["ESTACA/PIQUETE DE MADEIRA (0,5 m)","U",{"$f":"'CPU (DF)'!C256","v":0.05},null,4408,null,"SINAPI PA 06/223",null,{"$f":"I220","v":0.91199999999999992},{"$f":"C256*I256","v":4.5600000000000002E-2}]
["SUB-TOTAL",{"$nulls":8},{"$f":"SUM(J252:J256)","v":13.5656}]
["SERVIÇOS - COMPOSIÇÕES AUXILIARES"]
["DISCRIMINAÇÃO","UNIDADE","QUANT.",null,"COD.",null,"FONTE",null,"P.UNIT.","P.TOTAL"]
[]
["SUB-TOTAL",{"$nulls":8},{"$f":"J260","v":0}]
["MÃO DE OBRA"]
["DISCRIMINAÇÃO","UNIDADE","QUANT.",null,"COD. P","COD. I","FONTE",null,"P.UNIT.","P.TOTAL"]
["ENGENHEIRO COM ENCARGO","mês",{"$f":"'CPU (DF)'!C264","v":1.1140819964349375E-4},null,93565,null,"SINAPI PA 06/223",null,{"$f":"I228","v":19899.21},{"$f":"C264*I264","v":2.2169351604278074}]
["ENCARREGADO COM ENCARGO","mês",{"$f":"'CPU (DF)'!C265","v":3.3422459893048126E-4},null,93572,null,"SINAPI PA 06/223",null,{"$f":"I229","v":4136.28},{"$f":"C265*I265","v":1.382446524064171}]
["TOPOGRAFO COM ENCARGOS","mês",{"$f":"'CPU (DF)'!C266","v":2.8409090909090913E-4},null,94296,null,"SINAPI PA 06/223",null,5324.72,{"$f":"C266*I266","v":1.5127045454545458}]
["AUXILIAR DE TOPOGRÁFO COM ENCARGOS","mês",{"$f":"'CPU (DF)'!C267","v":2.8409090909090913E-4},null,101389,null,"SINAPI PA 06/223",null,2599.94,{"$f":"C267*I267","v":0.73861931818181825}]
["SERVENTE COM ENCARGOS COMPLEMENTARES - ABERTURA DE PICADAS, ESCAVAÇÃO MANUAL E ASSENTAMENTO DE MOURÕES","mês",{"$f":"'CPU (DF)'!C268","v":1.0822510822510823E-3},null,101452,null,"SINAPI PA 06/223",null,3759.6,{"$f":"C268*I268","v":4.0688311688311689}]
["CARPINTEIRO DE FORMAS COM ENCARGOS COMPLEMENTARES","h",{"$f":"'CPU (DF)'!C269","v":9.5238095238095247E-2},null,88262,null,"SINAPI PA 06/223",null,26.24,{"$f":"ROUND((I269*C269),2)","v":2.5}]
["AJUDANTE DE CARPINTEIRO COM ENCARGOS COMPLEMENTARES","h",{"$f":"'CPU (DF)'!C270","v":9.5238095238095247E-2},null,88239,null,"SINAPI PA 06/223",null,21.53,{"$f":"ROUND((I270*C270),2)","v":2.0499999999999998}]
["SUB-TOTAL",{"$nulls":8},{"$f":"SUM(J264:J270)","v":14.46953671695951}]
["PRODUÇÃO MENSAL DA EQUIPE",{"$f":"'CPU (DF)'!B272","v":1847.9999999999998},"CUSTO ",{"$nulls":6},{"$f":"J271+J261+J257+J249","v":32.451587084606572}]
["TOTAL",{"$nulls":8},{"$f":"ROUND(J272,2)","v":32.450000000000003}]
["BDI                %",{"$nulls":8},24.1]
["TOTAL DO SERVIÇO - R$",{"$nulls":8},{"$f":"ROUND(J273*(1+J274/100),2)","v":40.270000000000003}]
[]
[" COMPOSIÇÃO DE PREÇO UNITÁRIO"]
["PLACA DE IDENTIFICAÇÃO DE OBRA",{"$nulls":7},"UNIDADE: ","m²"]
["EQUIPAMENTO"]
["DISCRIMINAÇÃO","UNIDADE","QUANT. PROD.","QUANT. IMPROD.","CÓDIGO",null,null,null,"P.UNIT.","P.TOTAL"]
[{"$nulls":9},{"$f":"C281*I281","v":0}]
["SUB-TOTAL",{"$nulls":8},{"$f":"SUM(J281:J281)","v":0}]
["MATERIAL"]
["DISCRIMINAÇÃO","UNIDADE","QUANT.",null,"COD. P","COD. I",null,null,"P.UNIT.","P.TOTAL"]
["PONTALETE *7,5 X 7,5* CM EM PINUS, MISTA OU EQUIVALENTE DA REGIAO - BRUTA","M",{"$f":"'CPU (DF)'!C285","v":1},null,4491,null,"SINAPI PA 06/223",null,{"$f":"VLOOKUP(E285,[24]sheet1!$A$1:$E$65536,5,FALSE)","v":10.87},{"$f":"ROUND((I285*C285),2)","v":10.87}]
["SARRAFO NAO APARELHADO *2,5 X 7* CM","M",{"$f":"'CPU (DF)'!C286","v":1},null,4417,null,"SINAPI PA 06/223",null,{"$f":"VLOOKUP(E286,[24]sheet1!$A$1:$E$65536,5,FALSE)","v":6.53},{"$f":"ROUND((I286*C286),2)","v":6.53}]
["PREGO DE ACO POLIDO COM CABECA 18 X 30 (2 3/4 X 10)","KG",{"$f":"'CPU (DF)'!C287","v":1.8333333333333333E-2},null,5075,null,"SINAPI PA 06/223",null,{"$f":"VLOOKUP(E287,[24]sheet1!$A$1:$E$65536,5,FALSE)","v":23.58},{"$f":"ROUND((I287*C287),2)","v":0.43}]
["PLACA DE OBRA (PARA CONSTRUCAO CIVIL) EM CHAPA GALVANIZADA","M2",{"$f":"'CPU (DF)'!C288","v":1},null,4813,null,"SINAPI PA 06/223",null,{"$f":"VLOOKUP(E288,[24]sheet1!$A$1:$E$65536,5,FALSE)","v":250},{"$f":"ROUND((I288*C288),2)","v":250}]
["SUB-TOTAL",{"$nulls":8},{"$f":"SUM(J285:J288)","v":267.83}]
["SERVIÇOS - COMPOSIÇÕES AUXILIARES"]
["DISCRIMINAÇÃO","UNIDADE","QUANT.",null,"COD. P","COD. I",null,null,"P.UNIT.","P.TOTAL"]
["CONCRETO MAGRO TRAÇO 1:4,5:4,5 (CIMENTO/ AREIA MÉDIA/ BRITA 1) - PREPARO MECÂNICO COM BETONEIRA 400 L.","M3",{"$f":"'CPU (DF)'!C292","v":1.6666666666666666E-2},null,94962,null,"SINAPI PA 06/223",null,{"$f":"VLOOKUP(E292,[22]planilhanull!$G$7:$K$7520,5,FALSE)","v":518.01},{"$f":"ROUND((I292*C292),2)","v":8.6300000000000008}]
["SUB-TOTAL",{"$nulls":8},{"$f":"J292","v":8.6300000000000008}]
["MÃO DE OBRA"]
["DISCRIMINAÇÃO","UNIDADE","QUANT.",null,"COD. P","COD. I",null,null,"P.UNIT.","P.TOTAL"]
["CARPINTEIRO DE FORMAS COM ENCARGOS COMPLEMENTARES","H",{"$f":"'CPU (DF)'!C296","v":0.33333333333333331},null,88262,null,"SINAPI PA 06/223",null,{"$f":"I269","v":26.24},{"$f":"ROUND((I296*C296),2)","v":8.75}]
["AJUDANTE DE CARPINTEIRO COM ENCARGOS COMPLEMENTARES","H",{"$f":"'CPU (DF)'!C297","v":0.66666666666666663},null,88239,null,"SINAPI PA 06/223",null,{"$f":"I270","v":21.53},{"$f":"ROUND((I297*C297),2)","v":14.35}]
["SUB-TOTAL",{"$nulls":8},{"$f":"SUM(J296:J297)","v":23.1}]
["PRODUÇÃO MENSAL DA EQUIPE",{"$f":"'CPU (DF)'!B299","v":528},"CUSTO ",{"$nulls":6},{"$f":"J298+J293+J289+J282","v":299.56}]
["TOTAL",{"$nulls":8},{"$f":"ROUND(J299,2)","v":299.56}]
["BDI                %",{"$nulls":8},24.1]
["TOTAL DO SERVIÇO - R$",{"$nulls":8},{"$f":"ROUND(J300*(1+J301/100),2)","v":371.75}]

{"sheet":"CPU (GO)","index":8,"n_rows":302,"n_cols":12,"rows_kept":302,"cut":false,"hidden":false,"merged":[[301,0,301,8],[282,0,282,9],[288,0,288,8],[289,0,289,9],[292,0,292,8],[293,0,293,9],[297,0,297,8],[298,2,298,8],[299,0,299,8],[300,0,300,8],[270,0,270,8],[271,2,271,8],[272,0,272,8],[273,0,273,8],[274,0,274,8],[276,0,276,9],[277,0,277,7],[278,0,278,9],[281,0,281,8],[173,0,173,9],[174,0,174,7],[175,0,175,9],[182,0,182,8],[183,0,183,9],[186,0,186,8],[187,0,187,9],[190,0,190,8],[191,0,191,9],[198,0,198,8],[199,2,199,8],[200,0,200,8],[201,0,201,8],[204,0,204,9],[205,0,205,7],[206,0,206,9],[212,0,212,8],[213,0,213,9],[202,0,202,8],[220,0,220,8],[256,0,256,8],[257,0,257,9],[260,0,260,8],[261,0,261,9],[248,0,248,8],[249,0,249,9],[238,0,238,8],[221,0,221,9],[234,0,234,8],[235,2,235,8],[240,0,240,9],[241,0,241,7],[242,0,242,9],[128,0,128,9],[135,0,135,8],[158,0,158,8],[159,0,159,9],[166,0,166,8],[167,2,167,8],[168,0,168,8],[169,0,169,8],[136,2,136,8],[139,0,139,8],[141,0,141,9],[142,0,142,7],[143,0,143,9],[150,0,150,8],[151,0,151,9],[154,0,154,8],[155,0,155,9],[137,0,137,8],[138,0,138,8],[0,0,0,9],[14,0,14,8],[15,0,15,9],[41,0,41,9],[25,0,25,7],[18,0,18,8],[1,6,1,7],[40,0,40,8],[54,0,54,9],[19,2,19,8],[20,0,20,8],[21,0,21,8],[22,0,22,8],[36,0,36,9],[52,0,52,9],[53,0,53,7],[50,0,50,8],[1,0,1,1],[31,0,31,8],[32,0,32,9],[2,0,2,9],[5,0,5,8],[6,0,6,9],[10,0,10,8],[11,0,11,9],[1,2,1,4],[24,0,24,9],[48,0,48,8],[49,0,49,8],[46,0,46,8],[47,2,47,8],[35,0,35,8],[87,0,87,8],[59,0,59,8],[60,0,60,9],[63,0,63,8],[64,0,64,9],[80,0,80,9],[78,0,78,9],[79,0,79,7],[76,0,76,8],[67,0,67,8],[68,0,68,9],[72,0,72,8],[73,2,73,8],[74,0,74,8],[75,0,75,8],[110,0,110,9],[26,0,26,9],[170,0,170,8],[225,0,225,9],[236,0,236,8],[237,0,237,8],[224,0,224,8],[106,0,106,8],[107,0,107,8],[91,0,91,8],[88,0,88,9],[96,0,96,9],[104,2,104,8],[103,0,103,8],[92,0,92,9],[95,0,95,8],[105,0,105,8],[111,0,111,7],[112,0,112,9],[119,0,119,8],[120,0,120,9],[123,0,123,8],[124,0,124,9],[127,0,127,8]]}
[" COMPOSIÇÃO DE PREÇO UNITÁRIO"]
["MOBILIZAÇÃO E DESMOBILIZAÇÃO",null,"REGIÃO:",null,null,null,"GO",null,"UNIDADE: ","R$/Tonelada/ Projeto"]
["EQUIPAMENTO"]
["DISCRIMINAÇÃO","UNIDADE","QUANT. PROD.","QUANT. IMPROD.","COD.",null,"FONTE","P.UNIT. PROD","P.UNIT. IMPR","P.TOTAL"]
[{"$nulls":9},{"$f":"C5*E5*H5+C5*G5*I5","v":0}]
["SUB-TOTAL",{"$nulls":8},{"$f":"SUM(J5:J5)","v":0}]
["MATERIAL"]
["DISCRIMINAÇÃO","UNIDADE","QUANT.",null,"COD.",null,"FONTE",null,"P.UNIT.","P.TOTAL"]
[{"$nulls":9},"Toneladas/ Projeto"]
[{"$nulls":9},{"$f":"C10*I10","v":0}]
["SUB-TOTAL",{"$nulls":8},{"$f":"SUM(J9:J10)","v":0}]
["SERVIÇOS - COMPOSIÇÕES AUXILIARES"]
["DISCRIMINAÇÃO","UNIDADE","QUANT.",null,"COD.",null,"FONTE",null,"P.UNIT.","P.TOTAL"]
["TRANSPORTE COM CAVALO MECÂNICO COM SEMIRREBOQUE COM CAPACIDADE DE 30 T - RODOVIA PAVIMENTADA","t*km",{"$f":"'CPU (DF)'!C14","v":1},null,5914640,null,"SICRO GO 01/2023",null,{"$f":"VLOOKUP(E14,[25]Sheet1!$A:$D,4,FALSE)","v":0.56999999999999995},{"$f":"C14*I14","v":0.56999999999999995}]
["SUB-TOTAL",{"$nulls":8},{"$f":"SUM(J14:J14)","v":0.56999999999999995}]
["MÃO DE OBRA"]
["DISCRIMINAÇÃO","UNIDADE","QUANT.",{"$nulls":5},"P.UNIT.","P.TOTAL"]
[{"$nulls":9},{"$f":"C18*I18","v":0}]
["SUB-TOTAL",{"$nulls":8},{"$f":"SUM(J18:J18)","v":0}]
["PRODUÇÃO DA EQUIPE (MOB E DESMOB) EM km",{"$f":"VLOOKUP(G2,DMT!D:E,2)*2","v":477},"CUSTO ",{"$nulls":6},{"$f":"J19+J15+J11+J6","v":0.56999999999999995}]
["TOTAL",{"$nulls":8},{"$f":"J20*B20","v":271.89}]
["BDI                %",{"$nulls":8},24.1]
["TOTAL DO SERVIÇO - R$",{"$nulls":8},{"$f":"J21*(1+J22/100)","v":337.41549000000003}]
[]
[" COMPOSIÇÃO DE PREÇO UNITÁRIO"]
["LOCAÇÃO E CONSTRUÇÃO DE TERRAÇOS - INCLUSIVE SOLOS DUROS E SECOS",{"$nulls":7},"UNIDADE: ","km"]
["EQUIPAMENTO"]
["DISCRIMINAÇÃO","UNIDADE","QUANT. PROD.","QUANT. IMPROD.","COD. P","COD. I","FONTE","CHP","CHI","P.TOTAL"]
["TRATOR DE ESTEIRAS, POTÊNCIA 125 HP, PESO OPERACIONAL 12,9 T, COM LÂMINA 2,7 M3","H",{"$f":"'CPU (DF)'!C29","v":7.0588235294117654},{"$f":"'CPU (DF)'!D29","v":2.3529411764705883},5851,5853,"SINAPI GO 06/223",{"$f":"VLOOKUP(E29,[26]planilhanull!$G$7:$K$7520,5,FALSE)","v":209.42},{"$f":"VLOOKUP(F29,[26]planilhanull!$G$7:$K$7520,5,FALSE)","v":66.819999999999993},{"$f":"C29*H29+D29*I29","v":1635.4823529411765}]
["VEÍCULO DE PASSEIO PARA DESLOCAMENTO DA EQUIPE","H",{"$f":"'CPU (DF)'!C30","v":0.93749999999999989},{"$f":"'CPU (DF)'!D30","v":1.5624999999999998},"E9093","E9093","SICRO GO 01/2023",{"$f":"VLOOKUP(E30,[27]Sheet1!$A:$K,10,FALSE)","v":33.311300000000003},{"$f":"VLOOKUP(F30,[27]Sheet1!$A:$K,11,FALSE)","v":6.3371000000000004},{"$f":"C30*H30+D30*I30","v":41.131062499999999}]
["CAMINHONETE CABINE SIMPLES COM MOTOR 1.6 FLEX, CÂMBIO MANUAL, POTÊNCIA 101/104 CV, 2 PORTAS","H",{"$f":"'CPU (DF)'!C31","v":0.5625},{"$f":"'CPU (DF)'!D31","v":0.93749999999999989},92145,92146,"SINAPI GO 06/223",{"$f":"VLOOKUP(E31,[26]planilhanull!$G$7:$K$7520,5,FALSE)","v":74.180000000000007},{"$f":"VLOOKUP(F31,[26]planilhanull!$G$7:$K$7520,5,FALSE)","v":32.49},{"$f":"C31*H31+D31*I31","v":72.185625000000002}]
["SUB-TOTAL",{"$nulls":8},{"$f":"SUM(J29:J31)","v":1748.7990404411767}]
["MATERIAL"]
["DISCRIMINAÇÃO","UNIDADE","QUANT.",null,"COD.",null,"FONTE",null,"P.UNIT.","P.TOTAL"]
[]
["SUB-TOTAL",{"$nulls":8},{"$f":"SUM(J35:J35)","v":0}]
["SERVIÇOS - COMPOSIÇÕES AUXILIARES"]
["DISCRIMINAÇÃO","UNIDADE","QUANT.",null,"COD.",null,"FONTE",null,"P.UNIT.","P.TOTAL"]
["LOCAÇÃO E NIVELAMENTO DE TERRAÇOS COM TOPOGRAFIA","KM",{"$f":"'CPU (DF)'!C39","v":1},null,"COMPOSIÇÃO",null,null,null,{"$f":"J75","v":175.82},{"$f":"C39*I39","v":175.82}]
["REVESTIMENTO VEGETAL POR SEMEADURA A LANÇO MANUAL DE GRAMÍNEAS E LEGUMINOSAS","m²",{"$f":"'CPU (DF)'!C40","v":1000},null,4413993,null,"SICRO GO 01/2023",null,{"$f":"VLOOKUP(E40,[25]Sheet1!$A:$D,4,FALSE)","v":0.6},{"$f":"C40*I40","v":600}]
["SUB-TOTAL",{"$nulls":8},{"$f":"SUM(J39:J40)","v":775.81999999999994}]
["MÃO DE OBRA"]
["DISCRIMINAÇÃO","UNIDADE","QUANT.",null,"COD. P","COD. I","FONTE",null,"P.UNIT.","P.TOTAL"]
["ENGENHEIRO COM ENCARGO","MES",{"$f":"'CPU (DF)'!C44","v":5.681818181818182E-3},null,93565,null,"SINAPI GO 06/223",null,{"$f":"VLOOKUP(E44,[26]planilhanull!$G$7:$K$7520,5,FALSE)","v":20464.3},{"$f":"C44*I44","v":116.27443181818182}]
["SERVENTE COM ENCARGOS COMPLEMENTARES - INLUSIVE ABERTURA E FECHAMENTO DE CERCAS","MES",{"$f":"'CPU (DF)'!C45","v":5.3475935828877004E-2},null,101452,null,"SINAPI GO 06/223",null,{"$f":"VLOOKUP(E45,[26]planilhanull!$G$7:$K$7520,5,FALSE)","v":3478.2},{"$f":"C45*I45","v":185.99999999999997}]
["ENCARREGADO COM ENCARGO","MES",{"$f":"'CPU (DF)'!C46","v":1.7045454545454544E-2},null,93572,null,"SINAPI GO 06/223",null,{"$f":"VLOOKUP(E46,[26]planilhanull!$G$7:$K$7520,5,FALSE)","v":5993.49},{"$f":"C46*I46","v":102.16176136363636}]
["SUB-TOTAL",{"$nulls":8},{"$f":"SUM(J44:J46)","v":404.43619318181817}]
["PRODUÇÃO DA EQUIPE MÊS 22 KM, MAS COM FATOR DE REDUÇÃO PARA PÉRIODOS COM CHUVAS ",{"$f":"'CPU (DF)'!B48","v":18.7},"CUSTO ",{"$nulls":6},{"$f":"J47+J41+J36+J32","v":2929.0552336229948}]
["TOTAL",{"$nulls":8},{"$f":"ROUND(J48,2)","v":2929.06}]
["BDI                %",{"$nulls":8},24.1]
["TOTAL DO SERVIÇO - R$",{"$nulls":8},{"$f":"ROUND(J49*(1+J50/100),2)","v":3634.96}]
[]
[" COMPOSIÇÃO DE PREÇO UNITÁRIO"]
["LOCAÇÃO E NIVELAMENTO DE TERRAÇOS COM TOPOGRAFIA",{"$nulls":7},"UNIDADE: ","km"]
["EQUIPAMENTO"]
["DISCRIMINAÇÃO","UNIDADE","QUANT. PROD.","QUANT. IMPROD.","COD. P","COD. I","FONTE","CHP/ P.UNIT.","CHI","P.TOTAL"]
["NIVEL OPTICO, COM PRECISAO DE 0,7 MM, AUMENTO DE 32X","H",{"$f":"'CPU (DF)'!C57","v":0.99609374999999989},null,7252,null,"SINAPI GO 06/223",{"$f":"VLOOKUP(E57,[28]sheet1!$A$1:$E$65536,5,FALSE)","v":2.25},null,{"$f":"C57*H57+D57*I57","v":2.2412109374999996}]
["TEODOLITO ELETRONICO, PRECISAO ANGULAR DE 5 A 7 SEGUNDOS, INCLUINDO TRIPE","H",{"$f":"'CPU (DF)'!C58","v":0.99609374999999989},null,7247,null,"SINAPI GO 06/223",{"$f":"VLOOKUP(E58,[28]sheet1!$A$1:$E$65536,5,FALSE)","v":2.25},null,{"$f":"C58*H58+D58*I58","v":2.2412109374999996}]
["CAMINHONETE CABINE SIMPLES COM MOTOR 1.6 FLEX, CÂMBIO MANUAL, POTÊNCIA 101/104 CV, 2 PORTAS","H",{"$f":"'CPU (DF)'!C59","v":0.37353515624999994},{"$f":"'CPU (DF)'!D59","v":0.62255859375},92145,92146,"SINAPI GO 06/223",{"$f":"H31","v":74.180000000000007},{"$f":"I31","v":32.49},{"$f":"C59*H59+D59*I59","v":47.935766601562499}]
["SUB-TOTAL",{"$nulls":8},{"$f":"SUM(J57:J59)","v":52.418188476562499}]
["MATERIAL"]
["DISCRIMINAÇÃO","UNIDADE","QUANT.",null,"COD.",null,null,null,"P.UNIT.","P.TOTAL"]
["ESTACA/PIQUETE DE MADEIRA","U",{"$f":"'CPU (DF)'!C63","v":83.333333333333329},null,4408,null,"SINAPI GO 06/223",null,{"$f":"VLOOKUP(E63,[28]sheet1!$A$1:$E$65536,5,FALSE)*0.4","v":1.044},{"$f":"C63*I63","v":87}]
["SUB-TOTAL",{"$nulls":8},{"$f":"SUM(J63:J63)","v":87}]
["SERVIÇOS - COMPOSIÇÕES AUXILIARES"]
["DISCRIMINAÇÃO","UNIDADE","QUANT.",{"$nulls":5},"P.UNIT.","P.TOTAL"]
[]
["SUB-TOTAL"]
["MÃO DE OBRA"]
["DISCRIMINAÇÃO","UNIDADE","QUANT.",null,"COD. P","COD. I",null,null,"P.UNIT.","P.TOTAL"]
["AUXILIAR DE TOPOGRÁFO COM ENCARGOS","MÊS",{"$f":"'CPU (DF)'!C71","v":5.6596235795454541E-3},null,101389,null,"SINAPI GO 06/223",null,{"$f":"VLOOKUP(E71,[26]planilhanull!$G$7:$K$7520,5,FALSE)","v":2136.4699999999998},{"$f":"C71*I71","v":12.091615988991474}]
["TOPOGRAFO COM ENCARGOS","MÊS",{"$f":"'CPU (DF)'!C72","v":5.6596235795454541E-3},null,94296,null,"SINAPI GO 06/223",null,{"$f":"VLOOKUP(E72,[26]planilhanull!$G$7:$K$7520,5,FALSE)","v":4294.87},{"$f":"C72*I72","v":24.307347523082385}]
["SUB-TOTAL",{"$nulls":8},{"$f":"SUM(J71:J72)","v":36.398963512073863}]
["PRODUÇÃO MENSAL DA EQUIPE",{"$f":"'CPU (DF)'!B74","v":46.93333333333333},"CUSTO ",{"$nulls":6},{"$f":"J73+J68+J64+J60","v":175.81715198863637}]
["TOTAL",{"$nulls":8},{"$f":"ROUND(J74,2)","v":175.82}]
["BDI                %",{"$nulls":8},24.1]
["TOTAL DO SERVIÇO - R$",{"$nulls":8},{"$f":"ROUND(J75*(1+J76/100),2)","v":218.19}]
[]
[" COMPOSIÇÃO DE PREÇO UNITÁRIO"]
["LOCAÇÃO E CONSTRUÇÃO DE BACIAS DE CAPTAÇÃO DE ENXURRADA (4 METROS DE RAIO)",{"$nulls":7},"UNIDADE: ","UNID."]
["EQUIPAMENTO"]
["DISCRIMINAÇÃO","UNIDADE","QUANT. PROD.","QUANT. IMPROD.","COD. P","COD. I","FONTE","CHP/ P.UNIT.","CHI","P.TOTAL"]
["NIVEL OPTICO, COM PRECISAO DE 0,7 MM, AUMENTO DE 32X","H",{"$f":"'CPU (DF)'!C83","v":0.59999999999999987},null,7252,null,"SINAPI GO 06/223",{"$f":"$H$57","v":2.25},null,{"$f":"C83*H83+D83*I83","v":1.3499999999999996}]
["TEODOLITO ELETRONICO, PRECISAO ANGULAR DE 5 A 7 SEGUNDOS, INCLUINDO TRIPE","H",{"$f":"'CPU (DF)'!C84","v":0.59999999999999987},null,7247,null,"SINAPI GO 06/223",{"$f":"$H$58","v":2.25},null,{"$f":"C84*H84+D84*I84","v":1.3499999999999996}]
["PÁ CARREGADEIRA SOBRE RODAS, POTÊNCIA LÍQUIDA 128 HP, CAPACIDADE DA CAÇAMBA 1,7 A 2,8 M³","H",{"$f":"'CPU (DF)'!C85","v":0.77795298165137616},{"$f":"'CPU (DF)'!D85","v":0.25931766055045874},5940,5942,"SINAPI GO 06/223",{"$f":"VLOOKUP(E85,[26]planilhanull!$G$7:$K$7520,5,FALSE)","v":163.25},{"$f":"VLOOKUP(F85,[26]planilhanull!$G$7:$K$7520,5,FALSE)","v":62.4},{"$f":"C85*H85+D85*I85","v":143.18224627293577},null,""]
["VEÍCULO DE PASSEIO PARA DESLOCAMENTO DA EQUIPE","H",{"$f":"'CPU (DF)'!C86","v":0.23437500000000003},{"$f":"'CPU (DF)'!D86","v":0.39062500000000006},"E9093",null,"SICRO GO 01/2023",{"$f":"$H$30","v":33.311300000000003},{"$f":"$I$30","v":6.3371000000000004},{"$f":"C86*H86+D86*I86","v":10.282765625000001}]
["CAMINHONETE CABINE SIMPLES COM MOTOR 1.6 FLEX, CÂMBIO MANUAL, POTÊNCIA 101/104 CV, 2 PORTAS","H",{"$f":"'CPU (DF)'!C87","v":0.60937499999999989},{"$f":"'CPU (DF)'!D87","v":0.36562499999999998},92145,92146,"SINAPI GO 06/223",{"$f":"$H$31","v":74.180000000000007},{"$f":"$I$31","v":32.49},{"$f":"C87*H87+D87*I87","v":57.082593749999994}]
["SUB-TOTAL",{"$nulls":8},{"$f":"SUM(J83:J87)","v":213.24760564793576}]
["MATERIAL"]
["DISCRIMINAÇÃO","UNIDADE","QUANT.",null,"COD.",null,null,null,"P.UNIT.","P.TOTAL"]
["ESTACA/PIQUETE DE MADEIRA","U",{"$f":"'CPU (DF)'!C91","v":12},null,4408,null,"SINAPI GO 06/223",null,{"$f":"$I$63","v":1.044},{"$f":"C91*I91","v":12.528}]
["SUB-TOTAL",{"$nulls":8},{"$f":"SUM(J91:J91)","v":12.528}]
["SERVIÇOS - COMPOSIÇÕES AUXILIARES"]
["DISCRIMINAÇÃO","UNIDADE","QUANT.",{"$nulls":5},"P.UNIT.","P.TOTAL"]
["REVESTIMENTO VEGETAL POR SEMEADURA A LANÇO MANUAL DE GRAMÍNEAS E LEGUMINOSAS","m²",{"$f":"'CPU (DF)'!C95","v":50.26548245743669},null,4413993,null,"SICRO GO 01/2023",null,{"$f":"VLOOKUP(E95,[25]Sheet1!$A:$D,4,FALSE)","v":0.6},{"$f":"C95*I95","v":30.159289474462014}]
["SUB-TOTAL",{"$nulls":8},{"$f":"SUM(J95:J95)","v":30.159289474462014}]
["MÃO DE OBRA"]
["DISCRIMINAÇÃO","UNIDADE","QUANT.",null,"COD. P","COD. I",null,null,"P.UNIT.","P.TOTAL"]
["ENGENHEIRO COM ENCARGO","MÊS",{"$f":"'CPU (DF)'!C99","v":1.4204545454545455E-3},null,93565,null,"SINAPI GO 06/223",null,{"$f":"$I$44","v":20464.3},{"$f":"C99*I99","v":29.068607954545456}]
["ENCARREGADO COM ENCARGO","MÊS",{"$f":"'CPU (DF)'!C100","v":4.2613636363636369E-3},null,93572,null,"SINAPI GO 06/223",null,{"$f":"$I$46","v":5993.49},{"$f":"C100*I100","v":25.540440340909093}]
["TOPOGRAFO COM ENCARGOS","MÊS",{"$f":"'CPU (DF)'!C101","v":3.4090909090909085E-3},null,94296,null,"SINAPI GO 06/223",null,{"$f":"$I$72","v":4294.87},{"$f":"C101*I101","v":14.641602272727269}]
["AUXILIAR DE TOPOGRÁFO COM ENCARGOS","MÊS",{"$f":"'CPU (DF)'!C102","v":3.4090909090909085E-3},null,101389,null,"SINAPI GO 06/223",null,{"$f":"$I$71","v":2136.4699999999998},{"$f":"C102*I102","v":7.2834204545454524}]
["SERVENTE COM ENCARGOS COMPLEMENTARES - INLUSIVE ABERTURA E FECHAMENTO DE CERCAS","MES",{"$f":"'CPU (DF)'!C103","v":5.893583194328607E-3},null,101452,null,"SINAPI GO 06/223",null,{"$f":"$I$45","v":3478.2},{"$f":"C103*I103","v":20.499061066513761}]
["SUB-TOTAL",{"$nulls":8},{"$f":"SUM(J99:J103)","v":97.033132089241022}]
["PRODUÇÃO MENSAL DA EQUIPE",{"$f":"'CPU (DF)'!B105","v":169.67606412382531},"CUSTO ",{"$nulls":6},{"$f":"J104+J96+J92+J88","v":352.9680272116388}]
["TOTAL",{"$nulls":8},{"$f":"ROUND(J105,2)","v":352.97}]
["BDI                %",{"$nulls":8},24.1]
["TOTAL DO SERVIÇO - R$",{"$nulls":8},{"$f":"ROUND(J106*(1+J107/100),2)","v":438.04}]
[]
[]
[" COMPOSIÇÃO DE PREÇO UNITÁRIO"]
["LOCAÇÃO E CONSTRUÇÃO DE BACIAS DE CAPTAÇÃO DE ENXURRADA (6 METROS DE RAIO)",{"$nulls":7},"UNIDADE: ","UNID."]
["EQUIPAMENTO"]
["DISCRIMINAÇÃO","UNIDADE","QUANT. PROD.","QUANT. IMPROD.","COD. P","COD. I","FONTE","CHP/ P.UNIT.","CHI","P.TOTAL"]
["NIVEL OPTICO, COM PRECISAO DE 0,7 MM, AUMENTO DE 32X","H",{"$f":"'CPU (DF)'!C115","v":0.59999999999999987},null,7252,null,"SINAPI GO 06/223",{"$f":"$H$57","v":2.25},null,{"$f":"C115*H115+D115*I115","v":1.3499999999999996}]
["TEODOLITO ELETRONICO, PRECISAO ANGULAR DE 5 A 7 SEGUNDOS, INCLUINDO TRIPE","H",{"$f":"'CPU (DF)'!C116","v":0.59999999999999987},null,7247,null,"SINAPI GO 06/223",{"$f":"$H$58","v":2.25},null,{"$f":"C116*H116+D116*I116","v":1.3499999999999996}]
["PÁ CARREGADEIRA SOBRE RODAS, POTÊNCIA LÍQUIDA 128 HP, CAPACIDADE DA CAÇAMBA 1,7 A 2,8 M³","H",{"$f":"'CPU (DF)'!C117","v":1.5361668577981655},{"$f":"'CPU (DF)'!D117","v":0.51205561926605514},5940,5942,"SINAPI GO 06/223",{"$f":"$H$85","v":163.25},{"$f":"$I$85","v":62.4},{"$f":"C117*H117+D117*I117","v":282.73151017775234}]
["VEÍCULO DE PASSEIO PARA DESLOCAMENTO DA EQUIPE","H",{"$f":"'CPU (DF)'!C118","v":0.25},{"$f":"'CPU (DF)'!D118","v":0.41666666666666669},"E9093",null,"SICRO GO 01/2023",{"$f":"$H$30","v":33.311300000000003},{"$f":"$I$30","v":6.3371000000000004},{"$f":"C118*H118+D118*I118","v":10.968283333333334}]
["CAMINHONETE CABINE SIMPLES COM MOTOR 1.6 FLEX, CÂMBIO MANUAL, POTÊNCIA 101/104 CV, 2 PORTAS","H",{"$f":"'CPU (DF)'!C119","v":0.62499999999999989},{"$f":"'CPU (DF)'!D119","v":0.375},92145,92146,"SINAPI GO 06/223",{"$f":"$H$31","v":74.180000000000007},{"$f":"$I$31","v":32.49},{"$f":"C119*H119+D119*I119","v":58.546250000000001}]
["SUB-TOTAL",{"$nulls":8},{"$f":"SUM(J115:J119)","v":354.94604351108563}]
["MATERIAL"]
["DISCRIMINAÇÃO","UNIDADE","QUANT.",null,"COD.",null,null,null,"P.UNIT.","P.TOTAL"]
["ESTACA/PIQUETE DE MADEIRA","U",{"$f":"'CPU (DF)'!C123","v":12},null,4408,null,"SINAPI GO 06/223",null,{"$f":"$I$63","v":1.044},{"$f":"C123*I123","v":12.528}]
["SUB-TOTAL",{"$nulls":8},{"$f":"SUM(J123:J123)","v":12.528}]
["SERVIÇOS - COMPOSIÇÕES AUXILIARES"]
["DISCRIMINAÇÃO","UNIDADE","QUANT.",{"$nulls":5},"P.UNIT.","P.TOTAL"]
["REVESTIMENTO VEGETAL POR SEMEADURA A LANÇO MANUAL DE GRAMÍNEAS E LEGUMINOSAS","m²",{"$f":"'CPU (DF)'!C127","v":94.247779607693786},null,4413993,null,"SICRO GO 01/2023",null,{"$f":"VLOOKUP(E127,[25]Sheet1!$A:$D,4,FALSE)","v":0.6},{"$f":"C127*I127","v":56.548667764616269}]
["SUB-TOTAL",{"$nulls":8},{"$f":"SUM(J127:J127)","v":56.548667764616269}]
["MÃO DE OBRA"]
["DISCRIMINAÇÃO","UNIDADE","QUANT.",null,"COD. P","COD. I",null,null,"P.UNIT.","P.TOTAL"]
["ENGENHEIRO COM ENCARGO","MÊS",{"$f":"'CPU (DF)'!C131","v":1.5151515151515152E-3},null,93565,null,"SINAPI GO 06/223",null,{"$f":"$I$44","v":20464.3},{"$f":"C131*I131","v":31.006515151515149}]
["ENCARREGADO COM ENCARGO","MÊS",{"$f":"'CPU (DF)'!C132","v":4.5454545454545452E-3},null,93572,null,"SINAPI GO 06/223",null,{"$f":"$I$46","v":5993.49},{"$f":"C132*I132","v":27.24313636363636}]
["TOPOGRAFO COM ENCARGOS","MÊS",{"$f":"'CPU (DF)'!C133","v":3.4090909090909085E-3},null,94296,null,"SINAPI GO 06/223",null,{"$f":"$I$72","v":4294.87},{"$f":"C133*I133","v":14.641602272727269}]
["AUXILIAR DE TOPOGRÁFO COM ENCARGOS","MÊS",{"$f":"'CPU (DF)'!C134","v":3.4090909090909085E-3},null,101389,null,"SINAPI GO 06/223",null,{"$f":"$I$71","v":2136.4699999999998},{"$f":"C134*I134","v":7.2834204545454524}]
["SERVENTE COM ENCARGOS COMPLEMENTARES - INLUSIVE ABERTURA E FECHAMENTO DE CERCAS","MES",{"$f":"'CPU (DF)'!C135","v":1.1637627710592161E-2},null,101452,null,"SINAPI GO 06/223",null,{"$f":"$I$45","v":3478.2},{"$f":"C135*I135","v":40.477996702981649}]
["SUB-TOTAL",{"$nulls":8},{"$f":"SUM(J131:J135)","v":120.65267094540587}]
["PRODUÇÃO MENSAL DA EQUIPE",{"$f":"'CPU (DF)'!B137","v":85.928165504885072},"CUSTO ",{"$nulls":6},{"$f":"J136+J128+J124+J120","v":544.67538222110772}]
["TOTAL",{"$nulls":8},{"$f":"ROUND(J137,2)","v":544.67999999999995}]
["BDI                %",{"$nulls":8},24.1]
["TOTAL DO SERVIÇO - R$",{"$nulls":8},{"$f":"ROUND(J138*(1+J139/100),2)","v":675.95}]
[]
[" COMPOSIÇÃO DE PREÇO UNITÁRIO"]
["LOCAÇÃO E CONSTRUÇÃO DE BACIAS DE CAPTAÇÃO DE ENXURRADA (9 METROS DE RAIO)",{"$nulls":7},"UNIDADE: ","UNID."]
["EQUIPAMENTO"]
["DISCRIMINAÇÃO","UNIDADE","QUANT. PROD.","QUANT. IMPROD.","COD. P","COD. I","FONTE","CHP/ P.UNIT.","CHI","P.TOTAL"]
["NIVEL OPTICO, COM PRECISAO DE 0,7 MM, AUMENTO DE 32X","H",{"$f":"'CPU (DF)'!C146","v":0.65},null,7252,null,"SINAPI GO 06/223",{"$f":"$H$57","v":2.25},null,{"$f":"C146*H146+D146*I146","v":1.4625000000000001}]
["TEODOLITO ELETRONICO, PRECISAO ANGULAR DE 5 A 7 SEGUNDOS, INCLUINDO TRIPE","H",{"$f":"'CPU (DF)'!C147","v":0.65},null,7247,null,"SINAPI GO 06/223",{"$f":"$H$58","v":2.25},null,{"$f":"C147*H147+D147*I147","v":1.4625000000000001}]
["PÁ CARREGADEIRA SOBRE RODAS, POTÊNCIA LÍQUIDA 128 HP, CAPACIDADE DA CAÇAMBA 1,7 A 2,8 M³","H",{"$f":"'CPU (DF)'!C148","v":3.7389908256880737},{"$f":"'CPU (DF)'!D148","v":1.2463302752293579},5940,5942,"SINAPI GO 06/223",{"$f":"$H$85","v":163.25},{"$f":"$I$85","v":62.4},{"$f":"C148*H148+D148*I148","v":688.16126146788997}]
["VEÍCULO DE PASSEIO PARA DESLOCAMENTO DA EQUIPE","H",{"$f":"'CPU (DF)'!C149","v":0.265625},{"$f":"'CPU (DF)'!D149","v":0.44270833333333331},"E9093",null,"SICRO GO 01/2023",{"$f":"$H$30","v":33.311300000000003},{"$f":"$I$30","v":6.3371000000000004},{"$f":"C149*H149+D149*I149","v":11.653801041666666}]
["CAMINHONETE CABINE SIMPLES COM MOTOR 1.6 FLEX, CÂMBIO MANUAL, POTÊNCIA 101/104 CV, 2 PORTAS","H",{"$f":"'CPU (DF)'!C150","v":0.671875},{"$f":"'CPU (DF)'!D150","v":0.40312500000000007},92145,92146,"SINAPI GO 06/223",{"$f":"$H$31","v":74.180000000000007},{"$f":"$I$31","v":32.49},{"$f":"C150*H150+D150*I150","v":62.937218750000007}]
["SUB-TOTAL",{"$nulls":8},{"$f":"SUM(J146:J150)","v":765.67728125955659}]
["MATERIAL"]
["DISCRIMINAÇÃO","UNIDADE","QUANT.",null,"COD.",null,null,null,"P.UNIT.","P.TOTAL"]
["ESTACA/PIQUETE DE MADEIRA","U",{"$f":"'CPU (DF)'!C154","v":12},null,4408,null,"SINAPI GO 06/223",null,{"$f":"$I$63","v":1.044},{"$f":"C154*I154","v":12.528}]
["SUB-TOTAL",{"$nulls":8},{"$f":"SUM(J154:J154)","v":12.528}]
["SERVIÇOS - COMPOSIÇÕES AUXILIARES"]
["DISCRIMINAÇÃO","UNIDADE","QUANT.",{"$nulls":5},"P.UNIT.","P.TOTAL"]
["REVESTIMENTO VEGETAL POR SEMEADURA A LANÇO MANUAL DE GRAMÍNEAS E LEGUMINOSAS","m²",{"$f":"'CPU (DF)'!C158","v":169.64600329384882},null,4413993,null,"SICRO GO 01/2023",null,{"$f":"VLOOKUP(E158,[25]Sheet1!$A:$D,4,FALSE)","v":0.6},{"$f":"C158*I158","v":101.78760197630929}]
["SUB-TOTAL",{"$nulls":8},{"$f":"SUM(J158:J158)","v":101.78760197630929}]
["MÃO DE OBRA"]
["DISCRIMINAÇÃO","UNIDADE","QUANT.",null,"COD. P","COD. I",null,null,"P.UNIT.","P.TOTAL"]
["ENGENHEIRO COM ENCARGO","MÊS",{"$f":"'CPU (DF)'!C162","v":1.6098484848484848E-3},null,93565,null,"SINAPI GO 06/223",null,{"$f":"$I$44","v":20464.3},{"$f":"C162*I162","v":32.944422348484849}]
["ENCARREGADO COM ENCARGO","MÊS",{"$f":"'CPU (DF)'!C163","v":4.8295454545454544E-3},null,93572,null,"SINAPI GO 06/223",null,{"$f":"$I$46","v":5993.49},{"$f":"C163*I163","v":28.945832386363634}]
["TOPOGRAFO COM ENCARGOS","MÊS",{"$f":"'CPU (DF)'!C164","v":3.6931818181818185E-3},null,94296,null,"SINAPI GO 06/223",null,{"$f":"$I$72","v":4294.87},{"$f":"C164*I164","v":15.861735795454546}]
["AUXILIAR DE TOPOGRÁFO COM ENCARGOS","MÊS",{"$f":"'CPU (DF)'!C165","v":3.6931818181818185E-3},null,101389,null,"SINAPI GO 06/223",null,{"$f":"$I$71","v":2136.4699999999998},{"$f":"C165*I165","v":7.8903721590909095}]
["SERVENTE COM ENCARGOS COMPLEMENTARES - INLUSIVE ABERTURA E FECHAMENTO DE CERCAS","MES",{"$f":"'CPU (DF)'!C166","v":2.83256880733945E-2},null,101452,null,"SINAPI GO 06/223",null,{"$f":"$I$45","v":3478.2},{"$f":"C166*I166","v":98.522408256880752}]
["SUB-TOTAL",{"$nulls":8},{"$f":"SUM(J162:J166)","v":184.1647709462747}]
["PRODUÇÃO MENSAL DA EQUIPE",{"$f":"'CPU (DF)'!B168","v":35.30364372469635},"CUSTO ",{"$nulls":6},{"$f":"J167+J159+J155+J151","v":1064.1576541821405}]
["TOTAL",{"$nulls":8},{"$f":"ROUND(J168,2)","v":1064.1600000000001}]
["BDI                %",{"$nulls":8},24.1]
["TOTAL DO SERVIÇO - R$",{"$nulls":8},{"$f":"ROUND(J169*(1+J170/100),2)","v":1320.62}]
[]
[]
[" COMPOSIÇÃO DE PREÇO UNITÁRIO"]
["LOCAÇÃO E CONSTRUÇÃO DE BACIAS DE CAPTAÇÃO DE ENXURRADA (12 METROS DE RAIO)",{"$nulls":7},"UNIDADE: ","UNID."]
["EQUIPAMENTO"]
["DISCRIMINAÇÃO","UNIDADE","QUANT. PROD.","QUANT. IMPROD.","COD. P","COD. I","FONTE","CHP/ P.UNIT.","CHI","P.TOTAL"]
["NIVEL OPTICO, COM PRECISAO DE 0,7 MM, AUMENTO DE 32X","H",{"$f":"'CPU (DF)'!C178","v":0.65},null,7252,null,"SINAPI GO 06/223",{"$f":"$H$57","v":2.25},null,{"$f":"C178*H178+D178*I178","v":1.4625000000000001}]
["TEODOLITO ELETRONICO, PRECISAO ANGULAR DE 5 A 7 SEGUNDOS, INCLUINDO TRIPE","H",{"$f":"'CPU (DF)'!C179","v":0.65},null,7247,null,"SINAPI GO 06/223",{"$f":"$H$58","v":2.25},null,{"$f":"C179*H179+D179*I179","v":1.4625000000000001}]
["PÁ CARREGADEIRA SOBRE RODAS, POTÊNCIA LÍQUIDA 128 HP, CAPACIDADE DA CAÇAMBA 1,7 A 2,8 M³","H",{"$f":"'CPU (DF)'!C180","v":6},{"$f":"'CPU (DF)'!D180","v":2},5940,5942,"SINAPI GO 06/223",{"$f":"$H$85","v":163.25},{"$f":"$I$85","v":62.4},{"$f":"C180*H180+D180*I180","v":1104.3}]
["VEÍCULO DE PASSEIO PARA DESLOCAMENTO DA EQUIPE","H",{"$f":"'CPU (DF)'!C181","v":0.28125},{"$f":"'CPU (DF)'!D181","v":0.46874999999999994},"E9093",null,"SICRO GO 01/2023",{"$f":"$H$30","v":33.311300000000003},{"$f":"$I$30","v":6.3371000000000004},{"$f":"C181*H181+D181*I181","v":12.33931875}]
["CAMINHONETE CABINE SIMPLES COM MOTOR 1.6 FLEX, CÂMBIO MANUAL, POTÊNCIA 101/104 CV, 2 PORTAS","H",{"$f":"'CPU (DF)'!C182","v":0.6875},{"$f":"'CPU (DF)'!D182","v":0.41250000000000009},92145,92146,"SINAPI GO 06/223",{"$f":"$H$31","v":74.180000000000007},{"$f":"$I$31","v":32.49},{"$f":"C182*H182+D182*I182","v":64.400874999999999}]
["SUB-TOTAL",{"$nulls":8},{"$f":"SUM(J178:J182)","v":1183.96519375}]
["MATERIAL"]
["DISCRIMINAÇÃO","UNIDADE","QUANT.",null,"COD.",null,null,null,"P.UNIT.","P.TOTAL"]
["ESTACA/PIQUETE DE MADEIRA","U",{"$f":"'CPU (DF)'!C186","v":16},null,4408,null,"SINAPI GO 06/223",null,{"$f":"$I$63","v":1.044},{"$f":"C186*I186","v":16.704000000000001}]
["SUB-TOTAL",{"$nulls":8},{"$f":"SUM(J186:J186)","v":16.704000000000001}]
["SERVIÇOS - COMPOSIÇÕES AUXILIARES"]
["DISCRIMINAÇÃO","UNIDADE","QUANT.",{"$nulls":5},"P.UNIT.","P.TOTAL"]
["REVESTIMENTO VEGETAL POR SEMEADURA A LANÇO MANUAL DE GRAMÍNEAS E LEGUMINOSAS","m²",{"$f":"'CPU (DF)'!C190","v":263.89378290154264},null,4413993,null,"SICRO GO 01/2023",null,{"$f":"VLOOKUP(E190,[25]Sheet1!$A:$D,4,FALSE)","v":0.6},{"$f":"C190*I190","v":158.33626974092559}]
["SUB-TOTAL",{"$nulls":8},{"$f":"SUM(J190:J190)","v":158.33626974092559}]
["MÃO DE OBRA"]
["DISCRIMINAÇÃO","UNIDADE","QUANT.",null,"COD. P","COD. I",null,null,"P.UNIT.","P.TOTAL"]
["ENGENHEIRO COM ENCARGO","MES",{"$f":"'CPU (DF)'!C194","v":1.7045454545454545E-3},null,93565,null,"SINAPI GO 06/223",null,{"$f":"$I$44","v":20464.3},{"$f":"C194*I194","v":34.882329545454546}]
["ENCARREGADO COM ENCARGO","MES",{"$f":"'CPU (DF)'!C195","v":5.1136363636363636E-3},null,93572,null,"SINAPI GO 06/223",null,{"$f":"$I$46","v":5993.49},{"$f":"C195*I195","v":30.648528409090908}]
["TOPOGRAFO COM ENCARGOS","MÊS",{"$f":"'CPU (DF)'!C196","v":3.6931818181818181E-3},null,94296,null,"SINAPI GO 06/223",null,{"$f":"$I$72","v":4294.87},{"$f":"C196*I196","v":15.861735795454544}]
["AUXILIAR DE TOPOGRÁFO COM ENCARGOS","MÊS",{"$f":"'CPU (DF)'!C197","v":3.6931818181818181E-3},null,101389,null,"SINAPI GO 06/223",null,{"$f":"$I$71","v":2136.4699999999998},{"$f":"C197*I197","v":7.8903721590909086}]
["SERVENTE COM ENCARGOS COMPLEMENTARES - INLUSIVE ABERTURA E FECHAMENTO DE CERCAS","MES",{"$f":"'CPU (DF)'!C198","v":4.5454545454545456E-2},null,101452,null,"SINAPI GO 06/223",null,{"$f":"$I$45","v":3478.2},{"$f":"C198*I198","v":158.1}]
["SUB-TOTAL",{"$nulls":8},{"$f":"SUM(J194:J198)","v":247.3829659090909}]
["PRODUÇÃO DA EQUIPE ",{"$f":"'CPU (DF)'!B200","v":22},"CUSTO ",{"$nulls":6},{"$f":"J199+J191+J187+J183","v":1606.3884294000165}]
["TOTAL",{"$nulls":8},{"$f":"ROUND(J200,2)","v":1606.39}]
["BDI                %",{"$nulls":8},24.1]
["TOTAL DO SERVIÇO - R$",{"$nulls":8},{"$f":"ROUND(J201*(1+J202/100),2)","v":1993.53}]
[]
[" COMPOSIÇÃO DE PREÇO UNITÁRIO"]
["CERCAMENTO DE ÁREAS AMBIENTALMENTE VULNERÁVEIS À CAPRINOVINOCULTURA",{"$nulls":7},"UNIDADE: ","m"]
["EQUIPAMENTO"]
["DISCRIMINAÇÃO","UNIDADE","QUANT. PROD.","QUANT. IMPROD.","COD. P","COD. I","FONTE",null,"P.UNIT.","P.TOTAL"]
["NIVEL OPTICO, COM PRECISAO DE 0,7 MM, AUMENTO DE 32X","h",{"$f":"'CPU (DF)'!C209","v":5.000000000000001E-2},null,7252,null,"SINAPI GO 06/223",{"$f":"H178","v":2.25},null,{"$f":"C209*H209+D209*I209","v":0.11250000000000002}]
["TEODOLITO ELETRONICO, PRECISAO ANGULAR DE 5 A 7 SEGUNDOS, INCLUINDO TRIPE","h",{"$f":"'CPU (DF)'!C210","v":5.000000000000001E-2},null,7247,null,"SINAPI GO 06/223",{"$f":"H179","v":2.25},null,{"$f":"C210*H210+D210*I210","v":0.11250000000000002}]
["VEÍCULO DE PASSEIO PARA DESLOCAMENTO DA EQUIPE","h",{"$f":"'CPU (DF)'!C211","v":1.8382352941176468E-2},{"$f":"'CPU (DF)'!D211","v":3.063725490196078E-2},"E9093","E9093","SICRO GO 01/2023",{"$f":"H30","v":33.311300000000003},{"$f":"I30","v":6.3371000000000004},{"$f":"C211*H211+D211*I211","v":0.8064914215686273}]
["CAMINHONETE CABINE SIMPLES COM MOTOR 1.6 FLEX, CÂMBIO MANUAL, POTÊNCIA 101/104 CV, 2 PORTAS","h",{"$f":"'CPU (DF)'!C212","v":2.9779411764705884E-2},{"$f":"'CPU (DF)'!D212","v":4.9632352941176468E-2},92145,92146,"SINAPI GO 06/223",{"$f":"H31","v":74.180000000000007},{"$f":"I31","v":32.49},{"$f":"C212*H212+D212*I212","v":3.8215919117647061}]
["SUB-TOTAL",{"$nulls":8},{"$f":"SUM(J209:J212)","v":4.8530833333333332}]
["MATERIAL"]
["DISCRIMINAÇÃO","UNIDADE","QUANT.",null,"COD. P","COD. I","FONTE",null,"P.UNIT.","P.TOTAL"]
["MOURAO ROLICO DE MADEIRA TRATADA, D = 16 A 20 CM, H = 3,0 M, EM EUCALIPTO OU EQUIVALENTE DA REGIAO (PARA CERCA)","m",{"$f":"'CPU (DF)'!C216","v":0.12},null,4491,null,"SINAPI GO 06/223",null,{"$f":"I252","v":28.67},{"$f":"ROUND((I216*C216),2)","v":3.44}]
["MOURAO ROLICO DE MADEIRA TRATADA, D  ≥ 10 CM, H = 2,20 M, EM EUCALIPTO OU EQUIVALENTE DA REGIAO (PARA CERCA)","m",{"$f":"'CPU (DF)'!C217","v":0.52},null,21138,null,"SINAPI GO 06/223",null,{"$f":"I253","v":9.09},{"$f":"ROUND((I217*C217),2)","v":4.7300000000000004}]
["ARAME FARPADO GALVANIZADO, 16 BWG (1,65 MM), CLASSE 250","m",{"$f":"'CPU (DF)'!C218","v":8},null,340,null,"SINAPI GO 06/223",null,{"$f":"I254","v":1.46},{"$f":"ROUND((I218*C218),2)","v":11.68}]
["GRAMPO DE ACO POLIDO 1 \" X 9","kg",{"$f":"'CPU (DF)'!C219","v":0.04},null,5076,null,"SINAPI GO 06/223",null,{"$f":"I255","v":22.61},{"$f":"ROUND((I219*C219),2)","v":0.9}]
["ESTACA/PIQUETE DE MADEIRA","U",{"$f":"'CPU (DF)'!C220","v":0.05},null,4408,null,"SINAPI GO 06/223",null,{"$f":"I63","v":1.044},{"$f":"C220*I220","v":5.2200000000000003E-2}]
["SUB-TOTAL",{"$nulls":8},{"$f":"SUM(J216:J220)","v":20.802199999999999}]
["SERVIÇOS - COMPOSIÇÕES AUXILIARES"]
["DISCRIMINAÇÃO","UNIDADE","QUANT.",null,"COD.",null,"FONTE",null,"P.UNIT.","P.TOTAL"]
[]
["SUB-TOTAL",{"$nulls":8},{"$f":"J224","v":0}]
["MÃO DE OBRA"]
["DISCRIMINAÇÃO","UNIDADE","QUANT.",null,"COD. P","COD. I","FONTE",null,"P.UNIT.","P.TOTAL"]
["ENGENHEIRO COM ENCARGO","mês",{"$f":"'CPU (DF)'!C228","v":1.1140819964349375E-4},null,93565,null,"SINAPI GO 06/223",null,{"$f":"I194","v":20464.3},{"$f":"C228*I228","v":2.2798908199643493}]
["ENCARREGADO COM ENCARGO","mês",{"$f":"'CPU (DF)'!C229","v":3.3422459893048126E-4},null,93572,null,"SINAPI GO 06/223",null,{"$f":"I195","v":5993.49},{"$f":"C229*I229","v":2.00317179144385}]
["TOPOGRAFO COM ENCARGOS","mês",{"$f":"'CPU (DF)'!C230","v":2.8409090909090913E-4},null,94296,null,"SINAPI GO 06/223",null,{"$f":"I196","v":4294.87},{"$f":"C230*I230","v":1.2201335227272729}]
["AUXILIAR DE TOPOGRÁFO COM ENCARGOS","mês",{"$f":"'CPU (DF)'!C231","v":2.8409090909090913E-4},null,101389,null,"SINAPI GO 06/223",null,{"$f":"I197","v":2136.4699999999998},{"$f":"C231*I231","v":0.60695170454545455}]
["SERVENTE COM ENCARGOS COMPLEMENTARES - ABERTURA DE PICADAS, ESCAVAÇÃO MANUAL E ASSENTAMENTO DE MOURÕES","mês",{"$f":"'CPU (DF)'!C232","v":1.0101010101010101E-3},null,101452,null,"SINAPI GO 06/223",null,{"$f":"I198","v":3478.2},{"$f":"C232*I232","v":3.5133333333333332}]
["CARPINTEIRO DE FORMAS COM ENCARGOS COMPLEMENTARES","h",{"$f":"'CPU (DF)'!C233","v":8.8888888888888892E-2},null,88262,null,"SINAPI GO 06/223",null,{"$f":"VLOOKUP(E233,[26]planilhanull!$G$7:$K$7520,5,FALSE)","v":28.29},{"$f":"ROUND((I233*C233),2)","v":2.5099999999999998}]
["AJUDANTE DE CARPINTEIRO COM ENCARGOS COMPLEMENTARES","h",{"$f":"'CPU (DF)'!C234","v":8.8888888888888892E-2},null,88239,null,"SINAPI GO 06/223",null,{"$f":"VLOOKUP(E234,[26]planilhanull!$G$7:$K$7520,5,FALSE)","v":20.49},{"$f":"ROUND((I234*C234),2)","v":1.82}]
["SUB-TOTAL",{"$nulls":8},{"$f":"SUM(J228:J234)","v":13.953481172014261}]
["PRODUÇÃO MENSAL DA EQUIPE",{"$f":"'CPU (DF)'!B236","v":1980},"CUSTO ",{"$nulls":6},{"$f":"J235+J225+J221+J213","v":39.608764505347594}]
["TOTAL",{"$nulls":8},{"$f":"ROUND(J236,2)","v":39.61}]
["BDI                %",{"$nulls":8},24.1]
["TOTAL DO SERVIÇO - R$",{"$nulls":8},{"$f":"ROUND(J237*(1+J238/100),2)","v":49.16}]
[]
[" COMPOSIÇÃO DE PREÇO UNITÁRIO"]
["CERCAMENTO DE ÁREAS AMBIENTALMENTE VULNERÁVEIS À BOVINOCULTURA",{"$nulls":7},"UNIDADE: ","m"]
["EQUIPAMENTO"]
["DISCRIMINAÇÃO","UNIDADE","QUANT. PROD.","QUANT. IMPROD.","COD. P","COD. I","FONTE",null,"P.UNIT.","P.TOTAL"]
["NIVEL OPTICO, COM PRECISAO DE 0,7 MM, AUMENTO DE 32X","h",{"$f":"'CPU (DF)'!C245","v":5.000000000000001E-2},null,7252,null,"SINAPI GO 06/223",{"$f":"H57","v":2.25},null,{"$f":"C245*H245+D245*I245","v":0.11250000000000002}]
["TEODOLITO ELETRONICO, PRECISAO ANGULAR DE 5 A 7 SEGUNDOS, INCLUINDO TRIPE","h",{"$f":"'CPU (DF)'!C246","v":5.000000000000001E-2},null,7247,null,"SINAPI GO 06/223",{"$f":"H58","v":2.25},null,{"$f":"C246*H246+D246*I246","v":0.11250000000000002}]
["VEÍCULO DE PASSEIO PARA DESLOCAMENTO DA EQUIPE","h",{"$f":"'CPU (DF)'!C247","v":1.8382352941176468E-2},{"$f":"'CPU (DF)'!D247","v":3.063725490196078E-2},"E9093",null,"SICRO GO 01/2023",{"$f":"H30","v":33.311300000000003},{"$f":"I30","v":6.3371000000000004},{"$f":"C247*H247+D247*I247","v":0.8064914215686273}]
["CAMINHONETE CABINE SIMPLES COM MOTOR 1.6 FLEX, CÂMBIO MANUAL, POTÊNCIA 101/104 CV, 2 PORTAS","h",{"$f":"'CPU (DF)'!C248","v":2.9779411764705884E-2},{"$f":"'CPU (DF)'!D248","v":4.9632352941176468E-2},92145,92146,"SINAPI GO 06/223",{"$f":"H31","v":74.180000000000007},{"$f":"I31","v":32.49},{"$f":"C248*H248+D248*I248","v":3.8215919117647061}]
["SUB-TOTAL",{"$nulls":8},{"$f":"SUM(J245:J248)","v":4.8530833333333332}]
["MATERIAL"]
["DISCRIMINAÇÃO","UNIDADE","QUANT.",null,"COD.",null,"FONTE",null,"P.UNIT.","P.TOTAL"]
["MOURAO ROLICO DE MADEIRA TRATADA, D = 16 A 20 CM, H = 3,0 M, EM EUCALIPTO OU EQUIVALENTE DA REGIAO (PARA CERCA)","m",{"$f":"'CPU (DF)'!C252","v":6.6666666666666666E-2},null,2747,null,"SINAPI GO 06/223",null,{"$f":"VLOOKUP(E252,[28]sheet1!$A$1:$E$65536,5,FALSE)","v":28.67},{"$f":"ROUND((I252*C252),2)","v":1.91}]
["MOURAO ROLICO DE MADEIRA TRATADA, D  ≥ 10 CM, H = 2,20 M, EM EUCALIPTO OU EQUIVALENTE DA REGIAO (PARA CERCA)","m",{"$f":"'CPU (DF)'!C253","v":0.41111111111111115},null,21138,null,"SINAPI GO 06/223",null,{"$f":"VLOOKUP(E253,[28]sheet1!$A$1:$E$65536,5,FALSE)","v":9.09},{"$f":"ROUND((I253*C253),2)","v":3.74}]
["ARAME FARPADO GALVANIZADO, 16 BWG (1,65 MM), CLASSE 250","m",{"$f":"'CPU (DF)'!C254","v":5},null,340,null,"SINAPI GO 06/223",null,{"$f":"VLOOKUP(E254,[28]sheet1!$A$1:$E$65536,5,FALSE)","v":1.46},{"$f":"ROUND((I254*C254),2)","v":7.3}]
["GRAMPO DE ACO POLIDO 1 \" X 9","kg",{"$f":"'CPU (DF)'!C255","v":0.03},null,5076,null,"SINAPI GO 06/223",null,{"$f":"VLOOKUP(E255,[28]sheet1!$A$1:$E$65536,5,FALSE)","v":22.61},{"$f":"ROUND((I255*C255),2)","v":0.68}]
["ESTACA/PIQUETE DE MADEIRA (0,5 m)","U",{"$f":"'CPU (DF)'!C256","v":0.05},null,4408,null,"SINAPI GO 06/223",null,{"$f":"I220","v":1.044},{"$f":"C256*I256","v":5.2200000000000003E-2}]
["SUB-TOTAL",{"$nulls":8},{"$f":"SUM(J252:J256)","v":13.682199999999998}]
["SERVIÇOS - COMPOSIÇÕES AUXILIARES"]
["DISCRIMINAÇÃO","UNIDADE","QUANT.",null,"COD.",null,"FONTE",null,"P.UNIT.","P.TOTAL"]
[]
["SUB-TOTAL",{"$nulls":8},{"$f":"J260","v":0}]
["MÃO DE OBRA"]
["DISCRIMINAÇÃO","UNIDADE","QUANT.",null,"COD. P","COD. I","FONTE",null,"P.UNIT.","P.TOTAL"]
["ENGENHEIRO COM ENCARGO","mês",{"$f":"'CPU (DF)'!C264","v":1.1140819964349375E-4},null,93565,null,"SINAPI GO 06/223",null,{"$f":"I228","v":20464.3},{"$f":"C264*I264","v":2.2798908199643493}]
["ENCARREGADO COM ENCARGO","mês",{"$f":"'CPU (DF)'!C265","v":3.3422459893048126E-4},null,93572,null,"SINAPI GO 06/223",null,{"$f":"I229","v":5993.49},{"$f":"C265*I265","v":2.00317179144385}]
["TOPOGRAFO COM ENCARGOS","mês",{"$f":"'CPU (DF)'!C266","v":2.8409090909090913E-4},null,94296,null,"SINAPI GO 06/223",null,4294.87,{"$f":"C266*I266","v":1.2201335227272729}]
["AUXILIAR DE TOPOGRÁFO COM ENCARGOS","mês",{"$f":"'CPU (DF)'!C267","v":2.8409090909090913E-4},null,101389,null,"SINAPI GO 06/223",null,2136.4699999999998,{"$f":"C267*I267","v":0.60695170454545455}]
["SERVENTE COM ENCARGOS COMPLEMENTARES - ABERTURA DE PICADAS, ESCAVAÇÃO MANUAL E ASSENTAMENTO DE MOURÕES","mês",{"$f":"'CPU (DF)'!C268","v":1.0822510822510823E-3},null,101452,null,"SINAPI GO 06/223",null,3478.2,{"$f":"C268*I268","v":3.7642857142857142}]
["CARPINTEIRO DE FORMAS COM ENCARGOS COMPLEMENTARES","h",{"$f":"'CPU (DF)'!C269","v":9.5238095238095247E-2},null,88262,null,"SINAPI GO 06/223",null,28.29,{"$f":"ROUND((I269*C269),2)","v":2.69}]
["AJUDANTE DE CARPINTEIRO COM ENCARGOS COMPLEMENTARES","h",{"$f":"'CPU (DF)'!C270","v":9.5238095238095247E-2},null,88239,null,"SINAPI GO 06/223",null,20.49,{"$f":"ROUND((I270*C270),2)","v":1.95}]
["SUB-TOTAL",{"$nulls":8},{"$f":"SUM(J264:J270)","v":14.51443355296664}]
["PRODUÇÃO MENSAL DA EQUIPE",{"$f":"'CPU (DF)'!B272","v":1847.9999999999998},"CUSTO ",{"$nulls":6},{"$f":"J271+J261+J257+J249","v":33.049716886299969}]
["TOTAL",{"$nulls":8},{"$f":"ROUND(J272,2)","v":33.049999999999997}]
["BDI                %",{"$nulls":8},24.1]
["TOTAL DO SERVIÇO - R$",{"$nulls":8},{"$f":"ROUND(J273*(1+J274/100),2)","v":41.02}]
[]
[" COMPOSIÇÃO DE PREÇO UNITÁRIO"]
["PLACA DE IDENTIFICAÇÃO DE OBRA",{"$nulls":7},"UNIDADE: ","m²"]
["EQUIPAMENTO"]
["DISCRIMINAÇÃO","UNIDADE","QUANT. PROD.","QUANT. IMPROD.","CÓDIGO",null,null,null,"P.UNIT.","P.TOTAL"]
[{"$nulls":9},{"$f":"C281*I281","v":0}]
["SUB-TOTAL",{"$nulls":8},{"$f":"SUM(J281:J281)","v":0}]
["MATERIAL"]
["DISCRIMINAÇÃO","UNIDADE","QUANT.",null,"COD. P","COD. I",null,null,"P.UNIT.","P.TOTAL"]
["PONTALETE *7,5 X 7,5* CM EM PINUS, MISTA OU EQUIVALENTE DA REGIAO - BRUTA","M",{"$f":"'CPU (DF)'!C285","v":1},null,4491,null,"SINAPI GO 06/223",null,{"$f":"VLOOKUP(E285,[28]sheet1!$A$1:$E$65536,5,FALSE)","v":9.89},{"$f":"ROUND((I285*C285),2)","v":9.89}]
["SARRAFO NAO APARELHADO *2,5 X 7* CM","M",{"$f":"'CPU (DF)'!C286","v":1},null,4417,null,"SINAPI GO 06/223",null,{"$f":"VLOOKUP(E286,[28]sheet1!$A$1:$E$65536,5,FALSE)","v":7.45},{"$f":"ROUND((I286*C286),2)","v":7.45}]
["PREGO DE ACO POLIDO COM CABECA 18 X 30 (2 3/4 X 10)","KG",{"$f":"'CPU (DF)'!C287","v":1.8333333333333333E-2},null,5075,null,"SINAPI GO 06/223",null,{"$f":"VLOOKUP(E287,[28]sheet1!$A$1:$E$65536,5,FALSE)","v":22.38},{"$f":"ROUND((I287*C287),2)","v":0.41}]
["PLACA DE OBRA (PARA CONSTRUCAO CIVIL) EM CHAPA GALVANIZADA","M2",{"$f":"'CPU (DF)'!C288","v":1},null,4813,null,"SINAPI GO 06/223",null,{"$f":"VLOOKUP(E288,[28]sheet1!$A$1:$E$65536,5,FALSE)","v":250},{"$f":"ROUND((I288*C288),2)","v":250}]
["SUB-TOTAL",{"$nulls":8},{"$f":"SUM(J285:J288)","v":267.75}]
["SERVIÇOS - COMPOSIÇÕES AUXILIARES"]
["DISCRIMINAÇÃO","UNIDADE","QUANT.",null,"COD. P","COD. I",null,null,"P.UNIT.","P.TOTAL"]
["CONCRETO MAGRO TRAÇO 1:4,5:4,5 (CIMENTO/ AREIA MÉDIA/ BRITA 1) - PREPARO MECÂNICO COM BETONEIRA 400 L.","M3",{"$f":"'CPU (DF)'!C292","v":1.6666666666666666E-2},null,94962,null,"SINAPI GO 06/223",null,{"$f":"VLOOKUP(E292,[26]planilhanull!$G$7:$K$7520,5,FALSE)","v":400.52},{"$f":"ROUND((I292*C292),2)","v":6.68}]
["SUB-TOTAL",{"$nulls":8},{"$f":"J292","v":6.68}]
["MÃO DE OBRA"]
["DISCRIMINAÇÃO","UNIDADE","QUANT.",null,"COD. P","COD. I",null,null,"P.UNIT.","P.TOTAL"]
["CARPINTEIRO DE FORMAS COM ENCARGOS COMPLEMENTARES","H",{"$f":"'CPU (DF)'!C296","v":0.33333333333333331},null,88262,null,"SINAPI GO 06/223",null,{"$f":"I269","v":28.29},{"$f":"ROUND((I296*C296),2)","v":9.43}]
["AJUDANTE DE CARPINTEIRO COM ENCARGOS COMPLEMENTARES","H",{"$f":"'CPU (DF)'!C297","v":0.66666666666666663},null,88239,null,"SINAPI GO 06/223",null,{"$f":"I270","v":20.49},{"$f":"ROUND((I297*C297),2)","v":13.66}]
["SUB-TOTAL",{"$nulls":8},{"$f":"SUM(J296:J297)","v":23.09}]
["PRODUÇÃO MENSAL DA EQUIPE",{"$f":"'CPU (DF)'!B299","v":528},"CUSTO ",{"$nulls":6},{"$f":"J298+J293+J289+J282","v":297.52}]
["TOTAL",{"$nulls":8},{"$f":"ROUND(J299,2)","v":297.52}]
["BDI                %",{"$nulls":8},24.1]
["TOTAL DO SERVIÇO - R$",{"$nulls":8},{"$f":"ROUND(J300*(1+J301/100),2)","v":369.22}]

{"sheet":"CPU (MA)","index":9,"n_rows":302,"n_cols":10,"rows_kept":302,"cut":false,"hidden":false,"merged":[[301,0,301,8],[282,0,282,9],[288,0,288,8],[289,0,289,9],[292,0,292,8],[293,0,293,9],[297,0,297,8],[298,2,298,8],[299,0,299,8],[300,0,300,8],[270,0,270,8],[271,2,271,8],[272,0,272,8],[273,0,273,8],[274,0,274,8],[276,0,276,9],[277,0,277,7],[278,0,278,9],[281,0,281,8],[173,0,173,9],[174,0,174,7],[175,0,175,9],[182,0,182,8],[183,0,183,9],[186,0,186,8],[187,0,187,9],[190,0,190,8],[191,0,191,9],[198,0,198,8],[199,2,199,8],[200,0,200,8],[201,0,201,8],[204,0,204,9],[205,0,205,7],[206,0,206,9],[212,0,212,8],[213,0,213,9],[202,0,202,8],[220,0,220,8],[221,0,221,9],[234,0,234,8],[235,2,235,8],[240,0,240,9],[256,0,256,8],[257,0,257,9],[260,0,260,8],[261,0,261,9],[238,0,238,8],[241,0,241,7],[242,0,242,9],[248,0,248,8],[249,0,249,9],[236,0,236,8],[237,0,237,8],[224,0,224,8],[225,0,225,9],[0,0,0,9],[1,0,1,1],[1,2,1,4],[1,6,1,7],[2,0,2,9],[5,0,5,8],[110,0,110,9],[111,0,111,7],[112,0,112,9],[19,2,19,8],[20,0,20,8],[21,0,21,8],[22,0,22,8],[24,0,24,9],[25,0,25,7],[6,0,6,9],[10,0,10,8],[11,0,11,9],[14,0,14,8],[15,0,15,9],[18,0,18,8],[41,0,41,9],[46,0,46,8],[47,2,47,8],[48,0,48,8],[49,0,49,8],[50,0,50,8],[26,0,26,9],[31,0,31,8],[32,0,32,9],[35,0,35,8],[36,0,36,9],[40,0,40,8],[64,0,64,9],[67,0,67,8],[68,0,68,9],[72,0,72,8],[73,2,73,8],[74,0,74,8],[52,0,52,9],[53,0,53,7],[54,0,54,9],[59,0,59,8],[60,0,60,9],[63,0,63,8],[88,0,88,9],[91,0,91,8],[92,0,92,9],[95,0,95,8],[96,0,96,9],[103,0,103,8],[75,0,75,8],[76,0,76,8],[78,0,78,9],[79,0,79,7],[80,0,80,9],[87,0,87,8],[104,2,104,8],[105,0,105,8],[106,0,106,8],[107,0,107,8],[119,0,119,8],[120,0,120,9],[123,0,123,8],[124,0,124,9],[137,0,137,8],[138,0,138,8],[127,0,127,8],[128,0,128,9],[135,0,135,8],[136,2,136,8],[139,0,139,8],[141,0,141,9],[142,0,142,7],[143,0,143,9],[150,0,150,8],[151,0,151,9],[154,0,154,8],[155,0,155,9],[170,0,170,8],[158,0,158,8],[159,0,159,9],[166,0,166,8],[167,2,167,8],[168,0,168,8],[169,0,169,8]]}
[" COMPOSIÇÃO DE PREÇO UNITÁRIO"]
["MOBILIZAÇÃO E DESMOBILIZAÇÃO",null,"REGIÃO:",null,null,null,"MA",null,"UNIDADE: ","R$/Tonelada/ Projeto"]
["EQUIPAMENTO"]
["DISCRIMINAÇÃO","UNIDADE","QUANT. PROD.","QUANT. IMPROD.","COD.",null,"FONTE","P.UNIT. PROD","P.UNIT. IMPR","P.TOTAL"]
[{"$nulls":9},{"$f":"C5*E5*H5+C5*G5*I5","v":0}]
["SUB-TOTAL",{"$nulls":8},{"$f":"SUM(J5:J5)","v":0}]
["MATERIAL"]
["DISCRIMINAÇÃO","UNIDADE","QUANT.",null,"COD.",null,"FONTE",null,"P.UNIT.","P.TOTAL"]
[{"$nulls":9},"Toneladas/ Projeto"]
[{"$nulls":9},{"$f":"C10*I10","v":0}]
["SUB-TOTAL",{"$nulls":8},{"$f":"SUM(J9:J10)","v":0}]
["SERVIÇOS - COMPOSIÇÕES AUXILIARES"]
["DISCRIMINAÇÃO","UNIDADE","QUANT.",null,"COD.",null,"FONTE",null,"P.UNIT.","P.TOTAL"]
["TRANSPORTE COM CAVALO MECÂNICO COM SEMIRREBOQUE COM CAPACIDADE DE 30 T - RODOVIA PAVIMENTADA","t*km",{"$f":"'CPU (DF)'!C14","v":1},null,5914640,null,"SICRO MA 01/2023",null,{"$f":"VLOOKUP(E14,[29]Sheet1!$A:$D,4,FALSE)","v":0.56000000000000005},{"$f":"C14*I14","v":0.56000000000000005}]
["SUB-TOTAL",{"$nulls":8},{"$f":"SUM(J14:J14)","v":0.56000000000000005}]
["MÃO DE OBRA"]
["DISCRIMINAÇÃO","UNIDADE","QUANT.",{"$nulls":5},"P.UNIT.","P.TOTAL"]
[{"$nulls":9},{"$f":"C18*I18","v":0}]
["SUB-TOTAL",{"$nulls":8},{"$f":"SUM(J18:J18)","v":0}]
["PRODUÇÃO DA EQUIPE (MOB E DESMOB) EM km",{"$f":"VLOOKUP(G2,DMT!D:E,2)*2","v":700},"CUSTO ",{"$nulls":6},{"$f":"J19+J15+J11+J6","v":0.56000000000000005}]
["TOTAL",{"$nulls":8},{"$f":"J20*B20","v":392.00000000000006}]
["BDI                %",{"$nulls":8},24.1]
["TOTAL DO SERVIÇO - R$",{"$nulls":8},{"$f":"J21*(1+J22/100)","v":486.47200000000009}]
[]
[" COMPOSIÇÃO DE PREÇO UNITÁRIO"]
["LOCAÇÃO E CONSTRUÇÃO DE TERRAÇOS - INCLUSIVE SOLOS DUROS E SECOS",{"$nulls":7},"UNIDADE: ","km"]
["EQUIPAMENTO"]
["DISCRIMINAÇÃO","UNIDADE","QUANT. PROD.","QUANT. IMPROD.","COD. P","COD. I","FONTE","CHP","CHI","P.TOTAL"]
["TRATOR DE ESTEIRAS, POTÊNCIA 125 HP, PESO OPERACIONAL 12,9 T, COM LÂMINA 2,7 M3","H",{"$f":"'CPU (DF)'!C29","v":7.0588235294117654},{"$f":"'CPU (DF)'!D29","v":2.3529411764705883},5851,5853,"SINAPI MA 06/223",{"$f":"VLOOKUP(E29,[30]planilhanull!$G$7:$K$7520,5,FALSE)","v":201.07},{"$f":"VLOOKUP(F29,[30]planilhanull!$G$7:$K$7520,5,FALSE)","v":63.8},{"$f":"C29*H29+D29*I29","v":1569.4352941176471}]
["VEÍCULO DE PASSEIO PARA DESLOCAMENTO DA EQUIPE","H",{"$f":"'CPU (DF)'!C30","v":0.93749999999999989},{"$f":"'CPU (DF)'!D30","v":1.5624999999999998},"E9093","E9093","SICRO MA 01/2023",{"$f":"VLOOKUP(E30,[31]Sheet1!$A:$K,10,FALSE)","v":33.435400000000001},{"$f":"VLOOKUP(F30,[31]Sheet1!$A:$K,11,FALSE)","v":6.4368999999999996},{"$f":"C30*H30+D30*I30","v":41.403343749999991}]
["CAMINHONETE CABINE SIMPLES COM MOTOR 1.6 FLEX, CÂMBIO MANUAL, POTÊNCIA 101/104 CV, 2 PORTAS","H",{"$f":"'CPU (DF)'!C31","v":0.5625},{"$f":"'CPU (DF)'!D31","v":0.93749999999999989},92145,92146,"SINAPI MA 06/223",{"$f":"VLOOKUP(E31,[30]planilhanull!$G$7:$K$7520,5,FALSE)","v":70.510000000000005},{"$f":"VLOOKUP(F31,[30]planilhanull!$G$7:$K$7520,5,FALSE)","v":30.83},{"$f":"C31*H31+D31*I31","v":68.564999999999998}]
["SUB-TOTAL",{"$nulls":8},{"$f":"SUM(J29:J31)","v":1679.4036378676471}]
["MATERIAL"]
["DISCRIMINAÇÃO","UNIDADE","QUANT.",null,"COD.",null,"FONTE",null,"P.UNIT.","P.TOTAL"]
[]
["SUB-TOTAL",{"$nulls":8},{"$f":"SUM(J35:J35)","v":0}]
["SERVIÇOS - COMPOSIÇÕES AUXILIARES"]
["DISCRIMINAÇÃO","UNIDADE","QUANT.",null,"COD.",null,"FONTE",null,"P.UNIT.","P.TOTAL"]
["LOCAÇÃO E NIVELAMENTO DE TERRAÇOS COM TOPOGRAFIA","KM",{"$f":"'CPU (DF)'!C39","v":1},null,"COMPOSIÇÃO",null,null,null,{"$f":"J75","v":179.95},{"$f":"C39*I39","v":179.95}]
["REVESTIMENTO VEGETAL POR SEMEADURA A LANÇO MANUAL DE GRAMÍNEAS E LEGUMINOSAS","m²",{"$f":"'CPU (DF)'!C40","v":1000},null,4413993,null,"SICRO MA 01/2023",null,{"$f":"VLOOKUP(E40,[29]Sheet1!$A:$D,4,FALSE)","v":0.64},{"$f":"C40*I40","v":640}]
["SUB-TOTAL",{"$nulls":8},{"$f":"SUM(J39:J40)","v":819.95}]
["MÃO DE OBRA"]
["DISCRIMINAÇÃO","UNIDADE","QUANT.",null,"COD. P","COD. I","FONTE",null,"P.UNIT.","P.TOTAL"]
["ENGENHEIRO COM ENCARGO","MES",{"$f":"'CPU (DF)'!C44","v":5.681818181818182E-3},null,93565,null,"SINAPI MA 06/223",null,{"$f":"VLOOKUP(E44,[30]planilhanull!$G$7:$K$7520,5,FALSE)","v":19801.189999999999},{"$f":"C44*I44","v":112.50676136363636}]
["SERVENTE COM ENCARGOS COMPLEMENTARES - INLUSIVE ABERTURA E FECHAMENTO DE CERCAS","MES",{"$f":"'CPU (DF)'!C45","v":5.3475935828877004E-2},null,101452,null,"SINAPI MA 06/223",null,{"$f":"VLOOKUP(E45,[30]planilhanull!$G$7:$K$7520,5,FALSE)","v":3451.72},{"$f":"C45*I45","v":184.58395721925132}]
["ENCARREGADO COM ENCARGO","MES",{"$f":"'CPU (DF)'!C46","v":1.7045454545454544E-2},null,93572,null,"SINAPI MA 06/223",null,{"$f":"VLOOKUP(E46,[30]planilhanull!$G$7:$K$7520,5,FALSE)","v":5636.73},{"$f":"C46*I46","v":96.080624999999984}]
["SUB-TOTAL",{"$nulls":8},{"$f":"SUM(J44:J46)","v":393.17134358288769}]
["PRODUÇÃO DA EQUIPE MÊS 22 KM, MAS COM FATOR DE REDUÇÃO PARA PÉRIODOS COM CHUVAS ",{"$f":"'CPU (DF)'!B48","v":18.7},"CUSTO ",{"$nulls":6},{"$f":"J47+J41+J36+J32","v":2892.5249814505351}]
["TOTAL",{"$nulls":8},{"$f":"ROUND(J48,2)","v":2892.52}]
["BDI                %",{"$nulls":8},24.1]
["TOTAL DO SERVIÇO - R$",{"$nulls":8},{"$f":"ROUND(J49*(1+J50/100),2)","v":3589.62}]
[]
[" COMPOSIÇÃO DE PREÇO UNITÁRIO"]
["LOCAÇÃO E NIVELAMENTO DE TERRAÇOS COM TOPOGRAFIA",{"$nulls":7},"UNIDADE: ","km"]
["EQUIPAMENTO"]
["DISCRIMINAÇÃO","UNIDADE","QUANT. PROD.","QUANT. IMPROD.","COD. P","COD. I","FONTE","CHP/ P.UNIT.","CHI","P.TOTAL"]
["NIVEL OPTICO, COM PRECISAO DE 0,7 MM, AUMENTO DE 32X","H",{"$f":"'CPU (DF)'!C57","v":0.99609374999999989},null,7252,null,"SINAPI MA 06/223",{"$f":"VLOOKUP(E57,[32]sheet1!$A$1:$E$65536,5,FALSE)","v":2.25},null,{"$f":"C57*H57+D57*I57","v":2.2412109374999996}]
["TEODOLITO ELETRONICO, PRECISAO ANGULAR DE 5 A 7 SEGUNDOS, INCLUINDO TRIPE","H",{"$f":"'CPU (DF)'!C58","v":0.99609374999999989},null,7247,null,"SINAPI MA 06/223",{"$f":"VLOOKUP(E58,[32]sheet1!$A$1:$E$65536,5,FALSE)","v":2.25},null,{"$f":"C58*H58+D58*I58","v":2.2412109374999996}]
["CAMINHONETE CABINE SIMPLES COM MOTOR 1.6 FLEX, CÂMBIO MANUAL, POTÊNCIA 101/104 CV, 2 PORTAS","H",{"$f":"'CPU (DF)'!C59","v":0.37353515624999994},{"$f":"'CPU (DF)'!D59","v":0.62255859375},92145,92146,"SINAPI MA 06/223",{"$f":"H31","v":70.510000000000005},{"$f":"I31","v":30.83},{"$f":"C59*H59+D59*I59","v":45.531445312499997}]
["SUB-TOTAL",{"$nulls":8},{"$f":"SUM(J57:J59)","v":50.013867187499997}]
["MATERIAL"]
["DISCRIMINAÇÃO","UNIDADE","QUANT.",null,"COD.",null,null,null,"P.UNIT.","P.TOTAL"]
["ESTACA/PIQUETE DE MADEIRA","U",{"$f":"'CPU (DF)'!C63","v":83.333333333333329},null,4408,null,"SINAPI MA 06/223",null,{"$f":"VLOOKUP(E63,[32]sheet1!$A$1:$E$65536,5,FALSE)*0.4","v":1.0880000000000001},{"$f":"C63*I63","v":90.666666666666671}]
["SUB-TOTAL",{"$nulls":8},{"$f":"SUM(J63:J63)","v":90.666666666666671}]
["SERVIÇOS - COMPOSIÇÕES AUXILIARES"]
["DISCRIMINAÇÃO","UNIDADE","QUANT.",{"$nulls":5},"P.UNIT.","P.TOTAL"]
[]
["SUB-TOTAL"]
["MÃO DE OBRA"]
["DISCRIMINAÇÃO","UNIDADE","QUANT.",null,"COD. P","COD. I",null,null,"P.UNIT.","P.TOTAL"]
["AUXILIAR DE TOPOGRÁFO COM ENCARGOS","MÊS",{"$f":"'CPU (DF)'!C71","v":5.6596235795454541E-3},null,101389,null,"SINAPI MA 06/223",null,{"$f":"VLOOKUP(E71,[30]planilhanull!$G$7:$K$7520,5,FALSE)","v":2288.75},{"$f":"C71*I71","v":12.953463467684658}]
["TOPOGRAFO COM ENCARGOS","MÊS",{"$f":"'CPU (DF)'!C72","v":5.6596235795454541E-3},null,94296,null,"SINAPI MA 06/223",null,{"$f":"VLOOKUP(E72,[30]planilhanull!$G$7:$K$7520,5,FALSE)","v":4648.99},{"$f":"C72*I72","v":26.311533425071019}]
["SUB-TOTAL",{"$nulls":8},{"$f":"SUM(J71:J72)","v":39.264996892755676}]
["PRODUÇÃO MENSAL DA EQUIPE",{"$f":"'CPU (DF)'!B74","v":46.93333333333333},"CUSTO ",{"$nulls":6},{"$f":"J73+J68+J64+J60","v":179.94553074692237}]
["TOTAL",{"$nulls":8},{"$f":"ROUND(J74,2)","v":179.95}]
["BDI                %",{"$nulls":8},24.1]
["TOTAL DO SERVIÇO - R$",{"$nulls":8},{"$f":"ROUND(J75*(1+J76/100),2)","v":223.32}]
[]
[" COMPOSIÇÃO DE PREÇO UNITÁRIO"]
["LOCAÇÃO E CONSTRUÇÃO DE BACIAS DE CAPTAÇÃO DE ENXURRADA (4 METROS DE RAIO)",{"$nulls":7},"UNIDADE: ","UNID."]
["EQUIPAMENTO"]
["DISCRIMINAÇÃO","UNIDADE","QUANT. PROD.","QUANT. IMPROD.","COD. P","COD. I","FONTE","CHP/ P.UNIT.","CHI","P.TOTAL"]
["NIVEL OPTICO, COM PRECISAO DE 0,7 MM, AUMENTO DE 32X","H",{"$f":"'CPU (DF)'!C83","v":0.59999999999999987},null,7252,null,"SINAPI MA 06/223",{"$f":"$H$57","v":2.25},null,{"$f":"C83*H83+D83*I83","v":1.3499999999999996}]
["TEODOLITO ELETRONICO, PRECISAO ANGULAR DE 5 A 7 SEGUNDOS, INCLUINDO TRIPE","H",{"$f":"'CPU (DF)'!C84","v":0.59999999999999987},null,7247,null,"SINAPI MA 06/223",{"$f":"$H$58","v":2.25},null,{"$f":"C84*H84+D84*I84","v":1.3499999999999996}]
["PÁ CARREGADEIRA SOBRE RODAS, POTÊNCIA LÍQUIDA 128 HP, CAPACIDADE DA CAÇAMBA 1,7 A 2,8 M³","H",{"$f":"'CPU (DF)'!C85","v":0.77795298165137616},{"$f":"'CPU (DF)'!D85","v":0.25931766055045874},5940,5942,"SINAPI MA 06/223",{"$f":"VLOOKUP(E85,[30]planilhanull!$G$7:$K$7520,5,FALSE)","v":158.09},{"$f":"VLOOKUP(F85,[30]planilhanull!$G$7:$K$7520,5,FALSE)","v":59.84},{"$f":"C85*H85+D85*I85","v":138.50415567660551}]
["VEÍCULO DE PASSEIO PARA DESLOCAMENTO DA EQUIPE","H",{"$f":"'CPU (DF)'!C86","v":0.23437500000000003},{"$f":"'CPU (DF)'!D86","v":0.39062500000000006},"E9093",null,"SICRO MA 01/2023",{"$f":"$H$30","v":33.435400000000001},{"$f":"$I$30","v":6.4368999999999996},{"$f":"C86*H86+D86*I86","v":10.350835937500001}]
["CAMINHONETE CABINE SIMPLES COM MOTOR 1.6 FLEX, CÂMBIO MANUAL, POTÊNCIA 101/104 CV, 2 PORTAS","H",{"$f":"'CPU (DF)'!C87","v":0.60937499999999989},{"$f":"'CPU (DF)'!D87","v":0.36562499999999998},92145,92146,"SINAPI MA 06/223",{"$f":"$H$31","v":70.510000000000005},{"$f":"$I$31","v":30.83},{"$f":"C87*H87+D87*I87","v":54.239249999999998}]
["SUB-TOTAL",{"$nulls":8},{"$f":"SUM(J83:J87)","v":205.79424161410549}]
["MATERIAL"]
["DISCRIMINAÇÃO","UNIDADE","QUANT.",null,"COD.",null,null,null,"P.UNIT.","P.TOTAL"]
["ESTACA/PIQUETE DE MADEIRA","U",{"$f":"'CPU (DF)'!C91","v":12},null,4408,null,"SINAPI MA 06/223",null,{"$f":"$I$63","v":1.0880000000000001},{"$f":"C91*I91","v":13.056000000000001}]
["SUB-TOTAL",{"$nulls":8},{"$f":"SUM(J91:J91)","v":13.056000000000001}]
["SERVIÇOS - COMPOSIÇÕES AUXILIARES"]
["DISCRIMINAÇÃO","UNIDADE","QUANT.",{"$nulls":5},"P.UNIT.","P.TOTAL"]
["REVESTIMENTO VEGETAL POR SEMEADURA A LANÇO MANUAL DE GRAMÍNEAS E LEGUMINOSAS","m²",{"$f":"'CPU (DF)'!C95","v":50.26548245743669},null,4413993,null,"SICRO MA 01/2023",null,{"$f":"VLOOKUP(E95,[29]Sheet1!$A:$D,4,FALSE)","v":0.64},{"$f":"C95*I95","v":32.169908772759484}]
["SUB-TOTAL",{"$nulls":8},{"$f":"SUM(J95:J95)","v":32.169908772759484}]
["MÃO DE OBRA"]
["DISCRIMINAÇÃO","UNIDADE","QUANT.",null,"COD. P","COD. I",null,null,"P.UNIT.","P.TOTAL"]
["ENGENHEIRO COM ENCARGO","MÊS",{"$f":"'CPU (DF)'!C99","v":1.4204545454545455E-3},null,93565,null,"SINAPI MA 06/223",null,{"$f":"$I$44","v":19801.189999999999},{"$f":"C99*I99","v":28.126690340909089}]
["ENCARREGADO COM ENCARGO","MÊS",{"$f":"'CPU (DF)'!C100","v":4.2613636363636369E-3},null,93572,null,"SINAPI MA 06/223",null,{"$f":"$I$46","v":5636.73},{"$f":"C100*I100","v":24.020156250000003}]
["TOPOGRAFO COM ENCARGOS","MÊS",{"$f":"'CPU (DF)'!C101","v":3.4090909090909085E-3},null,94296,null,"SINAPI MA 06/223",null,{"$f":"$I$72","v":4648.99},{"$f":"C101*I101","v":15.848829545454542}]
["AUXILIAR DE TOPOGRÁFO COM ENCARGOS","MÊS",{"$f":"'CPU (DF)'!C102","v":3.4090909090909085E-3},null,101389,null,"SINAPI MA 06/223",null,{"$f":"$I$71","v":2288.75},{"$f":"C102*I102","v":7.8025568181818166}]
["SERVENTE COM ENCARGOS COMPLEMENTARES - INLUSIVE ABERTURA E FECHAMENTO DE CERCAS","MES",{"$f":"'CPU (DF)'!C103","v":5.893583194328607E-3},null,101452,null,"SINAPI MA 06/223",null,{"$f":"$I$45","v":3451.72},{"$f":"C103*I103","v":20.342998983527938}]
["SUB-TOTAL",{"$nulls":8},{"$f":"SUM(J99:J103)","v":96.141231938073389}]
["PRODUÇÃO MENSAL DA EQUIPE",{"$f":"'CPU (DF)'!B105","v":169.67606412382531},"CUSTO ",{"$nulls":6},{"$f":"J104+J96+J92+J88","v":347.16138232493836}]
["TOTAL",{"$nulls":8},{"$f":"ROUND(J105,2)","v":347.16}]
["BDI                %",{"$nulls":8},24.1]
["TOTAL DO SERVIÇO - R$",{"$nulls":8},{"$f":"ROUND(J106*(1+J107/100),2)","v":430.83}]
[]
[]
[" COMPOSIÇÃO DE PREÇO UNITÁRIO"]
["LOCAÇÃO E CONSTRUÇÃO DE BACIAS DE CAPTAÇÃO DE ENXURRADA (6 METROS DE RAIO)",{"$nulls":7},"UNIDADE: ","UNID."]
["EQUIPAMENTO"]
["DISCRIMINAÇÃO","UNIDADE","QUANT. PROD.","QUANT. IMPROD.","COD. P","COD. I","FONTE","CHP/ P.UNIT.","CHI","P.TOTAL"]
["NIVEL OPTICO, COM PRECISAO DE 0,7 MM, AUMENTO DE 32X","H",{"$f":"'CPU (DF)'!C115","v":0.59999999999999987},null,7252,null,"SINAPI MA 06/223",{"$f":"$H$57","v":2.25},null,{"$f":"C115*H115+D115*I115","v":1.3499999999999996}]
["TEODOLITO ELETRONICO, PRECISAO ANGULAR DE 5 A 7 SEGUNDOS, INCLUINDO TRIPE","H",{"$f":"'CPU (DF)'!C116","v":0.59999999999999987},null,7247,null,"SINAPI MA 06/223",{"$f":"$H$58","v":2.25},null,{"$f":"C116*H116+D116*I116","v":1.3499999999999996}]
["PÁ CARREGADEIRA SOBRE RODAS, POTÊNCIA LÍQUIDA 128 HP, CAPACIDADE DA CAÇAMBA 1,7 A 2,8 M³","H",{"$f":"'CPU (DF)'!C117","v":1.5361668577981655},{"$f":"'CPU (DF)'!D117","v":0.51205561926605514},5940,5942,"SINAPI MA 06/223",{"$f":"$H$85","v":158.09},{"$f":"$I$85","v":59.84},{"$f":"C117*H117+D117*I117","v":273.49402680619272}]
["VEÍCULO DE PASSEIO PARA DESLOCAMENTO DA EQUIPE","H",{"$f":"'CPU (DF)'!C118","v":0.25},{"$f":"'CPU (DF)'!D118","v":0.41666666666666669},"E9093",null,"SICRO MA 01/2023",{"$f":"$H$30","v":33.435400000000001},{"$f":"$I$30","v":6.4368999999999996},{"$f":"C118*H118+D118*I118","v":11.040891666666667}]
["CAMINHONETE CABINE SIMPLES COM MOTOR 1.6 FLEX, CÂMBIO MANUAL, POTÊNCIA 101/104 CV, 2 PORTAS","H",{"$f":"'CPU (DF)'!C119","v":0.62499999999999989},{"$f":"'CPU (DF)'!D119","v":0.375},92145,92146,"SINAPI MA 06/223",{"$f":"$H$31","v":70.510000000000005},{"$f":"$I$31","v":30.83},{"$f":"C119*H119+D119*I119","v":55.629999999999995}]
["SUB-TOTAL",{"$nulls":8},{"$f":"SUM(J115:J119)","v":342.86491847285936}]
["MATERIAL"]
["DISCRIMINAÇÃO","UNIDADE","QUANT.",null,"COD.",null,null,null,"P.UNIT.","P.TOTAL"]
["ESTACA/PIQUETE DE MADEIRA","U",{"$f":"'CPU (DF)'!C123","v":12},null,4408,null,"SINAPI MA 06/223",null,{"$f":"$I$63","v":1.0880000000000001},{"$f":"C123*I123","v":13.056000000000001}]
["SUB-TOTAL",{"$nulls":8},{"$f":"SUM(J123:J123)","v":13.056000000000001}]
["SERVIÇOS - COMPOSIÇÕES AUXILIARES"]
["DISCRIMINAÇÃO","UNIDADE","QUANT.",{"$nulls":5},"P.UNIT.","P.TOTAL"]
["REVESTIMENTO VEGETAL POR SEMEADURA A LANÇO MANUAL DE GRAMÍNEAS E LEGUMINOSAS","m²",{"$f":"'CPU (DF)'!C127","v":94.247779607693786},null,4413993,null,"SICRO MA 01/2023",null,{"$f":"VLOOKUP(E127,[29]Sheet1!$A:$D,4,FALSE)","v":0.64},{"$f":"C127*I127","v":60.318578948924028}]
["SUB-TOTAL",{"$nulls":8},{"$f":"SUM(J127:J127)","v":60.318578948924028}]
["MÃO DE OBRA"]
["DISCRIMINAÇÃO","UNIDADE","QUANT.",null,"COD. P","COD. I",null,null,"P.UNIT.","P.TOTAL"]
["ENGENHEIRO COM ENCARGO","MÊS",{"$f":"'CPU (DF)'!C131","v":1.5151515151515152E-3},null,93565,null,"SINAPI MA 06/223",null,{"$f":"$I$44","v":19801.189999999999},{"$f":"C131*I131","v":30.001803030303027}]
["ENCARREGADO COM ENCARGO","MÊS",{"$f":"'CPU (DF)'!C132","v":4.5454545454545452E-3},null,93572,null,"SINAPI MA 06/223",null,{"$f":"$I$46","v":5636.73},{"$f":"C132*I132","v":25.621499999999997}]
["TOPOGRAFO COM ENCARGOS","MÊS",{"$f":"'CPU (DF)'!C133","v":3.4090909090909085E-3},null,94296,null,"SINAPI MA 06/223",null,{"$f":"$I$72","v":4648.99},{"$f":"C133*I133","v":15.848829545454542}]
["AUXILIAR DE TOPOGRÁFO COM ENCARGOS","MÊS",{"$f":"'CPU (DF)'!C134","v":3.4090909090909085E-3},null,101389,null,"SINAPI MA 06/223",null,{"$f":"$I$71","v":2288.75},{"$f":"C134*I134","v":7.8025568181818166}]
["SERVENTE COM ENCARGOS COMPLEMENTARES - INLUSIVE ABERTURA E FECHAMENTO DE CERCAS","MES",{"$f":"'CPU (DF)'!C135","v":1.1637627710592161E-2},null,101452,null,"SINAPI MA 06/223",null,{"$f":"$I$45","v":3451.72},{"$f":"C135*I135","v":40.16983232120517}]
["SUB-TOTAL",{"$nulls":8},{"$f":"SUM(J131:J135)","v":119.44452171514456}]
["PRODUÇÃO MENSAL DA EQUIPE",{"$f":"'CPU (DF)'!B137","v":85.928165504885072},"CUSTO ",{"$nulls":6},{"$f":"J136+J128+J124+J120","v":535.68401913692799}]
["TOTAL",{"$nulls":8},{"$f":"ROUND(J137,2)","v":535.67999999999995}]
["BDI                %",{"$nulls":8},24.1]
["TOTAL DO SERVIÇO - R$",{"$nulls":8},{"$f":"ROUND(J138*(1+J139/100),2)","v":664.78}]
[]
[" COMPOSIÇÃO DE PREÇO UNITÁRIO"]
["LOCAÇÃO E CONSTRUÇÃO DE BACIAS DE CAPTAÇÃO DE ENXURRADA (9 METROS DE RAIO)",{"$nulls":7},"UNIDADE: ","UNID."]
["EQUIPAMENTO"]
["DISCRIMINAÇÃO","UNIDADE","QUANT. PROD.","QUANT. IMPROD.","COD. P","COD. I","FONTE","CHP/ P.UNIT.","CHI","P.TOTAL"]
["NIVEL OPTICO, COM PRECISAO DE 0,7 MM, AUMENTO DE 32X","H",{"$f":"'CPU (DF)'!C146","v":0.65},null,7252,null,"SINAPI MA 06/223",{"$f":"$H$57","v":2.25},null,{"$f":"C146*H146+D146*I146","v":1.4625000000000001}]
["TEODOLITO ELETRONICO, PRECISAO ANGULAR DE 5 A 7 SEGUNDOS, INCLUINDO TRIPE","H",{"$f":"'CPU (DF)'!C147","v":0.65},null,7247,null,"SINAPI MA 06/223",{"$f":"$H$58","v":2.25},null,{"$f":"C147*H147+D147*I147","v":1.4625000000000001}]
["PÁ CARREGADEIRA SOBRE RODAS, POTÊNCIA LÍQUIDA 128 HP, CAPACIDADE DA CAÇAMBA 1,7 A 2,8 M³","H",{"$f":"'CPU (DF)'!C148","v":3.7389908256880737},{"$f":"'CPU (DF)'!D148","v":1.2463302752293579},5940,5942,"SINAPI MA 06/223",{"$f":"$H$85","v":158.09},{"$f":"$I$85","v":59.84},{"$f":"C148*H148+D148*I148","v":665.67746330275236}]
["VEÍCULO DE PASSEIO PARA DESLOCAMENTO DA EQUIPE","H",{"$f":"'CPU (DF)'!C149","v":0.265625},{"$f":"'CPU (DF)'!D149","v":0.44270833333333331},"E9093",null,"SICRO MA 01/2023",{"$f":"$H$30","v":33.435400000000001},{"$f":"$I$30","v":6.4368999999999996},{"$f":"C149*H149+D149*I149","v":11.730947395833333}]
["CAMINHONETE CABINE SIMPLES COM MOTOR 1.6 FLEX, CÂMBIO MANUAL, POTÊNCIA 101/104 CV, 2 PORTAS","H",{"$f":"'CPU (DF)'!C150","v":0.671875},{"$f":"'CPU (DF)'!D150","v":0.40312500000000007},92145,92146,"SINAPI MA 06/223",{"$f":"$H$31","v":70.510000000000005},{"$f":"$I$31","v":30.83},{"$f":"C150*H150+D150*I150","v":59.802250000000008}]
["SUB-TOTAL",{"$nulls":8},{"$f":"SUM(J146:J150)","v":740.13566069858564}]
["MATERIAL"]
["DISCRIMINAÇÃO","UNIDADE","QUANT.",null,"COD.",null,null,null,"P.UNIT.","P.TOTAL"]
["ESTACA/PIQUETE DE MADEIRA","U",{"$f":"'CPU (DF)'!C154","v":12},null,4408,null,"SINAPI MA 06/223",null,{"$f":"$I$63","v":1.0880000000000001},{"$f":"C154*I154","v":13.056000000000001}]
["SUB-TOTAL",{"$nulls":8},{"$f":"SUM(J154:J154)","v":13.056000000000001}]
["SERVIÇOS - COMPOSIÇÕES AUXILIARES"]
["DISCRIMINAÇÃO","UNIDADE","QUANT.",{"$nulls":5},"P.UNIT.","P.TOTAL"]
["REVESTIMENTO VEGETAL POR SEMEADURA A LANÇO MANUAL DE GRAMÍNEAS E LEGUMINOSAS","m²",{"$f":"'CPU (DF)'!C158","v":169.64600329384882},null,4413993,null,"SICRO MA 01/2023",null,{"$f":"VLOOKUP(E158,[29]Sheet1!$A:$D,4,FALSE)","v":0.64},{"$f":"C158*I158","v":108.57344210806325}]
["SUB-TOTAL",{"$nulls":8},{"$f":"SUM(J158:J158)","v":108.57344210806325}]
["MÃO DE OBRA"]
["DISCRIMINAÇÃO","UNIDADE","QUANT.",null,"COD. P","COD. I",null,null,"P.UNIT.","P.TOTAL"]
["ENGENHEIRO COM ENCARGO","MÊS",{"$f":"'CPU (DF)'!C162","v":1.6098484848484848E-3},null,93565,null,"SINAPI MA 06/223",null,{"$f":"$I$44","v":19801.189999999999},{"$f":"C162*I162","v":31.876915719696967}]
["ENCARREGADO COM ENCARGO","MÊS",{"$f":"'CPU (DF)'!C163","v":4.8295454545454544E-3},null,93572,null,"SINAPI MA 06/223",null,{"$f":"$I$46","v":5636.73},{"$f":"C163*I163","v":27.222843749999996}]
["TOPOGRAFO COM ENCARGOS","MÊS",{"$f":"'CPU (DF)'!C164","v":3.6931818181818185E-3},null,94296,null,"SINAPI MA 06/223",null,{"$f":"$I$72","v":4648.99},{"$f":"C164*I164","v":17.169565340909092}]
["AUXILIAR DE TOPOGRÁFO COM ENCARGOS","MÊS",{"$f":"'CPU (DF)'!C165","v":3.6931818181818185E-3},null,101389,null,"SINAPI MA 06/223",null,{"$f":"$I$71","v":2288.75},{"$f":"C165*I165","v":8.4527698863636367}]
["SERVENTE COM ENCARGOS COMPLEMENTARES - INLUSIVE ABERTURA E FECHAMENTO DE CERCAS","MES",{"$f":"'CPU (DF)'!C166","v":2.83256880733945E-2},null,101452,null,"SINAPI MA 06/223",null,{"$f":"$I$45","v":3451.72},{"$f":"C166*I166","v":97.772344036697262}]
["SUB-TOTAL",{"$nulls":8},{"$f":"SUM(J162:J166)","v":182.49443873366695}]
["PRODUÇÃO MENSAL DA EQUIPE",{"$f":"'CPU (DF)'!B168","v":35.30364372469635},"CUSTO ",{"$nulls":6},{"$f":"J167+J159+J155+J151","v":1044.2595415403157}]
["TOTAL",{"$nulls":8},{"$f":"ROUND(J168,2)","v":1044.26}]
["BDI                %",{"$nulls":8},24.1]
["TOTAL DO SERVIÇO - R$",{"$nulls":8},{"$f":"ROUND(J169*(1+J170/100),2)","v":1295.93}]
[]
[]
[" COMPOSIÇÃO DE PREÇO UNITÁRIO"]
["LOCAÇÃO E CONSTRUÇÃO DE BACIAS DE CAPTAÇÃO DE ENXURRADA (12 METROS DE RAIO)",{"$nulls":7},"UNIDADE: ","UNID."]
["EQUIPAMENTO"]
["DISCRIMINAÇÃO","UNIDADE","QUANT. PROD.","QUANT. IMPROD.","COD. P","COD. I","FONTE","CHP/ P.UNIT.","CHI","P.TOTAL"]
["NIVEL OPTICO, COM PRECISAO DE 0,7 MM, AUMENTO DE 32X","H",{"$f":"'CPU (DF)'!C178","v":0.65},null,7252,null,"SINAPI MA 06/223",{"$f":"$H$57","v":2.25},null,{"$f":"C178*H178+D178*I178","v":1.4625000000000001}]
["TEODOLITO ELETRONICO, PRECISAO ANGULAR DE 5 A 7 SEGUNDOS, INCLUINDO TRIPE","H",{"$f":"'CPU (DF)'!C179","v":0.65},null,7247,null,"SINAPI MA 06/223",{"$f":"$H$58","v":2.25},null,{"$f":"C179*H179+D179*I179","v":1.4625000000000001}]
["PÁ CARREGADEIRA SOBRE RODAS, POTÊNCIA LÍQUIDA 128 HP, CAPACIDADE DA CAÇAMBA 1,7 A 2,8 M³","H",{"$f":"'CPU (DF)'!C180","v":6},{"$f":"'CPU (DF)'!D180","v":2},5940,5942,"SINAPI MA 06/223",{"$f":"$H$85","v":158.09},{"$f":"$I$85","v":59.84},{"$f":"C180*H180+D180*I180","v":1068.22}]
["VEÍCULO DE PASSEIO PARA DESLOCAMENTO DA EQUIPE","H",{"$f":"'CPU (DF)'!C181","v":0.28125},{"$f":"'CPU (DF)'!D181","v":0.46874999999999994},"E9093",null,"SICRO MA 01/2023",{"$f":"$H$30","v":33.435400000000001},{"$f":"$I$30","v":6.4368999999999996},{"$f":"C181*H181+D181*I181","v":12.421003125}]
["CAMINHONETE CABINE SIMPLES COM MOTOR 1.6 FLEX, CÂMBIO MANUAL, POTÊNCIA 101/104 CV, 2 PORTAS","H",{"$f":"'CPU (DF)'!C182","v":0.6875},{"$f":"'CPU (DF)'!D182","v":0.41250000000000009},92145,92146,"SINAPI MA 06/223",{"$f":"$H$31","v":70.510000000000005},{"$f":"$I$31","v":30.83},{"$f":"C182*H182+D182*I182","v":61.193000000000005}]
["SUB-TOTAL",{"$nulls":8},{"$f":"SUM(J178:J182)","v":1144.7590031249999}]
["MATERIAL"]
["DISCRIMINAÇÃO","UNIDADE","QUANT.",null,"COD.",null,null,null,"P.UNIT.","P.TOTAL"]
["ESTACA/PIQUETE DE MADEIRA","U",{"$f":"'CPU (DF)'!C186","v":16},null,4408,null,"SINAPI MA 06/223",null,{"$f":"$I$63","v":1.0880000000000001},{"$f":"C186*I186","v":17.408000000000001}]
["SUB-TOTAL",{"$nulls":8},{"$f":"SUM(J186:J186)","v":17.408000000000001}]
["SERVIÇOS - COMPOSIÇÕES AUXILIARES"]
["DISCRIMINAÇÃO","UNIDADE","QUANT.",{"$nulls":5},"P.UNIT.","P.TOTAL"]
["REVESTIMENTO VEGETAL POR SEMEADURA A LANÇO MANUAL DE GRAMÍNEAS E LEGUMINOSAS","m²",{"$f":"'CPU (DF)'!C190","v":263.89378290154264},null,4413993,null,"SICRO MA 01/2023",null,{"$f":"VLOOKUP(E190,[29]Sheet1!$A:$D,4,FALSE)","v":0.64},{"$f":"C190*I190","v":168.89202105698729}]
["SUB-TOTAL",{"$nulls":8},{"$f":"SUM(J190:J190)","v":168.89202105698729}]
["MÃO DE OBRA"]
["DISCRIMINAÇÃO","UNIDADE","QUANT.",null,"COD. P","COD. I",null,null,"P.UNIT.","P.TOTAL"]
["ENGENHEIRO COM ENCARGO","MES",{"$f":"'CPU (DF)'!C194","v":1.7045454545454545E-3},null,93565,null,"SINAPI MA 06/223",null,{"$f":"$I$44","v":19801.189999999999},{"$f":"C194*I194","v":33.752028409090904}]
["ENCARREGADO COM ENCARGO","MES",{"$f":"'CPU (DF)'!C195","v":5.1136363636363636E-3},null,93572,null,"SINAPI MA 06/223",null,{"$f":"$I$46","v":5636.73},{"$f":"C195*I195","v":28.824187499999997}]
["TOPOGRAFO COM ENCARGOS","MÊS",{"$f":"'CPU (DF)'!C196","v":3.6931818181818181E-3},null,94296,null,"SINAPI MA 06/223",null,{"$f":"$I$72","v":4648.99},{"$f":"C196*I196","v":17.169565340909088}]
["AUXILIAR DE TOPOGRÁFO COM ENCARGOS","MÊS",{"$f":"'CPU (DF)'!C197","v":3.6931818181818181E-3},null,101389,null,"SINAPI MA 06/223",null,{"$f":"$I$71","v":2288.75},{"$f":"C197*I197","v":8.4527698863636367}]
["SERVENTE COM ENCARGOS COMPLEMENTARES - INLUSIVE ABERTURA E FECHAMENTO DE CERCAS","MES",{"$f":"'CPU (DF)'!C198","v":4.5454545454545456E-2},null,101452,null,"SINAPI MA 06/223",null,{"$f":"$I$45","v":3451.72},{"$f":"C198*I198","v":156.89636363636365}]
["SUB-TOTAL",{"$nulls":8},{"$f":"SUM(J194:J198)","v":245.09491477272729}]
["PRODUÇÃO DA EQUIPE ",{"$f":"'CPU (DF)'!B200","v":22},"CUSTO ",{"$nulls":6},{"$f":"J199+J191+J187+J183","v":1576.1539389547145}]
["TOTAL",{"$nulls":8},{"$f":"ROUND(J200,2)","v":1576.15}]
["BDI                %",{"$nulls":8},24.1]
["TOTAL DO SERVIÇO - R$",{"$nulls":8},{"$f":"ROUND(J201*(1+J202/100),2)","v":1956}]
[]
[" COMPOSIÇÃO DE PREÇO UNITÁRIO"]
["CERCAMENTO DE ÁREAS AMBIENTALMENTE VULNERÁVEIS À CAPRINOVINOCULTURA",{"$nulls":7},"UNIDADE: ","m"]
["EQUIPAMENTO"]
["DISCRIMINAÇÃO","UNIDADE","QUANT. PROD.","QUANT. IMPROD.","COD. P","COD. I","FONTE",null,"P.UNIT.","P.TOTAL"]
["NIVEL OPTICO, COM PRECISAO DE 0,7 MM, AUMENTO DE 32X","h",{"$f":"'CPU (DF)'!C209","v":5.000000000000001E-2},null,7252,null,"SINAPI MA 06/223",{"$f":"H178","v":2.25},null,{"$f":"C209*H209+D209*I209","v":0.11250000000000002}]
["TEODOLITO ELETRONICO, PRECISAO ANGULAR DE 5 A 7 SEGUNDOS, INCLUINDO TRIPE","h",{"$f":"'CPU (DF)'!C210","v":5.000000000000001E-2},null,7247,null,"SINAPI MA 06/223",{"$f":"H179","v":2.25},null,{"$f":"C210*H210+D210*I210","v":0.11250000000000002}]
["VEÍCULO DE PASSEIO PARA DESLOCAMENTO DA EQUIPE","h",{"$f":"'CPU (DF)'!C211","v":1.8382352941176468E-2},{"$f":"'CPU (DF)'!D211","v":3.063725490196078E-2},"E9093","E9093","SICRO MA 01/2023",{"$f":"H30","v":33.435400000000001},{"$f":"I30","v":6.4368999999999996},{"$f":"C211*H211+D211*I211","v":0.81183026960784299}]
["CAMINHONETE CABINE SIMPLES COM MOTOR 1.6 FLEX, CÂMBIO MANUAL, POTÊNCIA 101/104 CV, 2 PORTAS","h",{"$f":"'CPU (DF)'!C212","v":2.9779411764705884E-2},{"$f":"'CPU (DF)'!D212","v":4.9632352941176468E-2},92145,92146,"SINAPI MA 06/223",{"$f":"H31","v":70.510000000000005},{"$f":"I31","v":30.83},{"$f":"C212*H212+D212*I212","v":3.6299117647058825}]
["SUB-TOTAL",{"$nulls":8},{"$f":"SUM(J209:J212)","v":4.6667420343137254}]
["MATERIAL"]
["DISCRIMINAÇÃO","UNIDADE","QUANT.",null,"COD. P","COD. I","FONTE",null,"P.UNIT.","P.TOTAL"]
["MOURAO ROLICO DE MADEIRA TRATADA, D = 16 A 20 CM, H = 3,0 M, EM EUCALIPTO OU EQUIVALENTE DA REGIAO (PARA CERCA)","m",{"$f":"'CPU (DF)'!C216","v":0.12},null,4491,null,"SINAPI MA 06/223",null,{"$f":"I252","v":27.44},{"$f":"ROUND((I216*C216),2)","v":3.29}]
["MOURAO ROLICO DE MADEIRA TRATADA, D  ≥ 10 CM, H = 2,20 M, EM EUCALIPTO OU EQUIVALENTE DA REGIAO (PARA CERCA)","m",{"$f":"'CPU (DF)'!C217","v":0.52},null,21138,null,"SINAPI MA 06/223",null,{"$f":"I253","v":8.6999999999999993},{"$f":"ROUND((I217*C217),2)","v":4.5199999999999996}]
["ARAME FARPADO GALVANIZADO, 16 BWG (1,65 MM), CLASSE 250","m",{"$f":"'CPU (DF)'!C218","v":8},null,340,null,"SINAPI MA 06/223",null,{"$f":"I254","v":1},{"$f":"ROUND((I218*C218),2)","v":8}]
["GRAMPO DE ACO POLIDO 1 \" X 9","kg",{"$f":"'CPU (DF)'!C219","v":0.04},null,5076,null,"SINAPI MA 06/223",null,{"$f":"I255","v":19.88},{"$f":"ROUND((I219*C219),2)","v":0.8}]
["ESTACA/PIQUETE DE MADEIRA","U",{"$f":"'CPU (DF)'!C220","v":0.05},null,4408,null,"SINAPI MA 06/223",null,{"$f":"I63","v":1.0880000000000001},{"$f":"C220*I220","v":5.4400000000000004E-2}]
["SUB-TOTAL",{"$nulls":8},{"$f":"SUM(J216:J220)","v":16.664400000000001}]
["SERVIÇOS - COMPOSIÇÕES AUXILIARES"]
["DISCRIMINAÇÃO","UNIDADE","QUANT.",null,"COD.",null,"FONTE",null,"P.UNIT.","P.TOTAL"]
[]
["SUB-TOTAL",{"$nulls":8},{"$f":"J224","v":0}]
["MÃO DE OBRA"]
["DISCRIMINAÇÃO","UNIDADE","QUANT.",null,"COD. P","COD. I","FONTE",null,"P.UNIT.","P.TOTAL"]
["ENGENHEIRO COM ENCARGO","mês",{"$f":"'CPU (DF)'!C228","v":1.1140819964349375E-4},null,93565,null,"SINAPI MA 06/223",null,{"$f":"I194","v":19801.189999999999},{"$f":"C228*I228","v":2.2060149286987518}]
["ENCARREGADO COM ENCARGO","mês",{"$f":"'CPU (DF)'!C229","v":3.3422459893048126E-4},null,93572,null,"SINAPI MA 06/223",null,{"$f":"I195","v":5636.73},{"$f":"C229*I229","v":1.8839338235294114}]
["TOPOGRAFO COM ENCARGOS","mês",{"$f":"'CPU (DF)'!C230","v":2.8409090909090913E-4},null,94296,null,"SINAPI MA 06/223",null,{"$f":"I196","v":4648.99},{"$f":"C230*I230","v":1.3207357954545456}]
["AUXILIAR DE TOPOGRÁFO COM ENCARGOS","mês",{"$f":"'CPU (DF)'!C231","v":2.8409090909090913E-4},null,101389,null,"SINAPI MA 06/223",null,{"$f":"I197","v":2288.75},{"$f":"C231*I231","v":0.65021306818181823}]
["SERVENTE COM ENCARGOS COMPLEMENTARES - ABERTURA DE PICADAS, ESCAVAÇÃO MANUAL E ASSENTAMENTO DE MOURÕES","mês",{"$f":"'CPU (DF)'!C232","v":1.0101010101010101E-3},null,101452,null,"SINAPI MA 06/223",null,{"$f":"I198","v":3451.72},{"$f":"C232*I232","v":3.4865858585858582}]
["CARPINTEIRO DE FORMAS COM ENCARGOS COMPLEMENTARES","h",{"$f":"'CPU (DF)'!C233","v":8.8888888888888892E-2},null,88262,null,"SINAPI MA 06/223",null,{"$f":"VLOOKUP(E233,[30]planilhanull!$G$7:$K$7520,5,FALSE)","v":24.85},{"$f":"ROUND((I233*C233),2)","v":2.21}]
["AJUDANTE DE CARPINTEIRO COM ENCARGOS COMPLEMENTARES","h",{"$f":"'CPU (DF)'!C234","v":8.8888888888888892E-2},null,88239,null,"SINAPI MA 06/223",null,{"$f":"VLOOKUP(E234,[30]planilhanull!$G$7:$K$7520,5,FALSE)","v":19.940000000000001},{"$f":"ROUND((I234*C234),2)","v":1.77}]
["SUB-TOTAL",{"$nulls":8},{"$f":"SUM(J228:J234)","v":13.527483474450385}]
["PRODUÇÃO MENSAL DA EQUIPE",{"$f":"'CPU (DF)'!B236","v":1980},"CUSTO ",{"$nulls":6},{"$f":"J235+J225+J221+J213","v":34.858625508764113}]
["TOTAL",{"$nulls":8},{"$f":"ROUND(J236,2)","v":34.86}]
["BDI                %",{"$nulls":8},24.1]
["TOTAL DO SERVIÇO - R$",{"$nulls":8},{"$f":"ROUND(J237*(1+J238/100),2)","v":43.26}]
[]
[" COMPOSIÇÃO DE PREÇO UNITÁRIO"]
["CERCAMENTO DE ÁREAS AMBIENTALMENTE VULNERÁVEIS À BOVINOCULTURA",{"$nulls":7},"UNIDADE: ","m"]
["EQUIPAMENTO"]
["DISCRIMINAÇÃO","UNIDADE","QUANT. PROD.","QUANT. IMPROD.","COD. P","COD. I","FONTE",null,"P.UNIT.","P.TOTAL"]
["NIVEL OPTICO, COM PRECISAO DE 0,7 MM, AUMENTO DE 32X","h",{"$f":"'CPU (DF)'!C245","v":5.000000000000001E-2},null,7252,null,"SINAPI MA 06/223",{"$f":"H57","v":2.25},null,{"$f":"C245*H245+D245*I245","v":0.11250000000000002}]
["TEODOLITO ELETRONICO, PRECISAO ANGULAR DE 5 A 7 SEGUNDOS, INCLUINDO TRIPE","h",{"$f":"'CPU (DF)'!C246","v":5.000000000000001E-2},null,7247,null,"SINAPI MA 06/223",{"$f":"H58","v":2.25},null,{"$f":"C246*H246+D246*I246","v":0.11250000000000002}]
["VEÍCULO DE PASSEIO PARA DESLOCAMENTO DA EQUIPE","h",{"$f":"'CPU (DF)'!C247","v":1.8382352941176468E-2},{"$f":"'CPU (DF)'!D247","v":3.063725490196078E-2},"E9093",null,"SICRO MA 01/2023",{"$f":"H30","v":33.435400000000001},{"$f":"I30","v":6.4368999999999996},{"$f":"C247*H247+D247*I247","v":0.81183026960784299}]
["CAMINHONETE CABINE SIMPLES COM MOTOR 1.6 FLEX, CÂMBIO MANUAL, POTÊNCIA 101/104 CV, 2 PORTAS","h",{"$f":"'CPU (DF)'!C248","v":2.9779411764705884E-2},{"$f":"'CPU (DF)'!D248","v":4.9632352941176468E-2},92145,92146,"SINAPI MA 06/223",{"$f":"H31","v":70.510000000000005},{"$f":"I31","v":30.83},{"$f":"C248*H248+D248*I248","v":3.6299117647058825}]
["SUB-TOTAL",{"$nulls":8},{"$f":"SUM(J245:J248)","v":4.6667420343137254}]
["MATERIAL"]
["DISCRIMINAÇÃO","UNIDADE","QUANT.",null,"COD.",null,"FONTE",null,"P.UNIT.","P.TOTAL"]
["MOURAO ROLICO DE MADEIRA TRATADA, D = 16 A 20 CM, H = 3,0 M, EM EUCALIPTO OU EQUIVALENTE DA REGIAO (PARA CERCA)","m",{"$f":"'CPU (DF)'!C252","v":6.6666666666666666E-2},null,2747,null,"SINAPI MA 06/223",null,{"$f":"VLOOKUP(E252,[32]sheet1!$A$1:$E$65536,5,FALSE)","v":27.44},{"$f":"ROUND((I252*C252),2)","v":1.83}]
["MOURAO ROLICO DE MADEIRA TRATADA, D  ≥ 10 CM, H = 2,20 M, EM EUCALIPTO OU EQUIVALENTE DA REGIAO (PARA CERCA)","m",{"$f":"'CPU (DF)'!C253","v":0.41111111111111115},null,21138,null,"SINAPI MA 06/223",null,{"$f":"VLOOKUP(E253,[32]sheet1!$A$1:$E$65536,5,FALSE)","v":8.6999999999999993},{"$f":"ROUND((I253*C253),2)","v":3.58}]
["ARAME FARPADO GALVANIZADO, 16 BWG (1,65 MM), CLASSE 250","m",{"$f":"'CPU (DF)'!C254","v":5},null,340,null,"SINAPI MA 06/223",null,{"$f":"VLOOKUP(E254,[32]sheet1!$A$1:$E$65536,5,FALSE)","v":1},{"$f":"ROUND((I254*C254),2)","v":5}]
["GRAMPO DE ACO POLIDO 1 \" X 9","kg",{"$f":"'CPU (DF)'!C255","v":0.03},null,5076,null,"SINAPI MA 06/223",null,{"$f":"VLOOKUP(E255,[32]sheet1!$A$1:$E$65536,5,FALSE)","v":19.88},{"$f":"ROUND((I255*C255),2)","v":0.6}]
["ESTACA/PIQUETE DE MADEIRA (0,5 m)","U",{"$f":"'CPU (DF)'!C256","v":0.05},null,4408,null,"SINAPI MA 06/223",null,{"$f":"I220","v":1.0880000000000001},{"$f":"C256*I256","v":5.4400000000000004E-2}]
["SUB-TOTAL",{"$nulls":8},{"$f":"SUM(J252:J256)","v":11.064399999999999}]
["SERVIÇOS - COMPOSIÇÕES AUXILIARES"]
["DISCRIMINAÇÃO","UNIDADE","QUANT.",null,"COD.",null,"FONTE",null,"P.UNIT.","P.TOTAL"]
[]
["SUB-TOTAL",{"$nulls":8},{"$f":"J260","v":0}]
["MÃO DE OBRA"]
["DISCRIMINAÇÃO","UNIDADE","QUANT.",null,"COD. P","COD. I","FONTE",null,"P.UNIT.","P.TOTAL"]
["ENGENHEIRO COM ENCARGO","mês",{"$f":"'CPU (DF)'!C264","v":1.1140819964349375E-4},null,93565,null,"SINAPI MA 06/223",null,{"$f":"I228","v":19801.189999999999},{"$f":"C264*I264","v":2.2060149286987518}]
["ENCARREGADO COM ENCARGO","mês",{"$f":"'CPU (DF)'!C265","v":3.3422459893048126E-4},null,93572,null,"SINAPI MA 06/223",null,{"$f":"I229","v":5636.73},{"$f":"C265*I265","v":1.8839338235294114}]
["TOPOGRAFO COM ENCARGOS","mês",{"$f":"'CPU (DF)'!C266","v":2.8409090909090913E-4},null,94296,null,"SINAPI MA 06/223",null,4648.99,{"$f":"C266*I266","v":1.3207357954545456}]
["AUXILIAR DE TOPOGRÁFO COM ENCARGOS","mês",{"$f":"'CPU (DF)'!C267","v":2.8409090909090913E-4},null,101389,null,"SINAPI MA 06/223",null,2288.75,{"$f":"C267*I267","v":0.65021306818181823}]
["SERVENTE COM ENCARGOS COMPLEMENTARES - ABERTURA DE PICADAS, ESCAVAÇÃO MANUAL E ASSENTAMENTO DE MOURÕES","mês",{"$f":"'CPU (DF)'!C268","v":1.0822510822510823E-3},null,101452,null,"SINAPI MA 06/223",null,3451.72,{"$f":"C268*I268","v":3.7356277056277052}]
["CARPINTEIRO DE FORMAS COM ENCARGOS COMPLEMENTARES","h",{"$f":"'CPU (DF)'!C269","v":9.5238095238095247E-2},null,88262,null,"SINAPI MA 06/223",null,24.85,{"$f":"ROUND((I269*C269),2)","v":2.37}]
["AJUDANTE DE CARPINTEIRO COM ENCARGOS COMPLEMENTARES","h",{"$f":"'CPU (DF)'!C270","v":9.5238095238095247E-2},null,88239,null,"SINAPI MA 06/223",null,19.940000000000001,{"$f":"ROUND((I270*C270),2)","v":1.9}]
["SUB-TOTAL",{"$nulls":8},{"$f":"SUM(J264:J270)","v":14.066525321492234}]
["PRODUÇÃO MENSAL DA EQUIPE",{"$f":"'CPU (DF)'!B272","v":1847.9999999999998},"CUSTO ",{"$nulls":6},{"$f":"J271+J261+J257+J249","v":29.797667355805959}]
["TOTAL",{"$nulls":8},{"$f":"ROUND(J272,2)","v":29.8}]
["BDI                %",{"$nulls":8},24.1]
["TOTAL DO SERVIÇO - R$",{"$nulls":8},{"$f":"ROUND(J273*(1+J274/100),2)","v":36.979999999999997}]
[]
[" COMPOSIÇÃO DE PREÇO UNITÁRIO"]
["PLACA DE IDENTIFICAÇÃO DE OBRA",{"$nulls":7},"UNIDADE: ","m²"]
["EQUIPAMENTO"]
["DISCRIMINAÇÃO","UNIDADE","QUANT. PROD.","QUANT. IMPROD.","CÓDIGO",null,null,null,"P.UNIT.","P.TOTAL"]
[{"$nulls":9},{"$f":"C281*I281","v":0}]
["SUB-TOTAL",{"$nulls":8},{"$f":"SUM(J281:J281)","v":0}]
["MATERIAL"]
["DISCRIMINAÇÃO","UNIDADE","QUANT.",null,"COD. P","COD. I",null,null,"P.UNIT.","P.TOTAL"]
["PONTALETE *7,5 X 7,5* CM EM PINUS, MISTA OU EQUIVALENTE DA REGIAO - BRUTA","M",{"$f":"'CPU (DF)'!C285","v":1},null,4491,null,"SINAPI MA 06/223",null,{"$f":"VLOOKUP(E285,[32]sheet1!$A$1:$E$65536,5,FALSE)","v":11.73},{"$f":"ROUND((I285*C285),2)","v":11.73}]
["SARRAFO NAO APARELHADO *2,5 X 7* CM","M",{"$f":"'CPU (DF)'!C286","v":1},null,4417,null,"SINAPI MA 06/223",null,{"$f":"VLOOKUP(E286,[32]sheet1!$A$1:$E$65536,5,FALSE)","v":7.78},{"$f":"ROUND((I286*C286),2)","v":7.78}]
["PREGO DE ACO POLIDO COM CABECA 18 X 30 (2 3/4 X 10)","KG",{"$f":"'CPU (DF)'!C287","v":1.8333333333333333E-2},null,5075,null,"SINAPI MA 06/223",null,{"$f":"VLOOKUP(E287,[32]sheet1!$A$1:$E$65536,5,FALSE)","v":19.68},{"$f":"ROUND((I287*C287),2)","v":0.36}]
["PLACA DE OBRA (PARA CONSTRUCAO CIVIL) EM CHAPA GALVANIZADA","M2",{"$f":"'CPU (DF)'!C288","v":1},null,4813,null,"SINAPI MA 06/223",null,{"$f":"VLOOKUP(E288,[32]sheet1!$A$1:$E$65536,5,FALSE)","v":250},{"$f":"ROUND((I288*C288),2)","v":250}]
["SUB-TOTAL",{"$nulls":8},{"$f":"SUM(J285:J288)","v":269.87}]
["SERVIÇOS - COMPOSIÇÕES AUXILIARES"]
["DISCRIMINAÇÃO","UNIDADE","QUANT.",null,"COD. P","COD. I",null,null,"P.UNIT.","P.TOTAL"]
["CONCRETO MAGRO TRAÇO 1:4,5:4,5 (CIMENTO/ AREIA MÉDIA/ BRITA 1) - PREPARO MECÂNICO COM BETONEIRA 400 L.","M3",{"$f":"'CPU (DF)'!C292","v":1.6666666666666666E-2},null,94962,null,"SINAPI MA 06/223",null,{"$f":"VLOOKUP(E292,[30]planilhanull!$G$7:$K$7520,5,FALSE)","v":350.48},{"$f":"ROUND((I292*C292),2)","v":5.84}]
["SUB-TOTAL",{"$nulls":8},{"$f":"J292","v":5.84}]
["MÃO DE OBRA"]
["DISCRIMINAÇÃO","UNIDADE","QUANT.",null,"COD. P","COD. I",null,null,"P.UNIT.","P.TOTAL"]
["CARPINTEIRO DE FORMAS COM ENCARGOS COMPLEMENTARES","H",{"$f":"'CPU (DF)'!C296","v":0.33333333333333331},null,88262,null,"SINAPI MA 06/223",null,{"$f":"I269","v":24.85},{"$f":"ROUND((I296*C296),2)","v":8.2799999999999994}]
["AJUDANTE DE CARPINTEIRO COM ENCARGOS COMPLEMENTARES","H",{"$f":"'CPU (DF)'!C297","v":0.66666666666666663},null,88239,null,"SINAPI MA 06/223",null,{"$f":"I270","v":19.940000000000001},{"$f":"ROUND((I297*C297),2)","v":13.29}]
["SUB-TOTAL",{"$nulls":8},{"$f":"SUM(J296:J297)","v":21.57}]
["PRODUÇÃO MENSAL DA EQUIPE",{"$f":"'CPU (DF)'!B299","v":528},"CUSTO ",{"$nulls":6},{"$f":"J298+J293+J289+J282","v":297.28000000000003}]
["TOTAL",{"$nulls":8},{"$f":"ROUND(J299,2)","v":297.27999999999997}]
["BDI                %",{"$nulls":8},24.1]
["TOTAL DO SERVIÇO - R$",{"$nulls":8},{"$f":"ROUND(J300*(1+J301/100),2)","v":368.92}]

{"sheet":"CPU (MT)","index":10,"n_rows":302,"n_cols":10,"rows_kept":302,"cut":false,"hidden":false,"merged":[[301,0,301,8],[282,0,282,9],[288,0,288,8],[289,0,289,9],[292,0,292,8],[293,0,293,9],[297,0,297,8],[298,2,298,8],[299,0,299,8],[300,0,300,8],[270,0,270,8],[271,2,271,8],[272,0,272,8],[273,0,273,8],[274,0,274,8],[276,0,276,9],[277,0,277,7],[278,0,278,9],[281,0,281,8],[173,0,173,9],[174,0,174,7],[175,0,175,9],[182,0,182,8],[183,0,183,9],[186,0,186,8],[187,0,187,9],[190,0,190,8],[191,0,191,9],[198,0,198,8],[199,2,199,8],[200,0,200,8],[201,0,201,8],[204,0,204,9],[205,0,205,7],[206,0,206,9],[212,0,212,8],[213,0,213,9],[202,0,202,8],[220,0,220,8],[221,0,221,9],[234,0,234,8],[235,2,235,8],[240,0,240,9],[256,0,256,8],[257,0,257,9],[260,0,260,8],[261,0,261,9],[238,0,238,8],[241,0,241,7],[242,0,242,9],[248,0,248,8],[249,0,249,9],[236,0,236,8],[237,0,237,8],[224,0,224,8],[225,0,225,9],[0,0,0,9],[1,0,1,1],[1,2,1,4],[1,6,1,7],[2,0,2,9],[5,0,5,8],[19,2,19,8],[20,0,20,8],[21,0,21,8],[22,0,22,8],[24,0,24,9],[25,0,25,7],[6,0,6,9],[10,0,10,8],[11,0,11,9],[14,0,14,8],[15,0,15,9],[18,0,18,8],[41,0,41,9],[46,0,46,8],[47,2,47,8],[48,0,48,8],[49,0,49,8],[50,0,50,8],[26,0,26,9],[31,0,31,8],[32,0,32,9],[35,0,35,8],[36,0,36,9],[40,0,40,8],[64,0,64,9],[67,0,67,8],[68,0,68,9],[72,0,72,8],[73,2,73,8],[74,0,74,8],[52,0,52,9],[53,0,53,7],[54,0,54,9],[59,0,59,8],[60,0,60,9],[63,0,63,8],[88,0,88,9],[91,0,91,8],[92,0,92,9],[95,0,95,8],[96,0,96,9],[103,0,103,8],[75,0,75,8],[76,0,76,8],[78,0,78,9],[79,0,79,7],[80,0,80,9],[87,0,87,8],[104,2,104,8],[105,0,105,8],[106,0,106,8],[107,0,107,8],[110,0,110,9],[111,0,111,7],[112,0,112,9],[119,0,119,8],[120,0,120,9],[123,0,123,8],[124,0,124,9],[137,0,137,8],[138,0,138,8],[127,0,127,8],[128,0,128,9],[135,0,135,8],[136,2,136,8],[139,0,139,8],[141,0,141,9],[142,0,142,7],[143,0,143,9],[150,0,150,8],[151,0,151,9],[154,0,154,8],[155,0,155,9],[170,0,170,8],[158,0,158,8],[159,0,159,9],[166,0,166,8],[167,2,167,8],[168,0,168,8],[169,0,169,8]]}
[" COMPOSIÇÃO DE PREÇO UNITÁRIO"]
["MOBILIZAÇÃO E DESMOBILIZAÇÃO",null,"REGIÃO:",null,null,null,"MT",null,"UNIDADE: ","R$/Tonelada/ Projeto"]
["EQUIPAMENTO"]
["DISCRIMINAÇÃO","UNIDADE","QUANT. PROD.","QUANT. IMPROD.","COD.",null,"FONTE","P.UNIT. PROD","P.UNIT. IMPR","P.TOTAL"]
[{"$nulls":9},{"$f":"C5*E5*H5+C5*G5*I5","v":0}]
["SUB-TOTAL",{"$nulls":8},{"$f":"SUM(J5:J5)","v":0}]
["MATERIAL"]
["DISCRIMINAÇÃO","UNIDADE","QUANT.",null,"COD.",null,"FONTE",null,"P.UNIT.","P.TOTAL"]
[{"$nulls":9},"Toneladas/ Projeto"]
[{"$nulls":9},{"$f":"C10*I10","v":0}]
["SUB-TOTAL",{"$nulls":8},{"$f":"SUM(J9:J10)","v":0}]
["SERVIÇOS - COMPOSIÇÕES AUXILIARES"]
["DISCRIMINAÇÃO","UNIDADE","QUANT.",null,"COD.",null,"FONTE",null,"P.UNIT.","P.TOTAL"]
["TRANSPORTE COM CAVALO MECÂNICO COM SEMIRREBOQUE COM CAPACIDADE DE 30 T - RODOVIA PAVIMENTADA","t*km",{"$f":"'CPU (DF)'!C14","v":1},null,5914640,null,"SICRO MT 01/2023",null,{"$f":"VLOOKUP(E14,[33]Sheet1!$A:$D,4,FALSE)","v":0.59},{"$f":"C14*I14","v":0.59}]
["SUB-TOTAL",{"$nulls":8},{"$f":"SUM(J14:J14)","v":0.59}]
["MÃO DE OBRA"]
["DISCRIMINAÇÃO","UNIDADE","QUANT.",{"$nulls":5},"P.UNIT.","P.TOTAL"]
[{"$nulls":9},{"$f":"C18*I18","v":0}]
["SUB-TOTAL",{"$nulls":8},{"$f":"SUM(J18:J18)","v":0}]
["PRODUÇÃO DA EQUIPE (MOB E DESMOB) EM km",{"$f":"VLOOKUP(G2,DMT!D:E,2)*2","v":800},"CUSTO ",{"$nulls":6},{"$f":"J19+J15+J11+J6","v":0.59}]
["TOTAL",{"$nulls":8},{"$f":"J20*B20","v":472}]
["BDI                %",{"$nulls":8},24.1]
["TOTAL DO SERVIÇO - R$",{"$nulls":8},{"$f":"J21*(1+J22/100)","v":585.75200000000007}]
[]
[" COMPOSIÇÃO DE PREÇO UNITÁRIO"]
["LOCAÇÃO E CONSTRUÇÃO DE TERRAÇOS - INCLUSIVE SOLOS DUROS E SECOS",{"$nulls":7},"UNIDADE: ","km"]
["EQUIPAMENTO"]
["DISCRIMINAÇÃO","UNIDADE","QUANT. PROD.","QUANT. IMPROD.","COD. P","COD. I","FONTE","CHP","CHI","P.TOTAL"]
["TRATOR DE ESTEIRAS, POTÊNCIA 125 HP, PESO OPERACIONAL 12,9 T, COM LÂMINA 2,7 M3","H",{"$f":"'CPU (DF)'!C29","v":7.0588235294117654},{"$f":"'CPU (DF)'!D29","v":2.3529411764705883},5851,5853,"SINAPI MT 06/223",{"$f":"VLOOKUP(E29,[34]planilhanull!$G$7:$K$7520,5,FALSE)","v":205.12},{"$f":"VLOOKUP(F29,[34]planilhanull!$G$7:$K$7520,5,FALSE)","v":62.36},{"$f":"C29*H29+D29*I29","v":1594.6352941176472}]
["VEÍCULO DE PASSEIO PARA DESLOCAMENTO DA EQUIPE","H",{"$f":"'CPU (DF)'!C30","v":0.93749999999999989},{"$f":"'CPU (DF)'!D30","v":1.5624999999999998},"E9093","E9093","SICRO MT 01/2023",{"$f":"VLOOKUP(E30,[35]Sheet1!$A:$K,10,FALSE)","v":33.341799999999999},{"$f":"VLOOKUP(F30,[35]Sheet1!$A:$K,11,FALSE)","v":6.3788999999999998},{"$f":"C30*H30+D30*I30","v":41.224968749999995}]
["CAMINHONETE CABINE SIMPLES COM MOTOR 1.6 FLEX, CÂMBIO MANUAL, POTÊNCIA 101/104 CV, 2 PORTAS","H",{"$f":"'CPU (DF)'!C31","v":0.5625},{"$f":"'CPU (DF)'!D31","v":0.93749999999999989},92145,92146,"SINAPI MT 06/223",{"$f":"VLOOKUP(E31,[34]planilhanull!$G$7:$K$7520,5,FALSE)","v":67.64},{"$f":"VLOOKUP(F31,[34]planilhanull!$G$7:$K$7520,5,FALSE)","v":25.95},{"$f":"C31*H31+D31*I31","v":62.375624999999999}]
["SUB-TOTAL",{"$nulls":8},{"$f":"SUM(J29:J31)","v":1698.2358878676471}]
["MATERIAL"]
["DISCRIMINAÇÃO","UNIDADE","QUANT.",null,"COD.",null,"FONTE",null,"P.UNIT.","P.TOTAL"]
[]
["SUB-TOTAL",{"$nulls":8},{"$f":"SUM(J35:J35)","v":0}]
["SERVIÇOS - COMPOSIÇÕES AUXILIARES"]
["DISCRIMINAÇÃO","UNIDADE","QUANT.",null,"COD.",null,"FONTE",null,"P.UNIT.","P.TOTAL"]
["LOCAÇÃO E NIVELAMENTO DE TERRAÇOS COM TOPOGRAFIA","KM",{"$f":"'CPU (DF)'!C39","v":1},null,"COMPOSIÇÃO",null,null,null,{"$f":"J75","v":151.75},{"$f":"C39*I39","v":151.75}]
["REVESTIMENTO VEGETAL POR SEMEADURA A LANÇO MANUAL DE GRAMÍNEAS E LEGUMINOSAS","m²",{"$f":"'CPU (DF)'!C40","v":1000},null,4413993,null,"SICRO MT 01/2023",null,{"$f":"VLOOKUP(E40,[33]Sheet1!$A:$D,4,FALSE)","v":0.61},{"$f":"C40*I40","v":610}]
["SUB-TOTAL",{"$nulls":8},{"$f":"SUM(J39:J40)","v":761.75}]
["MÃO DE OBRA"]
["DISCRIMINAÇÃO","UNIDADE","QUANT.",null,"COD. P","COD. I","FONTE",null,"P.UNIT.","P.TOTAL"]
["ENGENHEIRO COM ENCARGO","MES",{"$f":"'CPU (DF)'!C44","v":5.681818181818182E-3},null,93565,null,"SINAPI MT 06/223",null,{"$f":"VLOOKUP(E44,[34]planilhanull!$G$7:$K$7520,5,FALSE)","v":19262.419999999998},{"$f":"C44*I44","v":109.44556818181817}]
["SERVENTE COM ENCARGOS COMPLEMENTARES - INLUSIVE ABERTURA E FECHAMENTO DE CERCAS","MES",{"$f":"'CPU (DF)'!C45","v":5.3475935828877004E-2},null,101452,null,"SINAPI MT 06/223",null,{"$f":"VLOOKUP(E45,[34]planilhanull!$G$7:$K$7520,5,FALSE)","v":3451.5},{"$f":"C45*I45","v":184.57219251336898}]
["ENCARREGADO COM ENCARGO","MES",{"$f":"'CPU (DF)'!C46","v":1.7045454545454544E-2},null,93572,null,"SINAPI MT 06/223",null,{"$f":"VLOOKUP(E46,[34]planilhanull!$G$7:$K$7520,5,FALSE)","v":4970.1899999999996},{"$f":"C46*I46","v":84.719147727272713}]
["SUB-TOTAL",{"$nulls":8},{"$f":"SUM(J44:J46)","v":378.73690842245981}]
["PRODUÇÃO DA EQUIPE MÊS 22 KM, MAS COM FATOR DE REDUÇÃO PARA PÉRIODOS COM CHUVAS ",{"$f":"'CPU (DF)'!B48","v":18.7},"CUSTO ",{"$nulls":6},{"$f":"J47+J41+J36+J32","v":2838.722796290107}]
["TOTAL",{"$nulls":8},{"$f":"ROUND(J48,2)","v":2838.72}]
["BDI                %",{"$nulls":8},24.1]
["TOTAL DO SERVIÇO - R$",{"$nulls":8},{"$f":"ROUND(J49*(1+J50/100),2)","v":3522.85}]
[]
[" COMPOSIÇÃO DE PREÇO UNITÁRIO"]
["LOCAÇÃO E NIVELAMENTO DE TERRAÇOS COM TOPOGRAFIA",{"$nulls":7},"UNIDADE: ","km"]
["EQUIPAMENTO"]
["DISCRIMINAÇÃO","UNIDADE","QUANT. PROD.","QUANT. IMPROD.","COD. P","COD. I","FONTE","CHP/ P.UNIT.","CHI","P.TOTAL"]
["NIVEL OPTICO, COM PRECISAO DE 0,7 MM, AUMENTO DE 32X","H",{"$f":"'CPU (DF)'!C57","v":0.99609374999999989},null,7252,null,"SINAPI MT 06/223",{"$f":"VLOOKUP(E57,[36]sheet1!$A$1:$E$65536,5,FALSE)","v":2.25},null,{"$f":"C57*H57+D57*I57","v":2.2412109374999996}]
["TEODOLITO ELETRONICO, PRECISAO ANGULAR DE 5 A 7 SEGUNDOS, INCLUINDO TRIPE","H",{"$f":"'CPU (DF)'!C58","v":0.99609374999999989},null,7247,null,"SINAPI MT 06/223",{"$f":"VLOOKUP(E58,[36]sheet1!$A$1:$E$65536,5,FALSE)","v":2.25},null,{"$f":"C58*H58+D58*I58","v":2.2412109374999996}]
["CAMINHONETE CABINE SIMPLES COM MOTOR 1.6 FLEX, CÂMBIO MANUAL, POTÊNCIA 101/104 CV, 2 PORTAS","H",{"$f":"'CPU (DF)'!C59","v":0.37353515624999994},{"$f":"'CPU (DF)'!D59","v":0.62255859375},92145,92146,"SINAPI MT 06/223",{"$f":"H31","v":67.64},{"$f":"I31","v":25.95},{"$f":"C59*H59+D59*I59","v":41.421313476562496}]
["SUB-TOTAL",{"$nulls":8},{"$f":"SUM(J57:J59)","v":45.903735351562496}]
["MATERIAL"]
["DISCRIMINAÇÃO","UNIDADE","QUANT.",null,"COD.",null,null,null,"P.UNIT.","P.TOTAL"]
["ESTACA/PIQUETE DE MADEIRA","U",{"$f":"'CPU (DF)'!C63","v":83.333333333333329},null,4408,null,"SINAPI MT 06/223",null,{"$f":"VLOOKUP(E63,[36]sheet1!$A$1:$E$65536,5,FALSE)*0.4","v":0.89200000000000002},{"$f":"C63*I63","v":74.333333333333329}]
["SUB-TOTAL",{"$nulls":8},{"$f":"SUM(J63:J63)","v":74.333333333333329}]
["SERVIÇOS - COMPOSIÇÕES AUXILIARES"]
["DISCRIMINAÇÃO","UNIDADE","QUANT.",{"$nulls":5},"P.UNIT.","P.TOTAL"]
[]
["SUB-TOTAL"]
["MÃO DE OBRA"]
["DISCRIMINAÇÃO","UNIDADE","QUANT.",null,"COD. P","COD. I",null,null,"P.UNIT.","P.TOTAL"]
["AUXILIAR DE TOPOGRÁFO COM ENCARGOS","MÊS",{"$f":"'CPU (DF)'!C71","v":5.6596235795454541E-3},null,101389,null,"SINAPI MT 06/223",null,{"$f":"VLOOKUP(E71,[34]planilhanull!$G$7:$K$7520,5,FALSE)","v":1868.57},{"$f":"C71*I71","v":10.575402832031248}]
["TOPOGRAFO COM ENCARGOS","MÊS",{"$f":"'CPU (DF)'!C72","v":5.6596235795454541E-3},null,94296,null,"SINAPI MT 06/223",null,{"$f":"VLOOKUP(E72,[34]planilhanull!$G$7:$K$7520,5,FALSE)","v":3699.55},{"$f":"C72*I72","v":20.938060413707387}]
["SUB-TOTAL",{"$nulls":8},{"$f":"SUM(J71:J72)","v":31.513463245738635}]
["PRODUÇÃO MENSAL DA EQUIPE",{"$f":"'CPU (DF)'!B74","v":46.93333333333333},"CUSTO ",{"$nulls":6},{"$f":"J73+J68+J64+J60","v":151.75053193063445}]
["TOTAL",{"$nulls":8},{"$f":"ROUND(J74,2)","v":151.75}]
["BDI                %",{"$nulls":8},24.1]
["TOTAL DO SERVIÇO - R$",{"$nulls":8},{"$f":"ROUND(J75*(1+J76/100),2)","v":188.32}]
[]
[" COMPOSIÇÃO DE PREÇO UNITÁRIO"]
["LOCAÇÃO E CONSTRUÇÃO DE BACIAS DE CAPTAÇÃO DE ENXURRADA (4 METROS DE RAIO)",{"$nulls":7},"UNIDADE: ","UNID."]
["EQUIPAMENTO"]
["DISCRIMINAÇÃO","UNIDADE","QUANT. PROD.","QUANT. IMPROD.","COD. P","COD. I","FONTE","CHP/ P.UNIT.","CHI","P.TOTAL"]
["NIVEL OPTICO, COM PRECISAO DE 0,7 MM, AUMENTO DE 32X","H",{"$f":"'CPU (DF)'!C83","v":0.59999999999999987},null,7252,null,"SINAPI MT 06/223",{"$f":"$H$57","v":2.25},null,{"$f":"C83*H83+D83*I83","v":1.3499999999999996}]
["TEODOLITO ELETRONICO, PRECISAO ANGULAR DE 5 A 7 SEGUNDOS, INCLUINDO TRIPE","H",{"$f":"'CPU (DF)'!C84","v":0.59999999999999987},null,7247,null,"SINAPI MT 06/223",{"$f":"$H$58","v":2.25},null,{"$f":"C84*H84+D84*I84","v":1.3499999999999996}]
["PÁ CARREGADEIRA SOBRE RODAS, POTÊNCIA LÍQUIDA 128 HP, CAPACIDADE DA CAÇAMBA 1,7 A 2,8 M³","H",{"$f":"'CPU (DF)'!C85","v":0.77795298165137616},{"$f":"'CPU (DF)'!D85","v":0.25931766055045874},5940,5942,"SINAPI MT 06/223",{"$f":"VLOOKUP(E85,[34]planilhanull!$G$7:$K$7520,5,FALSE)","v":160.38},{"$f":"VLOOKUP(F85,[34]planilhanull!$G$7:$K$7520,5,FALSE)","v":59.46},{"$f":"C85*H85+D85*I85","v":140.18712729357799}]
["VEÍCULO DE PASSEIO PARA DESLOCAMENTO DA EQUIPE","H",{"$f":"'CPU (DF)'!C86","v":0.23437500000000003},{"$f":"'CPU (DF)'!D86","v":0.39062500000000006},"E9093",null,"SICRO MT 01/2023",{"$f":"$H$30","v":33.341799999999999},{"$f":"$I$30","v":6.3788999999999998},{"$f":"C86*H86+D86*I86","v":10.306242187500001}]
["CAMINHONETE CABINE SIMPLES COM MOTOR 1.6 FLEX, CÂMBIO MANUAL, POTÊNCIA 101/104 CV, 2 PORTAS","H",{"$f":"'CPU (DF)'!C87","v":0.60937499999999989},{"$f":"'CPU (DF)'!D87","v":0.36562499999999998},92145,92146,"SINAPI MT 06/223",{"$f":"$H$31","v":67.64},{"$f":"$I$31","v":25.95},{"$f":"C87*H87+D87*I87","v":50.706093749999994}]
["SUB-TOTAL",{"$nulls":8},{"$f":"SUM(J83:J87)","v":203.89946323107796}]
["MATERIAL"]
["DISCRIMINAÇÃO","UNIDADE","QUANT.",null,"COD.",null,null,null,"P.UNIT.","P.TOTAL"]
["ESTACA/PIQUETE DE MADEIRA","U",{"$f":"'CPU (DF)'!C91","v":12},null,4408,null,"SINAPI MT 06/223",null,{"$f":"$I$63","v":0.89200000000000002},{"$f":"C91*I91","v":10.704000000000001}]
["SUB-TOTAL",{"$nulls":8},{"$f":"SUM(J91:J91)","v":10.704000000000001}]
["SERVIÇOS - COMPOSIÇÕES AUXILIARES"]
["DISCRIMINAÇÃO","UNIDADE","QUANT.",{"$nulls":5},"P.UNIT.","P.TOTAL"]
["REVESTIMENTO VEGETAL POR SEMEADURA A LANÇO MANUAL DE GRAMÍNEAS E LEGUMINOSAS","m²",{"$f":"'CPU (DF)'!C95","v":50.26548245743669},null,4413993,null,"SICRO MT 01/2023",null,{"$f":"VLOOKUP(E95,[33]Sheet1!$A:$D,4,FALSE)","v":0.61},{"$f":"C95*I95","v":30.661944299036382}]
["SUB-TOTAL",{"$nulls":8},{"$f":"SUM(J95:J95)","v":30.661944299036382}]
["MÃO DE OBRA"]
["DISCRIMINAÇÃO","UNIDADE","QUANT.",null,"COD. P","COD. I",null,null,"P.UNIT.","P.TOTAL"]
["ENGENHEIRO COM ENCARGO","MÊS",{"$f":"'CPU (DF)'!C99","v":1.4204545454545455E-3},null,93565,null,"SINAPI MT 06/223",null,{"$f":"$I$44","v":19262.419999999998},{"$f":"C99*I99","v":27.361392045454544}]
["ENCARREGADO COM ENCARGO","MÊS",{"$f":"'CPU (DF)'!C100","v":4.2613636363636369E-3},null,93572,null,"SINAPI MT 06/223",null,{"$f":"$I$46","v":4970.1899999999996},{"$f":"C100*I100","v":21.179786931818182}]
["TOPOGRAFO COM ENCARGOS","MÊS",{"$f":"'CPU (DF)'!C101","v":3.4090909090909085E-3},null,94296,null,"SINAPI MT 06/223",null,{"$f":"$I$72","v":3699.55},{"$f":"C101*I101","v":12.61210227272727}]
["AUXILIAR DE TOPOGRÁFO COM ENCARGOS","MÊS",{"$f":"'CPU (DF)'!C102","v":3.4090909090909085E-3},null,101389,null,"SINAPI MT 06/223",null,{"$f":"$I$71","v":1868.57},{"$f":"C102*I102","v":6.3701249999999989}]
["SERVENTE COM ENCARGOS COMPLEMENTARES - INLUSIVE ABERTURA E FECHAMENTO DE CERCAS","MES",{"$f":"'CPU (DF)'!C103","v":5.893583194328607E-3},null,101452,null,"SINAPI MT 06/223",null,{"$f":"$I$45","v":3451.5},{"$f":"C103*I103","v":20.341702395225187}]
["SUB-TOTAL",{"$nulls":8},{"$f":"SUM(J99:J103)","v":87.865108645225177}]
["PRODUÇÃO MENSAL DA EQUIPE",{"$f":"'CPU (DF)'!B105","v":169.67606412382531},"CUSTO ",{"$nulls":6},{"$f":"J104+J96+J92+J88","v":333.13051617533949}]
["TOTAL",{"$nulls":8},{"$f":"ROUND(J105,2)","v":333.13}]
["BDI                %",{"$nulls":8},24.1]
["TOTAL DO SERVIÇO - R$",{"$nulls":8},{"$f":"ROUND(J106*(1+J107/100),2)","v":413.41}]
[]
[]
[" COMPOSIÇÃO DE PREÇO UNITÁRIO"]
["LOCAÇÃO E CONSTRUÇÃO DE BACIAS DE CAPTAÇÃO DE ENXURRADA (6 METROS DE RAIO)",{"$nulls":7},"UNIDADE: ","UNID."]
["EQUIPAMENTO"]
["DISCRIMINAÇÃO","UNIDADE","QUANT. PROD.","QUANT. IMPROD.","COD. P","COD. I","FONTE","CHP/ P.UNIT.","CHI","P.TOTAL"]
["NIVEL OPTICO, COM PRECISAO DE 0,7 MM, AUMENTO DE 32X","H",{"$f":"'CPU (DF)'!C115","v":0.59999999999999987},null,7252,null,"SINAPI MT 06/223",{"$f":"$H$57","v":2.25},null,{"$f":"C115*H115+D115*I115","v":1.3499999999999996}]
["TEODOLITO ELETRONICO, PRECISAO ANGULAR DE 5 A 7 SEGUNDOS, INCLUINDO TRIPE","H",{"$f":"'CPU (DF)'!C116","v":0.59999999999999987},null,7247,null,"SINAPI MT 06/223",{"$f":"$H$58","v":2.25},null,{"$f":"C116*H116+D116*I116","v":1.3499999999999996}]
["PÁ CARREGADEIRA SOBRE RODAS, POTÊNCIA LÍQUIDA 128 HP, CAPACIDADE DA CAÇAMBA 1,7 A 2,8 M³","H",{"$f":"'CPU (DF)'!C117","v":1.5361668577981655},{"$f":"'CPU (DF)'!D117","v":0.51205561926605514},5940,5942,"SINAPI MT 06/223",{"$f":"$H$85","v":160.38},{"$f":"$I$85","v":59.46},{"$f":"C117*H117+D117*I117","v":276.81726777522942}]
["VEÍCULO DE PASSEIO PARA DESLOCAMENTO DA EQUIPE","H",{"$f":"'CPU (DF)'!C118","v":0.25},{"$f":"'CPU (DF)'!D118","v":0.41666666666666669},"E9093",null,"SICRO MT 01/2023",{"$f":"$H$30","v":33.341799999999999},{"$f":"$I$30","v":6.3788999999999998},{"$f":"C118*H118+D118*I118","v":10.993325}]
["CAMINHONETE CABINE SIMPLES COM MOTOR 1.6 FLEX, CÂMBIO MANUAL, POTÊNCIA 101/104 CV, 2 PORTAS","H",{"$f":"'CPU (DF)'!C119","v":0.62499999999999989},{"$f":"'CPU (DF)'!D119","v":0.375},92145,92146,"SINAPI MT 06/223",{"$f":"$H$31","v":67.64},{"$f":"$I$31","v":25.95},{"$f":"C119*H119+D119*I119","v":52.006249999999994}]
["SUB-TOTAL",{"$nulls":8},{"$f":"SUM(J115:J119)","v":342.51684277522941}]
["MATERIAL"]
["DISCRIMINAÇÃO","UNIDADE","QUANT.",null,"COD.",null,null,null,"P.UNIT.","P.TOTAL"]
["ESTACA/PIQUETE DE MADEIRA","U",{"$f":"'CPU (DF)'!C123","v":12},null,4408,null,"SINAPI MT 06/223",null,{"$f":"$I$63","v":0.89200000000000002},{"$f":"C123*I123","v":10.704000000000001}]
["SUB-TOTAL",{"$nulls":8},{"$f":"SUM(J123:J123)","v":10.704000000000001}]
["SERVIÇOS - COMPOSIÇÕES AUXILIARES"]
["DISCRIMINAÇÃO","UNIDADE","QUANT.",{"$nulls":5},"P.UNIT.","P.TOTAL"]
["REVESTIMENTO VEGETAL POR SEMEADURA A LANÇO MANUAL DE GRAMÍNEAS E LEGUMINOSAS","m²",{"$f":"'CPU (DF)'!C127","v":94.247779607693786},null,4413993,null,"SICRO MT 01/2023",null,{"$f":"VLOOKUP(E127,[33]Sheet1!$A:$D,4,FALSE)","v":0.61},{"$f":"C127*I127","v":57.491145560693205}]
["SUB-TOTAL",{"$nulls":8},{"$f":"SUM(J127:J127)","v":57.491145560693205}]
["MÃO DE OBRA"]
["DISCRIMINAÇÃO","UNIDADE","QUANT.",null,"COD. P","COD. I",null,null,"P.UNIT.","P.TOTAL"]
["ENGENHEIRO COM ENCARGO","MÊS",{"$f":"'CPU (DF)'!C131","v":1.5151515151515152E-3},null,93565,null,"SINAPI MT 06/223",null,{"$f":"$I$44","v":19262.419999999998},{"$f":"C131*I131","v":29.185484848484847}]
["ENCARREGADO COM ENCARGO","MÊS",{"$f":"'CPU (DF)'!C132","v":4.5454545454545452E-3},null,93572,null,"SINAPI MT 06/223",null,{"$f":"$I$46","v":4970.1899999999996},{"$f":"C132*I132","v":22.591772727272723}]
["TOPOGRAFO COM ENCARGOS","MÊS",{"$f":"'CPU (DF)'!C133","v":3.4090909090909085E-3},null,94296,null,"SINAPI MT 06/223",null,{"$f":"$I$72","v":3699.55},{"$f":"C133*I133","v":12.61210227272727}]
["AUXILIAR DE TOPOGRÁFO COM ENCARGOS","MÊS",{"$f":"'CPU (DF)'!C134","v":3.4090909090909085E-3},null,101389,null,"SINAPI MT 06/223",null,{"$f":"$I$71","v":1868.57},{"$f":"C134*I134","v":6.3701249999999989}]
["SERVENTE COM ENCARGOS COMPLEMENTARES - INLUSIVE ABERTURA E FECHAMENTO DE CERCAS","MES",{"$f":"'CPU (DF)'!C135","v":1.1637627710592161E-2},null,101452,null,"SINAPI MT 06/223",null,{"$f":"$I$45","v":3451.5},{"$f":"C135*I135","v":40.167272043108845}]
["SUB-TOTAL",{"$nulls":8},{"$f":"SUM(J131:J135)","v":110.9267568915937}]
["PRODUÇÃO MENSAL DA EQUIPE",{"$f":"'CPU (DF)'!B137","v":85.928165504885072},"CUSTO ",{"$nulls":6},{"$f":"J136+J128+J124+J120","v":521.63874522751632}]
["TOTAL",{"$nulls":8},{"$f":"ROUND(J137,2)","v":521.64}]
["BDI                %",{"$nulls":8},24.1]
["TOTAL DO SERVIÇO - R$",{"$nulls":8},{"$f":"ROUND(J138*(1+J139/100),2)","v":647.36}]
[]
[" COMPOSIÇÃO DE PREÇO UNITÁRIO"]
["LOCAÇÃO E CONSTRUÇÃO DE BACIAS DE CAPTAÇÃO DE ENXURRADA (9 METROS DE RAIO)",{"$nulls":7},"UNIDADE: ","UNID."]
["EQUIPAMENTO"]
["DISCRIMINAÇÃO","UNIDADE","QUANT. PROD.","QUANT. IMPROD.","COD. P","COD. I","FONTE","CHP/ P.UNIT.","CHI","P.TOTAL"]
["NIVEL OPTICO, COM PRECISAO DE 0,7 MM, AUMENTO DE 32X","H",{"$f":"'CPU (DF)'!C146","v":0.65},null,7252,null,"SINAPI MT 06/223",{"$f":"$H$57","v":2.25},null,{"$f":"C146*H146+D146*I146","v":1.4625000000000001}]
["TEODOLITO ELETRONICO, PRECISAO ANGULAR DE 5 A 7 SEGUNDOS, INCLUINDO TRIPE","H",{"$f":"'CPU (DF)'!C147","v":0.65},null,7247,null,"SINAPI MT 06/223",{"$f":"$H$58","v":2.25},null,{"$f":"C147*H147+D147*I147","v":1.4625000000000001}]
["PÁ CARREGADEIRA SOBRE RODAS, POTÊNCIA LÍQUIDA 128 HP, CAPACIDADE DA CAÇAMBA 1,7 A 2,8 M³","H",{"$f":"'CPU (DF)'!C148","v":3.7389908256880737},{"$f":"'CPU (DF)'!D148","v":1.2463302752293579},5940,5942,"SINAPI MT 06/223",{"$f":"$H$85","v":160.38},{"$f":"$I$85","v":59.46},{"$f":"C148*H148+D148*I148","v":673.76614678899091}]
["VEÍCULO DE PASSEIO PARA DESLOCAMENTO DA EQUIPE","H",{"$f":"'CPU (DF)'!C149","v":0.265625},{"$f":"'CPU (DF)'!D149","v":0.44270833333333331},"E9093",null,"SICRO MT 01/2023",{"$f":"$H$30","v":33.341799999999999},{"$f":"$I$30","v":6.3788999999999998},{"$f":"C149*H149+D149*I149","v":11.6804078125}]
["CAMINHONETE CABINE SIMPLES COM MOTOR 1.6 FLEX, CÂMBIO MANUAL, POTÊNCIA 101/104 CV, 2 PORTAS","H",{"$f":"'CPU (DF)'!C150","v":0.671875},{"$f":"'CPU (DF)'!D150","v":0.40312500000000007},92145,92146,"SINAPI MT 06/223",{"$f":"$H$31","v":67.64},{"$f":"$I$31","v":25.95},{"$f":"C150*H150+D150*I150","v":55.906718750000003}]
["SUB-TOTAL",{"$nulls":8},{"$f":"SUM(J146:J150)","v":744.27827335149084}]
["MATERIAL"]
["DISCRIMINAÇÃO","UNIDADE","QUANT.",null,"COD.",null,null,null,"P.UNIT.","P.TOTAL"]
["ESTACA/PIQUETE DE MADEIRA","U",{"$f":"'CPU (DF)'!C154","v":12},null,4408,null,"SINAPI MT 06/223",null,{"$f":"$I$63","v":0.89200000000000002},{"$f":"C154*I154","v":10.704000000000001}]
["SUB-TOTAL",{"$nulls":8},{"$f":"SUM(J154:J154)","v":10.704000000000001}]
["SERVIÇOS - COMPOSIÇÕES AUXILIARES"]
["DISCRIMINAÇÃO","UNIDADE","QUANT.",{"$nulls":5},"P.UNIT.","P.TOTAL"]
["REVESTIMENTO VEGETAL POR SEMEADURA A LANÇO MANUAL DE GRAMÍNEAS E LEGUMINOSAS","m²",{"$f":"'CPU (DF)'!C158","v":169.64600329384882},null,4413993,null,"SICRO MT 01/2023",null,{"$f":"VLOOKUP(E158,[33]Sheet1!$A:$D,4,FALSE)","v":0.61},{"$f":"C158*I158","v":103.48406200924778}]
["SUB-TOTAL",{"$nulls":8},{"$f":"SUM(J158:J158)","v":103.48406200924778}]
["MÃO DE OBRA"]
["DISCRIMINAÇÃO","UNIDADE","QUANT.",null,"COD. P","COD. I",null,null,"P.UNIT.","P.TOTAL"]
["ENGENHEIRO COM ENCARGO","MÊS",{"$f":"'CPU (DF)'!C162","v":1.6098484848484848E-3},null,93565,null,"SINAPI MT 06/223",null,{"$f":"$I$44","v":19262.419999999998},{"$f":"C162*I162","v":31.009577651515148}]
["ENCARREGADO COM ENCARGO","MÊS",{"$f":"'CPU (DF)'!C163","v":4.8295454545454544E-3},null,93572,null,"SINAPI MT 06/223",null,{"$f":"$I$46","v":4970.1899999999996},{"$f":"C163*I163","v":24.003758522727271}]
["TOPOGRAFO COM ENCARGOS","MÊS",{"$f":"'CPU (DF)'!C164","v":3.6931818181818185E-3},null,94296,null,"SINAPI MT 06/223",null,{"$f":"$I$72","v":3699.55},{"$f":"C164*I164","v":13.663110795454548}]
["AUXILIAR DE TOPOGRÁFO COM ENCARGOS","MÊS",{"$f":"'CPU (DF)'!C165","v":3.6931818181818185E-3},null,101389,null,"SINAPI MT 06/223",null,{"$f":"$I$71","v":1868.57},{"$f":"C165*I165","v":6.9009687500000005}]
["SERVENTE COM ENCARGOS COMPLEMENTARES - INLUSIVE ABERTURA E FECHAMENTO DE CERCAS","MES",{"$f":"'CPU (DF)'!C166","v":2.83256880733945E-2},null,101452,null,"SINAPI MT 06/223",null,{"$f":"$I$45","v":3451.5},{"$f":"C166*I166","v":97.766112385321122}]
["SUB-TOTAL",{"$nulls":8},{"$f":"SUM(J162:J166)","v":173.34352810501809}]
["PRODUÇÃO MENSAL DA EQUIPE",{"$f":"'CPU (DF)'!B168","v":35.30364372469635},"CUSTO ",{"$nulls":6},{"$f":"J167+J159+J155+J151","v":1031.8098634657567}]
["TOTAL",{"$nulls":8},{"$f":"ROUND(J168,2)","v":1031.81}]
["BDI                %",{"$nulls":8},24.1]
["TOTAL DO SERVIÇO - R$",{"$nulls":8},{"$f":"ROUND(J169*(1+J170/100),2)","v":1280.48}]
[]
[]
[" COMPOSIÇÃO DE PREÇO UNITÁRIO"]
["LOCAÇÃO E CONSTRUÇÃO DE BACIAS DE CAPTAÇÃO DE ENXURRADA (12 METROS DE RAIO)",{"$nulls":7},"UNIDADE: ","UNID."]
["EQUIPAMENTO"]
["DISCRIMINAÇÃO","UNIDADE","QUANT. PROD.","QUANT. IMPROD.","COD. P","COD. I","FONTE","CHP/ P.UNIT.","CHI","P.TOTAL"]
["NIVEL OPTICO, COM PRECISAO DE 0,7 MM, AUMENTO DE 32X","H",{"$f":"'CPU (DF)'!C178","v":0.65},null,7252,null,"SINAPI MT 06/223",{"$f":"$H$57","v":2.25},null,{"$f":"C178*H178+D178*I178","v":1.4625000000000001}]
["TEODOLITO ELETRONICO, PRECISAO ANGULAR DE 5 A 7 SEGUNDOS, INCLUINDO TRIPE","H",{"$f":"'CPU (DF)'!C179","v":0.65},null,7247,null,"SINAPI MT 06/223",{"$f":"$H$58","v":2.25},null,{"$f":"C179*H179+D179*I179","v":1.4625000000000001}]
["PÁ CARREGADEIRA SOBRE RODAS, POTÊNCIA LÍQUIDA 128 HP, CAPACIDADE DA CAÇAMBA 1,7 A 2,8 M³","H",{"$f":"'CPU (DF)'!C180","v":6},{"$f":"'CPU (DF)'!D180","v":2},5940,5942,"SINAPI MT 06/223",{"$f":"$H$85","v":160.38},{"$f":"$I$85","v":59.46},{"$f":"C180*H180+D180*I180","v":1081.2}]
["VEÍCULO DE PASSEIO PARA DESLOCAMENTO DA EQUIPE","H",{"$f":"'CPU (DF)'!C181","v":0.28125},{"$f":"'CPU (DF)'!D181","v":0.46874999999999994},"E9093",null,"SICRO MT 01/2023",{"$f":"$H$30","v":33.341799999999999},{"$f":"$I$30","v":6.3788999999999998},{"$f":"C181*H181+D181*I181","v":12.367490624999999}]
["CAMINHONETE CABINE SIMPLES COM MOTOR 1.6 FLEX, CÂMBIO MANUAL, POTÊNCIA 101/104 CV, 2 PORTAS","H",{"$f":"'CPU (DF)'!C182","v":0.6875},{"$f":"'CPU (DF)'!D182","v":0.41250000000000009},92145,92146,"SINAPI MT 06/223",{"$f":"$H$31","v":67.64},{"$f":"$I$31","v":25.95},{"$f":"C182*H182+D182*I182","v":57.206874999999997}]
["SUB-TOTAL",{"$nulls":8},{"$f":"SUM(J178:J182)","v":1153.6993656250002}]
["MATERIAL"]
["DISCRIMINAÇÃO","UNIDADE","QUANT.",null,"COD.",null,null,null,"P.UNIT.","P.TOTAL"]
["ESTACA/PIQUETE DE MADEIRA","U",{"$f":"'CPU (DF)'!C186","v":16},null,4408,null,"SINAPI MT 06/223",null,{"$f":"$I$63","v":0.89200000000000002},{"$f":"C186*I186","v":14.272}]
["SUB-TOTAL",{"$nulls":8},{"$f":"SUM(J186:J186)","v":14.272}]
["SERVIÇOS - COMPOSIÇÕES AUXILIARES"]
["DISCRIMINAÇÃO","UNIDADE","QUANT.",{"$nulls":5},"P.UNIT.","P.TOTAL"]
["REVESTIMENTO VEGETAL POR SEMEADURA A LANÇO MANUAL DE GRAMÍNEAS E LEGUMINOSAS","m²",{"$f":"'CPU (DF)'!C190","v":263.89378290154264},null,4413993,null,"SICRO MT 01/2023",null,{"$f":"VLOOKUP(E190,[33]Sheet1!$A:$D,4,FALSE)","v":0.61},{"$f":"C190*I190","v":160.97520756994101}]
["SUB-TOTAL",{"$nulls":8},{"$f":"SUM(J190:J190)","v":160.97520756994101}]
["MÃO DE OBRA"]
["DISCRIMINAÇÃO","UNIDADE","QUANT.",null,"COD. P","COD. I",null,null,"P.UNIT.","P.TOTAL"]
["ENGENHEIRO COM ENCARGO","MES",{"$f":"'CPU (DF)'!C194","v":1.7045454545454545E-3},null,93565,null,"SINAPI MT 06/223",null,{"$f":"$I$44","v":19262.419999999998},{"$f":"C194*I194","v":32.833670454545448}]
["ENCARREGADO COM ENCARGO","MES",{"$f":"'CPU (DF)'!C195","v":5.1136363636363636E-3},null,93572,null,"SINAPI MT 06/223",null,{"$f":"$I$46","v":4970.1899999999996},{"$f":"C195*I195","v":25.415744318181815}]
["TOPOGRAFO COM ENCARGOS","MÊS",{"$f":"'CPU (DF)'!C196","v":3.6931818181818181E-3},null,94296,null,"SINAPI MT 06/223",null,{"$f":"$I$72","v":3699.55},{"$f":"C196*I196","v":13.663110795454546}]
["AUXILIAR DE TOPOGRÁFO COM ENCARGOS","MÊS",{"$f":"'CPU (DF)'!C197","v":3.6931818181818181E-3},null,101389,null,"SINAPI MT 06/223",null,{"$f":"$I$71","v":1868.57},{"$f":"C197*I197","v":6.9009687499999997}]
["SERVENTE COM ENCARGOS COMPLEMENTARES - INLUSIVE ABERTURA E FECHAMENTO DE CERCAS","MES",{"$f":"'CPU (DF)'!C198","v":4.5454545454545456E-2},null,101452,null,"SINAPI MT 06/223",null,{"$f":"$I$45","v":3451.5},{"$f":"C198*I198","v":156.88636363636365}]
["SUB-TOTAL",{"$nulls":8},{"$f":"SUM(J194:J198)","v":235.69985795454545}]
["PRODUÇÃO DA EQUIPE ",{"$f":"'CPU (DF)'!B200","v":22},"CUSTO ",{"$nulls":6},{"$f":"J199+J191+J187+J183","v":1564.6464311494865}]
["TOTAL",{"$nulls":8},{"$f":"ROUND(J200,2)","v":1564.65}]
["BDI                %",{"$nulls":8},24.1]
["TOTAL DO SERVIÇO - R$",{"$nulls":8},{"$f":"ROUND(J201*(1+J202/100),2)","v":1941.73}]
[]
[" COMPOSIÇÃO DE PREÇO UNITÁRIO"]
["CERCAMENTO DE ÁREAS AMBIENTALMENTE VULNERÁVEIS À CAPRINOVINOCULTURA",{"$nulls":7},"UNIDADE: ","m"]
["EQUIPAMENTO"]
["DISCRIMINAÇÃO","UNIDADE","QUANT. PROD.","QUANT. IMPROD.","COD. P","COD. I","FONTE",null,"P.UNIT.","P.TOTAL"]
["NIVEL OPTICO, COM PRECISAO DE 0,7 MM, AUMENTO DE 32X","h",{"$f":"'CPU (DF)'!C209","v":5.000000000000001E-2},null,7252,null,"SINAPI MT 06/223",{"$f":"H178","v":2.25},null,{"$f":"C209*H209+D209*I209","v":0.11250000000000002}]
["TEODOLITO ELETRONICO, PRECISAO ANGULAR DE 5 A 7 SEGUNDOS, INCLUINDO TRIPE","h",{"$f":"'CPU (DF)'!C210","v":5.000000000000001E-2},null,7247,null,"SINAPI MT 06/223",{"$f":"H179","v":2.25},null,{"$f":"C210*H210+D210*I210","v":0.11250000000000002}]
["VEÍCULO DE PASSEIO PARA DESLOCAMENTO DA EQUIPE","h",{"$f":"'CPU (DF)'!C211","v":1.8382352941176468E-2},{"$f":"'CPU (DF)'!D211","v":3.063725490196078E-2},"E9093","E9093","SICRO MT 01/2023",{"$f":"H30","v":33.341799999999999},{"$f":"I30","v":6.3788999999999998},{"$f":"C211*H211+D211*I211","v":0.80833272058823513}]
["CAMINHONETE CABINE SIMPLES COM MOTOR 1.6 FLEX, CÂMBIO MANUAL, POTÊNCIA 101/104 CV, 2 PORTAS","h",{"$f":"'CPU (DF)'!C212","v":2.9779411764705884E-2},{"$f":"'CPU (DF)'!D212","v":4.9632352941176468E-2},92145,92146,"SINAPI MT 06/223",{"$f":"H31","v":67.64},{"$f":"I31","v":25.95},{"$f":"C212*H212+D212*I212","v":3.3022389705882356}]
["SUB-TOTAL",{"$nulls":8},{"$f":"SUM(J209:J212)","v":4.3355716911764706}]
["MATERIAL"]
["DISCRIMINAÇÃO","UNIDADE","QUANT.",null,"COD. P","COD. I","FONTE",null,"P.UNIT.","P.TOTAL"]
["MOURAO ROLICO DE MADEIRA TRATADA, D = 16 A 20 CM, H = 3,0 M, EM EUCALIPTO OU EQUIVALENTE DA REGIAO (PARA CERCA)","m",{"$f":"'CPU (DF)'!C216","v":0.12},null,4491,null,"SINAPI MT 06/223",null,{"$f":"I252","v":39.93},{"$f":"ROUND((I216*C216),2)","v":4.79}]
["MOURAO ROLICO DE MADEIRA TRATADA, D  ≥ 10 CM, H = 2,20 M, EM EUCALIPTO OU EQUIVALENTE DA REGIAO (PARA CERCA)","m",{"$f":"'CPU (DF)'!C217","v":0.52},null,21138,null,"SINAPI MT 06/223",null,{"$f":"I253","v":12.66},{"$f":"ROUND((I217*C217),2)","v":6.58}]
["ARAME FARPADO GALVANIZADO, 16 BWG (1,65 MM), CLASSE 250","m",{"$f":"'CPU (DF)'!C218","v":8},null,340,null,"SINAPI MT 06/223",null,{"$f":"I254","v":1.37},{"$f":"ROUND((I218*C218),2)","v":10.96}]
["GRAMPO DE ACO POLIDO 1 \" X 9","kg",{"$f":"'CPU (DF)'!C219","v":0.04},null,5076,null,"SINAPI MT 06/223",null,{"$f":"I255","v":25.69},{"$f":"ROUND((I219*C219),2)","v":1.03}]
["ESTACA/PIQUETE DE MADEIRA","U",{"$f":"'CPU (DF)'!C220","v":0.05},null,4408,null,"SINAPI MT 06/223",null,{"$f":"I63","v":0.89200000000000002},{"$f":"C220*I220","v":4.4600000000000001E-2}]
["SUB-TOTAL",{"$nulls":8},{"$f":"SUM(J216:J220)","v":23.404600000000002}]
["SERVIÇOS - COMPOSIÇÕES AUXILIARES"]
["DISCRIMINAÇÃO","UNIDADE","QUANT.",null,"COD.",null,"FONTE",null,"P.UNIT.","P.TOTAL"]
[]
["SUB-TOTAL",{"$nulls":8},{"$f":"J224","v":0}]
["MÃO DE OBRA"]
["DISCRIMINAÇÃO","UNIDADE","QUANT.",null,"COD. P","COD. I","FONTE",null,"P.UNIT.","P.TOTAL"]
["ENGENHEIRO COM ENCARGO","mês",{"$f":"'CPU (DF)'!C228","v":1.1140819964349375E-4},null,93565,null,"SINAPI MT 06/223",null,{"$f":"I194","v":19262.419999999998},{"$f":"C228*I228","v":2.1459915329768267}]
["ENCARREGADO COM ENCARGO","mês",{"$f":"'CPU (DF)'!C229","v":3.3422459893048126E-4},null,93572,null,"SINAPI MT 06/223",null,{"$f":"I195","v":4970.1899999999996},{"$f":"C229*I229","v":1.6611597593582885}]
["TOPOGRAFO COM ENCARGOS","mês",{"$f":"'CPU (DF)'!C230","v":2.8409090909090913E-4},null,94296,null,"SINAPI MT 06/223",null,{"$f":"I196","v":3699.55},{"$f":"C230*I230","v":1.051008522727273}]
["AUXILIAR DE TOPOGRÁFO COM ENCARGOS","mês",{"$f":"'CPU (DF)'!C231","v":2.8409090909090913E-4},null,101389,null,"SINAPI MT 06/223",null,{"$f":"I197","v":1868.57},{"$f":"C231*I231","v":0.53084375000000006}]
["SERVENTE COM ENCARGOS COMPLEMENTARES - ABERTURA DE PICADAS, ESCAVAÇÃO MANUAL E ASSENTAMENTO DE MOURÕES","mês",{"$f":"'CPU (DF)'!C232","v":1.0101010101010101E-3},null,101452,null,"SINAPI MT 06/223",null,{"$f":"I198","v":3451.5},{"$f":"C232*I232","v":3.4863636363636363}]
["CARPINTEIRO DE FORMAS COM ENCARGOS COMPLEMENTARES","h",{"$f":"'CPU (DF)'!C233","v":8.8888888888888892E-2},null,88262,null,"SINAPI MT 06/223",null,{"$f":"VLOOKUP(E233,[34]planilhanull!$G$7:$K$7520,5,FALSE)","v":23.96},{"$f":"ROUND((I233*C233),2)","v":2.13}]
["AJUDANTE DE CARPINTEIRO COM ENCARGOS COMPLEMENTARES","h",{"$f":"'CPU (DF)'!C234","v":8.8888888888888892E-2},null,88239,null,"SINAPI MT 06/223",null,{"$f":"VLOOKUP(E234,[34]planilhanull!$G$7:$K$7520,5,FALSE)","v":20.32},{"$f":"ROUND((I234*C234),2)","v":1.81}]
["SUB-TOTAL",{"$nulls":8},{"$f":"SUM(J228:J234)","v":12.815367201426023}]
["PRODUÇÃO MENSAL DA EQUIPE",{"$f":"'CPU (DF)'!B236","v":1980},"CUSTO ",{"$nulls":6},{"$f":"J235+J225+J221+J213","v":40.555538892602492}]
["TOTAL",{"$nulls":8},{"$f":"ROUND(J236,2)","v":40.56}]
["BDI                %",{"$nulls":8},24.1]
["TOTAL DO SERVIÇO - R$",{"$nulls":8},{"$f":"ROUND(J237*(1+J238/100),2)","v":50.33}]
[]
[" COMPOSIÇÃO DE PREÇO UNITÁRIO"]
["CERCAMENTO DE ÁREAS AMBIENTALMENTE VULNERÁVEIS À BOVINOCULTURA",{"$nulls":7},"UNIDADE: ","m"]
["EQUIPAMENTO"]
["DISCRIMINAÇÃO","UNIDADE","QUANT. PROD.","QUANT. IMPROD.","COD. P","COD. I","FONTE",null,"P.UNIT.","P.TOTAL"]
["NIVEL OPTICO, COM PRECISAO DE 0,7 MM, AUMENTO DE 32X","h",{"$f":"'CPU (DF)'!C245","v":5.000000000000001E-2},null,7252,null,"SINAPI MT 06/223",{"$f":"H57","v":2.25},null,{"$f":"C245*H245+D245*I245","v":0.11250000000000002}]
["TEODOLITO ELETRONICO, PRECISAO ANGULAR DE 5 A 7 SEGUNDOS, INCLUINDO TRIPE","h",{"$f":"'CPU (DF)'!C246","v":5.000000000000001E-2},null,7247,null,"SINAPI MT 06/223",{"$f":"H58","v":2.25},null,{"$f":"C246*H246+D246*I246","v":0.11250000000000002}]
["VEÍCULO DE PASSEIO PARA DESLOCAMENTO DA EQUIPE","h",{"$f":"'CPU (DF)'!C247","v":1.8382352941176468E-2},{"$f":"'CPU (DF)'!D247","v":3.063725490196078E-2},"E9093",null,"SICRO MT 01/2023",{"$f":"H30","v":33.341799999999999},{"$f":"I30","v":6.3788999999999998},{"$f":"C247*H247+D247*I247","v":0.80833272058823513}]
["CAMINHONETE CABINE SIMPLES COM MOTOR 1.6 FLEX, CÂMBIO MANUAL, POTÊNCIA 101/104 CV, 2 PORTAS","h",{"$f":"'CPU (DF)'!C248","v":2.9779411764705884E-2},{"$f":"'CPU (DF)'!D248","v":4.9632352941176468E-2},92145,92146,"SINAPI MT 06/223",{"$f":"H31","v":67.64},{"$f":"I31","v":25.95},{"$f":"C248*H248+D248*I248","v":3.3022389705882356}]
["SUB-TOTAL",{"$nulls":8},{"$f":"SUM(J245:J248)","v":4.3355716911764706}]
["MATERIAL"]
["DISCRIMINAÇÃO","UNIDADE","QUANT.",null,"COD.",null,"FONTE",null,"P.UNIT.","P.TOTAL"]
["MOURAO ROLICO DE MADEIRA TRATADA, D = 16 A 20 CM, H = 3,0 M, EM EUCALIPTO OU EQUIVALENTE DA REGIAO (PARA CERCA)","m",{"$f":"'CPU (DF)'!C252","v":6.6666666666666666E-2},null,2747,null,"SINAPI MT 06/223",null,{"$f":"VLOOKUP(E252,[36]sheet1!$A$1:$E$65536,5,FALSE)","v":39.93},{"$f":"ROUND((I252*C252),2)","v":2.66}]
["MOURAO ROLICO DE MADEIRA TRATADA, D  ≥ 10 CM, H = 2,20 M, EM EUCALIPTO OU EQUIVALENTE DA REGIAO (PARA CERCA)","m",{"$f":"'CPU (DF)'!C253","v":0.41111111111111115},null,21138,null,"SINAPI MT 06/223",null,{"$f":"VLOOKUP(E253,[36]sheet1!$A$1:$E$65536,5,FALSE)","v":12.66},{"$f":"ROUND((I253*C253),2)","v":5.2}]
["ARAME FARPADO GALVANIZADO, 16 BWG (1,65 MM), CLASSE 250","m",{"$f":"'CPU (DF)'!C254","v":5},null,340,null,"SINAPI MT 06/223",null,{"$f":"VLOOKUP(E254,[36]sheet1!$A$1:$E$65536,5,FALSE)","v":1.37},{"$f":"ROUND((I254*C254),2)","v":6.85}]
["GRAMPO DE ACO POLIDO 1 \" X 9","kg",{"$f":"'CPU (DF)'!C255","v":0.03},null,5076,null,"SINAPI MT 06/223",null,{"$f":"VLOOKUP(E255,[36]sheet1!$A$1:$E$65536,5,FALSE)","v":25.69},{"$f":"ROUND((I255*C255),2)","v":0.77}]
["ESTACA/PIQUETE DE MADEIRA (0,5 m)","U",{"$f":"'CPU (DF)'!C256","v":0.05},null,4408,null,"SINAPI MT 06/223",null,{"$f":"I220","v":0.89200000000000002},{"$f":"C256*I256","v":4.4600000000000001E-2}]
["SUB-TOTAL",{"$nulls":8},{"$f":"SUM(J252:J256)","v":15.524600000000001}]
["SERVIÇOS - COMPOSIÇÕES AUXILIARES"]
["DISCRIMINAÇÃO","UNIDADE","QUANT.",null,"COD.",null,"FONTE",null,"P.UNIT.","P.TOTAL"]
[]
["SUB-TOTAL",{"$nulls":8},{"$f":"J260","v":0}]
["MÃO DE OBRA"]
["DISCRIMINAÇÃO","UNIDADE","QUANT.",null,"COD. P","COD. I","FONTE",null,"P.UNIT.","P.TOTAL"]
["ENGENHEIRO COM ENCARGO","mês",{"$f":"'CPU (DF)'!C264","v":1.1140819964349375E-4},null,93565,null,"SINAPI MT 06/223",null,{"$f":"I228","v":19262.419999999998},{"$f":"C264*I264","v":2.1459915329768267}]
["ENCARREGADO COM ENCARGO","mês",{"$f":"'CPU (DF)'!C265","v":3.3422459893048126E-4},null,93572,null,"SINAPI MT 06/223",null,{"$f":"I229","v":4970.1899999999996},{"$f":"C265*I265","v":1.6611597593582885}]
["TOPOGRAFO COM ENCARGOS","mês",{"$f":"'CPU (DF)'!C266","v":2.8409090909090913E-4},null,94296,null,"SINAPI MT 06/223",null,3699.55,{"$f":"C266*I266","v":1.051008522727273}]
["AUXILIAR DE TOPOGRÁFO COM ENCARGOS","mês",{"$f":"'CPU (DF)'!C267","v":2.8409090909090913E-4},null,101389,null,"SINAPI MT 06/223",null,1868.57,{"$f":"C267*I267","v":0.53084375000000006}]
["SERVENTE COM ENCARGOS COMPLEMENTARES - ABERTURA DE PICADAS, ESCAVAÇÃO MANUAL E ASSENTAMENTO DE MOURÕES","mês",{"$f":"'CPU (DF)'!C268","v":1.0822510822510823E-3},null,101452,null,"SINAPI MT 06/223",null,3451.5,{"$f":"C268*I268","v":3.7353896103896105}]
["CARPINTEIRO DE FORMAS COM ENCARGOS COMPLEMENTARES","h",{"$f":"'CPU (DF)'!C269","v":9.5238095238095247E-2},null,88262,null,"SINAPI MT 06/223",null,23.96,{"$f":"ROUND((I269*C269),2)","v":2.2799999999999998}]
["AJUDANTE DE CARPINTEIRO COM ENCARGOS COMPLEMENTARES","h",{"$f":"'CPU (DF)'!C270","v":9.5238095238095247E-2},null,88239,null,"SINAPI MT 06/223",null,20.32,{"$f":"ROUND((I270*C270),2)","v":1.94}]
["SUB-TOTAL",{"$nulls":8},{"$f":"SUM(J264:J270)","v":13.344393175451998}]
["PRODUÇÃO MENSAL DA EQUIPE",{"$f":"'CPU (DF)'!B272","v":1847.9999999999998},"CUSTO ",{"$nulls":6},{"$f":"J271+J261+J257+J249","v":33.204564866628466}]
["TOTAL",{"$nulls":8},{"$f":"ROUND(J272,2)","v":33.200000000000003}]
["BDI                %",{"$nulls":8},24.1]
["TOTAL DO SERVIÇO - R$",{"$nulls":8},{"$f":"ROUND(J273*(1+J274/100),2)","v":41.2}]
[]
[" COMPOSIÇÃO DE PREÇO UNITÁRIO"]
["PLACA DE IDENTIFICAÇÃO DE OBRA",{"$nulls":7},"UNIDADE: ","m²"]
["EQUIPAMENTO"]
["DISCRIMINAÇÃO","UNIDADE","QUANT. PROD.","QUANT. IMPROD.","CÓDIGO",null,null,null,"P.UNIT.","P.TOTAL"]
[{"$nulls":9},{"$f":"C281*I281","v":0}]
["SUB-TOTAL",{"$nulls":8},{"$f":"SUM(J281:J281)","v":0}]
["MATERIAL"]
["DISCRIMINAÇÃO","UNIDADE","QUANT.",null,"COD. P","COD. I",null,null,"P.UNIT.","P.TOTAL"]
["PONTALETE *7,5 X 7,5* CM EM PINUS, MISTA OU EQUIVALENTE DA REGIAO - BRUTA","M",{"$f":"'CPU (DF)'!C285","v":1},null,4491,null,"SINAPI MT 06/223",null,{"$f":"VLOOKUP(E285,[36]sheet1!$A$1:$E$65536,5,FALSE)","v":11.93},{"$f":"ROUND((I285*C285),2)","v":11.93}]
["SARRAFO NAO APARELHADO *2,5 X 7* CM","M",{"$f":"'CPU (DF)'!C286","v":1},null,4417,null,"SINAPI MT 06/223",null,{"$f":"VLOOKUP(E286,[36]sheet1!$A$1:$E$65536,5,FALSE)","v":6.39},{"$f":"ROUND((I286*C286),2)","v":6.39}]
["PREGO DE ACO POLIDO COM CABECA 18 X 30 (2 3/4 X 10)","KG",{"$f":"'CPU (DF)'!C287","v":1.8333333333333333E-2},null,5075,null,"SINAPI MT 06/223",null,{"$f":"VLOOKUP(E287,[36]sheet1!$A$1:$E$65536,5,FALSE)","v":25.43},{"$f":"ROUND((I287*C287),2)","v":0.47}]
["PLACA DE OBRA (PARA CONSTRUCAO CIVIL) EM CHAPA GALVANIZADA","M2",{"$f":"'CPU (DF)'!C288","v":1},null,4813,null,"SINAPI MT 06/223",null,{"$f":"VLOOKUP(E288,[36]sheet1!$A$1:$E$65536,5,FALSE)","v":250},{"$f":"ROUND((I288*C288),2)","v":250}]
["SUB-TOTAL",{"$nulls":8},{"$f":"SUM(J285:J288)","v":268.79000000000002}]
["SERVIÇOS - COMPOSIÇÕES AUXILIARES"]
["DISCRIMINAÇÃO","UNIDADE","QUANT.",null,"COD. P","COD. I",null,null,"P.UNIT.","P.TOTAL"]
["CONCRETO MAGRO TRAÇO 1:4,5:4,5 (CIMENTO/ AREIA MÉDIA/ BRITA 1) - PREPARO MECÂNICO COM BETONEIRA 400 L.","M3",{"$f":"'CPU (DF)'!C292","v":1.6666666666666666E-2},null,94962,null,"SINAPI MT 06/223",null,{"$f":"VLOOKUP(E292,[34]planilhanull!$G$7:$K$7520,5,FALSE)","v":440.4},{"$f":"ROUND((I292*C292),2)","v":7.34}]
["SUB-TOTAL",{"$nulls":8},{"$f":"J292","v":7.34}]
["MÃO DE OBRA"]
["DISCRIMINAÇÃO","UNIDADE","QUANT.",null,"COD. P","COD. I",null,null,"P.UNIT.","P.TOTAL"]
["CARPINTEIRO DE FORMAS COM ENCARGOS COMPLEMENTARES","H",{"$f":"'CPU (DF)'!C296","v":0.33333333333333331},null,88262,null,"SINAPI MT 06/223",null,{"$f":"I269","v":23.96},{"$f":"ROUND((I296*C296),2)","v":7.99}]
["AJUDANTE DE CARPINTEIRO COM ENCARGOS COMPLEMENTARES","H",{"$f":"'CPU (DF)'!C297","v":0.66666666666666663},null,88239,null,"SINAPI MT 06/223",null,{"$f":"I270","v":20.32},{"$f":"ROUND((I297*C297),2)","v":13.55}]
["SUB-TOTAL",{"$nulls":8},{"$f":"SUM(J296:J297)","v":21.54}]
["PRODUÇÃO MENSAL DA EQUIPE",{"$f":"'CPU (DF)'!B299","v":528},"CUSTO ",{"$nulls":6},{"$f":"J298+J293+J289+J282","v":297.67}]
["TOTAL",{"$nulls":8},{"$f":"ROUND(J299,2)","v":297.67}]
["BDI                %",{"$nulls":8},24.1]
["TOTAL DO SERVIÇO - R$",{"$nulls":8},{"$f":"ROUND(J300*(1+J301/100),2)","v":369.41}]

{"sheet":"CPU (PB)","index":11,"n_rows":302,"n_cols":10,"rows_kept":302,"cut":false,"hidden":false,"merged":[[301,0,301,8],[282,0,282,9],[288,0,288,8],[289,0,289,9],[292,0,292,8],[293,0,293,9],[297,0,297,8],[298,2,298,8],[299,0,299,8],[300,0,300,8],[270,0,270,8],[271,2,271,8],[272,0,272,8],[273,0,273,8],[274,0,274,8],[276,0,276,9],[277,0,277,7],[278,0,278,9],[281,0,281,8],[173,0,173,9],[174,0,174,7],[175,0,175,9],[182,0,182,8],[183,0,183,9],[186,0,186,8],[187,0,187,9],[190,0,190,8],[191,0,191,9],[198,0,198,8],[199,2,199,8],[200,0,200,8],[201,0,201,8],[204,0,204,9],[205,0,205,7],[206,0,206,9],[212,0,212,8],[213,0,213,9],[202,0,202,8],[220,0,220,8],[221,0,221,9],[234,0,234,8],[235,2,235,8],[240,0,240,9],[256,0,256,8],[257,0,257,9],[260,0,260,8],[261,0,261,9],[238,0,238,8],[241,0,241,7],[242,0,242,9],[248,0,248,8],[249,0,249,9],[236,0,236,8],[237,0,237,8],[224,0,224,8],[225,0,225,9],[0,0,0,9],[1,0,1,1],[1,2,1,4],[1,6,1,7],[2,0,2,9],[5,0,5,8],[110,0,110,9],[111,0,111,7],[112,0,112,9],[19,2,19,8],[20,0,20,8],[21,0,21,8],[22,0,22,8],[24,0,24,9],[25,0,25,7],[6,0,6,9],[10,0,10,8],[11,0,11,9],[14,0,14,8],[15,0,15,9],[18,0,18,8],[41,0,41,9],[46,0,46,8],[47,2,47,8],[48,0,48,8],[49,0,49,8],[50,0,50,8],[26,0,26,9],[31,0,31,8],[32,0,32,9],[35,0,35,8],[36,0,36,9],[40,0,40,8],[64,0,64,9],[67,0,67,8],[68,0,68,9],[72,0,72,8],[73,2,73,8],[74,0,74,8],[52,0,52,9],[53,0,53,7],[54,0,54,9],[59,0,59,8],[60,0,60,9],[63,0,63,8],[88,0,88,9],[91,0,91,8],[92,0,92,9],[95,0,95,8],[96,0,96,9],[103,0,103,8],[75,0,75,8],[76,0,76,8],[78,0,78,9],[79,0,79,7],[80,0,80,9],[87,0,87,8],[104,2,104,8],[105,0,105,8],[106,0,106,8],[107,0,107,8],[119,0,119,8],[120,0,120,9],[123,0,123,8],[124,0,124,9],[137,0,137,8],[138,0,138,8],[127,0,127,8],[128,0,128,9],[135,0,135,8],[136,2,136,8],[139,0,139,8],[141,0,141,9],[142,0,142,7],[143,0,143,9],[150,0,150,8],[151,0,151,9],[154,0,154,8],[155,0,155,9],[170,0,170,8],[158,0,158,8],[159,0,159,9],[166,0,166,8],[167,2,167,8],[168,0,168,8],[169,0,169,8]]}
[" COMPOSIÇÃO DE PREÇO UNITÁRIO"]
["MOBILIZAÇÃO E DESMOBILIZAÇÃO",null,"REGIÃO:",null,null,null,"PB",null,"UNIDADE: ","R$/Tonelada/ Projeto"]
["EQUIPAMENTO"]
["DISCRIMINAÇÃO","UNIDADE","QUANT. PROD.","QUANT. IMPROD.","COD.",null,"FONTE","P.UNIT. PROD","P.UNIT. IMPR","P.TOTAL"]
[{"$nulls":9},{"$f":"C5*E5*H5+C5*G5*I5","v":0}]
["SUB-TOTAL",{"$nulls":8},{"$f":"SUM(J5:J5)","v":0}]
["MATERIAL"]
["DISCRIMINAÇÃO","UNIDADE","QUANT.",null,"COD.",null,"FONTE",null,"P.UNIT.","P.TOTAL"]
[{"$nulls":9},"Toneladas/ Projeto"]
[{"$nulls":9},{"$f":"C10*I10","v":0}]
["SUB-TOTAL",{"$nulls":8},{"$f":"SUM(J9:J10)","v":0}]
["SERVIÇOS - COMPOSIÇÕES AUXILIARES"]
["DISCRIMINAÇÃO","UNIDADE","QUANT.",null,"COD.",null,"FONTE",null,"P.UNIT.","P.TOTAL"]
["TRANSPORTE COM CAVALO MECÂNICO COM SEMIRREBOQUE COM CAPACIDADE DE 30 T - RODOVIA PAVIMENTADA","t*km",{"$f":"'CPU (DF)'!C14","v":1},null,5914640,null,"SICRO PB 01/2023",null,{"$f":"VLOOKUP(E14,[37]Sheet1!$A:$D,4,FALSE)","v":0.59},{"$f":"C14*I14","v":0.59}]
["SUB-TOTAL",{"$nulls":8},{"$f":"SUM(J14:J14)","v":0.59}]
["MÃO DE OBRA"]
["DISCRIMINAÇÃO","UNIDADE","QUANT.",{"$nulls":5},"P.UNIT.","P.TOTAL"]
[{"$nulls":9},{"$f":"C18*I18","v":0}]
["SUB-TOTAL",{"$nulls":8},{"$f":"SUM(J18:J18)","v":0}]
["PRODUÇÃO DA EQUIPE (MOB E DESMOB) EM km",{"$f":"VLOOKUP(G2,DMT!D:E,2)*2","v":400},"CUSTO ",{"$nulls":6},{"$f":"J19+J15+J11+J6","v":0.59}]
["TOTAL",{"$nulls":8},{"$f":"J20*B20","v":236}]
["BDI                %",{"$nulls":8},24.1]
["TOTAL DO SERVIÇO - R$",{"$nulls":8},{"$f":"J21*(1+J22/100)","v":292.87600000000003}]
[]
[" COMPOSIÇÃO DE PREÇO UNITÁRIO"]
["LOCAÇÃO E CONSTRUÇÃO DE TERRAÇOS - INCLUSIVE SOLOS DUROS E SECOS",{"$nulls":7},"UNIDADE: ","km"]
["EQUIPAMENTO"]
["DISCRIMINAÇÃO","UNIDADE","QUANT. PROD.","QUANT. IMPROD.","COD. P","COD. I","FONTE","CHP","CHI","P.TOTAL"]
["TRATOR DE ESTEIRAS, POTÊNCIA 125 HP, PESO OPERACIONAL 12,9 T, COM LÂMINA 2,7 M3","H",{"$f":"'CPU (DF)'!C29","v":7.0588235294117654},{"$f":"'CPU (DF)'!D29","v":2.3529411764705883},5851,5853,"SINAPI PB 06/223",{"$f":"VLOOKUP(E29,[38]planilhanull!$G$7:$K$7520,5,FALSE)","v":"202,25"},{"$f":"VLOOKUP(F29,[38]planilhanull!$G$7:$K$7520,5,FALSE)","v":"65,29"},{"$f":"C29*H29+D29*I29","v":1581.2705882352943}]
["VEÍCULO DE PASSEIO PARA DESLOCAMENTO DA EQUIPE","H",{"$f":"'CPU (DF)'!C30","v":0.93749999999999989},{"$f":"'CPU (DF)'!D30","v":1.5624999999999998},"E9093","E9093","SICRO PB 01/2023",{"$f":"VLOOKUP(E30,[39]Sheet1!$A:$K,10,FALSE)","v":33.058999999999997},{"$f":"VLOOKUP(F30,[39]Sheet1!$A:$K,11,FALSE)","v":6.4165999999999999},{"$f":"C30*H30+D30*I30","v":41.01874999999999}]
["CAMINHONETE CABINE SIMPLES COM MOTOR 1.6 FLEX, CÂMBIO MANUAL, POTÊNCIA 101/104 CV, 2 PORTAS","H",{"$f":"'CPU (DF)'!C31","v":0.5625},{"$f":"'CPU (DF)'!D31","v":0.93749999999999989},92145,92146,"SINAPI PB 06/223",{"$f":"VLOOKUP(E31,[38]planilhanull!$G$7:$K$7520,5,FALSE)","v":"66,78"},{"$f":"VLOOKUP(F31,[38]planilhanull!$G$7:$K$7520,5,FALSE)","v":"26,77"},{"$f":"C31*H31+D31*I31","v":62.660624999999996}]
["SUB-TOTAL",{"$nulls":8},{"$f":"SUM(J29:J31)","v":1684.9499632352943}]
["MATERIAL"]
["DISCRIMINAÇÃO","UNIDADE","QUANT.",null,"COD.",null,"FONTE",null,"P.UNIT.","P.TOTAL"]
[]
["SUB-TOTAL",{"$nulls":8},{"$f":"SUM(J35:J35)","v":0}]
["SERVIÇOS - COMPOSIÇÕES AUXILIARES"]
["DISCRIMINAÇÃO","UNIDADE","QUANT.",null,"COD.",null,"FONTE",null,"P.UNIT.","P.TOTAL"]
["LOCAÇÃO E NIVELAMENTO DE TERRAÇOS COM TOPOGRAFIA","KM",{"$f":"'CPU (DF)'!C39","v":1},null,"COMPOSIÇÃO",null,null,null,{"$f":"J75","v":162.65},{"$f":"C39*I39","v":162.65}]
["REVESTIMENTO VEGETAL POR SEMEADURA A LANÇO MANUAL DE GRAMÍNEAS E LEGUMINOSAS","m²",{"$f":"'CPU (DF)'!C40","v":1000},null,4413993,null,"SICRO PB 01/2023",null,{"$f":"VLOOKUP(E40,[37]Sheet1!$A:$D,4,FALSE)","v":0.64},{"$f":"C40*I40","v":640}]
["SUB-TOTAL",{"$nulls":8},{"$f":"SUM(J39:J40)","v":802.65}]
["MÃO DE OBRA"]
["DISCRIMINAÇÃO","UNIDADE","QUANT.",null,"COD. P","COD. I","FONTE",null,"P.UNIT.","P.TOTAL"]
["ENGENHEIRO COM ENCARGO","MES",{"$f":"'CPU (DF)'!C44","v":5.681818181818182E-3},null,93565,null,"SINAPI PB 06/223",null,{"$f":"VLOOKUP(E44,[38]planilhanull!$G$7:$K$7520,5,FALSE)","v":"19.619,58"},{"$f":"C44*I44","v":111.47488636363637}]
["SERVENTE COM ENCARGOS COMPLEMENTARES - INLUSIVE ABERTURA E FECHAMENTO DE CERCAS","MES",{"$f":"'CPU (DF)'!C45","v":5.3475935828877004E-2},null,101452,null,"SINAPI PB 06/223",null,{"$f":"VLOOKUP(E45,[38]planilhanull!$G$7:$K$7520,5,FALSE)","v":"3.237,51"},{"$f":"C45*I45","v":173.12887700534759}]
["ENCARREGADO COM ENCARGO","MES",{"$f":"'CPU (DF)'!C46","v":1.7045454545454544E-2},null,93572,null,"SINAPI PB 06/223",null,{"$f":"VLOOKUP(E46,[38]planilhanull!$G$7:$K$7520,5,FALSE)","v":"3.982,22"},{"$f":"C46*I46","v":67.878749999999997}]
["SUB-TOTAL",{"$nulls":8},{"$f":"SUM(J44:J46)","v":352.48251336898397}]
["PRODUÇÃO DA EQUIPE MÊS 22 KM, MAS COM FATOR DE REDUÇÃO PARA PÉRIODOS COM CHUVAS ",{"$f":"'CPU (DF)'!B48","v":18.7},"CUSTO ",{"$nulls":6},{"$f":"J47+J41+J36+J32","v":2840.0824766042779}]
["TOTAL",{"$nulls":8},{"$f":"ROUND(J48,2)","v":2840.08}]
["BDI                %",{"$nulls":8},24.1]
["TOTAL DO SERVIÇO - R$",{"$nulls":8},{"$f":"ROUND(J49*(1+J50/100),2)","v":3524.54}]
[]
[" COMPOSIÇÃO DE PREÇO UNITÁRIO"]
["LOCAÇÃO E NIVELAMENTO DE TERRAÇOS COM TOPOGRAFIA",{"$nulls":7},"UNIDADE: ","km"]
["EQUIPAMENTO"]
["DISCRIMINAÇÃO","UNIDADE","QUANT. PROD.","QUANT. IMPROD.","COD. P","COD. I","FONTE","CHP/ P.UNIT.","CHI","P.TOTAL"]
["NIVEL OPTICO, COM PRECISAO DE 0,7 MM, AUMENTO DE 32X","H",{"$f":"'CPU (DF)'!C57","v":0.99609374999999989},null,7252,null,"SINAPI PB 06/223",{"$f":"VLOOKUP(E57,[40]sheet1!$A$1:$E$65536,5,FALSE)","v":2.25},null,{"$f":"C57*H57+D57*I57","v":2.2412109374999996}]
["TEODOLITO ELETRONICO, PRECISAO ANGULAR DE 5 A 7 SEGUNDOS, INCLUINDO TRIPE","H",{"$f":"'CPU (DF)'!C58","v":0.99609374999999989},null,7247,null,"SINAPI PB 06/223",{"$f":"VLOOKUP(E58,[40]sheet1!$A$1:$E$65536,5,FALSE)","v":2.25},null,{"$f":"C58*H58+D58*I58","v":2.2412109374999996}]
["CAMINHONETE CABINE SIMPLES COM MOTOR 1.6 FLEX, CÂMBIO MANUAL, POTÊNCIA 101/104 CV, 2 PORTAS","H",{"$f":"'CPU (DF)'!C59","v":0.37353515624999994},{"$f":"'CPU (DF)'!D59","v":0.62255859375},92145,92146,"SINAPI PB 06/223",{"$f":"H31","v":"66,78"},{"$f":"I31","v":"26,77"},{"$f":"C59*H59+D59*I59","v":41.610571289062491}]
["SUB-TOTAL",{"$nulls":8},{"$f":"SUM(J57:J59)","v":46.092993164062491}]
["MATERIAL"]
["DISCRIMINAÇÃO","UNIDADE","QUANT.",null,"COD.",null,null,null,"P.UNIT.","P.TOTAL"]
["ESTACA/PIQUETE DE MADEIRA","U",{"$f":"'CPU (DF)'!C63","v":83.333333333333329},null,4408,null,"SINAPI PB 06/223",null,{"$f":"VLOOKUP(E63,[40]sheet1!$A$1:$E$65536,5,FALSE)*0.4","v":0.8},{"$f":"C63*I63","v":66.666666666666671}]
["SUB-TOTAL",{"$nulls":8},{"$f":"SUM(J63:J63)","v":66.666666666666671}]
["SERVIÇOS - COMPOSIÇÕES AUXILIARES"]
["DISCRIMINAÇÃO","UNIDADE","QUANT.",{"$nulls":5},"P.UNIT.","P.TOTAL"]
[]
["SUB-TOTAL"]
["MÃO DE OBRA"]
["DISCRIMINAÇÃO","UNIDADE","QUANT.",null,"COD. P","COD. I",null,null,"P.UNIT.","P.TOTAL"]
["AUXILIAR DE TOPOGRÁFO COM ENCARGOS","MÊS",{"$f":"'CPU (DF)'!C71","v":5.6596235795454541E-3},null,101389,null,"SINAPI PB 06/223",null,{"$f":"VLOOKUP(E71,[38]planilhanull!$G$7:$K$7520,5,FALSE)","v":"2.871,26"},{"$f":"C71*I71","v":16.250250799005681}]
["TOPOGRAFO COM ENCARGOS","MÊS",{"$f":"'CPU (DF)'!C72","v":5.6596235795454541E-3},null,94296,null,"SINAPI PB 06/223",null,{"$f":"VLOOKUP(E72,[38]planilhanull!$G$7:$K$7520,5,FALSE)","v":"5.943,36"},{"$f":"C72*I72","v":33.637180397727271}]
["SUB-TOTAL",{"$nulls":8},{"$f":"SUM(J71:J72)","v":49.887431196732948}]
["PRODUÇÃO MENSAL DA EQUIPE",{"$f":"'CPU (DF)'!B74","v":46.93333333333333},"CUSTO ",{"$nulls":6},{"$f":"J73+J68+J64+J60","v":162.64709102746212}]
["TOTAL",{"$nulls":8},{"$f":"ROUND(J74,2)","v":162.65}]
["BDI                %",{"$nulls":8},24.1]
["TOTAL DO SERVIÇO - R$",{"$nulls":8},{"$f":"ROUND(J75*(1+J76/100),2)","v":201.85}]
[]
[" COMPOSIÇÃO DE PREÇO UNITÁRIO"]
["LOCAÇÃO E CONSTRUÇÃO DE BACIAS DE CAPTAÇÃO DE ENXURRADA (4 METROS DE RAIO)",{"$nulls":7},"UNIDADE: ","UNID."]
["EQUIPAMENTO"]
["DISCRIMINAÇÃO","UNIDADE","QUANT. PROD.","QUANT. IMPROD.","COD. P","COD. I","FONTE","CHP/ P.UNIT.","CHI","P.TOTAL"]
["NIVEL OPTICO, COM PRECISAO DE 0,7 MM, AUMENTO DE 32X","H",{"$f":"'CPU (DF)'!C83","v":0.59999999999999987},null,7252,null,"SINAPI PB 06/223",{"$f":"$H$57","v":2.25},null,{"$f":"C83*H83+D83*I83","v":1.3499999999999996}]
["TEODOLITO ELETRONICO, PRECISAO ANGULAR DE 5 A 7 SEGUNDOS, INCLUINDO TRIPE","H",{"$f":"'CPU (DF)'!C84","v":0.59999999999999987},null,7247,null,"SINAPI PB 06/223",{"$f":"$H$58","v":2.25},null,{"$f":"C84*H84+D84*I84","v":1.3499999999999996}]
["PÁ CARREGADEIRA SOBRE RODAS, POTÊNCIA LÍQUIDA 128 HP, CAPACIDADE DA CAÇAMBA 1,7 A 2,8 M³","H",{"$f":"'CPU (DF)'!C85","v":0.77795298165137616},{"$f":"'CPU (DF)'!D85","v":0.25931766055045874},5940,5942,"SINAPI PB 06/223",{"$f":"VLOOKUP(E85,[38]planilhanull!$G$7:$K$7520,5,FALSE)","v":"159,56"},{"$f":"VLOOKUP(F85,[38]planilhanull!$G$7:$K$7520,5,FALSE)","v":"61,46"},{"$f":"C85*H85+D85*I85","v":140.06784116972477}]
["VEÍCULO DE PASSEIO PARA DESLOCAMENTO DA EQUIPE","H",{"$f":"'CPU (DF)'!C86","v":0.23437500000000003},{"$f":"'CPU (DF)'!D86","v":0.39062500000000006},"E9093",null,"SICRO PB 01/2023",{"$f":"$H$30","v":33.058999999999997},{"$f":"$I$30","v":6.4165999999999999},{"$f":"C86*H86+D86*I86","v":10.254687500000001}]
["CAMINHONETE CABINE SIMPLES COM MOTOR 1.6 FLEX, CÂMBIO MANUAL, POTÊNCIA 101/104 CV, 2 PORTAS","H",{"$f":"'CPU (DF)'!C87","v":0.60937499999999989},{"$f":"'CPU (DF)'!D87","v":0.36562499999999998},92145,92146,"SINAPI PB 06/223",{"$f":"$H$31","v":"66,78"},{"$f":"$I$31","v":"26,77"},{"$f":"C87*H87+D87*I87","v":50.481843749999996}]
["SUB-TOTAL",{"$nulls":8},{"$f":"SUM(J83:J87)","v":203.50437241972475}]
["MATERIAL"]
["DISCRIMINAÇÃO","UNIDADE","QUANT.",null,"COD.",null,null,null,"P.UNIT.","P.TOTAL"]
["ESTACA/PIQUETE DE MADEIRA","U",{"$f":"'CPU (DF)'!C91","v":12},null,4408,null,"SINAPI PB 06/223",null,{"$f":"$I$63","v":0.8},{"$f":"C91*I91","v":9.6000000000000014}]
["SUB-TOTAL",{"$nulls":8},{"$f":"SUM(J91:J91)","v":9.6000000000000014}]
["SERVIÇOS - COMPOSIÇÕES AUXILIARES"]
["DISCRIMINAÇÃO","UNIDADE","QUANT.",{"$nulls":5},"P.UNIT.","P.TOTAL"]
["REVESTIMENTO VEGETAL POR SEMEADURA A LANÇO MANUAL DE GRAMÍNEAS E LEGUMINOSAS","m²",{"$f":"'CPU (DF)'!C95","v":50.26548245743669},null,4413993,null,"SICRO PB 01/2023",null,{"$f":"VLOOKUP(E95,[37]Sheet1!$A:$D,4,FALSE)","v":0.64},{"$f":"C95*I95","v":32.169908772759484}]
["SUB-TOTAL",{"$nulls":8},{"$f":"SUM(J95:J95)","v":32.169908772759484}]
["MÃO DE OBRA"]
["DISCRIMINAÇÃO","UNIDADE","QUANT.",null,"COD. P","COD. I",null,null,"P.UNIT.","P.TOTAL"]
["ENGENHEIRO COM ENCARGO","MÊS",{"$f":"'CPU (DF)'!C99","v":1.4204545454545455E-3},null,93565,null,"SINAPI PB 06/223",null,{"$f":"$I$44","v":"19.619,58"},{"$f":"C99*I99","v":27.868721590909093}]
["ENCARREGADO COM ENCARGO","MÊS",{"$f":"'CPU (DF)'!C100","v":4.2613636363636369E-3},null,93572,null,"SINAPI PB 06/223",null,{"$f":"$I$46","v":"3.982,22"},{"$f":"C100*I100","v":16.969687500000003}]
["TOPOGRAFO COM ENCARGOS","MÊS",{"$f":"'CPU (DF)'!C101","v":3.4090909090909085E-3},null,94296,null,"SINAPI PB 06/223",null,{"$f":"$I$72","v":"5.943,36"},{"$f":"C101*I101","v":20.261454545454541}]
["AUXILIAR DE TOPOGRÁFO COM ENCARGOS","MÊS",{"$f":"'CPU (DF)'!C102","v":3.4090909090909085E-3},null,101389,null,"SINAPI PB 06/223",null,{"$f":"$I$71","v":"2.871,26"},{"$f":"C102*I102","v":9.7883863636363628}]
["SERVENTE COM ENCARGOS COMPLEMENTARES - INLUSIVE ABERTURA E FECHAMENTO DE CERCAS","MES",{"$f":"'CPU (DF)'!C103","v":5.893583194328607E-3},null,101452,null,"SINAPI PB 06/223",null,{"$f":"$I$45","v":"3.237,51"},{"$f":"C103*I103","v":19.08053452747081}]
["SUB-TOTAL",{"$nulls":8},{"$f":"SUM(J99:J103)","v":93.968784527470802}]
["PRODUÇÃO MENSAL DA EQUIPE",{"$f":"'CPU (DF)'!B105","v":169.67606412382531},"CUSTO ",{"$nulls":6},{"$f":"J104+J96+J92+J88","v":339.24306571995504}]
["TOTAL",{"$nulls":8},{"$f":"ROUND(J105,2)","v":339.24}]
["BDI                %",{"$nulls":8},24.1]
["TOTAL DO SERVIÇO - R$",{"$nulls":8},{"$f":"ROUND(J106*(1+J107/100),2)","v":421}]
[]
[]
[" COMPOSIÇÃO DE PREÇO UNITÁRIO"]
["LOCAÇÃO E CONSTRUÇÃO DE BACIAS DE CAPTAÇÃO DE ENXURRADA (6 METROS DE RAIO)",{"$nulls":7},"UNIDADE: ","UNID."]
["EQUIPAMENTO"]
["DISCRIMINAÇÃO","UNIDADE","QUANT. PROD.","QUANT. IMPROD.","COD. P","COD. I","FONTE","CHP/ P.UNIT.","CHI","P.TOTAL"]
["NIVEL OPTICO, COM PRECISAO DE 0,7 MM, AUMENTO DE 32X","H",{"$f":"'CPU (DF)'!C115","v":0.59999999999999987},null,7252,null,"SINAPI PB 06/223",{"$f":"$H$57","v":2.25},null,{"$f":"C115*H115+D115*I115","v":1.3499999999999996}]
["TEODOLITO ELETRONICO, PRECISAO ANGULAR DE 5 A 7 SEGUNDOS, INCLUINDO TRIPE","H",{"$f":"'CPU (DF)'!C116","v":0.59999999999999987},null,7247,null,"SINAPI PB 06/223",{"$f":"$H$58","v":2.25},null,{"$f":"C116*H116+D116*I116","v":1.3499999999999996}]
["PÁ CARREGADEIRA SOBRE RODAS, POTÊNCIA LÍQUIDA 128 HP, CAPACIDADE DA CAÇAMBA 1,7 A 2,8 M³","H",{"$f":"'CPU (DF)'!C117","v":1.5361668577981655},{"$f":"'CPU (DF)'!D117","v":0.51205561926605514},5940,5942,"SINAPI PB 06/223",{"$f":"$H$85","v":"159,56"},{"$f":"$I$85","v":"61,46"},{"$f":"C117*H117+D117*I117","v":276.58172219036703}]
["VEÍCULO DE PASSEIO PARA DESLOCAMENTO DA EQUIPE","H",{"$f":"'CPU (DF)'!C118","v":0.25},{"$f":"'CPU (DF)'!D118","v":0.41666666666666669},"E9093",null,"SICRO PB 01/2023",{"$f":"$H$30","v":33.058999999999997},{"$f":"$I$30","v":6.4165999999999999},{"$f":"C118*H118+D118*I118","v":10.938333333333333}]
["CAMINHONETE CABINE SIMPLES COM MOTOR 1.6 FLEX, CÂMBIO MANUAL, POTÊNCIA 101/104 CV, 2 PORTAS","H",{"$f":"'CPU (DF)'!C119","v":0.62499999999999989},{"$f":"'CPU (DF)'!D119","v":0.375},92145,92146,"SINAPI PB 06/223",{"$f":"$H$31","v":"66,78"},{"$f":"$I$31","v":"26,77"},{"$f":"C119*H119+D119*I119","v":51.77624999999999}]
["SUB-TOTAL",{"$nulls":8},{"$f":"SUM(J115:J119)","v":341.99630552370036}]
["MATERIAL"]
["DISCRIMINAÇÃO","UNIDADE","QUANT.",null,"COD.",null,null,null,"P.UNIT.","P.TOTAL"]
["ESTACA/PIQUETE DE MADEIRA","U",{"$f":"'CPU (DF)'!C123","v":12},null,4408,null,"SINAPI PB 06/223",null,{"$f":"$I$63","v":0.8},{"$f":"C123*I123","v":9.6000000000000014}]
["SUB-TOTAL",{"$nulls":8},{"$f":"SUM(J123:J123)","v":9.6000000000000014}]
["SERVIÇOS - COMPOSIÇÕES AUXILIARES"]
["DISCRIMINAÇÃO","UNIDADE","QUANT.",{"$nulls":5},"P.UNIT.","P.TOTAL"]
["REVESTIMENTO VEGETAL POR SEMEADURA A LANÇO MANUAL DE GRAMÍNEAS E LEGUMINOSAS","m²",{"$f":"'CPU (DF)'!C127","v":94.247779607693786},null,4413993,null,"SICRO PB 01/2023",null,{"$f":"VLOOKUP(E127,[37]Sheet1!$A:$D,4,FALSE)","v":0.64},{"$f":"C127*I127","v":60.318578948924028}]
["SUB-TOTAL",{"$nulls":8},{"$f":"SUM(J127:J127)","v":60.318578948924028}]
["MÃO DE OBRA"]
["DISCRIMINAÇÃO","UNIDADE","QUANT.",null,"COD. P","COD. I",null,null,"P.UNIT.","P.TOTAL"]
["ENGENHEIRO COM ENCARGO","MÊS",{"$f":"'CPU (DF)'!C131","v":1.5151515151515152E-3},null,93565,null,"SINAPI PB 06/223",null,{"$f":"$I$44","v":"19.619,58"},{"$f":"C131*I131","v":29.726636363636366}]
["ENCARREGADO COM ENCARGO","MÊS",{"$f":"'CPU (DF)'!C132","v":4.5454545454545452E-3},null,93572,null,"SINAPI PB 06/223",null,{"$f":"$I$46","v":"3.982,22"},{"$f":"C132*I132","v":18.100999999999999}]
["TOPOGRAFO COM ENCARGOS","MÊS",{"$f":"'CPU (DF)'!C133","v":3.4090909090909085E-3},null,94296,null,"SINAPI PB 06/223",null,{"$f":"$I$72","v":"5.943,36"},{"$f":"C133*I133","v":20.261454545454541}]
["AUXILIAR DE TOPOGRÁFO COM ENCARGOS","MÊS",{"$f":"'CPU (DF)'!C134","v":3.4090909090909085E-3},null,101389,null,"SINAPI PB 06/223",null,{"$f":"$I$71","v":"2.871,26"},{"$f":"C134*I134","v":9.7883863636363628}]
["SERVENTE COM ENCARGOS COMPLEMENTARES - INLUSIVE ABERTURA E FECHAMENTO DE CERCAS","MES",{"$f":"'CPU (DF)'!C135","v":1.1637627710592161E-2},null,101452,null,"SINAPI PB 06/223",null,{"$f":"$I$45","v":"3.237,51"},{"$f":"C135*I135","v":37.676936089319227}]
["SUB-TOTAL",{"$nulls":8},{"$f":"SUM(J131:J135)","v":115.5544133620465}]
["PRODUÇÃO MENSAL DA EQUIPE",{"$f":"'CPU (DF)'!B137","v":85.928165504885072},"CUSTO ",{"$nulls":6},{"$f":"J136+J128+J124+J120","v":527.4692978346709}]
["TOTAL",{"$nulls":8},{"$f":"ROUND(J137,2)","v":527.47}]
["BDI                %",{"$nulls":8},24.1]
["TOTAL DO SERVIÇO - R$",{"$nulls":8},{"$f":"ROUND(J138*(1+J139/100),2)","v":654.59}]
[]
[" COMPOSIÇÃO DE PREÇO UNITÁRIO"]
["LOCAÇÃO E CONSTRUÇÃO DE BACIAS DE CAPTAÇÃO DE ENXURRADA (9 METROS DE RAIO)",{"$nulls":7},"UNIDADE: ","UNID."]
["EQUIPAMENTO"]
["DISCRIMINAÇÃO","UNIDADE","QUANT. PROD.","QUANT. IMPROD.","COD. P","COD. I","FONTE","CHP/ P.UNIT.","CHI","P.TOTAL"]
["NIVEL OPTICO, COM PRECISAO DE 0,7 MM, AUMENTO DE 32X","H",{"$f":"'CPU (DF)'!C146","v":0.65},null,7252,null,"SINAPI PB 06/223",{"$f":"$H$57","v":2.25},null,{"$f":"C146*H146+D146*I146","v":1.4625000000000001}]
["TEODOLITO ELETRONICO, PRECISAO ANGULAR DE 5 A 7 SEGUNDOS, INCLUINDO TRIPE","H",{"$f":"'CPU (DF)'!C147","v":0.65},null,7247,null,"SINAPI PB 06/223",{"$f":"$H$58","v":2.25},null,{"$f":"C147*H147+D147*I147","v":1.4625000000000001}]
["PÁ CARREGADEIRA SOBRE RODAS, POTÊNCIA LÍQUIDA 128 HP, CAPACIDADE DA CAÇAMBA 1,7 A 2,8 M³","H",{"$f":"'CPU (DF)'!C148","v":3.7389908256880737},{"$f":"'CPU (DF)'!D148","v":1.2463302752293579},5940,5942,"SINAPI PB 06/223",{"$f":"$H$85","v":"159,56"},{"$f":"$I$85","v":"61,46"},{"$f":"C148*H148+D148*I148","v":673.19283486238544}]
["VEÍCULO DE PASSEIO PARA DESLOCAMENTO DA EQUIPE","H",{"$f":"'CPU (DF)'!C149","v":0.265625},{"$f":"'CPU (DF)'!D149","v":0.44270833333333331},"E9093",null,"SICRO PB 01/2023",{"$f":"$H$30","v":33.058999999999997},{"$f":"$I$30","v":6.4165999999999999},{"$f":"C149*H149+D149*I149","v":11.621979166666666}]
["CAMINHONETE CABINE SIMPLES COM MOTOR 1.6 FLEX, CÂMBIO MANUAL, POTÊNCIA 101/104 CV, 2 PORTAS","H",{"$f":"'CPU (DF)'!C150","v":0.671875},{"$f":"'CPU (DF)'!D150","v":0.40312500000000007},92145,92146,"SINAPI PB 06/223",{"$f":"$H$31","v":"66,78"},{"$f":"$I$31","v":"26,77"},{"$f":"C150*H150+D150*I150","v":55.659468750000002}]
["SUB-TOTAL",{"$nulls":8},{"$f":"SUM(J146:J150)","v":743.39928277905199}]
["MATERIAL"]
["DISCRIMINAÇÃO","UNIDADE","QUANT.",null,"COD.",null,null,null,"P.UNIT.","P.TOTAL"]
["ESTACA/PIQUETE DE MADEIRA","U",{"$f":"'CPU (DF)'!C154","v":12},null,4408,null,"SINAPI PB 06/223",null,{"$f":"$I$63","v":0.8},{"$f":"C154*I154","v":9.6000000000000014}]
["SUB-TOTAL",{"$nulls":8},{"$f":"SUM(J154:J154)","v":9.6000000000000014}]
["SERVIÇOS - COMPOSIÇÕES AUXILIARES"]
["DISCRIMINAÇÃO","UNIDADE","QUANT.",{"$nulls":5},"P.UNIT.","P.TOTAL"]
["REVESTIMENTO VEGETAL POR SEMEADURA A LANÇO MANUAL DE GRAMÍNEAS E LEGUMINOSAS","m²",{"$f":"'CPU (DF)'!C158","v":169.64600329384882},null,4413993,null,"SICRO PB 01/2023",null,{"$f":"VLOOKUP(E158,[37]Sheet1!$A:$D,4,FALSE)","v":0.64},{"$f":"C158*I158","v":108.57344210806325}]
["SUB-TOTAL",{"$nulls":8},{"$f":"SUM(J158:J158)","v":108.57344210806325}]
["MÃO DE OBRA"]
["DISCRIMINAÇÃO","UNIDADE","QUANT.",null,"COD. P","COD. I",null,null,"P.UNIT.","P.TOTAL"]
["ENGENHEIRO COM ENCARGO","MÊS",{"$f":"'CPU (DF)'!C162","v":1.6098484848484848E-3},null,93565,null,"SINAPI PB 06/223",null,{"$f":"$I$44","v":"19.619,58"},{"$f":"C162*I162","v":31.58455113636364}]
["ENCARREGADO COM ENCARGO","MÊS",{"$f":"'CPU (DF)'!C163","v":4.8295454545454544E-3},null,93572,null,"SINAPI PB 06/223",null,{"$f":"$I$46","v":"3.982,22"},{"$f":"C163*I163","v":19.232312499999999}]
["TOPOGRAFO COM ENCARGOS","MÊS",{"$f":"'CPU (DF)'!C164","v":3.6931818181818185E-3},null,94296,null,"SINAPI PB 06/223",null,{"$f":"$I$72","v":"5.943,36"},{"$f":"C164*I164","v":21.949909090909092}]
["AUXILIAR DE TOPOGRÁFO COM ENCARGOS","MÊS",{"$f":"'CPU (DF)'!C165","v":3.6931818181818185E-3},null,101389,null,"SINAPI PB 06/223",null,{"$f":"$I$71","v":"2.871,26"},{"$f":"C165*I165","v":10.60408522727273}]
["SERVENTE COM ENCARGOS COMPLEMENTARES - INLUSIVE ABERTURA E FECHAMENTO DE CERCAS","MES",{"$f":"'CPU (DF)'!C166","v":2.83256880733945E-2},null,101452,null,"SINAPI PB 06/223",null,{"$f":"$I$45","v":"3.237,51"},{"$f":"C166*I166","v":91.704698394495438}]
["SUB-TOTAL",{"$nulls":8},{"$f":"SUM(J162:J166)","v":175.07555634904088}]
["PRODUÇÃO MENSAL DA EQUIPE",{"$f":"'CPU (DF)'!B168","v":35.30364372469635},"CUSTO ",{"$nulls":6},{"$f":"J167+J159+J155+J151","v":1036.6482812361562}]
["TOTAL",{"$nulls":8},{"$f":"ROUND(J168,2)","v":1036.6500000000001}]
["BDI                %",{"$nulls":8},24.1]
["TOTAL DO SERVIÇO - R$",{"$nulls":8},{"$f":"ROUND(J169*(1+J170/100),2)","v":1286.48}]
[]
[]
[" COMPOSIÇÃO DE PREÇO UNITÁRIO"]
["LOCAÇÃO E CONSTRUÇÃO DE BACIAS DE CAPTAÇÃO DE ENXURRADA (12 METROS DE RAIO)",{"$nulls":7},"UNIDADE: ","UNID."]
["EQUIPAMENTO"]
["DISCRIMINAÇÃO","UNIDADE","QUANT. PROD.","QUANT. IMPROD.","COD. P","COD. I","FONTE","CHP/ P.UNIT.","CHI","P.TOTAL"]
["NIVEL OPTICO, COM PRECISAO DE 0,7 MM, AUMENTO DE 32X","H",{"$f":"'CPU (DF)'!C178","v":0.65},null,7252,null,"SINAPI PB 06/223",{"$f":"$H$57","v":2.25},null,{"$f":"C178*H178+D178*I178","v":1.4625000000000001}]
["TEODOLITO ELETRONICO, PRECISAO ANGULAR DE 5 A 7 SEGUNDOS, INCLUINDO TRIPE","H",{"$f":"'CPU (DF)'!C179","v":0.65},null,7247,null,"SINAPI PB 06/223",{"$f":"$H$58","v":2.25},null,{"$f":"C179*H179+D179*I179","v":1.4625000000000001}]
["PÁ CARREGADEIRA SOBRE RODAS, POTÊNCIA LÍQUIDA 128 HP, CAPACIDADE DA CAÇAMBA 1,7 A 2,8 M³","H",{"$f":"'CPU (DF)'!C180","v":6},{"$f":"'CPU (DF)'!D180","v":2},5940,5942,"SINAPI PB 06/223",{"$f":"$H$85","v":"159,56"},{"$f":"$I$85","v":"61,46"},{"$f":"C180*H180+D180*I180","v":1080.28}]
["VEÍCULO DE PASSEIO PARA DESLOCAMENTO DA EQUIPE","H",{"$f":"'CPU (DF)'!C181","v":0.28125},{"$f":"'CPU (DF)'!D181","v":0.46874999999999994},"E9093",null,"SICRO PB 01/2023",{"$f":"$H$30","v":33.058999999999997},{"$f":"$I$30","v":6.4165999999999999},{"$f":"C181*H181+D181*I181","v":12.305624999999997}]
["CAMINHONETE CABINE SIMPLES COM MOTOR 1.6 FLEX, CÂMBIO MANUAL, POTÊNCIA 101/104 CV, 2 PORTAS","H",{"$f":"'CPU (DF)'!C182","v":0.6875},{"$f":"'CPU (DF)'!D182","v":0.41250000000000009},92145,92146,"SINAPI PB 06/223",{"$f":"$H$31","v":"66,78"},{"$f":"$I$31","v":"26,77"},{"$f":"C182*H182+D182*I182","v":56.953875000000004}]
["SUB-TOTAL",{"$nulls":8},{"$f":"SUM(J178:J182)","v":1152.4644999999998}]
["MATERIAL"]
["DISCRIMINAÇÃO","UNIDADE","QUANT.",null,"COD.",null,null,null,"P.UNIT.","P.TOTAL"]
["ESTACA/PIQUETE DE MADEIRA","U",{"$f":"'CPU (DF)'!C186","v":16},null,4408,null,"SINAPI PB 06/223",null,{"$f":"$I$63","v":0.8},{"$f":"C186*I186","v":12.8}]
["SUB-TOTAL",{"$nulls":8},{"$f":"SUM(J186:J186)","v":12.8}]
["SERVIÇOS - COMPOSIÇÕES AUXILIARES"]
["DISCRIMINAÇÃO","UNIDADE","QUANT.",{"$nulls":5},"P.UNIT.","P.TOTAL"]
["REVESTIMENTO VEGETAL POR SEMEADURA A LANÇO MANUAL DE GRAMÍNEAS E LEGUMINOSAS","m²",{"$f":"'CPU (DF)'!C190","v":263.89378290154264},null,4413993,null,"SICRO PB 01/2023",null,{"$f":"VLOOKUP(E190,[37]Sheet1!$A:$D,4,FALSE)","v":0.64},{"$f":"C190*I190","v":168.89202105698729}]
["SUB-TOTAL",{"$nulls":8},{"$f":"SUM(J190:J190)","v":168.89202105698729}]
["MÃO DE OBRA"]
["DISCRIMINAÇÃO","UNIDADE","QUANT.",null,"COD. P","COD. I",null,null,"P.UNIT.","P.TOTAL"]
["ENGENHEIRO COM ENCARGO","MES",{"$f":"'CPU (DF)'!C194","v":1.7045454545454545E-3},null,93565,null,"SINAPI PB 06/223",null,{"$f":"$I$44","v":"19.619,58"},{"$f":"C194*I194","v":33.442465909090913}]
["ENCARREGADO COM ENCARGO","MES",{"$f":"'CPU (DF)'!C195","v":5.1136363636363636E-3},null,93572,null,"SINAPI PB 06/223",null,{"$f":"$I$46","v":"3.982,22"},{"$f":"C195*I195","v":20.363624999999999}]
["TOPOGRAFO COM ENCARGOS","MÊS",{"$f":"'CPU (DF)'!C196","v":3.6931818181818181E-3},null,94296,null,"SINAPI PB 06/223",null,{"$f":"$I$72","v":"5.943,36"},{"$f":"C196*I196","v":21.949909090909088}]
["AUXILIAR DE TOPOGRÁFO COM ENCARGOS","MÊS",{"$f":"'CPU (DF)'!C197","v":3.6931818181818181E-3},null,101389,null,"SINAPI PB 06/223",null,{"$f":"$I$71","v":"2.871,26"},{"$f":"C197*I197","v":10.604085227272728}]
["SERVENTE COM ENCARGOS COMPLEMENTARES - INLUSIVE ABERTURA E FECHAMENTO DE CERCAS","MES",{"$f":"'CPU (DF)'!C198","v":4.5454545454545456E-2},null,101452,null,"SINAPI PB 06/223",null,{"$f":"$I$45","v":"3.237,51"},{"$f":"C198*I198","v":147.15954545454548}]
["SUB-TOTAL",{"$nulls":8},{"$f":"SUM(J194:J198)","v":233.51963068181823}]
["PRODUÇÃO DA EQUIPE ",{"$f":"'CPU (DF)'!B200","v":22},"CUSTO ",{"$nulls":6},{"$f":"J199+J191+J187+J183","v":1567.6761517388054}]
["TOTAL",{"$nulls":8},{"$f":"ROUND(J200,2)","v":1567.68}]
["BDI                %",{"$nulls":8},24.1]
["TOTAL DO SERVIÇO - R$",{"$nulls":8},{"$f":"ROUND(J201*(1+J202/100),2)","v":1945.49}]
[]
[" COMPOSIÇÃO DE PREÇO UNITÁRIO"]
["CERCAMENTO DE ÁREAS AMBIENTALMENTE VULNERÁVEIS À CAPRINOVINOCULTURA",{"$nulls":7},"UNIDADE: ","m"]
["EQUIPAMENTO"]
["DISCRIMINAÇÃO","UNIDADE","QUANT. PROD.","QUANT. IMPROD.","COD. P","COD. I","FONTE",null,"P.UNIT.","P.TOTAL"]
["NIVEL OPTICO, COM PRECISAO DE 0,7 MM, AUMENTO DE 32X","h",{"$f":"'CPU (DF)'!C209","v":5.000000000000001E-2},null,7252,null,"SINAPI PB 06/223",{"$f":"H178","v":2.25},null,{"$f":"C209*H209+D209*I209","v":0.11250000000000002}]
["TEODOLITO ELETRONICO, PRECISAO ANGULAR DE 5 A 7 SEGUNDOS, INCLUINDO TRIPE","h",{"$f":"'CPU (DF)'!C210","v":5.000000000000001E-2},null,7247,null,"SINAPI PB 06/223",{"$f":"H179","v":2.25},null,{"$f":"C210*H210+D210*I210","v":0.11250000000000002}]
["VEÍCULO DE PASSEIO PARA DESLOCAMENTO DA EQUIPE","h",{"$f":"'CPU (DF)'!C211","v":1.8382352941176468E-2},{"$f":"'CPU (DF)'!D211","v":3.063725490196078E-2},"E9093","E9093","SICRO PB 01/2023",{"$f":"H30","v":33.058999999999997},{"$f":"I30","v":6.4165999999999999},{"$f":"C211*H211+D211*I211","v":0.80428921568627432}]
["CAMINHONETE CABINE SIMPLES COM MOTOR 1.6 FLEX, CÂMBIO MANUAL, POTÊNCIA 101/104 CV, 2 PORTAS","h",{"$f":"'CPU (DF)'!C212","v":2.9779411764705884E-2},{"$f":"'CPU (DF)'!D212","v":4.9632352941176468E-2},92145,92146,"SINAPI PB 06/223",{"$f":"H31","v":"66,78"},{"$f":"I31","v":"26,77"},{"$f":"C212*H212+D212*I212","v":3.3173272058823531}]
["SUB-TOTAL",{"$nulls":8},{"$f":"SUM(J209:J212)","v":4.3466164215686272}]
["MATERIAL"]
["DISCRIMINAÇÃO","UNIDADE","QUANT.",null,"COD. P","COD. I","FONTE",null,"P.UNIT.","P.TOTAL"]
["MOURAO ROLICO DE MADEIRA TRATADA, D = 16 A 20 CM, H = 3,0 M, EM EUCALIPTO OU EQUIVALENTE DA REGIAO (PARA CERCA)","m",{"$f":"'CPU (DF)'!C216","v":0.12},null,4491,null,"SINAPI PB 06/223",null,{"$f":"I252","v":27.44},{"$f":"ROUND((I216*C216),2)","v":3.29}]
["MOURAO ROLICO DE MADEIRA TRATADA, D  ≥ 10 CM, H = 2,20 M, EM EUCALIPTO OU EQUIVALENTE DA REGIAO (PARA CERCA)","m",{"$f":"'CPU (DF)'!C217","v":0.52},null,21138,null,"SINAPI PB 06/223",null,{"$f":"I253","v":8.6999999999999993},{"$f":"ROUND((I217*C217),2)","v":4.5199999999999996}]
["ARAME FARPADO GALVANIZADO, 16 BWG (1,65 MM), CLASSE 250","m",{"$f":"'CPU (DF)'!C218","v":8},null,340,null,"SINAPI PB 06/223",null,{"$f":"I254","v":1.57},{"$f":"ROUND((I218*C218),2)","v":12.56}]
["GRAMPO DE ACO POLIDO 1 \" X 9","kg",{"$f":"'CPU (DF)'!C219","v":0.04},null,5076,null,"SINAPI PB 06/223",null,{"$f":"I255","v":21.58},{"$f":"ROUND((I219*C219),2)","v":0.86}]
["ESTACA/PIQUETE DE MADEIRA","U",{"$f":"'CPU (DF)'!C220","v":0.05},null,4408,null,"SINAPI PB 06/223",null,{"$f":"I63","v":0.8},{"$f":"C220*I220","v":4.0000000000000008E-2}]
["SUB-TOTAL",{"$nulls":8},{"$f":"SUM(J216:J220)","v":21.27}]
["SERVIÇOS - COMPOSIÇÕES AUXILIARES"]
["DISCRIMINAÇÃO","UNIDADE","QUANT.",null,"COD.",null,"FONTE",null,"P.UNIT.","P.TOTAL"]
[]
["SUB-TOTAL",{"$nulls":8},{"$f":"J224","v":0}]
["MÃO DE OBRA"]
["DISCRIMINAÇÃO","UNIDADE","QUANT.",null,"COD. P","COD. I","FONTE",null,"P.UNIT.","P.TOTAL"]
["ENGENHEIRO COM ENCARGO","mês",{"$f":"'CPU (DF)'!C228","v":1.1140819964349375E-4},null,93565,null,"SINAPI PB 06/223",null,{"$f":"I194","v":"19.619,58"},{"$f":"C228*I228","v":2.1857820855614976}]
["ENCARREGADO COM ENCARGO","mês",{"$f":"'CPU (DF)'!C229","v":3.3422459893048126E-4},null,93572,null,"SINAPI PB 06/223",null,{"$f":"I195","v":"3.982,22"},{"$f":"C229*I229","v":1.330955882352941}]
["TOPOGRAFO COM ENCARGOS","mês",{"$f":"'CPU (DF)'!C230","v":2.8409090909090913E-4},null,94296,null,"SINAPI PB 06/223",null,{"$f":"I196","v":"5.943,36"},{"$f":"C230*I230","v":1.6884545454545457}]
["AUXILIAR DE TOPOGRÁFO COM ENCARGOS","mês",{"$f":"'CPU (DF)'!C231","v":2.8409090909090913E-4},null,101389,null,"SINAPI PB 06/223",null,{"$f":"I197","v":"2.871,26"},{"$f":"C231*I231","v":0.81569886363636379}]
["SERVENTE COM ENCARGOS COMPLEMENTARES - ABERTURA DE PICADAS, ESCAVAÇÃO MANUAL E ASSENTAMENTO DE MOURÕES","mês",{"$f":"'CPU (DF)'!C232","v":1.0101010101010101E-3},null,101452,null,"SINAPI PB 06/223",null,{"$f":"I198","v":"3.237,51"},{"$f":"C232*I232","v":3.2702121212121216}]
["CARPINTEIRO DE FORMAS COM ENCARGOS COMPLEMENTARES","h",{"$f":"'CPU (DF)'!C233","v":8.8888888888888892E-2},null,88262,null,"SINAPI PB 06/223",null,{"$f":"VLOOKUP(E233,[38]planilhanull!$G$7:$K$7520,5,FALSE)","v":"22,62"},{"$f":"ROUND((I233*C233),2)","v":2.0099999999999998}]
["AJUDANTE DE CARPINTEIRO COM ENCARGOS COMPLEMENTARES","h",{"$f":"'CPU (DF)'!C234","v":8.8888888888888892E-2},null,88239,null,"SINAPI PB 06/223",null,{"$f":"VLOOKUP(E234,[38]planilhanull!$G$7:$K$7520,5,FALSE)","v":"17,91"},{"$f":"ROUND((I234*C234),2)","v":1.59}]
["SUB-TOTAL",{"$nulls":8},{"$f":"SUM(J228:J234)","v":12.891103498217468}]
["PRODUÇÃO MENSAL DA EQUIPE",{"$f":"'CPU (DF)'!B236","v":1980},"CUSTO ",{"$nulls":6},{"$f":"J235+J225+J221+J213","v":38.507719919786098}]
["TOTAL",{"$nulls":8},{"$f":"ROUND(J236,2)","v":38.51}]
["BDI                %",{"$nulls":8},24.1]
["TOTAL DO SERVIÇO - R$",{"$nulls":8},{"$f":"ROUND(J237*(1+J238/100),2)","v":47.79}]
[]
[" COMPOSIÇÃO DE PREÇO UNITÁRIO"]
["CERCAMENTO DE ÁREAS AMBIENTALMENTE VULNERÁVEIS À BOVINOCULTURA",{"$nulls":7},"UNIDADE: ","m"]
["EQUIPAMENTO"]
["DISCRIMINAÇÃO","UNIDADE","QUANT. PROD.","QUANT. IMPROD.","COD. P","COD. I","FONTE",null,"P.UNIT.","P.TOTAL"]
["NIVEL OPTICO, COM PRECISAO DE 0,7 MM, AUMENTO DE 32X","h",{"$f":"'CPU (DF)'!C245","v":5.000000000000001E-2},null,7252,null,"SINAPI PB 06/223",{"$f":"H57","v":2.25},null,{"$f":"C245*H245+D245*I245","v":0.11250000000000002}]
["TEODOLITO ELETRONICO, PRECISAO ANGULAR DE 5 A 7 SEGUNDOS, INCLUINDO TRIPE","h",{"$f":"'CPU (DF)'!C246","v":5.000000000000001E-2},null,7247,null,"SINAPI PB 06/223",{"$f":"H58","v":2.25},null,{"$f":"C246*H246+D246*I246","v":0.11250000000000002}]
["VEÍCULO DE PASSEIO PARA DESLOCAMENTO DA EQUIPE","h",{"$f":"'CPU (DF)'!C247","v":1.8382352941176468E-2},{"$f":"'CPU (DF)'!D247","v":3.063725490196078E-2},"E9093",null,"SICRO PB 01/2023",{"$f":"H30","v":33.058999999999997},{"$f":"I30","v":6.4165999999999999},{"$f":"C247*H247+D247*I247","v":0.80428921568627432}]
["CAMINHONETE CABINE SIMPLES COM MOTOR 1.6 FLEX, CÂMBIO MANUAL, POTÊNCIA 101/104 CV, 2 PORTAS","h",{"$f":"'CPU (DF)'!C248","v":2.9779411764705884E-2},{"$f":"'CPU (DF)'!D248","v":4.9632352941176468E-2},92145,92146,"SINAPI PB 06/223",{"$f":"H31","v":"66,78"},{"$f":"I31","v":"26,77"},{"$f":"C248*H248+D248*I248","v":3.3173272058823531}]
["SUB-TOTAL",{"$nulls":8},{"$f":"SUM(J245:J248)","v":4.3466164215686272}]
["MATERIAL"]
["DISCRIMINAÇÃO","UNIDADE","QUANT.",null,"COD.",null,"FONTE",null,"P.UNIT.","P.TOTAL"]
["MOURAO ROLICO DE MADEIRA TRATADA, D = 16 A 20 CM, H = 3,0 M, EM EUCALIPTO OU EQUIVALENTE DA REGIAO (PARA CERCA)","m",{"$f":"'CPU (DF)'!C252","v":6.6666666666666666E-2},null,2747,null,"SINAPI PB 06/223",null,{"$f":"VLOOKUP(E252,[40]sheet1!$A$1:$E$65536,5,FALSE)","v":27.44},{"$f":"ROUND((I252*C252),2)","v":1.83}]
["MOURAO ROLICO DE MADEIRA TRATADA, D  ≥ 10 CM, H = 2,20 M, EM EUCALIPTO OU EQUIVALENTE DA REGIAO (PARA CERCA)","m",{"$f":"'CPU (DF)'!C253","v":0.41111111111111115},null,21138,null,"SINAPI PB 06/223",null,{"$f":"VLOOKUP(E253,[40]sheet1!$A$1:$E$65536,5,FALSE)","v":8.6999999999999993},{"$f":"ROUND((I253*C253),2)","v":3.58}]
["ARAME FARPADO GALVANIZADO, 16 BWG (1,65 MM), CLASSE 250","m",{"$f":"'CPU (DF)'!C254","v":5},null,340,null,"SINAPI PB 06/223",null,{"$f":"VLOOKUP(E254,[40]sheet1!$A$1:$E$65536,5,FALSE)","v":1.57},{"$f":"ROUND((I254*C254),2)","v":7.85}]
["GRAMPO DE ACO POLIDO 1 \" X 9","kg",{"$f":"'CPU (DF)'!C255","v":0.03},null,5076,null,"SINAPI PB 06/223",null,{"$f":"VLOOKUP(E255,[40]sheet1!$A$1:$E$65536,5,FALSE)","v":21.58},{"$f":"ROUND((I255*C255),2)","v":0.65}]
["ESTACA/PIQUETE DE MADEIRA (0,5 m)","U",{"$f":"'CPU (DF)'!C256","v":0.05},null,4408,null,"SINAPI PB 06/223",null,{"$f":"I220","v":0.8},{"$f":"C256*I256","v":4.0000000000000008E-2}]
["SUB-TOTAL",{"$nulls":8},{"$f":"SUM(J252:J256)","v":13.95}]
["SERVIÇOS - COMPOSIÇÕES AUXILIARES"]
["DISCRIMINAÇÃO","UNIDADE","QUANT.",null,"COD.",null,"FONTE",null,"P.UNIT.","P.TOTAL"]
[]
["SUB-TOTAL",{"$nulls":8},{"$f":"J260","v":0}]
["MÃO DE OBRA"]
["DISCRIMINAÇÃO","UNIDADE","QUANT.",null,"COD. P","COD. I","FONTE",null,"P.UNIT.","P.TOTAL"]
["ENGENHEIRO COM ENCARGO","mês",{"$f":"'CPU (DF)'!C264","v":1.1140819964349375E-4},null,93565,null,"SINAPI PB 06/223",null,{"$f":"I228","v":"19.619,58"},{"$f":"C264*I264","v":2.1857820855614976}]
["ENCARREGADO COM ENCARGO","mês",{"$f":"'CPU (DF)'!C265","v":3.3422459893048126E-4},null,93572,null,"SINAPI PB 06/223",null,{"$f":"I229","v":"3.982,22"},{"$f":"C265*I265","v":1.330955882352941}]
["TOPOGRAFO COM ENCARGOS","mês",{"$f":"'CPU (DF)'!C266","v":2.8409090909090913E-4},null,94296,null,"SINAPI PB 06/223",null,"5.943,36",{"$f":"C266*I266","v":1.6884545454545457}]
["AUXILIAR DE TOPOGRÁFO COM ENCARGOS","mês",{"$f":"'CPU (DF)'!C267","v":2.8409090909090913E-4},null,101389,null,"SINAPI PB 06/223",null,"2.871,26",{"$f":"C267*I267","v":0.81569886363636379}]
["SERVENTE COM ENCARGOS COMPLEMENTARES - ABERTURA DE PICADAS, ESCAVAÇÃO MANUAL E ASSENTAMENTO DE MOURÕES","mês",{"$f":"'CPU (DF)'!C268","v":1.0822510822510823E-3},null,101452,null,"SINAPI PB 06/223",null,"3.237,51",{"$f":"C268*I268","v":3.5037987012987015}]
["CARPINTEIRO DE FORMAS COM ENCARGOS COMPLEMENTARES","h",{"$f":"'CPU (DF)'!C269","v":9.5238095238095247E-2},null,88262,null,"SINAPI PB 06/223",null,"22,62",{"$f":"ROUND((I269*C269),2)","v":2.15}]
["AJUDANTE DE CARPINTEIRO COM ENCARGOS COMPLEMENTARES","h",{"$f":"'CPU (DF)'!C270","v":9.5238095238095247E-2},null,88239,null,"SINAPI PB 06/223",null,"17,91",{"$f":"ROUND((I270*C270),2)","v":1.71}]
["SUB-TOTAL",{"$nulls":8},{"$f":"SUM(J264:J270)","v":13.38469007830405}]
["PRODUÇÃO MENSAL DA EQUIPE",{"$f":"'CPU (DF)'!B272","v":1847.9999999999998},"CUSTO ",{"$nulls":6},{"$f":"J271+J261+J257+J249","v":31.681306499872676}]
["TOTAL",{"$nulls":8},{"$f":"ROUND(J272,2)","v":31.68}]
["BDI                %",{"$nulls":8},24.1]
["TOTAL DO SERVIÇO - R$",{"$nulls":8},{"$f":"ROUND(J273*(1+J274/100),2)","v":39.31}]
[]
[" COMPOSIÇÃO DE PREÇO UNITÁRIO"]
["PLACA DE IDENTIFICAÇÃO DE OBRA",{"$nulls":7},"UNIDADE: ","m²"]
["EQUIPAMENTO"]
["DISCRIMINAÇÃO","UNIDADE","QUANT. PROD.","QUANT. IMPROD.","CÓDIGO",null,null,null,"P.UNIT.","P.TOTAL"]
[{"$nulls":9},{"$f":"C281*I281","v":0}]
["SUB-TOTAL",{"$nulls":8},{"$f":"SUM(J281:J281)","v":0}]
["MATERIAL"]
["DISCRIMINAÇÃO","UNIDADE","QUANT.",null,"COD. P","COD. I",null,null,"P.UNIT.","P.TOTAL"]
["PONTALETE *7,5 X 7,5* CM EM PINUS, MISTA OU EQUIVALENTE DA REGIAO - BRUTA","M",{"$f":"'CPU (DF)'!C285","v":1},null,4491,null,"SINAPI PB 06/223",null,{"$f":"VLOOKUP(E285,[40]sheet1!$A$1:$E$65536,5,FALSE)","v":14.16},{"$f":"ROUND((I285*C285),2)","v":14.16}]
["SARRAFO NAO APARELHADO *2,5 X 7* CM","M",{"$f":"'CPU (DF)'!C286","v":1},null,4417,null,"SINAPI PB 06/223",null,{"$f":"VLOOKUP(E286,[40]sheet1!$A$1:$E$65536,5,FALSE)","v":5.71},{"$f":"ROUND((I286*C286),2)","v":5.71}]
["PREGO DE ACO POLIDO COM CABECA 18 X 30 (2 3/4 X 10)","KG",{"$f":"'CPU (DF)'!C287","v":1.8333333333333333E-2},null,5075,null,"SINAPI PB 06/223",null,{"$f":"VLOOKUP(E287,[40]sheet1!$A$1:$E$65536,5,FALSE)","v":21.36},{"$f":"ROUND((I287*C287),2)","v":0.39}]
["PLACA DE OBRA (PARA CONSTRUCAO CIVIL) EM CHAPA GALVANIZADA","M2",{"$f":"'CPU (DF)'!C288","v":1},null,4813,null,"SINAPI PB 06/223",null,{"$f":"VLOOKUP(E288,[40]sheet1!$A$1:$E$65536,5,FALSE)","v":250},{"$f":"ROUND((I288*C288),2)","v":250}]
["SUB-TOTAL",{"$nulls":8},{"$f":"SUM(J285:J288)","v":270.26}]
["SERVIÇOS - COMPOSIÇÕES AUXILIARES"]
["DISCRIMINAÇÃO","UNIDADE","QUANT.",null,"COD. P","COD. I",null,null,"P.UNIT.","P.TOTAL"]
["CONCRETO MAGRO TRAÇO 1:4,5:4,5 (CIMENTO/ AREIA MÉDIA/ BRITA 1) - PREPARO MECÂNICO COM BETONEIRA 400 L.","M3",{"$f":"'CPU (DF)'!C292","v":1.6666666666666666E-2},null,94962,null,"SINAPI PB 06/223",null,{"$f":"VLOOKUP(E292,[38]planilhanull!$G$7:$K$7520,5,FALSE)","v":"379,25"},{"$f":"ROUND((I292*C292),2)","v":6.32}]
["SUB-TOTAL",{"$nulls":8},{"$f":"J292","v":6.32}]
["MÃO DE OBRA"]
["DISCRIMINAÇÃO","UNIDADE","QUANT.",null,"COD. P","COD. I",null,null,"P.UNIT.","P.TOTAL"]
["CARPINTEIRO DE FORMAS COM ENCARGOS COMPLEMENTARES","H",{"$f":"'CPU (DF)'!C296","v":0.33333333333333331},null,88262,null,"SINAPI PB 06/223",null,{"$f":"I269","v":"22,62"},{"$f":"ROUND((I296*C296),2)","v":7.54}]
["AJUDANTE DE CARPINTEIRO COM ENCARGOS COMPLEMENTARES","H",{"$f":"'CPU (DF)'!C297","v":0.66666666666666663},null,88239,null,"SINAPI PB 06/223",null,{"$f":"I270","v":"17,91"},{"$f":"ROUND((I297*C297),2)","v":11.94}]
["SUB-TOTAL",{"$nulls":8},{"$f":"SUM(J296:J297)","v":19.48}]
["PRODUÇÃO MENSAL DA EQUIPE",{"$f":"'CPU (DF)'!B299","v":528},"CUSTO ",{"$nulls":6},{"$f":"J298+J293+J289+J282","v":296.06}]
["TOTAL",{"$nulls":8},{"$f":"ROUND(J299,2)","v":296.06}]
["BDI                %",{"$nulls":8},24.1]
["TOTAL DO SERVIÇO - R$",{"$nulls":8},{"$f":"ROUND(J300*(1+J301/100),2)","v":367.41}]

{"sheet":"CPU (PE)","index":12,"n_rows":302,"n_cols":10,"rows_kept":302,"cut":false,"hidden":false,"merged":[[301,0,301,8],[282,0,282,9],[288,0,288,8],[289,0,289,9],[292,0,292,8],[293,0,293,9],[297,0,297,8],[298,2,298,8],[299,0,299,8],[300,0,300,8],[270,0,270,8],[271,2,271,8],[272,0,272,8],[273,0,273,8],[274,0,274,8],[276,0,276,9],[277,0,277,7],[278,0,278,9],[281,0,281,8],[173,0,173,9],[174,0,174,7],[175,0,175,9],[182,0,182,8],[183,0,183,9],[186,0,186,8],[187,0,187,9],[190,0,190,8],[191,0,191,9],[198,0,198,8],[199,2,199,8],[200,0,200,8],[201,0,201,8],[204,0,204,9],[205,0,205,7],[206,0,206,9],[212,0,212,8],[213,0,213,9],[202,0,202,8],[220,0,220,8],[221,0,221,9],[234,0,234,8],[235,2,235,8],[240,0,240,9],[256,0,256,8],[257,0,257,9],[260,0,260,8],[261,0,261,9],[238,0,238,8],[241,0,241,7],[242,0,242,9],[248,0,248,8],[249,0,249,9],[236,0,236,8],[237,0,237,8],[224,0,224,8],[225,0,225,9],[0,0,0,9],[1,0,1,1],[1,2,1,4],[1,6,1,7],[2,0,2,9],[5,0,5,8],[110,0,110,9],[111,0,111,7],[112,0,112,9],[19,2,19,8],[20,0,20,8],[21,0,21,8],[22,0,22,8],[24,0,24,9],[25,0,25,7],[6,0,6,9],[10,0,10,8],[11,0,11,9],[14,0,14,8],[15,0,15,9],[18,0,18,8],[41,0,41,9],[46,0,46,8],[47,2,47,8],[48,0,48,8],[49,0,49,8],[50,0,50,8],[26,0,26,9],[31,0,31,8],[32,0,32,9],[35,0,35,8],[36,0,36,9],[40,0,40,8],[64,0,64,9],[67,0,67,8],[68,0,68,9],[72,0,72,8],[73,2,73,8],[74,0,74,8],[52,0,52,9],[53,0,53,7],[54,0,54,9],[59,0,59,8],[60,0,60,9],[63,0,63,8],[88,0,88,9],[91,0,91,8],[92,0,92,9],[95,0,95,8],[96,0,96,9],[103,0,103,8],[75,0,75,8],[76,0,76,8],[78,0,78,9],[79,0,79,7],[80,0,80,9],[87,0,87,8],[104,2,104,8],[105,0,105,8],[106,0,106,8],[107,0,107,8],[119,0,119,8],[120,0,120,9],[123,0,123,8],[124,0,124,9],[137,0,137,8],[138,0,138,8],[127,0,127,8],[128,0,128,9],[135,0,135,8],[136,2,136,8],[139,0,139,8],[141,0,141,9],[142,0,142,7],[143,0,143,9],[150,0,150,8],[151,0,151,9],[154,0,154,8],[155,0,155,9],[170,0,170,8],[158,0,158,8],[159,0,159,9],[166,0,166,8],[167,2,167,8],[168,0,168,8],[169,0,169,8]]}
[" COMPOSIÇÃO DE PREÇO UNITÁRIO"]
["MOBILIZAÇÃO E DESMOBILIZAÇÃO",null,"REGIÃO:",null,null,null,"PE",null,"UNIDADE: ","R$/Tonelada/ Projeto"]
["EQUIPAMENTO"]
["DISCRIMINAÇÃO","UNIDADE","QUANT. PROD.","QUANT. IMPROD.","COD.",null,"FONTE","P.UNIT. PROD","P.UNIT. IMPR","P.TOTAL"]
[{"$nulls":9},{"$f":"C5*E5*H5+C5*G5*I5","v":0}]
["SUB-TOTAL",{"$nulls":8},{"$f":"SUM(J5:J5)","v":0}]
["MATERIAL"]
["DISCRIMINAÇÃO","UNIDADE","QUANT.",null,"COD.",null,"FONTE",null,"P.UNIT.","P.TOTAL"]
[{"$nulls":9},"Toneladas/ Projeto"]
[{"$nulls":9},{"$f":"C10*I10","v":0}]
["SUB-TOTAL",{"$nulls":8},{"$f":"SUM(J9:J10)","v":0}]
["SERVIÇOS - COMPOSIÇÕES AUXILIARES"]
["DISCRIMINAÇÃO","UNIDADE","QUANT.",null,"COD.",null,"FONTE",null,"P.UNIT.","P.TOTAL"]
["TRANSPORTE COM CAVALO MECÂNICO COM SEMIRREBOQUE COM CAPACIDADE DE 30 T - RODOVIA PAVIMENTADA","t*km",{"$f":"'CPU (DF)'!C14","v":1},null,5914640,null,"SICRO PE 01/2023",null,{"$f":"VLOOKUP(E14,[41]Sheet1!$A:$D,4,FALSE)","v":0.56000000000000005},{"$f":"C14*I14","v":0.56000000000000005}]
["SUB-TOTAL",{"$nulls":8},{"$f":"SUM(J14:J14)","v":0.56000000000000005}]
["MÃO DE OBRA"]
["DISCRIMINAÇÃO","UNIDADE","QUANT.",{"$nulls":5},"P.UNIT.","P.TOTAL"]
[{"$nulls":9},{"$f":"C18*I18","v":0}]
["SUB-TOTAL",{"$nulls":8},{"$f":"SUM(J18:J18)","v":0}]
["PRODUÇÃO DA EQUIPE (MOB E DESMOB) EM km",{"$f":"VLOOKUP(G2,DMT!D:E,2)*2","v":500.96},"CUSTO ",{"$nulls":6},{"$f":"J19+J15+J11+J6","v":0.56000000000000005}]
["TOTAL",{"$nulls":8},{"$f":"J20*B20","v":280.5376}]
["BDI                %",{"$nulls":8},24.1]
["TOTAL DO SERVIÇO - R$",{"$nulls":8},{"$f":"J21*(1+J22/100)","v":348.1471616}]
[]
[" COMPOSIÇÃO DE PREÇO UNITÁRIO"]
["LOCAÇÃO E CONSTRUÇÃO DE TERRAÇOS - INCLUSIVE SOLOS DUROS E SECOS",{"$nulls":7},"UNIDADE: ","km"]
["EQUIPAMENTO"]
["DISCRIMINAÇÃO","UNIDADE","QUANT. PROD.","QUANT. IMPROD.","COD. P","COD. I","FONTE","CHP","CHI","P.TOTAL"]
["TRATOR DE ESTEIRAS, POTÊNCIA 125 HP, PESO OPERACIONAL 12,9 T, COM LÂMINA 2,7 M3","H",{"$f":"'CPU (DF)'!C29","v":7.0588235294117654},{"$f":"'CPU (DF)'!D29","v":2.3529411764705883},5851,5853,"SINAPI PE 06/223",{"$f":"VLOOKUP(E29,[42]planilhanull!$G$7:$K$7520,5,FALSE)","v":217.76},{"$f":"VLOOKUP(F29,[42]planilhanull!$G$7:$K$7520,5,FALSE)","v":77.98},{"$f":"C29*H29+D29*I29","v":1720.6117647058825}]
["VEÍCULO DE PASSEIO PARA DESLOCAMENTO DA EQUIPE","H",{"$f":"'CPU (DF)'!C30","v":0.93749999999999989},{"$f":"'CPU (DF)'!D30","v":1.5624999999999998},"E9093","E9093","SICRO PE 01/2023",{"$f":"VLOOKUP(E30,[43]Sheet1!$A:$K,10,FALSE)","v":33.206499999999998},{"$f":"VLOOKUP(F30,[43]Sheet1!$A:$K,11,FALSE)","v":6.3956},{"$f":"C30*H30+D30*I30","v":41.124218749999997}]
["CAMINHONETE CABINE SIMPLES COM MOTOR 1.6 FLEX, CÂMBIO MANUAL, POTÊNCIA 101/104 CV, 2 PORTAS","H",{"$f":"'CPU (DF)'!C31","v":0.5625},{"$f":"'CPU (DF)'!D31","v":0.93749999999999989},92145,92146,"SINAPI PE 06/223",{"$f":"VLOOKUP(E31,[42]planilhanull!$G$7:$K$7520,5,FALSE)","v":70.59},{"$f":"VLOOKUP(F31,[42]planilhanull!$G$7:$K$7520,5,FALSE)","v":27.97},{"$f":"C31*H31+D31*I31","v":65.928750000000008}]
["SUB-TOTAL",{"$nulls":8},{"$f":"SUM(J29:J31)","v":1827.6647334558825}]
["MATERIAL"]
["DISCRIMINAÇÃO","UNIDADE","QUANT.",null,"COD.",null,"FONTE",null,"P.UNIT.","P.TOTAL"]
[]
["SUB-TOTAL",{"$nulls":8},{"$f":"SUM(J35:J35)","v":0}]
["SERVIÇOS - COMPOSIÇÕES AUXILIARES"]
["DISCRIMINAÇÃO","UNIDADE","QUANT.",null,"COD.",null,"FONTE",null,"P.UNIT.","P.TOTAL"]
["LOCAÇÃO E NIVELAMENTO DE TERRAÇOS COM TOPOGRAFIA","KM",{"$f":"'CPU (DF)'!C39","v":1},null,"COMPOSIÇÃO",null,null,null,{"$f":"J75","v":190.68},{"$f":"C39*I39","v":190.68}]
["REVESTIMENTO VEGETAL POR SEMEADURA A LANÇO MANUAL DE GRAMÍNEAS E LEGUMINOSAS","m²",{"$f":"'CPU (DF)'!C40","v":1000},null,4413993,null,"SICRO DF 07/2022",null,{"$f":"VLOOKUP(E40,[41]Sheet1!$A:$D,4,FALSE)","v":0.65},{"$f":"C40*I40","v":650}]
["SUB-TOTAL",{"$nulls":8},{"$f":"SUM(J39:J40)","v":840.68000000000006}]
["MÃO DE OBRA"]
["DISCRIMINAÇÃO","UNIDADE","QUANT.",null,"COD. P","COD. I","FONTE",null,"P.UNIT.","P.TOTAL"]
["ENGENHEIRO COM ENCARGO","MES",{"$f":"'CPU (DF)'!C44","v":5.681818181818182E-3},null,93565,null,"SINAPI PE 06/223",null,{"$f":"VLOOKUP(E44,[42]planilhanull!$G$7:$K$7520,5,FALSE)","v":19660.439999999999},{"$f":"C44*I44","v":111.70704545454545}]
["SERVENTE COM ENCARGOS COMPLEMENTARES - INLUSIVE ABERTURA E FECHAMENTO DE CERCAS","MES",{"$f":"'CPU (DF)'!C45","v":5.3475935828877004E-2},null,101452,null,"SINAPI PE 06/223",null,{"$f":"VLOOKUP(E45,[42]planilhanull!$G$7:$K$7520,5,FALSE)","v":3779.86},{"$f":"C45*I45","v":202.13155080213903}]
["ENCARREGADO COM ENCARGO","MES",{"$f":"'CPU (DF)'!C46","v":1.7045454545454544E-2},null,93572,null,"SINAPI PE 06/223",null,{"$f":"VLOOKUP(E46,[42]planilhanull!$G$7:$K$7520,5,FALSE)","v":6786.45},{"$f":"C46*I46","v":115.67812499999999}]
["SUB-TOTAL",{"$nulls":8},{"$f":"SUM(J44:J46)","v":429.51672125668449}]
["PRODUÇÃO DA EQUIPE MÊS 22 KM, MAS COM FATOR DE REDUÇÃO PARA PÉRIODOS COM CHUVAS ",{"$f":"'CPU (DF)'!B48","v":18.7},"CUSTO ",{"$nulls":6},{"$f":"J47+J41+J36+J32","v":3097.8614547125671}]
["TOTAL",{"$nulls":8},{"$f":"ROUND(J48,2)","v":3097.86}]
["BDI                %",{"$nulls":8},24.1]
["TOTAL DO SERVIÇO - R$",{"$nulls":8},{"$f":"ROUND(J49*(1+J50/100),2)","v":3844.44}]
[]
[" COMPOSIÇÃO DE PREÇO UNITÁRIO"]
["LOCAÇÃO E NIVELAMENTO DE TERRAÇOS COM TOPOGRAFIA",{"$nulls":7},"UNIDADE: ","km"]
["EQUIPAMENTO"]
["DISCRIMINAÇÃO","UNIDADE","QUANT. PROD.","QUANT. IMPROD.","COD. P","COD. I","FONTE","CHP/ P.UNIT.","CHI","P.TOTAL"]
["NIVEL OPTICO, COM PRECISAO DE 0,7 MM, AUMENTO DE 32X","H",{"$f":"'CPU (DF)'!C57","v":0.99609374999999989},null,7252,null,"SINAPI PE 06/223",{"$f":"VLOOKUP(E57,[44]sheet1!$A$1:$E$65536,5,FALSE)","v":2.25},null,{"$f":"C57*H57+D57*I57","v":2.2412109374999996}]
["TEODOLITO ELETRONICO, PRECISAO ANGULAR DE 5 A 7 SEGUNDOS, INCLUINDO TRIPE","H",{"$f":"'CPU (DF)'!C58","v":0.99609374999999989},null,7247,null,"SINAPI PE 06/223",{"$f":"VLOOKUP(E58,[44]sheet1!$A$1:$E$65536,5,FALSE)","v":2.25},null,{"$f":"C58*H58+D58*I58","v":2.2412109374999996}]
["CAMINHONETE CABINE SIMPLES COM MOTOR 1.6 FLEX, CÂMBIO MANUAL, POTÊNCIA 101/104 CV, 2 PORTAS","H",{"$f":"'CPU (DF)'!C59","v":0.37353515624999994},{"$f":"'CPU (DF)'!D59","v":0.62255859375},92145,92146,"SINAPI PE 06/223",{"$f":"H31","v":70.59},{"$f":"I31","v":27.97},{"$f":"C59*H59+D59*I59","v":43.780810546874996}]
["SUB-TOTAL",{"$nulls":8},{"$f":"SUM(J57:J59)","v":48.263232421874996}]
["MATERIAL"]
["DISCRIMINAÇÃO","UNIDADE","QUANT.",null,"COD.",null,null,null,"P.UNIT.","P.TOTAL"]
["ESTACA/PIQUETE DE MADEIRA","U",{"$f":"'CPU (DF)'!C63","v":83.333333333333329},null,4408,null,"SINAPI PE 06/223",null,{"$f":"VLOOKUP(E63,[44]sheet1!$A$1:$E$65536,5,FALSE)*0.4","v":1.1800000000000002},{"$f":"C63*I63","v":98.333333333333343}]
["SUB-TOTAL",{"$nulls":8},{"$f":"SUM(J63:J63)","v":98.333333333333343}]
["SERVIÇOS - COMPOSIÇÕES AUXILIARES"]
["DISCRIMINAÇÃO","UNIDADE","QUANT.",{"$nulls":5},"P.UNIT.","P.TOTAL"]
[]
["SUB-TOTAL"]
["MÃO DE OBRA"]
["DISCRIMINAÇÃO","UNIDADE","QUANT.",null,"COD. P","COD. I",null,null,"P.UNIT.","P.TOTAL"]
["AUXILIAR DE TOPOGRÁFO COM ENCARGOS","MÊS",{"$f":"'CPU (DF)'!C71","v":5.6596235795454541E-3},null,101389,null,"SINAPI PE 06/223",null,{"$f":"VLOOKUP(E71,[42]planilhanull!$G$7:$K$7520,5,FALSE)","v":2552.8000000000002},{"$f":"C71*I71","v":14.447887073863637}]
["TOPOGRAFO COM ENCARGOS","MÊS",{"$f":"'CPU (DF)'!C72","v":5.6596235795454541E-3},null,94296,null,"SINAPI PE 06/223",null,{"$f":"VLOOKUP(E72,[42]planilhanull!$G$7:$K$7520,5,FALSE)","v":5235.72},{"$f":"C72*I72","v":29.632204367897724}]
["SUB-TOTAL",{"$nulls":8},{"$f":"SUM(J71:J72)","v":44.080091441761361}]
["PRODUÇÃO MENSAL DA EQUIPE",{"$f":"'CPU (DF)'!B74","v":46.93333333333333},"CUSTO ",{"$nulls":6},{"$f":"J73+J68+J64+J60","v":190.6766571969697}]
["TOTAL",{"$nulls":8},{"$f":"ROUND(J74,2)","v":190.68}]
["BDI                %",{"$nulls":8},24.1]
["TOTAL DO SERVIÇO - R$",{"$nulls":8},{"$f":"ROUND(J75*(1+J76/100),2)","v":236.63}]
[]
[" COMPOSIÇÃO DE PREÇO UNITÁRIO"]
["LOCAÇÃO E CONSTRUÇÃO DE BACIAS DE CAPTAÇÃO DE ENXURRADA (4 METROS DE RAIO)",{"$nulls":7},"UNIDADE: ","UNID."]
["EQUIPAMENTO"]
["DISCRIMINAÇÃO","UNIDADE","QUANT. PROD.","QUANT. IMPROD.","COD. P","COD. I","FONTE","CHP/ P.UNIT.","CHI","P.TOTAL"]
["NIVEL OPTICO, COM PRECISAO DE 0,7 MM, AUMENTO DE 32X","H",{"$f":"'CPU (DF)'!C83","v":0.59999999999999987},null,7252,null,"SINAPI PE 06/223",{"$f":"$H$57","v":2.25},null,{"$f":"C83*H83+D83*I83","v":1.3499999999999996}]
["TEODOLITO ELETRONICO, PRECISAO ANGULAR DE 5 A 7 SEGUNDOS, INCLUINDO TRIPE","H",{"$f":"'CPU (DF)'!C84","v":0.59999999999999987},null,7247,null,"SINAPI PE 06/223",{"$f":"$H$58","v":2.25},null,{"$f":"C84*H84+D84*I84","v":1.3499999999999996}]
["PÁ CARREGADEIRA SOBRE RODAS, POTÊNCIA LÍQUIDA 128 HP, CAPACIDADE DA CAÇAMBA 1,7 A 2,8 M³","H",{"$f":"'CPU (DF)'!C85","v":0.77795298165137616},{"$f":"'CPU (DF)'!D85","v":0.25931766055045874},5940,5942,"SINAPI PE 06/223",{"$f":"VLOOKUP(E85,[42]planilhanull!$G$7:$K$7520,5,FALSE)","v":182.13},{"$f":"VLOOKUP(F85,[42]planilhanull!$G$7:$K$7520,5,FALSE)","v":77.16},{"$f":"C85*H85+D85*I85","v":161.69752723623853}]
["VEÍCULO DE PASSEIO PARA DESLOCAMENTO DA EQUIPE","H",{"$f":"'CPU (DF)'!C86","v":0.23437500000000003},{"$f":"'CPU (DF)'!D86","v":0.39062500000000006},"E9093",null,"SICRO PE 01/2023",{"$f":"$H$30","v":33.206499999999998},{"$f":"$I$30","v":6.3956},{"$f":"C86*H86+D86*I86","v":10.281054687500001}]
["CAMINHONETE CABINE SIMPLES COM MOTOR 1.6 FLEX, CÂMBIO MANUAL, POTÊNCIA 101/104 CV, 2 PORTAS","H",{"$f":"'CPU (DF)'!C87","v":0.60937499999999989},{"$f":"'CPU (DF)'!D87","v":0.36562499999999998},92145,92146,"SINAPI PE 06/223",{"$f":"$H$31","v":70.59},{"$f":"$I$31","v":27.97},{"$f":"C87*H87+D87*I87","v":53.242312499999997}]
["SUB-TOTAL",{"$nulls":8},{"$f":"SUM(J83:J87)","v":227.9208944237385}]
["MATERIAL"]
["DISCRIMINAÇÃO","UNIDADE","QUANT.",null,"COD.",null,null,null,"P.UNIT.","P.TOTAL"]
["ESTACA/PIQUETE DE MADEIRA","U",{"$f":"'CPU (DF)'!C91","v":12},null,4408,null,"SINAPI PE 06/223",null,{"$f":"$I$63","v":1.1800000000000002},{"$f":"C91*I91","v":14.160000000000002}]
["SUB-TOTAL",{"$nulls":8},{"$f":"SUM(J91:J91)","v":14.160000000000002}]
["SERVIÇOS - COMPOSIÇÕES AUXILIARES"]
["DISCRIMINAÇÃO","UNIDADE","QUANT.",{"$nulls":5},"P.UNIT.","P.TOTAL"]
["REVESTIMENTO VEGETAL POR SEMEADURA A LANÇO MANUAL DE GRAMÍNEAS E LEGUMINOSAS","m²",{"$f":"'CPU (DF)'!C95","v":50.26548245743669},null,4413993,null,"SICRO DF 07/2022",null,{"$f":"VLOOKUP(E95,[41]Sheet1!$A:$D,4,FALSE)","v":0.65},{"$f":"C95*I95","v":32.672563597333848}]
["SUB-TOTAL",{"$nulls":8},{"$f":"SUM(J95:J95)","v":32.672563597333848}]
["MÃO DE OBRA"]
["DISCRIMINAÇÃO","UNIDADE","QUANT.",null,"COD. P","COD. I",null,null,"P.UNIT.","P.TOTAL"]
["ENGENHEIRO COM ENCARGO","MÊS",{"$f":"'CPU (DF)'!C99","v":1.4204545454545455E-3},null,93565,null,"SINAPI PE 06/223",null,{"$f":"$I$44","v":19660.439999999999},{"$f":"C99*I99","v":27.926761363636363}]
["ENCARREGADO COM ENCARGO","MÊS",{"$f":"'CPU (DF)'!C100","v":4.2613636363636369E-3},null,93572,null,"SINAPI PE 06/223",null,{"$f":"$I$46","v":6786.45},{"$f":"C100*I100","v":28.919531250000002}]
["TOPOGRAFO COM ENCARGOS","MÊS",{"$f":"'CPU (DF)'!C101","v":3.4090909090909085E-3},null,94296,null,"SINAPI PE 06/223",null,{"$f":"$I$72","v":5235.72},{"$f":"C101*I101","v":17.849045454545454}]
["AUXILIAR DE TOPOGRÁFO COM ENCARGOS","MÊS",{"$f":"'CPU (DF)'!C102","v":3.4090909090909085E-3},null,101389,null,"SINAPI PE 06/223",null,{"$f":"$I$71","v":2552.8000000000002},{"$f":"C102*I102","v":8.7027272727272713}]
["SERVENTE COM ENCARGOS COMPLEMENTARES - INLUSIVE ABERTURA E FECHAMENTO DE CERCAS","MES",{"$f":"'CPU (DF)'!C103","v":5.893583194328607E-3},null,101452,null,"SINAPI PE 06/223",null,{"$f":"$I$45","v":3779.86},{"$f":"C103*I103","v":22.276919372914929}]
["SUB-TOTAL",{"$nulls":8},{"$f":"SUM(J99:J103)","v":105.67498471382403}]
["PRODUÇÃO MENSAL DA EQUIPE",{"$f":"'CPU (DF)'!B105","v":169.67606412382531},"CUSTO ",{"$nulls":6},{"$f":"J104+J96+J92+J88","v":380.42844273489641}]
["TOTAL",{"$nulls":8},{"$f":"ROUND(J105,2)","v":380.43}]
["BDI                %",{"$nulls":8},24.1]
["TOTAL DO SERVIÇO - R$",{"$nulls":8},{"$f":"ROUND(J106*(1+J107/100),2)","v":472.11}]
[]
[]
[" COMPOSIÇÃO DE PREÇO UNITÁRIO"]
["LOCAÇÃO E CONSTRUÇÃO DE BACIAS DE CAPTAÇÃO DE ENXURRADA (6 METROS DE RAIO)",{"$nulls":7},"UNIDADE: ","UNID."]
["EQUIPAMENTO"]
["DISCRIMINAÇÃO","UNIDADE","QUANT. PROD.","QUANT. IMPROD.","COD. P","COD. I","FONTE","CHP/ P.UNIT.","CHI","P.TOTAL"]
["NIVEL OPTICO, COM PRECISAO DE 0,7 MM, AUMENTO DE 32X","H",{"$f":"'CPU (DF)'!C115","v":0.59999999999999987},null,7252,null,"SINAPI PE 06/223",{"$f":"$H$57","v":2.25},null,{"$f":"C115*H115+D115*I115","v":1.3499999999999996}]
["TEODOLITO ELETRONICO, PRECISAO ANGULAR DE 5 A 7 SEGUNDOS, INCLUINDO TRIPE","H",{"$f":"'CPU (DF)'!C116","v":0.59999999999999987},null,7247,null,"SINAPI PE 06/223",{"$f":"$H$58","v":2.25},null,{"$f":"C116*H116+D116*I116","v":1.3499999999999996}]
["PÁ CARREGADEIRA SOBRE RODAS, POTÊNCIA LÍQUIDA 128 HP, CAPACIDADE DA CAÇAMBA 1,7 A 2,8 M³","H",{"$f":"'CPU (DF)'!C117","v":1.5361668577981655},{"$f":"'CPU (DF)'!D117","v":0.51205561926605514},5940,5942,"SINAPI PE 06/223",{"$f":"$H$85","v":182.13},{"$f":"$I$85","v":77.16},{"$f":"C117*H117+D117*I117","v":319.29228139334873}]
["VEÍCULO DE PASSEIO PARA DESLOCAMENTO DA EQUIPE","H",{"$f":"'CPU (DF)'!C118","v":0.25},{"$f":"'CPU (DF)'!D118","v":0.41666666666666669},"E9093",null,"SICRO PE 01/2023",{"$f":"$H$30","v":33.206499999999998},{"$f":"$I$30","v":6.3956},{"$f":"C118*H118+D118*I118","v":10.966458333333334}]
["CAMINHONETE CABINE SIMPLES COM MOTOR 1.6 FLEX, CÂMBIO MANUAL, POTÊNCIA 101/104 CV, 2 PORTAS","H",{"$f":"'CPU (DF)'!C119","v":0.62499999999999989},{"$f":"'CPU (DF)'!D119","v":0.375},92145,92146,"SINAPI PE 06/223",{"$f":"$H$31","v":70.59},{"$f":"$I$31","v":27.97},{"$f":"C119*H119+D119*I119","v":54.607499999999987}]
["SUB-TOTAL",{"$nulls":8},{"$f":"SUM(J115:J119)","v":387.56623972668206}]
["MATERIAL"]
["DISCRIMINAÇÃO","UNIDADE","QUANT.",null,"COD.",null,null,null,"P.UNIT.","P.TOTAL"]
["ESTACA/PIQUETE DE MADEIRA","U",{"$f":"'CPU (DF)'!C123","v":12},null,4408,null,"SINAPI PE 06/223",null,{"$f":"$I$63","v":1.1800000000000002},{"$f":"C123*I123","v":14.160000000000002}]
["SUB-TOTAL",{"$nulls":8},{"$f":"SUM(J123:J123)","v":14.160000000000002}]
["SERVIÇOS - COMPOSIÇÕES AUXILIARES"]
["DISCRIMINAÇÃO","UNIDADE","QUANT.",{"$nulls":5},"P.UNIT.","P.TOTAL"]
["REVESTIMENTO VEGETAL POR SEMEADURA A LANÇO MANUAL DE GRAMÍNEAS E LEGUMINOSAS","m²",{"$f":"'CPU (DF)'!C127","v":94.247779607693786},null,4413993,null,"SICRO DF 07/2022",null,{"$f":"VLOOKUP(E127,[41]Sheet1!$A:$D,4,FALSE)","v":0.65},{"$f":"C127*I127","v":61.261056745000964}]
["SUB-TOTAL",{"$nulls":8},{"$f":"SUM(J127:J127)","v":61.261056745000964}]
["MÃO DE OBRA"]
["DISCRIMINAÇÃO","UNIDADE","QUANT.",null,"COD. P","COD. I",null,null,"P.UNIT.","P.TOTAL"]
["ENGENHEIRO COM ENCARGO","MÊS",{"$f":"'CPU (DF)'!C131","v":1.5151515151515152E-3},null,93565,null,"SINAPI PE 06/223",null,{"$f":"$I$44","v":19660.439999999999},{"$f":"C131*I131","v":29.788545454545453}]
["ENCARREGADO COM ENCARGO","MÊS",{"$f":"'CPU (DF)'!C132","v":4.5454545454545452E-3},null,93572,null,"SINAPI PE 06/223",null,{"$f":"$I$46","v":6786.45},{"$f":"C132*I132","v":30.847499999999997}]
["TOPOGRAFO COM ENCARGOS","MÊS",{"$f":"'CPU (DF)'!C133","v":3.4090909090909085E-3},null,94296,null,"SINAPI PE 06/223",null,{"$f":"$I$72","v":5235.72},{"$f":"C133*I133","v":17.849045454545454}]
["AUXILIAR DE TOPOGRÁFO COM ENCARGOS","MÊS",{"$f":"'CPU (DF)'!C134","v":3.4090909090909085E-3},null,101389,null,"SINAPI PE 06/223",null,{"$f":"$I$71","v":2552.8000000000002},{"$f":"C134*I134","v":8.7027272727272713}]
["SERVENTE COM ENCARGOS COMPLEMENTARES - INLUSIVE ABERTURA E FECHAMENTO DE CERCAS","MES",{"$f":"'CPU (DF)'!C135","v":1.1637627710592161E-2},null,101452,null,"SINAPI PE 06/223",null,{"$f":"$I$45","v":3779.86},{"$f":"C135*I135","v":43.988603478158886}]
["SUB-TOTAL",{"$nulls":8},{"$f":"SUM(J131:J135)","v":131.17642165997705}]
["PRODUÇÃO MENSAL DA EQUIPE",{"$f":"'CPU (DF)'!B137","v":85.928165504885072},"CUSTO ",{"$nulls":6},{"$f":"J136+J128+J124+J120","v":594.16371813166006}]
["TOTAL",{"$nulls":8},{"$f":"ROUND(J137,2)","v":594.16}]
["BDI                %",{"$nulls":8},24.1]
["TOTAL DO SERVIÇO - R$",{"$nulls":8},{"$f":"ROUND(J138*(1+J139/100),2)","v":737.35}]
[]
[" COMPOSIÇÃO DE PREÇO UNITÁRIO"]
["LOCAÇÃO E CONSTRUÇÃO DE BACIAS DE CAPTAÇÃO DE ENXURRADA (9 METROS DE RAIO)",{"$nulls":7},"UNIDADE: ","UNID."]
["EQUIPAMENTO"]
["DISCRIMINAÇÃO","UNIDADE","QUANT. PROD.","QUANT. IMPROD.","COD. P","COD. I","FONTE","CHP/ P.UNIT.","CHI","P.TOTAL"]
["NIVEL OPTICO, COM PRECISAO DE 0,7 MM, AUMENTO DE 32X","H",{"$f":"'CPU (DF)'!C146","v":0.65},null,7252,null,"SINAPI PE 06/223",{"$f":"$H$57","v":2.25},null,{"$f":"C146*H146+D146*I146","v":1.4625000000000001}]
["TEODOLITO ELETRONICO, PRECISAO ANGULAR DE 5 A 7 SEGUNDOS, INCLUINDO TRIPE","H",{"$f":"'CPU (DF)'!C147","v":0.65},null,7247,null,"SINAPI PE 06/223",{"$f":"$H$58","v":2.25},null,{"$f":"C147*H147+D147*I147","v":1.4625000000000001}]
["PÁ CARREGADEIRA SOBRE RODAS, POTÊNCIA LÍQUIDA 128 HP, CAPACIDADE DA CAÇAMBA 1,7 A 2,8 M³","H",{"$f":"'CPU (DF)'!C148","v":3.7389908256880737},{"$f":"'CPU (DF)'!D148","v":1.2463302752293579},5940,5942,"SINAPI PE 06/223",{"$f":"$H$85","v":182.13},{"$f":"$I$85","v":77.16},{"$f":"C148*H148+D148*I148","v":777.14924311926609}]
["VEÍCULO DE PASSEIO PARA DESLOCAMENTO DA EQUIPE","H",{"$f":"'CPU (DF)'!C149","v":0.265625},{"$f":"'CPU (DF)'!D149","v":0.44270833333333331},"E9093",null,"SICRO PE 01/2023",{"$f":"$H$30","v":33.206499999999998},{"$f":"$I$30","v":6.3956},{"$f":"C149*H149+D149*I149","v":11.651861979166666}]
["CAMINHONETE CABINE SIMPLES COM MOTOR 1.6 FLEX, CÂMBIO MANUAL, POTÊNCIA 101/104 CV, 2 PORTAS","H",{"$f":"'CPU (DF)'!C150","v":0.671875},{"$f":"'CPU (DF)'!D150","v":0.40312500000000007},92145,92146,"SINAPI PE 06/223",{"$f":"$H$31","v":70.59},{"$f":"$I$31","v":27.97},{"$f":"C150*H150+D150*I150","v":58.703062500000009}]
["SUB-TOTAL",{"$nulls":8},{"$f":"SUM(J146:J150)","v":850.42916759843274}]
["MATERIAL"]
["DISCRIMINAÇÃO","UNIDADE","QUANT.",null,"COD.",null,null,null,"P.UNIT.","P.TOTAL"]
["ESTACA/PIQUETE DE MADEIRA","U",{"$f":"'CPU (DF)'!C154","v":12},null,4408,null,"SINAPI PE 06/223",null,{"$f":"$I$63","v":1.1800000000000002},{"$f":"C154*I154","v":14.160000000000002}]
["SUB-TOTAL",{"$nulls":8},{"$f":"SUM(J154:J154)","v":14.160000000000002}]
["SERVIÇOS - COMPOSIÇÕES AUXILIARES"]
["DISCRIMINAÇÃO","UNIDADE","QUANT.",{"$nulls":5},"P.UNIT.","P.TOTAL"]
["REVESTIMENTO VEGETAL POR SEMEADURA A LANÇO MANUAL DE GRAMÍNEAS E LEGUMINOSAS","m²",{"$f":"'CPU (DF)'!C158","v":169.64600329384882},null,4413993,null,"SICRO DF 07/2022",null,{"$f":"VLOOKUP(E158,[41]Sheet1!$A:$D,4,FALSE)","v":0.65},{"$f":"C158*I158","v":110.26990214100174}]
["SUB-TOTAL",{"$nulls":8},{"$f":"SUM(J158:J158)","v":110.26990214100174}]
["MÃO DE OBRA"]
["DISCRIMINAÇÃO","UNIDADE","QUANT.",null,"COD. P","COD. I",null,null,"P.UNIT.","P.TOTAL"]
["ENGENHEIRO COM ENCARGO","MÊS",{"$f":"'CPU (DF)'!C162","v":1.6098484848484848E-3},null,93565,null,"SINAPI PE 06/223",null,{"$f":"$I$44","v":19660.439999999999},{"$f":"C162*I162","v":31.650329545454543}]
["ENCARREGADO COM ENCARGO","MÊS",{"$f":"'CPU (DF)'!C163","v":4.8295454545454544E-3},null,93572,null,"SINAPI PE 06/223",null,{"$f":"$I$46","v":6786.45},{"$f":"C163*I163","v":32.775468750000002}]
["TOPOGRAFO COM ENCARGOS","MÊS",{"$f":"'CPU (DF)'!C164","v":3.6931818181818185E-3},null,94296,null,"SINAPI PE 06/223",null,{"$f":"$I$72","v":5235.72},{"$f":"C164*I164","v":19.336465909090911}]
["AUXILIAR DE TOPOGRÁFO COM ENCARGOS","MÊS",{"$f":"'CPU (DF)'!C165","v":3.6931818181818185E-3},null,101389,null,"SINAPI PE 06/223",null,{"$f":"$I$71","v":2552.8000000000002},{"$f":"C165*I165","v":9.427954545454547}]
["SERVENTE COM ENCARGOS COMPLEMENTARES - INLUSIVE ABERTURA E FECHAMENTO DE CERCAS","MES",{"$f":"'CPU (DF)'!C166","v":2.83256880733945E-2},null,101452,null,"SINAPI PE 06/223",null,{"$f":"$I$45","v":3779.86},{"$f":"C166*I166","v":107.06713532110093}]
["SUB-TOTAL",{"$nulls":8},{"$f":"SUM(J162:J166)","v":200.25735407110096}]
["PRODUÇÃO MENSAL DA EQUIPE",{"$f":"'CPU (DF)'!B168","v":35.30364372469635},"CUSTO ",{"$nulls":6},{"$f":"J167+J159+J155+J151","v":1175.1164238105355}]
["TOTAL",{"$nulls":8},{"$f":"ROUND(J168,2)","v":1175.1199999999999}]
["BDI                %",{"$nulls":8},24.1]
["TOTAL DO SERVIÇO - R$",{"$nulls":8},{"$f":"ROUND(J169*(1+J170/100),2)","v":1458.32}]
[]
[]
[" COMPOSIÇÃO DE PREÇO UNITÁRIO"]
["LOCAÇÃO E CONSTRUÇÃO DE BACIAS DE CAPTAÇÃO DE ENXURRADA (12 METROS DE RAIO)",{"$nulls":7},"UNIDADE: ","UNID."]
["EQUIPAMENTO"]
["DISCRIMINAÇÃO","UNIDADE","QUANT. PROD.","QUANT. IMPROD.","COD. P","COD. I","FONTE","CHP/ P.UNIT.","CHI","P.TOTAL"]
["NIVEL OPTICO, COM PRECISAO DE 0,7 MM, AUMENTO DE 32X","H",{"$f":"'CPU (DF)'!C178","v":0.65},null,7252,null,"SINAPI PE 06/223",{"$f":"$H$57","v":2.25},null,{"$f":"C178*H178+D178*I178","v":1.4625000000000001}]
["TEODOLITO ELETRONICO, PRECISAO ANGULAR DE 5 A 7 SEGUNDOS, INCLUINDO TRIPE","H",{"$f":"'CPU (DF)'!C179","v":0.65},null,7247,null,"SINAPI PE 06/223",{"$f":"$H$58","v":2.25},null,{"$f":"C179*H179+D179*I179","v":1.4625000000000001}]
["PÁ CARREGADEIRA SOBRE RODAS, POTÊNCIA LÍQUIDA 128 HP, CAPACIDADE DA CAÇAMBA 1,7 A 2,8 M³","H",{"$f":"'CPU (DF)'!C180","v":6},{"$f":"'CPU (DF)'!D180","v":2},5940,5942,"SINAPI PE 06/223",{"$f":"$H$85","v":182.13},{"$f":"$I$85","v":77.16},{"$f":"C180*H180+D180*I180","v":1247.0999999999999}]
["VEÍCULO DE PASSEIO PARA DESLOCAMENTO DA EQUIPE","H",{"$f":"'CPU (DF)'!C181","v":0.28125},{"$f":"'CPU (DF)'!D181","v":0.46874999999999994},"E9093",null,"SICRO PE 01/2023",{"$f":"$H$30","v":33.206499999999998},{"$f":"$I$30","v":6.3956},{"$f":"C181*H181+D181*I181","v":12.337265624999999}]
["CAMINHONETE CABINE SIMPLES COM MOTOR 1.6 FLEX, CÂMBIO MANUAL, POTÊNCIA 101/104 CV, 2 PORTAS","H",{"$f":"'CPU (DF)'!C182","v":0.6875},{"$f":"'CPU (DF)'!D182","v":0.41250000000000009},92145,92146,"SINAPI PE 06/223",{"$f":"$H$31","v":70.59},{"$f":"$I$31","v":27.97},{"$f":"C182*H182+D182*I182","v":60.068250000000006}]
["SUB-TOTAL",{"$nulls":8},{"$f":"SUM(J178:J182)","v":1322.430515625}]
["MATERIAL"]
["DISCRIMINAÇÃO","UNIDADE","QUANT.",null,"COD.",null,null,null,"P.UNIT.","P.TOTAL"]
["ESTACA/PIQUETE DE MADEIRA","U",{"$f":"'CPU (DF)'!C186","v":16},null,4408,null,"SINAPI PE 06/223",null,{"$f":"$I$63","v":1.1800000000000002},{"$f":"C186*I186","v":18.880000000000003}]
["SUB-TOTAL",{"$nulls":8},{"$f":"SUM(J186:J186)","v":18.880000000000003}]
["SERVIÇOS - COMPOSIÇÕES AUXILIARES"]
["DISCRIMINAÇÃO","UNIDADE","QUANT.",{"$nulls":5},"P.UNIT.","P.TOTAL"]
["REVESTIMENTO VEGETAL POR SEMEADURA A LANÇO MANUAL DE GRAMÍNEAS E LEGUMINOSAS","m²",{"$f":"'CPU (DF)'!C190","v":263.89378290154264},null,4413993,null,"SICRO DF 07/2022",null,{"$f":"VLOOKUP(E190,[41]Sheet1!$A:$D,4,FALSE)","v":0.65},{"$f":"C190*I190","v":171.53095888600271}]
["SUB-TOTAL",{"$nulls":8},{"$f":"SUM(J190:J190)","v":171.53095888600271}]
["MÃO DE OBRA"]
["DISCRIMINAÇÃO","UNIDADE","QUANT.",null,"COD. P","COD. I",null,null,"P.UNIT.","P.TOTAL"]
["ENGENHEIRO COM ENCARGO","MES",{"$f":"'CPU (DF)'!C194","v":1.7045454545454545E-3},null,93565,null,"SINAPI PE 06/223",null,{"$f":"$I$44","v":19660.439999999999},{"$f":"C194*I194","v":33.51211363636363}]
["ENCARREGADO COM ENCARGO","MES",{"$f":"'CPU (DF)'!C195","v":5.1136363636363636E-3},null,93572,null,"SINAPI PE 06/223",null,{"$f":"$I$46","v":6786.45},{"$f":"C195*I195","v":34.7034375}]
["TOPOGRAFO COM ENCARGOS","MÊS",{"$f":"'CPU (DF)'!C196","v":3.6931818181818181E-3},null,94296,null,"SINAPI PE 06/223",null,{"$f":"$I$72","v":5235.72},{"$f":"C196*I196","v":19.336465909090908}]
["AUXILIAR DE TOPOGRÁFO COM ENCARGOS","MÊS",{"$f":"'CPU (DF)'!C197","v":3.6931818181818181E-3},null,101389,null,"SINAPI PE 06/223",null,{"$f":"$I$71","v":2552.8000000000002},{"$f":"C197*I197","v":9.4279545454545453}]
["SERVENTE COM ENCARGOS COMPLEMENTARES - INLUSIVE ABERTURA E FECHAMENTO DE CERCAS","MES",{"$f":"'CPU (DF)'!C198","v":4.5454545454545456E-2},null,101452,null,"SINAPI PE 06/223",null,{"$f":"$I$45","v":3779.86},{"$f":"C198*I198","v":171.81181818181818}]
["SUB-TOTAL",{"$nulls":8},{"$f":"SUM(J194:J198)","v":268.79178977272727}]
["PRODUÇÃO DA EQUIPE ",{"$f":"'CPU (DF)'!B200","v":22},"CUSTO ",{"$nulls":6},{"$f":"J199+J191+J187+J183","v":1781.6332642837301}]
["TOTAL",{"$nulls":8},{"$f":"ROUND(J200,2)","v":1781.63}]
["BDI                %",{"$nulls":8},24.1]
["TOTAL DO SERVIÇO - R$",{"$nulls":8},{"$f":"ROUND(J201*(1+J202/100),2)","v":2211}]
[]
[" COMPOSIÇÃO DE PREÇO UNITÁRIO"]
["CERCAMENTO DE ÁREAS AMBIENTALMENTE VULNERÁVEIS À CAPRINOVINOCULTURA",{"$nulls":7},"UNIDADE: ","m"]
["EQUIPAMENTO"]
["DISCRIMINAÇÃO","UNIDADE","QUANT. PROD.","QUANT. IMPROD.","COD. P","COD. I","FONTE",null,"P.UNIT.","P.TOTAL"]
["NIVEL OPTICO, COM PRECISAO DE 0,7 MM, AUMENTO DE 32X","h",{"$f":"'CPU (DF)'!C209","v":5.000000000000001E-2},null,7252,null,"SINAPI PE 06/223",{"$f":"H178","v":2.25},null,{"$f":"C209*H209+D209*I209","v":0.11250000000000002}]
["TEODOLITO ELETRONICO, PRECISAO ANGULAR DE 5 A 7 SEGUNDOS, INCLUINDO TRIPE","h",{"$f":"'CPU (DF)'!C210","v":5.000000000000001E-2},null,7247,null,"SINAPI PE 06/223",{"$f":"H179","v":2.25},null,{"$f":"C210*H210+D210*I210","v":0.11250000000000002}]
["VEÍCULO DE PASSEIO PARA DESLOCAMENTO DA EQUIPE","h",{"$f":"'CPU (DF)'!C211","v":1.8382352941176468E-2},{"$f":"'CPU (DF)'!D211","v":3.063725490196078E-2},"E9093","E9093","SICRO PE 01/2023",{"$f":"H30","v":33.206499999999998},{"$f":"I30","v":6.3956},{"$f":"C211*H211+D211*I211","v":0.80635723039215668}]
["CAMINHONETE CABINE SIMPLES COM MOTOR 1.6 FLEX, CÂMBIO MANUAL, POTÊNCIA 101/104 CV, 2 PORTAS","h",{"$f":"'CPU (DF)'!C212","v":2.9779411764705884E-2},{"$f":"'CPU (DF)'!D212","v":4.9632352941176468E-2},92145,92146,"SINAPI PE 06/223",{"$f":"H31","v":70.59},{"$f":"I31","v":27.97},{"$f":"C212*H212+D212*I212","v":3.4903455882352943}]
["SUB-TOTAL",{"$nulls":8},{"$f":"SUM(J209:J212)","v":4.5217028186274515}]
["MATERIAL"]
["DISCRIMINAÇÃO","UNIDADE","QUANT.",null,"COD. P","COD. I","FONTE",null,"P.UNIT.","P.TOTAL"]
["MOURAO ROLICO DE MADEIRA TRATADA, D = 16 A 20 CM, H = 3,0 M, EM EUCALIPTO OU EQUIVALENTE DA REGIAO (PARA CERCA)","m",{"$f":"'CPU (DF)'!C216","v":0.12},null,4491,null,"SINAPI PE 06/223",null,{"$f":"I252","v":35.33},{"$f":"ROUND((I216*C216),2)","v":4.24}]
["MOURAO ROLICO DE MADEIRA TRATADA, D  ≥ 10 CM, H = 2,20 M, EM EUCALIPTO OU EQUIVALENTE DA REGIAO (PARA CERCA)","m",{"$f":"'CPU (DF)'!C217","v":0.52},null,21138,null,"SINAPI PE 06/223",null,{"$f":"I253","v":11.2},{"$f":"ROUND((I217*C217),2)","v":5.82}]
["ARAME FARPADO GALVANIZADO, 16 BWG (1,65 MM), CLASSE 250","m",{"$f":"'CPU (DF)'!C218","v":8},null,340,null,"SINAPI PE 06/223",null,{"$f":"I254","v":1.39},{"$f":"ROUND((I218*C218),2)","v":11.12}]
["GRAMPO DE ACO POLIDO 1 \" X 9","kg",{"$f":"'CPU (DF)'!C219","v":0.04},null,5076,null,"SINAPI PE 06/223",null,{"$f":"I255","v":19.010000000000002},{"$f":"ROUND((I219*C219),2)","v":0.76}]
["ESTACA/PIQUETE DE MADEIRA","U",{"$f":"'CPU (DF)'!C220","v":0.05},null,4408,null,"SINAPI PE 06/223",null,{"$f":"I63","v":1.1800000000000002},{"$f":"C220*I220","v":5.9000000000000011E-2}]
["SUB-TOTAL",{"$nulls":8},{"$f":"SUM(J216:J220)","v":21.999000000000002}]
["SERVIÇOS - COMPOSIÇÕES AUXILIARES"]
["DISCRIMINAÇÃO","UNIDADE","QUANT.",null,"COD.",null,"FONTE",null,"P.UNIT.","P.TOTAL"]
[]
["SUB-TOTAL",{"$nulls":8},{"$f":"J224","v":0}]
["MÃO DE OBRA"]
["DISCRIMINAÇÃO","UNIDADE","QUANT.",null,"COD. P","COD. I","FONTE",null,"P.UNIT.","P.TOTAL"]
["ENGENHEIRO COM ENCARGO","mês",{"$f":"'CPU (DF)'!C228","v":1.1140819964349375E-4},null,93565,null,"SINAPI PE 06/223",null,{"$f":"I194","v":19660.439999999999},{"$f":"C228*I228","v":2.1903342245989301}]
["ENCARREGADO COM ENCARGO","mês",{"$f":"'CPU (DF)'!C229","v":3.3422459893048126E-4},null,93572,null,"SINAPI PE 06/223",null,{"$f":"I195","v":6786.45},{"$f":"C229*I229","v":2.2681985294117646}]
["TOPOGRAFO COM ENCARGOS","mês",{"$f":"'CPU (DF)'!C230","v":2.8409090909090913E-4},null,94296,null,"SINAPI PE 06/223",null,{"$f":"I196","v":5235.72},{"$f":"C230*I230","v":1.4874204545454548}]
["AUXILIAR DE TOPOGRÁFO COM ENCARGOS","mês",{"$f":"'CPU (DF)'!C231","v":2.8409090909090913E-4},null,101389,null,"SINAPI PE 06/223",null,{"$f":"I197","v":2552.8000000000002},{"$f":"C231*I231","v":0.72522727272727283}]
["SERVENTE COM ENCARGOS COMPLEMENTARES - ABERTURA DE PICADAS, ESCAVAÇÃO MANUAL E ASSENTAMENTO DE MOURÕES","mês",{"$f":"'CPU (DF)'!C232","v":1.0101010101010101E-3},null,101452,null,"SINAPI PE 06/223",null,{"$f":"I198","v":3779.86},{"$f":"C232*I232","v":3.8180404040404041}]
["CARPINTEIRO DE FORMAS COM ENCARGOS COMPLEMENTARES","h",{"$f":"'CPU (DF)'!C233","v":8.8888888888888892E-2},null,88262,null,"SINAPI PE 06/223",null,{"$f":"VLOOKUP(E233,[42]planilhanull!$G$7:$K$7520,5,FALSE)","v":26.13},{"$f":"ROUND((I233*C233),2)","v":2.3199999999999998}]
["AJUDANTE DE CARPINTEIRO COM ENCARGOS COMPLEMENTARES","h",{"$f":"'CPU (DF)'!C234","v":8.8888888888888892E-2},null,88239,null,"SINAPI PE 06/223",null,{"$f":"VLOOKUP(E234,[42]planilhanull!$G$7:$K$7520,5,FALSE)","v":21.12},{"$f":"ROUND((I234*C234),2)","v":1.88}]
["SUB-TOTAL",{"$nulls":8},{"$f":"SUM(J228:J234)","v":14.689220885323827}]
["PRODUÇÃO MENSAL DA EQUIPE",{"$f":"'CPU (DF)'!B236","v":1980},"CUSTO ",{"$nulls":6},{"$f":"J235+J225+J221+J213","v":41.209923703951283}]
["TOTAL",{"$nulls":8},{"$f":"ROUND(J236,2)","v":41.21}]
["BDI                %",{"$nulls":8},24.1]
["TOTAL DO SERVIÇO - R$",{"$nulls":8},{"$f":"ROUND(J237*(1+J238/100),2)","v":51.14}]
[]
[" COMPOSIÇÃO DE PREÇO UNITÁRIO"]
["CERCAMENTO DE ÁREAS AMBIENTALMENTE VULNERÁVEIS À BOVINOCULTURA",{"$nulls":7},"UNIDADE: ","m"]
["EQUIPAMENTO"]
["DISCRIMINAÇÃO","UNIDADE","QUANT. PROD.","QUANT. IMPROD.","COD. P","COD. I","FONTE",null,"P.UNIT.","P.TOTAL"]
["NIVEL OPTICO, COM PRECISAO DE 0,7 MM, AUMENTO DE 32X","h",{"$f":"'CPU (DF)'!C245","v":5.000000000000001E-2},null,7252,null,"SINAPI PE 06/223",{"$f":"H57","v":2.25},null,{"$f":"C245*H245+D245*I245","v":0.11250000000000002}]
["TEODOLITO ELETRONICO, PRECISAO ANGULAR DE 5 A 7 SEGUNDOS, INCLUINDO TRIPE","h",{"$f":"'CPU (DF)'!C246","v":5.000000000000001E-2},null,7247,null,"SINAPI PE 06/223",{"$f":"H58","v":2.25},null,{"$f":"C246*H246+D246*I246","v":0.11250000000000002}]
["VEÍCULO DE PASSEIO PARA DESLOCAMENTO DA EQUIPE","h",{"$f":"'CPU (DF)'!C247","v":1.8382352941176468E-2},{"$f":"'CPU (DF)'!D247","v":3.063725490196078E-2},"E9093",null,"SICRO PE 01/2023",{"$f":"H30","v":33.206499999999998},{"$f":"I30","v":6.3956},{"$f":"C247*H247+D247*I247","v":0.80635723039215668}]
["CAMINHONETE CABINE SIMPLES COM MOTOR 1.6 FLEX, CÂMBIO MANUAL, POTÊNCIA 101/104 CV, 2 PORTAS","h",{"$f":"'CPU (DF)'!C248","v":2.9779411764705884E-2},{"$f":"'CPU (DF)'!D248","v":4.9632352941176468E-2},92145,92146,"SINAPI PE 06/223",{"$f":"H31","v":70.59},{"$f":"I31","v":27.97},{"$f":"C248*H248+D248*I248","v":3.4903455882352943}]
["SUB-TOTAL",{"$nulls":8},{"$f":"SUM(J245:J248)","v":4.5217028186274515}]
["MATERIAL"]
["DISCRIMINAÇÃO","UNIDADE","QUANT.",null,"COD.",null,"FONTE",null,"P.UNIT.","P.TOTAL"]
["MOURAO ROLICO DE MADEIRA TRATADA, D = 16 A 20 CM, H = 3,0 M, EM EUCALIPTO OU EQUIVALENTE DA REGIAO (PARA CERCA)","m",{"$f":"'CPU (DF)'!C252","v":6.6666666666666666E-2},null,2747,null,"SINAPI PE 06/223",null,{"$f":"VLOOKUP(E252,[44]sheet1!$A$1:$E$65536,5,FALSE)","v":35.33},{"$f":"ROUND((I252*C252),2)","v":2.36}]
["MOURAO ROLICO DE MADEIRA TRATADA, D  ≥ 10 CM, H = 2,20 M, EM EUCALIPTO OU EQUIVALENTE DA REGIAO (PARA CERCA)","m",{"$f":"'CPU (DF)'!C253","v":0.41111111111111115},null,21138,null,"SINAPI PE 06/223",null,{"$f":"VLOOKUP(E253,[44]sheet1!$A$1:$E$65536,5,FALSE)","v":11.2},{"$f":"ROUND((I253*C253),2)","v":4.5999999999999996}]
["ARAME FARPADO GALVANIZADO, 16 BWG (1,65 MM), CLASSE 250","m",{"$f":"'CPU (DF)'!C254","v":5},null,340,null,"SINAPI PE 06/223",null,{"$f":"VLOOKUP(E254,[44]sheet1!$A$1:$E$65536,5,FALSE)","v":1.39},{"$f":"ROUND((I254*C254),2)","v":6.95}]
["GRAMPO DE ACO POLIDO 1 \" X 9","kg",{"$f":"'CPU (DF)'!C255","v":0.03},null,5076,null,"SINAPI PE 06/223",null,{"$f":"VLOOKUP(E255,[44]sheet1!$A$1:$E$65536,5,FALSE)","v":19.010000000000002},{"$f":"ROUND((I255*C255),2)","v":0.56999999999999995}]
["ESTACA/PIQUETE DE MADEIRA (0,5 m)","U",{"$f":"'CPU (DF)'!C256","v":0.05},null,4408,null,"SINAPI PE 06/223",null,{"$f":"I220","v":1.1800000000000002},{"$f":"C256*I256","v":5.9000000000000011E-2}]
["SUB-TOTAL",{"$nulls":8},{"$f":"SUM(J252:J256)","v":14.539}]
["SERVIÇOS - COMPOSIÇÕES AUXILIARES"]
["DISCRIMINAÇÃO","UNIDADE","QUANT.",null,"COD.",null,"FONTE",null,"P.UNIT.","P.TOTAL"]
[]
["SUB-TOTAL",{"$nulls":8},{"$f":"J260","v":0}]
["MÃO DE OBRA"]
["DISCRIMINAÇÃO","UNIDADE","QUANT.",null,"COD. P","COD. I","FONTE",null,"P.UNIT.","P.TOTAL"]
["ENGENHEIRO COM ENCARGO","mês",{"$f":"'CPU (DF)'!C264","v":1.1140819964349375E-4},null,93565,null,"SINAPI PE 06/223",null,{"$f":"I228","v":19660.439999999999},{"$f":"C264*I264","v":2.1903342245989301}]
["ENCARREGADO COM ENCARGO","mês",{"$f":"'CPU (DF)'!C265","v":3.3422459893048126E-4},null,93572,null,"SINAPI PE 06/223",null,{"$f":"I229","v":6786.45},{"$f":"C265*I265","v":2.2681985294117646}]
["TOPOGRAFO COM ENCARGOS","mês",{"$f":"'CPU (DF)'!C266","v":2.8409090909090913E-4},null,94296,null,"SINAPI PE 06/223",null,5235.72,{"$f":"C266*I266","v":1.4874204545454548}]
["AUXILIAR DE TOPOGRÁFO COM ENCARGOS","mês",{"$f":"'CPU (DF)'!C267","v":2.8409090909090913E-4},null,101389,null,"SINAPI PE 06/223",null,2552.8000000000002,{"$f":"C267*I267","v":0.72522727272727283}]
["SERVENTE COM ENCARGOS COMPLEMENTARES - ABERTURA DE PICADAS, ESCAVAÇÃO MANUAL E ASSENTAMENTO DE MOURÕES","mês",{"$f":"'CPU (DF)'!C268","v":1.0822510822510823E-3},null,101452,null,"SINAPI PE 06/223",null,3779.86,{"$f":"C268*I268","v":4.0907575757575758}]
["CARPINTEIRO DE FORMAS COM ENCARGOS COMPLEMENTARES","h",{"$f":"'CPU (DF)'!C269","v":9.5238095238095247E-2},null,88262,null,"SINAPI PE 06/223",null,26.13,{"$f":"ROUND((I269*C269),2)","v":2.4900000000000002}]
["AJUDANTE DE CARPINTEIRO COM ENCARGOS COMPLEMENTARES","h",{"$f":"'CPU (DF)'!C270","v":9.5238095238095247E-2},null,88239,null,"SINAPI PE 06/223",null,21.12,{"$f":"ROUND((I270*C270),2)","v":2.0099999999999998}]
["SUB-TOTAL",{"$nulls":8},{"$f":"SUM(J264:J270)","v":15.261938057040998}]
["PRODUÇÃO MENSAL DA EQUIPE",{"$f":"'CPU (DF)'!B272","v":1847.9999999999998},"CUSTO ",{"$nulls":6},{"$f":"J271+J261+J257+J249","v":34.322640875668448}]
["TOTAL",{"$nulls":8},{"$f":"ROUND(J272,2)","v":34.32}]
["BDI                %",{"$nulls":8},24.1]
["TOTAL DO SERVIÇO - R$",{"$nulls":8},{"$f":"ROUND(J273*(1+J274/100),2)","v":42.59}]
[]
[" COMPOSIÇÃO DE PREÇO UNITÁRIO"]
["PLACA DE IDENTIFICAÇÃO DE OBRA",{"$nulls":7},"UNIDADE: ","m²"]
["EQUIPAMENTO"]
["DISCRIMINAÇÃO","UNIDADE","QUANT. PROD.","QUANT. IMPROD.","CÓDIGO",null,null,null,"P.UNIT.","P.TOTAL"]
[{"$nulls":9},{"$f":"C281*I281","v":0}]
["SUB-TOTAL",{"$nulls":8},{"$f":"SUM(J281:J281)","v":0}]
["MATERIAL"]
["DISCRIMINAÇÃO","UNIDADE","QUANT.",null,"COD. P","COD. I",null,null,"P.UNIT.","P.TOTAL"]
["PONTALETE *7,5 X 7,5* CM EM PINUS, MISTA OU EQUIVALENTE DA REGIAO - BRUTA","M",{"$f":"'CPU (DF)'!C285","v":1},null,4491,null,"SINAPI PE 06/223",null,{"$f":"VLOOKUP(E285,[44]sheet1!$A$1:$E$65536,5,FALSE)","v":10.66},{"$f":"ROUND((I285*C285),2)","v":10.66}]
["SARRAFO NAO APARELHADO *2,5 X 7* CM","M",{"$f":"'CPU (DF)'!C286","v":1},null,4417,null,"SINAPI PE 06/223",null,{"$f":"VLOOKUP(E286,[44]sheet1!$A$1:$E$65536,5,FALSE)","v":8.43},{"$f":"ROUND((I286*C286),2)","v":8.43}]
["PREGO DE ACO POLIDO COM CABECA 18 X 30 (2 3/4 X 10)","KG",{"$f":"'CPU (DF)'!C287","v":1.8333333333333333E-2},null,5075,null,"SINAPI PE 06/223",null,{"$f":"VLOOKUP(E287,[44]sheet1!$A$1:$E$65536,5,FALSE)","v":18.82},{"$f":"ROUND((I287*C287),2)","v":0.35}]
["PLACA DE OBRA (PARA CONSTRUCAO CIVIL) EM CHAPA GALVANIZADA","M2",{"$f":"'CPU (DF)'!C288","v":1},null,4813,null,"SINAPI PE 06/223",null,{"$f":"VLOOKUP(E288,[44]sheet1!$A$1:$E$65536,5,FALSE)","v":250},{"$f":"ROUND((I288*C288),2)","v":250}]
["SUB-TOTAL",{"$nulls":8},{"$f":"SUM(J285:J288)","v":269.44}]
["SERVIÇOS - COMPOSIÇÕES AUXILIARES"]
["DISCRIMINAÇÃO","UNIDADE","QUANT.",null,"COD. P","COD. I",null,null,"P.UNIT.","P.TOTAL"]
["CONCRETO MAGRO TRAÇO 1:4,5:4,5 (CIMENTO/ AREIA MÉDIA/ BRITA 1) - PREPARO MECÂNICO COM BETONEIRA 400 L.","M3",{"$f":"'CPU (DF)'!C292","v":1.6666666666666666E-2},null,94962,null,"SINAPI PE 06/223",null,{"$f":"VLOOKUP(E292,[42]planilhanull!$G$7:$K$7520,5,FALSE)","v":411.72},{"$f":"ROUND((I292*C292),2)","v":6.86}]
["SUB-TOTAL",{"$nulls":8},{"$f":"J292","v":6.86}]
["MÃO DE OBRA"]
["DISCRIMINAÇÃO","UNIDADE","QUANT.",null,"COD. P","COD. I",null,null,"P.UNIT.","P.TOTAL"]
["CARPINTEIRO DE FORMAS COM ENCARGOS COMPLEMENTARES","H",{"$f":"'CPU (DF)'!C296","v":0.33333333333333331},null,88262,null,"SINAPI PE 06/223",null,{"$f":"I269","v":26.13},{"$f":"ROUND((I296*C296),2)","v":8.7100000000000009}]
["AJUDANTE DE CARPINTEIRO COM ENCARGOS COMPLEMENTARES","H",{"$f":"'CPU (DF)'!C297","v":0.66666666666666663},null,88239,null,"SINAPI PE 06/223",null,{"$f":"I270","v":21.12},{"$f":"ROUND((I297*C297),2)","v":14.08}]
["SUB-TOTAL",{"$nulls":8},{"$f":"SUM(J296:J297)","v":22.79}]
["PRODUÇÃO MENSAL DA EQUIPE",{"$f":"'CPU (DF)'!B299","v":528},"CUSTO ",{"$nulls":6},{"$f":"J298+J293+J289+J282","v":299.08999999999997}]
["TOTAL",{"$nulls":8},{"$f":"ROUND(J299,2)","v":299.08999999999997}]
["BDI                %",{"$nulls":8},24.1]
["TOTAL DO SERVIÇO - R$",{"$nulls":8},{"$f":"ROUND(J300*(1+J301/100),2)","v":371.17}]

{"sheet":"CPU (PI)","index":13,"n_rows":302,"n_cols":10,"rows_kept":302,"cut":false,"hidden":false,"merged":[[301,0,301,8],[282,0,282,9],[288,0,288,8],[289,0,289,9],[292,0,292,8],[293,0,293,9],[297,0,297,8],[298,2,298,8],[299,0,299,8],[300,0,300,8],[270,0,270,8],[271,2,271,8],[272,0,272,8],[273,0,273,8],[274,0,274,8],[276,0,276,9],[277,0,277,7],[278,0,278,9],[281,0,281,8],[173,0,173,9],[174,0,174,7],[175,0,175,9],[182,0,182,8],[183,0,183,9],[186,0,186,8],[187,0,187,9],[190,0,190,8],[191,0,191,9],[198,0,198,8],[199,2,199,8],[200,0,200,8],[201,0,201,8],[204,0,204,9],[205,0,205,7],[206,0,206,9],[212,0,212,8],[213,0,213,9],[202,0,202,8],[220,0,220,8],[221,0,221,9],[234,0,234,8],[235,2,235,8],[240,0,240,9],[256,0,256,8],[257,0,257,9],[260,0,260,8],[261,0,261,9],[238,0,238,8],[241,0,241,7],[242,0,242,9],[248,0,248,8],[249,0,249,9],[236,0,236,8],[237,0,237,8],[224,0,224,8],[225,0,225,9],[0,0,0,9],[1,0,1,1],[1,2,1,4],[1,6,1,7],[2,0,2,9],[5,0,5,8],[110,0,110,9],[111,0,111,7],[112,0,112,9],[19,2,19,8],[20,0,20,8],[21,0,21,8],[22,0,22,8],[24,0,24,9],[25,0,25,7],[6,0,6,9],[10,0,10,8],[11,0,11,9],[14,0,14,8],[15,0,15,9],[18,0,18,8],[41,0,41,9],[46,0,46,8],[47,2,47,8],[48,0,48,8],[49,0,49,8],[50,0,50,8],[26,0,26,9],[31,0,31,8],[32,0,32,9],[35,0,35,8],[36,0,36,9],[40,0,40,8],[64,0,64,9],[67,0,67,8],[68,0,68,9],[72,0,72,8],[73,2,73,8],[74,0,74,8],[52,0,52,9],[53,0,53,7],[54,0,54,9],[59,0,59,8],[60,0,60,9],[63,0,63,8],[88,0,88,9],[91,0,91,8],[92,0,92,9],[95,0,95,8],[96,0,96,9],[103,0,103,8],[75,0,75,8],[76,0,76,8],[78,0,78,9],[79,0,79,7],[80,0,80,9],[87,0,87,8],[104,2,104,8],[105,0,105,8],[106,0,106,8],[107,0,107,8],[119,0,119,8],[120,0,120,9],[123,0,123,8],[124,0,124,9],[137,0,137,8],[138,0,138,8],[127,0,127,8],[128,0,128,9],[135,0,135,8],[136,2,136,8],[139,0,139,8],[141,0,141,9],[142,0,142,7],[143,0,143,9],[150,0,150,8],[151,0,151,9],[154,0,154,8],[155,0,155,9],[170,0,170,8],[158,0,158,8],[159,0,159,9],[166,0,166,8],[167,2,167,8],[168,0,168,8],[169,0,169,8]]}
[" COMPOSIÇÃO DE PREÇO UNITÁRIO"]
["MOBILIZAÇÃO E DESMOBILIZAÇÃO",null,"REGIÃO:",null,null,null,"PI",null,"UNIDADE: ","R$/Tonelada/ Projeto"]
["EQUIPAMENTO"]
["DISCRIMINAÇÃO","UNIDADE","QUANT. PROD.","QUANT. IMPROD.","COD.",null,"FONTE","P.UNIT. PROD","P.UNIT. IMPR","P.TOTAL"]
[{"$nulls":9},{"$f":"C5*E5*H5+C5*G5*I5","v":0}]
["SUB-TOTAL",{"$nulls":8},{"$f":"SUM(J5:J5)","v":0}]
["MATERIAL"]
["DISCRIMINAÇÃO","UNIDADE","QUANT.",null,"COD.",null,"FONTE",null,"P.UNIT.","P.TOTAL"]
[{"$nulls":9},"Toneladas/ Projeto"]
[{"$nulls":9},{"$f":"C10*I10","v":0}]
["SUB-TOTAL",{"$nulls":8},{"$f":"SUM(J9:J10)","v":0}]
["SERVIÇOS - COMPOSIÇÕES AUXILIARES"]
["DISCRIMINAÇÃO","UNIDADE","QUANT.",null,"COD.",null,"FONTE",null,"P.UNIT.","P.TOTAL"]
["TRANSPORTE COM CAVALO MECÂNICO COM SEMIRREBOQUE COM CAPACIDADE DE 30 T - RODOVIA PAVIMENTADA","t*km",{"$f":"'CPU (DF)'!C14","v":1},null,5914640,null,"SICRO PI 01/2023",null,{"$f":"VLOOKUP(E14,[45]Sheet1!$A:$D,4,FALSE)","v":0.56999999999999995},{"$f":"C14*I14","v":0.56999999999999995}]
["SUB-TOTAL",{"$nulls":8},{"$f":"SUM(J14:J14)","v":0.56999999999999995}]
["MÃO DE OBRA"]
["DISCRIMINAÇÃO","UNIDADE","QUANT.",{"$nulls":5},"P.UNIT.","P.TOTAL"]
[{"$nulls":9},{"$f":"C18*I18","v":0}]
["SUB-TOTAL",{"$nulls":8},{"$f":"SUM(J18:J18)","v":0}]
["PRODUÇÃO DA EQUIPE (MOB E DESMOB) EM km",{"$f":"VLOOKUP(G2,DMT!D:E,2)*2","v":600},"CUSTO ",{"$nulls":6},{"$f":"J19+J15+J11+J6","v":0.56999999999999995}]
["TOTAL",{"$nulls":8},{"$f":"J20*B20","v":341.99999999999994}]
["BDI                %",{"$nulls":8},24.1]
["TOTAL DO SERVIÇO - R$",{"$nulls":8},{"$f":"J21*(1+J22/100)","v":424.42199999999997}]
[]
[" COMPOSIÇÃO DE PREÇO UNITÁRIO"]
["LOCAÇÃO E CONSTRUÇÃO DE TERRAÇOS - INCLUSIVE SOLOS DUROS E SECOS",{"$nulls":7},"UNIDADE: ","km"]
["EQUIPAMENTO"]
["DISCRIMINAÇÃO","UNIDADE","QUANT. PROD.","QUANT. IMPROD.","COD. P","COD. I","FONTE","CHP","CHI","P.TOTAL"]
["TRATOR DE ESTEIRAS, POTÊNCIA 125 HP, PESO OPERACIONAL 12,9 T, COM LÂMINA 2,7 M3","H",{"$f":"'CPU (DF)'!C29","v":7.0588235294117654},{"$f":"'CPU (DF)'!D29","v":2.3529411764705883},5851,5853,"SINAPI PI 06/223",{"$f":"VLOOKUP(E29,[46]planilhanull!$G$7:$K$7520,5,FALSE)","v":211.78},{"$f":"VLOOKUP(F29,[46]planilhanull!$G$7:$K$7520,5,FALSE)","v":72.319999999999993},{"$f":"C29*H29+D29*I29","v":1665.0823529411766}]
["VEÍCULO DE PASSEIO PARA DESLOCAMENTO DA EQUIPE","H",{"$f":"'CPU (DF)'!C30","v":0.93749999999999989},{"$f":"'CPU (DF)'!D30","v":1.5624999999999998},"E9093","E9093","SICRO PI 01/2023",{"$f":"VLOOKUP(E30,[47]Sheet1!$A:$K,10,FALSE)","v":34.258099999999999},{"$f":"VLOOKUP(F30,[47]Sheet1!$A:$K,11,FALSE)","v":6.4212999999999996},{"$f":"C30*H30+D30*I30","v":42.15025}]
["CAMINHONETE CABINE SIMPLES COM MOTOR 1.6 FLEX, CÂMBIO MANUAL, POTÊNCIA 101/104 CV, 2 PORTAS","H",{"$f":"'CPU (DF)'!C31","v":0.5625},{"$f":"'CPU (DF)'!D31","v":0.93749999999999989},92145,92146,"SINAPI PI 06/223",{"$f":"VLOOKUP(E31,[46]planilhanull!$G$7:$K$7520,5,FALSE)","v":68.44},{"$f":"VLOOKUP(F31,[46]planilhanull!$G$7:$K$7520,5,FALSE)","v":27.09},{"$f":"C31*H31+D31*I31","v":63.894374999999997}]
["SUB-TOTAL",{"$nulls":8},{"$f":"SUM(J29:J31)","v":1771.1269779411766}]
["MATERIAL"]
["DISCRIMINAÇÃO","UNIDADE","QUANT.",null,"COD.",null,"FONTE",null,"P.UNIT.","P.TOTAL"]
[]
["SUB-TOTAL",{"$nulls":8},{"$f":"SUM(J35:J35)","v":0}]
["SERVIÇOS - COMPOSIÇÕES AUXILIARES"]
["DISCRIMINAÇÃO","UNIDADE","QUANT.",null,"COD.",null,"FONTE",null,"P.UNIT.","P.TOTAL"]
["LOCAÇÃO E NIVELAMENTO DE TERRAÇOS COM TOPOGRAFIA","KM",{"$f":"'CPU (DF)'!C39","v":1},null,"COMPOSIÇÃO",null,null,null,{"$f":"J75","v":148.24},{"$f":"C39*I39","v":148.24}]
["REVESTIMENTO VEGETAL POR SEMEADURA A LANÇO MANUAL DE GRAMÍNEAS E LEGUMINOSAS","m²",{"$f":"'CPU (DF)'!C40","v":1000},null,4413993,null,"SICRO PI 01/2023",null,{"$f":"VLOOKUP(E40,[45]Sheet1!$A:$D,4,FALSE)","v":0.64},{"$f":"C40*I40","v":640}]
["SUB-TOTAL",{"$nulls":8},{"$f":"SUM(J39:J40)","v":788.24}]
["MÃO DE OBRA"]
["DISCRIMINAÇÃO","UNIDADE","QUANT.",null,"COD. P","COD. I","FONTE",null,"P.UNIT.","P.TOTAL"]
["ENGENHEIRO COM ENCARGO","MES",{"$f":"'CPU (DF)'!C44","v":5.681818181818182E-3},null,93565,null,"SINAPI PI 06/223",null,{"$f":"VLOOKUP(E44,[46]planilhanull!$G$7:$K$7520,5,FALSE)","v":19763},{"$f":"C44*I44","v":112.28977272727273}]
["SERVENTE COM ENCARGOS COMPLEMENTARES - INLUSIVE ABERTURA E FECHAMENTO DE CERCAS","MES",{"$f":"'CPU (DF)'!C45","v":5.3475935828877004E-2},null,101452,null,"SINAPI PI 06/223",null,{"$f":"VLOOKUP(E45,[46]planilhanull!$G$7:$K$7520,5,FALSE)","v":3417.2},{"$f":"C45*I45","v":182.73796791443849}]
["ENCARREGADO COM ENCARGO","MES",{"$f":"'CPU (DF)'!C46","v":1.7045454545454544E-2},null,93572,null,"SINAPI PI 06/223",null,{"$f":"VLOOKUP(E46,[46]planilhanull!$G$7:$K$7520,5,FALSE)","v":5456.34},{"$f":"C46*I46","v":93.005795454545449}]
["SUB-TOTAL",{"$nulls":8},{"$f":"SUM(J44:J46)","v":388.03353609625663}]
["PRODUÇÃO DA EQUIPE MÊS 22 KM, MAS COM FATOR DE REDUÇÃO PARA PÉRIODOS COM CHUVAS ",{"$f":"'CPU (DF)'!B48","v":18.7},"CUSTO ",{"$nulls":6},{"$f":"J47+J41+J36+J32","v":2947.4005140374329}]
["TOTAL",{"$nulls":8},{"$f":"ROUND(J48,2)","v":2947.4}]
["BDI                %",{"$nulls":8},24.1]
["TOTAL DO SERVIÇO - R$",{"$nulls":8},{"$f":"ROUND(J49*(1+J50/100),2)","v":3657.72}]
[]
[" COMPOSIÇÃO DE PREÇO UNITÁRIO"]
["LOCAÇÃO E NIVELAMENTO DE TERRAÇOS COM TOPOGRAFIA",{"$nulls":7},"UNIDADE: ","km"]
["EQUIPAMENTO"]
["DISCRIMINAÇÃO","UNIDADE","QUANT. PROD.","QUANT. IMPROD.","COD. P","COD. I","FONTE","CHP/ P.UNIT.","CHI","P.TOTAL"]
["NIVEL OPTICO, COM PRECISAO DE 0,7 MM, AUMENTO DE 32X","H",{"$f":"'CPU (DF)'!C57","v":0.99609374999999989},null,7252,null,"SINAPI PI 06/223",{"$f":"VLOOKUP(E57,[48]sheet1!$A$1:$E$65536,5,FALSE)","v":2.25},null,{"$f":"C57*H57+D57*I57","v":2.2412109374999996}]
["TEODOLITO ELETRONICO, PRECISAO ANGULAR DE 5 A 7 SEGUNDOS, INCLUINDO TRIPE","H",{"$f":"'CPU (DF)'!C58","v":0.99609374999999989},null,7247,null,"SINAPI PI 06/223",{"$f":"VLOOKUP(E58,[48]sheet1!$A$1:$E$65536,5,FALSE)","v":2.25},null,{"$f":"C58*H58+D58*I58","v":2.2412109374999996}]
["CAMINHONETE CABINE SIMPLES COM MOTOR 1.6 FLEX, CÂMBIO MANUAL, POTÊNCIA 101/104 CV, 2 PORTAS","H",{"$f":"'CPU (DF)'!C59","v":0.37353515624999994},{"$f":"'CPU (DF)'!D59","v":0.62255859375},92145,92146,"SINAPI PI 06/223",{"$f":"H31","v":68.44},{"$f":"I31","v":27.09},{"$f":"C59*H59+D59*I59","v":42.429858398437496}]
["SUB-TOTAL",{"$nulls":8},{"$f":"SUM(J57:J59)","v":46.912280273437496}]
["MATERIAL"]
["DISCRIMINAÇÃO","UNIDADE","QUANT.",null,"COD.",null,null,null,"P.UNIT.","P.TOTAL"]
["ESTACA/PIQUETE DE MADEIRA","U",{"$f":"'CPU (DF)'!C63","v":83.333333333333329},null,4408,null,"SINAPI PI 06/223",null,{"$f":"VLOOKUP(E63,[48]sheet1!$A$1:$E$65536,5,FALSE)*0.4","v":0.53200000000000003},{"$f":"C63*I63","v":44.333333333333336}]
["SUB-TOTAL",{"$nulls":8},{"$f":"SUM(J63:J63)","v":44.333333333333336}]
["SERVIÇOS - COMPOSIÇÕES AUXILIARES"]
["DISCRIMINAÇÃO","UNIDADE","QUANT.",{"$nulls":5},"P.UNIT.","P.TOTAL"]
[]
["SUB-TOTAL"]
["MÃO DE OBRA"]
["DISCRIMINAÇÃO","UNIDADE","QUANT.",null,"COD. P","COD. I",null,null,"P.UNIT.","P.TOTAL"]
["AUXILIAR DE TOPOGRÁFO COM ENCARGOS","MÊS",{"$f":"'CPU (DF)'!C71","v":5.6596235795454541E-3},null,101389,null,"SINAPI PI 06/223",null,{"$f":"VLOOKUP(E71,[46]planilhanull!$G$7:$K$7520,5,FALSE)","v":3265.65},{"$f":"C71*I71","v":18.482349742542613}]
["TOPOGRAFO COM ENCARGOS","MÊS",{"$f":"'CPU (DF)'!C72","v":5.6596235795454541E-3},null,94296,null,"SINAPI PI 06/223",null,{"$f":"VLOOKUP(E72,[46]planilhanull!$G$7:$K$7520,5,FALSE)","v":6803.98},{"$f":"C72*I72","v":38.507965642755678}]
["SUB-TOTAL",{"$nulls":8},{"$f":"SUM(J71:J72)","v":56.990315385298288}]
["PRODUÇÃO MENSAL DA EQUIPE",{"$f":"'CPU (DF)'!B74","v":46.93333333333333},"CUSTO ",{"$nulls":6},{"$f":"J73+J68+J64+J60","v":148.23592899206912}]
["TOTAL",{"$nulls":8},{"$f":"ROUND(J74,2)","v":148.24}]
["BDI                %",{"$nulls":8},24.1]
["TOTAL DO SERVIÇO - R$",{"$nulls":8},{"$f":"ROUND(J75*(1+J76/100),2)","v":183.97}]
[]
[" COMPOSIÇÃO DE PREÇO UNITÁRIO"]
["LOCAÇÃO E CONSTRUÇÃO DE BACIAS DE CAPTAÇÃO DE ENXURRADA (4 METROS DE RAIO)",{"$nulls":7},"UNIDADE: ","UNID."]
["EQUIPAMENTO"]
["DISCRIMINAÇÃO","UNIDADE","QUANT. PROD.","QUANT. IMPROD.","COD. P","COD. I","FONTE","CHP/ P.UNIT.","CHI","P.TOTAL"]
["NIVEL OPTICO, COM PRECISAO DE 0,7 MM, AUMENTO DE 32X","H",{"$f":"'CPU (DF)'!C83","v":0.59999999999999987},null,7252,null,"SINAPI PI 06/223",{"$f":"$H$57","v":2.25},null,{"$f":"C83*H83+D83*I83","v":1.3499999999999996}]
["TEODOLITO ELETRONICO, PRECISAO ANGULAR DE 5 A 7 SEGUNDOS, INCLUINDO TRIPE","H",{"$f":"'CPU (DF)'!C84","v":0.59999999999999987},null,7247,null,"SINAPI PI 06/223",{"$f":"$H$58","v":2.25},null,{"$f":"C84*H84+D84*I84","v":1.3499999999999996}]
["PÁ CARREGADEIRA SOBRE RODAS, POTÊNCIA LÍQUIDA 128 HP, CAPACIDADE DA CAÇAMBA 1,7 A 2,8 M³","H",{"$f":"'CPU (DF)'!C85","v":0.77795298165137616},{"$f":"'CPU (DF)'!D85","v":0.25931766055045874},5940,5942,"SINAPI PI 06/223",{"$f":"VLOOKUP(E85,[46]planilhanull!$G$7:$K$7520,5,FALSE)","v":168.06},{"$f":"VLOOKUP(F85,[46]planilhanull!$G$7:$K$7520,5,FALSE)","v":68.739999999999995},{"$f":"C85*H85+D85*I85","v":148.56827408256882}]
["VEÍCULO DE PASSEIO PARA DESLOCAMENTO DA EQUIPE","H",{"$f":"'CPU (DF)'!C86","v":0.23437500000000003},{"$f":"'CPU (DF)'!D86","v":0.39062500000000006},"E9093",null,"SICRO PI 01/2023",{"$f":"$H$30","v":34.258099999999999},{"$f":"$I$30","v":6.4212999999999996},{"$f":"C86*H86+D86*I86","v":10.537562500000002}]
["CAMINHONETE CABINE SIMPLES COM MOTOR 1.6 FLEX, CÂMBIO MANUAL, POTÊNCIA 101/104 CV, 2 PORTAS","H",{"$f":"'CPU (DF)'!C87","v":0.60937499999999989},{"$f":"'CPU (DF)'!D87","v":0.36562499999999998},92145,92146,"SINAPI PI 06/223",{"$f":"$H$31","v":68.44},{"$f":"$I$31","v":27.09},{"$f":"C87*H87+D87*I87","v":51.61040624999999}]
["SUB-TOTAL",{"$nulls":8},{"$f":"SUM(J83:J87)","v":213.4162428325688}]
["MATERIAL"]
["DISCRIMINAÇÃO","UNIDADE","QUANT.",null,"COD.",null,null,null,"P.UNIT.","P.TOTAL"]
["ESTACA/PIQUETE DE MADEIRA","U",{"$f":"'CPU (DF)'!C91","v":12},null,4408,null,"SINAPI PI 06/223",null,{"$f":"$I$63","v":0.53200000000000003},{"$f":"C91*I91","v":6.3840000000000003}]
["SUB-TOTAL",{"$nulls":8},{"$f":"SUM(J91:J91)","v":6.3840000000000003}]
["SERVIÇOS - COMPOSIÇÕES AUXILIARES"]
["DISCRIMINAÇÃO","UNIDADE","QUANT.",{"$nulls":5},"P.UNIT.","P.TOTAL"]
["REVESTIMENTO VEGETAL POR SEMEADURA A LANÇO MANUAL DE GRAMÍNEAS E LEGUMINOSAS","m²",{"$f":"'CPU (DF)'!C95","v":50.26548245743669},null,4413993,null,"SICRO PI 01/2023",null,{"$f":"VLOOKUP(E95,[45]Sheet1!$A:$D,4,FALSE)","v":0.64},{"$f":"C95*I95","v":32.169908772759484}]
["SUB-TOTAL",{"$nulls":8},{"$f":"SUM(J95:J95)","v":32.169908772759484}]
["MÃO DE OBRA"]
["DISCRIMINAÇÃO","UNIDADE","QUANT.",null,"COD. P","COD. I",null,null,"P.UNIT.","P.TOTAL"]
["ENGENHEIRO COM ENCARGO","MÊS",{"$f":"'CPU (DF)'!C99","v":1.4204545454545455E-3},null,93565,null,"SINAPI PI 06/223",null,{"$f":"$I$44","v":19763},{"$f":"C99*I99","v":28.072443181818183}]
["ENCARREGADO COM ENCARGO","MÊS",{"$f":"'CPU (DF)'!C100","v":4.2613636363636369E-3},null,93572,null,"SINAPI PI 06/223",null,{"$f":"$I$46","v":5456.34},{"$f":"C100*I100","v":23.251448863636366}]
["TOPOGRAFO COM ENCARGOS","MÊS",{"$f":"'CPU (DF)'!C101","v":3.4090909090909085E-3},null,94296,null,"SINAPI PI 06/223",null,{"$f":"$I$72","v":6803.98},{"$f":"C101*I101","v":23.195386363636359}]
["AUXILIAR DE TOPOGRÁFO COM ENCARGOS","MÊS",{"$f":"'CPU (DF)'!C102","v":3.4090909090909085E-3},null,101389,null,"SINAPI PI 06/223",null,{"$f":"$I$71","v":3265.65},{"$f":"C102*I102","v":11.132897727272725}]
["SERVENTE COM ENCARGOS COMPLEMENTARES - INLUSIVE ABERTURA E FECHAMENTO DE CERCAS","MES",{"$f":"'CPU (DF)'!C103","v":5.893583194328607E-3},null,101452,null,"SINAPI PI 06/223",null,{"$f":"$I$45","v":3417.2},{"$f":"C103*I103","v":20.139552491659714}]
["SUB-TOTAL",{"$nulls":8},{"$f":"SUM(J99:J103)","v":105.79172862802334}]
["PRODUÇÃO MENSAL DA EQUIPE",{"$f":"'CPU (DF)'!B105","v":169.67606412382531},"CUSTO ",{"$nulls":6},{"$f":"J104+J96+J92+J88","v":357.76188023335163}]
["TOTAL",{"$nulls":8},{"$f":"ROUND(J105,2)","v":357.76}]
["BDI                %",{"$nulls":8},24.1]
["TOTAL DO SERVIÇO - R$",{"$nulls":8},{"$f":"ROUND(J106*(1+J107/100),2)","v":443.98}]
[]
[]
[" COMPOSIÇÃO DE PREÇO UNITÁRIO"]
["LOCAÇÃO E CONSTRUÇÃO DE BACIAS DE CAPTAÇÃO DE ENXURRADA (6 METROS DE RAIO)",{"$nulls":7},"UNIDADE: ","UNID."]
["EQUIPAMENTO"]
["DISCRIMINAÇÃO","UNIDADE","QUANT. PROD.","QUANT. IMPROD.","COD. P","COD. I","FONTE","CHP/ P.UNIT.","CHI","P.TOTAL"]
["NIVEL OPTICO, COM PRECISAO DE 0,7 MM, AUMENTO DE 32X","H",{"$f":"'CPU (DF)'!C115","v":0.59999999999999987},null,7252,null,"SINAPI PI 06/223",{"$f":"$H$57","v":2.25},null,{"$f":"C115*H115+D115*I115","v":1.3499999999999996}]
["TEODOLITO ELETRONICO, PRECISAO ANGULAR DE 5 A 7 SEGUNDOS, INCLUINDO TRIPE","H",{"$f":"'CPU (DF)'!C116","v":0.59999999999999987},null,7247,null,"SINAPI PI 06/223",{"$f":"$H$58","v":2.25},null,{"$f":"C116*H116+D116*I116","v":1.3499999999999996}]
["PÁ CARREGADEIRA SOBRE RODAS, POTÊNCIA LÍQUIDA 128 HP, CAPACIDADE DA CAÇAMBA 1,7 A 2,8 M³","H",{"$f":"'CPU (DF)'!C117","v":1.5361668577981655},{"$f":"'CPU (DF)'!D117","v":0.51205561926605514},5940,5942,"SINAPI PI 06/223",{"$f":"$H$85","v":168.06},{"$f":"$I$85","v":68.739999999999995},{"$f":"C117*H117+D117*I117","v":293.36690538990837}]
["VEÍCULO DE PASSEIO PARA DESLOCAMENTO DA EQUIPE","H",{"$f":"'CPU (DF)'!C118","v":0.25},{"$f":"'CPU (DF)'!D118","v":0.41666666666666669},"E9093",null,"SICRO PI 01/2023",{"$f":"$H$30","v":34.258099999999999},{"$f":"$I$30","v":6.4212999999999996},{"$f":"C118*H118+D118*I118","v":11.240066666666667}]
["CAMINHONETE CABINE SIMPLES COM MOTOR 1.6 FLEX, CÂMBIO MANUAL, POTÊNCIA 101/104 CV, 2 PORTAS","H",{"$f":"'CPU (DF)'!C119","v":0.62499999999999989},{"$f":"'CPU (DF)'!D119","v":0.375},92145,92146,"SINAPI PI 06/223",{"$f":"$H$31","v":68.44},{"$f":"$I$31","v":27.09},{"$f":"C119*H119+D119*I119","v":52.933749999999989}]
["SUB-TOTAL",{"$nulls":8},{"$f":"SUM(J115:J119)","v":360.24072205657501}]
["MATERIAL"]
["DISCRIMINAÇÃO","UNIDADE","QUANT.",null,"COD.",null,null,null,"P.UNIT.","P.TOTAL"]
["ESTACA/PIQUETE DE MADEIRA","U",{"$f":"'CPU (DF)'!C123","v":12},null,4408,null,"SINAPI PI 06/223",null,{"$f":"$I$63","v":0.53200000000000003},{"$f":"C123*I123","v":6.3840000000000003}]
["SUB-TOTAL",{"$nulls":8},{"$f":"SUM(J123:J123)","v":6.3840000000000003}]
["SERVIÇOS - COMPOSIÇÕES AUXILIARES"]
["DISCRIMINAÇÃO","UNIDADE","QUANT.",{"$nulls":5},"P.UNIT.","P.TOTAL"]
["REVESTIMENTO VEGETAL POR SEMEADURA A LANÇO MANUAL DE GRAMÍNEAS E LEGUMINOSAS","m²",{"$f":"'CPU (DF)'!C127","v":94.247779607693786},null,4413993,null,"SICRO PI 01/2023",null,{"$f":"VLOOKUP(E127,[45]Sheet1!$A:$D,4,FALSE)","v":0.64},{"$f":"C127*I127","v":60.318578948924028}]
["SUB-TOTAL",{"$nulls":8},{"$f":"SUM(J127:J127)","v":60.318578948924028}]
["MÃO DE OBRA"]
["DISCRIMINAÇÃO","UNIDADE","QUANT.",null,"COD. P","COD. I",null,null,"P.UNIT.","P.TOTAL"]
["ENGENHEIRO COM ENCARGO","MÊS",{"$f":"'CPU (DF)'!C131","v":1.5151515151515152E-3},null,93565,null,"SINAPI PI 06/223",null,{"$f":"$I$44","v":19763},{"$f":"C131*I131","v":29.943939393939395}]
["ENCARREGADO COM ENCARGO","MÊS",{"$f":"'CPU (DF)'!C132","v":4.5454545454545452E-3},null,93572,null,"SINAPI PI 06/223",null,{"$f":"$I$46","v":5456.34},{"$f":"C132*I132","v":24.801545454545455}]
["TOPOGRAFO COM ENCARGOS","MÊS",{"$f":"'CPU (DF)'!C133","v":3.4090909090909085E-3},null,94296,null,"SINAPI PI 06/223",null,{"$f":"$I$72","v":6803.98},{"$f":"C133*I133","v":23.195386363636359}]
["AUXILIAR DE TOPOGRÁFO COM ENCARGOS","MÊS",{"$f":"'CPU (DF)'!C134","v":3.4090909090909085E-3},null,101389,null,"SINAPI PI 06/223",null,{"$f":"$I$71","v":3265.65},{"$f":"C134*I134","v":11.132897727272725}]
["SERVENTE COM ENCARGOS COMPLEMENTARES - INLUSIVE ABERTURA E FECHAMENTO DE CERCAS","MES",{"$f":"'CPU (DF)'!C135","v":1.1637627710592161E-2},null,101452,null,"SINAPI PI 06/223",null,{"$f":"$I$45","v":3417.2},{"$f":"C135*I135","v":39.768101412635531}]
["SUB-TOTAL",{"$nulls":8},{"$f":"SUM(J131:J135)","v":128.84187035202945}]
["PRODUÇÃO MENSAL DA EQUIPE",{"$f":"'CPU (DF)'!B137","v":85.928165504885072},"CUSTO ",{"$nulls":6},{"$f":"J136+J128+J124+J120","v":555.7851713575285}]
["TOTAL",{"$nulls":8},{"$f":"ROUND(J137,2)","v":555.79}]
["BDI                %",{"$nulls":8},24.1]
["TOTAL DO SERVIÇO - R$",{"$nulls":8},{"$f":"ROUND(J138*(1+J139/100),2)","v":689.74}]
[]
[" COMPOSIÇÃO DE PREÇO UNITÁRIO"]
["LOCAÇÃO E CONSTRUÇÃO DE BACIAS DE CAPTAÇÃO DE ENXURRADA (9 METROS DE RAIO)",{"$nulls":7},"UNIDADE: ","UNID."]
["EQUIPAMENTO"]
["DISCRIMINAÇÃO","UNIDADE","QUANT. PROD.","QUANT. IMPROD.","COD. P","COD. I","FONTE","CHP/ P.UNIT.","CHI","P.TOTAL"]
["NIVEL OPTICO, COM PRECISAO DE 0,7 MM, AUMENTO DE 32X","H",{"$f":"'CPU (DF)'!C146","v":0.65},null,7252,null,"SINAPI PI 06/223",{"$f":"$H$57","v":2.25},null,{"$f":"C146*H146+D146*I146","v":1.4625000000000001}]
["TEODOLITO ELETRONICO, PRECISAO ANGULAR DE 5 A 7 SEGUNDOS, INCLUINDO TRIPE","H",{"$f":"'CPU (DF)'!C147","v":0.65},null,7247,null,"SINAPI PI 06/223",{"$f":"$H$58","v":2.25},null,{"$f":"C147*H147+D147*I147","v":1.4625000000000001}]
["PÁ CARREGADEIRA SOBRE RODAS, POTÊNCIA LÍQUIDA 128 HP, CAPACIDADE DA CAÇAMBA 1,7 A 2,8 M³","H",{"$f":"'CPU (DF)'!C148","v":3.7389908256880737},{"$f":"'CPU (DF)'!D148","v":1.2463302752293579},5940,5942,"SINAPI PI 06/223",{"$f":"$H$85","v":168.06},{"$f":"$I$85","v":68.739999999999995},{"$f":"C148*H148+D148*I148","v":714.04754128440379}]
["VEÍCULO DE PASSEIO PARA DESLOCAMENTO DA EQUIPE","H",{"$f":"'CPU (DF)'!C149","v":0.265625},{"$f":"'CPU (DF)'!D149","v":0.44270833333333331},"E9093",null,"SICRO PI 01/2023",{"$f":"$H$30","v":34.258099999999999},{"$f":"$I$30","v":6.4212999999999996},{"$f":"C149*H149+D149*I149","v":11.942570833333333}]
["CAMINHONETE CABINE SIMPLES COM MOTOR 1.6 FLEX, CÂMBIO MANUAL, POTÊNCIA 101/104 CV, 2 PORTAS","H",{"$f":"'CPU (DF)'!C150","v":0.671875},{"$f":"'CPU (DF)'!D150","v":0.40312500000000007},92145,92146,"SINAPI PI 06/223",{"$f":"$H$31","v":68.44},{"$f":"$I$31","v":27.09},{"$f":"C150*H150+D150*I150","v":56.903781250000002}]
["SUB-TOTAL",{"$nulls":8},{"$f":"SUM(J146:J150)","v":785.81889336773702}]
["MATERIAL"]
["DISCRIMINAÇÃO","UNIDADE","QUANT.",null,"COD.",null,null,null,"P.UNIT.","P.TOTAL"]
["ESTACA/PIQUETE DE MADEIRA","U",{"$f":"'CPU (DF)'!C154","v":12},null,4408,null,"SINAPI PI 06/223",null,{"$f":"$I$63","v":0.53200000000000003},{"$f":"C154*I154","v":6.3840000000000003}]
["SUB-TOTAL",{"$nulls":8},{"$f":"SUM(J154:J154)","v":6.3840000000000003}]
["SERVIÇOS - COMPOSIÇÕES AUXILIARES"]
["DISCRIMINAÇÃO","UNIDADE","QUANT.",{"$nulls":5},"P.UNIT.","P.TOTAL"]
["REVESTIMENTO VEGETAL POR SEMEADURA A LANÇO MANUAL DE GRAMÍNEAS E LEGUMINOSAS","m²",{"$f":"'CPU (DF)'!C158","v":169.64600329384882},null,4413993,null,"SICRO PI 01/2023",null,{"$f":"VLOOKUP(E158,[45]Sheet1!$A:$D,4,FALSE)","v":0.64},{"$f":"C158*I158","v":108.57344210806325}]
["SUB-TOTAL",{"$nulls":8},{"$f":"SUM(J158:J158)","v":108.57344210806325}]
["MÃO DE OBRA"]
["DISCRIMINAÇÃO","UNIDADE","QUANT.",null,"COD. P","COD. I",null,null,"P.UNIT.","P.TOTAL"]
["ENGENHEIRO COM ENCARGO","MÊS",{"$f":"'CPU (DF)'!C162","v":1.6098484848484848E-3},null,93565,null,"SINAPI PI 06/223",null,{"$f":"$I$44","v":19763},{"$f":"C162*I162","v":31.815435606060607}]
["ENCARREGADO COM ENCARGO","MÊS",{"$f":"'CPU (DF)'!C163","v":4.8295454545454544E-3},null,93572,null,"SINAPI PI 06/223",null,{"$f":"$I$46","v":5456.34},{"$f":"C163*I163","v":26.351642045454547}]
["TOPOGRAFO COM ENCARGOS","MÊS",{"$f":"'CPU (DF)'!C164","v":3.6931818181818185E-3},null,94296,null,"SINAPI PI 06/223",null,{"$f":"$I$72","v":6803.98},{"$f":"C164*I164","v":25.128335227272729}]
["AUXILIAR DE TOPOGRÁFO COM ENCARGOS","MÊS",{"$f":"'CPU (DF)'!C165","v":3.6931818181818185E-3},null,101389,null,"SINAPI PI 06/223",null,{"$f":"$I$71","v":3265.65},{"$f":"C165*I165","v":12.060639204545456}]
["SERVENTE COM ENCARGOS COMPLEMENTARES - INLUSIVE ABERTURA E FECHAMENTO DE CERCAS","MES",{"$f":"'CPU (DF)'!C166","v":2.83256880733945E-2},null,101452,null,"SINAPI PI 06/223",null,{"$f":"$I$45","v":3417.2},{"$f":"C166*I166","v":96.794541284403678}]
["SUB-TOTAL",{"$nulls":8},{"$f":"SUM(J162:J166)","v":192.15059336773703}]
["PRODUÇÃO MENSAL DA EQUIPE",{"$f":"'CPU (DF)'!B168","v":35.30364372469635},"CUSTO ",{"$nulls":6},{"$f":"J167+J159+J155+J151","v":1092.9269288435373}]
["TOTAL",{"$nulls":8},{"$f":"ROUND(J168,2)","v":1092.93}]
["BDI                %",{"$nulls":8},24.1]
["TOTAL DO SERVIÇO - R$",{"$nulls":8},{"$f":"ROUND(J169*(1+J170/100),2)","v":1356.33}]
[]
[]
[" COMPOSIÇÃO DE PREÇO UNITÁRIO"]
["LOCAÇÃO E CONSTRUÇÃO DE BACIAS DE CAPTAÇÃO DE ENXURRADA (12 METROS DE RAIO)",{"$nulls":7},"UNIDADE: ","UNID."]
["EQUIPAMENTO"]
["DISCRIMINAÇÃO","UNIDADE","QUANT. PROD.","QUANT. IMPROD.","COD. P","COD. I","FONTE","CHP/ P.UNIT.","CHI","P.TOTAL"]
["NIVEL OPTICO, COM PRECISAO DE 0,7 MM, AUMENTO DE 32X","H",{"$f":"'CPU (DF)'!C178","v":0.65},null,7252,null,"SINAPI PI 06/223",{"$f":"$H$57","v":2.25},null,{"$f":"C178*H178+D178*I178","v":1.4625000000000001}]
["TEODOLITO ELETRONICO, PRECISAO ANGULAR DE 5 A 7 SEGUNDOS, INCLUINDO TRIPE","H",{"$f":"'CPU (DF)'!C179","v":0.65},null,7247,null,"SINAPI PI 06/223",{"$f":"$H$58","v":2.25},null,{"$f":"C179*H179+D179*I179","v":1.4625000000000001}]
["PÁ CARREGADEIRA SOBRE RODAS, POTÊNCIA LÍQUIDA 128 HP, CAPACIDADE DA CAÇAMBA 1,7 A 2,8 M³","H",{"$f":"'CPU (DF)'!C180","v":6},{"$f":"'CPU (DF)'!D180","v":2},5940,5942,"SINAPI PI 06/223",{"$f":"$H$85","v":168.06},{"$f":"$I$85","v":68.739999999999995},{"$f":"C180*H180+D180*I180","v":1145.8399999999999}]
["VEÍCULO DE PASSEIO PARA DESLOCAMENTO DA EQUIPE","H",{"$f":"'CPU (DF)'!C181","v":0.28125},{"$f":"'CPU (DF)'!D181","v":0.46874999999999994},"E9093",null,"SICRO PI 01/2023",{"$f":"$H$30","v":34.258099999999999},{"$f":"$I$30","v":6.4212999999999996},{"$f":"C181*H181+D181*I181","v":12.645074999999999}]
["CAMINHONETE CABINE SIMPLES COM MOTOR 1.6 FLEX, CÂMBIO MANUAL, POTÊNCIA 101/104 CV, 2 PORTAS","H",{"$f":"'CPU (DF)'!C182","v":0.6875},{"$f":"'CPU (DF)'!D182","v":0.41250000000000009},92145,92146,"SINAPI PI 06/223",{"$f":"$H$31","v":68.44},{"$f":"$I$31","v":27.09},{"$f":"C182*H182+D182*I182","v":58.227125000000001}]
["SUB-TOTAL",{"$nulls":8},{"$f":"SUM(J178:J182)","v":1219.6371999999997}]
["MATERIAL"]
["DISCRIMINAÇÃO","UNIDADE","QUANT.",null,"COD.",null,null,null,"P.UNIT.","P.TOTAL"]
["ESTACA/PIQUETE DE MADEIRA","U",{"$f":"'CPU (DF)'!C186","v":16},null,4408,null,"SINAPI PI 06/223",null,{"$f":"$I$63","v":0.53200000000000003},{"$f":"C186*I186","v":8.5120000000000005}]
["SUB-TOTAL",{"$nulls":8},{"$f":"SUM(J186:J186)","v":8.5120000000000005}]
["SERVIÇOS - COMPOSIÇÕES AUXILIARES"]
["DISCRIMINAÇÃO","UNIDADE","QUANT.",{"$nulls":5},"P.UNIT.","P.TOTAL"]
["REVESTIMENTO VEGETAL POR SEMEADURA A LANÇO MANUAL DE GRAMÍNEAS E LEGUMINOSAS","m²",{"$f":"'CPU (DF)'!C190","v":263.89378290154264},null,4413993,null,"SICRO PI 01/2023",null,{"$f":"VLOOKUP(E190,[45]Sheet1!$A:$D,4,FALSE)","v":0.64},{"$f":"C190*I190","v":168.89202105698729}]
["SUB-TOTAL",{"$nulls":8},{"$f":"SUM(J190:J190)","v":168.89202105698729}]
["MÃO DE OBRA"]
["DISCRIMINAÇÃO","UNIDADE","QUANT.",null,"COD. P","COD. I",null,null,"P.UNIT.","P.TOTAL"]
["ENGENHEIRO COM ENCARGO","MES",{"$f":"'CPU (DF)'!C194","v":1.7045454545454545E-3},null,93565,null,"SINAPI PI 06/223",null,{"$f":"$I$44","v":19763},{"$f":"C194*I194","v":33.686931818181819}]
["ENCARREGADO COM ENCARGO","MES",{"$f":"'CPU (DF)'!C195","v":5.1136363636363636E-3},null,93572,null,"SINAPI PI 06/223",null,{"$f":"$I$46","v":5456.34},{"$f":"C195*I195","v":27.901738636363635}]
["TOPOGRAFO COM ENCARGOS","MÊS",{"$f":"'CPU (DF)'!C196","v":3.6931818181818181E-3},null,94296,null,"SINAPI PI 06/223",null,{"$f":"$I$72","v":6803.98},{"$f":"C196*I196","v":25.128335227272725}]
["AUXILIAR DE TOPOGRÁFO COM ENCARGOS","MÊS",{"$f":"'CPU (DF)'!C197","v":3.6931818181818181E-3},null,101389,null,"SINAPI PI 06/223",null,{"$f":"$I$71","v":3265.65},{"$f":"C197*I197","v":12.060639204545454}]
["SERVENTE COM ENCARGOS COMPLEMENTARES - INLUSIVE ABERTURA E FECHAMENTO DE CERCAS","MES",{"$f":"'CPU (DF)'!C198","v":4.5454545454545456E-2},null,101452,null,"SINAPI PI 06/223",null,{"$f":"$I$45","v":3417.2},{"$f":"C198*I198","v":155.32727272727271}]
["SUB-TOTAL",{"$nulls":8},{"$f":"SUM(J194:J198)","v":254.10491761363636}]
["PRODUÇÃO DA EQUIPE ",{"$f":"'CPU (DF)'!B200","v":22},"CUSTO ",{"$nulls":6},{"$f":"J199+J191+J187+J183","v":1651.1461386706233}]
["TOTAL",{"$nulls":8},{"$f":"ROUND(J200,2)","v":1651.15}]
["BDI                %",{"$nulls":8},24.1]
["TOTAL DO SERVIÇO - R$",{"$nulls":8},{"$f":"ROUND(J201*(1+J202/100),2)","v":2049.08}]
[]
[" COMPOSIÇÃO DE PREÇO UNITÁRIO"]
["CERCAMENTO DE ÁREAS AMBIENTALMENTE VULNERÁVEIS À CAPRINOVINOCULTURA",{"$nulls":7},"UNIDADE: ","m"]
["EQUIPAMENTO"]
["DISCRIMINAÇÃO","UNIDADE","QUANT. PROD.","QUANT. IMPROD.","COD. P","COD. I","FONTE",null,"P.UNIT.","P.TOTAL"]
["NIVEL OPTICO, COM PRECISAO DE 0,7 MM, AUMENTO DE 32X","h",{"$f":"'CPU (DF)'!C209","v":5.000000000000001E-2},null,7252,null,"SINAPI PI 06/223",{"$f":"H178","v":2.25},null,{"$f":"C209*H209+D209*I209","v":0.11250000000000002}]
["TEODOLITO ELETRONICO, PRECISAO ANGULAR DE 5 A 7 SEGUNDOS, INCLUINDO TRIPE","h",{"$f":"'CPU (DF)'!C210","v":5.000000000000001E-2},null,7247,null,"SINAPI PI 06/223",{"$f":"H179","v":2.25},null,{"$f":"C210*H210+D210*I210","v":0.11250000000000002}]
["VEÍCULO DE PASSEIO PARA DESLOCAMENTO DA EQUIPE","h",{"$f":"'CPU (DF)'!C211","v":1.8382352941176468E-2},{"$f":"'CPU (DF)'!D211","v":3.063725490196078E-2},"E9093","E9093","SICRO PI 01/2023",{"$f":"H30","v":34.258099999999999},{"$f":"I30","v":6.4212999999999996},{"$f":"C211*H211+D211*I211","v":0.82647549019607824}]
["CAMINHONETE CABINE SIMPLES COM MOTOR 1.6 FLEX, CÂMBIO MANUAL, POTÊNCIA 101/104 CV, 2 PORTAS","h",{"$f":"'CPU (DF)'!C212","v":2.9779411764705884E-2},{"$f":"'CPU (DF)'!D212","v":4.9632352941176468E-2},92145,92146,"SINAPI PI 06/223",{"$f":"H31","v":68.44},{"$f":"I31","v":27.09},{"$f":"C212*H212+D212*I212","v":3.3826433823529412}]
["SUB-TOTAL",{"$nulls":8},{"$f":"SUM(J209:J212)","v":4.4341188725490195}]
["MATERIAL"]
["DISCRIMINAÇÃO","UNIDADE","QUANT.",null,"COD. P","COD. I","FONTE",null,"P.UNIT.","P.TOTAL"]
["MOURAO ROLICO DE MADEIRA TRATADA, D = 16 A 20 CM, H = 3,0 M, EM EUCALIPTO OU EQUIVALENTE DA REGIAO (PARA CERCA)","m",{"$f":"'CPU (DF)'!C216","v":0.12},null,4491,null,"SINAPI PI 06/223",null,{"$f":"I252","v":27.44},{"$f":"ROUND((I216*C216),2)","v":3.29}]
["MOURAO ROLICO DE MADEIRA TRATADA, D  ≥ 10 CM, H = 2,20 M, EM EUCALIPTO OU EQUIVALENTE DA REGIAO (PARA CERCA)","m",{"$f":"'CPU (DF)'!C217","v":0.52},null,21138,null,"SINAPI PI 06/223",null,{"$f":"I253","v":8.6999999999999993},{"$f":"ROUND((I217*C217),2)","v":4.5199999999999996}]
["ARAME FARPADO GALVANIZADO, 16 BWG (1,65 MM), CLASSE 250","m",{"$f":"'CPU (DF)'!C218","v":8},null,340,null,"SINAPI PI 06/223",null,{"$f":"I254","v":1.22},{"$f":"ROUND((I218*C218),2)","v":9.76}]
["GRAMPO DE ACO POLIDO 1 \" X 9","kg",{"$f":"'CPU (DF)'!C219","v":0.04},null,5076,null,"SINAPI PI 06/223",null,{"$f":"I255","v":20.55},{"$f":"ROUND((I219*C219),2)","v":0.82}]
["ESTACA/PIQUETE DE MADEIRA","U",{"$f":"'CPU (DF)'!C220","v":0.05},null,4408,null,"SINAPI PI 06/223",null,{"$f":"I63","v":0.53200000000000003},{"$f":"C220*I220","v":2.6600000000000002E-2}]
["SUB-TOTAL",{"$nulls":8},{"$f":"SUM(J216:J220)","v":18.416599999999999}]
["SERVIÇOS - COMPOSIÇÕES AUXILIARES"]
["DISCRIMINAÇÃO","UNIDADE","QUANT.",null,"COD.",null,"FONTE",null,"P.UNIT.","P.TOTAL"]
[]
["SUB-TOTAL",{"$nulls":8},{"$f":"J224","v":0}]
["MÃO DE OBRA"]
["DISCRIMINAÇÃO","UNIDADE","QUANT.",null,"COD. P","COD. I","FONTE",null,"P.UNIT.","P.TOTAL"]
["ENGENHEIRO COM ENCARGO","mês",{"$f":"'CPU (DF)'!C228","v":1.1140819964349375E-4},null,93565,null,"SINAPI PI 06/223",null,{"$f":"I194","v":19763},{"$f":"C228*I228","v":2.2017602495543671}]
["ENCARREGADO COM ENCARGO","mês",{"$f":"'CPU (DF)'!C229","v":3.3422459893048126E-4},null,93572,null,"SINAPI PI 06/223",null,{"$f":"I195","v":5456.34},{"$f":"C229*I229","v":1.8236430481283421}]
["TOPOGRAFO COM ENCARGOS","mês",{"$f":"'CPU (DF)'!C230","v":2.8409090909090913E-4},null,94296,null,"SINAPI PI 06/223",null,{"$f":"I196","v":6803.98},{"$f":"C230*I230","v":1.9329488636363639}]
["AUXILIAR DE TOPOGRÁFO COM ENCARGOS","mês",{"$f":"'CPU (DF)'!C231","v":2.8409090909090913E-4},null,101389,null,"SINAPI PI 06/223",null,{"$f":"I197","v":3265.65},{"$f":"C231*I231","v":0.92774147727272738}]
["SERVENTE COM ENCARGOS COMPLEMENTARES - ABERTURA DE PICADAS, ESCAVAÇÃO MANUAL E ASSENTAMENTO DE MOURÕES","mês",{"$f":"'CPU (DF)'!C232","v":1.0101010101010101E-3},null,101452,null,"SINAPI PI 06/223",null,{"$f":"I198","v":3417.2},{"$f":"C232*I232","v":3.4517171717171715}]
["CARPINTEIRO DE FORMAS COM ENCARGOS COMPLEMENTARES","h",{"$f":"'CPU (DF)'!C233","v":8.8888888888888892E-2},null,88262,null,"SINAPI PI 06/223",null,{"$f":"VLOOKUP(E233,[46]planilhanull!$G$7:$K$7520,5,FALSE)","v":23.88},{"$f":"ROUND((I233*C233),2)","v":2.12}]
["AJUDANTE DE CARPINTEIRO COM ENCARGOS COMPLEMENTARES","h",{"$f":"'CPU (DF)'!C234","v":8.8888888888888892E-2},null,88239,null,"SINAPI PI 06/223",null,{"$f":"VLOOKUP(E234,[46]planilhanull!$G$7:$K$7520,5,FALSE)","v":19.57},{"$f":"ROUND((I234*C234),2)","v":1.74}]
["SUB-TOTAL",{"$nulls":8},{"$f":"SUM(J228:J234)","v":14.197810810308974}]
["PRODUÇÃO MENSAL DA EQUIPE",{"$f":"'CPU (DF)'!B236","v":1980},"CUSTO ",{"$nulls":6},{"$f":"J235+J225+J221+J213","v":37.048529682857996}]
["TOTAL",{"$nulls":8},{"$f":"ROUND(J236,2)","v":37.049999999999997}]
["BDI                %",{"$nulls":8},24.1]
["TOTAL DO SERVIÇO - R$",{"$nulls":8},{"$f":"ROUND(J237*(1+J238/100),2)","v":45.98}]
[]
[" COMPOSIÇÃO DE PREÇO UNITÁRIO"]
["CERCAMENTO DE ÁREAS AMBIENTALMENTE VULNERÁVEIS À BOVINOCULTURA",{"$nulls":7},"UNIDADE: ","m"]
["EQUIPAMENTO"]
["DISCRIMINAÇÃO","UNIDADE","QUANT. PROD.","QUANT. IMPROD.","COD. P","COD. I","FONTE",null,"P.UNIT.","P.TOTAL"]
["NIVEL OPTICO, COM PRECISAO DE 0,7 MM, AUMENTO DE 32X","h",{"$f":"'CPU (DF)'!C245","v":5.000000000000001E-2},null,7252,null,"SINAPI PI 06/223",{"$f":"H57","v":2.25},null,{"$f":"C245*H245+D245*I245","v":0.11250000000000002}]
["TEODOLITO ELETRONICO, PRECISAO ANGULAR DE 5 A 7 SEGUNDOS, INCLUINDO TRIPE","h",{"$f":"'CPU (DF)'!C246","v":5.000000000000001E-2},null,7247,null,"SINAPI PI 06/223",{"$f":"H58","v":2.25},null,{"$f":"C246*H246+D246*I246","v":0.11250000000000002}]
["VEÍCULO DE PASSEIO PARA DESLOCAMENTO DA EQUIPE","h",{"$f":"'CPU (DF)'!C247","v":1.8382352941176468E-2},{"$f":"'CPU (DF)'!D247","v":3.063725490196078E-2},"E9093",null,"SICRO PI 01/2023",{"$f":"H30","v":34.258099999999999},{"$f":"I30","v":6.4212999999999996},{"$f":"C247*H247+D247*I247","v":0.82647549019607824}]
["CAMINHONETE CABINE SIMPLES COM MOTOR 1.6 FLEX, CÂMBIO MANUAL, POTÊNCIA 101/104 CV, 2 PORTAS","h",{"$f":"'CPU (DF)'!C248","v":2.9779411764705884E-2},{"$f":"'CPU (DF)'!D248","v":4.9632352941176468E-2},92145,92146,"SINAPI PI 06/223",{"$f":"H31","v":68.44},{"$f":"I31","v":27.09},{"$f":"C248*H248+D248*I248","v":3.3826433823529412}]
["SUB-TOTAL",{"$nulls":8},{"$f":"SUM(J245:J248)","v":4.4341188725490195}]
["MATERIAL"]
["DISCRIMINAÇÃO","UNIDADE","QUANT.",null,"COD.",null,"FONTE",null,"P.UNIT.","P.TOTAL"]
["MOURAO ROLICO DE MADEIRA TRATADA, D = 16 A 20 CM, H = 3,0 M, EM EUCALIPTO OU EQUIVALENTE DA REGIAO (PARA CERCA)","m",{"$f":"'CPU (DF)'!C252","v":6.6666666666666666E-2},null,2747,null,"SINAPI PI 06/223",null,{"$f":"VLOOKUP(E252,[48]sheet1!$A$1:$E$65536,5,FALSE)","v":27.44},{"$f":"ROUND((I252*C252),2)","v":1.83}]
["MOURAO ROLICO DE MADEIRA TRATADA, D  ≥ 10 CM, H = 2,20 M, EM EUCALIPTO OU EQUIVALENTE DA REGIAO (PARA CERCA)","m",{"$f":"'CPU (DF)'!C253","v":0.41111111111111115},null,21138,null,"SINAPI PI 06/223",null,{"$f":"VLOOKUP(E253,[48]sheet1!$A$1:$E$65536,5,FALSE)","v":8.6999999999999993},{"$f":"ROUND((I253*C253),2)","v":3.58}]
["ARAME FARPADO GALVANIZADO, 16 BWG (1,65 MM), CLASSE 250","m",{"$f":"'CPU (DF)'!C254","v":5},null,340,null,"SINAPI PI 06/223",null,{"$f":"VLOOKUP(E254,[48]sheet1!$A$1:$E$65536,5,FALSE)","v":1.22},{"$f":"ROUND((I254*C254),2)","v":6.1}]
["GRAMPO DE ACO POLIDO 1 \" X 9","kg",{"$f":"'CPU (DF)'!C255","v":0.03},null,5076,null,"SINAPI PI 06/223",null,{"$f":"VLOOKUP(E255,[48]sheet1!$A$1:$E$65536,5,FALSE)","v":20.55},{"$f":"ROUND((I255*C255),2)","v":0.62}]
["ESTACA/PIQUETE DE MADEIRA (0,5 m)","U",{"$f":"'CPU (DF)'!C256","v":0.05},null,4408,null,"SINAPI PI 06/223",null,{"$f":"I220","v":0.53200000000000003},{"$f":"C256*I256","v":2.6600000000000002E-2}]
["SUB-TOTAL",{"$nulls":8},{"$f":"SUM(J252:J256)","v":12.156599999999999}]
["SERVIÇOS - COMPOSIÇÕES AUXILIARES"]
["DISCRIMINAÇÃO","UNIDADE","QUANT.",null,"COD.",null,"FONTE",null,"P.UNIT.","P.TOTAL"]
[]
["SUB-TOTAL",{"$nulls":8},{"$f":"J260","v":0}]
["MÃO DE OBRA"]
["DISCRIMINAÇÃO","UNIDADE","QUANT.",null,"COD. P","COD. I","FONTE",null,"P.UNIT.","P.TOTAL"]
["ENGENHEIRO COM ENCARGO","mês",{"$f":"'CPU (DF)'!C264","v":1.1140819964349375E-4},null,93565,null,"SINAPI PI 06/223",null,{"$f":"I228","v":19763},{"$f":"C264*I264","v":2.2017602495543671}]
["ENCARREGADO COM ENCARGO","mês",{"$f":"'CPU (DF)'!C265","v":3.3422459893048126E-4},null,93572,null,"SINAPI PI 06/223",null,{"$f":"I229","v":5456.34},{"$f":"C265*I265","v":1.8236430481283421}]
["TOPOGRAFO COM ENCARGOS","mês",{"$f":"'CPU (DF)'!C266","v":2.8409090909090913E-4},null,94296,null,"SINAPI PI 06/223",null,6803.98,{"$f":"C266*I266","v":1.9329488636363639}]
["AUXILIAR DE TOPOGRÁFO COM ENCARGOS","mês",{"$f":"'CPU (DF)'!C267","v":2.8409090909090913E-4},null,101389,null,"SINAPI PI 06/223",null,3265.65,{"$f":"C267*I267","v":0.92774147727272738}]
["SERVENTE COM ENCARGOS COMPLEMENTARES - ABERTURA DE PICADAS, ESCAVAÇÃO MANUAL E ASSENTAMENTO DE MOURÕES","mês",{"$f":"'CPU (DF)'!C268","v":1.0822510822510823E-3},null,101452,null,"SINAPI PI 06/223",null,3417.2,{"$f":"C268*I268","v":3.6982683982683979}]
["CARPINTEIRO DE FORMAS COM ENCARGOS COMPLEMENTARES","h",{"$f":"'CPU (DF)'!C269","v":9.5238095238095247E-2},null,88262,null,"SINAPI PI 06/223",null,23.88,{"$f":"ROUND((I269*C269),2)","v":2.27}]
["AJUDANTE DE CARPINTEIRO COM ENCARGOS COMPLEMENTARES","h",{"$f":"'CPU (DF)'!C270","v":9.5238095238095247E-2},null,88239,null,"SINAPI PI 06/223",null,19.57,{"$f":"ROUND((I270*C270),2)","v":1.86}]
["SUB-TOTAL",{"$nulls":8},{"$f":"SUM(J264:J270)","v":14.714362036860198}]
["PRODUÇÃO MENSAL DA EQUIPE",{"$f":"'CPU (DF)'!B272","v":1847.9999999999998},"CUSTO ",{"$nulls":6},{"$f":"J271+J261+J257+J249","v":31.30508090940922}]
["TOTAL",{"$nulls":8},{"$f":"ROUND(J272,2)","v":31.31}]
["BDI                %",{"$nulls":8},24.1]
["TOTAL DO SERVIÇO - R$",{"$nulls":8},{"$f":"ROUND(J273*(1+J274/100),2)","v":38.86}]
[]
[" COMPOSIÇÃO DE PREÇO UNITÁRIO"]
["PLACA DE IDENTIFICAÇÃO DE OBRA",{"$nulls":7},"UNIDADE: ","m²"]
["EQUIPAMENTO"]
["DISCRIMINAÇÃO","UNIDADE","QUANT. PROD.","QUANT. IMPROD.","CÓDIGO",null,null,null,"P.UNIT.","P.TOTAL"]
[{"$nulls":9},{"$f":"C281*I281","v":0}]
["SUB-TOTAL",{"$nulls":8},{"$f":"SUM(J281:J281)","v":0}]
["MATERIAL"]
["DISCRIMINAÇÃO","UNIDADE","QUANT.",null,"COD. P","COD. I",null,null,"P.UNIT.","P.TOTAL"]
["PONTALETE *7,5 X 7,5* CM EM PINUS, MISTA OU EQUIVALENTE DA REGIAO - BRUTA","M",{"$f":"'CPU (DF)'!C285","v":1},null,4491,null,"SINAPI PI 06/223",null,{"$f":"VLOOKUP(E285,[48]sheet1!$A$1:$E$65536,5,FALSE)","v":10.76},{"$f":"ROUND((I285*C285),2)","v":10.76}]
["SARRAFO NAO APARELHADO *2,5 X 7* CM","M",{"$f":"'CPU (DF)'!C286","v":1},null,4417,null,"SINAPI PI 06/223",null,{"$f":"VLOOKUP(E286,[48]sheet1!$A$1:$E$65536,5,FALSE)","v":3.81},{"$f":"ROUND((I286*C286),2)","v":3.81}]
["PREGO DE ACO POLIDO COM CABECA 18 X 30 (2 3/4 X 10)","KG",{"$f":"'CPU (DF)'!C287","v":1.8333333333333333E-2},null,5075,null,"SINAPI PI 06/223",null,{"$f":"VLOOKUP(E287,[48]sheet1!$A$1:$E$65536,5,FALSE)","v":20.34},{"$f":"ROUND((I287*C287),2)","v":0.37}]
["PLACA DE OBRA (PARA CONSTRUCAO CIVIL) EM CHAPA GALVANIZADA","M2",{"$f":"'CPU (DF)'!C288","v":1},null,4813,null,"SINAPI PI 06/223",null,{"$f":"VLOOKUP(E288,[48]sheet1!$A$1:$E$65536,5,FALSE)","v":250},{"$f":"ROUND((I288*C288),2)","v":250}]
["SUB-TOTAL",{"$nulls":8},{"$f":"SUM(J285:J288)","v":264.94}]
["SERVIÇOS - COMPOSIÇÕES AUXILIARES"]
["DISCRIMINAÇÃO","UNIDADE","QUANT.",null,"COD. P","COD. I",null,null,"P.UNIT.","P.TOTAL"]
["CONCRETO MAGRO TRAÇO 1:4,5:4,5 (CIMENTO/ AREIA MÉDIA/ BRITA 1) - PREPARO MECÂNICO COM BETONEIRA 400 L.","M3",{"$f":"'CPU (DF)'!C292","v":1.6666666666666666E-2},null,94962,null,"SINAPI PI 06/223",null,{"$f":"VLOOKUP(E292,[46]planilhanull!$G$7:$K$7520,5,FALSE)","v":494.92},{"$f":"ROUND((I292*C292),2)","v":8.25}]
["SUB-TOTAL",{"$nulls":8},{"$f":"J292","v":8.25}]
["MÃO DE OBRA"]
["DISCRIMINAÇÃO","UNIDADE","QUANT.",null,"COD. P","COD. I",null,null,"P.UNIT.","P.TOTAL"]
["CARPINTEIRO DE FORMAS COM ENCARGOS COMPLEMENTARES","H",{"$f":"'CPU (DF)'!C296","v":0.33333333333333331},null,88262,null,"SINAPI PI 06/223",null,{"$f":"I269","v":23.88},{"$f":"ROUND((I296*C296),2)","v":7.96}]
["AJUDANTE DE CARPINTEIRO COM ENCARGOS COMPLEMENTARES","H",{"$f":"'CPU (DF)'!C297","v":0.66666666666666663},null,88239,null,"SINAPI PI 06/223",null,{"$f":"I270","v":19.57},{"$f":"ROUND((I297*C297),2)","v":13.05}]
["SUB-TOTAL",{"$nulls":8},{"$f":"SUM(J296:J297)","v":21.01}]
["PRODUÇÃO MENSAL DA EQUIPE",{"$f":"'CPU (DF)'!B299","v":528},"CUSTO ",{"$nulls":6},{"$f":"J298+J293+J289+J282","v":294.2}]
["TOTAL",{"$nulls":8},{"$f":"ROUND(J299,2)","v":294.2}]
["BDI                %",{"$nulls":8},24.1]
["TOTAL DO SERVIÇO - R$",{"$nulls":8},{"$f":"ROUND(J300*(1+J301/100),2)","v":365.1}]

{"sheet":"CPU (RN)","index":14,"n_rows":302,"n_cols":10,"rows_kept":302,"cut":false,"hidden":false,"merged":[[301,0,301,8],[282,0,282,9],[288,0,288,8],[289,0,289,9],[292,0,292,8],[293,0,293,9],[297,0,297,8],[298,2,298,8],[299,0,299,8],[300,0,300,8],[270,0,270,8],[271,2,271,8],[272,0,272,8],[273,0,273,8],[274,0,274,8],[276,0,276,9],[277,0,277,7],[278,0,278,9],[281,0,281,8],[173,0,173,9],[174,0,174,7],[175,0,175,9],[182,0,182,8],[183,0,183,9],[186,0,186,8],[187,0,187,9],[190,0,190,8],[191,0,191,9],[198,0,198,8],[199,2,199,8],[200,0,200,8],[201,0,201,8],[204,0,204,9],[205,0,205,7],[206,0,206,9],[212,0,212,8],[213,0,213,9],[202,0,202,8],[220,0,220,8],[221,0,221,9],[234,0,234,8],[235,2,235,8],[240,0,240,9],[256,0,256,8],[257,0,257,9],[260,0,260,8],[261,0,261,9],[238,0,238,8],[241,0,241,7],[242,0,242,9],[248,0,248,8],[249,0,249,9],[236,0,236,8],[237,0,237,8],[224,0,224,8],[225,0,225,9],[0,0,0,9],[1,0,1,1],[1,2,1,4],[1,6,1,7],[2,0,2,9],[5,0,5,8],[110,0,110,9],[111,0,111,7],[112,0,112,9],[19,2,19,8],[20,0,20,8],[21,0,21,8],[22,0,22,8],[24,0,24,9],[25,0,25,7],[6,0,6,9],[10,0,10,8],[11,0,11,9],[14,0,14,8],[15,0,15,9],[18,0,18,8],[41,0,41,9],[46,0,46,8],[47,2,47,8],[48,0,48,8],[49,0,49,8],[50,0,50,8],[26,0,26,9],[31,0,31,8],[32,0,32,9],[35,0,35,8],[36,0,36,9],[40,0,40,8],[64,0,64,9],[67,0,67,8],[68,0,68,9],[72,0,72,8],[73,2,73,8],[74,0,74,8],[52,0,52,9],[53,0,53,7],[54,0,54,9],[59,0,59,8],[60,0,60,9],[63,0,63,8],[88,0,88,9],[91,0,91,8],[92,0,92,9],[95,0,95,8],[96,0,96,9],[103,0,103,8],[75,0,75,8],[76,0,76,8],[78,0,78,9],[79,0,79,7],[80,0,80,9],[87,0,87,8],[104,2,104,8],[105,0,105,8],[106,0,106,8],[107,0,107,8],[119,0,119,8],[120,0,120,9],[123,0,123,8],[124,0,124,9],[137,0,137,8],[138,0,138,8],[127,0,127,8],[128,0,128,9],[135,0,135,8],[136,2,136,8],[139,0,139,8],[141,0,141,9],[142,0,142,7],[143,0,143,9],[150,0,150,8],[151,0,151,9],[154,0,154,8],[155,0,155,9],[170,0,170,8],[158,0,158,8],[159,0,159,9],[166,0,166,8],[167,2,167,8],[168,0,168,8],[169,0,169,8]]}
[" COMPOSIÇÃO DE PREÇO UNITÁRIO"]
["MOBILIZAÇÃO E DESMOBILIZAÇÃO",null,"REGIÃO:",null,null,null,"RN",null,"UNIDADE: ","R$/Tonelada/ Projeto"]
["EQUIPAMENTO"]
["DISCRIMINAÇÃO","UNIDADE","QUANT. PROD.","QUANT. IMPROD.","COD.",null,"FONTE","P.UNIT. PROD","P.UNIT. IMPR","P.TOTAL"]
[{"$nulls":9},{"$f":"C5*E5*H5+C5*G5*I5","v":0}]
["SUB-TOTAL",{"$nulls":8},{"$f":"SUM(J5:J5)","v":0}]
["MATERIAL"]
["DISCRIMINAÇÃO","UNIDADE","QUANT.",null,"COD.",null,"FONTE",null,"P.UNIT.","P.TOTAL"]
[{"$nulls":9},"Toneladas/ Projeto"]
[{"$nulls":9},{"$f":"C10*I10","v":0}]
["SUB-TOTAL",{"$nulls":8},{"$f":"SUM(J9:J10)","v":0}]
["SERVIÇOS - COMPOSIÇÕES AUXILIARES"]
["DISCRIMINAÇÃO","UNIDADE","QUANT.",null,"COD.",null,"FONTE",null,"P.UNIT.","P.TOTAL"]
["TRANSPORTE COM CAVALO MECÂNICO COM SEMIRREBOQUE COM CAPACIDADE DE 30 T - RODOVIA PAVIMENTADA","t*km",{"$f":"'CPU (DF)'!C14","v":1},null,5914640,null,"SICRO RN 01/2023",null,{"$f":"VLOOKUP(E14,[49]Sheet1!$A:$D,4,FALSE)","v":0.6},{"$f":"C14*I14","v":0.6}]
["SUB-TOTAL",{"$nulls":8},{"$f":"SUM(J14:J14)","v":0.6}]
["MÃO DE OBRA"]
["DISCRIMINAÇÃO","UNIDADE","QUANT.",{"$nulls":5},"P.UNIT.","P.TOTAL"]
[{"$nulls":9},{"$f":"C18*I18","v":0}]
["SUB-TOTAL",{"$nulls":8},{"$f":"SUM(J18:J18)","v":0}]
["PRODUÇÃO DA EQUIPE (MOB E DESMOB) EM km",{"$f":"VLOOKUP(G2,DMT!D:E,2)*2","v":434.64},"CUSTO ",{"$nulls":6},{"$f":"J19+J15+J11+J6","v":0.6}]
["TOTAL",{"$nulls":8},{"$f":"J20*B20","v":260.78399999999999}]
["BDI                %",{"$nulls":8},24.1]
["TOTAL DO SERVIÇO - R$",{"$nulls":8},{"$f":"J21*(1+J22/100)","v":323.63294400000001}]
[]
[" COMPOSIÇÃO DE PREÇO UNITÁRIO"]
["LOCAÇÃO E CONSTRUÇÃO DE TERRAÇOS - INCLUSIVE SOLOS DUROS E SECOS",{"$nulls":7},"UNIDADE: ","km"]
["EQUIPAMENTO"]
["DISCRIMINAÇÃO","UNIDADE","QUANT. PROD.","QUANT. IMPROD.","COD. P","COD. I","FONTE","CHP","CHI","P.TOTAL"]
["TRATOR DE ESTEIRAS, POTÊNCIA 125 HP, PESO OPERACIONAL 12,9 T, COM LÂMINA 2,7 M3","H",{"$f":"'CPU (DF)'!C29","v":7.0588235294117654},{"$f":"'CPU (DF)'!D29","v":2.3529411764705883},5851,5853,"SINAPI RN 06/223",{"$f":"VLOOKUP(E29,[50]planilhanull!$G$7:$K$7520,5,FALSE)","v":217.01},{"$f":"VLOOKUP(F29,[50]planilhanull!$G$7:$K$7520,5,FALSE)","v":73.47},{"$f":"C29*H29+D29*I29","v":1704.7058823529414}]
["VEÍCULO DE PASSEIO PARA DESLOCAMENTO DA EQUIPE","H",{"$f":"'CPU (DF)'!C30","v":0.93749999999999989},{"$f":"'CPU (DF)'!D30","v":1.5624999999999998},"E9093","E9093","SICRO RN 01/2023",{"$f":"VLOOKUP(E30,[51]Sheet1!$A:$K,10,FALSE)","v":35.277799999999999},{"$f":"VLOOKUP(F30,[51]Sheet1!$A:$K,11,FALSE)","v":6.423},{"$f":"C30*H30+D30*I30","v":43.108874999999998}]
["CAMINHONETE CABINE SIMPLES COM MOTOR 1.6 FLEX, CÂMBIO MANUAL, POTÊNCIA 101/104 CV, 2 PORTAS","H",{"$f":"'CPU (DF)'!C31","v":0.5625},{"$f":"'CPU (DF)'!D31","v":0.93749999999999989},92145,92146,"SINAPI RN 06/223",{"$f":"VLOOKUP(E31,[50]planilhanull!$G$7:$K$7520,5,FALSE)","v":72.92},{"$f":"VLOOKUP(F31,[50]planilhanull!$G$7:$K$7520,5,FALSE)","v":28.42},{"$f":"C31*H31+D31*I31","v":67.661249999999995}]
["SUB-TOTAL",{"$nulls":8},{"$f":"SUM(J29:J31)","v":1815.4760073529415}]
["MATERIAL"]
["DISCRIMINAÇÃO","UNIDADE","QUANT.",null,"COD.",null,"FONTE",null,"P.UNIT.","P.TOTAL"]
[]
["SUB-TOTAL",{"$nulls":8},{"$f":"SUM(J35:J35)","v":0}]
["SERVIÇOS - COMPOSIÇÕES AUXILIARES"]
["DISCRIMINAÇÃO","UNIDADE","QUANT.",null,"COD.",null,"FONTE",null,"P.UNIT.","P.TOTAL"]
["LOCAÇÃO E NIVELAMENTO DE TERRAÇOS COM TOPOGRAFIA","KM",{"$f":"'CPU (DF)'!C39","v":1},null,"COMPOSIÇÃO",null,null,null,{"$f":"J75","v":197.69},{"$f":"C39*I39","v":197.69}]
["REVESTIMENTO VEGETAL POR SEMEADURA A LANÇO MANUAL DE GRAMÍNEAS E LEGUMINOSAS","m²",{"$f":"'CPU (DF)'!C40","v":1000},null,4413993,null,"SICRO RN 01/2023",null,{"$f":"VLOOKUP(E40,[49]Sheet1!$A:$D,4,FALSE)","v":0.64},{"$f":"C40*I40","v":640}]
["SUB-TOTAL",{"$nulls":8},{"$f":"SUM(J39:J40)","v":837.69}]
["MÃO DE OBRA"]
["DISCRIMINAÇÃO","UNIDADE","QUANT.",null,"COD. P","COD. I","FONTE",null,"P.UNIT.","P.TOTAL"]
["ENGENHEIRO COM ENCARGO","MES",{"$f":"'CPU (DF)'!C44","v":5.681818181818182E-3},null,93565,null,"SINAPI RN 06/223",null,{"$f":"VLOOKUP(E44,[50]planilhanull!$G$7:$K$7520,5,FALSE)","v":19764.13},{"$f":"C44*I44","v":112.2961931818182}]
["SERVENTE COM ENCARGOS COMPLEMENTARES - INLUSIVE ABERTURA E FECHAMENTO DE CERCAS","MES",{"$f":"'CPU (DF)'!C45","v":5.3475935828877004E-2},null,101452,null,"SINAPI RN 06/223",null,{"$f":"VLOOKUP(E45,[50]planilhanull!$G$7:$K$7520,5,FALSE)","v":3460.23},{"$f":"C45*I45","v":185.03903743315507}]
["ENCARREGADO COM ENCARGO","MES",{"$f":"'CPU (DF)'!C46","v":1.7045454545454544E-2},null,93572,null,"SINAPI RN 06/223",null,{"$f":"VLOOKUP(E46,[50]planilhanull!$G$7:$K$7520,5,FALSE)","v":3858.62},{"$f":"C46*I46","v":65.771931818181812}]
["SUB-TOTAL",{"$nulls":8},{"$f":"SUM(J44:J46)","v":363.10716243315511}]
["PRODUÇÃO DA EQUIPE MÊS 22 KM, MAS COM FATOR DE REDUÇÃO PARA PÉRIODOS COM CHUVAS ",{"$f":"'CPU (DF)'!B48","v":18.7},"CUSTO ",{"$nulls":6},{"$f":"J47+J41+J36+J32","v":3016.2731697860963}]
["TOTAL",{"$nulls":8},{"$f":"ROUND(J48,2)","v":3016.27}]
["BDI                %",{"$nulls":8},24.1]
["TOTAL DO SERVIÇO - R$",{"$nulls":8},{"$f":"ROUND(J49*(1+J50/100),2)","v":3743.19}]
[]
[" COMPOSIÇÃO DE PREÇO UNITÁRIO"]
["LOCAÇÃO E NIVELAMENTO DE TERRAÇOS COM TOPOGRAFIA",{"$nulls":7},"UNIDADE: ","km"]
["EQUIPAMENTO"]
["DISCRIMINAÇÃO","UNIDADE","QUANT. PROD.","QUANT. IMPROD.","COD. P","COD. I","FONTE","CHP/ P.UNIT.","CHI","P.TOTAL"]
["NIVEL OPTICO, COM PRECISAO DE 0,7 MM, AUMENTO DE 32X","H",{"$f":"'CPU (DF)'!C57","v":0.99609374999999989},null,7252,null,"SINAPI RN 06/223",{"$f":"VLOOKUP(E57,[52]sheet1!$A$1:$E$65536,5,FALSE)","v":2.25},null,{"$f":"C57*H57+D57*I57","v":2.2412109374999996}]
["TEODOLITO ELETRONICO, PRECISAO ANGULAR DE 5 A 7 SEGUNDOS, INCLUINDO TRIPE","H",{"$f":"'CPU (DF)'!C58","v":0.99609374999999989},null,7247,null,"SINAPI RN 06/223",{"$f":"VLOOKUP(E58,[52]sheet1!$A$1:$E$65536,5,FALSE)","v":2.25},null,{"$f":"C58*H58+D58*I58","v":2.2412109374999996}]
["CAMINHONETE CABINE SIMPLES COM MOTOR 1.6 FLEX, CÂMBIO MANUAL, POTÊNCIA 101/104 CV, 2 PORTAS","H",{"$f":"'CPU (DF)'!C59","v":0.37353515624999994},{"$f":"'CPU (DF)'!D59","v":0.62255859375},92145,92146,"SINAPI RN 06/223",{"$f":"H31","v":72.92},{"$f":"I31","v":28.42},{"$f":"C59*H59+D59*I59","v":44.931298828124994}]
["SUB-TOTAL",{"$nulls":8},{"$f":"SUM(J57:J59)","v":49.413720703124994}]
["MATERIAL"]
["DISCRIMINAÇÃO","UNIDADE","QUANT.",null,"COD.",null,null,null,"P.UNIT.","P.TOTAL"]
["ESTACA/PIQUETE DE MADEIRA","U",{"$f":"'CPU (DF)'!C63","v":83.333333333333329},null,4408,null,"SINAPI RN 06/223",null,{"$f":"VLOOKUP(E63,[52]sheet1!$A$1:$E$65536,5,FALSE)*0.4","v":1.044},{"$f":"C63*I63","v":87}]
["SUB-TOTAL",{"$nulls":8},{"$f":"SUM(J63:J63)","v":87}]
["SERVIÇOS - COMPOSIÇÕES AUXILIARES"]
["DISCRIMINAÇÃO","UNIDADE","QUANT.",{"$nulls":5},"P.UNIT.","P.TOTAL"]
[]
["SUB-TOTAL"]
["MÃO DE OBRA"]
["DISCRIMINAÇÃO","UNIDADE","QUANT.",null,"COD. P","COD. I",null,null,"P.UNIT.","P.TOTAL"]
["AUXILIAR DE TOPOGRÁFO COM ENCARGOS","MÊS",{"$f":"'CPU (DF)'!C71","v":5.6596235795454541E-3},null,101389,null,"SINAPI RN 06/223",null,{"$f":"VLOOKUP(E71,[50]planilhanull!$G$7:$K$7520,5,FALSE)","v":3500.87},{"$f":"C71*I71","v":19.813606400923295}]
["TOPOGRAFO COM ENCARGOS","MÊS",{"$f":"'CPU (DF)'!C72","v":5.6596235795454541E-3},null,94296,null,"SINAPI RN 06/223",null,{"$f":"VLOOKUP(E72,[50]planilhanull!$G$7:$K$7520,5,FALSE)","v":7326.64},{"$f":"C72*I72","v":41.466024502840909}]
["SUB-TOTAL",{"$nulls":8},{"$f":"SUM(J71:J72)","v":61.2796309037642}]
["PRODUÇÃO MENSAL DA EQUIPE",{"$f":"'CPU (DF)'!B74","v":46.93333333333333},"CUSTO ",{"$nulls":6},{"$f":"J73+J68+J64+J60","v":197.69335160688919}]
["TOTAL",{"$nulls":8},{"$f":"ROUND(J74,2)","v":197.69}]
["BDI                %",{"$nulls":8},24.1]
["TOTAL DO SERVIÇO - R$",{"$nulls":8},{"$f":"ROUND(J75*(1+J76/100),2)","v":245.33}]
[]
[" COMPOSIÇÃO DE PREÇO UNITÁRIO"]
["LOCAÇÃO E CONSTRUÇÃO DE BACIAS DE CAPTAÇÃO DE ENXURRADA (4 METROS DE RAIO)",{"$nulls":7},"UNIDADE: ","UNID."]
["EQUIPAMENTO"]
["DISCRIMINAÇÃO","UNIDADE","QUANT. PROD.","QUANT. IMPROD.","COD. P","COD. I","FONTE","CHP/ P.UNIT.","CHI","P.TOTAL"]
["NIVEL OPTICO, COM PRECISAO DE 0,7 MM, AUMENTO DE 32X","H",{"$f":"'CPU (DF)'!C83","v":0.59999999999999987},null,7252,null,"SINAPI RN 06/223",{"$f":"$H$57","v":2.25},null,{"$f":"C83*H83+D83*I83","v":1.3499999999999996}]
["TEODOLITO ELETRONICO, PRECISAO ANGULAR DE 5 A 7 SEGUNDOS, INCLUINDO TRIPE","H",{"$f":"'CPU (DF)'!C84","v":0.59999999999999987},null,7247,null,"SINAPI RN 06/223",{"$f":"$H$58","v":2.25},null,{"$f":"C84*H84+D84*I84","v":1.3499999999999996}]
["PÁ CARREGADEIRA SOBRE RODAS, POTÊNCIA LÍQUIDA 128 HP, CAPACIDADE DA CAÇAMBA 1,7 A 2,8 M³","H",{"$f":"'CPU (DF)'!C85","v":0.77795298165137616},{"$f":"'CPU (DF)'!D85","v":0.25931766055045874},5940,5942,"SINAPI RN 06/223",{"$f":"VLOOKUP(E85,[50]planilhanull!$G$7:$K$7520,5,FALSE)","v":169.47},{"$f":"VLOOKUP(F85,[50]planilhanull!$G$7:$K$7520,5,FALSE)","v":68.16},{"$f":"C85*H85+D85*I85","v":149.51478354357801}]
["VEÍCULO DE PASSEIO PARA DESLOCAMENTO DA EQUIPE","H",{"$f":"'CPU (DF)'!C86","v":0.23437500000000003},{"$f":"'CPU (DF)'!D86","v":0.39062500000000006},"E9093",null,"SICRO RN 01/2023",{"$f":"$H$30","v":35.277799999999999},{"$f":"$I$30","v":6.423},{"$f":"C86*H86+D86*I86","v":10.777218750000001}]
["CAMINHONETE CABINE SIMPLES COM MOTOR 1.6 FLEX, CÂMBIO MANUAL, POTÊNCIA 101/104 CV, 2 PORTAS","H",{"$f":"'CPU (DF)'!C87","v":0.60937499999999989},{"$f":"'CPU (DF)'!D87","v":0.36562499999999998},92145,92146,"SINAPI RN 06/223",{"$f":"$H$31","v":72.92},{"$f":"$I$31","v":28.42},{"$f":"C87*H87+D87*I87","v":54.826687499999991}]
["SUB-TOTAL",{"$nulls":8},{"$f":"SUM(J83:J87)","v":217.81868979357799}]
["MATERIAL"]
["DISCRIMINAÇÃO","UNIDADE","QUANT.",null,"COD.",null,null,null,"P.UNIT.","P.TOTAL"]
["ESTACA/PIQUETE DE MADEIRA","U",{"$f":"'CPU (DF)'!C91","v":12},null,4408,null,"SINAPI RN 06/223",null,{"$f":"$I$63","v":1.044},{"$f":"C91*I91","v":12.528}]
["SUB-TOTAL",{"$nulls":8},{"$f":"SUM(J91:J91)","v":12.528}]
["SERVIÇOS - COMPOSIÇÕES AUXILIARES"]
["DISCRIMINAÇÃO","UNIDADE","QUANT.",{"$nulls":5},"P.UNIT.","P.TOTAL"]
["REVESTIMENTO VEGETAL POR SEMEADURA A LANÇO MANUAL DE GRAMÍNEAS E LEGUMINOSAS","m²",{"$f":"'CPU (DF)'!C95","v":50.26548245743669},null,4413993,null,"SICRO RN 01/2023",null,{"$f":"VLOOKUP(E95,[49]Sheet1!$A:$D,4,FALSE)","v":0.64},{"$f":"C95*I95","v":32.169908772759484}]
["SUB-TOTAL",{"$nulls":8},{"$f":"SUM(J95:J95)","v":32.169908772759484}]
["MÃO DE OBRA"]
["DISCRIMINAÇÃO","UNIDADE","QUANT.",null,"COD. P","COD. I",null,null,"P.UNIT.","P.TOTAL"]
["ENGENHEIRO COM ENCARGO","MÊS",{"$f":"'CPU (DF)'!C99","v":1.4204545454545455E-3},null,93565,null,"SINAPI RN 06/223",null,{"$f":"$I$44","v":19764.13},{"$f":"C99*I99","v":28.074048295454549}]
["ENCARREGADO COM ENCARGO","MÊS",{"$f":"'CPU (DF)'!C100","v":4.2613636363636369E-3},null,93572,null,"SINAPI RN 06/223",null,{"$f":"$I$46","v":3858.62},{"$f":"C100*I100","v":16.442982954545457}]
["TOPOGRAFO COM ENCARGOS","MÊS",{"$f":"'CPU (DF)'!C101","v":3.4090909090909085E-3},null,94296,null,"SINAPI RN 06/223",null,{"$f":"$I$72","v":7326.64},{"$f":"C101*I101","v":24.977181818181815}]
["AUXILIAR DE TOPOGRÁFO COM ENCARGOS","MÊS",{"$f":"'CPU (DF)'!C102","v":3.4090909090909085E-3},null,101389,null,"SINAPI RN 06/223",null,{"$f":"$I$71","v":3500.87},{"$f":"C102*I102","v":11.934784090909089}]
["SERVENTE COM ENCARGOS COMPLEMENTARES - INLUSIVE ABERTURA E FECHAMENTO DE CERCAS","MES",{"$f":"'CPU (DF)'!C103","v":5.893583194328607E-3},null,101452,null,"SINAPI RN 06/223",null,{"$f":"$I$45","v":3460.23},{"$f":"C103*I103","v":20.393153376511677}]
["SUB-TOTAL",{"$nulls":8},{"$f":"SUM(J99:J103)","v":101.82215053560259}]
["PRODUÇÃO MENSAL DA EQUIPE",{"$f":"'CPU (DF)'!B105","v":169.67606412382531},"CUSTO ",{"$nulls":6},{"$f":"J104+J96+J92+J88","v":364.33874910194004}]
["TOTAL",{"$nulls":8},{"$f":"ROUND(J105,2)","v":364.34}]
["BDI                %",{"$nulls":8},24.1]
["TOTAL DO SERVIÇO - R$",{"$nulls":8},{"$f":"ROUND(J106*(1+J107/100),2)","v":452.15}]
[]
[]
[" COMPOSIÇÃO DE PREÇO UNITÁRIO"]
["LOCAÇÃO E CONSTRUÇÃO DE BACIAS DE CAPTAÇÃO DE ENXURRADA (6 METROS DE RAIO)",{"$nulls":7},"UNIDADE: ","UNID."]
["EQUIPAMENTO"]
["DISCRIMINAÇÃO","UNIDADE","QUANT. PROD.","QUANT. IMPROD.","COD. P","COD. I","FONTE","CHP/ P.UNIT.","CHI","P.TOTAL"]
["NIVEL OPTICO, COM PRECISAO DE 0,7 MM, AUMENTO DE 32X","H",{"$f":"'CPU (DF)'!C115","v":0.59999999999999987},null,7252,null,"SINAPI RN 06/223",{"$f":"$H$57","v":2.25},null,{"$f":"C115*H115+D115*I115","v":1.3499999999999996}]
["TEODOLITO ELETRONICO, PRECISAO ANGULAR DE 5 A 7 SEGUNDOS, INCLUINDO TRIPE","H",{"$f":"'CPU (DF)'!C116","v":0.59999999999999987},null,7247,null,"SINAPI RN 06/223",{"$f":"$H$58","v":2.25},null,{"$f":"C116*H116+D116*I116","v":1.3499999999999996}]
["PÁ CARREGADEIRA SOBRE RODAS, POTÊNCIA LÍQUIDA 128 HP, CAPACIDADE DA CAÇAMBA 1,7 A 2,8 M³","H",{"$f":"'CPU (DF)'!C117","v":1.5361668577981655},{"$f":"'CPU (DF)'!D117","v":0.51205561926605514},5940,5942,"SINAPI RN 06/223",{"$f":"$H$85","v":169.47},{"$f":"$I$85","v":68.16},{"$f":"C117*H117+D117*I117","v":295.23590840022945}]
["VEÍCULO DE PASSEIO PARA DESLOCAMENTO DA EQUIPE","H",{"$f":"'CPU (DF)'!C118","v":0.25},{"$f":"'CPU (DF)'!D118","v":0.41666666666666669},"E9093",null,"SICRO RN 01/2023",{"$f":"$H$30","v":35.277799999999999},{"$f":"$I$30","v":6.423},{"$f":"C118*H118+D118*I118","v":11.495699999999999}]
["CAMINHONETE CABINE SIMPLES COM MOTOR 1.6 FLEX, CÂMBIO MANUAL, POTÊNCIA 101/104 CV, 2 PORTAS","H",{"$f":"'CPU (DF)'!C119","v":0.62499999999999989},{"$f":"'CPU (DF)'!D119","v":0.375},92145,92146,"SINAPI RN 06/223",{"$f":"$H$31","v":72.92},{"$f":"$I$31","v":28.42},{"$f":"C119*H119+D119*I119","v":56.232499999999995}]
["SUB-TOTAL",{"$nulls":8},{"$f":"SUM(J115:J119)","v":365.66410840022945}]
["MATERIAL"]
["DISCRIMINAÇÃO","UNIDADE","QUANT.",null,"COD.",null,null,null,"P.UNIT.","P.TOTAL"]
["ESTACA/PIQUETE DE MADEIRA","U",{"$f":"'CPU (DF)'!C123","v":12},null,4408,null,"SINAPI RN 06/223",null,{"$f":"$I$63","v":1.044},{"$f":"C123*I123","v":12.528}]
["SUB-TOTAL",{"$nulls":8},{"$f":"SUM(J123:J123)","v":12.528}]
["SERVIÇOS - COMPOSIÇÕES AUXILIARES"]
["DISCRIMINAÇÃO","UNIDADE","QUANT.",{"$nulls":5},"P.UNIT.","P.TOTAL"]
["REVESTIMENTO VEGETAL POR SEMEADURA A LANÇO MANUAL DE GRAMÍNEAS E LEGUMINOSAS","m²",{"$f":"'CPU (DF)'!C127","v":94.247779607693786},null,4413993,null,"SICRO RN 01/2023",null,{"$f":"VLOOKUP(E127,[49]Sheet1!$A:$D,4,FALSE)","v":0.64},{"$f":"C127*I127","v":60.318578948924028}]
["SUB-TOTAL",{"$nulls":8},{"$f":"SUM(J127:J127)","v":60.318578948924028}]
["MÃO DE OBRA"]
["DISCRIMINAÇÃO","UNIDADE","QUANT.",null,"COD. P","COD. I",null,null,"P.UNIT.","P.TOTAL"]
["ENGENHEIRO COM ENCARGO","MÊS",{"$f":"'CPU (DF)'!C131","v":1.5151515151515152E-3},null,93565,null,"SINAPI RN 06/223",null,{"$f":"$I$44","v":19764.13},{"$f":"C131*I131","v":29.945651515151518}]
["ENCARREGADO COM ENCARGO","MÊS",{"$f":"'CPU (DF)'!C132","v":4.5454545454545452E-3},null,93572,null,"SINAPI RN 06/223",null,{"$f":"$I$46","v":3858.62},{"$f":"C132*I132","v":17.539181818181817}]
["TOPOGRAFO COM ENCARGOS","MÊS",{"$f":"'CPU (DF)'!C133","v":3.4090909090909085E-3},null,94296,null,"SINAPI RN 06/223",null,{"$f":"$I$72","v":7326.64},{"$f":"C133*I133","v":24.977181818181815}]
["AUXILIAR DE TOPOGRÁFO COM ENCARGOS","MÊS",{"$f":"'CPU (DF)'!C134","v":3.4090909090909085E-3},null,101389,null,"SINAPI RN 06/223",null,{"$f":"$I$71","v":3500.87},{"$f":"C134*I134","v":11.934784090909089}]
["SERVENTE COM ENCARGOS COMPLEMENTARES - INLUSIVE ABERTURA E FECHAMENTO DE CERCAS","MES",{"$f":"'CPU (DF)'!C135","v":1.1637627710592161E-2},null,101452,null,"SINAPI RN 06/223",null,{"$f":"$I$45","v":3460.23},{"$f":"C135*I135","v":40.268868533022314}]
["SUB-TOTAL",{"$nulls":8},{"$f":"SUM(J131:J135)","v":124.66566777544655}]
["PRODUÇÃO MENSAL DA EQUIPE",{"$f":"'CPU (DF)'!B137","v":85.928165504885072},"CUSTO ",{"$nulls":6},{"$f":"J136+J128+J124+J120","v":563.17635512460004}]
["TOTAL",{"$nulls":8},{"$f":"ROUND(J137,2)","v":563.17999999999995}]
["BDI                %",{"$nulls":8},24.1]
["TOTAL DO SERVIÇO - R$",{"$nulls":8},{"$f":"ROUND(J138*(1+J139/100),2)","v":698.91}]
[]
[" COMPOSIÇÃO DE PREÇO UNITÁRIO"]
["LOCAÇÃO E CONSTRUÇÃO DE BACIAS DE CAPTAÇÃO DE ENXURRADA (9 METROS DE RAIO)",{"$nulls":7},"UNIDADE: ","UNID."]
["EQUIPAMENTO"]
["DISCRIMINAÇÃO","UNIDADE","QUANT. PROD.","QUANT. IMPROD.","COD. P","COD. I","FONTE","CHP/ P.UNIT.","CHI","P.TOTAL"]
["NIVEL OPTICO, COM PRECISAO DE 0,7 MM, AUMENTO DE 32X","H",{"$f":"'CPU (DF)'!C146","v":0.65},null,7252,null,"SINAPI RN 06/223",{"$f":"$H$57","v":2.25},null,{"$f":"C146*H146+D146*I146","v":1.4625000000000001}]
["TEODOLITO ELETRONICO, PRECISAO ANGULAR DE 5 A 7 SEGUNDOS, INCLUINDO TRIPE","H",{"$f":"'CPU (DF)'!C147","v":0.65},null,7247,null,"SINAPI RN 06/223",{"$f":"$H$58","v":2.25},null,{"$f":"C147*H147+D147*I147","v":1.4625000000000001}]
["PÁ CARREGADEIRA SOBRE RODAS, POTÊNCIA LÍQUIDA 128 HP, CAPACIDADE DA CAÇAMBA 1,7 A 2,8 M³","H",{"$f":"'CPU (DF)'!C148","v":3.7389908256880737},{"$f":"'CPU (DF)'!D148","v":1.2463302752293579},5940,5942,"SINAPI RN 06/223",{"$f":"$H$85","v":169.47},{"$f":"$I$85","v":68.16},{"$f":"C148*H148+D148*I148","v":718.59664678899094}]
["VEÍCULO DE PASSEIO PARA DESLOCAMENTO DA EQUIPE","H",{"$f":"'CPU (DF)'!C149","v":0.265625},{"$f":"'CPU (DF)'!D149","v":0.44270833333333331},"E9093",null,"SICRO RN 01/2023",{"$f":"$H$30","v":35.277799999999999},{"$f":"$I$30","v":6.423},{"$f":"C149*H149+D149*I149","v":12.214181249999999}]
["CAMINHONETE CABINE SIMPLES COM MOTOR 1.6 FLEX, CÂMBIO MANUAL, POTÊNCIA 101/104 CV, 2 PORTAS","H",{"$f":"'CPU (DF)'!C150","v":0.671875},{"$f":"'CPU (DF)'!D150","v":0.40312500000000007},92145,92146,"SINAPI RN 06/223",{"$f":"$H$31","v":72.92},{"$f":"$I$31","v":28.42},{"$f":"C150*H150+D150*I150","v":60.449937500000004}]
["SUB-TOTAL",{"$nulls":8},{"$f":"SUM(J146:J150)","v":794.18576553899095}]
["MATERIAL"]
["DISCRIMINAÇÃO","UNIDADE","QUANT.",null,"COD.",null,null,null,"P.UNIT.","P.TOTAL"]
["ESTACA/PIQUETE DE MADEIRA","U",{"$f":"'CPU (DF)'!C154","v":12},null,4408,null,"SINAPI RN 06/223",null,{"$f":"$I$63","v":1.044},{"$f":"C154*I154","v":12.528}]
["SUB-TOTAL",{"$nulls":8},{"$f":"SUM(J154:J154)","v":12.528}]
["SERVIÇOS - COMPOSIÇÕES AUXILIARES"]
["DISCRIMINAÇÃO","UNIDADE","QUANT.",{"$nulls":5},"P.UNIT.","P.TOTAL"]
["REVESTIMENTO VEGETAL POR SEMEADURA A LANÇO MANUAL DE GRAMÍNEAS E LEGUMINOSAS","m²",{"$f":"'CPU (DF)'!C158","v":169.64600329384882},null,4413993,null,"SICRO RN 01/2023",null,{"$f":"VLOOKUP(E158,[49]Sheet1!$A:$D,4,FALSE)","v":0.64},{"$f":"C158*I158","v":108.57344210806325}]
["SUB-TOTAL",{"$nulls":8},{"$f":"SUM(J158:J158)","v":108.57344210806325}]
["MÃO DE OBRA"]
["DISCRIMINAÇÃO","UNIDADE","QUANT.",null,"COD. P","COD. I",null,null,"P.UNIT.","P.TOTAL"]
["ENGENHEIRO COM ENCARGO","MÊS",{"$f":"'CPU (DF)'!C162","v":1.6098484848484848E-3},null,93565,null,"SINAPI RN 06/223",null,{"$f":"$I$44","v":19764.13},{"$f":"C162*I162","v":31.817254734848486}]
["ENCARREGADO COM ENCARGO","MÊS",{"$f":"'CPU (DF)'!C163","v":4.8295454545454544E-3},null,93572,null,"SINAPI RN 06/223",null,{"$f":"$I$46","v":3858.62},{"$f":"C163*I163","v":18.63538068181818}]
["TOPOGRAFO COM ENCARGOS","MÊS",{"$f":"'CPU (DF)'!C164","v":3.6931818181818185E-3},null,94296,null,"SINAPI RN 06/223",null,{"$f":"$I$72","v":7326.64},{"$f":"C164*I164","v":27.058613636363638}]
["AUXILIAR DE TOPOGRÁFO COM ENCARGOS","MÊS",{"$f":"'CPU (DF)'!C165","v":3.6931818181818185E-3},null,101389,null,"SINAPI RN 06/223",null,{"$f":"$I$71","v":3500.87},{"$f":"C165*I165","v":12.929349431818183}]
["SERVENTE COM ENCARGOS COMPLEMENTARES - INLUSIVE ABERTURA E FECHAMENTO DE CERCAS","MES",{"$f":"'CPU (DF)'!C166","v":2.83256880733945E-2},null,101452,null,"SINAPI RN 06/223",null,{"$f":"$I$45","v":3460.23},{"$f":"C166*I166","v":98.013395642201857}]
["SUB-TOTAL",{"$nulls":8},{"$f":"SUM(J162:J166)","v":188.45399412705035}]
["PRODUÇÃO MENSAL DA EQUIPE",{"$f":"'CPU (DF)'!B168","v":35.30364372469635},"CUSTO ",{"$nulls":6},{"$f":"J167+J159+J155+J151","v":1103.7412017741046}]
["TOTAL",{"$nulls":8},{"$f":"ROUND(J168,2)","v":1103.74}]
["BDI                %",{"$nulls":8},24.1]
["TOTAL DO SERVIÇO - R$",{"$nulls":8},{"$f":"ROUND(J169*(1+J170/100),2)","v":1369.74}]
[]
[]
[" COMPOSIÇÃO DE PREÇO UNITÁRIO"]
["LOCAÇÃO E CONSTRUÇÃO DE BACIAS DE CAPTAÇÃO DE ENXURRADA (12 METROS DE RAIO)",{"$nulls":7},"UNIDADE: ","UNID."]
["EQUIPAMENTO"]
["DISCRIMINAÇÃO","UNIDADE","QUANT. PROD.","QUANT. IMPROD.","COD. P","COD. I","FONTE","CHP/ P.UNIT.","CHI","P.TOTAL"]
["NIVEL OPTICO, COM PRECISAO DE 0,7 MM, AUMENTO DE 32X","H",{"$f":"'CPU (DF)'!C178","v":0.65},null,7252,null,"SINAPI RN 06/223",{"$f":"$H$57","v":2.25},null,{"$f":"C178*H178+D178*I178","v":1.4625000000000001}]
["TEODOLITO ELETRONICO, PRECISAO ANGULAR DE 5 A 7 SEGUNDOS, INCLUINDO TRIPE","H",{"$f":"'CPU (DF)'!C179","v":0.65},null,7247,null,"SINAPI RN 06/223",{"$f":"$H$58","v":2.25},null,{"$f":"C179*H179+D179*I179","v":1.4625000000000001}]
["PÁ CARREGADEIRA SOBRE RODAS, POTÊNCIA LÍQUIDA 128 HP, CAPACIDADE DA CAÇAMBA 1,7 A 2,8 M³","H",{"$f":"'CPU (DF)'!C180","v":6},{"$f":"'CPU (DF)'!D180","v":2},5940,5942,"SINAPI RN 06/223",{"$f":"$H$85","v":169.47},{"$f":"$I$85","v":68.16},{"$f":"C180*H180+D180*I180","v":1153.1399999999999}]
["VEÍCULO DE PASSEIO PARA DESLOCAMENTO DA EQUIPE","H",{"$f":"'CPU (DF)'!C181","v":0.28125},{"$f":"'CPU (DF)'!D181","v":0.46874999999999994},"E9093",null,"SICRO RN 01/2023",{"$f":"$H$30","v":35.277799999999999},{"$f":"$I$30","v":6.423},{"$f":"C181*H181+D181*I181","v":12.932662499999999}]
["CAMINHONETE CABINE SIMPLES COM MOTOR 1.6 FLEX, CÂMBIO MANUAL, POTÊNCIA 101/104 CV, 2 PORTAS","H",{"$f":"'CPU (DF)'!C182","v":0.6875},{"$f":"'CPU (DF)'!D182","v":0.41250000000000009},92145,92146,"SINAPI RN 06/223",{"$f":"$H$31","v":72.92},{"$f":"$I$31","v":28.42},{"$f":"C182*H182+D182*I182","v":61.85575}]
["SUB-TOTAL",{"$nulls":8},{"$f":"SUM(J178:J182)","v":1230.8534124999999}]
["MATERIAL"]
["DISCRIMINAÇÃO","UNIDADE","QUANT.",null,"COD.",null,null,null,"P.UNIT.","P.TOTAL"]
["ESTACA/PIQUETE DE MADEIRA","U",{"$f":"'CPU (DF)'!C186","v":16},null,4408,null,"SINAPI RN 06/223",null,{"$f":"$I$63","v":1.044},{"$f":"C186*I186","v":16.704000000000001}]
["SUB-TOTAL",{"$nulls":8},{"$f":"SUM(J186:J186)","v":16.704000000000001}]
["SERVIÇOS - COMPOSIÇÕES AUXILIARES"]
["DISCRIMINAÇÃO","UNIDADE","QUANT.",{"$nulls":5},"P.UNIT.","P.TOTAL"]
["REVESTIMENTO VEGETAL POR SEMEADURA A LANÇO MANUAL DE GRAMÍNEAS E LEGUMINOSAS","m²",{"$f":"'CPU (DF)'!C190","v":263.89378290154264},null,4413993,null,"SICRO RN 01/2023",null,{"$f":"VLOOKUP(E190,[49]Sheet1!$A:$D,4,FALSE)","v":0.64},{"$f":"C190*I190","v":168.89202105698729}]
["SUB-TOTAL",{"$nulls":8},{"$f":"SUM(J190:J190)","v":168.89202105698729}]
["MÃO DE OBRA"]
["DISCRIMINAÇÃO","UNIDADE","QUANT.",null,"COD. P","COD. I",null,null,"P.UNIT.","P.TOTAL"]
["ENGENHEIRO COM ENCARGO","MES",{"$f":"'CPU (DF)'!C194","v":1.7045454545454545E-3},null,93565,null,"SINAPI RN 06/223",null,{"$f":"$I$44","v":19764.13},{"$f":"C194*I194","v":33.688857954545455}]
["ENCARREGADO COM ENCARGO","MES",{"$f":"'CPU (DF)'!C195","v":5.1136363636363636E-3},null,93572,null,"SINAPI RN 06/223",null,{"$f":"$I$46","v":3858.62},{"$f":"C195*I195","v":19.731579545454544}]
["TOPOGRAFO COM ENCARGOS","MÊS",{"$f":"'CPU (DF)'!C196","v":3.6931818181818181E-3},null,94296,null,"SINAPI RN 06/223",null,{"$f":"$I$72","v":7326.64},{"$f":"C196*I196","v":27.058613636363638}]
["AUXILIAR DE TOPOGRÁFO COM ENCARGOS","MÊS",{"$f":"'CPU (DF)'!C197","v":3.6931818181818181E-3},null,101389,null,"SINAPI RN 06/223",null,{"$f":"$I$71","v":3500.87},{"$f":"C197*I197","v":12.929349431818181}]
["SERVENTE COM ENCARGOS COMPLEMENTARES - INLUSIVE ABERTURA E FECHAMENTO DE CERCAS","MES",{"$f":"'CPU (DF)'!C198","v":4.5454545454545456E-2},null,101452,null,"SINAPI RN 06/223",null,{"$f":"$I$45","v":3460.23},{"$f":"C198*I198","v":157.28318181818182}]
["SUB-TOTAL",{"$nulls":8},{"$f":"SUM(J194:J198)","v":250.69158238636362}]
["PRODUÇÃO DA EQUIPE ",{"$f":"'CPU (DF)'!B200","v":22},"CUSTO ",{"$nulls":6},{"$f":"J199+J191+J187+J183","v":1667.1410159433508}]
["TOTAL",{"$nulls":8},{"$f":"ROUND(J200,2)","v":1667.14}]
["BDI                %",{"$nulls":8},24.1]
["TOTAL DO SERVIÇO - R$",{"$nulls":8},{"$f":"ROUND(J201*(1+J202/100),2)","v":2068.92}]
[]
[" COMPOSIÇÃO DE PREÇO UNITÁRIO"]
["CERCAMENTO DE ÁREAS AMBIENTALMENTE VULNERÁVEIS À CAPRINOVINOCULTURA",{"$nulls":7},"UNIDADE: ","m"]
["EQUIPAMENTO"]
["DISCRIMINAÇÃO","UNIDADE","QUANT. PROD.","QUANT. IMPROD.","COD. P","COD. I","FONTE",null,"P.UNIT.","P.TOTAL"]
["NIVEL OPTICO, COM PRECISAO DE 0,7 MM, AUMENTO DE 32X","h",{"$f":"'CPU (DF)'!C209","v":5.000000000000001E-2},null,7252,null,"SINAPI RN 06/223",{"$f":"H178","v":2.25},null,{"$f":"C209*H209+D209*I209","v":0.11250000000000002}]
["TEODOLITO ELETRONICO, PRECISAO ANGULAR DE 5 A 7 SEGUNDOS, INCLUINDO TRIPE","h",{"$f":"'CPU (DF)'!C210","v":5.000000000000001E-2},null,7247,null,"SINAPI RN 06/223",{"$f":"H179","v":2.25},null,{"$f":"C210*H210+D210*I210","v":0.11250000000000002}]
["VEÍCULO DE PASSEIO PARA DESLOCAMENTO DA EQUIPE","h",{"$f":"'CPU (DF)'!C211","v":1.8382352941176468E-2},{"$f":"'CPU (DF)'!D211","v":3.063725490196078E-2},"E9093","E9093","SICRO RN 01/2023",{"$f":"H30","v":35.277799999999999},{"$f":"I30","v":6.423},{"$f":"C211*H211+D211*I211","v":0.84527205882352929}]
["CAMINHONETE CABINE SIMPLES COM MOTOR 1.6 FLEX, CÂMBIO MANUAL, POTÊNCIA 101/104 CV, 2 PORTAS","h",{"$f":"'CPU (DF)'!C212","v":2.9779411764705884E-2},{"$f":"'CPU (DF)'!D212","v":4.9632352941176468E-2},92145,92146,"SINAPI RN 06/223",{"$f":"H31","v":72.92},{"$f":"I31","v":28.42},{"$f":"C212*H212+D212*I212","v":3.5820661764705886}]
["SUB-TOTAL",{"$nulls":8},{"$f":"SUM(J209:J212)","v":4.6523382352941178}]
["MATERIAL"]
["DISCRIMINAÇÃO","UNIDADE","QUANT.",null,"COD. P","COD. I","FONTE",null,"P.UNIT.","P.TOTAL"]
["MOURAO ROLICO DE MADEIRA TRATADA, D = 16 A 20 CM, H = 3,0 M, EM EUCALIPTO OU EQUIVALENTE DA REGIAO (PARA CERCA)","m",{"$f":"'CPU (DF)'!C216","v":0.12},null,4491,null,"SINAPI RN 06/223",null,{"$f":"I252","v":27.44},{"$f":"ROUND((I216*C216),2)","v":3.29}]
["MOURAO ROLICO DE MADEIRA TRATADA, D  ≥ 10 CM, H = 2,20 M, EM EUCALIPTO OU EQUIVALENTE DA REGIAO (PARA CERCA)","m",{"$f":"'CPU (DF)'!C217","v":0.52},null,21138,null,"SINAPI RN 06/223",null,{"$f":"I253","v":8.6999999999999993},{"$f":"ROUND((I217*C217),2)","v":4.5199999999999996}]
["ARAME FARPADO GALVANIZADO, 16 BWG (1,65 MM), CLASSE 250","m",{"$f":"'CPU (DF)'!C218","v":8},null,340,null,"SINAPI RN 06/223",null,{"$f":"I254","v":1.54},{"$f":"ROUND((I218*C218),2)","v":12.32}]
["GRAMPO DE ACO POLIDO 1 \" X 9","kg",{"$f":"'CPU (DF)'!C219","v":0.04},null,5076,null,"SINAPI RN 06/223",null,{"$f":"I255","v":21.58},{"$f":"ROUND((I219*C219),2)","v":0.86}]
["ESTACA/PIQUETE DE MADEIRA","U",{"$f":"'CPU (DF)'!C220","v":0.05},null,4408,null,"SINAPI RN 06/223",null,{"$f":"I63","v":1.044},{"$f":"C220*I220","v":5.2200000000000003E-2}]
["SUB-TOTAL",{"$nulls":8},{"$f":"SUM(J216:J220)","v":21.042199999999998}]
["SERVIÇOS - COMPOSIÇÕES AUXILIARES"]
["DISCRIMINAÇÃO","UNIDADE","QUANT.",null,"COD.",null,"FONTE",null,"P.UNIT.","P.TOTAL"]
[]
["SUB-TOTAL",{"$nulls":8},{"$f":"J224","v":0}]
["MÃO DE OBRA"]
["DISCRIMINAÇÃO","UNIDADE","QUANT.",null,"COD. P","COD. I","FONTE",null,"P.UNIT.","P.TOTAL"]
["ENGENHEIRO COM ENCARGO","mês",{"$f":"'CPU (DF)'!C228","v":1.1140819964349375E-4},null,93565,null,"SINAPI RN 06/223",null,{"$f":"I194","v":19764.13},{"$f":"C228*I228","v":2.2018861408199641}]
["ENCARREGADO COM ENCARGO","mês",{"$f":"'CPU (DF)'!C229","v":3.3422459893048126E-4},null,93572,null,"SINAPI RN 06/223",null,{"$f":"I195","v":3858.62},{"$f":"C229*I229","v":1.2896457219251336}]
["TOPOGRAFO COM ENCARGOS","mês",{"$f":"'CPU (DF)'!C230","v":2.8409090909090913E-4},null,94296,null,"SINAPI RN 06/223",null,{"$f":"I196","v":7326.64},{"$f":"C230*I230","v":2.0814318181818185}]
["AUXILIAR DE TOPOGRÁFO COM ENCARGOS","mês",{"$f":"'CPU (DF)'!C231","v":2.8409090909090913E-4},null,101389,null,"SINAPI RN 06/223",null,{"$f":"I197","v":3500.87},{"$f":"C231*I231","v":0.99456534090909099}]
["SERVENTE COM ENCARGOS COMPLEMENTARES - ABERTURA DE PICADAS, ESCAVAÇÃO MANUAL E ASSENTAMENTO DE MOURÕES","mês",{"$f":"'CPU (DF)'!C232","v":1.0101010101010101E-3},null,101452,null,"SINAPI RN 06/223",null,{"$f":"I198","v":3460.23},{"$f":"C232*I232","v":3.4951818181818184}]
["CARPINTEIRO DE FORMAS COM ENCARGOS COMPLEMENTARES","h",{"$f":"'CPU (DF)'!C233","v":8.8888888888888892E-2},null,88262,null,"SINAPI RN 06/223",null,{"$f":"VLOOKUP(E233,[50]planilhanull!$G$7:$K$7520,5,FALSE)","v":22.95},{"$f":"ROUND((I233*C233),2)","v":2.04}]
["AJUDANTE DE CARPINTEIRO COM ENCARGOS COMPLEMENTARES","h",{"$f":"'CPU (DF)'!C234","v":8.8888888888888892E-2},null,88239,null,"SINAPI RN 06/223",null,{"$f":"VLOOKUP(E234,[50]planilhanull!$G$7:$K$7520,5,FALSE)","v":19.02},{"$f":"ROUND((I234*C234),2)","v":1.69}]
["SUB-TOTAL",{"$nulls":8},{"$f":"SUM(J228:J234)","v":13.792710840017824}]
["PRODUÇÃO MENSAL DA EQUIPE",{"$f":"'CPU (DF)'!B236","v":1980},"CUSTO ",{"$nulls":6},{"$f":"J235+J225+J221+J213","v":39.487249075311937}]
["TOTAL",{"$nulls":8},{"$f":"ROUND(J236,2)","v":39.49}]
["BDI                %",{"$nulls":8},24.1]
["TOTAL DO SERVIÇO - R$",{"$nulls":8},{"$f":"ROUND(J237*(1+J238/100),2)","v":49.01}]
[]
[" COMPOSIÇÃO DE PREÇO UNITÁRIO"]
["CERCAMENTO DE ÁREAS AMBIENTALMENTE VULNERÁVEIS À BOVINOCULTURA",{"$nulls":7},"UNIDADE: ","m"]
["EQUIPAMENTO"]
["DISCRIMINAÇÃO","UNIDADE","QUANT. PROD.","QUANT. IMPROD.","COD. P","COD. I","FONTE",null,"P.UNIT.","P.TOTAL"]
["NIVEL OPTICO, COM PRECISAO DE 0,7 MM, AUMENTO DE 32X","h",{"$f":"'CPU (DF)'!C245","v":5.000000000000001E-2},null,7252,null,"SINAPI RN 06/223",{"$f":"H57","v":2.25},null,{"$f":"C245*H245+D245*I245","v":0.11250000000000002}]
["TEODOLITO ELETRONICO, PRECISAO ANGULAR DE 5 A 7 SEGUNDOS, INCLUINDO TRIPE","h",{"$f":"'CPU (DF)'!C246","v":5.000000000000001E-2},null,7247,null,"SINAPI RN 06/223",{"$f":"H58","v":2.25},null,{"$f":"C246*H246+D246*I246","v":0.11250000000000002}]
["VEÍCULO DE PASSEIO PARA DESLOCAMENTO DA EQUIPE","h",{"$f":"'CPU (DF)'!C247","v":1.8382352941176468E-2},{"$f":"'CPU (DF)'!D247","v":3.063725490196078E-2},"E9093",null,"SICRO RN 01/2023",{"$f":"H30","v":35.277799999999999},{"$f":"I30","v":6.423},{"$f":"C247*H247+D247*I247","v":0.84527205882352929}]
["CAMINHONETE CABINE SIMPLES COM MOTOR 1.6 FLEX, CÂMBIO MANUAL, POTÊNCIA 101/104 CV, 2 PORTAS","h",{"$f":"'CPU (DF)'!C248","v":2.9779411764705884E-2},{"$f":"'CPU (DF)'!D248","v":4.9632352941176468E-2},92145,92146,"SINAPI RN 06/223",{"$f":"H31","v":72.92},{"$f":"I31","v":28.42},{"$f":"C248*H248+D248*I248","v":3.5820661764705886}]
["SUB-TOTAL",{"$nulls":8},{"$f":"SUM(J245:J248)","v":4.6523382352941178}]
["MATERIAL"]
["DISCRIMINAÇÃO","UNIDADE","QUANT.",null,"COD.",null,"FONTE",null,"P.UNIT.","P.TOTAL"]
["MOURAO ROLICO DE MADEIRA TRATADA, D = 16 A 20 CM, H = 3,0 M, EM EUCALIPTO OU EQUIVALENTE DA REGIAO (PARA CERCA)","m",{"$f":"'CPU (DF)'!C252","v":6.6666666666666666E-2},null,2747,null,"SINAPI RN 06/223",null,{"$f":"VLOOKUP(E252,[52]sheet1!$A$1:$E$65536,5,FALSE)","v":27.44},{"$f":"ROUND((I252*C252),2)","v":1.83}]
["MOURAO ROLICO DE MADEIRA TRATADA, D  ≥ 10 CM, H = 2,20 M, EM EUCALIPTO OU EQUIVALENTE DA REGIAO (PARA CERCA)","m",{"$f":"'CPU (DF)'!C253","v":0.41111111111111115},null,21138,null,"SINAPI RN 06/223",null,{"$f":"VLOOKUP(E253,[52]sheet1!$A$1:$E$65536,5,FALSE)","v":8.6999999999999993},{"$f":"ROUND((I253*C253),2)","v":3.58}]
["ARAME FARPADO GALVANIZADO, 16 BWG (1,65 MM), CLASSE 250","m",{"$f":"'CPU (DF)'!C254","v":5},null,340,null,"SINAPI RN 06/223",null,{"$f":"VLOOKUP(E254,[52]sheet1!$A$1:$E$65536,5,FALSE)","v":1.54},{"$f":"ROUND((I254*C254),2)","v":7.7}]
["GRAMPO DE ACO POLIDO 1 \" X 9","kg",{"$f":"'CPU (DF)'!C255","v":0.03},null,5076,null,"SINAPI RN 06/223",null,{"$f":"VLOOKUP(E255,[52]sheet1!$A$1:$E$65536,5,FALSE)","v":21.58},{"$f":"ROUND((I255*C255),2)","v":0.65}]
["ESTACA/PIQUETE DE MADEIRA (0,5 m)","U",{"$f":"'CPU (DF)'!C256","v":0.05},null,4408,null,"SINAPI RN 06/223",null,{"$f":"I220","v":1.044},{"$f":"C256*I256","v":5.2200000000000003E-2}]
["SUB-TOTAL",{"$nulls":8},{"$f":"SUM(J252:J256)","v":13.812199999999999}]
["SERVIÇOS - COMPOSIÇÕES AUXILIARES"]
["DISCRIMINAÇÃO","UNIDADE","QUANT.",null,"COD.",null,"FONTE",null,"P.UNIT.","P.TOTAL"]
[]
["SUB-TOTAL",{"$nulls":8},{"$f":"J260","v":0}]
["MÃO DE OBRA"]
["DISCRIMINAÇÃO","UNIDADE","QUANT.",null,"COD. P","COD. I","FONTE",null,"P.UNIT.","P.TOTAL"]
["ENGENHEIRO COM ENCARGO","mês",{"$f":"'CPU (DF)'!C264","v":1.1140819964349375E-4},null,93565,null,"SINAPI RN 06/223",null,{"$f":"I228","v":19764.13},{"$f":"C264*I264","v":2.2018861408199641}]
["ENCARREGADO COM ENCARGO","mês",{"$f":"'CPU (DF)'!C265","v":3.3422459893048126E-4},null,93572,null,"SINAPI RN 06/223",null,{"$f":"I229","v":3858.62},{"$f":"C265*I265","v":1.2896457219251336}]
["TOPOGRAFO COM ENCARGOS","mês",{"$f":"'CPU (DF)'!C266","v":2.8409090909090913E-4},null,94296,null,"SINAPI RN 06/223",null,7326.64,{"$f":"C266*I266","v":2.0814318181818185}]
["AUXILIAR DE TOPOGRÁFO COM ENCARGOS","mês",{"$f":"'CPU (DF)'!C267","v":2.8409090909090913E-4},null,101389,null,"SINAPI RN 06/223",null,3500.87,{"$f":"C267*I267","v":0.99456534090909099}]
["SERVENTE COM ENCARGOS COMPLEMENTARES - ABERTURA DE PICADAS, ESCAVAÇÃO MANUAL E ASSENTAMENTO DE MOURÕES","mês",{"$f":"'CPU (DF)'!C268","v":1.0822510822510823E-3},null,101452,null,"SINAPI RN 06/223",null,3460.23,{"$f":"C268*I268","v":3.7448376623376625}]
["CARPINTEIRO DE FORMAS COM ENCARGOS COMPLEMENTARES","h",{"$f":"'CPU (DF)'!C269","v":9.5238095238095247E-2},null,88262,null,"SINAPI RN 06/223",null,22.95,{"$f":"ROUND((I269*C269),2)","v":2.19}]
["AJUDANTE DE CARPINTEIRO COM ENCARGOS COMPLEMENTARES","h",{"$f":"'CPU (DF)'!C270","v":9.5238095238095247E-2},null,88239,null,"SINAPI RN 06/223",null,19.02,{"$f":"ROUND((I270*C270),2)","v":1.81}]
["SUB-TOTAL",{"$nulls":8},{"$f":"SUM(J264:J270)","v":14.31236668417367}]
["PRODUÇÃO MENSAL DA EQUIPE",{"$f":"'CPU (DF)'!B272","v":1847.9999999999998},"CUSTO ",{"$nulls":6},{"$f":"J271+J261+J257+J249","v":32.776904919467789}]
["TOTAL",{"$nulls":8},{"$f":"ROUND(J272,2)","v":32.78}]
["BDI                %",{"$nulls":8},24.1]
["TOTAL DO SERVIÇO - R$",{"$nulls":8},{"$f":"ROUND(J273*(1+J274/100),2)","v":40.68}]
[]
[" COMPOSIÇÃO DE PREÇO UNITÁRIO"]
["PLACA DE IDENTIFICAÇÃO DE OBRA",{"$nulls":7},"UNIDADE: ","m²"]
["EQUIPAMENTO"]
["DISCRIMINAÇÃO","UNIDADE","QUANT. PROD.","QUANT. IMPROD.","CÓDIGO",null,null,null,"P.UNIT.","P.TOTAL"]
[{"$nulls":9},{"$f":"C281*I281","v":0}]
["SUB-TOTAL",{"$nulls":8},{"$f":"SUM(J281:J281)","v":0}]
["MATERIAL"]
["DISCRIMINAÇÃO","UNIDADE","QUANT.",null,"COD. P","COD. I",null,null,"P.UNIT.","P.TOTAL"]
["PONTALETE *7,5 X 7,5* CM EM PINUS, MISTA OU EQUIVALENTE DA REGIAO - BRUTA","M",{"$f":"'CPU (DF)'!C285","v":1},null,4491,null,"SINAPI RN 06/223",null,{"$f":"VLOOKUP(E285,[52]sheet1!$A$1:$E$65536,5,FALSE)","v":16.28},{"$f":"ROUND((I285*C285),2)","v":16.28}]
["SARRAFO NAO APARELHADO *2,5 X 7* CM","M",{"$f":"'CPU (DF)'!C286","v":1},null,4417,null,"SINAPI RN 06/223",null,{"$f":"VLOOKUP(E286,[52]sheet1!$A$1:$E$65536,5,FALSE)","v":7.45},{"$f":"ROUND((I286*C286),2)","v":7.45}]
["PREGO DE ACO POLIDO COM CABECA 18 X 30 (2 3/4 X 10)","KG",{"$f":"'CPU (DF)'!C287","v":1.8333333333333333E-2},null,5075,null,"SINAPI RN 06/223",null,{"$f":"VLOOKUP(E287,[52]sheet1!$A$1:$E$65536,5,FALSE)","v":21.36},{"$f":"ROUND((I287*C287),2)","v":0.39}]
["PLACA DE OBRA (PARA CONSTRUCAO CIVIL) EM CHAPA GALVANIZADA","M2",{"$f":"'CPU (DF)'!C288","v":1},null,4813,null,"SINAPI RN 06/223",null,{"$f":"VLOOKUP(E288,[52]sheet1!$A$1:$E$65536,5,FALSE)","v":250},{"$f":"ROUND((I288*C288),2)","v":250}]
["SUB-TOTAL",{"$nulls":8},{"$f":"SUM(J285:J288)","v":274.12}]
["SERVIÇOS - COMPOSIÇÕES AUXILIARES"]
["DISCRIMINAÇÃO","UNIDADE","QUANT.",null,"COD. P","COD. I",null,null,"P.UNIT.","P.TOTAL"]
["CONCRETO MAGRO TRAÇO 1:4,5:4,5 (CIMENTO/ AREIA MÉDIA/ BRITA 1) - PREPARO MECÂNICO COM BETONEIRA 400 L.","M3",{"$f":"'CPU (DF)'!C292","v":1.6666666666666666E-2},null,94962,null,"SINAPI RN 06/223",null,{"$f":"VLOOKUP(E292,[50]planilhanull!$G$7:$K$7520,5,FALSE)","v":400.64},{"$f":"ROUND((I292*C292),2)","v":6.68}]
["SUB-TOTAL",{"$nulls":8},{"$f":"J292","v":6.68}]
["MÃO DE OBRA"]
["DISCRIMINAÇÃO","UNIDADE","QUANT.",null,"COD. P","COD. I",null,null,"P.UNIT.","P.TOTAL"]
["CARPINTEIRO DE FORMAS COM ENCARGOS COMPLEMENTARES","H",{"$f":"'CPU (DF)'!C296","v":0.33333333333333331},null,88262,null,"SINAPI RN 06/223",null,{"$f":"I269","v":22.95},{"$f":"ROUND((I296*C296),2)","v":7.65}]
["AJUDANTE DE CARPINTEIRO COM ENCARGOS COMPLEMENTARES","H",{"$f":"'CPU (DF)'!C297","v":0.66666666666666663},null,88239,null,"SINAPI RN 06/223",null,{"$f":"I270","v":19.02},{"$f":"ROUND((I297*C297),2)","v":12.68}]
["SUB-TOTAL",{"$nulls":8},{"$f":"SUM(J296:J297)","v":20.329999999999998}]
["PRODUÇÃO MENSAL DA EQUIPE",{"$f":"'CPU (DF)'!B299","v":528},"CUSTO ",{"$nulls":6},{"$f":"J298+J293+J289+J282","v":301.13}]
["TOTAL",{"$nulls":8},{"$f":"ROUND(J299,2)","v":301.13}]
["BDI                %",{"$nulls":8},24.1]
["TOTAL DO SERVIÇO - R$",{"$nulls":8},{"$f":"ROUND(J300*(1+J301/100),2)","v":373.7}]

{"sheet":"CPU (SE)","index":15,"n_rows":302,"n_cols":10,"rows_kept":302,"cut":false,"hidden":false,"merged":[[301,0,301,8],[282,0,282,9],[288,0,288,8],[289,0,289,9],[292,0,292,8],[293,0,293,9],[297,0,297,8],[298,2,298,8],[299,0,299,8],[300,0,300,8],[270,0,270,8],[271,2,271,8],[272,0,272,8],[273,0,273,8],[274,0,274,8],[276,0,276,9],[277,0,277,7],[278,0,278,9],[281,0,281,8],[173,0,173,9],[174,0,174,7],[175,0,175,9],[182,0,182,8],[183,0,183,9],[186,0,186,8],[187,0,187,9],[190,0,190,8],[191,0,191,9],[198,0,198,8],[199,2,199,8],[200,0,200,8],[201,0,201,8],[204,0,204,9],[205,0,205,7],[206,0,206,9],[212,0,212,8],[213,0,213,9],[202,0,202,8],[220,0,220,8],[221,0,221,9],[234,0,234,8],[235,2,235,8],[240,0,240,9],[256,0,256,8],[257,0,257,9],[260,0,260,8],[261,0,261,9],[238,0,238,8],[241,0,241,7],[242,0,242,9],[248,0,248,8],[249,0,249,9],[236,0,236,8],[237,0,237,8],[224,0,224,8],[225,0,225,9],[0,0,0,9],[1,0,1,1],[1,2,1,4],[1,6,1,7],[2,0,2,9],[5,0,5,8],[110,0,110,9],[111,0,111,7],[112,0,112,9],[19,2,19,8],[20,0,20,8],[21,0,21,8],[22,0,22,8],[24,0,24,9],[25,0,25,7],[6,0,6,9],[10,0,10,8],[11,0,11,9],[14,0,14,8],[15,0,15,9],[18,0,18,8],[41,0,41,9],[46,0,46,8],[47,2,47,8],[48,0,48,8],[49,0,49,8],[50,0,50,8],[26,0,26,9],[31,0,31,8],[32,0,32,9],[35,0,35,8],[36,0,36,9],[40,0,40,8],[64,0,64,9],[67,0,67,8],[68,0,68,9],[72,0,72,8],[73,2,73,8],[74,0,74,8],[52,0,52,9],[53,0,53,7],[54,0,54,9],[59,0,59,8],[60,0,60,9],[63,0,63,8],[88,0,88,9],[91,0,91,8],[92,0,92,9],[95,0,95,8],[96,0,96,9],[103,0,103,8],[75,0,75,8],[76,0,76,8],[78,0,78,9],[79,0,79,7],[80,0,80,9],[87,0,87,8],[104,2,104,8],[105,0,105,8],[106,0,106,8],[107,0,107,8],[119,0,119,8],[120,0,120,9],[123,0,123,8],[124,0,124,9],[137,0,137,8],[138,0,138,8],[127,0,127,8],[128,0,128,9],[135,0,135,8],[136,2,136,8],[139,0,139,8],[141,0,141,9],[142,0,142,7],[143,0,143,9],[150,0,150,8],[151,0,151,9],[154,0,154,8],[155,0,155,9],[170,0,170,8],[158,0,158,8],[159,0,159,9],[166,0,166,8],[167,2,167,8],[168,0,168,8],[169,0,169,8]]}
[" COMPOSIÇÃO DE PREÇO UNITÁRIO"]
["MOBILIZAÇÃO E DESMOBILIZAÇÃO",null,"REGIÃO:",null,null,null,"SE",null,"UNIDADE: ","R$/Tonelada/ Projeto"]
["EQUIPAMENTO"]
["DISCRIMINAÇÃO","UNIDADE","QUANT. PROD.","QUANT. IMPROD.","COD.",null,"FONTE","P.UNIT. PROD","P.UNIT. IMPR","P.TOTAL"]
[{"$nulls":9},{"$f":"C5*E5*H5+C5*G5*I5","v":0}]
["SUB-TOTAL",{"$nulls":8},{"$f":"SUM(J5:J5)","v":0}]
["MATERIAL"]
["DISCRIMINAÇÃO","UNIDADE","QUANT.",null,"COD.",null,"FONTE",null,"P.UNIT.","P.TOTAL"]
[{"$nulls":9},"Toneladas/ Projeto"]
[{"$nulls":9},{"$f":"C10*I10","v":0}]
["SUB-TOTAL",{"$nulls":8},{"$f":"SUM(J9:J10)","v":0}]
["SERVIÇOS - COMPOSIÇÕES AUXILIARES"]
["DISCRIMINAÇÃO","UNIDADE","QUANT.",null,"COD.",null,"FONTE",null,"P.UNIT.","P.TOTAL"]
["TRANSPORTE COM CAVALO MECÂNICO COM SEMIRREBOQUE COM CAPACIDADE DE 30 T - RODOVIA PAVIMENTADA","t*km",{"$f":"'CPU (DF)'!C14","v":1},null,5914640,null,"SICRO SE 01/2023",null,{"$f":"VLOOKUP(E14,[53]Sheet1!$A:$D,4,FALSE)","v":0.56000000000000005},{"$f":"C14*I14","v":0.56000000000000005}]
["SUB-TOTAL",{"$nulls":8},{"$f":"SUM(J14:J14)","v":0.56000000000000005}]
["MÃO DE OBRA"]
["DISCRIMINAÇÃO","UNIDADE","QUANT.",{"$nulls":5},"P.UNIT.","P.TOTAL"]
[{"$nulls":9},{"$f":"C18*I18","v":0}]
["SUB-TOTAL",{"$nulls":8},{"$f":"SUM(J18:J18)","v":0}]
["PRODUÇÃO DA EQUIPE (MOB E DESMOB) EM km",{"$f":"VLOOKUP(G2,DMT!D:E,2)*2","v":177.42},"CUSTO ",{"$nulls":6},{"$f":"J19+J15+J11+J6","v":0.56000000000000005}]
["TOTAL",{"$nulls":8},{"$f":"J20*B20","v":99.355199999999996}]
["BDI                %",{"$nulls":8},24.1]
["TOTAL DO SERVIÇO - R$",{"$nulls":8},{"$f":"J21*(1+J22/100)","v":123.2998032}]
[]
[" COMPOSIÇÃO DE PREÇO UNITÁRIO"]
["LOCAÇÃO E CONSTRUÇÃO DE TERRAÇOS - INCLUSIVE SOLOS DUROS E SECOS",{"$nulls":7},"UNIDADE: ","km"]
["EQUIPAMENTO"]
["DISCRIMINAÇÃO","UNIDADE","QUANT. PROD.","QUANT. IMPROD.","COD. P","COD. I","FONTE","CHP","CHI","P.TOTAL"]
["TRATOR DE ESTEIRAS, POTÊNCIA 125 HP, PESO OPERACIONAL 12,9 T, COM LÂMINA 2,7 M3","H",{"$f":"'CPU (DF)'!C29","v":7.0588235294117654},{"$f":"'CPU (DF)'!D29","v":2.3529411764705883},5851,5853,"SINAPI SE 06/223",{"$f":"VLOOKUP(E29,[54]planilhanull!$G$7:$K$7520,5,FALSE)","v":217.18},{"$f":"VLOOKUP(F29,[54]planilhanull!$G$7:$K$7520,5,FALSE)","v":73.48},{"$f":"C29*H29+D29*I29","v":1705.9294117647062}]
["VEÍCULO DE PASSEIO PARA DESLOCAMENTO DA EQUIPE","H",{"$f":"'CPU (DF)'!C30","v":0.93749999999999989},{"$f":"'CPU (DF)'!D30","v":1.5624999999999998},"E9093","E9093","SICRO SE 01/2023",{"$f":"VLOOKUP(E30,[55]Sheet1!$A:$K,10,FALSE)","v":32.284300000000002},{"$f":"VLOOKUP(F30,[55]Sheet1!$A:$K,11,FALSE)","v":6.3784000000000001},{"$f":"C30*H30+D30*I30","v":40.232781249999995}]
["CAMINHONETE CABINE SIMPLES COM MOTOR 1.6 FLEX, CÂMBIO MANUAL, POTÊNCIA 101/104 CV, 2 PORTAS","H",{"$f":"'CPU (DF)'!C31","v":0.5625},{"$f":"'CPU (DF)'!D31","v":0.93749999999999989},92145,92146,"SINAPI SE 06/223",{"$f":"VLOOKUP(E31,[54]planilhanull!$G$7:$K$7520,5,FALSE)","v":73.760000000000005},{"$f":"VLOOKUP(F31,[54]planilhanull!$G$7:$K$7520,5,FALSE)","v":30.6},{"$f":"C31*H31+D31*I31","v":70.177499999999995}]
["SUB-TOTAL",{"$nulls":8},{"$f":"SUM(J29:J31)","v":1816.3396930147062}]
["MATERIAL"]
["DISCRIMINAÇÃO","UNIDADE","QUANT.",null,"COD.",null,"FONTE",null,"P.UNIT.","P.TOTAL"]
[]
["SUB-TOTAL",{"$nulls":8},{"$f":"SUM(J35:J35)","v":0}]
["SERVIÇOS - COMPOSIÇÕES AUXILIARES"]
["DISCRIMINAÇÃO","UNIDADE","QUANT.",null,"COD.",null,"FONTE",null,"P.UNIT.","P.TOTAL"]
["LOCAÇÃO E NIVELAMENTO DE TERRAÇOS COM TOPOGRAFIA","KM",{"$f":"'CPU (DF)'!C39","v":1},null,"COMPOSIÇÃO",null,null,null,{"$f":"J75","v":169.23},{"$f":"C39*I39","v":169.23}]
["REVESTIMENTO VEGETAL POR SEMEADURA A LANÇO MANUAL DE GRAMÍNEAS E LEGUMINOSAS","m²",{"$f":"'CPU (DF)'!C40","v":1000},null,4413993,null,"SICRO SE 01/2023",null,{"$f":"VLOOKUP(E40,[53]Sheet1!$A:$D,4,FALSE)","v":0.62},{"$f":"C40*I40","v":620}]
["SUB-TOTAL",{"$nulls":8},{"$f":"SUM(J39:J40)","v":789.23}]
["MÃO DE OBRA"]
["DISCRIMINAÇÃO","UNIDADE","QUANT.",null,"COD. P","COD. I","FONTE",null,"P.UNIT.","P.TOTAL"]
["ENGENHEIRO COM ENCARGO","MES",{"$f":"'CPU (DF)'!C44","v":5.681818181818182E-3},null,93565,null,"SINAPI SE 06/223",null,{"$f":"VLOOKUP(E44,[54]planilhanull!$G$7:$K$7520,5,FALSE)","v":19668.78},{"$f":"C44*I44","v":111.75443181818181}]
["SERVENTE COM ENCARGOS COMPLEMENTARES - INLUSIVE ABERTURA E FECHAMENTO DE CERCAS","MES",{"$f":"'CPU (DF)'!C45","v":5.3475935828877004E-2},null,101452,null,"SINAPI SE 06/223",null,{"$f":"VLOOKUP(E45,[54]planilhanull!$G$7:$K$7520,5,FALSE)","v":3883.57},{"$f":"C45*I45","v":207.67754010695188}]
["ENCARREGADO COM ENCARGO","MES",{"$f":"'CPU (DF)'!C46","v":1.7045454545454544E-2},null,93572,null,"SINAPI SE 06/223",null,{"$f":"VLOOKUP(E46,[54]planilhanull!$G$7:$K$7520,5,FALSE)","v":5215.3},{"$f":"C46*I46","v":88.897159090909085}]
["SUB-TOTAL",{"$nulls":8},{"$f":"SUM(J44:J46)","v":408.32913101604277}]
["PRODUÇÃO DA EQUIPE MÊS 22 KM, MAS COM FATOR DE REDUÇÃO PARA PÉRIODOS COM CHUVAS ",{"$f":"'CPU (DF)'!B48","v":18.7},"CUSTO ",{"$nulls":6},{"$f":"J47+J41+J36+J32","v":3013.898824030749}]
["TOTAL",{"$nulls":8},{"$f":"ROUND(J48,2)","v":3013.9}]
["BDI                %",{"$nulls":8},24.1]
["TOTAL DO SERVIÇO - R$",{"$nulls":8},{"$f":"ROUND(J49*(1+J50/100),2)","v":3740.25}]
[]
[" COMPOSIÇÃO DE PREÇO UNITÁRIO"]
["LOCAÇÃO E NIVELAMENTO DE TERRAÇOS COM TOPOGRAFIA",{"$nulls":7},"UNIDADE: ","km"]
["EQUIPAMENTO"]
["DISCRIMINAÇÃO","UNIDADE","QUANT. PROD.","QUANT. IMPROD.","COD. P","COD. I","FONTE","CHP/ P.UNIT.","CHI","P.TOTAL"]
["NIVEL OPTICO, COM PRECISAO DE 0,7 MM, AUMENTO DE 32X","H",{"$f":"'CPU (DF)'!C57","v":0.99609374999999989},null,7252,null,"SINAPI SE 06/223",{"$f":"VLOOKUP(E57,[56]sheet1!$A$1:$E$65536,5,FALSE)","v":2.25},null,{"$f":"C57*H57+D57*I57","v":2.2412109374999996}]
["TEODOLITO ELETRONICO, PRECISAO ANGULAR DE 5 A 7 SEGUNDOS, INCLUINDO TRIPE","H",{"$f":"'CPU (DF)'!C58","v":0.99609374999999989},null,7247,null,"SINAPI SE 06/223",{"$f":"VLOOKUP(E58,[56]sheet1!$A$1:$E$65536,5,FALSE)","v":2.25},null,{"$f":"C58*H58+D58*I58","v":2.2412109374999996}]
["CAMINHONETE CABINE SIMPLES COM MOTOR 1.6 FLEX, CÂMBIO MANUAL, POTÊNCIA 101/104 CV, 2 PORTAS","H",{"$f":"'CPU (DF)'!C59","v":0.37353515624999994},{"$f":"'CPU (DF)'!D59","v":0.62255859375},92145,92146,"SINAPI SE 06/223",{"$f":"H31","v":73.760000000000005},{"$f":"I31","v":30.6},{"$f":"C59*H59+D59*I59","v":46.602246093749997}]
["SUB-TOTAL",{"$nulls":8},{"$f":"SUM(J57:J59)","v":51.084667968749997}]
["MATERIAL"]
["DISCRIMINAÇÃO","UNIDADE","QUANT.",null,"COD.",null,null,null,"P.UNIT.","P.TOTAL"]
["ESTACA/PIQUETE DE MADEIRA","U",{"$f":"'CPU (DF)'!C63","v":83.333333333333329},null,4408,null,"SINAPI SE 06/223",null,{"$f":"VLOOKUP(E63,[56]sheet1!$A$1:$E$65536,5,FALSE)*0.4","v":1.0640000000000001},{"$f":"C63*I63","v":88.666666666666671}]
["SUB-TOTAL",{"$nulls":8},{"$f":"SUM(J63:J63)","v":88.666666666666671}]
["SERVIÇOS - COMPOSIÇÕES AUXILIARES"]
["DISCRIMINAÇÃO","UNIDADE","QUANT.",{"$nulls":5},"P.UNIT.","P.TOTAL"]
[]
["SUB-TOTAL"]
["MÃO DE OBRA"]
["DISCRIMINAÇÃO","UNIDADE","QUANT.",null,"COD. P","COD. I",null,null,"P.UNIT.","P.TOTAL"]
["AUXILIAR DE TOPOGRÁFO COM ENCARGOS","MÊS",{"$f":"'CPU (DF)'!C71","v":5.6596235795454541E-3},null,101389,null,"SINAPI SE 06/223",null,{"$f":"VLOOKUP(E71,[54]planilhanull!$G$7:$K$7520,5,FALSE)","v":1756.71},{"$f":"C71*I71","v":9.9423173384232957}]
["TOPOGRAFO COM ENCARGOS","MÊS",{"$f":"'CPU (DF)'!C72","v":5.6596235795454541E-3},null,94296,null,"SINAPI SE 06/223",null,{"$f":"VLOOKUP(E72,[54]planilhanull!$G$7:$K$7520,5,FALSE)","v":3451},{"$f":"C72*I72","v":19.531360973011363}]
["SUB-TOTAL",{"$nulls":8},{"$f":"SUM(J71:J72)","v":29.473678311434661}]
["PRODUÇÃO MENSAL DA EQUIPE",{"$f":"'CPU (DF)'!B74","v":46.93333333333333},"CUSTO ",{"$nulls":6},{"$f":"J73+J68+J64+J60","v":169.22501294685134}]
["TOTAL",{"$nulls":8},{"$f":"ROUND(J74,2)","v":169.23}]
["BDI                %",{"$nulls":8},24.1]
["TOTAL DO SERVIÇO - R$",{"$nulls":8},{"$f":"ROUND(J75*(1+J76/100),2)","v":210.01}]
[]
[" COMPOSIÇÃO DE PREÇO UNITÁRIO"]
["LOCAÇÃO E CONSTRUÇÃO DE BACIAS DE CAPTAÇÃO DE ENXURRADA (4 METROS DE RAIO)",{"$nulls":7},"UNIDADE: ","UNID."]
["EQUIPAMENTO"]
["DISCRIMINAÇÃO","UNIDADE","QUANT. PROD.","QUANT. IMPROD.","COD. P","COD. I","FONTE","CHP/ P.UNIT.","CHI","P.TOTAL"]
["NIVEL OPTICO, COM PRECISAO DE 0,7 MM, AUMENTO DE 32X","H",{"$f":"'CPU (DF)'!C83","v":0.59999999999999987},null,7252,null,"SINAPI SE 06/223",{"$f":"$H$57","v":2.25},null,{"$f":"C83*H83+D83*I83","v":1.3499999999999996}]
["TEODOLITO ELETRONICO, PRECISAO ANGULAR DE 5 A 7 SEGUNDOS, INCLUINDO TRIPE","H",{"$f":"'CPU (DF)'!C84","v":0.59999999999999987},null,7247,null,"SINAPI SE 06/223",{"$f":"$H$58","v":2.25},null,{"$f":"C84*H84+D84*I84","v":1.3499999999999996}]
["PÁ CARREGADEIRA SOBRE RODAS, POTÊNCIA LÍQUIDA 128 HP, CAPACIDADE DA CAÇAMBA 1,7 A 2,8 M³","H",{"$f":"'CPU (DF)'!C85","v":0.77795298165137616},{"$f":"'CPU (DF)'!D85","v":0.25931766055045874},5940,5942,"SINAPI SE 06/223",{"$f":"VLOOKUP(E85,[54]planilhanull!$G$7:$K$7520,5,FALSE)","v":172.91},{"$f":"VLOOKUP(F85,[54]planilhanull!$G$7:$K$7520,5,FALSE)","v":71.53},{"$f":"C85*H85+D85*I85","v":153.06484231651376}]
["VEÍCULO DE PASSEIO PARA DESLOCAMENTO DA EQUIPE","H",{"$f":"'CPU (DF)'!C86","v":0.23437500000000003},{"$f":"'CPU (DF)'!D86","v":0.39062500000000006},"E9093",null,"SICRO SE 01/2023",{"$f":"$H$30","v":32.284300000000002},{"$f":"$I$30","v":6.3784000000000001},{"$f":"C86*H86+D86*I86","v":10.058195312500002}]
["CAMINHONETE CABINE SIMPLES COM MOTOR 1.6 FLEX, CÂMBIO MANUAL, POTÊNCIA 101/104 CV, 2 PORTAS","H",{"$f":"'CPU (DF)'!C87","v":0.60937499999999989},{"$f":"'CPU (DF)'!D87","v":0.36562499999999998},92145,92146,"SINAPI SE 06/223",{"$f":"$H$31","v":73.760000000000005},{"$f":"$I$31","v":30.6},{"$f":"C87*H87+D87*I87","v":56.135624999999997}]
["SUB-TOTAL",{"$nulls":8},{"$f":"SUM(J83:J87)","v":221.95866262901376}]
["MATERIAL"]
["DISCRIMINAÇÃO","UNIDADE","QUANT.",null,"COD.",null,null,null,"P.UNIT.","P.TOTAL"]
["ESTACA/PIQUETE DE MADEIRA","U",{"$f":"'CPU (DF)'!C91","v":12},null,4408,null,"SINAPI SE 06/223",null,{"$f":"$I$63","v":1.0640000000000001},{"$f":"C91*I91","v":12.768000000000001}]
["SUB-TOTAL",{"$nulls":8},{"$f":"SUM(J91:J91)","v":12.768000000000001}]
["SERVIÇOS - COMPOSIÇÕES AUXILIARES"]
["DISCRIMINAÇÃO","UNIDADE","QUANT.",{"$nulls":5},"P.UNIT.","P.TOTAL"]
["REVESTIMENTO VEGETAL POR SEMEADURA A LANÇO MANUAL DE GRAMÍNEAS E LEGUMINOSAS","m²",{"$f":"'CPU (DF)'!C95","v":50.26548245743669},null,4413993,null,"SICRO SE 01/2023",null,{"$f":"VLOOKUP(E95,[53]Sheet1!$A:$D,4,FALSE)","v":0.62},{"$f":"C95*I95","v":31.164599123610749}]
["SUB-TOTAL",{"$nulls":8},{"$f":"SUM(J95:J95)","v":31.164599123610749}]
["MÃO DE OBRA"]
["DISCRIMINAÇÃO","UNIDADE","QUANT.",null,"COD. P","COD. I",null,null,"P.UNIT.","P.TOTAL"]
["ENGENHEIRO COM ENCARGO","MÊS",{"$f":"'CPU (DF)'!C99","v":1.4204545454545455E-3},null,93565,null,"SINAPI SE 06/223",null,{"$f":"$I$44","v":19668.78},{"$f":"C99*I99","v":27.938607954545454}]
["ENCARREGADO COM ENCARGO","MÊS",{"$f":"'CPU (DF)'!C100","v":4.2613636363636369E-3},null,93572,null,"SINAPI SE 06/223",null,{"$f":"$I$46","v":5215.3},{"$f":"C100*I100","v":22.224289772727275}]
["TOPOGRAFO COM ENCARGOS","MÊS",{"$f":"'CPU (DF)'!C101","v":3.4090909090909085E-3},null,94296,null,"SINAPI SE 06/223",null,{"$f":"$I$72","v":3451},{"$f":"C101*I101","v":11.764772727272724}]
["AUXILIAR DE TOPOGRÁFO COM ENCARGOS","MÊS",{"$f":"'CPU (DF)'!C102","v":3.4090909090909085E-3},null,101389,null,"SINAPI SE 06/223",null,{"$f":"$I$71","v":1756.71},{"$f":"C102*I102","v":5.9887840909090899}]
["SERVENTE COM ENCARGOS COMPLEMENTARES - INLUSIVE ABERTURA E FECHAMENTO DE CERCAS","MES",{"$f":"'CPU (DF)'!C103","v":5.893583194328607E-3},null,101452,null,"SINAPI SE 06/223",null,{"$f":"$I$45","v":3883.57},{"$f":"C103*I103","v":22.88814288599875}]
["SUB-TOTAL",{"$nulls":8},{"$f":"SUM(J99:J103)","v":90.804597431453288}]
["PRODUÇÃO MENSAL DA EQUIPE",{"$f":"'CPU (DF)'!B105","v":169.67606412382531},"CUSTO ",{"$nulls":6},{"$f":"J104+J96+J92+J88","v":356.69585918407779}]
["TOTAL",{"$nulls":8},{"$f":"ROUND(J105,2)","v":356.7}]
["BDI                %",{"$nulls":8},24.1]
["TOTAL DO SERVIÇO - R$",{"$nulls":8},{"$f":"ROUND(J106*(1+J107/100),2)","v":442.66}]
[]
[]
[" COMPOSIÇÃO DE PREÇO UNITÁRIO"]
["LOCAÇÃO E CONSTRUÇÃO DE BACIAS DE CAPTAÇÃO DE ENXURRADA (6 METROS DE RAIO)",{"$nulls":7},"UNIDADE: ","UNID."]
["EQUIPAMENTO"]
["DISCRIMINAÇÃO","UNIDADE","QUANT. PROD.","QUANT. IMPROD.","COD. P","COD. I","FONTE","CHP/ P.UNIT.","CHI","P.TOTAL"]
["NIVEL OPTICO, COM PRECISAO DE 0,7 MM, AUMENTO DE 32X","H",{"$f":"'CPU (DF)'!C115","v":0.59999999999999987},null,7252,null,"SINAPI SE 06/223",{"$f":"$H$57","v":2.25},null,{"$f":"C115*H115+D115*I115","v":1.3499999999999996}]
["TEODOLITO ELETRONICO, PRECISAO ANGULAR DE 5 A 7 SEGUNDOS, INCLUINDO TRIPE","H",{"$f":"'CPU (DF)'!C116","v":0.59999999999999987},null,7247,null,"SINAPI SE 06/223",{"$f":"$H$58","v":2.25},null,{"$f":"C116*H116+D116*I116","v":1.3499999999999996}]
["PÁ CARREGADEIRA SOBRE RODAS, POTÊNCIA LÍQUIDA 128 HP, CAPACIDADE DA CAÇAMBA 1,7 A 2,8 M³","H",{"$f":"'CPU (DF)'!C117","v":1.5361668577981655},{"$f":"'CPU (DF)'!D117","v":0.51205561926605514},5940,5942,"SINAPI SE 06/223",{"$f":"$H$85","v":172.91},{"$f":"$I$85","v":71.53},{"$f":"C117*H117+D117*I117","v":302.24594982798169}]
["VEÍCULO DE PASSEIO PARA DESLOCAMENTO DA EQUIPE","H",{"$f":"'CPU (DF)'!C118","v":0.25},{"$f":"'CPU (DF)'!D118","v":0.41666666666666669},"E9093",null,"SICRO SE 01/2023",{"$f":"$H$30","v":32.284300000000002},{"$f":"$I$30","v":6.3784000000000001},{"$f":"C118*H118+D118*I118","v":10.728741666666668}]
["CAMINHONETE CABINE SIMPLES COM MOTOR 1.6 FLEX, CÂMBIO MANUAL, POTÊNCIA 101/104 CV, 2 PORTAS","H",{"$f":"'CPU (DF)'!C119","v":0.62499999999999989},{"$f":"'CPU (DF)'!D119","v":0.375},92145,92146,"SINAPI SE 06/223",{"$f":"$H$31","v":73.760000000000005},{"$f":"$I$31","v":30.6},{"$f":"C119*H119+D119*I119","v":57.574999999999996}]
["SUB-TOTAL",{"$nulls":8},{"$f":"SUM(J115:J119)","v":373.24969149464835}]
["MATERIAL"]
["DISCRIMINAÇÃO","UNIDADE","QUANT.",null,"COD.",null,null,null,"P.UNIT.","P.TOTAL"]
["ESTACA/PIQUETE DE MADEIRA","U",{"$f":"'CPU (DF)'!C123","v":12},null,4408,null,"SINAPI SE 06/223",null,{"$f":"$I$63","v":1.0640000000000001},{"$f":"C123*I123","v":12.768000000000001}]
["SUB-TOTAL",{"$nulls":8},{"$f":"SUM(J123:J123)","v":12.768000000000001}]
["SERVIÇOS - COMPOSIÇÕES AUXILIARES"]
["DISCRIMINAÇÃO","UNIDADE","QUANT.",{"$nulls":5},"P.UNIT.","P.TOTAL"]
["REVESTIMENTO VEGETAL POR SEMEADURA A LANÇO MANUAL DE GRAMÍNEAS E LEGUMINOSAS","m²",{"$f":"'CPU (DF)'!C127","v":94.247779607693786},null,4413993,null,"SICRO SE 01/2023",null,{"$f":"VLOOKUP(E127,[53]Sheet1!$A:$D,4,FALSE)","v":0.62},{"$f":"C127*I127","v":58.433623356770148}]
["SUB-TOTAL",{"$nulls":8},{"$f":"SUM(J127:J127)","v":58.433623356770148}]
["MÃO DE OBRA"]
["DISCRIMINAÇÃO","UNIDADE","QUANT.",null,"COD. P","COD. I",null,null,"P.UNIT.","P.TOTAL"]
["ENGENHEIRO COM ENCARGO","MÊS",{"$f":"'CPU (DF)'!C131","v":1.5151515151515152E-3},null,93565,null,"SINAPI SE 06/223",null,{"$f":"$I$44","v":19668.78},{"$f":"C131*I131","v":29.801181818181817}]
["ENCARREGADO COM ENCARGO","MÊS",{"$f":"'CPU (DF)'!C132","v":4.5454545454545452E-3},null,93572,null,"SINAPI SE 06/223",null,{"$f":"$I$46","v":5215.3},{"$f":"C132*I132","v":23.705909090909092}]
["TOPOGRAFO COM ENCARGOS","MÊS",{"$f":"'CPU (DF)'!C133","v":3.4090909090909085E-3},null,94296,null,"SINAPI SE 06/223",null,{"$f":"$I$72","v":3451},{"$f":"C133*I133","v":11.764772727272724}]
["AUXILIAR DE TOPOGRÁFO COM ENCARGOS","MÊS",{"$f":"'CPU (DF)'!C134","v":3.4090909090909085E-3},null,101389,null,"SINAPI SE 06/223",null,{"$f":"$I$71","v":1756.71},{"$f":"C134*I134","v":5.9887840909090899}]
["SERVENTE COM ENCARGOS COMPLEMENTARES - INLUSIVE ABERTURA E FECHAMENTO DE CERCAS","MES",{"$f":"'CPU (DF)'!C135","v":1.1637627710592161E-2},null,101452,null,"SINAPI SE 06/223",null,{"$f":"$I$45","v":3883.57},{"$f":"C135*I135","v":45.195541848024398}]
["SUB-TOTAL",{"$nulls":8},{"$f":"SUM(J131:J135)","v":116.45618957529712}]
["PRODUÇÃO MENSAL DA EQUIPE",{"$f":"'CPU (DF)'!B137","v":85.928165504885072},"CUSTO ",{"$nulls":6},{"$f":"J136+J128+J124+J120","v":560.9075044267156}]
["TOTAL",{"$nulls":8},{"$f":"ROUND(J137,2)","v":560.91}]
["BDI                %",{"$nulls":8},24.1]
["TOTAL DO SERVIÇO - R$",{"$nulls":8},{"$f":"ROUND(J138*(1+J139/100),2)","v":696.09}]
[]
[" COMPOSIÇÃO DE PREÇO UNITÁRIO"]
["LOCAÇÃO E CONSTRUÇÃO DE BACIAS DE CAPTAÇÃO DE ENXURRADA (9 METROS DE RAIO)",{"$nulls":7},"UNIDADE: ","UNID."]
["EQUIPAMENTO"]
["DISCRIMINAÇÃO","UNIDADE","QUANT. PROD.","QUANT. IMPROD.","COD. P","COD. I","FONTE","CHP/ P.UNIT.","CHI","P.TOTAL"]
["NIVEL OPTICO, COM PRECISAO DE 0,7 MM, AUMENTO DE 32X","H",{"$f":"'CPU (DF)'!C146","v":0.65},null,7252,null,"SINAPI SE 06/223",{"$f":"$H$57","v":2.25},null,{"$f":"C146*H146+D146*I146","v":1.4625000000000001}]
["TEODOLITO ELETRONICO, PRECISAO ANGULAR DE 5 A 7 SEGUNDOS, INCLUINDO TRIPE","H",{"$f":"'CPU (DF)'!C147","v":0.65},null,7247,null,"SINAPI SE 06/223",{"$f":"$H$58","v":2.25},null,{"$f":"C147*H147+D147*I147","v":1.4625000000000001}]
["PÁ CARREGADEIRA SOBRE RODAS, POTÊNCIA LÍQUIDA 128 HP, CAPACIDADE DA CAÇAMBA 1,7 A 2,8 M³","H",{"$f":"'CPU (DF)'!C148","v":3.7389908256880737},{"$f":"'CPU (DF)'!D148","v":1.2463302752293579},5940,5942,"SINAPI SE 06/223",{"$f":"$H$85","v":172.91},{"$f":"$I$85","v":71.53},{"$f":"C148*H148+D148*I148","v":735.65890825688075}]
["VEÍCULO DE PASSEIO PARA DESLOCAMENTO DA EQUIPE","H",{"$f":"'CPU (DF)'!C149","v":0.265625},{"$f":"'CPU (DF)'!D149","v":0.44270833333333331},"E9093",null,"SICRO SE 01/2023",{"$f":"$H$30","v":32.284300000000002},{"$f":"$I$30","v":6.3784000000000001},{"$f":"C149*H149+D149*I149","v":11.399288020833334}]
["CAMINHONETE CABINE SIMPLES COM MOTOR 1.6 FLEX, CÂMBIO MANUAL, POTÊNCIA 101/104 CV, 2 PORTAS","H",{"$f":"'CPU (DF)'!C150","v":0.671875},{"$f":"'CPU (DF)'!D150","v":0.40312500000000007},92145,92146,"SINAPI SE 06/223",{"$f":"$H$31","v":73.760000000000005},{"$f":"$I$31","v":30.6},{"$f":"C150*H150+D150*I150","v":61.893125000000005}]
["SUB-TOTAL",{"$nulls":8},{"$f":"SUM(J146:J150)","v":811.87632127771406}]
["MATERIAL"]
["DISCRIMINAÇÃO","UNIDADE","QUANT.",null,"COD.",null,null,null,"P.UNIT.","P.TOTAL"]
["ESTACA/PIQUETE DE MADEIRA","U",{"$f":"'CPU (DF)'!C154","v":12},null,4408,null,"SINAPI SE 06/223",null,{"$f":"$I$63","v":1.0640000000000001},{"$f":"C154*I154","v":12.768000000000001}]
["SUB-TOTAL",{"$nulls":8},{"$f":"SUM(J154:J154)","v":12.768000000000001}]
["SERVIÇOS - COMPOSIÇÕES AUXILIARES"]
["DISCRIMINAÇÃO","UNIDADE","QUANT.",{"$nulls":5},"P.UNIT.","P.TOTAL"]
["REVESTIMENTO VEGETAL POR SEMEADURA A LANÇO MANUAL DE GRAMÍNEAS E LEGUMINOSAS","m²",{"$f":"'CPU (DF)'!C158","v":169.64600329384882},null,4413993,null,"SICRO SE 01/2023",null,{"$f":"VLOOKUP(E158,[53]Sheet1!$A:$D,4,FALSE)","v":0.62},{"$f":"C158*I158","v":105.18052204218627}]
["SUB-TOTAL",{"$nulls":8},{"$f":"SUM(J158:J158)","v":105.18052204218627}]
["MÃO DE OBRA"]
["DISCRIMINAÇÃO","UNIDADE","QUANT.",null,"COD. P","COD. I",null,null,"P.UNIT.","P.TOTAL"]
["ENGENHEIRO COM ENCARGO","MÊS",{"$f":"'CPU (DF)'!C162","v":1.6098484848484848E-3},null,93565,null,"SINAPI SE 06/223",null,{"$f":"$I$44","v":19668.78},{"$f":"C162*I162","v":31.663755681818181}]
["ENCARREGADO COM ENCARGO","MÊS",{"$f":"'CPU (DF)'!C163","v":4.8295454545454544E-3},null,93572,null,"SINAPI SE 06/223",null,{"$f":"$I$46","v":5215.3},{"$f":"C163*I163","v":25.187528409090909}]
["TOPOGRAFO COM ENCARGOS","MÊS",{"$f":"'CPU (DF)'!C164","v":3.6931818181818185E-3},null,94296,null,"SINAPI SE 06/223",null,{"$f":"$I$72","v":3451},{"$f":"C164*I164","v":12.745170454545455}]
["AUXILIAR DE TOPOGRÁFO COM ENCARGOS","MÊS",{"$f":"'CPU (DF)'!C165","v":3.6931818181818185E-3},null,101389,null,"SINAPI SE 06/223",null,{"$f":"$I$71","v":1756.71},{"$f":"C165*I165","v":6.4878494318181827}]
["SERVENTE COM ENCARGOS COMPLEMENTARES - INLUSIVE ABERTURA E FECHAMENTO DE CERCAS","MES",{"$f":"'CPU (DF)'!C166","v":2.83256880733945E-2},null,101452,null,"SINAPI SE 06/223",null,{"$f":"$I$45","v":3883.57},{"$f":"C166*I166","v":110.00479243119268}]
["SUB-TOTAL",{"$nulls":8},{"$f":"SUM(J162:J166)","v":186.08909640846542}]
["PRODUÇÃO MENSAL DA EQUIPE",{"$f":"'CPU (DF)'!B168","v":35.30364372469635},"CUSTO ",{"$nulls":6},{"$f":"J167+J159+J155+J151","v":1115.9139397283657}]
["TOTAL",{"$nulls":8},{"$f":"ROUND(J168,2)","v":1115.9100000000001}]
["BDI                %",{"$nulls":8},24.1]
["TOTAL DO SERVIÇO - R$",{"$nulls":8},{"$f":"ROUND(J169*(1+J170/100),2)","v":1384.84}]
[]
[]
[" COMPOSIÇÃO DE PREÇO UNITÁRIO"]
["LOCAÇÃO E CONSTRUÇÃO DE BACIAS DE CAPTAÇÃO DE ENXURRADA (12 METROS DE RAIO)",{"$nulls":7},"UNIDADE: ","UNID."]
["EQUIPAMENTO"]
["DISCRIMINAÇÃO","UNIDADE","QUANT. PROD.","QUANT. IMPROD.","COD. P","COD. I","FONTE","CHP/ P.UNIT.","CHI","P.TOTAL"]
["NIVEL OPTICO, COM PRECISAO DE 0,7 MM, AUMENTO DE 32X","H",{"$f":"'CPU (DF)'!C178","v":0.65},null,7252,null,"SINAPI SE 06/223",{"$f":"$H$57","v":2.25},null,{"$f":"C178*H178+D178*I178","v":1.4625000000000001}]
["TEODOLITO ELETRONICO, PRECISAO ANGULAR DE 5 A 7 SEGUNDOS, INCLUINDO TRIPE","H",{"$f":"'CPU (DF)'!C179","v":0.65},null,7247,null,"SINAPI SE 06/223",{"$f":"$H$58","v":2.25},null,{"$f":"C179*H179+D179*I179","v":1.4625000000000001}]
["PÁ CARREGADEIRA SOBRE RODAS, POTÊNCIA LÍQUIDA 128 HP, CAPACIDADE DA CAÇAMBA 1,7 A 2,8 M³","H",{"$f":"'CPU (DF)'!C180","v":6},{"$f":"'CPU (DF)'!D180","v":2},5940,5942,"SINAPI SE 06/223",{"$f":"$H$85","v":172.91},{"$f":"$I$85","v":71.53},{"$f":"C180*H180+D180*I180","v":1180.52}]
["VEÍCULO DE PASSEIO PARA DESLOCAMENTO DA EQUIPE","H",{"$f":"'CPU (DF)'!C181","v":0.28125},{"$f":"'CPU (DF)'!D181","v":0.46874999999999994},"E9093",null,"SICRO SE 01/2023",{"$f":"$H$30","v":32.284300000000002},{"$f":"$I$30","v":6.3784000000000001},{"$f":"C181*H181+D181*I181","v":12.069834375000001}]
["CAMINHONETE CABINE SIMPLES COM MOTOR 1.6 FLEX, CÂMBIO MANUAL, POTÊNCIA 101/104 CV, 2 PORTAS","H",{"$f":"'CPU (DF)'!C182","v":0.6875},{"$f":"'CPU (DF)'!D182","v":0.41250000000000009},92145,92146,"SINAPI SE 06/223",{"$f":"$H$31","v":73.760000000000005},{"$f":"$I$31","v":30.6},{"$f":"C182*H182+D182*I182","v":63.332500000000003}]
["SUB-TOTAL",{"$nulls":8},{"$f":"SUM(J178:J182)","v":1258.8473343749999}]
["MATERIAL"]
["DISCRIMINAÇÃO","UNIDADE","QUANT.",null,"COD.",null,null,null,"P.UNIT.","P.TOTAL"]
["ESTACA/PIQUETE DE MADEIRA","U",{"$f":"'CPU (DF)'!C186","v":16},null,4408,null,"SINAPI SE 06/223",null,{"$f":"$I$63","v":1.0640000000000001},{"$f":"C186*I186","v":17.024000000000001}]
["SUB-TOTAL",{"$nulls":8},{"$f":"SUM(J186:J186)","v":17.024000000000001}]
["SERVIÇOS - COMPOSIÇÕES AUXILIARES"]
["DISCRIMINAÇÃO","UNIDADE","QUANT.",{"$nulls":5},"P.UNIT.","P.TOTAL"]
["REVESTIMENTO VEGETAL POR SEMEADURA A LANÇO MANUAL DE GRAMÍNEAS E LEGUMINOSAS","m²",{"$f":"'CPU (DF)'!C190","v":263.89378290154264},null,4413993,null,"SICRO SE 01/2023",null,{"$f":"VLOOKUP(E190,[53]Sheet1!$A:$D,4,FALSE)","v":0.62},{"$f":"C190*I190","v":163.61414539895642}]
["SUB-TOTAL",{"$nulls":8},{"$f":"SUM(J190:J190)","v":163.61414539895642}]
["MÃO DE OBRA"]
["DISCRIMINAÇÃO","UNIDADE","QUANT.",null,"COD. P","COD. I",null,null,"P.UNIT.","P.TOTAL"]
["ENGENHEIRO COM ENCARGO","MES",{"$f":"'CPU (DF)'!C194","v":1.7045454545454545E-3},null,93565,null,"SINAPI SE 06/223",null,{"$f":"$I$44","v":19668.78},{"$f":"C194*I194","v":33.526329545454544}]
["ENCARREGADO COM ENCARGO","MES",{"$f":"'CPU (DF)'!C195","v":5.1136363636363636E-3},null,93572,null,"SINAPI SE 06/223",null,{"$f":"$I$46","v":5215.3},{"$f":"C195*I195","v":26.66914772727273}]
["TOPOGRAFO COM ENCARGOS","MÊS",{"$f":"'CPU (DF)'!C196","v":3.6931818181818181E-3},null,94296,null,"SINAPI SE 06/223",null,{"$f":"$I$72","v":3451},{"$f":"C196*I196","v":12.745170454545454}]
["AUXILIAR DE TOPOGRÁFO COM ENCARGOS","MÊS",{"$f":"'CPU (DF)'!C197","v":3.6931818181818181E-3},null,101389,null,"SINAPI SE 06/223",null,{"$f":"$I$71","v":1756.71},{"$f":"C197*I197","v":6.4878494318181819}]
["SERVENTE COM ENCARGOS COMPLEMENTARES - INLUSIVE ABERTURA E FECHAMENTO DE CERCAS","MES",{"$f":"'CPU (DF)'!C198","v":4.5454545454545456E-2},null,101452,null,"SINAPI SE 06/223",null,{"$f":"$I$45","v":3883.57},{"$f":"C198*I198","v":176.5259090909091}]
["SUB-TOTAL",{"$nulls":8},{"$f":"SUM(J194:J198)","v":255.95440625000001}]
["PRODUÇÃO DA EQUIPE ",{"$f":"'CPU (DF)'!B200","v":22},"CUSTO ",{"$nulls":6},{"$f":"J199+J191+J187+J183","v":1695.4398860239564}]
["TOTAL",{"$nulls":8},{"$f":"ROUND(J200,2)","v":1695.44}]
["BDI                %",{"$nulls":8},24.1]
["TOTAL DO SERVIÇO - R$",{"$nulls":8},{"$f":"ROUND(J201*(1+J202/100),2)","v":2104.04}]
[]
[" COMPOSIÇÃO DE PREÇO UNITÁRIO"]
["CERCAMENTO DE ÁREAS AMBIENTALMENTE VULNERÁVEIS À CAPRINOVINOCULTURA",{"$nulls":7},"UNIDADE: ","m"]
["EQUIPAMENTO"]
["DISCRIMINAÇÃO","UNIDADE","QUANT. PROD.","QUANT. IMPROD.","COD. P","COD. I","FONTE",null,"P.UNIT.","P.TOTAL"]
["NIVEL OPTICO, COM PRECISAO DE 0,7 MM, AUMENTO DE 32X","h",{"$f":"'CPU (DF)'!C209","v":5.000000000000001E-2},null,7252,null,"SINAPI SE 06/223",{"$f":"H178","v":2.25},null,{"$f":"C209*H209+D209*I209","v":0.11250000000000002}]
["TEODOLITO ELETRONICO, PRECISAO ANGULAR DE 5 A 7 SEGUNDOS, INCLUINDO TRIPE","h",{"$f":"'CPU (DF)'!C210","v":5.000000000000001E-2},null,7247,null,"SINAPI SE 06/223",{"$f":"H179","v":2.25},null,{"$f":"C210*H210+D210*I210","v":0.11250000000000002}]
["VEÍCULO DE PASSEIO PARA DESLOCAMENTO DA EQUIPE","h",{"$f":"'CPU (DF)'!C211","v":1.8382352941176468E-2},{"$f":"'CPU (DF)'!D211","v":3.063725490196078E-2},"E9093","E9093","SICRO SE 01/2023",{"$f":"H30","v":32.284300000000002},{"$f":"I30","v":6.3784000000000001},{"$f":"C211*H211+D211*I211","v":0.78887806372549019}]
["CAMINHONETE CABINE SIMPLES COM MOTOR 1.6 FLEX, CÂMBIO MANUAL, POTÊNCIA 101/104 CV, 2 PORTAS","h",{"$f":"'CPU (DF)'!C212","v":2.9779411764705884E-2},{"$f":"'CPU (DF)'!D212","v":4.9632352941176468E-2},92145,92146,"SINAPI SE 06/223",{"$f":"H31","v":73.760000000000005},{"$f":"I31","v":30.6},{"$f":"C212*H212+D212*I212","v":3.7152794117647066}]
["SUB-TOTAL",{"$nulls":8},{"$f":"SUM(J209:J212)","v":4.7291574754901973}]
["MATERIAL"]
["DISCRIMINAÇÃO","UNIDADE","QUANT.",null,"COD. P","COD. I","FONTE",null,"P.UNIT.","P.TOTAL"]
["MOURAO ROLICO DE MADEIRA TRATADA, D = 16 A 20 CM, H = 3,0 M, EM EUCALIPTO OU EQUIVALENTE DA REGIAO (PARA CERCA)","m",{"$f":"'CPU (DF)'!C216","v":0.12},null,4491,null,"SINAPI SE 06/223",null,{"$f":"I252","v":27.44},{"$f":"ROUND((I216*C216),2)","v":3.29}]
["MOURAO ROLICO DE MADEIRA TRATADA, D  ≥ 10 CM, H = 2,20 M, EM EUCALIPTO OU EQUIVALENTE DA REGIAO (PARA CERCA)","m",{"$f":"'CPU (DF)'!C217","v":0.52},null,21138,null,"SINAPI SE 06/223",null,{"$f":"I253","v":8.6999999999999993},{"$f":"ROUND((I217*C217),2)","v":4.5199999999999996}]
["ARAME FARPADO GALVANIZADO, 16 BWG (1,65 MM), CLASSE 250","m",{"$f":"'CPU (DF)'!C218","v":8},null,340,null,"SINAPI SE 06/223",null,{"$f":"I254","v":1.4},{"$f":"ROUND((I218*C218),2)","v":11.2}]
["GRAMPO DE ACO POLIDO 1 \" X 9","kg",{"$f":"'CPU (DF)'!C219","v":0.04},null,5076,null,"SINAPI SE 06/223",null,{"$f":"I255","v":21.26},{"$f":"ROUND((I219*C219),2)","v":0.85}]
["ESTACA/PIQUETE DE MADEIRA","U",{"$f":"'CPU (DF)'!C220","v":0.05},null,4408,null,"SINAPI SE 06/223",null,{"$f":"I63","v":1.0640000000000001},{"$f":"C220*I220","v":5.3200000000000004E-2}]
["SUB-TOTAL",{"$nulls":8},{"$f":"SUM(J216:J220)","v":19.9132}]
["SERVIÇOS - COMPOSIÇÕES AUXILIARES"]
["DISCRIMINAÇÃO","UNIDADE","QUANT.",null,"COD.",null,"FONTE",null,"P.UNIT.","P.TOTAL"]
[]
["SUB-TOTAL",{"$nulls":8},{"$f":"J224","v":0}]
["MÃO DE OBRA"]
["DISCRIMINAÇÃO","UNIDADE","QUANT.",null,"COD. P","COD. I","FONTE",null,"P.UNIT.","P.TOTAL"]
["ENGENHEIRO COM ENCARGO","mês",{"$f":"'CPU (DF)'!C228","v":1.1140819964349375E-4},null,93565,null,"SINAPI SE 06/223",null,{"$f":"I194","v":19668.78},{"$f":"C228*I228","v":2.1912633689839569}]
["ENCARREGADO COM ENCARGO","mês",{"$f":"'CPU (DF)'!C229","v":3.3422459893048126E-4},null,93572,null,"SINAPI SE 06/223",null,{"$f":"I195","v":5215.3},{"$f":"C229*I229","v":1.7430815508021389}]
["TOPOGRAFO COM ENCARGOS","mês",{"$f":"'CPU (DF)'!C230","v":2.8409090909090913E-4},null,94296,null,"SINAPI SE 06/223",null,{"$f":"I196","v":3451},{"$f":"C230*I230","v":0.98039772727272745}]
["AUXILIAR DE TOPOGRÁFO COM ENCARGOS","mês",{"$f":"'CPU (DF)'!C231","v":2.8409090909090913E-4},null,101389,null,"SINAPI SE 06/223",null,{"$f":"I197","v":1756.71},{"$f":"C231*I231","v":0.49906534090909099}]
["SERVENTE COM ENCARGOS COMPLEMENTARES - ABERTURA DE PICADAS, ESCAVAÇÃO MANUAL E ASSENTAMENTO DE MOURÕES","mês",{"$f":"'CPU (DF)'!C232","v":1.0101010101010101E-3},null,101452,null,"SINAPI SE 06/223",null,{"$f":"I198","v":3883.57},{"$f":"C232*I232","v":3.9227979797979802}]
["CARPINTEIRO DE FORMAS COM ENCARGOS COMPLEMENTARES","h",{"$f":"'CPU (DF)'!C233","v":8.8888888888888892E-2},null,88262,null,"SINAPI SE 06/223",null,{"$f":"VLOOKUP(E233,[54]planilhanull!$G$7:$K$7520,5,FALSE)","v":26.85},{"$f":"ROUND((I233*C233),2)","v":2.39}]
["AJUDANTE DE CARPINTEIRO COM ENCARGOS COMPLEMENTARES","h",{"$f":"'CPU (DF)'!C234","v":8.8888888888888892E-2},null,88239,null,"SINAPI SE 06/223",null,{"$f":"VLOOKUP(E234,[54]planilhanull!$G$7:$K$7520,5,FALSE)","v":21.6},{"$f":"ROUND((I234*C234),2)","v":1.92}]
["SUB-TOTAL",{"$nulls":8},{"$f":"SUM(J228:J234)","v":13.646605967765895}]
["PRODUÇÃO MENSAL DA EQUIPE",{"$f":"'CPU (DF)'!B236","v":1980},"CUSTO ",{"$nulls":6},{"$f":"J235+J225+J221+J213","v":38.288963443256094}]
["TOTAL",{"$nulls":8},{"$f":"ROUND(J236,2)","v":38.29}]
["BDI                %",{"$nulls":8},24.1]
["TOTAL DO SERVIÇO - R$",{"$nulls":8},{"$f":"ROUND(J237*(1+J238/100),2)","v":47.52}]
[]
[" COMPOSIÇÃO DE PREÇO UNITÁRIO"]
["CERCAMENTO DE ÁREAS AMBIENTALMENTE VULNERÁVEIS À BOVINOCULTURA",{"$nulls":7},"UNIDADE: ","m"]
["EQUIPAMENTO"]
["DISCRIMINAÇÃO","UNIDADE","QUANT. PROD.","QUANT. IMPROD.","COD. P","COD. I","FONTE",null,"P.UNIT.","P.TOTAL"]
["NIVEL OPTICO, COM PRECISAO DE 0,7 MM, AUMENTO DE 32X","h",{"$f":"'CPU (DF)'!C245","v":5.000000000000001E-2},null,7252,null,"SINAPI SE 06/223",{"$f":"H57","v":2.25},null,{"$f":"C245*H245+D245*I245","v":0.11250000000000002}]
["TEODOLITO ELETRONICO, PRECISAO ANGULAR DE 5 A 7 SEGUNDOS, INCLUINDO TRIPE","h",{"$f":"'CPU (DF)'!C246","v":5.000000000000001E-2},null,7247,null,"SINAPI SE 06/223",{"$f":"H58","v":2.25},null,{"$f":"C246*H246+D246*I246","v":0.11250000000000002}]
["VEÍCULO DE PASSEIO PARA DESLOCAMENTO DA EQUIPE","h",{"$f":"'CPU (DF)'!C247","v":1.8382352941176468E-2},{"$f":"'CPU (DF)'!D247","v":3.063725490196078E-2},"E9093",null,"SICRO SE 01/2023",{"$f":"H30","v":32.284300000000002},{"$f":"I30","v":6.3784000000000001},{"$f":"C247*H247+D247*I247","v":0.78887806372549019}]
["CAMINHONETE CABINE SIMPLES COM MOTOR 1.6 FLEX, CÂMBIO MANUAL, POTÊNCIA 101/104 CV, 2 PORTAS","h",{"$f":"'CPU (DF)'!C248","v":2.9779411764705884E-2},{"$f":"'CPU (DF)'!D248","v":4.9632352941176468E-2},92145,92146,"SINAPI SE 06/223",{"$f":"H31","v":73.760000000000005},{"$f":"I31","v":30.6},{"$f":"C248*H248+D248*I248","v":3.7152794117647066}]
["SUB-TOTAL",{"$nulls":8},{"$f":"SUM(J245:J248)","v":4.7291574754901973}]
["MATERIAL"]
["DISCRIMINAÇÃO","UNIDADE","QUANT.",null,"COD.",null,"FONTE",null,"P.UNIT.","P.TOTAL"]
["MOURAO ROLICO DE MADEIRA TRATADA, D = 16 A 20 CM, H = 3,0 M, EM EUCALIPTO OU EQUIVALENTE DA REGIAO (PARA CERCA)","m",{"$f":"'CPU (DF)'!C252","v":6.6666666666666666E-2},null,2747,null,"SINAPI SE 06/223",null,{"$f":"VLOOKUP(E252,[56]sheet1!$A$1:$E$65536,5,FALSE)","v":27.44},{"$f":"ROUND((I252*C252),2)","v":1.83}]
["MOURAO ROLICO DE MADEIRA TRATADA, D  ≥ 10 CM, H = 2,20 M, EM EUCALIPTO OU EQUIVALENTE DA REGIAO (PARA CERCA)","m",{"$f":"'CPU (DF)'!C253","v":0.41111111111111115},null,21138,null,"SINAPI SE 06/223",null,{"$f":"VLOOKUP(E253,[56]sheet1!$A$1:$E$65536,5,FALSE)","v":8.6999999999999993},{"$f":"ROUND((I253*C253),2)","v":3.58}]
["ARAME FARPADO GALVANIZADO, 16 BWG (1,65 MM), CLASSE 250","m",{"$f":"'CPU (DF)'!C254","v":5},null,340,null,"SINAPI SE 06/223",null,{"$f":"VLOOKUP(E254,[56]sheet1!$A$1:$E$65536,5,FALSE)","v":1.4},{"$f":"ROUND((I254*C254),2)","v":7}]
["GRAMPO DE ACO POLIDO 1 \" X 9","kg",{"$f":"'CPU (DF)'!C255","v":0.03},null,5076,null,"SINAPI SE 06/223",null,{"$f":"VLOOKUP(E255,[56]sheet1!$A$1:$E$65536,5,FALSE)","v":21.26},{"$f":"ROUND((I255*C255),2)","v":0.64}]
["ESTACA/PIQUETE DE MADEIRA (0,5 m)","U",{"$f":"'CPU (DF)'!C256","v":0.05},null,4408,null,"SINAPI SE 06/223",null,{"$f":"I220","v":1.0640000000000001},{"$f":"C256*I256","v":5.3200000000000004E-2}]
["SUB-TOTAL",{"$nulls":8},{"$f":"SUM(J252:J256)","v":13.103200000000001}]
["SERVIÇOS - COMPOSIÇÕES AUXILIARES"]
["DISCRIMINAÇÃO","UNIDADE","QUANT.",null,"COD.",null,"FONTE",null,"P.UNIT.","P.TOTAL"]
[]
["SUB-TOTAL",{"$nulls":8},{"$f":"J260","v":0}]
["MÃO DE OBRA"]
["DISCRIMINAÇÃO","UNIDADE","QUANT.",null,"COD. P","COD. I","FONTE",null,"P.UNIT.","P.TOTAL"]
["ENGENHEIRO COM ENCARGO","mês",{"$f":"'CPU (DF)'!C264","v":1.1140819964349375E-4},null,93565,null,"SINAPI SE 06/223",null,{"$f":"I228","v":19668.78},{"$f":"C264*I264","v":2.1912633689839569}]
["ENCARREGADO COM ENCARGO","mês",{"$f":"'CPU (DF)'!C265","v":3.3422459893048126E-4},null,93572,null,"SINAPI SE 06/223",null,{"$f":"I229","v":5215.3},{"$f":"C265*I265","v":1.7430815508021389}]
["TOPOGRAFO COM ENCARGOS","mês",{"$f":"'CPU (DF)'!C266","v":2.8409090909090913E-4},null,94296,null,"SINAPI SE 06/223",null,3451,{"$f":"C266*I266","v":0.98039772727272745}]
["AUXILIAR DE TOPOGRÁFO COM ENCARGOS","mês",{"$f":"'CPU (DF)'!C267","v":2.8409090909090913E-4},null,101389,null,"SINAPI SE 06/223",null,1756.71,{"$f":"C267*I267","v":0.49906534090909099}]
["SERVENTE COM ENCARGOS COMPLEMENTARES - ABERTURA DE PICADAS, ESCAVAÇÃO MANUAL E ASSENTAMENTO DE MOURÕES","mês",{"$f":"'CPU (DF)'!C268","v":1.0822510822510823E-3},null,101452,null,"SINAPI SE 06/223",null,3883.57,{"$f":"C268*I268","v":4.2029978354978352}]
["CARPINTEIRO DE FORMAS COM ENCARGOS COMPLEMENTARES","h",{"$f":"'CPU (DF)'!C269","v":9.5238095238095247E-2},null,88262,null,"SINAPI SE 06/223",null,26.85,{"$f":"ROUND((I269*C269),2)","v":2.56}]
["AJUDANTE DE CARPINTEIRO COM ENCARGOS COMPLEMENTARES","h",{"$f":"'CPU (DF)'!C270","v":9.5238095238095247E-2},null,88239,null,"SINAPI SE 06/223",null,21.6,{"$f":"ROUND((I270*C270),2)","v":2.06}]
["SUB-TOTAL",{"$nulls":8},{"$f":"SUM(J264:J270)","v":14.236805823465751}]
["PRODUÇÃO MENSAL DA EQUIPE",{"$f":"'CPU (DF)'!B272","v":1847.9999999999998},"CUSTO ",{"$nulls":6},{"$f":"J271+J261+J257+J249","v":32.069163298955949}]
["TOTAL",{"$nulls":8},{"$f":"ROUND(J272,2)","v":32.07}]
["BDI                %",{"$nulls":8},24.1]
["TOTAL DO SERVIÇO - R$",{"$nulls":8},{"$f":"ROUND(J273*(1+J274/100),2)","v":39.799999999999997}]
[]
[" COMPOSIÇÃO DE PREÇO UNITÁRIO"]
["PLACA DE IDENTIFICAÇÃO DE OBRA",{"$nulls":7},"UNIDADE: ","m²"]
["EQUIPAMENTO"]
["DISCRIMINAÇÃO","UNIDADE","QUANT. PROD.","QUANT. IMPROD.","CÓDIGO",null,null,null,"P.UNIT.","P.TOTAL"]
[{"$nulls":9},{"$f":"C281*I281","v":0}]
["SUB-TOTAL",{"$nulls":8},{"$f":"SUM(J281:J281)","v":0}]
["MATERIAL"]
["DISCRIMINAÇÃO","UNIDADE","QUANT.",null,"COD. P","COD. I",null,null,"P.UNIT.","P.TOTAL"]
["PONTALETE *7,5 X 7,5* CM EM PINUS, MISTA OU EQUIVALENTE DA REGIAO - BRUTA","M",{"$f":"'CPU (DF)'!C285","v":1},null,4491,null,"SINAPI SE 06/223",null,{"$f":"VLOOKUP(E285,[56]sheet1!$A$1:$E$65536,5,FALSE)","v":10.85},{"$f":"ROUND((I285*C285),2)","v":10.85}]
["SARRAFO NAO APARELHADO *2,5 X 7* CM","M",{"$f":"'CPU (DF)'!C286","v":1},null,4417,null,"SINAPI SE 06/223",null,{"$f":"VLOOKUP(E286,[56]sheet1!$A$1:$E$65536,5,FALSE)","v":7.6},{"$f":"ROUND((I286*C286),2)","v":7.6}]
["PREGO DE ACO POLIDO COM CABECA 18 X 30 (2 3/4 X 10)","KG",{"$f":"'CPU (DF)'!C287","v":1.8333333333333333E-2},null,5075,null,"SINAPI SE 06/223",null,{"$f":"VLOOKUP(E287,[56]sheet1!$A$1:$E$65536,5,FALSE)","v":21.05},{"$f":"ROUND((I287*C287),2)","v":0.39}]
["PLACA DE OBRA (PARA CONSTRUCAO CIVIL) EM CHAPA GALVANIZADA","M2",{"$f":"'CPU (DF)'!C288","v":1},null,4813,null,"SINAPI SE 06/223",null,{"$f":"VLOOKUP(E288,[56]sheet1!$A$1:$E$65536,5,FALSE)","v":287.5},{"$f":"ROUND((I288*C288),2)","v":287.5}]
["SUB-TOTAL",{"$nulls":8},{"$f":"SUM(J285:J288)","v":306.33999999999997}]
["SERVIÇOS - COMPOSIÇÕES AUXILIARES"]
["DISCRIMINAÇÃO","UNIDADE","QUANT.",null,"COD. P","COD. I",null,null,"P.UNIT.","P.TOTAL"]
["CONCRETO MAGRO TRAÇO 1:4,5:4,5 (CIMENTO/ AREIA MÉDIA/ BRITA 1) - PREPARO MECÂNICO COM BETONEIRA 400 L.","M3",{"$f":"'CPU (DF)'!C292","v":1.6666666666666666E-2},null,94962,null,"SINAPI SE 06/223",null,{"$f":"VLOOKUP(E292,[54]planilhanull!$G$7:$K$7520,5,FALSE)","v":417.88},{"$f":"ROUND((I292*C292),2)","v":6.96}]
["SUB-TOTAL",{"$nulls":8},{"$f":"J292","v":6.96}]
["MÃO DE OBRA"]
["DISCRIMINAÇÃO","UNIDADE","QUANT.",null,"COD. P","COD. I",null,null,"P.UNIT.","P.TOTAL"]
["CARPINTEIRO DE FORMAS COM ENCARGOS COMPLEMENTARES","H",{"$f":"'CPU (DF)'!C296","v":0.33333333333333331},null,88262,null,"SINAPI SE 06/223",null,{"$f":"I269","v":26.85},{"$f":"ROUND((I296*C296),2)","v":8.9499999999999993}]
["AJUDANTE DE CARPINTEIRO COM ENCARGOS COMPLEMENTARES","H",{"$f":"'CPU (DF)'!C297","v":0.66666666666666663},null,88239,null,"SINAPI SE 06/223",null,{"$f":"I270","v":21.6},{"$f":"ROUND((I297*C297),2)","v":14.4}]
["SUB-TOTAL",{"$nulls":8},{"$f":"SUM(J296:J297)","v":23.35}]
["PRODUÇÃO MENSAL DA EQUIPE",{"$f":"'CPU (DF)'!B299","v":528},"CUSTO ",{"$nulls":6},{"$f":"J298+J293+J289+J282","v":336.65}]
["TOTAL",{"$nulls":8},{"$f":"ROUND(J299,2)","v":336.65}]
["BDI                %",{"$nulls":8},24.1]
["TOTAL DO SERVIÇO - R$",{"$nulls":8},{"$f":"ROUND(J300*(1+J301/100),2)","v":417.78}]

{"sheet":"CPU (TO)","index":16,"n_rows":302,"n_cols":10,"rows_kept":302,"cut":false,"hidden":false,"merged":[[301,0,301,8],[282,0,282,9],[288,0,288,8],[289,0,289,9],[292,0,292,8],[293,0,293,9],[297,0,297,8],[298,2,298,8],[299,0,299,8],[300,0,300,8],[270,0,270,8],[271,2,271,8],[272,0,272,8],[273,0,273,8],[274,0,274,8],[276,0,276,9],[277,0,277,7],[278,0,278,9],[281,0,281,8],[173,0,173,9],[174,0,174,7],[175,0,175,9],[182,0,182,8],[183,0,183,9],[186,0,186,8],[187,0,187,9],[190,0,190,8],[191,0,191,9],[198,0,198,8],[199,2,199,8],[200,0,200,8],[201,0,201,8],[204,0,204,9],[205,0,205,7],[206,0,206,9],[212,0,212,8],[213,0,213,9],[202,0,202,8],[220,0,220,8],[221,0,221,9],[234,0,234,8],[235,2,235,8],[240,0,240,9],[256,0,256,8],[257,0,257,9],[260,0,260,8],[261,0,261,9],[238,0,238,8],[241,0,241,7],[242,0,242,9],[248,0,248,8],[249,0,249,9],[236,0,236,8],[237,0,237,8],[224,0,224,8],[225,0,225,9],[0,0,0,9],[1,0,1,1],[1,2,1,4],[1,6,1,7],[2,0,2,9],[5,0,5,8],[19,2,19,8],[20,0,20,8],[21,0,21,8],[22,0,22,8],[24,0,24,9],[25,0,25,7],[6,0,6,9],[10,0,10,8],[11,0,11,9],[14,0,14,8],[15,0,15,9],[18,0,18,8],[41,0,41,9],[46,0,46,8],[47,2,47,8],[48,0,48,8],[49,0,49,8],[50,0,50,8],[26,0,26,9],[31,0,31,8],[32,0,32,9],[35,0,35,8],[36,0,36,9],[40,0,40,8],[64,0,64,9],[67,0,67,8],[68,0,68,9],[72,0,72,8],[73,2,73,8],[74,0,74,8],[52,0,52,9],[53,0,53,7],[54,0,54,9],[59,0,59,8],[60,0,60,9],[63,0,63,8],[88,0,88,9],[91,0,91,8],[92,0,92,9],[95,0,95,8],[96,0,96,9],[103,0,103,8],[75,0,75,8],[76,0,76,8],[78,0,78,9],[79,0,79,7],[80,0,80,9],[87,0,87,8],[104,2,104,8],[105,0,105,8],[106,0,106,8],[107,0,107,8],[110,0,110,9],[111,0,111,7],[112,0,112,9],[119,0,119,8],[120,0,120,9],[123,0,123,8],[124,0,124,9],[137,0,137,8],[138,0,138,8],[127,0,127,8],[128,0,128,9],[135,0,135,8],[136,2,136,8],[139,0,139,8],[141,0,141,9],[142,0,142,7],[143,0,143,9],[150,0,150,8],[151,0,151,9],[154,0,154,8],[155,0,155,9],[170,0,170,8],[158,0,158,8],[159,0,159,9],[166,0,166,8],[167,2,167,8],[168,0,168,8],[169,0,169,8]]}
[" COMPOSIÇÃO DE PREÇO UNITÁRIO"]
["MOBILIZAÇÃO E DESMOBILIZAÇÃO",null,"REGIÃO:",null,null,null,"TO",null,"UNIDADE: ","R$/Tonelada/ Projeto"]
["EQUIPAMENTO"]
["DISCRIMINAÇÃO","UNIDADE","QUANT. PROD.","QUANT. IMPROD.","COD.",null,"FONTE","P.UNIT. PROD","P.UNIT. IMPR","P.TOTAL"]
[{"$nulls":9},{"$f":"C5*E5*H5+C5*G5*I5","v":0}]
["SUB-TOTAL",{"$nulls":8},{"$f":"SUM(J5:J5)","v":0}]
["MATERIAL"]
["DISCRIMINAÇÃO","UNIDADE","QUANT.",null,"COD.",null,"FONTE",null,"P.UNIT.","P.TOTAL"]
[{"$nulls":9},"Toneladas/ Projeto"]
[{"$nulls":9},{"$f":"C10*I10","v":0}]
["SUB-TOTAL",{"$nulls":8},{"$f":"SUM(J9:J10)","v":0}]
["SERVIÇOS - COMPOSIÇÕES AUXILIARES"]
["DISCRIMINAÇÃO","UNIDADE","QUANT.",null,"COD.",null,"FONTE",null,"P.UNIT.","P.TOTAL"]
["TRANSPORTE COM CAVALO MECÂNICO COM SEMIRREBOQUE COM CAPACIDADE DE 30 T - RODOVIA PAVIMENTADA","t*km",{"$f":"'CPU (DF)'!C14","v":1},null,5914640,null,"SICRO TO 01/2023",null,{"$f":"VLOOKUP(E14,[57]Sheet1!$A:$D,4,FALSE)","v":0.57999999999999996},{"$f":"C14*I14","v":0.57999999999999996}]
["SUB-TOTAL",{"$nulls":8},{"$f":"SUM(J14:J14)","v":0.57999999999999996}]
["MÃO DE OBRA"]
["DISCRIMINAÇÃO","UNIDADE","QUANT.",{"$nulls":5},"P.UNIT.","P.TOTAL"]
[{"$nulls":9},{"$f":"C18*I18","v":0}]
["SUB-TOTAL",{"$nulls":8},{"$f":"SUM(J18:J18)","v":0}]
["PRODUÇÃO DA EQUIPE (MOB E DESMOB) EM km",{"$f":"VLOOKUP(G2,DMT!D:E,2)*2","v":656.8},"CUSTO ",{"$nulls":6},{"$f":"J19+J15+J11+J6","v":0.57999999999999996}]
["TOTAL",{"$nulls":8},{"$f":"J20*B20","v":380.94399999999996}]
["BDI                %",{"$nulls":8},24.1]
["TOTAL DO SERVIÇO - R$",{"$nulls":8},{"$f":"J21*(1+J22/100)","v":472.75150400000001}]
[]
[" COMPOSIÇÃO DE PREÇO UNITÁRIO"]
["LOCAÇÃO E CONSTRUÇÃO DE TERRAÇOS - INCLUSIVE SOLOS DUROS E SECOS",{"$nulls":7},"UNIDADE: ","km"]
["EQUIPAMENTO"]
["DISCRIMINAÇÃO","UNIDADE","QUANT. PROD.","QUANT. IMPROD.","COD. P","COD. I","FONTE","CHP","CHI","P.TOTAL"]
["TRATOR DE ESTEIRAS, POTÊNCIA 125 HP, PESO OPERACIONAL 12,9 T, COM LÂMINA 2,7 M3","H",{"$f":"'CPU (DF)'!C29","v":7.0588235294117654},{"$f":"'CPU (DF)'!D29","v":2.3529411764705883},5851,5853,"SINAPI TO 06/223",{"$f":"VLOOKUP(E29,[58]planilhanull!$G$7:$K$7520,5,FALSE)","v":207.97},{"$f":"VLOOKUP(F29,[58]planilhanull!$G$7:$K$7520,5,FALSE)","v":63.33},{"$f":"C29*H29+D29*I29","v":1617.0352941176473}]
["VEÍCULO DE PASSEIO PARA DESLOCAMENTO DA EQUIPE","H",{"$f":"'CPU (DF)'!C30","v":0.93749999999999989},{"$f":"'CPU (DF)'!D30","v":1.5624999999999998},"E9093","E9093","SICRO TO 01/2023",{"$f":"VLOOKUP(E30,[59]Sheet1!$A:$K,10,FALSE)","v":34.868499999999997},{"$f":"VLOOKUP(F30,[59]Sheet1!$A:$K,11,FALSE)","v":6.3822000000000001},{"$f":"C30*H30+D30*I30","v":42.661406249999992}]
["CAMINHONETE CABINE SIMPLES COM MOTOR 1.6 FLEX, CÂMBIO MANUAL, POTÊNCIA 101/104 CV, 2 PORTAS","H",{"$f":"'CPU (DF)'!C31","v":0.5625},{"$f":"'CPU (DF)'!D31","v":0.93749999999999989},92145,92146,"SINAPI TO 06/223",{"$f":"VLOOKUP(E31,[58]planilhanull!$G$7:$K$7520,5,FALSE)","v":69.86},{"$f":"VLOOKUP(F31,[58]planilhanull!$G$7:$K$7520,5,FALSE)","v":25.23},{"$f":"C31*H31+D31*I31","v":62.949375000000003}]
["SUB-TOTAL",{"$nulls":8},{"$f":"SUM(J29:J31)","v":1722.6460753676472}]
["MATERIAL"]
["DISCRIMINAÇÃO","UNIDADE","QUANT.",null,"COD.",null,"FONTE",null,"P.UNIT.","P.TOTAL"]
[]
["SUB-TOTAL",{"$nulls":8},{"$f":"SUM(J35:J35)","v":0}]
["SERVIÇOS - COMPOSIÇÕES AUXILIARES"]
["DISCRIMINAÇÃO","UNIDADE","QUANT.",null,"COD.",null,"FONTE",null,"P.UNIT.","P.TOTAL"]
["LOCAÇÃO E NIVELAMENTO DE TERRAÇOS COM TOPOGRAFIA","KM",{"$f":"'CPU (DF)'!C39","v":1},null,"COMPOSIÇÃO",null,null,null,{"$f":"J75","v":152.87},{"$f":"C39*I39","v":152.87}]
["REVESTIMENTO VEGETAL POR SEMEADURA A LANÇO MANUAL DE GRAMÍNEAS E LEGUMINOSAS","m²",{"$f":"'CPU (DF)'!C40","v":1000},null,4413993,null,"SICRO TO 01/2023",null,{"$f":"VLOOKUP(E40,[57]Sheet1!$A:$D,4,FALSE)","v":0.64},{"$f":"C40*I40","v":640}]
["SUB-TOTAL",{"$nulls":8},{"$f":"SUM(J39:J40)","v":792.87}]
["MÃO DE OBRA"]
["DISCRIMINAÇÃO","UNIDADE","QUANT.",null,"COD. P","COD. I","FONTE",null,"P.UNIT.","P.TOTAL"]
["ENGENHEIRO COM ENCARGO","MES",{"$f":"'CPU (DF)'!C44","v":5.681818181818182E-3},null,93565,null,"SINAPI TO 06/223",null,{"$f":"VLOOKUP(E44,[58]planilhanull!$G$7:$K$7520,5,FALSE)","v":19313.490000000002},{"$f":"C44*I44","v":109.73573863636365}]
["SERVENTE COM ENCARGOS COMPLEMENTARES - INLUSIVE ABERTURA E FECHAMENTO DE CERCAS","MES",{"$f":"'CPU (DF)'!C45","v":5.3475935828877004E-2},null,101452,null,"SINAPI TO 06/223",null,{"$f":"VLOOKUP(E45,[58]planilhanull!$G$7:$K$7520,5,FALSE)","v":3229.33},{"$f":"C45*I45","v":172.69144385026738}]
["ENCARREGADO COM ENCARGO","MES",{"$f":"'CPU (DF)'!C46","v":1.7045454545454544E-2},null,93572,null,"SINAPI TO 06/223",null,{"$f":"VLOOKUP(E46,[58]planilhanull!$G$7:$K$7520,5,FALSE)","v":4806.8500000000004},{"$f":"C46*I46","v":81.934943181818184}]
["SUB-TOTAL",{"$nulls":8},{"$f":"SUM(J44:J46)","v":364.36212566844921}]
["PRODUÇÃO DA EQUIPE MÊS 22 KM, MAS COM FATOR DE REDUÇÃO PARA PÉRIODOS COM CHUVAS ",{"$f":"'CPU (DF)'!B48","v":18.7},"CUSTO ",{"$nulls":6},{"$f":"J47+J41+J36+J32","v":2879.8782010360965}]
["TOTAL",{"$nulls":8},{"$f":"ROUND(J48,2)","v":2879.88}]
["BDI                %",{"$nulls":8},24.1]
["TOTAL DO SERVIÇO - R$",{"$nulls":8},{"$f":"ROUND(J49*(1+J50/100),2)","v":3573.93}]
[]
[" COMPOSIÇÃO DE PREÇO UNITÁRIO"]
["LOCAÇÃO E NIVELAMENTO DE TERRAÇOS COM TOPOGRAFIA",{"$nulls":7},"UNIDADE: ","km"]
["EQUIPAMENTO"]
["DISCRIMINAÇÃO","UNIDADE","QUANT. PROD.","QUANT. IMPROD.","COD. P","COD. I","FONTE","CHP/ P.UNIT.","CHI","P.TOTAL"]
["NIVEL OPTICO, COM PRECISAO DE 0,7 MM, AUMENTO DE 32X","H",{"$f":"'CPU (DF)'!C57","v":0.99609374999999989},null,7252,null,"SINAPI TO 06/223",{"$f":"VLOOKUP(E57,[60]sheet1!$A$1:$E$65536,5,FALSE)","v":2.25},null,{"$f":"C57*H57+D57*I57","v":2.2412109374999996}]
["TEODOLITO ELETRONICO, PRECISAO ANGULAR DE 5 A 7 SEGUNDOS, INCLUINDO TRIPE","H",{"$f":"'CPU (DF)'!C58","v":0.99609374999999989},null,7247,null,"SINAPI TO 06/223",{"$f":"VLOOKUP(E58,[60]sheet1!$A$1:$E$65536,5,FALSE)","v":2.25},null,{"$f":"C58*H58+D58*I58","v":2.2412109374999996}]
["CAMINHONETE CABINE SIMPLES COM MOTOR 1.6 FLEX, CÂMBIO MANUAL, POTÊNCIA 101/104 CV, 2 PORTAS","H",{"$f":"'CPU (DF)'!C59","v":0.37353515624999994},{"$f":"'CPU (DF)'!D59","v":0.62255859375},92145,92146,"SINAPI TO 06/223",{"$f":"H31","v":69.86},{"$f":"I31","v":25.23},{"$f":"C59*H59+D59*I59","v":41.802319335937497}]
["SUB-TOTAL",{"$nulls":8},{"$f":"SUM(J57:J59)","v":46.284741210937497}]
["MATERIAL"]
["DISCRIMINAÇÃO","UNIDADE","QUANT.",null,"COD.",null,null,null,"P.UNIT.","P.TOTAL"]
["ESTACA/PIQUETE DE MADEIRA","U",{"$f":"'CPU (DF)'!C63","v":83.333333333333329},null,4408,null,"SINAPI TO 06/223",null,{"$f":"VLOOKUP(E63,[60]sheet1!$A$1:$E$65536,5,FALSE)*0.4","v":0.91199999999999992},{"$f":"C63*I63","v":75.999999999999986}]
["SUB-TOTAL",{"$nulls":8},{"$f":"SUM(J63:J63)","v":75.999999999999986}]
["SERVIÇOS - COMPOSIÇÕES AUXILIARES"]
["DISCRIMINAÇÃO","UNIDADE","QUANT.",{"$nulls":5},"P.UNIT.","P.TOTAL"]
[]
["SUB-TOTAL"]
["MÃO DE OBRA"]
["DISCRIMINAÇÃO","UNIDADE","QUANT.",null,"COD. P","COD. I",null,null,"P.UNIT.","P.TOTAL"]
["AUXILIAR DE TOPOGRÁFO COM ENCARGOS","MÊS",{"$f":"'CPU (DF)'!C71","v":5.6596235795454541E-3},null,101389,null,"SINAPI TO 06/223",null,{"$f":"VLOOKUP(E71,[58]planilhanull!$G$7:$K$7520,5,FALSE)","v":1817.7},{"$f":"C71*I71","v":10.287497780539772}]
["TOPOGRAFO COM ENCARGOS","MÊS",{"$f":"'CPU (DF)'!C72","v":5.6596235795454541E-3},null,94296,null,"SINAPI TO 06/223",null,{"$f":"VLOOKUP(E72,[58]planilhanull!$G$7:$K$7520,5,FALSE)","v":3586.55},{"$f":"C72*I72","v":20.29852294921875}]
["SUB-TOTAL",{"$nulls":8},{"$f":"SUM(J71:J72)","v":30.586020729758523}]
["PRODUÇÃO MENSAL DA EQUIPE",{"$f":"'CPU (DF)'!B74","v":46.93333333333333},"CUSTO ",{"$nulls":6},{"$f":"J73+J68+J64+J60","v":152.87076194069601}]
["TOTAL",{"$nulls":8},{"$f":"ROUND(J74,2)","v":152.87}]
["BDI                %",{"$nulls":8},24.1]
["TOTAL DO SERVIÇO - R$",{"$nulls":8},{"$f":"ROUND(J75*(1+J76/100),2)","v":189.71}]
[]
[" COMPOSIÇÃO DE PREÇO UNITÁRIO"]
["LOCAÇÃO E CONSTRUÇÃO DE BACIAS DE CAPTAÇÃO DE ENXURRADA (4 METROS DE RAIO)",{"$nulls":7},"UNIDADE: ","UNID."]
["EQUIPAMENTO"]
["DISCRIMINAÇÃO","UNIDADE","QUANT. PROD.","QUANT. IMPROD.","COD. P","COD. I","FONTE","CHP/ P.UNIT.","CHI","P.TOTAL"]
["NIVEL OPTICO, COM PRECISAO DE 0,7 MM, AUMENTO DE 32X","H",{"$f":"'CPU (DF)'!C83","v":0.59999999999999987},null,7252,null,"SINAPI TO 06/223",{"$f":"$H$57","v":2.25},null,{"$f":"C83*H83+D83*I83","v":1.3499999999999996}]
["TEODOLITO ELETRONICO, PRECISAO ANGULAR DE 5 A 7 SEGUNDOS, INCLUINDO TRIPE","H",{"$f":"'CPU (DF)'!C84","v":0.59999999999999987},null,7247,null,"SINAPI TO 06/223",{"$f":"$H$58","v":2.25},null,{"$f":"C84*H84+D84*I84","v":1.3499999999999996}]
["PÁ CARREGADEIRA SOBRE RODAS, POTÊNCIA LÍQUIDA 128 HP, CAPACIDADE DA CAÇAMBA 1,7 A 2,8 M³","H",{"$f":"'CPU (DF)'!C85","v":0.77795298165137616},{"$f":"'CPU (DF)'!D85","v":0.25931766055045874},5940,5942,"SINAPI TO 06/223",{"$f":"VLOOKUP(E85,[58]planilhanull!$G$7:$K$7520,5,FALSE)","v":163.83000000000001},{"$f":"VLOOKUP(F85,[58]planilhanull!$G$7:$K$7520,5,FALSE)","v":61.99},{"$f":"C85*H85+D85*I85","v":143.52713876146791}]
["VEÍCULO DE PASSEIO PARA DESLOCAMENTO DA EQUIPE","H",{"$f":"'CPU (DF)'!C86","v":0.23437500000000003},{"$f":"'CPU (DF)'!D86","v":0.39062500000000006},"E9093",null,"SICRO TO 01/2023",{"$f":"$H$30","v":34.868499999999997},{"$f":"$I$30","v":6.3822000000000001},{"$f":"C86*H86+D86*I86","v":10.665351562500001}]
["CAMINHONETE CABINE SIMPLES COM MOTOR 1.6 FLEX, CÂMBIO MANUAL, POTÊNCIA 101/104 CV, 2 PORTAS","H",{"$f":"'CPU (DF)'!C87","v":0.60937499999999989},{"$f":"'CPU (DF)'!D87","v":0.36562499999999998},92145,92146,"SINAPI TO 06/223",{"$f":"$H$31","v":69.86},{"$f":"$I$31","v":25.23},{"$f":"C87*H87+D87*I87","v":51.795656249999993}]
["SUB-TOTAL",{"$nulls":8},{"$f":"SUM(J83:J87)","v":208.68814657396791}]
["MATERIAL"]
["DISCRIMINAÇÃO","UNIDADE","QUANT.",null,"COD.",null,null,null,"P.UNIT.","P.TOTAL"]
["ESTACA/PIQUETE DE MADEIRA","U",{"$f":"'CPU (DF)'!C91","v":12},null,4408,null,"SINAPI TO 06/223",null,{"$f":"$I$63","v":0.91199999999999992},{"$f":"C91*I91","v":10.943999999999999}]
["SUB-TOTAL",{"$nulls":8},{"$f":"SUM(J91:J91)","v":10.943999999999999}]
["SERVIÇOS - COMPOSIÇÕES AUXILIARES"]
["DISCRIMINAÇÃO","UNIDADE","QUANT.",{"$nulls":5},"P.UNIT.","P.TOTAL"]
["REVESTIMENTO VEGETAL POR SEMEADURA A LANÇO MANUAL DE GRAMÍNEAS E LEGUMINOSAS","m²",{"$f":"'CPU (DF)'!C95","v":50.26548245743669},null,4413993,null,"SICRO TO 01/2023",null,{"$f":"VLOOKUP(E95,[57]Sheet1!$A:$D,4,FALSE)","v":0.64},{"$f":"C95*I95","v":32.169908772759484}]
["SUB-TOTAL",{"$nulls":8},{"$f":"SUM(J95:J95)","v":32.169908772759484}]
["MÃO DE OBRA"]
["DISCRIMINAÇÃO","UNIDADE","QUANT.",null,"COD. P","COD. I",null,null,"P.UNIT.","P.TOTAL"]
["ENGENHEIRO COM ENCARGO","MÊS",{"$f":"'CPU (DF)'!C99","v":1.4204545454545455E-3},null,93565,null,"SINAPI TO 06/223",null,{"$f":"$I$44","v":19313.490000000002},{"$f":"C99*I99","v":27.433934659090912}]
["ENCARREGADO COM ENCARGO","MÊS",{"$f":"'CPU (DF)'!C100","v":4.2613636363636369E-3},null,93572,null,"SINAPI TO 06/223",null,{"$f":"$I$46","v":4806.8500000000004},{"$f":"C100*I100","v":20.48373579545455}]
["TOPOGRAFO COM ENCARGOS","MÊS",{"$f":"'CPU (DF)'!C101","v":3.4090909090909085E-3},null,94296,null,"SINAPI TO 06/223",null,{"$f":"$I$72","v":3586.55},{"$f":"C101*I101","v":12.226874999999998}]
["AUXILIAR DE TOPOGRÁFO COM ENCARGOS","MÊS",{"$f":"'CPU (DF)'!C102","v":3.4090909090909085E-3},null,101389,null,"SINAPI TO 06/223",null,{"$f":"$I$71","v":1817.7},{"$f":"C102*I102","v":6.1967045454545442}]
["SERVENTE COM ENCARGOS COMPLEMENTARES - INLUSIVE ABERTURA E FECHAMENTO DE CERCAS","MES",{"$f":"'CPU (DF)'!C103","v":5.893583194328607E-3},null,101452,null,"SINAPI TO 06/223",null,{"$f":"$I$45","v":3229.33},{"$f":"C103*I103","v":19.032325016941201}]
["SUB-TOTAL",{"$nulls":8},{"$f":"SUM(J99:J103)","v":85.373575016941203}]
["PRODUÇÃO MENSAL DA EQUIPE",{"$f":"'CPU (DF)'!B105","v":169.67606412382531},"CUSTO ",{"$nulls":6},{"$f":"J104+J96+J92+J88","v":337.17563036366857}]
["TOTAL",{"$nulls":8},{"$f":"ROUND(J105,2)","v":337.18}]
["BDI                %",{"$nulls":8},24.1]
["TOTAL DO SERVIÇO - R$",{"$nulls":8},{"$f":"ROUND(J106*(1+J107/100),2)","v":418.44}]
[]
[]
[" COMPOSIÇÃO DE PREÇO UNITÁRIO"]
["LOCAÇÃO E CONSTRUÇÃO DE BACIAS DE CAPTAÇÃO DE ENXURRADA (6 METROS DE RAIO)",{"$nulls":7},"UNIDADE: ","UNID."]
["EQUIPAMENTO"]
["DISCRIMINAÇÃO","UNIDADE","QUANT. PROD.","QUANT. IMPROD.","COD. P","COD. I","FONTE","CHP/ P.UNIT.","CHI","P.TOTAL"]
["NIVEL OPTICO, COM PRECISAO DE 0,7 MM, AUMENTO DE 32X","H",{"$f":"'CPU (DF)'!C115","v":0.59999999999999987},null,7252,null,"SINAPI TO 06/223",{"$f":"$H$57","v":2.25},null,{"$f":"C115*H115+D115*I115","v":1.3499999999999996}]
["TEODOLITO ELETRONICO, PRECISAO ANGULAR DE 5 A 7 SEGUNDOS, INCLUINDO TRIPE","H",{"$f":"'CPU (DF)'!C116","v":0.59999999999999987},null,7247,null,"SINAPI TO 06/223",{"$f":"$H$58","v":2.25},null,{"$f":"C116*H116+D116*I116","v":1.3499999999999996}]
["PÁ CARREGADEIRA SOBRE RODAS, POTÊNCIA LÍQUIDA 128 HP, CAPACIDADE DA CAÇAMBA 1,7 A 2,8 M³","H",{"$f":"'CPU (DF)'!C117","v":1.5361668577981655},{"$f":"'CPU (DF)'!D117","v":0.51205561926605514},5940,5942,"SINAPI TO 06/223",{"$f":"$H$85","v":163.83000000000001},{"$f":"$I$85","v":61.99},{"$f":"C117*H117+D117*I117","v":283.41254415137621}]
["VEÍCULO DE PASSEIO PARA DESLOCAMENTO DA EQUIPE","H",{"$f":"'CPU (DF)'!C118","v":0.25},{"$f":"'CPU (DF)'!D118","v":0.41666666666666669},"E9093",null,"SICRO TO 01/2023",{"$f":"$H$30","v":34.868499999999997},{"$f":"$I$30","v":6.3822000000000001},{"$f":"C118*H118+D118*I118","v":11.376374999999999}]
["CAMINHONETE CABINE SIMPLES COM MOTOR 1.6 FLEX, CÂMBIO MANUAL, POTÊNCIA 101/104 CV, 2 PORTAS","H",{"$f":"'CPU (DF)'!C119","v":0.62499999999999989},{"$f":"'CPU (DF)'!D119","v":0.375},92145,92146,"SINAPI TO 06/223",{"$f":"$H$31","v":69.86},{"$f":"$I$31","v":25.23},{"$f":"C119*H119+D119*I119","v":53.123749999999994}]
["SUB-TOTAL",{"$nulls":8},{"$f":"SUM(J115:J119)","v":350.61266915137617}]
["MATERIAL"]
["DISCRIMINAÇÃO","UNIDADE","QUANT.",null,"COD.",null,null,null,"P.UNIT.","P.TOTAL"]
["ESTACA/PIQUETE DE MADEIRA","U",{"$f":"'CPU (DF)'!C123","v":12},null,4408,null,"SINAPI TO 06/223",null,{"$f":"$I$63","v":0.91199999999999992},{"$f":"C123*I123","v":10.943999999999999}]
["SUB-TOTAL",{"$nulls":8},{"$f":"SUM(J123:J123)","v":10.943999999999999}]
["SERVIÇOS - COMPOSIÇÕES AUXILIARES"]
["DISCRIMINAÇÃO","UNIDADE","QUANT.",{"$nulls":5},"P.UNIT.","P.TOTAL"]
["REVESTIMENTO VEGETAL POR SEMEADURA A LANÇO MANUAL DE GRAMÍNEAS E LEGUMINOSAS","m²",{"$f":"'CPU (DF)'!C127","v":94.247779607693786},null,4413993,null,"SICRO TO 01/2023",null,{"$f":"VLOOKUP(E127,[57]Sheet1!$A:$D,4,FALSE)","v":0.64},{"$f":"C127*I127","v":60.318578948924028}]
["SUB-TOTAL",{"$nulls":8},{"$f":"SUM(J127:J127)","v":60.318578948924028}]
["MÃO DE OBRA"]
["DISCRIMINAÇÃO","UNIDADE","QUANT.",null,"COD. P","COD. I",null,null,"P.UNIT.","P.TOTAL"]
["ENGENHEIRO COM ENCARGO","MÊS",{"$f":"'CPU (DF)'!C131","v":1.5151515151515152E-3},null,93565,null,"SINAPI TO 06/223",null,{"$f":"$I$44","v":19313.490000000002},{"$f":"C131*I131","v":29.26286363636364}]
["ENCARREGADO COM ENCARGO","MÊS",{"$f":"'CPU (DF)'!C132","v":4.5454545454545452E-3},null,93572,null,"SINAPI TO 06/223",null,{"$f":"$I$46","v":4806.8500000000004},{"$f":"C132*I132","v":21.849318181818184}]
["TOPOGRAFO COM ENCARGOS","MÊS",{"$f":"'CPU (DF)'!C133","v":3.4090909090909085E-3},null,94296,null,"SINAPI TO 06/223",null,{"$f":"$I$72","v":3586.55},{"$f":"C133*I133","v":12.226874999999998}]
["AUXILIAR DE TOPOGRÁFO COM ENCARGOS","MÊS",{"$f":"'CPU (DF)'!C134","v":3.4090909090909085E-3},null,101389,null,"SINAPI TO 06/223",null,{"$f":"$I$71","v":1817.7},{"$f":"C134*I134","v":6.1967045454545442}]
["SERVENTE COM ENCARGOS COMPLEMENTARES - INLUSIVE ABERTURA E FECHAMENTO DE CERCAS","MES",{"$f":"'CPU (DF)'!C135","v":1.1637627710592161E-2},null,101452,null,"SINAPI TO 06/223",null,{"$f":"$I$45","v":3229.33},{"$f":"C135*I135","v":37.581740294646579}]
["SUB-TOTAL",{"$nulls":8},{"$f":"SUM(J131:J135)","v":107.11750165828295}]
["PRODUÇÃO MENSAL DA EQUIPE",{"$f":"'CPU (DF)'!B137","v":85.928165504885072},"CUSTO ",{"$nulls":6},{"$f":"J136+J128+J124+J120","v":528.99274975858316}]
["TOTAL",{"$nulls":8},{"$f":"ROUND(J137,2)","v":528.99}]
["BDI                %",{"$nulls":8},24.1]
["TOTAL DO SERVIÇO - R$",{"$nulls":8},{"$f":"ROUND(J138*(1+J139/100),2)","v":656.48}]
[]
[" COMPOSIÇÃO DE PREÇO UNITÁRIO"]
["LOCAÇÃO E CONSTRUÇÃO DE BACIAS DE CAPTAÇÃO DE ENXURRADA (9 METROS DE RAIO)",{"$nulls":7},"UNIDADE: ","UNID."]
["EQUIPAMENTO"]
["DISCRIMINAÇÃO","UNIDADE","QUANT. PROD.","QUANT. IMPROD.","COD. P","COD. I","FONTE","CHP/ P.UNIT.","CHI","P.TOTAL"]
["NIVEL OPTICO, COM PRECISAO DE 0,7 MM, AUMENTO DE 32X","H",{"$f":"'CPU (DF)'!C146","v":0.65},null,7252,null,"SINAPI TO 06/223",{"$f":"$H$57","v":2.25},null,{"$f":"C146*H146+D146*I146","v":1.4625000000000001}]
["TEODOLITO ELETRONICO, PRECISAO ANGULAR DE 5 A 7 SEGUNDOS, INCLUINDO TRIPE","H",{"$f":"'CPU (DF)'!C147","v":0.65},null,7247,null,"SINAPI TO 06/223",{"$f":"$H$58","v":2.25},null,{"$f":"C147*H147+D147*I147","v":1.4625000000000001}]
["PÁ CARREGADEIRA SOBRE RODAS, POTÊNCIA LÍQUIDA 128 HP, CAPACIDADE DA CAÇAMBA 1,7 A 2,8 M³","H",{"$f":"'CPU (DF)'!C148","v":3.7389908256880737},{"$f":"'CPU (DF)'!D148","v":1.2463302752293579},5940,5942,"SINAPI TO 06/223",{"$f":"$H$85","v":163.83000000000001},{"$f":"$I$85","v":61.99},{"$f":"C148*H148+D148*I148","v":689.81888073394509}]
["VEÍCULO DE PASSEIO PARA DESLOCAMENTO DA EQUIPE","H",{"$f":"'CPU (DF)'!C149","v":0.265625},{"$f":"'CPU (DF)'!D149","v":0.44270833333333331},"E9093",null,"SICRO TO 01/2023",{"$f":"$H$30","v":34.868499999999997},{"$f":"$I$30","v":6.3822000000000001},{"$f":"C149*H149+D149*I149","v":12.087398437499999}]
["CAMINHONETE CABINE SIMPLES COM MOTOR 1.6 FLEX, CÂMBIO MANUAL, POTÊNCIA 101/104 CV, 2 PORTAS","H",{"$f":"'CPU (DF)'!C150","v":0.671875},{"$f":"'CPU (DF)'!D150","v":0.40312500000000007},92145,92146,"SINAPI TO 06/223",{"$f":"$H$31","v":69.86},{"$f":"$I$31","v":25.23},{"$f":"C150*H150+D150*I150","v":57.108031250000003}]
["SUB-TOTAL",{"$nulls":8},{"$f":"SUM(J146:J150)","v":761.93931042144504}]
["MATERIAL"]
["DISCRIMINAÇÃO","UNIDADE","QUANT.",null,"COD.",null,null,null,"P.UNIT.","P.TOTAL"]
["ESTACA/PIQUETE DE MADEIRA","U",{"$f":"'CPU (DF)'!C154","v":12},null,4408,null,"SINAPI TO 06/223",null,{"$f":"$I$63","v":0.91199999999999992},{"$f":"C154*I154","v":10.943999999999999}]
["SUB-TOTAL",{"$nulls":8},{"$f":"SUM(J154:J154)","v":10.943999999999999}]
["SERVIÇOS - COMPOSIÇÕES AUXILIARES"]
["DISCRIMINAÇÃO","UNIDADE","QUANT.",{"$nulls":5},"P.UNIT.","P.TOTAL"]
["REVESTIMENTO VEGETAL POR SEMEADURA A LANÇO MANUAL DE GRAMÍNEAS E LEGUMINOSAS","m²",{"$f":"'CPU (DF)'!C158","v":169.64600329384882},null,4413993,null,"SICRO TO 01/2023",null,{"$f":"VLOOKUP(E158,[57]Sheet1!$A:$D,4,FALSE)","v":0.64},{"$f":"C158*I158","v":108.57344210806325}]
["SUB-TOTAL",{"$nulls":8},{"$f":"SUM(J158:J158)","v":108.57344210806325}]
["MÃO DE OBRA"]
["DISCRIMINAÇÃO","UNIDADE","QUANT.",null,"COD. P","COD. I",null,null,"P.UNIT.","P.TOTAL"]
["ENGENHEIRO COM ENCARGO","MÊS",{"$f":"'CPU (DF)'!C162","v":1.6098484848484848E-3},null,93565,null,"SINAPI TO 06/223",null,{"$f":"$I$44","v":19313.490000000002},{"$f":"C162*I162","v":31.091792613636365}]
["ENCARREGADO COM ENCARGO","MÊS",{"$f":"'CPU (DF)'!C163","v":4.8295454545454544E-3},null,93572,null,"SINAPI TO 06/223",null,{"$f":"$I$46","v":4806.8500000000004},{"$f":"C163*I163","v":23.214900568181818}]
["TOPOGRAFO COM ENCARGOS","MÊS",{"$f":"'CPU (DF)'!C164","v":3.6931818181818185E-3},null,94296,null,"SINAPI TO 06/223",null,{"$f":"$I$72","v":3586.55},{"$f":"C164*I164","v":13.245781250000002}]
["AUXILIAR DE TOPOGRÁFO COM ENCARGOS","MÊS",{"$f":"'CPU (DF)'!C165","v":3.6931818181818185E-3},null,101389,null,"SINAPI TO 06/223",null,{"$f":"$I$71","v":1817.7},{"$f":"C165*I165","v":6.7130965909090916}]
["SERVENTE COM ENCARGOS COMPLEMENTARES - INLUSIVE ABERTURA E FECHAMENTO DE CERCAS","MES",{"$f":"'CPU (DF)'!C166","v":2.83256880733945E-2},null,101452,null,"SINAPI TO 06/223",null,{"$f":"$I$45","v":3229.33},{"$f":"C166*I166","v":91.472994266055053}]
["SUB-TOTAL",{"$nulls":8},{"$f":"SUM(J162:J166)","v":165.73856528878233}]
["PRODUÇÃO MENSAL DA EQUIPE",{"$f":"'CPU (DF)'!B168","v":35.30364372469635},"CUSTO ",{"$nulls":6},{"$f":"J167+J159+J155+J151","v":1047.1953178182907}]
["TOTAL",{"$nulls":8},{"$f":"ROUND(J168,2)","v":1047.2}]
["BDI                %",{"$nulls":8},24.1]
["TOTAL DO SERVIÇO - R$",{"$nulls":8},{"$f":"ROUND(J169*(1+J170/100),2)","v":1299.58}]
[]
[]
[" COMPOSIÇÃO DE PREÇO UNITÁRIO"]
["LOCAÇÃO E CONSTRUÇÃO DE BACIAS DE CAPTAÇÃO DE ENXURRADA (12 METROS DE RAIO)",{"$nulls":7},"UNIDADE: ","UNID."]
["EQUIPAMENTO"]
["DISCRIMINAÇÃO","UNIDADE","QUANT. PROD.","QUANT. IMPROD.","COD. P","COD. I","FONTE","CHP/ P.UNIT.","CHI","P.TOTAL"]
["NIVEL OPTICO, COM PRECISAO DE 0,7 MM, AUMENTO DE 32X","H",{"$f":"'CPU (DF)'!C178","v":0.65},null,7252,null,"SINAPI TO 06/223",{"$f":"$H$57","v":2.25},null,{"$f":"C178*H178+D178*I178","v":1.4625000000000001}]
["TEODOLITO ELETRONICO, PRECISAO ANGULAR DE 5 A 7 SEGUNDOS, INCLUINDO TRIPE","H",{"$f":"'CPU (DF)'!C179","v":0.65},null,7247,null,"SINAPI TO 06/223",{"$f":"$H$58","v":2.25},null,{"$f":"C179*H179+D179*I179","v":1.4625000000000001}]
["PÁ CARREGADEIRA SOBRE RODAS, POTÊNCIA LÍQUIDA 128 HP, CAPACIDADE DA CAÇAMBA 1,7 A 2,8 M³","H",{"$f":"'CPU (DF)'!C180","v":6},{"$f":"'CPU (DF)'!D180","v":2},5940,5942,"SINAPI TO 06/223",{"$f":"$H$85","v":163.83000000000001},{"$f":"$I$85","v":61.99},{"$f":"C180*H180+D180*I180","v":1106.96}]
["VEÍCULO DE PASSEIO PARA DESLOCAMENTO DA EQUIPE","H",{"$f":"'CPU (DF)'!C181","v":0.28125},{"$f":"'CPU (DF)'!D181","v":0.46874999999999994},"E9093",null,"SICRO TO 01/2023",{"$f":"$H$30","v":34.868499999999997},{"$f":"$I$30","v":6.3822000000000001},{"$f":"C181*H181+D181*I181","v":12.798421874999999}]
["CAMINHONETE CABINE SIMPLES COM MOTOR 1.6 FLEX, CÂMBIO MANUAL, POTÊNCIA 101/104 CV, 2 PORTAS","H",{"$f":"'CPU (DF)'!C182","v":0.6875},{"$f":"'CPU (DF)'!D182","v":0.41250000000000009},92145,92146,"SINAPI TO 06/223",{"$f":"$H$31","v":69.86},{"$f":"$I$31","v":25.23},{"$f":"C182*H182+D182*I182","v":58.436125000000004}]
["SUB-TOTAL",{"$nulls":8},{"$f":"SUM(J178:J182)","v":1181.119546875}]
["MATERIAL"]
["DISCRIMINAÇÃO","UNIDADE","QUANT.",null,"COD.",null,null,null,"P.UNIT.","P.TOTAL"]
["ESTACA/PIQUETE DE MADEIRA","U",{"$f":"'CPU (DF)'!C186","v":16},null,4408,null,"SINAPI TO 06/223",null,{"$f":"$I$63","v":0.91199999999999992},{"$f":"C186*I186","v":14.591999999999999}]
["SUB-TOTAL",{"$nulls":8},{"$f":"SUM(J186:J186)","v":14.591999999999999}]
["SERVIÇOS - COMPOSIÇÕES AUXILIARES"]
["DISCRIMINAÇÃO","UNIDADE","QUANT.",{"$nulls":5},"P.UNIT.","P.TOTAL"]
["REVESTIMENTO VEGETAL POR SEMEADURA A LANÇO MANUAL DE GRAMÍNEAS E LEGUMINOSAS","m²",{"$f":"'CPU (DF)'!C190","v":263.89378290154264},null,4413993,null,"SICRO TO 01/2023",null,{"$f":"VLOOKUP(E190,[57]Sheet1!$A:$D,4,FALSE)","v":0.64},{"$f":"C190*I190","v":168.89202105698729}]
["SUB-TOTAL",{"$nulls":8},{"$f":"SUM(J190:J190)","v":168.89202105698729}]
["MÃO DE OBRA"]
["DISCRIMINAÇÃO","UNIDADE","QUANT.",null,"COD. P","COD. I",null,null,"P.UNIT.","P.TOTAL"]
["ENGENHEIRO COM ENCARGO","MES",{"$f":"'CPU (DF)'!C194","v":1.7045454545454545E-3},null,93565,null,"SINAPI TO 06/223",null,{"$f":"$I$44","v":19313.490000000002},{"$f":"C194*I194","v":32.920721590909089}]
["ENCARREGADO COM ENCARGO","MES",{"$f":"'CPU (DF)'!C195","v":5.1136363636363636E-3},null,93572,null,"SINAPI TO 06/223",null,{"$f":"$I$46","v":4806.8500000000004},{"$f":"C195*I195","v":24.580482954545456}]
["TOPOGRAFO COM ENCARGOS","MÊS",{"$f":"'CPU (DF)'!C196","v":3.6931818181818181E-3},null,94296,null,"SINAPI TO 06/223",null,{"$f":"$I$72","v":3586.55},{"$f":"C196*I196","v":13.24578125}]
["AUXILIAR DE TOPOGRÁFO COM ENCARGOS","MÊS",{"$f":"'CPU (DF)'!C197","v":3.6931818181818181E-3},null,101389,null,"SINAPI TO 06/223",null,{"$f":"$I$71","v":1817.7},{"$f":"C197*I197","v":6.7130965909090907}]
["SERVENTE COM ENCARGOS COMPLEMENTARES - INLUSIVE ABERTURA E FECHAMENTO DE CERCAS","MES",{"$f":"'CPU (DF)'!C198","v":4.5454545454545456E-2},null,101452,null,"SINAPI TO 06/223",null,{"$f":"$I$45","v":3229.33},{"$f":"C198*I198","v":146.78772727272727}]
["SUB-TOTAL",{"$nulls":8},{"$f":"SUM(J194:J198)","v":224.2478096590909}]
["PRODUÇÃO DA EQUIPE ",{"$f":"'CPU (DF)'!B200","v":22},"CUSTO ",{"$nulls":6},{"$f":"J199+J191+J187+J183","v":1588.8513775910783}]
["TOTAL",{"$nulls":8},{"$f":"ROUND(J200,2)","v":1588.85}]
["BDI                %",{"$nulls":8},24.1]
["TOTAL DO SERVIÇO - R$",{"$nulls":8},{"$f":"ROUND(J201*(1+J202/100),2)","v":1971.76}]
[]
[" COMPOSIÇÃO DE PREÇO UNITÁRIO"]
["CERCAMENTO DE ÁREAS AMBIENTALMENTE VULNERÁVEIS À CAPRINOVINOCULTURA",{"$nulls":7},"UNIDADE: ","m"]
["EQUIPAMENTO"]
["DISCRIMINAÇÃO","UNIDADE","QUANT. PROD.","QUANT. IMPROD.","COD. P","COD. I","FONTE",null,"P.UNIT.","P.TOTAL"]
["NIVEL OPTICO, COM PRECISAO DE 0,7 MM, AUMENTO DE 32X","h",{"$f":"'CPU (DF)'!C209","v":5.000000000000001E-2},null,7252,null,"SINAPI TO 06/223",{"$f":"H178","v":2.25},null,{"$f":"C209*H209+D209*I209","v":0.11250000000000002}]
["TEODOLITO ELETRONICO, PRECISAO ANGULAR DE 5 A 7 SEGUNDOS, INCLUINDO TRIPE","h",{"$f":"'CPU (DF)'!C210","v":5.000000000000001E-2},null,7247,null,"SINAPI TO 06/223",{"$f":"H179","v":2.25},null,{"$f":"C210*H210+D210*I210","v":0.11250000000000002}]
["VEÍCULO DE PASSEIO PARA DESLOCAMENTO DA EQUIPE","h",{"$f":"'CPU (DF)'!C211","v":1.8382352941176468E-2},{"$f":"'CPU (DF)'!D211","v":3.063725490196078E-2},"E9093","E9093","SICRO TO 01/2023",{"$f":"H30","v":34.868499999999997},{"$f":"I30","v":6.3822000000000001},{"$f":"C211*H211+D211*I211","v":0.83649816176470559}]
["CAMINHONETE CABINE SIMPLES COM MOTOR 1.6 FLEX, CÂMBIO MANUAL, POTÊNCIA 101/104 CV, 2 PORTAS","h",{"$f":"'CPU (DF)'!C212","v":2.9779411764705884E-2},{"$f":"'CPU (DF)'!D212","v":4.9632352941176468E-2},92145,92146,"SINAPI TO 06/223",{"$f":"H31","v":69.86},{"$f":"I31","v":25.23},{"$f":"C212*H212+D212*I212","v":3.3326139705882349}]
["SUB-TOTAL",{"$nulls":8},{"$f":"SUM(J209:J212)","v":4.3941121323529408}]
["MATERIAL"]
["DISCRIMINAÇÃO","UNIDADE","QUANT.",null,"COD. P","COD. I","FONTE",null,"P.UNIT.","P.TOTAL"]
["MOURAO ROLICO DE MADEIRA TRATADA, D = 16 A 20 CM, H = 3,0 M, EM EUCALIPTO OU EQUIVALENTE DA REGIAO (PARA CERCA)","m",{"$f":"'CPU (DF)'!C216","v":0.12},null,4491,null,"SINAPI TO 06/223",null,{"$f":"I252","v":27.44},{"$f":"ROUND((I216*C216),2)","v":3.29}]
["MOURAO ROLICO DE MADEIRA TRATADA, D  ≥ 10 CM, H = 2,20 M, EM EUCALIPTO OU EQUIVALENTE DA REGIAO (PARA CERCA)","m",{"$f":"'CPU (DF)'!C217","v":0.52},null,21138,null,"SINAPI TO 06/223",null,{"$f":"I253","v":8.6999999999999993},{"$f":"ROUND((I217*C217),2)","v":4.5199999999999996}]
["ARAME FARPADO GALVANIZADO, 16 BWG (1,65 MM), CLASSE 250","m",{"$f":"'CPU (DF)'!C218","v":8},null,340,null,"SINAPI TO 06/223",null,{"$f":"I254","v":1.27},{"$f":"ROUND((I218*C218),2)","v":10.16}]
["GRAMPO DE ACO POLIDO 1 \" X 9","kg",{"$f":"'CPU (DF)'!C219","v":0.04},null,5076,null,"SINAPI TO 06/223",null,{"$f":"I255","v":20.55},{"$f":"ROUND((I219*C219),2)","v":0.82}]
["ESTACA/PIQUETE DE MADEIRA","U",{"$f":"'CPU (DF)'!C220","v":0.05},null,4408,null,"SINAPI TO 06/223",null,{"$f":"I63","v":0.91199999999999992},{"$f":"C220*I220","v":4.5600000000000002E-2}]
["SUB-TOTAL",{"$nulls":8},{"$f":"SUM(J216:J220)","v":18.835599999999999}]
["SERVIÇOS - COMPOSIÇÕES AUXILIARES"]
["DISCRIMINAÇÃO","UNIDADE","QUANT.",null,"COD.",null,"FONTE",null,"P.UNIT.","P.TOTAL"]
[]
["SUB-TOTAL",{"$nulls":8},{"$f":"J224","v":0}]
["MÃO DE OBRA"]
["DISCRIMINAÇÃO","UNIDADE","QUANT.",null,"COD. P","COD. I","FONTE",null,"P.UNIT.","P.TOTAL"]
["ENGENHEIRO COM ENCARGO","mês",{"$f":"'CPU (DF)'!C228","v":1.1140819964349375E-4},null,93565,null,"SINAPI TO 06/223",null,{"$f":"I194","v":19313.490000000002},{"$f":"C228*I228","v":2.1516811497326205}]
["ENCARREGADO COM ENCARGO","mês",{"$f":"'CPU (DF)'!C229","v":3.3422459893048126E-4},null,93572,null,"SINAPI TO 06/223",null,{"$f":"I195","v":4806.8500000000004},{"$f":"C229*I229","v":1.6065675133689841}]
["TOPOGRAFO COM ENCARGOS","mês",{"$f":"'CPU (DF)'!C230","v":2.8409090909090913E-4},null,94296,null,"SINAPI TO 06/223",null,{"$f":"I196","v":3586.55},{"$f":"C230*I230","v":1.0189062500000001}]
["AUXILIAR DE TOPOGRÁFO COM ENCARGOS","mês",{"$f":"'CPU (DF)'!C231","v":2.8409090909090913E-4},null,101389,null,"SINAPI TO 06/223",null,{"$f":"I197","v":1817.7},{"$f":"C231*I231","v":0.51639204545454553}]
["SERVENTE COM ENCARGOS COMPLEMENTARES - ABERTURA DE PICADAS, ESCAVAÇÃO MANUAL E ASSENTAMENTO DE MOURÕES","mês",{"$f":"'CPU (DF)'!C232","v":1.0101010101010101E-3},null,101452,null,"SINAPI TO 06/223",null,{"$f":"I198","v":3229.33},{"$f":"C232*I232","v":3.2619494949494947}]
["CARPINTEIRO DE FORMAS COM ENCARGOS COMPLEMENTARES","h",{"$f":"'CPU (DF)'!C233","v":8.8888888888888892E-2},null,88262,null,"SINAPI TO 06/223",null,{"$f":"VLOOKUP(E233,[58]planilhanull!$G$7:$K$7520,5,FALSE)","v":23.75},{"$f":"ROUND((I233*C233),2)","v":2.11}]
["AJUDANTE DE CARPINTEIRO COM ENCARGOS COMPLEMENTARES","h",{"$f":"'CPU (DF)'!C234","v":8.8888888888888892E-2},null,88239,null,"SINAPI TO 06/223",null,{"$f":"VLOOKUP(E234,[58]planilhanull!$G$7:$K$7520,5,FALSE)","v":19.97},{"$f":"ROUND((I234*C234),2)","v":1.78}]
["SUB-TOTAL",{"$nulls":8},{"$f":"SUM(J228:J234)","v":12.445496453505644}]
["PRODUÇÃO MENSAL DA EQUIPE",{"$f":"'CPU (DF)'!B236","v":1980},"CUSTO ",{"$nulls":6},{"$f":"J235+J225+J221+J213","v":35.675208585858584}]
["TOTAL",{"$nulls":8},{"$f":"ROUND(J236,2)","v":35.68}]
["BDI                %",{"$nulls":8},24.1]
["TOTAL DO SERVIÇO - R$",{"$nulls":8},{"$f":"ROUND(J237*(1+J238/100),2)","v":44.28}]
[]
[" COMPOSIÇÃO DE PREÇO UNITÁRIO"]
["CERCAMENTO DE ÁREAS AMBIENTALMENTE VULNERÁVEIS À BOVINOCULTURA",{"$nulls":7},"UNIDADE: ","m"]
["EQUIPAMENTO"]
["DISCRIMINAÇÃO","UNIDADE","QUANT. PROD.","QUANT. IMPROD.","COD. P","COD. I","FONTE",null,"P.UNIT.","P.TOTAL"]
["NIVEL OPTICO, COM PRECISAO DE 0,7 MM, AUMENTO DE 32X","h",{"$f":"'CPU (DF)'!C245","v":5.000000000000001E-2},null,7252,null,"SINAPI TO 06/223",{"$f":"H57","v":2.25},null,{"$f":"C245*H245+D245*I245","v":0.11250000000000002}]
["TEODOLITO ELETRONICO, PRECISAO ANGULAR DE 5 A 7 SEGUNDOS, INCLUINDO TRIPE","h",{"$f":"'CPU (DF)'!C246","v":5.000000000000001E-2},null,7247,null,"SINAPI TO 06/223",{"$f":"H58","v":2.25},null,{"$f":"C246*H246+D246*I246","v":0.11250000000000002}]
["VEÍCULO DE PASSEIO PARA DESLOCAMENTO DA EQUIPE","h",{"$f":"'CPU (DF)'!C247","v":1.8382352941176468E-2},{"$f":"'CPU (DF)'!D247","v":3.063725490196078E-2},"E9093",null,"SICRO TO 01/2023",{"$f":"H30","v":34.868499999999997},{"$f":"I30","v":6.3822000000000001},{"$f":"C247*H247+D247*I247","v":0.83649816176470559}]
["CAMINHONETE CABINE SIMPLES COM MOTOR 1.6 FLEX, CÂMBIO MANUAL, POTÊNCIA 101/104 CV, 2 PORTAS","h",{"$f":"'CPU (DF)'!C248","v":2.9779411764705884E-2},{"$f":"'CPU (DF)'!D248","v":4.9632352941176468E-2},92145,92146,"SINAPI TO 06/223",{"$f":"H31","v":69.86},{"$f":"I31","v":25.23},{"$f":"C248*H248+D248*I248","v":3.3326139705882349}]
["SUB-TOTAL",{"$nulls":8},{"$f":"SUM(J245:J248)","v":4.3941121323529408}]
["MATERIAL"]
["DISCRIMINAÇÃO","UNIDADE","QUANT.",null,"COD.",null,"FONTE",null,"P.UNIT.","P.TOTAL"]
["MOURAO ROLICO DE MADEIRA TRATADA, D = 16 A 20 CM, H = 3,0 M, EM EUCALIPTO OU EQUIVALENTE DA REGIAO (PARA CERCA)","m",{"$f":"'CPU (DF)'!C252","v":6.6666666666666666E-2},null,2747,null,"SINAPI TO 06/223",null,{"$f":"VLOOKUP(E252,[60]sheet1!$A$1:$E$65536,5,FALSE)","v":27.44},{"$f":"ROUND((I252*C252),2)","v":1.83}]
["MOURAO ROLICO DE MADEIRA TRATADA, D  ≥ 10 CM, H = 2,20 M, EM EUCALIPTO OU EQUIVALENTE DA REGIAO (PARA CERCA)","m",{"$f":"'CPU (DF)'!C253","v":0.41111111111111115},null,21138,null,"SINAPI TO 06/223",null,{"$f":"VLOOKUP(E253,[60]sheet1!$A$1:$E$65536,5,FALSE)","v":8.6999999999999993},{"$f":"ROUND((I253*C253),2)","v":3.58}]
["ARAME FARPADO GALVANIZADO, 16 BWG (1,65 MM), CLASSE 250","m",{"$f":"'CPU (DF)'!C254","v":5},null,340,null,"SINAPI TO 06/223",null,{"$f":"VLOOKUP(E254,[60]sheet1!$A$1:$E$65536,5,FALSE)","v":1.27},{"$f":"ROUND((I254*C254),2)","v":6.35}]
["GRAMPO DE ACO POLIDO 1 \" X 9","kg",{"$f":"'CPU (DF)'!C255","v":0.03},null,5076,null,"SINAPI TO 06/223",null,{"$f":"VLOOKUP(E255,[60]sheet1!$A$1:$E$65536,5,FALSE)","v":20.55},{"$f":"ROUND((I255*C255),2)","v":0.62}]
["ESTACA/PIQUETE DE MADEIRA (0,5 m)","U",{"$f":"'CPU (DF)'!C256","v":0.05},null,4408,null,"SINAPI TO 06/223",null,{"$f":"I220","v":0.91199999999999992},{"$f":"C256*I256","v":4.5600000000000002E-2}]
["SUB-TOTAL",{"$nulls":8},{"$f":"SUM(J252:J256)","v":12.425599999999999}]
["SERVIÇOS - COMPOSIÇÕES AUXILIARES"]
["DISCRIMINAÇÃO","UNIDADE","QUANT.",null,"COD.",null,"FONTE",null,"P.UNIT.","P.TOTAL"]
[]
["SUB-TOTAL",{"$nulls":8},{"$f":"J260","v":0}]
["MÃO DE OBRA"]
["DISCRIMINAÇÃO","UNIDADE","QUANT.",null,"COD. P","COD. I","FONTE",null,"P.UNIT.","P.TOTAL"]
["ENGENHEIRO COM ENCARGO","mês",{"$f":"'CPU (DF)'!C264","v":1.1140819964349375E-4},null,93565,null,"SINAPI TO 06/223",null,{"$f":"I228","v":19313.490000000002},{"$f":"C264*I264","v":2.1516811497326205}]
["ENCARREGADO COM ENCARGO","mês",{"$f":"'CPU (DF)'!C265","v":3.3422459893048126E-4},null,93572,null,"SINAPI TO 06/223",null,{"$f":"I229","v":4806.8500000000004},{"$f":"C265*I265","v":1.6065675133689841}]
["TOPOGRAFO COM ENCARGOS","mês",{"$f":"'CPU (DF)'!C266","v":2.8409090909090913E-4},null,94296,null,"SINAPI TO 06/223",null,3586.55,{"$f":"C266*I266","v":1.0189062500000001}]
["AUXILIAR DE TOPOGRÁFO COM ENCARGOS","mês",{"$f":"'CPU (DF)'!C267","v":2.8409090909090913E-4},null,101389,null,"SINAPI TO 06/223",null,1817.7,{"$f":"C267*I267","v":0.51639204545454553}]
["SERVENTE COM ENCARGOS COMPLEMENTARES - ABERTURA DE PICADAS, ESCAVAÇÃO MANUAL E ASSENTAMENTO DE MOURÕES","mês",{"$f":"'CPU (DF)'!C268","v":1.0822510822510823E-3},null,101452,null,"SINAPI TO 06/223",null,3229.33,{"$f":"C268*I268","v":3.4949458874458874}]
["CARPINTEIRO DE FORMAS COM ENCARGOS COMPLEMENTARES","h",{"$f":"'CPU (DF)'!C269","v":9.5238095238095247E-2},null,88262,null,"SINAPI TO 06/223",null,23.75,{"$f":"ROUND((I269*C269),2)","v":2.2599999999999998}]
["AJUDANTE DE CARPINTEIRO COM ENCARGOS COMPLEMENTARES","h",{"$f":"'CPU (DF)'!C270","v":9.5238095238095247E-2},null,88239,null,"SINAPI TO 06/223",null,19.97,{"$f":"ROUND((I270*C270),2)","v":1.9}]
["SUB-TOTAL",{"$nulls":8},{"$f":"SUM(J264:J270)","v":12.948492846002038}]
["PRODUÇÃO MENSAL DA EQUIPE",{"$f":"'CPU (DF)'!B272","v":1847.9999999999998},"CUSTO ",{"$nulls":6},{"$f":"J271+J261+J257+J249","v":29.768204978354976}]
["TOTAL",{"$nulls":8},{"$f":"ROUND(J272,2)","v":29.77}]
["BDI                %",{"$nulls":8},24.1]
["TOTAL DO SERVIÇO - R$",{"$nulls":8},{"$f":"ROUND(J273*(1+J274/100),2)","v":36.94}]
[]
[" COMPOSIÇÃO DE PREÇO UNITÁRIO"]
["PLACA DE IDENTIFICAÇÃO DE OBRA",{"$nulls":7},"UNIDADE: ","m²"]
["EQUIPAMENTO"]
["DISCRIMINAÇÃO","UNIDADE","QUANT. PROD.","QUANT. IMPROD.","CÓDIGO",null,null,null,"P.UNIT.","P.TOTAL"]
[{"$nulls":9},{"$f":"C281*I281","v":0}]
["SUB-TOTAL",{"$nulls":8},{"$f":"SUM(J281:J281)","v":0}]
["MATERIAL"]
["DISCRIMINAÇÃO","UNIDADE","QUANT.",null,"COD. P","COD. I",null,null,"P.UNIT.","P.TOTAL"]
["PONTALETE *7,5 X 7,5* CM EM PINUS, MISTA OU EQUIVALENTE DA REGIAO - BRUTA","M",{"$f":"'CPU (DF)'!C285","v":1},null,4491,null,"SINAPI TO 06/223",null,{"$f":"VLOOKUP(E285,[60]sheet1!$A$1:$E$65536,5,FALSE)","v":9.75},{"$f":"ROUND((I285*C285),2)","v":9.75}]
["SARRAFO NAO APARELHADO *2,5 X 7* CM","M",{"$f":"'CPU (DF)'!C286","v":1},null,4417,null,"SINAPI TO 06/223",null,{"$f":"VLOOKUP(E286,[60]sheet1!$A$1:$E$65536,5,FALSE)","v":6.53},{"$f":"ROUND((I286*C286),2)","v":6.53}]
["PREGO DE ACO POLIDO COM CABECA 18 X 30 (2 3/4 X 10)","KG",{"$f":"'CPU (DF)'!C287","v":1.8333333333333333E-2},null,5075,null,"SINAPI TO 06/223",null,{"$f":"VLOOKUP(E287,[60]sheet1!$A$1:$E$65536,5,FALSE)","v":20.34},{"$f":"ROUND((I287*C287),2)","v":0.37}]
["PLACA DE OBRA (PARA CONSTRUCAO CIVIL) EM CHAPA GALVANIZADA","M2",{"$f":"'CPU (DF)'!C288","v":1},null,4813,null,"SINAPI TO 06/223",null,{"$f":"VLOOKUP(E288,[60]sheet1!$A$1:$E$65536,5,FALSE)","v":250},{"$f":"ROUND((I288*C288),2)","v":250}]
["SUB-TOTAL",{"$nulls":8},{"$f":"SUM(J285:J288)","v":266.64999999999998}]
["SERVIÇOS - COMPOSIÇÕES AUXILIARES"]
["DISCRIMINAÇÃO","UNIDADE","QUANT.",null,"COD. P","COD. I",null,null,"P.UNIT.","P.TOTAL"]
["CONCRETO MAGRO TRAÇO 1:4,5:4,5 (CIMENTO/ AREIA MÉDIA/ BRITA 1) - PREPARO MECÂNICO COM BETONEIRA 400 L.","M3",{"$f":"'CPU (DF)'!C292","v":1.6666666666666666E-2},null,94962,null,"SINAPI TO 06/223",null,{"$f":"VLOOKUP(E292,[58]planilhanull!$G$7:$K$7520,5,FALSE)","v":440.32},{"$f":"ROUND((I292*C292),2)","v":7.34}]
["SUB-TOTAL",{"$nulls":8},{"$f":"J292","v":7.34}]
["MÃO DE OBRA"]
["DISCRIMINAÇÃO","UNIDADE","QUANT.",null,"COD. P","COD. I",null,null,"P.UNIT.","P.TOTAL"]
["CARPINTEIRO DE FORMAS COM ENCARGOS COMPLEMENTARES","H",{"$f":"'CPU (DF)'!C296","v":0.33333333333333331},null,88262,null,"SINAPI TO 06/223",null,{"$f":"I269","v":23.75},{"$f":"ROUND((I296*C296),2)","v":7.92}]
["AJUDANTE DE CARPINTEIRO COM ENCARGOS COMPLEMENTARES","H",{"$f":"'CPU (DF)'!C297","v":0.66666666666666663},null,88239,null,"SINAPI TO 06/223",null,{"$f":"I270","v":19.97},{"$f":"ROUND((I297*C297),2)","v":13.31}]
["SUB-TOTAL",{"$nulls":8},{"$f":"SUM(J296:J297)","v":21.23}]
["PRODUÇÃO MENSAL DA EQUIPE",{"$f":"'CPU (DF)'!B299","v":528},"CUSTO ",{"$nulls":6},{"$f":"J298+J293+J289+J282","v":295.21999999999997}]
["TOTAL",{"$nulls":8},{"$f":"ROUND(J299,2)","v":295.22000000000003}]
["BDI                %",{"$nulls":8},24.1]
["TOTAL DO SERVIÇO - R$",{"$nulls":8},{"$f":"ROUND(J300*(1+J301/100),2)","v":366.37}]

{"sheet":"PROJETOS E QUANT","index":17,"n_rows":117,"n_cols":9,"rows_kept":117,"cut":false,"hidden":false,"merged":[[61,0,61,8],[80,0,80,8],[99,0,99,8],[100,0,101,0],[0,0,0,8],[12,0,12,8],[24,0,24,8],[36,0,36,8],[48,0,48,8]]}
["QUANTITATIVOS POR PROJETO - GRUPOS 1, 2 E 3 (DF-GO-MT-TO)"]
["Intervenção","TERRAÇOS","BACIAS 4 M DE RAIO","BACIAS 6 M DE RAIO","BACIAS 9 M DE RAIO","BACIAS 12 M DE RAIO","CERCAS CAPRINOVINOCULTURA","CERCAS BOVINOCULTURA","PLACA DE OBRA"]
["Unidade","km","U","U","U","U","m","m","m²"]
["QUANT/ PROJETO",{"$f":"B5*0.4","v":200},{"$f":"ROUNDUP(C5/'TEMPOS DE EXECUÇÃO POR UNIDADE'!$J$6,0)","v":290},{"$f":"ROUNDUP(D5/'TEMPOS DE EXECUÇÃO POR UNIDADE'!$K$6,0)","v":660},{"$f":"ROUNDUP(E5/'TEMPOS DE EXECUÇÃO POR UNIDADE'!$L$6,0)","v":221},{"$f":"ROUNDUP(F5/'TEMPOS DE EXECUÇÃO POR UNIDADE'!$M$6,0)","v":125},{"$f":"G5*400","v":4000},{"$f":"H5*400","v":16000},{"$f":"ROUNDUP(6*2+1.25*0.77*20,0)","v":32}]
["ÁREA A BENEFICIAR/ PROJETO (ha)",500,50,250,250,250,10,40,{"$f":"SUM(B5:H5)","v":1350}]
["N° PROJETOS",4,4,4,4,4,0,4,4]
["TOTAIS",{"$f":"B6*B4","v":800},1160,2640,884,500,0,64000,{"$f":"ROUNDUP(I6*I4,0)","v":128}]
["PRODUTIVIDADE MENSAL POR FRENTE",{"$f":"'CPU (GO)'!$B$48","v":18.7},{"$f":"'CPU (TO)'!$B$105","v":169.67606412382531},{"$f":"'CPU (TO)'!$B$137","v":85.928165504885072},{"$f":"'CPU (TO)'!$B$168","v":35.30364372469635},{"$f":"'CPU (TO)'!B200","v":22},{"$f":"'CPU (TO)'!$B$236","v":1980},{"$f":"'CPU (TO)'!$B$272","v":1847.9999999999998},{"$f":"'CPU (TO)'!$B$299","v":528}]
["PRAZO MÍNIMO POR PROJETO (DIAS)",{"$f":"ROUNDUP(B4/B8*30,0)","v":321},52,231,188,171,61,260,2]
["FRENTES NECESSÁRIAS POR PROJETO",{"$f":"ROUNDUP(B4/'CPU (GO)'!$B$48*30/B9,0)","v":1},{"$f":"ROUNDUP(C4/'CPU (TO)'!$B$105*30/C9,0)","v":1},{"$f":"ROUNDUP(D4/'CPU (TO)'!$B$137*30/D9,0)","v":1},{"$f":"ROUNDUP(E4/'CPU (TO)'!$B$168*30/E9,0)","v":1},{"$f":"ROUNDUP(F6/'CPU (TO)'!B200*30/F9,0)","v":1},{"$f":"ROUNDUP(G6/'CPU (TO)'!$B$236*30/G9,0)","v":0},{"$f":"ROUNDUP(H6/'CPU (TO)'!$B$272*30/H9,0)","v":1},{"$f":"ROUNDUP(I6/'CPU (TO)'!$B$299*30/I9,0)","v":1}]
["Peso do maquinário a mobilizar/ desmobilizar por frente (toneladas)",{"$f":"13+1+1","v":15},{"$f":"12+1","v":13},{"$f":"12+1","v":13},{"$f":"12+1","v":13},{"$f":"12+1","v":13},2,2,0.2]
[]
["QUANTITATIVOS POR PROJETO - GRUPOS 4, 5 E 6 (MA-PI-CE)"]
["Intervenção","TERRAÇOS","BACIAS 4 M DE RAIO","BACIAS 6 M DE RAIO","BACIAS 9 M DE RAIO","BACIAS 12 M DE RAIO","CERCAS CAPRINOVINOCULTURA","CERCAS BOVINOCULTURA","PLACA DE OBRA"]
["Unidade","km","U","U","U","U","m","m","m²"]
["QUANT/ PROJETO",{"$f":"B17*0.4","v":200},{"$f":"ROUNDUP(C17/'TEMPOS DE EXECUÇÃO POR UNIDADE'!$J$6,0)","v":290},{"$f":"ROUNDUP(D17/'TEMPOS DE EXECUÇÃO POR UNIDADE'!$K$6,0)","v":660},{"$f":"ROUNDUP(E17/'TEMPOS DE EXECUÇÃO POR UNIDADE'!$L$6,0)","v":221},{"$f":"ROUNDUP(F17/'TEMPOS DE EXECUÇÃO POR UNIDADE'!$M$6,0)","v":125},{"$f":"G17*400","v":8000},{"$f":"H17*400","v":12000},{"$f":"ROUNDUP(6*2+1.25*0.77*20,0)","v":32}]
["ÁREA A BENEFICIAR/ PROJETO (ha)",500,50,250,250,250,20,30,{"$f":"SUM(B17:H17)","v":1350}]
["N° PROJETOS",3,3,3,3,3,3,3,3]
["TOTAIS",{"$f":"B18*B16","v":600},870,1980,663,375,24000,36000,{"$f":"ROUNDUP(I18*I16,0)","v":96}]
["PRODUTIVIDADE MENSAL POR FRENTE",{"$f":"B8","v":18.7},169.67606412382531,85.928165504885072,35.30364372469635,22,1980,1847.9999999999998,528]
["PRAZO MÍNIMO POR PROJETO (DIAS)",{"$f":"ROUNDUP(B16/B20*30,0)","v":321},52,231,188,171,122,195,2]
["FRENTES NECESSÁRIAS POR PROJETO",{"$f":"ROUNDUP(B16/'CPU (GO)'!$B$48*30/B21,0)","v":1},{"$f":"ROUNDUP(C16/'CPU (TO)'!$B$105*30/C21,0)","v":1},{"$f":"ROUNDUP(D16/'CPU (TO)'!$B$137*30/D21,0)","v":1},{"$f":"ROUNDUP(E16/'CPU (TO)'!$B$137*30/E21,0)","v":1},{"$f":"ROUNDUP(F18/'CPU (TO)'!$B$168*30/F21,0)","v":1},{"$f":"ROUNDUP(G18/'CPU (TO)'!$B$236*30/G21,0)","v":1},{"$f":"ROUNDUP(H18/'CPU (TO)'!$B$272*30/H21,0)","v":1},{"$f":"ROUNDUP(I18/'CPU (TO)'!$B$299*30/I21,0)","v":1}]
["Peso do maquinário a mobilizar/ desmobilizar por frente (toneladas)",{"$f":"13+1+1","v":15},{"$f":"12+1","v":13},{"$f":"12+1","v":13},{"$f":"12+1","v":13},{"$f":"12+1","v":13},2,2,0.2]
[]
["QUANTITATIVOS POR PROJETO - GRUPOS 7 E 8 (SE-AL-PE-PB-RN)"]
["Intervenção","TERRAÇOS","BACIAS 4 M DE RAIO","BACIAS 6 M DE RAIO","BACIAS 9 M DE RAIO","BACIAS 12 M DE RAIO","CERCAS CAPRINOVINOCULTURA","CERCAS BOVINOCULTURA","PLACA DE OBRA"]
["Unidade","km","U","U","U","U","m","m","m²"]
["QUANT/ PROJETO",{"$f":"B29*0.4","v":200},{"$f":"ROUNDUP(C29/'TEMPOS DE EXECUÇÃO POR UNIDADE'!$J$6,0)","v":290},{"$f":"ROUNDUP(D29/'TEMPOS DE EXECUÇÃO POR UNIDADE'!$K$6,0)","v":660},{"$f":"ROUNDUP(E29/'TEMPOS DE EXECUÇÃO POR UNIDADE'!$L$6,0)","v":221},{"$f":"ROUNDUP(F29/'TEMPOS DE EXECUÇÃO POR UNIDADE'!$M$6,0)","v":125},{"$f":"G29*400","v":8000},{"$f":"H29*400","v":12000},{"$f":"ROUNDUP(6*2+1.25*0.77*20,0)","v":32}]
["ÁREA A BENEFICIAR/ PROJETO (ha)",500,50,250,250,250,20,30,{"$f":"SUM(B29:H29)","v":1350}]
["N° PROJETOS",5,5,5,5,5,5,5,5]
["TOTAIS",{"$f":"B30*B28","v":1000},1450,3300,1105,625,40000,60000,{"$f":"ROUNDUP(I30*I28,0)","v":160}]
["PRODUTIVIDADE MENSAL POR FRENTE",{"$f":"B20","v":18.7},169.67606412382531,85.928165504885072,35.30364372469635,22,1980,1847.9999999999998,528]
["PRAZO MÍNIMO POR PROJETO (DIAS)",{"$f":"ROUNDUP(B28/B32*30,0)","v":321},52,231,188,171,122,195,2]
["FRENTES NECESSÁRIAS POR PROJETO",{"$f":"ROUNDUP(B28/'CPU (GO)'!$B$48*30/B33,0)","v":1},{"$f":"ROUNDUP(C28/'CPU (TO)'!$B$105*30/C33,0)","v":1},{"$f":"ROUNDUP(D28/'CPU (TO)'!$B$137*30/D33,0)","v":1},{"$f":"ROUNDUP(E28/'CPU (TO)'!$B$137*30/E33,0)","v":1},{"$f":"ROUNDUP(F30/'CPU (TO)'!$B$168*30/F33,0)","v":1},{"$f":"ROUNDUP(G30/'CPU (TO)'!$B$236*30/G33,0)","v":1},{"$f":"ROUNDUP(H30/'CPU (TO)'!$B$272*30/H33,0)","v":1},{"$f":"ROUNDUP(I30/'CPU (TO)'!$B$299*30/I33,0)","v":1}]
["Peso do maquinário a mobilizar/ desmobilizar por frente (toneladas)",{"$f":"13+1+1","v":15},{"$f":"12+1","v":13},{"$f":"12+1","v":13},{"$f":"12+1","v":13},{"$f":"12+1","v":13},2,2,0.2]
[]
["QUANTITATIVOS POR PROJETO - GRUPO 9 (BA)"]
["Intervenção","TERRAÇOS","BACIAS 4 M DE RAIO","BACIAS 6 M DE RAIO","BACIAS 9 M DE RAIO","BACIAS 12 M DE RAIO","CERCAS CAPRINOVINOCULTURA","CERCAS BOVINOCULTURA","PLACA DE OBRA"]
["Unidade","km","U","U","U","U","m","m","m²"]
["QUANT/ PROJETO",{"$f":"B41*0.4","v":200},{"$f":"ROUNDUP(C41/'TEMPOS DE EXECUÇÃO POR UNIDADE'!$J$6,0)","v":290},{"$f":"ROUNDUP(D41/'TEMPOS DE EXECUÇÃO POR UNIDADE'!$K$6,0)","v":660},{"$f":"ROUNDUP(E41/'TEMPOS DE EXECUÇÃO POR UNIDADE'!$L$6,0)","v":221},{"$f":"ROUNDUP(F41/'TEMPOS DE EXECUÇÃO POR UNIDADE'!$M$6,0)","v":125},{"$f":"G41*400","v":12000},{"$f":"H41*400","v":12000},{"$f":"ROUNDUP(6*2+1.25*0.77*20,0)","v":32}]
["ÁREA A BENEFICIAR/ PROJETO (ha)",500,50,250,250,250,30,30,{"$f":"SUM(B41:H41)","v":1360}]
["N° PROJETOS",1,1,1,1,1,1,1,1]
["TOTAIS",{"$f":"B42*B40","v":200},290,660,221,125,12000,12000,{"$f":"ROUNDUP(I42*I40,0)","v":32}]
["PRODUTIVIDADE MENSAL POR FRENTE",{"$f":"B32","v":18.7},169.67606412382531,85.928165504885072,35.30364372469635,22,1980,1847.9999999999998,528]
["PRAZO MÍNIMO POR PROJETO (DIAS)",{"$f":"ROUNDUP(B40/B44*30,0)","v":321},52,231,188,171,182,195,2]
["FRENTES NECESSÁRIAS POR PROJETO",{"$f":"ROUNDUP(B40/'CPU (GO)'!$B$48*30/B45,0)","v":1},{"$f":"ROUNDUP(C40/'CPU (TO)'!$B$105*30/C45,0)","v":1},{"$f":"ROUNDUP(D40/'CPU (TO)'!$B$137*30/D45,0)","v":1},{"$f":"ROUNDUP(E40/'CPU (TO)'!$B$137*30/E45,0)","v":1},{"$f":"ROUNDUP(F42/'CPU (TO)'!$B$168*30/F45,0)","v":1},{"$f":"ROUNDUP(G42/'CPU (TO)'!$B$236*30/G45,0)","v":1},{"$f":"ROUNDUP(H42/'CPU (TO)'!$B$272*30/H45,0)","v":1},{"$f":"ROUNDUP(I42/'CPU (TO)'!$B$299*30/I45,0)","v":1}]
["Peso do maquinário a mobilizar/ desmobilizar por frente (toneladas)",{"$f":"13+1+1","v":15},{"$f":"12+1","v":13},{"$f":"12+1","v":13},{"$f":"12+1","v":13},{"$f":"12+1","v":13},2,2,0.2]
[]
["QUANTITATIVOS POR PROJETO - GRUPO 10 (AP)"]
["Intervenção","TERRAÇOS","BACIAS 4 M DE RAIO","BACIAS 6 M DE RAIO","BACIAS 9 M DE RAIO","BACIAS 12 M DE RAIO","CERCAS CAPRINOVINOCULTURA","CERCAS BOVINOCULTURA","PLACA DE OBRA"]
["Unidade","km","U","U","U","U","m","m","m²"]
["QUANT/ PROJETO",{"$f":"B53*0.4","v":200},{"$f":"ROUNDUP(C53/'TEMPOS DE EXECUÇÃO POR UNIDADE'!$J$6,0)","v":290},{"$f":"ROUNDUP(D53/'TEMPOS DE EXECUÇÃO POR UNIDADE'!$K$6,0)","v":660},{"$f":"ROUNDUP(E53/'TEMPOS DE EXECUÇÃO POR UNIDADE'!$L$6,0)","v":221},{"$f":"ROUNDUP(F53/'TEMPOS DE EXECUÇÃO POR UNIDADE'!$M$6,0)","v":125},{"$f":"G53*400","v":4000},{"$f":"H53*400","v":16000},{"$f":"ROUNDUP(6*2+1.25*0.77*20,0)","v":32}]
["ÁREA A BENEFICIAR/ PROJETO (ha)",500,50,250,250,250,10,40,{"$f":"SUM(B53:H53)","v":1350}]
["N° PROJETOS",1,1,1,1,1,0,1,1]
["TOTAIS",{"$f":"B54*B52","v":200},290,660,221,125,0,16000,{"$f":"ROUNDUP(I54*I52,0)","v":32}]
["PRODUTIVIDADE MENSAL POR FRENTE",{"$f":"B44","v":18.7},169.67606412382531,85.928165504885072,35.30364372469635,22,1980,1847.9999999999998,528]
["PRAZO MÍNIMO POR PROJETO (DIAS)",{"$f":"ROUNDUP(B52/B56*30,0)","v":321},52,231,188,171,61,260,2]
["FRENTES NECESSÁRIAS POR PROJETO",{"$f":"ROUNDUP(B52/'CPU (GO)'!$B$48*30/B57,0)","v":1},{"$f":"ROUNDUP(C52/'CPU (TO)'!$B$105*30/C57,0)","v":1},{"$f":"ROUNDUP(D52/'CPU (TO)'!$B$137*30/D57,0)","v":1},{"$f":"ROUNDUP(E52/'CPU (TO)'!$B$137*30/E57,0)","v":1},{"$f":"ROUNDUP(F54/'CPU (TO)'!$B$168*30/F57,0)","v":1},{"$f":"ROUNDUP(G54/'CPU (TO)'!$B$236*30/G57,0)","v":0},{"$f":"ROUNDUP(H54/'CPU (TO)'!$B$272*30/H57,0)","v":1},{"$f":"ROUNDUP(I54/'CPU (TO)'!$B$299*30/I57,0)","v":1}]
["Peso do maquinário a mobilizar/ desmobilizar por frente (toneladas)",{"$f":"13+1+1","v":15},{"$f":"12+1","v":13},{"$f":"12+1","v":13},{"$f":"12+1","v":13},{"$f":"12+1","v":13},2,2,0.2]
[]
[]
["CUSTO UNITÁRIO DE MOBILIZAÇÃO E DESMOBILIZAÇÃO POR UF E POR INTERVENÇÃO"]
["Intervenção","TERRAÇOS","BACIAS 4 M DE RAIO","BACIAS 6 M DE RAIO","BACIAS 9 M DE RAIO","BACIAS 12 M DE RAIO","CERCAS CAPRINOVINOCULTURA","CERCAS BOVINOCULTURA","PLACA DE OBRA"]
["Unidade","R$/km","R$/U","R$/U","R$/U","R$/U","R$/m","R$/m","R$/m²"]
["AL",{"$f":"ROUND(B$35*B$34*'CPU (AL)'!$J$21/B$28,2)","v":11.32},{"$f":"ROUND(C$35*C$34*'CPU (AL)'!$J$21/C$28,2)","v":6.77},{"$f":"ROUND(D$35*D$34*'CPU (AL)'!$J$21/D$28,2)","v":2.97},{"$f":"ROUND(E$35*E$34*'CPU (AL)'!$J$21/E$28,2)","v":8.8800000000000008},{"$f":"ROUND(F$35*F$34*'CPU (AL)'!$J$21/F$28,2)","v":15.7},{"$f":"ROUND(G$35*G$34*'CPU (AL)'!$J$21/G$28,2)","v":0.04},{"$f":"ROUND(H$35*H$34*'CPU (AL)'!$J$21/H$28,2)","v":0.03},{"$f":"ROUND(I$35*I$34*'CPU (AL)'!$J$21/I$28,2)","v":0.94}]
["AP",{"$f":"ROUND(B$35*B$34*'CPU (AP)'!$J$21/B$28,2)","v":22.88},{"$f":"ROUND(C$35*C$34*'CPU (AP)'!$J$21/C$28,2)","v":13.67},{"$f":"ROUND(D$35*D$34*'CPU (AP)'!$J$21/D$28,2)","v":6.01},{"$f":"ROUND(E$35*E$34*'CPU (AP)'!$J$21/E$28,2)","v":17.940000000000001},{"$f":"ROUND(F$35*F$34*'CPU (AP)'!$J$21/F$28,2)","v":31.72},{"$f":"ROUND(G$35*G$34*'CPU (AP)'!$J$21/G$28,2)","v":0.08},{"$f":"ROUND(H$35*H$34*'CPU (AP)'!$J$21/H$28,2)","v":0.05},{"$f":"ROUND(I$35*I$34*'CPU (AP)'!$J$21/I$28,2)","v":1.91}]
["BA",{"$f":"ROUND(B$35*B$34*'CPU (BA)'!$J$21/B$28,2)","v":29.93},{"$f":"ROUND(C$35*C$34*'CPU (BA)'!$J$21/C$28,2)","v":17.89},{"$f":"ROUND(D$35*D$34*'CPU (BA)'!$J$21/D$28,2)","v":7.86},{"$f":"ROUND(E$35*E$34*'CPU (BA)'!$J$21/E$28,2)","v":23.47},{"$f":"ROUND(F$35*F$34*'CPU (BA)'!$J$21/F$28,2)","v":41.5},{"$f":"ROUND(G$35*G$34*'CPU (BA)'!$J$21/G$28,2)","v":0.1},{"$f":"ROUND(H$35*H$34*'CPU (BA)'!$J$21/H$28,2)","v":7.0000000000000007E-2},{"$f":"ROUND(I$35*I$34*'CPU (BA)'!$J$21/I$28,2)","v":2.4900000000000002}]
["CE",{"$f":"ROUND(B$35*B$34*'CPU (CE)'!$J$21/B$28,2)","v":22.88},{"$f":"ROUND(C$35*C$34*'CPU (CE)'!$J$21/C$28,2)","v":13.67},{"$f":"ROUND(D$35*D$34*'CPU (CE)'!$J$21/D$28,2)","v":6.01},{"$f":"ROUND(E$35*E$34*'CPU (CE)'!$J$21/E$28,2)","v":17.940000000000001},{"$f":"ROUND(F$35*F$34*'CPU (CE)'!$J$21/F$28,2)","v":31.72},{"$f":"ROUND(G$35*G$34*'CPU (CE)'!$J$21/G$28,2)","v":0.08},{"$f":"ROUND(H$35*H$34*'CPU (CE)'!$J$21/H$28,2)","v":0.05},{"$f":"ROUND(I$35*I$34*'CPU (CE)'!$J$21/I$28,2)","v":1.91}]
["DF",{"$f":"ROUND(B$35*B$34*'CPU (DF)'!$J$21/B$28,2)","v":4.3499999999999996},{"$f":"ROUND(C$35*C$34*'CPU (DF)'!$J$21/C$28,2)","v":2.6},{"$f":"ROUND(D$35*D$34*'CPU (DF)'!$J$21/D$28,2)","v":1.1399999999999999},{"$f":"ROUND(E$35*E$34*'CPU (DF)'!$J$21/E$28,2)","v":3.41},{"$f":"ROUND(F$35*F$34*'CPU (DF)'!$J$21/F$28,2)","v":6.03},{"$f":"ROUND(G$35*G$34*'CPU (DF)'!$J$21/G$28,2)","v":0.01},{"$f":"ROUND(H$35*H$34*'CPU (DF)'!$J$21/H$28,2)","v":0.01},{"$f":"ROUND(I$35*I$34*'CPU (DF)'!$J$21/I$28,2)","v":0.36}]
["GO",{"$f":"ROUND(B$35*B$34*'CPU (GO)'!$J$21/B$28,2)","v":20.39},{"$f":"ROUND(C$35*C$34*'CPU (GO)'!$J$21/C$28,2)","v":12.19},{"$f":"ROUND(D$35*D$34*'CPU (GO)'!$J$21/D$28,2)","v":5.36},{"$f":"ROUND(E$35*E$34*'CPU (GO)'!$J$21/E$28,2)","v":15.99},{"$f":"ROUND(F$35*F$34*'CPU (GO)'!$J$21/F$28,2)","v":28.28},{"$f":"ROUND(G$35*G$34*'CPU (GO)'!$J$21/G$28,2)","v":7.0000000000000007E-2},{"$f":"ROUND(H$35*H$34*'CPU (GO)'!$J$21/H$28,2)","v":0.05},{"$f":"ROUND(I$35*I$34*'CPU (GO)'!$J$21/I$28,2)","v":1.7}]
["MA",{"$f":"ROUND(B$35*B$34*'CPU (MA)'!$J$21/B$28,2)","v":29.4},{"$f":"ROUND(C$35*C$34*'CPU (MA)'!$J$21/C$28,2)","v":17.57},{"$f":"ROUND(D$35*D$34*'CPU (MA)'!$J$21/D$28,2)","v":7.72},{"$f":"ROUND(E$35*E$34*'CPU (MA)'!$J$21/E$28,2)","v":23.06},{"$f":"ROUND(F$35*F$34*'CPU (MA)'!$J$21/F$28,2)","v":40.770000000000003},{"$f":"ROUND(G$35*G$34*'CPU (MA)'!$J$21/G$28,2)","v":0.1},{"$f":"ROUND(H$35*H$34*'CPU (MA)'!$J$21/H$28,2)","v":7.0000000000000007E-2},{"$f":"ROUND(I$35*I$34*'CPU (MA)'!$J$21/I$28,2)","v":2.4500000000000002}]
["MT",{"$f":"ROUND(B$35*B$34*'CPU (MT)'!$J$21/B$28,2)","v":35.4},{"$f":"ROUND(C$35*C$34*'CPU (MT)'!$J$21/C$28,2)","v":21.16},{"$f":"ROUND(D$35*D$34*'CPU (MT)'!$J$21/D$28,2)","v":9.3000000000000007},{"$f":"ROUND(E$35*E$34*'CPU (MT)'!$J$21/E$28,2)","v":27.76},{"$f":"ROUND(F$35*F$34*'CPU (MT)'!$J$21/F$28,2)","v":49.09},{"$f":"ROUND(G$35*G$34*'CPU (MT)'!$J$21/G$28,2)","v":0.12},{"$f":"ROUND(H$35*H$34*'CPU (MT)'!$J$21/H$28,2)","v":0.08},{"$f":"ROUND(I$35*I$34*'CPU (MT)'!$J$21/I$28,2)","v":2.95}]
["PA",{"$f":"ROUND(B$35*B$34*'CPU (PA)'!$J$21/B$28,2)","v":30.98},{"$f":"ROUND(C$35*C$34*'CPU (PA)'!$J$21/C$28,2)","v":18.510000000000002},{"$f":"ROUND(D$35*D$34*'CPU (PA)'!$J$21/D$28,2)","v":8.1300000000000008},{"$f":"ROUND(E$35*E$34*'CPU (PA)'!$J$21/E$28,2)","v":24.29},{"$f":"ROUND(F$35*F$34*'CPU (PA)'!$J$21/F$28,2)","v":42.95},{"$f":"ROUND(G$35*G$34*'CPU (PA)'!$J$21/G$28,2)","v":0.1},{"$f":"ROUND(H$35*H$34*'CPU (PA)'!$J$21/H$28,2)","v":7.0000000000000007E-2},{"$f":"ROUND(I$35*I$34*'CPU (PA)'!$J$21/I$28,2)","v":2.58}]
["PB",{"$f":"ROUND(B$35*B$34*'CPU (PB)'!$J$21/B$28,2)","v":17.7},{"$f":"ROUND(C$35*C$34*'CPU (PB)'!$J$21/C$28,2)","v":10.58},{"$f":"ROUND(D$35*D$34*'CPU (PB)'!$J$21/D$28,2)","v":4.6500000000000004},{"$f":"ROUND(E$35*E$34*'CPU (PB)'!$J$21/E$28,2)","v":13.88},{"$f":"ROUND(F$35*F$34*'CPU (PB)'!$J$21/F$28,2)","v":24.54},{"$f":"ROUND(G$35*G$34*'CPU (PB)'!$J$21/G$28,2)","v":0.06},{"$f":"ROUND(H$35*H$34*'CPU (PB)'!$J$21/H$28,2)","v":0.04},{"$f":"ROUND(I$35*I$34*'CPU (PB)'!$J$21/I$28,2)","v":1.48}]
["PE",{"$f":"ROUND(B$35*B$34*'CPU (PE)'!$J$21/B$28,2)","v":21.04},{"$f":"ROUND(C$35*C$34*'CPU (PE)'!$J$21/C$28,2)","v":12.58},{"$f":"ROUND(D$35*D$34*'CPU (PE)'!$J$21/D$28,2)","v":5.53},{"$f":"ROUND(E$35*E$34*'CPU (PE)'!$J$21/E$28,2)","v":16.5},{"$f":"ROUND(F$35*F$34*'CPU (PE)'!$J$21/F$28,2)","v":29.18},{"$f":"ROUND(G$35*G$34*'CPU (PE)'!$J$21/G$28,2)","v":7.0000000000000007E-2},{"$f":"ROUND(H$35*H$34*'CPU (PE)'!$J$21/H$28,2)","v":0.05},{"$f":"ROUND(I$35*I$34*'CPU (PE)'!$J$21/I$28,2)","v":1.75}]
["PI",{"$f":"ROUND(B$35*B$34*'CPU (PI)'!$J$21/B$28,2)","v":25.65},{"$f":"ROUND(C$35*C$34*'CPU (PI)'!$J$21/C$28,2)","v":15.33},{"$f":"ROUND(D$35*D$34*'CPU (PI)'!$J$21/D$28,2)","v":6.74},{"$f":"ROUND(E$35*E$34*'CPU (PI)'!$J$21/E$28,2)","v":20.12},{"$f":"ROUND(F$35*F$34*'CPU (PI)'!$J$21/F$28,2)","v":35.57},{"$f":"ROUND(G$35*G$34*'CPU (PI)'!$J$21/G$28,2)","v":0.09},{"$f":"ROUND(H$35*H$34*'CPU (PI)'!$J$21/H$28,2)","v":0.06},{"$f":"ROUND(I$35*I$34*'CPU (PI)'!$J$21/I$28,2)","v":2.14}]
["RN",{"$f":"ROUND(B$35*B$34*'CPU (RN)'!$J$21/B$28,2)","v":19.559999999999999},{"$f":"ROUND(C$35*C$34*'CPU (RN)'!$J$21/C$28,2)","v":11.69},{"$f":"ROUND(D$35*D$34*'CPU (RN)'!$J$21/D$28,2)","v":5.14},{"$f":"ROUND(E$35*E$34*'CPU (RN)'!$J$21/E$28,2)","v":15.34},{"$f":"ROUND(F$35*F$34*'CPU (RN)'!$J$21/F$28,2)","v":27.12},{"$f":"ROUND(G$35*G$34*'CPU (RN)'!$J$21/G$28,2)","v":7.0000000000000007E-2},{"$f":"ROUND(H$35*H$34*'CPU (RN)'!$J$21/H$28,2)","v":0.04},{"$f":"ROUND(I$35*I$34*'CPU (RN)'!$J$21/I$28,2)","v":1.63}]
["SE",{"$f":"ROUND(B$35*B$34*'CPU (SE)'!$J$21/B$28,2)","v":7.45},{"$f":"ROUND(C$35*C$34*'CPU (SE)'!$J$21/C$28,2)","v":4.45},{"$f":"ROUND(D$35*D$34*'CPU (SE)'!$J$21/D$28,2)","v":1.96},{"$f":"ROUND(E$35*E$34*'CPU (SE)'!$J$21/E$28,2)","v":5.84},{"$f":"ROUND(F$35*F$34*'CPU (SE)'!$J$21/F$28,2)","v":10.33},{"$f":"ROUND(G$35*G$34*'CPU (SE)'!$J$21/G$28,2)","v":0.02},{"$f":"ROUND(H$35*H$34*'CPU (SE)'!$J$21/H$28,2)","v":0.02},{"$f":"ROUND(I$35*I$34*'CPU (SE)'!$J$21/I$28,2)","v":0.62}]
["TO",{"$f":"ROUND(B$35*B$34*'CPU (TO)'!$J$21/B$28,2)","v":28.57},{"$f":"ROUND(C$35*C$34*'CPU (TO)'!$J$21/C$28,2)","v":17.079999999999998},{"$f":"ROUND(D$35*D$34*'CPU (TO)'!$J$21/D$28,2)","v":7.5},{"$f":"ROUND(E$35*E$34*'CPU (TO)'!$J$21/E$28,2)","v":22.41},{"$f":"ROUND(F$35*F$34*'CPU (TO)'!$J$21/F$28,2)","v":39.619999999999997},{"$f":"ROUND(G$35*G$34*'CPU (TO)'!$J$21/G$28,2)","v":0.1},{"$f":"ROUND(H$35*H$34*'CPU (TO)'!$J$21/H$28,2)","v":0.06},{"$f":"ROUND(I$35*I$34*'CPU (TO)'!$J$21/I$28,2)","v":2.38}]
[]
["CUSTO UNITÁRIO DOS SERVIÇOS POR UF E POR INTERVENÇÃO, SEM MOBILIZAÇÃO E DESMOBILIZAÇÃO"]
["Intervenção","TERRAÇOS","BACIAS 4 M DE RAIO","BACIAS 6 M DE RAIO","BACIAS 9 M DE RAIO","BACIAS 12 M DE RAIO","CERCAS CAPRINOVINOCULTURA","CERCAS BOVINOCULTURA","PLACA DE OBRA"]
["Unidade","R$/km","R$/U","R$/U","R$/U","R$/U","R$/m","R$/m","R$/m²"]
["AL",{"$f":"'CPU (AL)'!$J$49","v":2855.11},{"$f":"'CPU (AL)'!$J$106","v":346.9},{"$f":"'CPU (AL)'!$J$138","v":532.46},{"$f":"'CPU (AL)'!$J$169","v":1035.1300000000001},{"$f":"'CPU (AL)'!$J$201","v":1558.31},{"$f":"'CPU (AL)'!$J$237","v":39.36},{"$f":"'CPU (AL)'!$J$273","v":32.590000000000003},{"$f":"'CPU (AL)'!$J$300","v":293.97000000000003}]
["AP",{"$f":"'CPU (AP)'!$J$49","v":2849.74},{"$f":"'CPU (AP)'!$J$106","v":329.52},{"$f":"'CPU (AP)'!$J$138","v":519.48},{"$f":"'CPU (AP)'!$J$169","v":1032.24},{"$f":"'CPU (AP)'!$J$201","v":1567.05},{"$f":"'CPU (AP)'!$J$237","v":36.28},{"$f":"'CPU (AP)'!$J$273","v":29.97},{"$f":"'CPU (AP)'!$J$300","v":293.07}]
["BA",{"$f":"'CPU (BA)'!$J$49","v":3234.06},{"$f":"'CPU (BA)'!$J$106","v":416.67},{"$f":"'CPU (BA)'!$J$138","v":658.2},{"$f":"'CPU (BA)'!$J$169","v":1322.12},{"$f":"'CPU (BA)'!$J$201","v":2011.8},{"$f":"'CPU (BA)'!$J$237","v":41.29},{"$f":"'CPU (BA)'!$J$273","v":34.880000000000003},{"$f":"'CPU (BA)'!$J$300","v":373.94}]
["CE",{"$f":"'CPU (CE)'!$J$49","v":2992.88},{"$f":"'CPU (CE)'!$J$106","v":382.87},{"$f":"'CPU (CE)'!$J$138","v":596.75},{"$f":"'CPU (CE)'!$J$169","v":1180.48},{"$f":"'CPU (CE)'!$J$201","v":1788.26},{"$f":"'CPU (CE)'!$J$237","v":36.06},{"$f":"'CPU (CE)'!$J$273","v":31.09},{"$f":"'CPU (CE)'!$J$300","v":298.36}]
["DF",{"$f":"'CPU (DF)'!$J$49","v":2917.98},{"$f":"'CPU (DF)'!$J$106","v":351.48},{"$f":"'CPU (DF)'!$J$138","v":547.12},{"$f":"'CPU (DF)'!$J$169","v":1080.06},{"$f":"'CPU (DF)'!$J$201","v":1636.73},{"$f":"'CPU (DF)'!$J$237","v":37.630000000000003},{"$f":"'CPU (DF)'!$J$273","v":31.97},{"$f":"'CPU (DF)'!$J$300","v":300.86}]
["GO",{"$f":"'CPU (GO)'!$J$49","v":2929.06},{"$f":"'CPU (GO)'!$J$106","v":352.97},{"$f":"'CPU (GO)'!$J$138","v":544.67999999999995},{"$f":"'CPU (GO)'!$J$169","v":1064.1600000000001},{"$f":"'CPU (GO)'!$J$201","v":1606.39},{"$f":"'CPU (GO)'!$J$237","v":39.61},{"$f":"'CPU (GO)'!$J$273","v":33.049999999999997},{"$f":"'CPU (GO)'!$J$300","v":297.52}]
["MA",{"$f":"'CPU (MA)'!$J$49","v":2892.52},{"$f":"'CPU (MA)'!$J$106","v":347.16},{"$f":"'CPU (MA)'!$J$138","v":535.67999999999995},{"$f":"'CPU (MA)'!$J$169","v":1044.26},{"$f":"'CPU (MA)'!$J$201","v":1576.15},{"$f":"'CPU (MA)'!$J$237","v":34.86},{"$f":"'CPU (MA)'!$J$273","v":29.8},{"$f":"'CPU (MA)'!$J$300","v":297.27999999999997}]
["MT",{"$f":"'CPU (MT)'!$J$49","v":2838.72},{"$f":"'CPU (MT)'!$J$106","v":333.13},{"$f":"'CPU (MT)'!$J$138","v":521.64},{"$f":"'CPU (MT)'!$J$169","v":1031.81},{"$f":"'CPU (MT)'!$J$201","v":1564.65},{"$f":"'CPU (MT)'!$J$237","v":40.56},{"$f":"'CPU (MT)'!$J$273","v":33.200000000000003},{"$f":"'CPU (MT)'!$J$300","v":297.67}]
["PA",{"$f":"'CPU (PA)'!$J$49","v":2961.03},{"$f":"'CPU (PA)'!$J$106","v":378.37},{"$f":"'CPU (PA)'!$J$138","v":604.54999999999995},{"$f":"'CPU (PA)'!$J$169","v":1223.6600000000001},{"$f":"'CPU (PA)'!$J$201","v":1868.15},{"$f":"'CPU (PA)'!$J$237","v":38.950000000000003},{"$f":"'CPU (PA)'!$J$273","v":32.450000000000003},{"$f":"'CPU (PA)'!$J$300","v":299.56}]
["PB",{"$f":"'CPU (PB)'!$J$49","v":2840.08},{"$f":"'CPU (PB)'!$J$106","v":339.24},{"$f":"'CPU (PB)'!$J$138","v":527.47},{"$f":"'CPU (PB)'!$J$169","v":1036.6500000000001},{"$f":"'CPU (PB)'!$J$201","v":1567.68},{"$f":"'CPU (PB)'!$J$237","v":38.51},{"$f":"'CPU (PB)'!$J$273","v":31.68},{"$f":"'CPU (PB)'!$J$300","v":296.06}]
["PE",{"$f":"'CPU (PE)'!$J$49","v":3097.86},{"$f":"'CPU (PE)'!$J$106","v":380.43},{"$f":"'CPU (PE)'!$J$138","v":594.16},{"$f":"'CPU (PE)'!$J$169","v":1175.1199999999999},{"$f":"'CPU (PE)'!$J$201","v":1781.63},{"$f":"'CPU (PE)'!$J$237","v":41.21},{"$f":"'CPU (PE)'!$J$273","v":34.32},{"$f":"'CPU (PE)'!$J$300","v":299.08999999999997}]
["PI",{"$f":"'CPU (PI)'!$J$49","v":2947.4},{"$f":"'CPU (PI)'!$J$106","v":357.76},{"$f":"'CPU (PI)'!$J$138","v":555.79},{"$f":"'CPU (PI)'!$J$169","v":1092.93},{"$f":"'CPU (PI)'!$J$201","v":1651.15},{"$f":"'CPU (PI)'!$J$237","v":37.049999999999997},{"$f":"'CPU (PI)'!$J$273","v":31.31},{"$f":"'CPU (PI)'!$J$300","v":294.2}]
["RN",{"$f":"'CPU (RN)'!$J$49","v":3016.27},{"$f":"'CPU (RN)'!$J$106","v":364.34},{"$f":"'CPU (RN)'!$J$138","v":563.17999999999995},{"$f":"'CPU (RN)'!$J$169","v":1103.74},{"$f":"'CPU (RN)'!$J$201","v":1667.14},{"$f":"'CPU (RN)'!$J$237","v":39.49},{"$f":"'CPU (RN)'!$J$273","v":32.78},{"$f":"'CPU (RN)'!$J$300","v":301.13}]
["SE",{"$f":"'CPU (SE)'!$J$49","v":3013.9},{"$f":"'CPU (SE)'!$J$106","v":356.7},{"$f":"'CPU (SE)'!$J$138","v":560.91},{"$f":"'CPU (SE)'!$J$169","v":1115.9100000000001},{"$f":"'CPU (SE)'!$J$201","v":1695.44},{"$f":"'CPU (SE)'!$J$237","v":38.29},{"$f":"'CPU (SE)'!$J$273","v":32.07},{"$f":"'CPU (SE)'!$J$300","v":336.65}]
["TO",{"$f":"'CPU (TO)'!$J$49","v":2879.88},{"$f":"'CPU (TO)'!$J$106","v":337.18},{"$f":"'CPU (TO)'!$J$138","v":528.99},{"$f":"'CPU (TO)'!$J$169","v":1047.2},{"$f":"'CPU (TO)'!$J$201","v":1588.85},{"$f":"'CPU (TO)'!$J$237","v":35.68},{"$f":"'CPU (TO)'!$J$273","v":29.77},{"$f":"'CPU (TO)'!$J$300","v":295.22000000000003}]
[]
["CUSTO UNITÁRIO DOS SERVIÇOS POR UF E POR INTERVENÇÃO, COM MOBILIZAÇÃO E DESMOBILIZAÇÃO"]
["Intervenção","TERRAÇOS","BACIAS 4 M DE RAIO","BACIAS 6 M DE RAIO","BACIAS 9 M DE RAIO","BACIAS 12 M DE RAIO","CERCAS CAPRINOVINOCULTURA","CERCAS BOVINOCULTURA","PLACA DE OBRA"]
[null,"R$/km","R$/U","R$/U","R$/U","R$/U","R$/m","R$/m","R$/m²"]
["AL",{"$f":"B84+B65","v":2866.4300000000003},{"$f":"C84+C65","v":353.66999999999996},535.43000000000006,1044.0100000000002,1574.01,39.4,32.620000000000005,294.91000000000003]
["AP",{"$f":"B85+B66","v":2872.62},343.19,525.49,1050.18,1598.77,36.36,30.02,294.98]
["BA",3263.99,434.56,666.06000000000006,1345.59,2053.3000000000002,41.39,34.950000000000003,376.43]
["CE",3015.76,396.54,602.76,1198.42,1819.98,36.14,31.14,300.27000000000004]
["DF",2922.33,354.08000000000004,548.26,1083.47,1642.76,37.64,31.98,301.22000000000003]
["GO",2949.45,365.16,550.04,1080.1500000000001,1634.67,39.68,33.099999999999994,299.21999999999997]
["MA",2921.92,364.73,543.4,1067.32,1616.92,34.96,29.87,299.72999999999996]
["MT",2874.12,354.29,530.93999999999994,1059.57,1613.74,40.68,33.28,300.62]
["PA",2992.01,396.88,612.67999999999995,1247.95,1911.1000000000001,39.050000000000004,32.520000000000003,302.14]
["PB",2857.7799999999997,349.82,532.12,1050.5300000000002,1592.22,38.57,31.72,297.54000000000002]
["PE",3118.9,393.01,599.68999999999994,1191.6199999999999,1810.8100000000002,41.28,34.369999999999997,300.83999999999997]
["PI",2973.05,373.09,562.53,1113.05,1686.72,37.14,31.369999999999997,296.33999999999997]
["RN",3035.83,376.03,568.31999999999994,1119.08,1694.26,39.56,32.82,302.76]
["SE",3021.35,361.15,562.87,1121.75,1705.77,38.31,32.090000000000003,337.27]
["TO",2908.4500000000003,354.26,536.49,1069.6100000000001,1628.4699999999998,35.78,29.83,297.60000000000002]

{"sheet":"PREÇO FINAL 10 GRUPOS","index":18,"n_rows":128,"n_cols":10,"rows_kept":128,"cut":false,"hidden":false,"merged":[[125,1,125,8],[115,1,115,9],[116,1,116,2],[116,3,116,9],[76,1,76,9],[77,1,77,2],[77,3,77,9],[87,1,87,8],[103,1,103,2],[103,3,103,9],[113,1,113,8],[102,1,102,9],[89,1,89,9],[90,1,90,2],[90,3,90,9],[100,1,100,8],[48,1,48,8],[37,1,37,9],[38,1,38,2],[38,3,38,9],[61,1,61,8],[50,1,50,9],[51,1,51,2],[51,3,51,9],[74,1,74,8],[63,1,63,9],[64,1,64,2],[64,3,64,9],[1,1,1,9],[2,1,2,2],[2,3,2,9],[11,1,11,8],[13,1,13,9],[14,1,14,2],[14,3,14,9],[23,1,23,8],[25,1,25,9],[26,1,26,2],[26,3,26,9],[35,1,35,8]]}
[]
[null,"PLANILHA DE REFRÊNCIA DE PREÇOS MÁXIMOS"]
[null,"Grupo 1",null,"DF - GO"]
[null,"Item","CATSER","Serviços","Und.","Quant.","Custo Unitário (R$)","BDI (%)","Preço Unitário (R$)","Preço (R$)"]
[null,1,21334,"Placa de Identificação dos Serviços e de Sensibilização Ambiental, em chapa galvanizada","m²",{"$f":"'PROJETOS E QUANT'!$I7/4","v":32},{"$f":"ROUND(AVERAGE('PROJETOS E QUANT'!I107,'PROJETOS E QUANT'!I108),2)","v":300.22000000000003},24.1,{"$f":"ROUND((G5*1.241),2)","v":372.57},{"$f":"ROUND((F5*I5),2)","v":11922.24}]
[null,2,15962,"Cercamento em áreas de bovinocultura","m",{"$f":"'PROJETOS E QUANT'!H7/2","v":32000},{"$f":"ROUND(AVERAGE('PROJETOS E QUANT'!H107,'PROJETOS E QUANT'!H108),2)","v":32.54},24.1,40.380000000000003,1292160]
[null,3,15954,"Locação e construção de terraços em nível","km",{"$f":"'PROJETOS E QUANT'!$B7/4","v":200},{"$f":"ROUND(AVERAGE('PROJETOS E QUANT'!B107,'PROJETOS E QUANT'!B108),2)","v":2935.89},24.1,3643.44,728688]
[null,4,1848,"Locação e construção de bacias de captação de enxurradas - raio 4 m, profundidade útil 1,5 m","und",{"$f":"'PROJETOS E QUANT'!$C7/4","v":290},{"$f":"ROUND(AVERAGE('PROJETOS E QUANT'!C107,'PROJETOS E QUANT'!C108),2)","v":359.62},24.1,446.29,129424.1]
[null,5,1848,"Locação e construção de bacias de captação de enxurradas - raio 6 m, profundidade útil 1,5 m","und",{"$f":"'PROJETOS E QUANT'!$D7/4","v":660},{"$f":"ROUND(AVERAGE('PROJETOS E QUANT'!D107,'PROJETOS E QUANT'!D108),2)","v":549.15},24.1,681.5,449790]
[null,6,1848,"Locação e construção de bacias de captação de enxurradas - raio 9 m, profundidade útil 2,0 m","und",{"$f":"'PROJETOS E QUANT'!$E7/4","v":221},{"$f":"ROUND(AVERAGE('PROJETOS E QUANT'!E107,'PROJETOS E QUANT'!E108),2)","v":1081.81},24.1,1342.53,296699.13]
[null,7,1848,"Locação e construção de bacias de captação de enxurradas - raio 12 m, profundidade útil 2,0 m","und",{"$f":"'PROJETOS E QUANT'!$F7/4","v":125},{"$f":"ROUND(AVERAGE('PROJETOS E QUANT'!F107,'PROJETOS E QUANT'!F108),2)","v":1638.72},24.1,2033.65,254206.25]
[{"$nulls":9},{"$f":"SUM(J5:J11)","v":3162889.7199999997}]
[]
[null,"PLANILHA DE REFRÊNCIA DE PREÇOS MÁXIMOS"]
[null,"Grupo 2",null,"MT (BACIA TOCANTINS-ARAGUAIA)"]
[null,"Item","CATSER","Serviços","Und.","Quant.","Custo Unitário (R$)","BDI (%)","Preço Unitário (R$)","Preço (R$)"]
[null,8,21334,"Placa de Identificação dos Serviços e de Sensibilização Ambiental, em chapa galvanizada","m²",{"$f":"'PROJETOS E QUANT'!$I7/4","v":32},{"$f":"ROUND(AVERAGE('PROJETOS E QUANT'!I110),2)","v":300.62},24.1,{"$f":"ROUND((G17*1.241),2)","v":373.07},{"$f":"ROUND((F17*I17),2)","v":11938.24}]
[null,9,15962,"Cercamento em áreas de bovinocultura","m",{"$f":"'PROJETOS E QUANT'!H7/4","v":16000},{"$f":"ROUND(AVERAGE('PROJETOS E QUANT'!H110),2)","v":33.28},24.1,41.3,660800]
[null,10,15954,"Locação e construção de terraços em nível","km",{"$f":"'PROJETOS E QUANT'!$B7/4","v":200},{"$f":"ROUND(AVERAGE('PROJETOS E QUANT'!B110),2)","v":2874.12},24.1,3566.78,713356]
[null,11,1848,"Locação e construção de bacias de captação de enxurradas - raio 4 m, profundidade útil 1,5 m","und",{"$f":"'PROJETOS E QUANT'!$C7/4","v":290},{"$f":"ROUND(AVERAGE('PROJETOS E QUANT'!C110),2)","v":354.29},24.1,439.67,127504.3]
[null,12,1848,"Locação e construção de bacias de captação de enxurradas - raio 6 m, profundidade útil 1,5 m","und",{"$f":"'PROJETOS E QUANT'!$D7/4","v":660},{"$f":"ROUND(AVERAGE('PROJETOS E QUANT'!D110),2)","v":530.94000000000005},24.1,658.9,434874]
[null,13,1848,"Locação e construção de bacias de captação de enxurradas - raio 9 m, profundidade útil 2,0 m","und",{"$f":"'PROJETOS E QUANT'!$E7/4","v":221},{"$f":"ROUND(AVERAGE('PROJETOS E QUANT'!E110),2)","v":1059.57},24.1,1314.93,290599.53000000003]
[null,14,1848,"Locação e construção de bacias de captação de enxurradas - raio 12 m, profundidade útil 2,0 m","und",{"$f":"'PROJETOS E QUANT'!$F7/4","v":125},{"$f":"ROUND(AVERAGE('PROJETOS E QUANT'!F110),2)","v":1613.74},24.1,2002.65,250331.25]
[{"$nulls":9},{"$f":"SUM(J17:J23)","v":2489403.3200000003}]
[]
[null,"PLANILHA DE REFRÊNCIA DE PREÇOS MÁXIMOS"]
[null,"Grupo 3",null,"TO"]
[null,"Item","CATSER","Serviços","Und.","Quant.","Custo Unitário (R$)","BDI (%)","Preço Unitário (R$)","Preço (R$)"]
[null,15,21334,"Placa de Identificação dos Serviços e de Sensibilização Ambiental, em chapa galvanizada","m²",{"$f":"'PROJETOS E QUANT'!$I7/4","v":32},{"$f":"ROUND(AVERAGE('PROJETOS E QUANT'!I117),2)","v":297.60000000000002},24.1,{"$f":"ROUND((G29*1.241),2)","v":369.32},{"$f":"ROUND((F29*I29),2)","v":11818.24}]
[null,16,15962,"Cercamento em áreas de bovinocultura","m",{"$f":"'PROJETOS E QUANT'!H7/4","v":16000},{"$f":"ROUND(AVERAGE('PROJETOS E QUANT'!H117),2)","v":29.83},24.1,37.020000000000003,592320]
[null,17,15954,"Locação e construção de terraços em nível","km",{"$f":"'PROJETOS E QUANT'!$B7/4","v":200},{"$f":"ROUND(AVERAGE('PROJETOS E QUANT'!B117),2)","v":2908.45},24.1,3609.39,721878]
[null,18,1848,"Locação e construção de bacias de captação de enxurradas - raio 4 m, profundidade útil 1,5 m","und",{"$f":"'PROJETOS E QUANT'!$C7/4","v":290},{"$f":"ROUND(AVERAGE('PROJETOS E QUANT'!C117),2)","v":354.26},24.1,439.64,127495.6]
[null,19,1848,"Locação e construção de bacias de captação de enxurradas - raio 6 m, profundidade útil 1,5 m","und",{"$f":"'PROJETOS E QUANT'!$D7/4","v":660},{"$f":"ROUND(AVERAGE('PROJETOS E QUANT'!D117),2)","v":536.49},24.1,665.78,439414.8]
[null,20,1848,"Locação e construção de bacias de captação de enxurradas - raio 9 m, profundidade útil 2,0 m","und",{"$f":"'PROJETOS E QUANT'!$E7/4","v":221},{"$f":"ROUND(AVERAGE('PROJETOS E QUANT'!E117),2)","v":1069.6099999999999},24.1,1327.39,293353.19]
[null,21,1848,"Locação e construção de bacias de captação de enxurradas - raio 12 m, profundidade útil 2,0 m","und",{"$f":"'PROJETOS E QUANT'!$F7/4","v":125},{"$f":"ROUND(AVERAGE('PROJETOS E QUANT'!F117),2)","v":1628.47},24.1,2020.93,252616.25]
[{"$nulls":9},{"$f":"SUM(J29:J35)","v":2438896.08}]
[]
[null,"PLANILHA DE REFRÊNCIA DE PREÇOS MÁXIMOS"]
[null,"Grupo 4",null,"MA"]
[null,"Item","CATSER","Serviços","Unid.","Quant.","Custo Unitário (R$)","BDI (%)","Preço Unitário (R$)","Preço (R$)"]
[null,22,21334,"Placa de Identificação dos Serviços e de Sensibilização Ambiental, em chapa galvanizada","m²",{"$f":"'PROJETOS E QUANT'!$I19/3","v":32},{"$f":"ROUND(AVERAGE('PROJETOS E QUANT'!I109),2)","v":299.73},24.1,{"$f":"ROUND((G41*1.241),2)","v":371.96},{"$f":"ROUND((F41*I41),2)","v":11902.72}]
[null,23,15962,"Cercamento em áreas de caprinovinocultura","m",{"$f":"'PROJETOS E QUANT'!G19/3","v":8000},{"$f":"ROUND(AVERAGE('PROJETOS E QUANT'!G109),2)","v":34.96},24.1,43.39,347120]
[null,24,15962,"Cercamento em áreas de bovinocultura","m",{"$f":"'PROJETOS E QUANT'!H19/2","v":18000},{"$f":"ROUND(AVERAGE('PROJETOS E QUANT'!H109),2)","v":29.87},24.1,37.07,667260]
[null,25,15954,"Locação e construção de terraços em nível","km",{"$f":"'PROJETOS E QUANT'!$B19/3","v":200},{"$f":"ROUND(AVERAGE('PROJETOS E QUANT'!B109),2)","v":2921.92},24.1,3626.1,725220]
[null,26,1848,"Locação e construção de bacias de captação de enxurradas - raio 4 m, profundidade útil 1,5 m","unid",{"$f":"'PROJETOS E QUANT'!$C19/3","v":290},{"$f":"ROUND(AVERAGE('PROJETOS E QUANT'!C109),2)","v":364.73},24.1,452.63,131262.70000000001]
[null,27,1848,"Locação e construção de bacias de captação de enxurradas - raio 6 m, profundidade útil 1,5 m","unid",{"$f":"'PROJETOS E QUANT'!$D19/3","v":660},{"$f":"ROUND(AVERAGE('PROJETOS E QUANT'!D109),2)","v":543.4},24.1,674.36,445077.6]
[null,28,1848,"Locação e construção de bacias de captação de enxurradas - raio 9 m, profundidade útil 2,0 m","unid",{"$f":"'PROJETOS E QUANT'!$E19/3","v":221},{"$f":"ROUND(AVERAGE('PROJETOS E QUANT'!E109),2)","v":1067.32},24.1,1324.54,292723.34000000003]
[null,29,1848,"Locação e construção de bacias de captação de enxurradas - raio 12 m, profundidade útil 2,0 m","unid",{"$f":"'PROJETOS E QUANT'!$F19/3","v":125},{"$f":"ROUND(AVERAGE('PROJETOS E QUANT'!F109),2)","v":1616.92},24.1,2006.6,250825]
[{"$nulls":9},{"$f":"SUM(J41:J48)","v":2871391.36}]
[]
[null,"PLANILHA DE REFRÊNCIA DE PREÇOS MÁXIMOS"]
[null,"Grupo 5",null,"PI"]
[null,"Item","CATSER","Serviços","Unid.","Quant.","Custo Unitário (R$)","BDI (%)","Preço Unitário (R$)","Preço (R$)"]
[null,30,21334,"Placa de Identificação dos Serviços e de Sensibilização Ambiental, em chapa galvanizada","m²",{"$f":"'PROJETOS E QUANT'!$I19/3","v":32},{"$f":"ROUND(AVERAGE('PROJETOS E QUANT'!I114),2)","v":296.33999999999997},24.1,{"$f":"ROUND((G54*1.241),2)","v":367.76},{"$f":"ROUND((F54*I54),2)","v":11768.32}]
[null,31,15962,"Cercamento em áreas de caprinovinocultura","m",{"$f":"'PROJETOS E QUANT'!G19/2","v":12000},{"$f":"ROUND(AVERAGE('PROJETOS E QUANT'!G114),2)","v":37.14},24.1,46.09,553080]
[null,32,15962,"Cercamento em áreas de bovinocultura","m",{"$f":"'PROJETOS E QUANT'!H19/3","v":12000},{"$f":"ROUND(AVERAGE('PROJETOS E QUANT'!H114),2)","v":31.37},24.1,38.93,467160]
[null,33,15954,"Locação e construção de terraços em nível","km",{"$f":"'PROJETOS E QUANT'!$B19/3","v":200},{"$f":"ROUND(AVERAGE('PROJETOS E QUANT'!B114),2)","v":2973.05},24.1,3689.56,737912]
[null,34,1848,"Locação e construção de bacias de captação de enxurradas - raio 4 m, profundidade útil 1,5 m","U",{"$f":"'PROJETOS E QUANT'!$C19/3","v":290},{"$f":"ROUND(AVERAGE('PROJETOS E QUANT'!C114),2)","v":373.09},24.1,463,134270]
[null,35,1848,"Locação e construção de bacias de captação de enxurradas - raio 6 m, profundidade útil 1,5 m","U",{"$f":"'PROJETOS E QUANT'!$D19/3","v":660},{"$f":"ROUND(AVERAGE('PROJETOS E QUANT'!D114),2)","v":562.53},24.1,698.1,460746]
[null,36,1848,"Locação e construção de bacias de captação de enxurradas - raio 9 m, profundidade útil 2,0 m","U",{"$f":"'PROJETOS E QUANT'!$E19/3","v":221},{"$f":"ROUND(AVERAGE('PROJETOS E QUANT'!E114),2)","v":1113.05},24.1,1381.3,305267.3]
[null,37,1848,"Locação e construção de bacias de captação de enxurradas - raio 12 m, profundidade útil 2,0 m","U",{"$f":"'PROJETOS E QUANT'!$F19/3","v":125},{"$f":"ROUND(AVERAGE('PROJETOS E QUANT'!F114),2)","v":1686.72},24.1,2093.2199999999998,261652.5]
[{"$nulls":9},{"$f":"SUM(J54:J61)","v":2931856.1199999996}]
[]
[null,"PLANILHA DE REFRÊNCIA DE PREÇOS MÁXIMOS"]
[null,"Grupo 6",null,"CE"]
[null,"Item","CATSER","Serviços","Unid.","Quant.","Custo Unitário (R$)","BDI (%)","Preço Unitário (R$)","Preço (R$)"]
[null,38,21334,"Placa de Identificação dos Serviços e de Sensibilização Ambiental, em chapa galvanizada","m²",{"$f":"'PROJETOS E QUANT'!$I19/3","v":32},{"$f":"ROUND(AVERAGE('PROJETOS E QUANT'!I106),2)","v":300.27},24.1,{"$f":"ROUND((G67*1.241),2)","v":372.64},{"$f":"ROUND((F67*I67),2)","v":11924.48}]
[null,39,15962,"Cercamento em áreas de caprinovinocultura","m",{"$f":"'PROJETOS E QUANT'!G19/2","v":12000},{"$f":"ROUND(AVERAGE('PROJETOS E QUANT'!G106),2)","v":36.14},24.1,44.85,538200]
[null,40,15962,"Cercamento em áreas de bovinocultura","m",{"$f":"'PROJETOS E QUANT'!H19/6","v":6000},{"$f":"ROUND(AVERAGE('PROJETOS E QUANT'!H106),2)","v":31.14},24.1,38.64,231840]
[null,41,15954,"Locação e construção de terraços em nível","km",{"$f":"'PROJETOS E QUANT'!$B19/3","v":200},{"$f":"ROUND(AVERAGE('PROJETOS E QUANT'!B106),2)","v":3015.76},24.1,3742.56,748512]
[null,42,1848,"Locação e construção de bacias de captação de enxurradas - raio 4 m, profundidade útil 1,5 m","U",{"$f":"'PROJETOS E QUANT'!$C19/3","v":290},{"$f":"ROUND(AVERAGE('PROJETOS E QUANT'!C106),2)","v":396.54},24.1,492.11,142711.9]
[null,43,1848,"Locação e construção de bacias de captação de enxurradas - raio 6 m, profundidade útil 1,5 m","U",{"$f":"'PROJETOS E QUANT'!$D19/3","v":660},{"$f":"ROUND(AVERAGE('PROJETOS E QUANT'!D106),2)","v":602.76},24.1,748.03,493699.8]
[null,44,1848,"Locação e construção de bacias de captação de enxurradas - raio 9 m, profundidade útil 2,0 m","U",{"$f":"'PROJETOS E QUANT'!$E19/3","v":221},{"$f":"ROUND(AVERAGE('PROJETOS E QUANT'!E106),2)","v":1198.42},24.1,1487.24,328680.03999999998]
[null,45,1848,"Locação e construção de bacias de captação de enxurradas - raio 12 m, profundidade útil 2,0 m","U",{"$f":"'PROJETOS E QUANT'!$F19/3","v":125},{"$f":"ROUND(AVERAGE('PROJETOS E QUANT'!F106),2)","v":1819.98},24.1,2258.6,282325]
[{"$nulls":9},{"$f":"SUM(J67:J74)","v":2777893.2199999997}]
[]
[null,"PLANILHA DE REFRÊNCIA DE PREÇOS MÁXIMOS"]
[null,"Grupo 7",null,"PE - PB - RN"]
[null,"Item","CATSER","Serviços","Unid.","Quant.","Custo Unitário (R$)","BDI (%)","Preço Unitário (R$)","Preço (R$)"]
[null,46,21334,"Placa de Identificação dos Serviços e de Sensibilização Ambiental, em chapa galvanizada","m²",{"$f":"F93","v":32},{"$f":"ROUND(AVERAGE('PROJETOS E QUANT'!I112,'PROJETOS E QUANT'!I113,'PROJETOS E QUANT'!I115),2)","v":300.38},24.1,{"$f":"ROUND((G80*1.241),2)","v":372.77},{"$f":"ROUND((F80*I80),2)","v":11928.64}]
[null,47,15962,"Cercamento em áreas de caprinovinocultura","m",12000,{"$f":"ROUND(AVERAGE('PROJETOS E QUANT'!G112,'PROJETOS E QUANT'!G113,'PROJETOS E QUANT'!G115),2)","v":39.799999999999997},24.1,49.39,592680]
[null,48,15962,"Cercamento em áreas de bovinocultura","m",12000,{"$f":"ROUND(AVERAGE('PROJETOS E QUANT'!H112,'PROJETOS E QUANT'!H113,'PROJETOS E QUANT'!H115),2)","v":32.97},24.1,40.92,491040]
[null,49,15954,"Locação e construção de terraços em nível","km",200,{"$f":"ROUND(AVERAGE('PROJETOS E QUANT'!B112,'PROJETOS E QUANT'!B113,'PROJETOS E QUANT'!B115),2)","v":3004.17},24.1,3728.17,745634]
[null,50,1848,"Locação e construção de bacias de captação de enxurradas - raio 4 m, profundidade útil 1,5 m","U",290,{"$f":"ROUND(AVERAGE('PROJETOS E QUANT'!C112,'PROJETOS E QUANT'!C113,'PROJETOS E QUANT'!C115),2)","v":372.95},24.1,462.83,134220.70000000001]
[null,51,1848,"Locação e construção de bacias de captação de enxurradas - raio 6 m, profundidade útil 1,5 m","U",660,{"$f":"ROUND(AVERAGE('PROJETOS E QUANT'!D112,'PROJETOS E QUANT'!D113,'PROJETOS E QUANT'!D115),2)","v":566.71},24.1,703.29,464171.4]
[null,52,1848,"Locação e construção de bacias de captação de enxurradas - raio 9 m, profundidade útil 2,0 m","U",221,{"$f":"ROUND(AVERAGE('PROJETOS E QUANT'!E112,'PROJETOS E QUANT'!E113,'PROJETOS E QUANT'!E115),2)","v":1120.4100000000001},24.1,1390.43,307285.03000000003]
[null,53,1848,"Locação e construção de bacias de captação de enxurradas - raio 12 m, profundidade útil 2,0 m","U",125,{"$f":"ROUND(AVERAGE('PROJETOS E QUANT'!F112,'PROJETOS E QUANT'!F113,'PROJETOS E QUANT'!F115),2)","v":1699.1},24.1,2108.58,263572.5]
[{"$nulls":9},{"$f":"SUM(J80:J87)","v":3010532.2700000005}]
[]
[null,"PLANILHA DE REFRÊNCIA DE PREÇOS MÁXIMOS"]
[null,"Grupo 8",null,"AL - SE"]
[null,"Item","CATSER","Serviços","Unid.","Quant.","Custo Unitário (R$)","BDI (%)","Preço Unitário (R$)","Preço (R$)"]
[null,54,21334,"Placa de Identificação dos Serviços e de Sensibilização Ambiental, em chapa galvanizada","m²",{"$f":"F54","v":32},{"$f":"ROUND(AVERAGE('PROJETOS E QUANT'!I103,'PROJETOS E QUANT'!I116),2)","v":316.08999999999997},24.1,{"$f":"ROUND((G93*1.241),2)","v":392.27},{"$f":"ROUND((F93*I93),2)","v":12552.64}]
[null,55,15962,"Cercamento em áreas de caprinovinocultura","m",12000,{"$f":"ROUND(AVERAGE('PROJETOS E QUANT'!G103,'PROJETOS E QUANT'!G116),2)","v":38.86},24.1,48.23,578760]
[null,56,15962,"Cercamento em áreas de bovinocultura","m",12000,{"$f":"ROUND(AVERAGE('PROJETOS E QUANT'!H103,'PROJETOS E QUANT'!H116),2)","v":32.36},24.1,40.159999999999997,481920]
[null,57,15954,"Locação e construção de terraços em nível","km",200,{"$f":"ROUND(AVERAGE('PROJETOS E QUANT'!B103,'PROJETOS E QUANT'!B116),2)","v":2943.89},24.1,3653.37,730674]
[null,58,1848,"Locação e construção de bacias de captação de enxurradas - raio 4 m, profundidade útil 1,5 m","U",290,{"$f":"ROUND(AVERAGE('PROJETOS E QUANT'!C103,'PROJETOS E QUANT'!C116),2)","v":357.41},24.1,443.55,128629.5]
[null,59,1848,"Locação e construção de bacias de captação de enxurradas - raio 6 m, profundidade útil 1,5 m","U",660,{"$f":"ROUND(AVERAGE('PROJETOS E QUANT'!D103,'PROJETOS E QUANT'!D116),2)","v":549.15},24.1,681.5,449790]
[null,60,1848,"Locação e construção de bacias de captação de enxurradas - raio 9 m, profundidade útil 2,0 m","U",221,{"$f":"ROUND(AVERAGE('PROJETOS E QUANT'!E103,'PROJETOS E QUANT'!E116),2)","v":1082.8800000000001},24.1,1343.85,296990.84999999998]
[null,61,1848,"Locação e construção de bacias de captação de enxurradas - raio 12 m, profundidade útil 2,0 m","U",125,{"$f":"ROUND(AVERAGE('PROJETOS E QUANT'!F103,'PROJETOS E QUANT'!F116),2)","v":1639.89},24.1,2035.1,254387.5]
[{"$nulls":9},{"$f":"SUM(J93:J100)","v":2933704.49}]
[]
[null,"PLANILHA DE REFRÊNCIA DE PREÇOS MÁXIMOS"]
[null,"Grupo 9",null,"BA"]
[null,"Item","CATSER","Serviços","Unid.","Quant.","Custo Unitário (R$)","BDI (%)","Preço Unitário (R$)","Preço (R$)"]
[null,62,21334,"Placa de Identificação dos Serviços e de Sensibilização Ambiental, em chapa galvanizada","m²",{"$f":"'PROJETOS E QUANT'!$I43","v":32},{"$f":"ROUND(AVERAGE('PROJETOS E QUANT'!I105),2)","v":376.43},24.1,{"$f":"ROUND((G106*1.241),2)","v":467.15},{"$f":"ROUND((F106*I106),2)","v":14948.8}]
[null,63,15962,"Cercamento em áreas de caprinovinocultura","m",{"$f":"'PROJETOS E QUANT'!G43","v":12000},{"$f":"ROUND(AVERAGE('PROJETOS E QUANT'!G105),2)","v":41.39},24.1,51.36,616320]
[null,64,15962,"Cercamento em áreas de bovinocultura","m",{"$f":"'PROJETOS E QUANT'!H43","v":12000},{"$f":"ROUND(AVERAGE('PROJETOS E QUANT'!H105),2)","v":34.950000000000003},24.1,43.37,520440]
[null,65,15954,"Locação e construção de terraços em nível","km",{"$f":"'PROJETOS E QUANT'!$B43","v":200},{"$f":"ROUND(AVERAGE('PROJETOS E QUANT'!B105),2)","v":3263.99},24.1,4050.61,810122]
[null,66,1848,"Locação e construção de bacias de captação de enxurradas - raio 4 m, profundidade útil 1,5 m","U",{"$f":"'PROJETOS E QUANT'!$C43","v":290},{"$f":"ROUND(AVERAGE('PROJETOS E QUANT'!C105),2)","v":434.56},24.1,539.29,156394.1]
[null,67,1848,"Locação e construção de bacias de captação de enxurradas - raio 6 m, profundidade útil 1,5 m","U",{"$f":"'PROJETOS E QUANT'!$D43","v":660},{"$f":"ROUND(AVERAGE('PROJETOS E QUANT'!D105),2)","v":666.06},24.1,826.58,545542.80000000005]
[null,68,1848,"Locação e construção de bacias de captação de enxurradas - raio 9 m, profundidade útil 2,0 m","U",{"$f":"'PROJETOS E QUANT'!$E43","v":221},{"$f":"ROUND(AVERAGE('PROJETOS E QUANT'!E105),2)","v":1345.59},24.1,1669.88,369043.48]
[null,69,1848,"Locação e construção de bacias de captação de enxurradas - raio 12 m, profundidade útil 2,0 m","U",{"$f":"'PROJETOS E QUANT'!$F43","v":125},{"$f":"ROUND(AVERAGE('PROJETOS E QUANT'!F105),2)","v":2053.3000000000002},24.1,2548.15,318518.75]
[{"$nulls":9},{"$f":"SUM(J106:J113)","v":3351329.93}]
[]
[null,"PLANILHA DE REFRÊNCIA DE PREÇOS MÁXIMOS"]
[null,"Grupo 10",null,"AP"]
[null,"Item","CATSER","Serviços","Unid.","Quant.","Custo Unitário (R$)","BDI (%)","Preço Unitário (R$)","Preço (R$)"]
[null,70,21334,"Placa de Identificação dos Serviços e de Sensibilização Ambiental, em chapa galvanizada","m²",{"$f":"'PROJETOS E QUANT'!$I55","v":32},{"$f":"ROUND(AVERAGE('PROJETOS E QUANT'!I104),2)","v":294.98},24.1,{"$f":"ROUND((G119*1.241),2)","v":366.07},{"$f":"ROUND((F119*I119),2)","v":11714.24}]
[null,71,15962,"Cercamento em áreas de bovinocultura","m",{"$f":"'PROJETOS E QUANT'!H55","v":16000},{"$f":"ROUND(AVERAGE('PROJETOS E QUANT'!H104),2)","v":30.02},24.1,37.25,596000]
[null,72,15954,"Locação e construção de terraços em nível","km",{"$f":"'PROJETOS E QUANT'!$B55","v":200},{"$f":"ROUND(AVERAGE('PROJETOS E QUANT'!B104),2)","v":2872.62},24.1,3564.92,712984]
[null,73,1848,"Locação e construção de bacias de captação de enxurradas - raio 4 m, profundidade útil 1,5 m","U",{"$f":"'PROJETOS E QUANT'!$C55","v":290},{"$f":"ROUND(AVERAGE('PROJETOS E QUANT'!C104),2)","v":343.19},24.1,425.9,123511]
[null,74,1848,"Locação e construção de bacias de captação de enxurradas - raio 6 m, profundidade útil 1,5 m","U",{"$f":"'PROJETOS E QUANT'!$D55","v":660},{"$f":"ROUND(AVERAGE('PROJETOS E QUANT'!D104),2)","v":525.49},24.1,652.13,430405.8]
[null,75,1848,"Locação e construção de bacias de captação de enxurradas - raio 9 m, profundidade útil 2,0 m","U",{"$f":"'PROJETOS E QUANT'!$E55","v":221},{"$f":"ROUND(AVERAGE('PROJETOS E QUANT'!E104),2)","v":1050.18},24.1,1303.27,288022.67]
[null,76,1848,"Locação e construção de bacias de captação de enxurradas - raio 12 m, profundidade útil 2,0 m","U",{"$f":"'PROJETOS E QUANT'!$F55","v":125},{"$f":"ROUND(AVERAGE('PROJETOS E QUANT'!F104),2)","v":1598.77},24.1,1984.07,248008.75]
[{"$nulls":9},{"$f":"SUM(J119:J125)","v":2410646.46}]
[]
[{"$nulls":9},{"$f":"J126+J114+J88+J101+J62+J49+J75+J36+J24+J12","v":28378542.969999999}]